{"text_format":"3","workbook":"xlsx","n_sheets":42,"sheets":["表-01 工程项目招标控制价汇总表（取整）","人材机汇总表-整体工程","表-02 专业工程招标控制价计算程序表【装修工程】","表-07 分部分项工程量清单与计价表【装修工程】","表-08 施工技术措施项目清单与计价表【装修工程】","表-09 工程量清单综合单价计算表【装修工程】","表-09 措施项目清单综合单价计算表【装修工程】","表-02 专业工程招标控制价计算程序表【20层安装工程】","表-07 分部分项工程量清单与计价表【20层安装工程】","表-08 施工技术措施项目清单与计价表【20层安装工程】","表-09 工程量清单综合单价计算表【20层安装工程】","表-09 措施项目清单综合单价计算表【20层安装工程】","表-02 专业工程招标控制价计算程序表【21层安装工程】","表-07 分部分项工程量清单与计价表【21层安装工程】","表-08 施工技术措施项目清单与计价表【21层安装工程】","表-09 工程量清单综合单价计算表【21层安装工程】","表-09 措施项目清单综合单价计算表【21层安装工程】","表-02 专业工程招标控制价计算程序表【22层安装工程】","表-07 分部分项工程量清单与计价表【22层安装工程】","表-08 施工技术措施项目清单与计价表【22层安装工程】","表-09 工程量清单综合单价计算表【22层安装工程】","表-09 措施项目清单综合单价计算表【22层安装工程】","表-02 专业工程招标控制价计算程序表【23层安装工程】","表-07 分部分项工程量清单与计价表【23层安装工程】","表-08 施工技术措施项目清单与计价表【23层安装工程】","表-09 工程量清单综合单价计算表【23层安装工程】","表-09 措施项目清单综合单价计算表【23层安装工程】","表-02 专业工程招标控制价计算程序表【24层安装工程】","表-07 分部分项工程量清单与计价表【24层安装工程】","表-08 施工技术措施项目清单与计价表【24层安装工程】","表-09 工程量清单综合单价计算表【24层安装工程】","表-09 措施项目清单综合单价计算表【24层安装工程】","表-02 专业工程招标控制价计算程序表【25层安装工程】","表-07 分部分项工程量清单与计价表【25层安装工程】","表-08 施工技术措施项目清单与计价表【25层安装工程】","表-09 工程量清单综合单价计算表【25层安装工程】","表-09 措施项目清单综合单价计算表【25层安装工程】","表-02 专业工程招标控制价计算程序表【26层安装工程】","表-07 分部分项工程量清单与计价表【26层安装工程】","表-08 施工技术措施项目清单与计价表【26层安装工程】","表-09 工程量清单综合单价计算表【26层安装工程】","表-09 措施项目清单综合单价计算表【26层安装工程】"],"read":"whole","date_system":"1900"}

{"sheet":"表-01 工程项目招标控制价汇总表（取整）","index":0,"n_rows":43,"n_cols":7,"rows_kept":43,"merged":[[0,0,0,6],[1,0,1,3],[1,4,1,6],[2,0,3,0],[2,1,3,1],[2,2,3,2],[2,3,2,6],[42,0,42,1]]}
["工程项目招标控制价汇总表"]
["工程名称：天和大厦20-26楼维修工程",{"$nulls":3},"第  1  页 共  1  页"]
["序号","工程名称","金额(元)","其 中（单位：元）"]
[{"$nulls":3},"暂估价","安全文明施工基本费","规费","税金"]
["1","建筑工程",2225563,null,18336,77921,183762]
["1.1","装修工程",2225563,null,18336,77921,183762]
["2","安装工程",426468,null,5980,26899,35213]
["2.1","20层安装工程",101590,null,1207,5430,8388]
["2.2","21层安装工程",44088,null,636,2862,3640]
["2.3","22层安装工程",47239,null,687,3089,3900]
["2.4","23层安装工程",47172,null,689,3099,3895]
["2.5","24层安装工程",41288,null,597,2687,3409]
["2.6","25层安装工程",78427,null,1173,5277,6476]
["2.7","26层安装工程",66665,null,990,4455,5504]
{"$rows_empty":28}
["合计",null,2652031,null,24316,104820,218975]

{"sheet":"人材机汇总表-整体工程","index":1,"n_rows":388,"n_cols":7,"rows_kept":388,"merged":[[0,0,0,6],[1,0,1,4],[1,5,1,6],[36,0,36,1],[36,2,36,6],[37,0,37,6],[38,0,38,4],[38,5,38,6],[73,0,73,1],[73,2,73,6],[74,0,74,6],[75,0,75,4],[75,5,75,6],[110,0,110,1],[110,2,110,6],[111,0,111,6],[112,0,112,4],[112,5,112,6],[145,0,145,1],[145,2,145,6],[146,0,146,6],[147,0,147,4],[147,5,147,6],[177,0,177,1],[177,2,177,6],[178,0,178,6],[179,0,179,4],[179,5,179,6],[212,0,212,1],[212,2,212,6],[213,0,213,6],[214,0,214,4],[214,5,214,6],[248,0,248,1],[248,2,248,6],[249,0,249,6],[250,0,250,4],[250,5,250,6],[281,0,281,1],[281,2,281,6],[282,0,282,6],[283,0,283,4],[283,5,283,6],[317,0,317,1],[317,2,317,6],[318,0,318,6],[319,0,319,4],[319,5,319,6],[352,0,352,1],[352,2,352,6],[353,0,353,6],[354,0,354,4],[354,5,354,6],[388,0,388,1],[388,2,388,6]]}
["人材机汇总表"]
["工程名称：天和大厦20-26楼维修工程",{"$nulls":4},"第 1 页   共 11 页"]
["序号","名称","规格型号","单位","数量","单价","合价"]
[1,"二类人工",null,"工日",871.370774,155,135062.47]
[2,"三类人工",null,"工日","1566.246064",177,277225.55]
[3,"镀锌铁丝","φ0.7~1.0","kg",3.505789,5.58,19.56]
[4,"镀锌铁丝","φ1.2~1.8","kg",19.450629,5.75,111.84]
[5,"钢丝","φ1.2~1.8","kg",10.439046,3.674,38.35]
[6,"冷拔钢丝","综合","kg",30.56028,3.832,117.11]
[7,"六角空心钢","综合","kg",22.54461,2.53,57.04]
[8,"槽钢","Q235B 18#以外","kg",422.483521,3.69,1558.96]
[9,"镀锌角钢","Q235B综合","kg",168.44443,5.716,962.83]
[10,"镀锌角钢","160×100×10","t",0.373464,5716,2134.72]
[11,"型钢(幕墙用)",null,"t",3.20099,4842,15499.19]
[12,"黑色不锈钢板","1.2","m2",88.7775,220,19531.05]
[13,"WD-02 银色金属板","δ12","m2",105.045,280,29412.6]
[14,"MT-01 黑色不锈钢",null,"m2",4.2021,220,924.46]
[15,"MT-01 黑色不锈钢",null,"m2",42.35,220,9317]
[16,"镀锌铁件",null,"kg",98.153112,4.42,433.84]
[17,"铈钨棒",null,"g",1.51788,0.408,0.62]
[18,"橡胶板","δ1~3","kg",0.2756,5.192,1.43]
[19,"橡胶条",null,"m",555.993643,5.365,2982.91]
[20,"橡胶护套圈","φ6~32","只",182,0.173,31.49]
[21,"橡胶垫块","δ5","m",1.675128,1.142,1.91]
[22,"橡胶垫块","δ10","m2",7.683312,5.273,40.51]
[23,"棉纱",null,"kg",6.29682,10.547,66.41]
[24,"棉纱头",null,"kg",30.01281,10.547,316.55]
[25,"油麻",null,"kg",22.08,5.17,114.15]
[26,"不锈钢平头螺钉","M5×15","个",323.0136,0.143,46.19]
[27,"沉头螺钉","M6×55~65","个",122.4,0.071,8.69]
[28,"沉头木螺钉","L32","个",1461.6,0.031,45.31]
[29,"抽芯铆钉","φ4×13","百个",57.21265,4.396,251.51]
[30,"地板钉",null,"kg",1.071736,5.712,6.12]
[31,"垫圈",null,"百个",69.790517,17.585,1227.27]
[32,"镀锌木螺钉","d6×100","10个",86.5549,2.091,180.99]
[33,"镀锌锁紧螺母","DN15×3","10个",110.395,2.93,323.46]
[]
["人材机汇总表"]
["工程名称：天和大厦20-26楼维修工程",{"$nulls":4},"第 2 页   共 11 页"]
["序号","名称","规格型号","单位","数量","单价","合价"]
[34,"镀锌自攻螺钉","ST3×10","个",4762.128,0.02,95.24]
[35,"镀锌自攻螺钉","ST4~6×10~16","个",1770.4232,0.061,108]
[36,"金属膨胀螺栓","M6","套",19.401454,0.39,7.57]
[37,"金属膨胀螺栓","M8×60","套",130.64,0.48,62.71]
[38,"金属膨胀螺栓","M8×80","套","4399.642876",0.48,2111.83]
[39,"木螺钉","d2~4×6~65","个",1268.8864,0.071,90.09]
[40,"木螺钉","d4×65","10个",844.832952,0.796,672.49]
[41,"木螺丝","M4×25","百个",3.22903,2.989,9.65]
[42,"木螺丝","M4×50","百个",5.22858,6.151,32.16]
[43,"金属膨胀螺栓","M6~12×50~120","套",239.166,0.78,186.55]
[44,"金属膨胀螺栓","M6×75","套","1294.505047",0.39,504.86]
[45,"普碳钢六角螺母","M8","百个",34.937202,8.527,297.91]
[46,"气排钉",null,"盒",11.820429,4.396,51.96]
[47,"枪钉",null,"盒",13.853279,6.599,91.42]
[48,"塑料胀管","φ6~8","个","10283.005463",0.041,421.6]
[49,"圆钉","50mm","kg",6.8299,5.75,39.27]
[50,"圆钉",null,"kg",36.185763,5.75,208.07]
[51,"圆钉","30~45mm","kg",5.0631,5.75,29.11]
[52,"装饰螺钉",null,"只",67.42638,0.133,8.97]
[53,"自攻螺钉",null,"百个",58.656915,2.642,154.97]
[54,"自攻螺钉","M4×25","百个",9.399012,2.203,20.71]
[55,"自攻螺钉","M4×35","百个",678.666245,2.948,2000.71]
[56,"自攻螺钉","ST6×20","百个",6.729468,3.519,23.68]
[57,"自攻螺钉","ST6×30","百个",5.505924,4.396,24.2]
[58,"闭门器",null,"副",56.56,94.02,5317.77]
[59,"地弹簧",null,"套",11.405196,173,1973.1]
[60,"双开执手锁",null,"把",146.45,106,15523.7]
[61,"顺位器",null,"套",28.28,16.708,472.5]
[62,"大便器胶皮碗(配喉箍)",null,"套",29.4,4.396,129.24]
[63,"大便器排水接头",null,"个",30.3,4.57,138.47]
[64,"不锈钢焊丝","1.1-3mm","kg",0.277368,48.358,13.41]
[65,"冲击钻头","φ6~8","个",66.594373,4.57,304.34]
[66,"冲击钻头","φ6~12","个",0.028,4.48,0.13]
[]
["人材机汇总表"]
["工程名称：天和大厦20-26楼维修工程",{"$nulls":4},"第 3 页   共 11 页"]
["序号","名称","规格型号","单位","数量","单价","合价"]
[67,"冲击钻头","φ8~16","个",2.6022,6.599,17.17]
[68,"冲击钻头","φ8","个",6.16,4.57,28.15]
[69,"低合金钢焊条","E43系列","kg",0.577372,6.11,3.53]
[70,"低碳钢焊条","J422 φ4.0","kg",13.942656,4.835,67.41]
[71,"电焊条","E43系列","kg",147.939083,5.75,850.65]
[72,"钢锯条",null,"条",108.875472,2.642,287.65]
[73,"合金钢钻头",null,"个",4.232,21.981,93.02]
[74,"合金钢钻头","φ8","个",38.120402,5.447,207.64]
[75,"合金钢钻头","φ10","个",0.6532,5.712,3.73]
[76,"合金钢钻头","一字型","个",1.4179,8.792,12.47]
[77,"锯条","(各种规格)","根",35.777381,0.673,24.08]
[78,"木砂纸",null,"张",376.29293,1.051,395.48]
[79,"尼龙砂轮片","φ400","片",0.179,8.354,1.5]
[80,"砂轮片","φ100","片",3.463895,4.396,15.23]
[81,"石材磨光片",null,"片",17.6176,3.519,62]
[82,"石材抛光片",null,"片",6.67751,3.519,23.5]
[83,"石料切割锯片",null,"片",7.083758,27.713,196.31]
[84,"水砂纸",null,"张",137.01223,1.02,139.75]
[85,"铁砂布","0#~2#","张",4.55,1.051,4.78]
[86,"不锈钢U形卡",null,"个",81.465384,1.102,89.77]
[87,"镀锌铁丝","10#","kg",1.205803,5.58,6.73]
[88,"镀锌铁丝","18#","kg",33.5052,5.75,192.65]
[89,"钢板网",null,"m2",11.11341,7.96,88.46]
[90,"复合硅酸盐水泥","P·C 32.5R综合","kg",181.19104,0.323,58.52]
[91,"普通硅酸盐水泥","P·O 42.5综合","kg",247.61544,0.389,96.32]
[92,"白色硅酸盐水泥","425#、二级白度","kg",310.850068,0.637,198.01]
[93,"黄砂","毛砂","m3",0.252,144.3,36.36]
[94,"黄砂","净砂(中粗砂)","m3",0.424045,145.6,61.74]
[95,"碎石","综合","m3",0.636067,121.475,77.27]
[96,"石灰膏",null,"m3",0.518,583,301.99]
[97,"羧甲基纤维素",null,"kg",4.478106,13.403,60.02]
[98,"烧结粉煤灰砖","240×115×53","千块",0.448,316.2,141.66]
[99,"防水剂",null,"kg",292.5636,7.22,2112.31]
[]
["人材机汇总表"]
["工程名称：天和大厦20-26楼维修工程",{"$nulls":4},"第 4 页   共 11 页"]
["序号","名称","规格型号","单位","数量","单价","合价"]
[100,"杉板枋材",null,"m3",2.363964,1657.5,3918.27]
[101,"杉木枋","30×40","m3",0.015128,1836,27.78]
[102,"杉木砖",null,"m3",0.0348,606.9,21.12]
[103,"WD-06 黄色烤漆板",null,"m2",0.7245,320,231.84]
[104,"阻燃板","δ12","m2",11.796001,26.55,313.18]
[105,"胡桃木饰面","δ12","m2",15.6745,280,4388.86]
[106,"烤漆板","δ12","m2",48.767907,380,18531.8]
[107,"细木工板","δ9","m2",6.808,17.7,120.5]
[108,"阻燃板","δ18","m2",25.3155,46.02,1165.02]
[109,"阻燃板","δ15","m2",80.85,33.63,2718.99]
[110,"阻燃板","δ18","m2",125.8935,46.02,5793.62]
[111,"阻燃板","δ12","m2",787.042965,26.55,20895.99]
[112,"阻燃板","δ12","m2",695.4831,26.55,18465.08]
[113,"阻燃板","δ9","m2",119.574,20.35,2433.33]
[114,"阻燃板","δ18","m2",79.4381,46.02,3655.74]
[115,"阻燃板","δ9","m2",26.019,20.35,529.49]
[116,"WD-01胡桃木饰面","δ12","m2",49.214767,280,13780.13]
[117,"阻燃胶合板贴科技木夹板","δ18","m2",130.063625,180,23411.45]
[118,"MI-01 银镜",null,"m2",29.2404,84.6,2473.74]
[119,"钢化玻璃","δ10","m2",8.739997,87.61,765.71]
[120,"玻璃砖",null,"块","1243.707988",13,16168.2]
[121,"白色空心砖",null,"块",43.07692,5.5,236.92]
[122,"CT-02 浅色瓷砖","600×1200","m2",537.8042,85,45713.36]
[123,"CT-02 浅色瓷砖","600×1200","m2",356.1272,85,30270.81]
[124,"WF-01 木地板",null,"m2",49.224,155,7629.72]
[125,"WF-07 户外木地板",null,"m2",52.71,135,7115.85]
[126,"CT-03 白色岩板",null,"m2",6.5892,450,2965.14]
[127,"ST-02 保加利亚灰大理石",null,"m2",3.2118,320,1027.78]
[128,"ST-01 深色大理石",null,"m2",15.7394,360,5666.18]
[129,"ST-02 保加利亚灰大理石",null,"m2",1.272,320,407.04]
[130,"大理石板台面","20mm厚","m2",20.2062,420,8486.6]
[]
["人材机汇总表"]
["工程名称：天和大厦20-26楼维修工程",{"$nulls":4},"第 5 页   共 11 页"]
["序号","名称","规格型号","单位","数量","单价","合价"]
[131,"ST-03 白色石英石",null,"m2",3.03808,227,689.64]
[132,"纸面石膏板","δ9.5","m2",753.7829,10.62,8005.17]
[133,"耐潮纸面石膏板","δ9.5","m2",479.7452,19.91,9551.73]
[134,"纸面石膏板","δ9.5","m2",19.8856,10.62,211.19]
[135,"烤漆板","δ12","m2",104.900115,380,39862.04]
[136,"WD-01 胡桃木饰面","δ12","m2",325.119,280,91033.32]
[137,"WD-01 胡桃木饰面格栅板","δ12","m2",33.3098,520,17321.1]
[138,"铝蜂窝板",null,"m2",880.8135,141,124194.7]
[139,"WD-02银色金属板","δ12","m2",257.565,280,72118.2]
[140,"白色软膜",null,"m2",75.118,140.76,10573.61]
[141,"不锈钢钢化玻璃隔断",null,"m2",75.1743,260,19545.32]
[142,"油砂玻璃隔断",null,"m2",14.6349,350,5122.22]
[143,"镀锌轻钢龙骨","50×40","m",507.877,5.059,2569.35]
[144,"镀锌轻钢龙骨","50×50","m",2937.12,5.192,15249.53]
[145,"卡式轻钢龙骨",null,"m2",864.0361,8.792,7596.61]
[146,"轻钢骨架连通龙骨","Q-2","m",1437.965,7.915,11381.49]
[147,"轻钢通贯骨连接件",null,"个",1070.825,0.806,863.08]
[148,"轻型龙骨","U50","m2",959.2081,14.066,13492.22]
[149,"胡桃木饰面成品木门","900*2200mm","樘",75,1100,82500]
[150,"胡桃木饰面成品木门","980*2200mm","樘",8,1200,9600]
[151,"胡桃木饰面成品木门","665*2200mm","樘",14,830,11620]
[152,"胡桃木饰面成品木门","1000*2200mm","樘",13,1250,16250]
[153,"胡桃木饰面成品木门","1500*2200mm","樘",1,1850,1850]
[154,"胡桃木饰面成品木门","800*2200mm","樘",4,990,3960]
[155,"胡桃木饰面成品木门","2000*2200mm","樘",1,2500,2500]
[156,"全玻有框门扇",null,"m2",24.9,247,6150.3]
[157,"木质防火门",null,"m2",88.32675,450,39747.04]
[158,"木平面装饰线条","20×5","m",115.656782,1.928,222.99]
[]
["人材机汇总表"]
["工程名称：天和大厦20-26楼维修工程",{"$nulls":4},"第 6 页   共 11 页"]
["序号","名称","规格型号","单位","数量","单价","合价"]
[159,"MT-01黑色不锈钢边框","展开宽度115mm","m",56.0028,12.311,689.45]
[160,"成品金属踢脚线","高80","m",1010.8665,35.86,36249.67]
[161,"铝蜂窝板收边条",null,"m",839.3398,7.6,6378.98]
[162,"铝合金嵌条","宽度10mm","m",16.1438,8.9,143.68]
[163,"铝合金嵌条","宽度5mm","m",152.7248,5.9,901.08]
[164,"配套灯槽铝型材侧边条","H=200mm","m",193.662,25,4841.55]
[165,"铝合金压条","综合","m",247.049325,18.462,4561.02]
[166,"聚醋酸乙烯乳液",null,"kg",64.338415,5.712,367.5]
[167,"无机涂料",null,"kg",466.706184,15.83,7387.96]
[168,"成品腻子粉",null,"kg","2925.140962",0.877,2565.35]
[169,"无机涂料",null,"kg",9.017514,1.051,9.48]
[170,"防火涂料",null,"kg",4.600188,13.627,62.69]
[171,"红丹防锈漆",null,"kg",24.481275,7.038,172.3]
[172,"塑胶地板","复合式，厚度2.6mm，耐磨层0.5mm、防火 等级B1、防滑等级R9","m2",1448.799,63.72,92317.47]
[173,"单组份聚氨酯防水涂料","Ⅰ型","kg",3062.7838,11.95,36600.27]
[174,"防水密封胶",null,"支",20.27,8.792,178.21]
[175,"聚四氟乙烯生料带","宽20","m",189.244,0.296,56.02]
[176,"防腐油",null,"kg",31.518688,1.306,41.16]
[177,"石油沥青油毡","350g","m2",26.019,3.45,89.77]
[178,"熟桐油",null,"kg",0.106029,11.393,1.21]
[179,"松香水",null,"kg",1.20792,4.835,5.84]
[180,"填充绒",null,"kg",7.152,8.61,61.58]
[181,"机油","综合","kg",0.5158,2.968,1.53]
[182,"溶剂油",null,"kg",1.681443,2.336,3.93]
[183,"电力复合脂",null,"kg",0.91,17.585,16]
[184,"丙酮",null,"kg",7.303516,8.323,60.79]
[185,"贴缝胶带","9m","卷",0.2975,10.34,3.08]
[186,"石材保护液",null,"kg",9.775,32.62,318.86]
[187,"氩气",null,"m3",0.781872,7.14,5.58]
[188,"氧气",null,"m3",18.1188,3.692,66.89]
[189,"乙炔气",null,"m3",7.85148,9.078,71.28]
[]
["人材机汇总表"]
["工程名称：天和大厦20-26楼维修工程",{"$nulls":4},"第 7 页   共 11 页"]
["序号","名称","规格型号","单位","数量","单价","合价"]
[190,"FL-15胶黏剂",null,"kg",26.235,15.708,412.1]
[191,"XY-19胶",null,"kg",2.446871,8.792,21.51]
[192,"玻璃胶","335g","支",30.75053,10.547,324.33]
[193,"硅酮结构胶","300ml","支",373.715467,10.996,4109.38]
[194,"硅酮耐候胶","中性 310mL","支",16.375632,14.025,229.67]
[195,"胶粘剂","XY502","kg",38.5092,110.16,4242.17]
[196,"胶粘剂","XY518","kg",67.956,17.809,1210.23]
[197,"胶粘剂","干粉型","kg",3254.7996,2.285,7437.22]
[198,"立时得胶",null,"kg",66.94701,21.981,1471.56]
[199,"氯丁橡胶粘接剂",null,"kg",592.6905,15.106,8953.18]
[200,"双面胶纸",null,"m",190.90512,0.092,17.56]
[201,"万能胶","环氧树脂","kg",36.467136,19.349,705.6]
[202,"粘接剂",null,"kg",5.082963,22.532,114.53]
[203,"铝箔胶带","45mm","卷",0.4235,15.52,6.57]
[204,"镀锌管接头","1.5×20","个",674.42074,1.02,687.91]
[205,"镀锌管接头","1.5×25","个",23.92096,1.4,33.49]
[206,"镀锌活接头","DN15","个",6.06,2.78,16.85]
[207,"镀锌活接头","DN25","个",1.01,5.34,5.39]
[208,"镀锌活接头","DN50","个",7.07,13.352,94.4]
[209,"螺纹管件","DN15","个",66.054,2.458,162.36]
[210,"室内塑料排水管粘接管件","DN50","个",123.648,1.969,243.46]
[211,"室内塑料排水管粘接管件","DN75","个",42.52425,4.284,182.17]
[212,"室内塑料排水管粘接管件","DN100","个",144.29192,9.527,1374.67]
[213,"排水接头","DN50","个",7.35,2.458,18.07]
[214,"高压橡胶风管","φ25","m",3.40296,13.189,44.88]
[215,"吊杆",null,"kg",530.653399,5.273,2798.14]
[216,"电气绝缘胶带","18mm×10m×0.13mm","卷",43.49604,2.642,114.92]
[217,"铜芯塑料绝缘线","BV2.5","m",4862.0554,1.932,9393.49]
[218,"铜芯塑料绝缘线","BVR4","m",135.272,3.316,448.56]
[219,"硬铜绞线","TJ-2.5~4","m",15.3,1.754,26.84]
[220,"塑料护口(电线管用)","DN15~20","个","1683.643206",0.092,154.9]
[221,"塑料护口(电线","DN25~32","个",22.46717,0.16,3.59]
[]
["人材机汇总表"]
["工程名称：天和大厦20-26楼维修工程",{"$nulls":4},"第 8 页   共 11 页"]
["序号","名称","规格型号","单位","数量","单价","合价"]
[null,"管用)"]
[222,"镀锌电线管卡子","20","个","2961.606186",0.133,393.89]
[223,"镀锌电线管卡子","25","个",70.4922,0.17,11.98]
[224,"塑料护口(钢管用)","DN15~20","个",1101.775,0.09,99.16]
[225,"金属软管","D15","m",362.13152,2.509,908.59]
[226,"金属软管接头","DN15","个",2524.7084,0.806,2034.91]
[227,"镀锌地线夹","20","套",1374.15267,0.796,1093.83]
[228,"镀锌地线夹","25","套",48.73968,0.95,46.3]
[229,"其他材料费",null,"元","4826.641964",1.02,4923.17]
[230,"泡沫防潮纸",null,"m2",106.788,11.516,1229.77]
[231,"漂白粉",null,"kg",0.269442,3.958,1.07]
[232,"锯木屑",null,"m3",2.15124,21.981,47.29]
[233,"电",null,"kW·h",817.74603,0.718,587.14]
[234,"电",null,"kW·h",9.4552,0.686,6.49]
[235,"水",null,"m3",53.017153,5.447,288.78]
[236,"脚手架钢管",null,"kg",245.258064,3.88,951.6]
[237,"脚手架钢管底座",null,"个",5.30499,5.804,30.79]
[238,"脚手架扣件",null,"只",62.361554,6.66,415.33]
[239,"竹脚手片",null,"m2",55.842,12.62,704.73]
[240,"周转性材料费",null,"元","2765.516931",1.02,2820.83]
[241,"扣座以及码钉","DN15~32","个",127.824,0.857,109.55]
[242,"室内塑料给水管热熔管件","DN15","个",188.5408,1,188.54]
[243,"室内塑料给水管热熔管件","DN20","个",35.4025,1.51,53.46]
[244,"室内塑料给水管热熔管件","DN40","个",9.26016,7.599,70.37]
[245,"室内塑料给水管热熔管件","DN50","个",70.2494,14.249,1000.98]
[246,"室内塑料给水管热熔管件","DN25","个",84.2099,2.734,230.23]
[247,"建筑垃圾清理、外运及消纳处置费",null,"项",1,16000,16000]
[248,"3mm厚树脂胶泥自流平",null,"m2",1360.03,23,31280.69]
[249,"刷艺术漆三遍（含腻子二遍）",null,"m2",2278.21,105,239212.05]
[]
["人材机汇总表"]
["工程名称：天和大厦20-26楼维修工程",{"$nulls":4},"第 9 页   共 11 页"]
["序号","名称","规格型号","单位","数量","单价","合价"]
[250,"天地轴、暗门拉手、合页",null,"套",7,150,1050]
[251,"瓷砖刷背胶",null,"m2",417.48,13,5427.24]
[252,"定制窄边玻璃移门",null,"m2",4,680,2720]
[253,"成品洗脸台",null,"个",2,580,1160]
[254,"淋浴间成品玻璃隔断",null,"m2",5.45,430,2343.5]
[255,"石材填缝剂",null,"kg",0.318,2.642,0.84]
[256,"成品抗倍特板","12mm","m2",145.2178,149,21637.45]
[257,"塑料吊杆及管夹","综合","个",110.6912,3.233,357.86]
[258,"大便器脚踏阀",null,"个",28.28,212,5995.36]
[259,"角型阀(带铜活)","DN15","个",30.3,10.62,321.79]
[260,"地漏","DN50","个",21.21,10.62,225.25]
[261,"带网框地漏","DN50","个",2.02,15.62,31.55]
[262,"防污器","DN32","个",28.28,30,848.4]
[263,"混合冷热水龙头",null,"个",26.26,181.58,4768.29]
[264,"长颈水嘴","DN15","个",7.07,77.17,545.59]
[265,"橡塑管壳",null,"m3",0.0721,1903,137.21]
[266,"塑料给水管","DN15","m",113.12144,2.9,328.05]
[267,"塑料给水管","DN20","m",29.3624,3.58,105.12]
[268,"塑料给水管","DN25","m",79.1464,5.57,440.85]
[269,"塑料给水管","DN40","m",12.67968,13.71,173.84]
[270,"塑料给水管","DN50","m",108.3056,21.95,2377.31]
[271,"塑料热水管","DN15","m",12.9032,4.26,54.97]
[272,"塑料排水管","DN100","m",107.3452,12.81,1375.09]
[273,"塑料排水管","DN75","m",47.089,7.8,367.29]
[274,"塑料排水管","DN50","m",181.3504,4.49,814.26]
[275,"螺纹闸阀","DN50","个",7.07,138,975.66]
[276,"截止阀","DN15","个",4.04,18.27,73.81]
[277,"截止阀","DN25","个",1.01,32.15,32.47]
[278,"止回阀","DN15","个",2.02,28.14,56.84]
[279,"角式长柄截止阀","DN15","个",14.14,22.57,319.14]
[280,"洗脸盆",null,"个",26.26,289.83,7610.94]
[281,"成品拖布池",null,"套",7.07,302.65,2139.74]
[]
["人材机汇总表"]
["工程名称：天和大厦20-26楼维修工程",{"$nulls":4},"第 10 页   共 11 页"]
["序号","名称","规格型号","单位","数量","单价","合价"]
[282,"瓷蹲式大便器",null,"个",28.28,246,6956.88]
[283,"落地式坐便器",null,"个",2.02,485,979.7]
[284,"挂式小便器",null,"个",14.14,348,4920.72]
[285,"磁吸轨道灯（含光源）",null,"套",22.22,175,3888.5]
[286,"伸缩射灯（含光源）","80mm，9W，4000K，LED","套",10.1,51,515.1]
[287,"筒灯（含光源）","80mm，9W，4000K，LED","套",363.6,85,30906]
[288,"感应筒灯（含光源）","80mm，9W，4000K，LED","套",87.87,125,10983.75]
[289,"明装轨道灯（含光源）",null,"套",26.26,128,3361.28]
[290,"磁吸轨道",null,"m",56.6913,61.7,3497.85]
[291,"明装轨道",null,"m",247.5914,60,14855.48]
[292,"照明开关","单联单控","只",20.4,3.98,81.19]
[293,"照明开关","双联单控","只",41.82,6.05,253.01]
[294,"照明开关","三联单控","只",39.78,11.59,461.05]
[295,"成套插座","五孔 10A","套",129.54,5.82,753.92]
[296,"铜芯塑料绝缘线","WDZB1-BYJ-2.5","m",12391.2476,2.062,25550.75]
[297,"铜芯塑料绝缘线","WDZB1-BYJR-2.5","m",4427.2212,2.265,10027.66]
[298,"六类非屏蔽网线",null,"m",479.808,3.04,1458.62]
[299,"金属软管",null,"m",256.676,5.53,1419.42]
[300,"JDG电线套管(镀锌)","DN20","m",4204.9235,4.58,19258.55]
[301,"JDG电线套管(镀锌)","DN25","m",149.144,5.65,842.66]
[302,"金属软管",null,"根",30.3,7.08,214.52]
[303,"接线盒","钢质","个",576.3,3.69,2126.55]
[304,"水",null,"m3",14.8716,5.447,81.01]
[305,"安全变压器",null,"台",30,265,7950]
[306,"终端盒面板","2口","个",9.09,6.99,63.54]
[307,"断路开关","CH2L-C16A/1P+N","个",91,106.195,9663.75]
[308,"换气扇",null,"台",10,133,1330]
[309,"浴霸","300*600，2832W","套",1,276.1,276.1]
[310,"网络模块",null,"个",18.18,22.43,407.78]
[311,"软膜灯","12W/m2，6000K","m2",69.14,86.726,5996.24]
[312,"插座防溅盒",null,"套",36.72,5.17,189.84]
[]
["人材机汇总表"]
["工程名称：天和大厦20-26楼维修工程",{"$nulls":4},"第 11 页   共 11 页"]
["序号","名称","规格型号","单位","数量","单价","合价"]
[313,"孔洞修复",null,"个",66,5,330]
[314,"止水节","DN50","个",40,4.78,191.2]
[315,"止水节","DN100","个",16,13.96,223.36]
[316,"对讲机(一对)",null,"台班",2.2848,4.702,10.74]
[317,"其他机械费",null,"元",186.752152,1.02,190.49]
[318,"手持式风动凿岩机",null,"台班",22.6864,12.61,286.08]
[319,"载货汽车","4t","台班",1.298327,478.93,621.81]
[320,"灰浆搅拌机","200L","台班",1.810258,174.7,316.25]
[321,"干混砂浆罐式搅拌机","20000L","台班",1.264524,212.79,269.08]
[322,"木工圆锯机","500mm","台班",1.544124,26.19,40.44]
[323,"木工压刨床","单面600mm","台班",0.40987,29.83,12.23]
[324,"管子切断机","150mm","台班",1.5288,29.36,44.89]
[325,"管子切断套丝机","159mm","台班",0.318,20.56,6.54]
[326,"平面水磨石机","3kW","台班",2.12704,21.06,44.8]
[327,"交流弧焊机","21kV·A","台班",0.58968,59.92,35.33]
[328,"交流弧焊机","32kV·A","台班",6.164384,87.21,537.6]
[329,"交流弧焊机","32kV·A","台班",0.003276,87.21,0.29]
[330,"氩弧焊机","500A","台班",0.26208,94.13,24.67]
[331,"热熔焊机","160mm","台班",1.066,17.9,19.08]
[332,"电动空气压缩机","0.6m3/min","台班",0.2784,31.84,8.86]
[333,"内燃空气压缩机","3m3/min","台班",12.7611,413.36,5274.93]
[334,"试压泵","3MPa","台班",0.0469,17.82,0.84]
[335,"纯水泥浆",null,"m3",0.349149,519.05,181.23]
[336,"干混地面砂浆","DS M15.0","m3",10.643262,431.48,4592.35]
[337,"干混地面砂浆","DS M20.0","m3",3.055308,456.98,1396.21]
[338,"干混抹灰砂浆","DP M15.0","m3",1.214549,429.07,521.13]
[339,"干混抹灰砂浆","DP M20.0","m3",11.554108,450.65,5206.86]
[340,"干硬水泥砂浆","1:3","m3",10.840254,306.93,3327.2]
[341,"水泥砂浆","M10.0","m3",0.962201,261.64,251.75]
[342,"白水泥白石子浆","1:1.5","m3",0.18962,733.71,139.13]
[343,"白水泥白石子浆","1:1.5","m3",0.006568,733.71,4.82]
[null,"合计",{"$nulls":4},2210473.15]

{"sheet":"表-02 专业工程招标控制价计算程序表【装修工程】","index":2,"n_rows":45,"n_cols":4,"rows_kept":45,"merged":[[0,0,0,3],[1,0,1,3],[2,0,2,2],[2,3,2,3],[44,0,44,1]]}
[]
["专业工程招标控制价计算程序表"]
["单位工程（专业）：建筑工程-装修工程"]
["序号","汇 总 内 容","费用计算表达式","金额（元）"]
["一","分部分项工程费","表-07",1925204.34]
["1","其中：定额人工费","表-07",261555.59]
["2","其中：人工价差","表-07",37242.63]
["3","其中：定额机械费","表-07",5803.65]
["4","其中：机械费价差","表-07",1089.42]
["二","措施项目费","5+6",38675.64]
["5","施工技术措施项目费","表-08",18637.27]
["5.1","其中：定额人工费","表-08",11252.16]
["5.2","其中：人工价差","表-08",1661.3]
["5.3","其中：定额机械费","表-08",474.66]
["5.4","其中：机械费价差","表-08",153.56]
["6","施工组织措施项目费","6.1+6.2+6.3+6.4+6.5+6.6",20038.37]
["6.1","安全文明施工基本费","（1+3+5.1+5.3）×费率6.57%",18335.95]
["6.2","提前竣工增加费","（1+3+5.1+5.3）×费率"]
["6.3","二次搬运费","（1+3+5.1+5.3）×费率0.5%",1395.43]
["6.4","冬雨季施工增加费","（1+3+5.1+5.3）×费率0.11%",306.99]
["6.5","行车、行人干扰增加费","（1+3+5.1+5.3）×费率"]
["6.6","其他施工组织措施费","计价时列岀具体费用名称"]
["三","其他项目","表-11"]
["四","规费","（1+3+5.1+5.3）×费率27.92%",77920.83]
["五","税前工程造价","一+二+三+四",2041800.81]
["六","税金","五×税率9%",183762.07]
{"$rows_empty":18}
["专业工程招标控制价",null,"一+二+三+四+六","2,225,562.88"]

{"sheet":"表-07 分部分项工程量清单与计价表【装修工程】","index":3,"n_rows":967,"n_cols":14,"rows_kept":967,"merged":[[0,0,0,14],[1,0,1,5],[1,6,1,9],[1,10,1,14],[2,0,3,0],[2,1,3,1],[2,2,3,2],[2,3,3,3],[2,4,3,4],[2,5,3,6],[2,7,3,7],[2,8,3,8],[2,9,2,13],[3,9,3,10],[4,5,4,6],[4,9,4,10],[5,5,5,6],[5,9,5,10],[6,5,6,6],[6,9,6,10],[7,5,7,6],[7,9,7,10],[8,5,8,6],[8,9,8,10],[9,5,9,6],[9,9,9,10],[10,5,10,6],[10,9,10,10],[11,5,11,6],[11,9,11,10],[12,5,12,6],[12,9,12,10],[13,0,13,7],[13,9,13,10],[14,0,14,5],[14,6,14,9],[14,10,14,14],[15,0,15,14],[16,0,16,5],[16,6,16,9],[16,10,16,14],[17,0,18,0],[17,1,18,1],[17,2,18,2],[17,3,18,3],[17,4,18,4],[17,5,18,6],[17,7,18,7],[17,8,18,8],[17,9,17,13],[18,9,18,10],[19,5,19,6],[19,9,19,10],[20,5,20,6],[20,9,20,10],[21,5,21,6],[21,9,21,10],[22,5,22,6],[22,9,22,10],[23,5,23,6],[23,9,23,10],[24,5,24,6],[24,9,24,10],[25,0,25,7],[25,9,25,10],[26,0,26,5],[26,6,26,9],[26,10,26,14],[27,0,27,14],[28,0,28,5],[28,6,28,9],[28,10,28,14],[29,0,30,0],[29,1,30,1],[29,2,30,2],[29,3,30,3],[29,4,30,4],[29,5,30,6],[29,7,30,7],[29,8,30,8],[29,9,29,13],[30,9,30,10],[31,5,31,6],[31,9,31,10],[32,5,32,6],[32,9,32,10],[33,0,33,7],[33,9,33,10],[34,0,34,5],[34,6,34,9],[34,10,34,14],[35,0,35,14],[36,0,36,5],[36,6,36,9],[36,10,36,14],[37,0,38,0],[37,1,38,1],[37,2,38,2],[37,3,38,3],[37,4,38,4],[37,5,38,6],[37,7,38,7],[37,8,38,8],[37,9,37,13],[38,9,38,10],[39,5,39,6],[39,9,39,10],[40,5,40,6],[40,9,40,10],[41,0,41,7],[41,9,41,10],[42,0,42,5],[42,6,42,9],[42,10,42,14],[43,0,43,14],[44,0,44,5],[44,6,44,9],[44,10,44,14],[45,0,46,0],[45,1,46,1],[45,2,46,2],[45,3,46,3],[45,4,46,4],[45,5,46,6],[45,7,46,7],[45,8,46,8],[45,9,45,13],[46,9,46,10],[47,5,47,6],[47,9,47,10],[48,5,48,6],[48,9,48,10],[49,5,49,6],[49,9,49,10],[50,5,50,6],[50,9,50,10],[51,0,51,7],[51,9,51,10],[52,0,52,5],[52,6,52,9],[52,10,52,14],[53,0,53,14],[54,0,54,5],[54,6,54,9],[54,10,54,14],[55,0,56,0],[55,1,56,1],[55,2,56,2],[55,3,56,3],[55,4,56,4],[55,5,56,6],[55,7,56,7],[55,8,56,8],[55,9,55,13],[56,9,56,10],[57,5,57,6],[57,9,57,10],[58,5,58,6],[58,9,58,10],[59,5,59,6],[59,9,59,10],[60,0,60,7],[60,9,60,10],[61,0,61,5],[61,6,61,9],[61,10,61,14],[62,0,62,14],[63,0,63,5],[63,6,63,9],[63,10,63,14],[64,0,65,0],[64,1,65,1],[64,2,65,2],[64,3,65,3],[64,4,65,4],[64,5,65,6],[64,7,65,7],[64,8,65,8],[64,9,64,13],[65,9,65,10],[66,5,66,6],[66,9,66,10],[67,5,67,6],[67,9,67,10],[68,5,68,6],[68,9,68,10],[69,0,69,7],[69,9,69,10],[70,0,70,5],[70,6,70,9],[70,10,70,14],[71,0,71,14],[72,0,72,5],[72,6,72,9],[72,10,72,14],[73,0,74,0],[73,1,74,1],[73,2,74,2],[73,3,74,3],[73,4,74,4],[73,5,74,6],[73,7,74,7],[73,8,74,8],[73,9,73,13],[74,9,74,10],[75,5,75,6],[75,9,75,10],[76,5,76,6],[76,9,76,10],[77,0,77,7],[77,9,77,10],[78,0,78,5],[78,6,78,9],[78,10,78,14],[79,0,79,14],[80,0,80,5],[80,6,80,9],[80,10,80,14],[81,0,82,0],[81,1,82,1],[81,2,82,2],[81,3,82,3],[81,4,82,4],[81,5,82,6],[81,7,82,7],[81,8,82,8],[81,9,81,13],[82,9,82,10],[83,5,83,6],[83,9,83,10],[84,5,84,6],[84,9,84,10],[85,5,85,6],[85,9,85,10],[86,0,86,7],[86,9,86,10],[87,0,87,5],[87,6,87,9],[87,10,87,14],[88,0,88,14],[89,0,89,5],[89,6,89,9],[89,10,89,14],[90,0,91,0],[90,1,91,1],[90,2,91,2],[90,3,91,3],[90,4,91,4],[90,5,91,6],[90,7,91,7],[90,8,91,8],[90,9,90,13],[91,9,91,10],[92,5,92,6],[92,9,92,10],[93,5,93,6],[93,9,93,10],[94,5,94,6],[94,9,94,10],[95,5,95,6],[95,9,95,10],[96,5,96,6],[96,9,96,10],[97,5,97,6],[97,9,97,10],[98,0,98,7],[98,9,98,10],[99,0,99,5],[99,6,99,9],[99,10,99,14],[100,0,100,14],[101,0,101,5],[101,6,101,9],[101,10,101,14],[102,0,103,0],[102,1,103,1],[102,2,103,2],[102,3,103,3],[102,4,103,4],[102,5,103,6],[102,7,103,7],[102,8,103,8],[102,9,102,13],[103,9,103,10],[104,5,104,6],[104,9,104,10],[105,5,105,6],[105,9,105,10],[106,5,106,6],[106,9,106,10],[107,5,107,6],[107,9,107,10],[108,5,108,6],[108,9,108,10],[109,0,109,7],[109,9,109,10],[110,0,110,5],[110,6,110,9],[110,10,110,14],[111,0,111,14],[112,0,112,5],[112,6,112,9],[112,10,112,14],[113,0,114,0],[113,1,114,1],[113,2,114,2],[113,3,114,3],[113,4,114,4],[113,5,114,6],[113,7,114,7],[113,8,114,8],[113,9,113,13],[114,9,114,10],[115,5,115,6],[115,9,115,10],[116,5,116,6],[116,9,116,10],[117,5,117,6],[117,9,117,10],[118,5,118,6],[118,9,118,10],[119,0,119,7],[119,9,119,10],[120,0,120,5],[120,6,120,9],[120,10,120,14],[121,0,121,14],[122,0,122,5],[122,6,122,9],[122,10,122,14],[123,0,124,0],[123,1,124,1],[123,2,124,2],[123,3,124,3],[123,4,124,4],[123,5,124,6],[123,7,124,7],[123,8,124,8],[123,9,123,13],[124,9,124,10],[125,5,125,6],[125,9,125,10],[126,5,126,6],[126,9,126,10],[127,5,127,6],[127,9,127,10],[128,5,128,6],[128,9,128,10],[129,5,129,6],[129,9,129,10],[130,0,130,7],[130,9,130,10],[131,0,131,5],[131,6,131,9],[131,10,131,14],[132,0,132,14],[133,0,133,5],[133,6,133,9],[133,10,133,14],[134,0,135,0],[134,1,135,1],[134,2,135,2],[134,3,135,3],[134,4,135,4],[134,5,135,6],[134,7,135,7],[134,8,135,8],[134,9,134,13],[135,9,135,10],[136,5,136,6],[136,9,136,10],[137,5,137,6],[137,9,137,10],[138,5,138,6],[138,9,138,10],[139,5,139,6],[139,9,139,10],[140,0,140,7],[140,9,140,10],[141,0,141,5],[141,6,141,9],[141,10,141,14],[142,0,142,14],[143,0,143,5],[143,6,143,9],[143,10,143,14],[144,0,145,0],[144,1,145,1],[144,2,145,2],[144,3,145,3],[144,4,145,4],[144,5,145,6],[144,7,145,7],[144,8,145,8],[144,9,144,13],[145,9,145,10],[146,5,146,6],[146,9,146,10],[147,5,147,6],[147,9,147,10],[148,5,148,6],[148,9,148,10],[149,5,149,6],[149,9,149,10],[150,0,150,7],[150,9,150,10],[151,0,151,5],[151,6,151,9],[151,10,151,14],[152,0,152,14],[153,0,153,5],[153,6,153,9],[153,10,153,14],[154,0,155,0],[154,1,155,1],[154,2,155,2],[154,3,155,3],[154,4,155,4],[154,5,155,6],[154,7,155,7],[154,8,155,8],[154,9,154,13],[155,9,155,10],[156,5,156,6],[156,9,156,10],[157,5,157,6],[157,9,157,10],[158,0,158,7],[158,9,158,10],[159,0,159,5],[159,6,159,9],[159,10,159,14],[160,0,160,14],[161,0,161,5],[161,6,161,9],[161,10,161,14],[162,0,163,0],[162,1,163,1],[162,2,163,2],[162,3,163,3],[162,4,163,4],[162,5,163,6],[162,7,163,7],[162,8,163,8],[162,9,162,13],[163,9,163,10],[164,5,164,6],[164,9,164,10],[165,5,165,6],[165,9,165,10],[166,0,166,7],[166,9,166,10],[167,0,167,5],[167,6,167,9],[167,10,167,14],[168,0,168,14],[169,0,169,5],[169,6,169,9],[169,10,169,14],[170,0,171,0],[170,1,171,1],[170,2,171,2],[170,3,171,3],[170,4,171,4],[170,5,171,6],[170,7,171,7],[170,8,171,8],[170,9,170,13],[171,9,171,10],[172,5,172,6],[172,9,172,10],[173,5,173,6],[173,9,173,10],[174,0,174,7],[174,9,174,10],[175,0,175,5],[175,6,175,9],[175,10,175,14],[176,0,176,14],[177,0,177,5],[177,6,177,9],[177,10,177,14],[178,0,179,0],[178,1,179,1],[178,2,179,2],[178,3,179,3],[178,4,179,4],[178,5,179,6],[178,7,179,7],[178,8,179,8],[178,9,178,13],[179,9,179,10],[180,5,180,6],[180,9,180,10],[181,5,181,6],[181,9,181,10],[182,5,182,6],[182,9,182,10],[183,5,183,6],[183,9,183,10],[184,5,184,6],[184,9,184,10],[185,0,185,7],[185,9,185,10],[186,0,186,5],[186,6,186,9],[186,10,186,14],[187,0,187,14],[188,0,188,5],[188,6,188,9],[188,10,188,14],[189,0,190,0],[189,1,190,1],[189,2,190,2],[189,3,190,3],[189,4,190,4],[189,5,190,6],[189,7,190,7],[189,8,190,8],[189,9,189,13],[190,9,190,10],[191,5,191,6],[191,9,191,10],[192,5,192,6],[192,9,192,10],[193,5,193,6],[193,9,193,10],[194,5,194,6],[194,9,194,10],[195,5,195,6],[195,9,195,10],[196,5,196,6],[196,9,196,10],[197,5,197,6],[197,9,197,10],[198,5,198,6],[198,9,198,10],[199,5,199,6],[199,9,199,10],[200,0,200,7],[200,9,200,10],[201,0,201,5],[201,6,201,9],[201,10,201,14],[202,0,202,14],[203,0,203,5],[203,6,203,9],[203,10,203,14],[204,0,205,0],[204,1,205,1],[204,2,205,2],[204,3,205,3],[204,4,205,4],[204,5,205,6],[204,7,205,7],[204,8,205,8],[204,9,204,13],[205,9,205,10],[206,5,206,6],[206,9,206,10],[207,5,207,6],[207,9,207,10],[208,5,208,6],[208,9,208,10],[209,0,209,7],[209,9,209,10],[210,0,210,5],[210,6,210,9],[210,10,210,14],[211,0,211,14],[212,0,212,5],[212,6,212,9],[212,10,212,14],[213,0,214,0],[213,1,214,1],[213,2,214,2],[213,3,214,3],[213,4,214,4],[213,5,214,6],[213,7,214,7],[213,8,214,8],[213,9,213,13],[214,9,214,10],[215,5,215,6],[215,9,215,10],[216,5,216,6],[216,9,216,10],[217,5,217,6],[217,9,217,10],[218,5,218,6],[218,9,218,10],[219,0,219,7],[219,9,219,10],[220,0,220,5],[220,6,220,9],[220,10,220,14],[221,0,221,14],[222,0,222,5],[222,6,222,9],[222,10,222,14],[223,0,224,0],[223,1,224,1],[223,2,224,2],[223,3,224,3],[223,4,224,4],[223,5,224,6],[223,7,224,7],[223,8,224,8],[223,9,223,13],[224,9,224,10],[225,5,225,6],[225,9,225,10],[226,5,226,6],[226,9,226,10],[227,5,227,6],[227,9,227,10],[228,0,228,7],[228,9,228,10],[229,0,229,5],[229,6,229,9],[229,10,229,14],[230,0,230,14],[231,0,231,5],[231,6,231,9],[231,10,231,14],[232,0,233,0],[232,1,233,1],[232,2,233,2],[232,3,233,3],[232,4,233,4],[232,5,233,6],[232,7,233,7],[232,8,233,8],[232,9,232,13],[233,9,233,10],[234,5,234,6],[234,9,234,10],[235,5,235,6],[235,9,235,10],[236,5,236,6],[236,9,236,10],[237,5,237,6],[237,9,237,10],[238,0,238,7],[238,9,238,10],[239,0,239,5],[239,6,239,9],[239,10,239,14],[240,0,240,14],[241,0,241,5],[241,6,241,9],[241,10,241,14],[242,0,243,0],[242,1,243,1],[242,2,243,2],[242,3,243,3],[242,4,243,4],[242,5,243,6],[242,7,243,7],[242,8,243,8],[242,9,242,13],[243,9,243,10],[244,5,244,6],[244,9,244,10],[245,5,245,6],[245,9,245,10],[246,5,246,6],[246,9,246,10],[247,5,247,6],[247,9,247,10],[248,5,248,6],[248,9,248,10],[249,0,249,7],[249,9,249,10],[250,0,250,5],[250,6,250,9],[250,10,250,14],[251,0,251,14],[252,0,252,5],[252,6,252,9],[252,10,252,14],[253,0,254,0],[253,1,254,1],[253,2,254,2],[253,3,254,3],[253,4,254,4],[253,5,254,6],[253,7,254,7],[253,8,254,8],[253,9,253,13],[254,9,254,10],[255,5,255,6],[255,9,255,10],[256,5,256,6],[256,9,256,10],[257,5,257,6],[257,9,257,10],[258,5,258,6],[258,9,258,10],[259,0,259,7],[259,9,259,10],[260,0,260,5],[260,6,260,9],[260,10,260,14],[261,0,261,14],[262,0,262,5],[262,6,262,9],[262,10,262,14],[263,0,264,0],[263,1,264,1],[263,2,264,2],[263,3,264,3],[263,4,264,4],[263,5,264,6],[263,7,264,7],[263,8,264,8],[263,9,263,13],[264,9,264,10],[265,5,265,6],[265,9,265,10],[266,5,266,6],[266,9,266,10],[267,5,267,6],[267,9,267,10],[268,5,268,6],[268,9,268,10],[269,5,269,6],[269,9,269,10],[270,0,270,7],[270,9,270,10],[271,0,271,5],[271,6,271,9],[271,10,271,14],[272,0,272,14],[273,0,273,5],[273,6,273,9],[273,10,273,14],[274,0,275,0],[274,1,275,1],[274,2,275,2],[274,3,275,3],[274,4,275,4],[274,5,275,6],[274,7,275,7],[274,8,275,8],[274,9,274,13],[275,9,275,10],[276,5,276,6],[276,9,276,10],[277,5,277,6],[277,9,277,10],[278,5,278,6],[278,9,278,10],[279,5,279,6],[279,9,279,10],[280,0,280,7],[280,9,280,10],[281,0,281,5],[281,6,281,9],[281,10,281,14],[282,0,282,14],[283,0,283,5],[283,6,283,9],[283,10,283,14],[284,0,285,0],[284,1,285,1],[284,2,285,2],[284,3,285,3],[284,4,285,4],[284,5,285,6],[284,7,285,7],[284,8,285,8],[284,9,284,13],[285,9,285,10],[286,5,286,6],[286,9,286,10],[287,5,287,6],[287,9,287,10],[288,5,288,6],[288,9,288,10],[289,0,289,7],[289,9,289,10],[290,0,290,5],[290,6,290,9],[290,10,290,14],[291,0,291,14],[292,0,292,5],[292,6,292,9],[292,10,292,14],[293,0,294,0],[293,1,294,1],[293,2,294,2],[293,3,294,3],[293,4,294,4],[293,5,294,6],[293,7,294,7],[293,8,294,8],[293,9,293,13],[294,9,294,10],[295,5,295,6],[295,9,295,10],[296,5,296,6],[296,9,296,10],[297,5,297,6],[297,9,297,10],[298,5,298,6],[298,9,298,10],[299,5,299,6],[299,9,299,10],[300,5,300,6],[300,9,300,10],[301,5,301,6],[301,9,301,10],[302,5,302,6],[302,9,302,10],[303,5,303,6],[303,9,303,10],[304,0,304,7],[304,9,304,10],[305,0,305,5],[305,6,305,9],[305,10,305,14],[306,0,306,14],[307,0,307,5],[307,6,307,9],[307,10,307,14],[308,0,309,0],[308,1,309,1],[308,2,309,2],[308,3,309,3],[308,4,309,4],[308,5,309,6],[308,7,309,7],[308,8,309,8],[308,9,308,13],[309,9,309,10],[310,5,310,6],[310,9,310,10],[311,5,311,6],[311,9,311,10],[312,5,312,6],[312,9,312,10],[313,5,313,6],[313,9,313,10],[314,5,314,6],[314,9,314,10],[315,0,315,7],[315,9,315,10],[316,0,316,5],[316,6,316,9],[316,10,316,14],[317,0,317,14],[318,0,318,5],[318,6,318,9],[318,10,318,14],[319,0,320,0],[319,1,320,1],[319,2,320,2],[319,3,320,3],[319,4,320,4],[319,5,320,6],[319,7,320,7],[319,8,320,8],[319,9,319,13],[320,9,320,10],[321,5,321,6],[321,9,321,10],[322,5,322,6],[322,9,322,10],[323,0,323,7],[323,9,323,10],[324,0,324,5],[324,6,324,9],[324,10,324,14],[325,0,325,14],[326,0,326,5],[326,6,326,9],[326,10,326,14],[327,0,328,0],[327,1,328,1],[327,2,328,2],[327,3,328,3],[327,4,328,4],[327,5,328,6],[327,7,328,7],[327,8,328,8],[327,9,327,13],[328,9,328,10],[329,5,329,6],[329,9,329,10],[330,5,330,6],[330,9,330,10],[331,5,331,6],[331,9,331,10],[332,5,332,6],[332,9,332,10],[333,0,333,7],[333,9,333,10],[334,0,334,5],[334,6,334,9],[334,10,334,14],[335,0,335,14],[336,0,336,5],[336,6,336,9],[336,10,336,14],[337,0,338,0],[337,1,338,1],[337,2,338,2],[337,3,338,3],[337,4,338,4],[337,5,338,6],[337,7,338,7],[337,8,338,8],[337,9,337,13],[338,9,338,10],[339,5,339,6],[339,9,339,10],[340,5,340,6],[340,9,340,10],[341,5,341,6],[341,9,341,10],[342,0,342,7],[342,9,342,10],[343,0,343,5],[343,6,343,9],[343,10,343,14],[344,0,344,14],[345,0,345,5],[345,6,345,9],[345,10,345,14],[346,0,347,0],[346,1,347,1],[346,2,347,2],[346,3,347,3],[346,4,347,4],[346,5,347,6],[346,7,347,7],[346,8,347,8],[346,9,346,13],[347,9,347,10],[348,5,348,6],[348,9,348,10],[349,5,349,6],[349,9,349,10],[350,5,350,6],[350,9,350,10],[351,5,351,6],[351,9,351,10],[352,5,352,6],[352,9,352,10],[353,5,353,6],[353,9,353,10],[354,0,354,7],[354,9,354,10],[355,0,355,5],[355,6,355,9],[355,10,355,14],[356,0,356,14],[357,0,357,5],[357,6,357,9],[357,10,357,14],[358,0,359,0],[358,1,359,1],[358,2,359,2],[358,3,359,3],[358,4,359,4],[358,5,359,6],[358,7,359,7],[358,8,359,8],[358,9,358,13],[359,9,359,10],[360,5,360,6],[360,9,360,10],[361,5,361,6],[361,9,361,10],[362,5,362,6],[362,9,362,10],[363,5,363,6],[363,9,363,10],[364,5,364,6],[364,9,364,10],[365,0,365,7],[365,9,365,10],[366,0,366,5],[366,6,366,9],[366,10,366,14],[367,0,367,14],[368,0,368,5],[368,6,368,9],[368,10,368,14],[369,0,370,0],[369,1,370,1],[369,2,370,2],[369,3,370,3],[369,4,370,4],[369,5,370,6],[369,7,370,7],[369,8,370,8],[369,9,369,13],[370,9,370,10]],"merged_total":2592,"flags":["merged_cut"]}
["分部分项工程量清单与计价表"]
["单位工程(专业)：建筑工程-装修工程",{"$nulls":9},"第 1 页  共 94 页"]
["序号","项目编码","项目名称","项目特征","计量单位","工程量",null,"综合单价(元)","合价(元)","其中(元)"]
[{"$nulls":9},"定额人工费",null,"人工费价差","定额机械费","机械费价差"]
[null,null,"20F改造维修",{"$nulls":5},326707,50358,null,7163,1588,330]
[null,null,"拆除及新建工程",{"$nulls":5},30956,3296,null,473,1326,320]
[1,"01B001","建筑垃圾清理、外运及消纳处置费","20-26F\n1、建筑垃圾清理装车、外运及消纳处置费等，结合实际施工的需要综合考虑报价，一次性包干。","项",1,null,16000,16000]
[2,"011601001001","砖砌体拆除","1、原砖砌墙体拆除；\n2、含清理费用，建筑垃圾运至临时堆放点；","m3",41.95,null,65.26,2737.66,549.55,null,81.38,1325.62,319.66]
[3,"011610002001","金属门窗拆除","1、原玻璃门拆除；\n2、含清理费用，建筑垃圾运至临时堆放点；","m2",11.74,null,12.28,144.17,104.72,null,15.62]
[4,"011610001001","木门窗拆除","1、原木门拆除；\n2、含清理费用，建筑垃圾运至临时堆放点；","m2",19.24,null,21.29,409.62,297.64,null,44.06]
[5,"011210002001","金属隔断","轻钢龙骨隔墙：\n1、骨架材料种类、规格:配套C50轻钢龙骨，间距详见图纸；","m2",166.16,null,70.2,11664.43,2344.52,null,332.32]
[null,null,"防水工程",{"$nulls":5},7981,1413,null,209,15,1]
[6,"010904002001","楼（地）面涂膜防水","1、防水膜品种:1.5厚JS聚合物水泥防水涂料Ⅱ型；","m2",37.51,null,31.44,1179.31,103.9,null,15.38]
["本页小计",{"$nulls":7},32135,3400,null,489,1326,320]
[{"$nulls":10},"表—07"]
["分部分项工程量清单与计价表"]
["单位工程(专业)：建筑工程-装修工程",{"$nulls":9},"第 2 页  共 94 页"]
["序号","项目编码","项目名称","项目特征","计量单位","工程量",null,"综合单价(元)","合价(元)","其中(元)"]
[{"$nulls":9},"定额人工费",null,"人工费价差","定额机械费","机械费价差"]
[7,"010903002001","墙面涂膜防水","1、防水层做法:两遍JS聚合物防水层；","m2",69.55,null,69.68,4846.24,584.22,null,86.24]
[8,"010903003001","墙面砂浆防水（防潮）","1、防水砂浆保护层；","m2",69.55,null,28.11,1955.05,724.71,null,107.11,14.61,1.39]
[null,null,"地面",{"$nulls":5},63915,10296,null,1461,124,15]
[9,"011101005001","自流坪楼地面","1、面层材料种类:3mm厚树脂胶泥自流平；","m2",254.01,null,23,5842.23]
[10,"011103002001","橡胶板卷材楼地面","1、粘结层厚度、材料种类:PVC专用胶；\n2、面层材料品种、规格:塑胶地板；\n3、压线条种类:塑胶条；","m2",254.01,null,95.44,24242.71,3241.17,null,459.76]
[11,"011102003001","块料楼地面","1、结合层厚度、砂浆配合比:30厚1:3干硬性水泥砂浆结合层；\n2、面层材料品种、规格、颜色:CT-02 浅色瓷砖600*1200；\n3、嵌缝材料种类:瓷砖专用勾缝剂擦缝；","m2",138.66,null,144.3,20008.64,4427.41,null,629.52,109.54,13.87]
["本页小计",{"$nulls":7},56895,8978,null,1283,124,15]
[{"$nulls":10},"表—07"]
["分部分项工程量清单与计价表"]
["单位工程(专业)：建筑工程-装修工程",{"$nulls":9},"第 3 页  共 94 页"]
["序号","项目编码","项目名称","项目特征","计量单位","工程量",null,"综合单价(元)","合价(元)","其中(元)"]
[{"$nulls":9},"定额人工费",null,"人工费价差","定额机械费","机械费价差"]
[12,"011102003002","块料楼地面","环形瓷砖地面：\n1、结合层厚度、砂浆配合比:30厚1:3干硬性水泥砂浆结合层；\n2、面层材料品种、规格、颜色:CT-02 浅色瓷砖600*1200；\n3、嵌缝材料种类:瓷砖专用勾缝剂擦缝；\n4、包含瓷砖环形切割拼接等所有费用；","m2",5.98,null,179.4,1072.81,321.37,null,45.68,4.72,0.6]
[13,"011108001001","石材零星项目","环形大理石地面：\n1、结合层厚度、砂浆配合比:30厚1:3干硬性水泥砂浆结合层；\n2、面层材料品种、规格、颜色:ST-01 深色大理石；\n3、嵌缝材料种类:石材专用勾缝剂擦缝；\n4、包含石材环形切割、六面防护、精磨镜面等所有费用；","m2",3.26,null,678.72,2212.63,614.84,null,86.97,6.42,0.23]
["本页小计",{"$nulls":7},3285,936,null,133,11,1]
[{"$nulls":10},"表—07"]
["分部分项工程量清单与计价表"]
["单位工程(专业)：建筑工程-装修工程",{"$nulls":9},"第 4 页  共 94 页"]
["序号","项目编码","项目名称","项目特征","计量单位","工程量",null,"综合单价(元)","合价(元)","其中(元)"]
[{"$nulls":9},"定额人工费",null,"人工费价差","定额机械费","机械费价差"]
[14,"011108001002","石材零星项目","大理石门槛：\n1、结合层厚度、砂浆配合比:30厚1:3干硬性水泥砂浆结合层；\n2、面层材料品种、规格、颜色:ST-01 深色大理石；\n3、嵌缝材料种类:石材专用勾缝剂擦缝；\n4、包含石材切割、六面防护、精磨镜面等所有费用；","m2",0.49,null,521.47,255.52,42.89,null,6.1,0.84,0.02]
[15,"011108001003","石材零星项目","大理石地台：\n1、结合层厚度、砂浆配合比:30厚1:3干硬性水泥砂浆结合层；\n2、面层材料品种、规格、颜色:ST-02 保加利亚灰大理石；\n3、嵌缝材料种类:石材专用勾缝剂擦缝；\n4、包含石材切割、六面防护、精磨镜面等所有费用；","m2",1.2,null,479.07,574.88,105.05,null,14.91,2.05,0.05]
["本页小计",{"$nulls":7},830,148,null,21,3]
[{"$nulls":10},"表—07"]
["分部分项工程量清单与计价表"]
["单位工程(专业)：建筑工程-装修工程",{"$nulls":9},"第 5 页  共 94 页"]
["序号","项目编码","项目名称","项目特征","计量单位","工程量",null,"综合单价(元)","合价(元)","其中(元)"]
[{"$nulls":9},"定额人工费",null,"人工费价差","定额机械费","机械费价差"]
[16,"011105006001","金属踢脚线","1、踢脚线高度:30mm；\n2、基层材料种类、规格:12.0mm厚阻燃板；\n3、面层材料品种、规格、颜色:MT-01 黑色不锈钢；","m",180.27,null,53.84,9705.74,1543.11,null,218.13]
[null,null,"天棚",{"$nulls":5},52614,14579,null,2071,2]
[17,"011302001001","吊顶天棚","1、吊顶形式、吊杆规格:石膏板平面吊顶；\n2、龙骨材料种类、规格、中距:安装U50轻钢龙骨,间距详见图纸说明；\n3、面层材料品种、规格:双层9.5mm厚耐潮纸面石膏板；","m2",26.22,null,112.87,2959.45,947.07,null,134.51]
[18,"011302001002","吊顶天棚","1、吊顶形式、吊杆规格:石膏板平面吊顶；\n2、龙骨材料种类、规格、中距:安装U50轻钢龙骨,间距详见图纸说明；\n3、面层材料品种、规格:双层9.5mm厚纸面石膏板；","m2",19.45,null,92.99,1808.66,702.53,null,99.78]
["本页小计",{"$nulls":7},14474,3193,null,452]
[{"$nulls":10},"表—07"]
["分部分项工程量清单与计价表"]
["单位工程(专业)：建筑工程-装修工程",{"$nulls":9},"第 6 页  共 94 页"]
["序号","项目编码","项目名称","项目特征","计量单位","工程量",null,"综合单价(元)","合价(元)","其中(元)"]
[{"$nulls":9},"定额人工费",null,"人工费价差","定额机械费","机械费价差"]
[19,"011302001003","吊顶天棚","1、吊顶形式、吊杆规格:石膏板平面吊顶；\n2、龙骨材料种类、规格、中距:安装U50轻钢龙骨,间距详见图纸说明；\n3、基层材料品种、规格:12.0mm厚阻燃板；\n4、面层材料品种、规格:单层9.5mm厚纸面石膏板；","m2",60.2,null,111.11,6688.82,2244.26,null,317.85]
[20,"011302001004","吊顶天棚","1、吊顶形式、吊杆规格:石膏板平面弧形吊顶；\n2、龙骨材料种类、规格、中距:安装U50轻钢龙骨,间距详见图纸说明；\n3、基层材料品种、规格:12.0mm厚阻燃板；\n4、面层材料品种、规格:单层9.5mm厚纸面石膏板；","m2",46.46,null,114.96,5341.04,1862.12,null,264.35]
[21,"011302001005","吊顶天棚","1、吊顶形式、吊杆规格:软膜吊顶；\n2、基层材料品种、规格:12.0mm厚阻燃板；\n3、面层材料品种、规格:白色软膜；","m2",8.62,null,232.41,2003.37,253.69,null,35.94]
["本页小计",{"$nulls":7},14033,4360,null,618]
[{"$nulls":10},"表—07"]
["分部分项工程量清单与计价表"]
["单位工程(专业)：建筑工程-装修工程",{"$nulls":9},"第 7 页  共 94 页"]
["序号","项目编码","项目名称","项目特征","计量单位","工程量",null,"综合单价(元)","合价(元)","其中(元)"]
[{"$nulls":9},"定额人工费",null,"人工费价差","定额机械费","机械费价差"]
[22,"011302001006","吊顶天棚","1、吊顶形式、吊杆规格:铝蜂窝板平面吊顶；\n2、龙骨材料种类、规格、中距:安装配套轻钢龙骨,间距详见图纸说明；\n3、面层材料品种、规格:MT-02 铝蜂窝板；","m2",78.12,null,192.52,15039.66,1766.29,null,250.77]
[23,"011302001007","吊顶天棚","1、吊顶形式、吊杆规格:黄色烤漆板平面吊顶；\n2、龙骨材料种类、规格、中距:安装U50轻钢龙骨,间距详见图纸说明；\n3、基层材料品种、规格:12.0mm厚阻燃板；\n4、面层材料品种、规格:WD-06 黄色烤漆板；","m2",0.69,null,446.19,307.87,28.07,null,3.98]
[24,"011302001008","吊顶天棚","1、吊顶形式、吊杆规格:石膏板侧面吊顶；\n2、龙骨材料种类、规格、中距:安装U50轻钢龙骨,间距详见图纸说明；\n3、基层材料品种、规格:12.0mm厚阻燃板；\n4、面层材料品种、规格:单层9.5mm厚耐潮纸面石膏板；","m2",4.71,null,134.45,633.26,229.38,null,32.59]
["本页小计",{"$nulls":7},15981,2024,null,287]
[{"$nulls":10},"表—07"]
["分部分项工程量清单与计价表"]
["单位工程(专业)：建筑工程-装修工程",{"$nulls":9},"第 8 页  共 94 页"]
["序号","项目编码","项目名称","项目特征","计量单位","工程量",null,"综合单价(元)","合价(元)","其中(元)"]
[{"$nulls":9},"定额人工费",null,"人工费价差","定额机械费","机械费价差"]
[25,"011302001009","吊顶天棚","1、吊顶形式、吊杆规格:石膏板侧面吊顶；\n2、龙骨材料种类、规格、中距:安装U50轻钢龙骨,间距详见图纸说明；\n3、基层材料品种、规格:12.0mm厚阻燃板；\n4、面层材料品种、规格:单层9.5mm厚纸面石膏板；","m2",4.46,null,124.51,555.31,217.2,null,30.87]
[26,"011302001010","吊顶天棚","空调出风口：\n1、吊顶形式、吊杆规格:阻燃板侧面吊顶；\n2、龙骨材料种类、规格、中距:安装U50轻钢龙骨,间距详见图纸说明；\n3、基层材料品种、规格:12.0mm厚阻燃板；","m2",1.66,null,95.16,157.97,60.87,null,8.65]
["本页小计",{"$nulls":7},713,278,null,40]
[{"$nulls":10},"表—07"]
["分部分项工程量清单与计价表"]
["单位工程(专业)：建筑工程-装修工程",{"$nulls":9},"第 9 页  共 94 页"]
["序号","项目编码","项目名称","项目特征","计量单位","工程量",null,"综合单价(元)","合价(元)","其中(元)"]
[{"$nulls":9},"定额人工费",null,"人工费价差","定额机械费","机械费价差"]
[27,"011302001011","吊顶天棚","1、吊顶形式、吊杆规格:石膏板侧面弧形吊顶；\n2、龙骨材料种类、规格、中距:安装U50轻钢龙骨,间距详见图纸说明；\n3、基层材料品种、规格:12.0mm厚阻燃板；\n4、面层材料品种、规格:单层9.5mm厚纸面石膏板；","m2",13.91,null,129.94,1807.47,732.5,null,104.19]
[28,"011304001001","灯带（槽）","1、吊顶形式、吊杆规格:石膏板灯槽；\n2、基层材料品种、规格:9.0mm厚阻燃板；\n3、面层材料品种、规格:单层9.5mm厚耐潮纸面石膏板；","m2",5.15,null,138.61,713.84,260.74,null,36.98,0.36,-0.05]
[29,"011304001002","灯带（槽）","1、吊顶形式、吊杆规格:石膏板灯槽；\n2、基层材料品种、规格:9.0mm厚阻燃板；\n3、面层材料品种、规格:单层9.5mm厚纸面石膏板；","m2",6.3,null,128.67,810.62,318.97,null,45.23,0.44,-0.06]
["本页小计",{"$nulls":7},3332,1312,null,186,1]
[{"$nulls":10},"表—07"]
["分部分项工程量清单与计价表"]
["单位工程(专业)：建筑工程-装修工程",{"$nulls":9},"第 10 页  共 94 页"]
["序号","项目编码","项目名称","项目特征","计量单位","工程量",null,"综合单价(元)","合价(元)","其中(元)"]
[{"$nulls":9},"定额人工费",null,"人工费价差","定额机械费","机械费价差"]
[30,"011304001003","灯带（槽）","1、吊顶形式、吊杆规格:石膏板弧形灯槽；\n2、基层材料品种、规格:9.0mm厚阻燃板；\n3、面层材料品种、规格:单层9.5mm厚纸面石膏板；","m2",5.92,null,145.79,863.08,367.16,null,52.09,0.36]
[31,"011304001004","灯带（槽）","1、吊顶形式、吊杆规格:黑色不锈钢灯槽；\n2、基层材料品种、规格:9.0mm厚阻燃板；\n3、面层材料品种、规格:1.2mm厚黑色不锈钢板；","m2",7.93,null,502.49,3984.75,510.22,null,72.56,0.56,-0.08]
[32,"011502001001","金属装饰线","1、线条材料品种、规格、颜色:铝蜂窝板收边条；","m",74.13,null,16.17,1198.68,407.72,null,58.56]
[33,"011502001002","金属装饰线","1、线条材料品种、规格、颜色:配套灯槽铝型材侧边条 H=200mm；","m",26.1,null,34.61,903.32,143.55,null,20.62]
[34,"011502001003","金属装饰线","1、线条材料品种、规格、颜色:铝合金嵌条 宽度10mm；","m",15.23,null,17.55,267.29,83.77,null,12.03]
[35,"011407002001","天棚喷刷涂料","1、基层类型:纸面石膏板面；\n2、腻子种类:腻子满刮两遍；\n3、涂料品种、喷刷遍数:无机涂料面漆一底两面；","m2",194.57,null,32.77,6376.06,3311.58,null,470.86]
["本页小计",{"$nulls":7},13593,4824,null,687,1]
[{"$nulls":10},"表—07"]
["分部分项工程量清单与计价表"]
["单位工程(专业)：建筑工程-装修工程",{"$nulls":9},"第 11 页  共 94 页"]
["序号","项目编码","项目名称","项目特征","计量单位","工程量",null,"综合单价(元)","合价(元)","其中(元)"]
[{"$nulls":9},"定额人工费",null,"人工费价差","定额机械费","机械费价差"]
[36,"011407002002","天棚喷刷涂料","1、基层类型:原混凝土顶面；\n3、涂料品种、喷刷遍数:无机涂料面漆一底两面；","m2",16.83,null,11.51,193.71,131.78,null,18.68]
[null,null,"墙面",{"$nulls":5},106201,10515,null,1493,78,-3]
[37,"011201001001","墙面一般抹灰","1.底层厚度、砂浆配合比:20厚DP20水泥砂浆找平层；","m2",69.58,null,23.94,1665.75,702.06,null,99.5,15.31,0.69]
[38,"011204003001","块料墙面","1、安装方式:瓷砖专用胶粘剂粘贴；\n2、面层材料品种、规格、颜色:CT-02 浅色瓷砖600*1200；\n3、缝宽、嵌缝材料种类:瓷砖专用勾缝剂擦缝；\n4、包含瓷砖刷背胶、切割、修边、倒角磨边等费用；","m2",69.58,null,169.6,11800.77,2777.63,null,393.83]
[39,"011207001001","墙面装饰板","1.龙骨材料种类、规格、中距:40*20*1.3镀锌方管；\n2.基层材料种类、规格:12.0mm厚阻燃板；\n3.面层材料品种、规格、颜色:12.0mm厚WD-02银色金属板；","m2",28.03,null,525.59,14732.29,2038.34,null,289.27,62.79,-3.93]
["本页小计",{"$nulls":7},28393,5650,null,801,78,-3]
[{"$nulls":10},"表—07"]
["分部分项工程量清单与计价表"]
["单位工程(专业)：建筑工程-装修工程",{"$nulls":9},"第 12 页  共 94 页"]
["序号","项目编码","项目名称","项目特征","计量单位","工程量",null,"综合单价(元)","合价(元)","其中(元)"]
[{"$nulls":9},"定额人工费",null,"人工费价差","定额机械费","机械费价差"]
[40,"Z011207003001","成品木饰面","烤漆板饰面：\n1、基层材料品种、规格:12.0mm厚阻燃板；\n2、成品木饰面品种、规格、材质:WD-06红色烤漆板、WD-05灰白色烤漆板、WD-04米灰色烤漆板；","m2",72.04,null,455.1,32785.4,1763.54,null,250.7]
[41,"Z011207003002","成品木饰面","弧形烤漆板饰面：\n1、基层材料品种、规格:12.0mm厚阻燃板；\n2、成品木饰面品种、规格、材质:WD-06红色烤漆板、WD-05灰白色烤漆板；","m2",20.53,null,673.1,13818.74,577.92,null,81.91]
[42,"Z011207003003","成品木饰面","胡桃木饰面：\n1、基层材料品种、规格:12.0mm厚阻燃板；\n2、成品木饰面品种、规格、材质:WD-01 胡桃木饰面；","m2",3.74,null,354.1,1324.33,91.56,null,13.01]
[43,"011407001001","墙面喷刷涂料","1、基层类型:基层板面；\n2、腻子种类:腻子满刮两遍；\n3、涂料品种、喷刷遍数:无机涂料面漆一底两面；","m2",150.66,null,32.77,4937.13,2564.23,null,364.6]
["本页小计",{"$nulls":7},52866,4997,null,710]
[{"$nulls":10},"表—07"]
["分部分项工程量清单与计价表"]
["单位工程(专业)：建筑工程-装修工程",{"$nulls":9},"第 13 页  共 94 页"]
["序号","项目编码","项目名称","项目特征","计量单位","工程量",null,"综合单价(元)","合价(元)","其中(元)"]
[{"$nulls":9},"定额人工费",null,"人工费价差","定额机械费","机械费价差"]
[44,"011407001002","墙面喷刷涂料","1、基层类型:基层板面；\n2、腻子种类:腻子满刮两遍；\n3、涂料品种、喷刷遍数:艺术涂料面漆一底两面；","m2",239.4,null,105,25137]
[null,null,"其它工程",{"$nulls":5},65040,10258,null,1456,44,-2]
[45,"010809004001","石材窗台板","1、粘结层厚度、砂浆配合比:石材专用粘接剂粘贴；\n2、窗台板材质、规格、颜色:ST-02 保加利亚灰大理石；\n3、含石材倒角、抛光、石材磨边、六面防护等；","m2",0.92,null,808.34,743.67,206.76,null,29.43,1.09,-0.03]
[46,"010808004001","金属门窗套","电梯门套：\n1.基层材料种类:15mm厚阻燃板；\n2.面层材料品种、规格:MT-01黑色不锈钢；\n3.包含不锈钢折边、打胶等费用；","m2",5.5,null,431.87,2375.29,424.49,null,60.34,0.55]
[47,"010801002001","木质门带套","1、门代号及洞口尺寸:胡桃木饰面成品木门900*2200mm；\n2、包含门套、执手锁、合页等五金配件；","樘",4,null,1332.65,5330.6,359.84,null,51.08]
["本页小计",{"$nulls":7},33587,991,null,141,2]
[{"$nulls":10},"表—07"]
["分部分项工程量清单与计价表"]
["单位工程(专业)：建筑工程-装修工程",{"$nulls":9},"第 14 页  共 94 页"]
["序号","项目编码","项目名称","项目特征","计量单位","工程量",null,"综合单价(元)","合价(元)","其中(元)"]
[{"$nulls":9},"定额人工费",null,"人工费价差","定额机械费","机械费价差"]
[48,"010801002002","木质门带套","1、门代号及洞口尺寸:胡桃木饰面成品木门980*2200mm；\n2、包含门套、执手锁、合页等五金配件；","樘",1,null,1432.65,1432.65,89.96,null,12.77]
[49,"010801002003","木质门带套","1、门代号及洞口尺寸:胡桃木饰面成品木门665*2200mm；\n2、包含门套、执手锁、合页等五金配件；","樘",2,null,1062.65,2125.3,179.92,null,25.54]
[50,"010801004001","木质防火门","胡桃木饰面成品防火门：\n1、门框及门头材质:MT-01黑色不锈钢；\n2、门扇品种:成品甲级防火木门；\n3、包含配套顺位器、闭门器、执手锁等五金配件；","m2",10.7,null,646.46,6917.12,630.12,null,89.46]
[51,"010805005001","全玻自由门","钢化玻璃地弹门：\n1、门框及门头材质:MT-01黑色不锈钢；\n2、玻璃品种、厚度:12mm钢化玻璃；","m2",9.45,null,407.29,3848.89,548.48,null,77.87]
["本页小计",{"$nulls":7},14324,1448,null,206]
[{"$nulls":10},"表—07"]
["分部分项工程量清单与计价表"]
["单位工程(专业)：建筑工程-装修工程",{"$nulls":9},"第 15 页  共 94 页"]
["序号","项目编码","项目名称","项目特征","计量单位","工程量",null,"综合单价(元)","合价(元)","其中(元)"]
[{"$nulls":9},"定额人工费",null,"人工费价差","定额机械费","机械费价差"]
[52,"011207001002","墙面装饰板","拖把池暗门：\n1、龙骨材料种类、规格、中距:镀锌方管；\n2、基层材料种类、规格:12.0mm厚阻燃板；\n3、面层材料品种、规格、颜色:9.5mm厚石膏板；\n4、包含天地轴、暗门拉手、合页等五金配件；","m2",1.34,null,466.9,625.65,142.32,null,20.2,5.6,-0.35]
[53,"011210003001","玻璃隔断","钢化玻璃隔断：\n1、边框材料种类、规格:MT-01黑色不锈钢；\n2、玻璃品种、规格、颜色:12mm钢化玻璃；","m2",19.43,null,353.91,6876.47,781.09,null,110.75]
[54,"011210003002","玻璃隔断","油砂玻璃隔断：\n1、边框材料种类、规格:MT-01黑色不锈钢；\n2、玻璃品种、规格、颜色:GL-02 油砂玻璃；","m2",2.07,null,444.81,920.76,83.21,null,11.8]
[55,"011210006001","其他隔断","1、玻璃砖隔墙；\n2、嵌缝、塞口材料品种：白水泥填缝；\n3、具体做法详见图纸；","m2",11.26,null,447.32,5036.82,321.81,null,45.72,2.14,-0.11]
["本页小计",{"$nulls":7},13460,1328,null,188,8]
[{"$nulls":10},"表—07"]
["分部分项工程量清单与计价表"]
["单位工程(专业)：建筑工程-装修工程",{"$nulls":9},"第 16 页  共 94 页"]
["序号","项目编码","项目名称","项目特征","计量单位","工程量",null,"综合单价(元)","合价(元)","其中(元)"]
[{"$nulls":9},"定额人工费",null,"人工费价差","定额机械费","机械费价差"]
[56,"011507003001","灯箱","1、箱体规格:灯箱 H=1200mm：\n2、基层材料种类:18.0mm厚阻燃板；\n3、面层材料种类:20*10mm黑色拉丝不锈钢收边；\n4、防护材料种类:槽内涂满白色防火漆；","m2",24.11,null,285.83,6891.36,3919.08,null,556.22,24.11,-1.21]
[57,"011501010001","吊柜","吊柜：\n1.台柜规格:长880mm*宽600mm*高600mm；\n2.柜门材料种类、规格:12mm厚WD-03 深灰色烤漆板；\n3.柜体材料种类、规格:18mm厚阻燃胶合板贴科技木夹板；\n4.包含配套的铰链、拉手等五金配件；","m",0.8,null,1018.42,814.74,60.76,null,8.62,1.28,-0.05]
["本页小计",{"$nulls":7},7706,3980,null,565,25,-1]
[{"$nulls":10},"表—07"]
["分部分项工程量清单与计价表"]
["单位工程(专业)：建筑工程-装修工程",{"$nulls":9},"第 17 页  共 94 页"]
["序号","项目编码","项目名称","项目特征","计量单位","工程量",null,"综合单价(元)","合价(元)","其中(元)"]
[{"$nulls":9},"定额人工费",null,"人工费价差","定额机械费","机械费价差"]
[58,"011501010002","吊柜","吊柜：\n1.台柜规格:长1960mm*宽350mm*高1000mm；\n2.柜门材料种类、规格:12mm厚WD-03 深灰色烤漆板；\n3.柜体材料种类、规格:18mm厚阻燃胶合板贴科技木夹板；\n4.包含配套的铰链、拉手等五金配件；","m",1.96,null,1019.83,1998.87,148.86,null,21.13,3.14,-0.12]
[59,"011501014001","吧台","吧台柜：\n1.台柜规格:长1960mm*宽600mm*高800mm；\n2.柜门材料种类、规格:12mm厚WD-03 深灰色烤漆板；\n3.柜体材料种类、规格:18mm厚阻燃胶合板贴科技木夹板；\n4.台面材料种类、规格:ST-03 白色石英石；\n5.包含配套的铰链、拉手等五金配件；","m",1.96,null,1543.59,3025.44,124.44,null,17.66,0.43,-0.02]
["本页小计",{"$nulls":7},5024,273,null,39,4]
[{"$nulls":10},"表—07"]
["分部分项工程量清单与计价表"]
["单位工程(专业)：建筑工程-装修工程",{"$nulls":9},"第 18 页  共 94 页"]
["序号","项目编码","项目名称","项目特征","计量单位","工程量",null,"综合单价(元)","合价(元)","其中(元)"]
[{"$nulls":9},"定额人工费",null,"人工费价差","定额机械费","机械费价差"]
[60,"011501008001","木壁柜","储物柜：\n1.台柜规格:长1680mm*宽600mm*高2400mm；\n2.柜门材料种类、规格:12mm厚WD-03 深灰色烤漆板；\n3.柜体材料种类、规格:18mm厚阻燃胶合板贴科技木夹板；\n4.包含配套的铰链、拉手等五金配件；","m",1.68,null,2707.73,4548.99,201.23,null,28.56,1.13,-0.09]
[61,"011505010001","镜面玻璃","1.镜面玻璃品种、规格:MI-01 银镜；\n2.框材质、断面尺寸:MT-01黑色不锈钢边框；\n3.基层材料种类:方木龙骨，9mm厚阻燃板；","m2",3.54,null,211.18,747.58,131.69,null,18.69]
["本页小计",{"$nulls":7},5297,333,null,47,1]
[{"$nulls":10},"表—07"]
["分部分项工程量清单与计价表"]
["单位工程(专业)：建筑工程-装修工程",{"$nulls":9},"第 19 页  共 94 页"]
["序号","项目编码","项目名称","项目特征","计量单位","工程量",null,"综合单价(元)","合价(元)","其中(元)"]
[{"$nulls":9},"定额人工费",null,"人工费价差","定额机械费","机械费价差"]
[62,"011505001001","洗漱台","1、台面品种、规格:12mm厚阻燃板基层，ST-03白色石英石台面板；\n2、支架、配件品种、规格牌:镀锌角钢骨架；\n3、柜体面品种、规格:12mm厚阻燃板基层，胡桃木饰面成品柜体(含柜门)，含配套柜体五金配件；\n4、含台面倒角、抛光、石材磨边、六面防护等；","m2",2.83,null,1773.17,5018.07,775.99,null,110.17,4.33,-0.11]
[63,"011210005001","成品隔断","1、隔断材料品种、规格、颜色:12mm厚成品抗倍特板；\n2、配件品种、规格:（含五金配件）；\n3、具体做法详见图纸；","m2",20.54,null,208.72,4287.11,864.32,null,122.63]
[64,"01B002","地台","1、企业成果区地台:\n2、基层材料种类、规格:12.0mm厚阻燃板；\n3、面层材料品种、规格、颜色:MT-01 黑色不锈钢；","m",4.6,null,320.58,1474.67,263.58,null,37.4,0.28,-0.05]
[null,null,"21F改造维修",{"$nulls":5},195639,24729,null,3524,342,51]
[null,null,"拆除及新建工程",{"$nulls":5},5833,1751,null,254,208,50]
["本页小计",{"$nulls":7},10780,1904,null,270,5]
[{"$nulls":10},"表—07"]
["分部分项工程量清单与计价表"]
["单位工程(专业)：建筑工程-装修工程",{"$nulls":9},"第 20 页  共 94 页"]
["序号","项目编码","项目名称","项目特征","计量单位","工程量",null,"综合单价(元)","合价(元)","其中(元)"]
[{"$nulls":9},"定额人工费",null,"人工费价差","定额机械费","机械费价差"]
[65,"011601001002","砖砌体拆除","1、原砖砌墙体拆除；\n2、含清理费用，建筑垃圾运至临时堆放点；","m3",6.58,null,65.26,429.41,86.2,null,12.76,207.93,50.14]
[66,"011610001002","木门窗拆除","1、原木门拆除；\n2、含清理费用，建筑垃圾运至临时堆放点；","m2",51.7,null,21.29,1100.69,799.8,null,118.39]
[67,"011210002002","金属隔断","轻钢龙骨隔墙：\n1、骨架材料种类、规格:配套C50轻钢龙骨，间距详见图纸；","m2",61.29,null,70.2,4302.56,864.8,null,122.58]
[null,null,"防水工程",{"$nulls":5},7981,1413,null,209,15,1]
[68,"010904002002","楼（地）面涂膜防水","1、防水膜品种:1.5厚JS聚合物水泥防水涂料Ⅱ型；","m2",37.51,null,31.44,1179.31,103.9,null,15.38]
[69,"010903002002","墙面涂膜防水","1、防水层做法:两遍JS聚合物防水层；","m2",69.55,null,69.68,4846.24,584.22,null,86.24]
[70,"010903003002","墙面砂浆防水（防潮）","1、防水砂浆保护层；","m2",69.55,null,28.11,1955.05,724.71,null,107.11,14.61,1.39]
[null,null,"地面",{"$nulls":5},26050,3704,null,525,28,3]
[71,"011101005002","自流坪楼地面","1、面层材料种类:3mm厚树脂胶泥自流平；","m2",121.05,null,23,2784.15]
["本页小计",{"$nulls":7},16597,3164,null,462,223,52]
[{"$nulls":10},"表—07"]
["分部分项工程量清单与计价表"]
["单位工程(专业)：建筑工程-装修工程",{"$nulls":9},"第 21 页  共 94 页"]
["序号","项目编码","项目名称","项目特征","计量单位","工程量",null,"综合单价(元)","合价(元)","其中(元)"]
[{"$nulls":9},"定额人工费",null,"人工费价差","定额机械费","机械费价差"]
[72,"011103002002","橡胶板卷材楼地面","1、粘结层厚度、材料种类:PVC专用胶；\n2、面层材料品种、规格:塑胶地板；\n3、压线条种类:塑胶条；","m2",121.05,null,95.44,11553.01,1544.6,null,219.1]
[73,"011102003003","块料楼地面","1、结合层厚度、砂浆配合比:30厚1:3干硬性水泥砂浆结合层；\n2、面层材料品种、规格、颜色:CT-02 浅色瓷砖600*1200；\n3、嵌缝材料种类:瓷砖专用勾缝剂擦缝；","m2",32.51,null,144.3,4691.19,1038.04,null,147.6,25.68,3.25]
[74,"011108001004","石材零星项目","大理石门槛：\n1、结合层厚度、砂浆配合比:30厚1:3干硬性水泥砂浆结合层；\n2、面层材料品种、规格、颜色:ST-01 深色大理石；\n3、嵌缝材料种类:石材专用勾缝剂擦缝；\n4、包含石材切割、六面防护、精磨镜面等所有费用；","m2",0.12,null,521.47,62.58,10.5,null,1.5,0.21]
["本页小计",{"$nulls":7},16307,2593,null,368,26,3]
[{"$nulls":10},"表—07"]
["分部分项工程量清单与计价表"]
["单位工程(专业)：建筑工程-装修工程",{"$nulls":9},"第 22 页  共 94 页"]
["序号","项目编码","项目名称","项目特征","计量单位","工程量",null,"综合单价(元)","合价(元)","其中(元)"]
[{"$nulls":9},"定额人工费",null,"人工费价差","定额机械费","机械费价差"]
[75,"011108001005","石材零星项目","大理石地台：\n1、结合层厚度、砂浆配合比:30厚1:3干硬性水泥砂浆结合层；\n2、面层材料品种、规格、颜色:ST-02 保加利亚灰大理石；\n3、嵌缝材料种类:石材专用勾缝剂擦缝；\n4、包含石材切割、六面防护、精磨镜面等所有费用；","m2",1,null,521.47,521.47,87.54,null,12.43,1.71,0.04]
[76,"011105006002","金属踢脚线","1、踢脚线高度:30mm；\n2、基层材料种类、规格:12.0mm厚阻燃板；\n3、面层材料品种、规格、颜色:MT-01 黑色不锈钢；","m",119.57,null,53.84,6437.65,1023.52,null,144.68]
[null,null,"天棚",{"$nulls":5},41494,6816,null,969,1]
[77,"011302001012","吊顶天棚","1、吊顶形式、吊杆规格:石膏板平面吊顶；\n2、龙骨材料种类、规格、中距:安装U50轻钢龙骨,间距详见图纸说明；\n3、面层材料品种、规格:双层9.5mm厚耐潮纸面石膏板；","m2",26.22,null,112.87,2959.45,947.07,null,134.51]
["本页小计",{"$nulls":7},9919,2058,null,292,2]
[{"$nulls":10},"表—07"]
["分部分项工程量清单与计价表"]
["单位工程(专业)：建筑工程-装修工程",{"$nulls":9},"第 23 页  共 94 页"]
["序号","项目编码","项目名称","项目特征","计量单位","工程量",null,"综合单价(元)","合价(元)","其中(元)"]
[{"$nulls":9},"定额人工费",null,"人工费价差","定额机械费","机械费价差"]
[78,"011302001013","吊顶天棚","1、吊顶形式、吊杆规格:石膏板侧面吊顶；\n2、龙骨材料种类、规格、中距:安装U50轻钢龙骨,间距详见图纸说明；\n3、基层材料品种、规格:12.0mm厚阻燃板；\n4、面层材料品种、规格:单层9.5mm厚耐潮纸面石膏板；","m2",4.71,null,134.45,633.26,229.38,null,32.59]
[79,"011304001005","灯带（槽）","1、吊顶形式、吊杆规格:石膏板灯槽；\n2、基层材料品种、规格:9.0mm厚阻燃板；\n3、面层材料品种、规格:单层9.5mm厚耐潮纸面石膏板；","m2",5.15,null,138.61,713.84,260.74,null,36.98,0.36,-0.05]
[80,"011302001014","吊顶天棚","1、吊顶形式、吊杆规格:软膜吊顶；\n2、基层材料品种、规格:12.0mm厚阻燃板；\n3、面层材料品种、规格:白色软膜；","m2",1.46,null,232.41,339.32,42.97,null,6.09]
["本页小计",{"$nulls":7},1686,533,null,76]
[{"$nulls":10},"表—07"]
["分部分项工程量清单与计价表"]
["单位工程(专业)：建筑工程-装修工程",{"$nulls":9},"第 24 页  共 94 页"]
["序号","项目编码","项目名称","项目特征","计量单位","工程量",null,"综合单价(元)","合价(元)","其中(元)"]
[{"$nulls":9},"定额人工费",null,"人工费价差","定额机械费","机械费价差"]
[81,"011302001015","吊顶天棚","1、吊顶形式、吊杆规格:石膏板侧面吊顶；\n2、龙骨材料种类、规格、中距:安装U50轻钢龙骨,间距详见图纸说明；\n3、基层材料品种、规格:12.0mm厚阻燃板；\n4、面层材料品种、规格:单层9.5mm厚纸面石膏板；","m2",1.03,null,124.51,128.25,50.16,null,7.13]
[82,"011302001016","吊顶天棚","1、吊顶形式、吊杆规格:铝蜂窝板平面吊顶；\n2、龙骨材料种类、规格、中距:安装配套轻钢龙骨,间距详见图纸说明；\n3、面层材料品种、规格:MT-02 铝蜂窝板；","m2",145.97,null,192.52,28102.14,3300.38,null,468.57]
[83,"011304001006","灯带（槽）","1、吊顶形式、吊杆规格:黑色不锈钢灯槽；\n2、基层材料品种、规格:9.0mm厚阻燃板；\n3、面层材料品种、规格:1.2mm厚黑色不锈钢板；","m2",9.2,null,491.94,4525.85,586.78,null,83.35,0.64,-0.09]
[84,"011502001004","金属装饰线","1、线条材料品种、规格、颜色:铝蜂窝板收边条；","m",138.44,null,16.17,2238.57,761.42,null,109.37]
["本页小计",{"$nulls":7},34995,4699,null,668,1]
[{"$nulls":10},"表—07"]
["分部分项工程量清单与计价表"]
["单位工程(专业)：建筑工程-装修工程",{"$nulls":9},"第 25 页  共 94 页"]
["序号","项目编码","项目名称","项目特征","计量单位","工程量",null,"综合单价(元)","合价(元)","其中(元)"]
[{"$nulls":9},"定额人工费",null,"人工费价差","定额机械费","机械费价差"]
[85,"011502001005","金属装饰线","1、线条材料品种、规格、颜色:配套灯槽铝型材侧边条 H=200mm；","m",26.1,null,34.61,903.32,143.55,null,20.62]
[86,"011407002003","天棚喷刷涂料","1、基层类型:纸面石膏板面；\n2、腻子种类:腻子满刮两遍；\n3、涂料品种、喷刷遍数:无机涂料面漆一底两面；","m2",29,null,32.77,950.33,493.58,null,70.18]
[null,null,"墙面",{"$nulls":5},59130,5518,null,783,78,-3]
[87,"011201001002","墙面一般抹灰","1.底层厚度、砂浆配合比:20厚DP20水泥砂浆找平层；","m2",69.58,null,23.94,1665.75,702.06,null,99.5,15.31,0.69]
[88,"011204003002","块料墙面","1、安装方式:瓷砖专用胶粘剂粘贴；\n2、面层材料品种、规格、颜色:CT-02 浅色瓷砖600*1200；\n3、缝宽、嵌缝材料种类:瓷砖专用勾缝剂擦缝；\n4、包含瓷砖刷背胶、切割、修边、倒角磨边等费用；","m2",69.58,null,169.6,11800.77,2777.63,null,393.83]
["本页小计",{"$nulls":7},15320,4117,null,584,15,1]
[{"$nulls":10},"表—07"]
["分部分项工程量清单与计价表"]
["单位工程(专业)：建筑工程-装修工程",{"$nulls":9},"第 26 页  共 94 页"]
["序号","项目编码","项目名称","项目特征","计量单位","工程量",null,"综合单价(元)","合价(元)","其中(元)"]
[{"$nulls":9},"定额人工费",null,"人工费价差","定额机械费","机械费价差"]
[89,"011207001003","墙面装饰板","1.龙骨材料种类、规格、中距:40*20*1.3镀锌方管；\n2.基层材料种类、规格:12.0mm厚阻燃板；\n3.面层材料品种、规格、颜色:12.0mm厚WD-02银色金属板；","m2",28.03,null,525.59,14732.29,2038.34,null,289.27,62.79,-3.93]
[90,"011407001003","墙面喷刷涂料","1、基层类型:基层板面；\n2、腻子种类:腻子满刮两遍；\n3、涂料品种、喷刷遍数:艺术涂料面漆一底两面；","m2",294.58,null,105,30930.9]
[null,null,"其它工程",{"$nulls":5},55152,5527,null,785,13,-1]
[91,"010809004002","石材窗台板","1、粘结层厚度、砂浆配合比:石材专用粘接剂粘贴；\n2、窗台板材质、规格、颜色:ST-02 保加利亚灰大理石；\n3、含石材倒角、抛光、石材磨边、六面防护等；","m2",0.18,null,1675.58,301.6,141.79,null,20.2,0.21]
["本页小计",{"$nulls":7},45965,2180,null,309,63,-4]
[{"$nulls":10},"表—07"]
["分部分项工程量清单与计价表"]
["单位工程(专业)：建筑工程-装修工程",{"$nulls":9},"第 27 页  共 94 页"]
["序号","项目编码","项目名称","项目特征","计量单位","工程量",null,"综合单价(元)","合价(元)","其中(元)"]
[{"$nulls":9},"定额人工费",null,"人工费价差","定额机械费","机械费价差"]
[92,"010808004002","金属门窗套","电梯门套：\n1.基层材料种类:15mm厚阻燃板；\n2.面层材料品种、规格:MT-01黑色不锈钢；\n3.包含不锈钢折边、打胶等费用；","m2",5.5,null,431.87,2375.29,424.49,null,60.34,0.55]
[93,"010801002004","木质门带套","1、门代号及洞口尺寸:胡桃木饰面成品木门900*2200mm；\n2、包含门套、执手锁、合页等五金配件；","樘",16,null,1332.65,21322.4,1439.36,null,204.32]
[94,"010801002005","木质门带套","1、门代号及洞口尺寸:胡桃木饰面成品木门1000*2200mm；\n2、包含门套、执手锁、合页等五金配件；","樘",2,null,1482.65,2965.3,179.92,null,25.54]
[95,"010801002006","木质门带套","1、门代号及洞口尺寸:胡桃木饰面成品木门665*2200mm；\n2、包含门套、执手锁、合页等五金配件；","樘",2,null,1062.65,2125.3,179.92,null,25.54]
[96,"010801002007","木质门带套","1、门代号及洞口尺寸:胡桃木饰面成品木门980*2200mm；\n2、包含门套、执手锁、合页等五金配件；","樘",1,null,1432.65,1432.65,89.96,null,12.77]
["本页小计",{"$nulls":7},30221,2314,null,329,1]
[{"$nulls":10},"表—07"]
["分部分项工程量清单与计价表"]
["单位工程(专业)：建筑工程-装修工程",{"$nulls":9},"第 28 页  共 94 页"]
["序号","项目编码","项目名称","项目特征","计量单位","工程量",null,"综合单价(元)","合价(元)","其中(元)"]
[{"$nulls":9},"定额人工费",null,"人工费价差","定额机械费","机械费价差"]
[97,"010801004002","木质防火门","胡桃木饰面成品防火门：\n1、门框及门头材质:MT-01黑色不锈钢；\n2、门扇品种:成品甲级防火木门；\n3、包含配套顺位器、闭门器、执手锁等五金配件；","m2",10.7,null,646.46,6917.12,630.12,null,89.46]
[98,"011210003003","玻璃隔断","钢化玻璃隔断：\n1、边框材料种类、规格:MT-01黑色不锈钢；\n2、玻璃品种、规格、颜色:12mm钢化玻璃；","m2",3.04,null,353.91,1075.89,122.21,null,17.33]
[99,"011207001004","墙面装饰板","拖把池暗门：\n1、龙骨材料种类、规格、中距:镀锌方管；\n2、基层材料种类、规格:12.0mm厚阻燃板；\n3、面层材料品种、规格、颜色:9.5mm厚石膏板；\n4、包含天地轴、暗门拉手、合页等五金配件；","m2",1.34,null,466.9,625.65,142.32,null,20.2,5.6,-0.35]
[100,"011210006002","其他隔断","1、玻璃砖隔墙；\n2、具体做法详见图纸；","m2",11.26,null,447.32,5036.82,321.81,null,45.72,2.14,-0.11]
["本页小计",{"$nulls":7},13655,1216,null,173,8]
[{"$nulls":10},"表—07"]
["分部分项工程量清单与计价表"]
["单位工程(专业)：建筑工程-装修工程",{"$nulls":9},"第 29 页  共 94 页"]
["序号","项目编码","项目名称","项目特征","计量单位","工程量",null,"综合单价(元)","合价(元)","其中(元)"]
[{"$nulls":9},"定额人工费",null,"人工费价差","定额机械费","机械费价差"]
[101,"011505010002","镜面玻璃","1.镜面玻璃品种、规格:MI-01 银镜；\n2.框材质、断面尺寸:MT-01黑色不锈钢边框；\n3.基层材料种类:方木龙骨，9mm厚阻燃板；","m2",3.54,null,211.18,747.58,131.69,null,18.69]
[102,"011505001002","洗漱台","1、台面品种、规格:12mm厚阻燃板基层，ST-03白色石英石台面板；\n2、支架、配件品种、规格牌:镀锌角钢骨架；\n3、柜体面品种、规格:12mm厚阻燃板基层，胡桃木饰面成品柜体(含柜门)，含配套柜体五金配件；\n4、含台面倒角、抛光、石材磨边、六面防护等；","m2",2.83,null,1773.17,5018.07,775.99,null,110.17,4.33,-0.11]
[103,"011210005002","成品隔断","1.隔断材料品种、规格、颜色:12mm厚成品抗倍特板；\n2.配件品种、规格:（含五金配件）；\n3.具体做法详见图纸；","m2",20.54,null,208.72,4287.11,864.32,null,122.63]
["本页小计",{"$nulls":7},10053,1772,null,251,4]
[{"$nulls":10},"表—07"]
["分部分项工程量清单与计价表"]
["单位工程(专业)：建筑工程-装修工程",{"$nulls":9},"第 30 页  共 94 页"]
["序号","项目编码","项目名称","项目特征","计量单位","工程量",null,"综合单价(元)","合价(元)","其中(元)"]
[{"$nulls":9},"定额人工费",null,"人工费价差","定额机械费","机械费价差"]
[104,"011210003004","玻璃隔断","油砂玻璃隔断：\n1、边框材料种类、规格:MT-01黑色不锈钢；\n2、玻璃品种、规格、颜色:GL-02 油砂玻璃；","m2",2.07,null,444.81,920.76,83.21,null,11.8]
[null,null,"22F改造维修",{"$nulls":5},215573,26662,null,3799,718,142]
[null,null,"拆除及新建工程",{"$nulls":5},9104,2305,null,332,584,141]
[105,"011601001003","砖砌体拆除","1、原砖砌墙体拆除；\n2、含清理费用，建筑垃圾运至临时堆放点；","m3",18.49,null,65.26,1206.66,242.22,null,35.87,584.28,140.9]
[106,"011610001003","木门窗拆除","1、原木门拆除；\n2、含清理费用，建筑垃圾运至临时堆放点；","m2",42.48,null,21.29,904.4,657.17,null,97.27]
[107,"011210002003","金属隔断","轻钢龙骨隔墙：\n1、骨架材料种类、规格:配套C50轻钢龙骨，间距详见图纸；","m2",99.62,null,70.2,6993.32,1405.64,null,199.24]
[null,null,"防水工程",{"$nulls":5},7981,1413,null,209,15,1]
[108,"010904002003","楼（地）面涂膜防水","1、防水膜品种:1.5厚JS聚合物水泥防水涂料Ⅱ型；","m2",37.51,null,31.44,1179.31,103.9,null,15.38]
[109,"010903002003","墙面涂膜防水","1、防水层做法:两遍JS聚合物防水层；","m2",69.55,null,69.68,4846.24,584.22,null,86.24]
["本页小计",{"$nulls":7},16051,3076,null,446,584,141]
[{"$nulls":10},"表—07"]
["分部分项工程量清单与计价表"]
["单位工程(专业)：建筑工程-装修工程",{"$nulls":9},"第 31 页  共 94 页"]
["序号","项目编码","项目名称","项目特征","计量单位","工程量",null,"综合单价(元)","合价(元)","其中(元)"]
[{"$nulls":9},"定额人工费",null,"人工费价差","定额机械费","机械费价差"]
[110,"010903003003","墙面砂浆防水（防潮）","1、防水砂浆保护层；","m2",69.55,null,28.11,1955.05,724.71,null,107.11,14.61,1.39]
[null,null,"地面",{"$nulls":5},26347,3716,null,527,28,3]
[111,"011101005003","自流坪楼地面","1、面层材料种类:3mm厚树脂胶泥自流平；","m2",126.9,null,23,2918.7]
[112,"011103002003","橡胶板卷材楼地面","1、粘结层厚度、材料种类:PVC专用胶；\n2、面层材料品种、规格:塑胶地板；\n3、压线条种类:塑胶条；","m2",126.9,null,95.44,12111.34,1619.24,null,229.69]
[113,"011102003004","块料楼地面","1、结合层厚度、砂浆配合比:30厚1:3干硬性水泥砂浆结合层；\n2、面层材料品种、规格、颜色:CT-02 浅色瓷砖600*1200；\n3、嵌缝材料种类:瓷砖专用勾缝剂擦缝；","m2",32.51,null,144.3,4691.19,1038.04,null,147.6,25.68,3.25]
["本页小计",{"$nulls":7},21676,3382,null,484,40,5]
[{"$nulls":10},"表—07"]
["分部分项工程量清单与计价表"]
["单位工程(专业)：建筑工程-装修工程",{"$nulls":9},"第 32 页  共 94 页"]
["序号","项目编码","项目名称","项目特征","计量单位","工程量",null,"综合单价(元)","合价(元)","其中(元)"]
[{"$nulls":9},"定额人工费",null,"人工费价差","定额机械费","机械费价差"]
[114,"011108001006","石材零星项目","大理石门槛：\n1、结合层厚度、砂浆配合比:30厚1:3干硬性水泥砂浆结合层；\n2、面层材料品种、规格、颜色:ST-01 深色大理石；\n3、嵌缝材料种类:石材专用勾缝剂擦缝；\n4、包含石材切割、六面防护、精磨镜面等所有费用；","m2",0.12,null,521.47,62.58,10.5,null,1.5,0.21]
[115,"011108001007","石材零星项目","大理石地台：\n1、结合层厚度、砂浆配合比:30厚1:3干硬性水泥砂浆结合层；\n2、面层材料品种、规格、颜色:ST-02 保加利亚灰大理石；\n3、嵌缝材料种类:石材专用勾缝剂擦缝；\n4、包含石材切割、六面防护、精磨镜面等所有费用；","m2",1,null,521.47,521.47,87.54,null,12.43,1.71,0.04]
["本页小计",{"$nulls":7},584,98,null,14,2]
[{"$nulls":10},"表—07"]
["分部分项工程量清单与计价表"]
["单位工程(专业)：建筑工程-装修工程",{"$nulls":9},"第 33 页  共 94 页"]
["序号","项目编码","项目名称","项目特征","计量单位","工程量",null,"综合单价(元)","合价(元)","其中(元)"]
[{"$nulls":9},"定额人工费",null,"人工费价差","定额机械费","机械费价差"]
[116,"011105006003","金属踢脚线","1、踢脚线高度:30mm；\n2、基层材料种类、规格:12.0mm厚阻燃板；\n3、面层材料品种、规格、颜色:MT-01 黑色不锈钢；","m",112.22,null,53.84,6041.92,960.6,null,135.79]
[null,null,"天棚",{"$nulls":5},44467,7326,null,1042,1]
[117,"011302001017","吊顶天棚","1、吊顶形式、吊杆规格:石膏板平面吊顶；\n2、龙骨材料种类、规格、中距:安装U50轻钢龙骨,间距详见图纸说明；\n3、面层材料品种、规格:双层9.5mm厚耐潮纸面石膏板；","m2",26.22,null,112.87,2959.45,947.07,null,134.51]
[118,"011302001018","吊顶天棚","1、吊顶形式、吊杆规格:石膏板侧面吊顶；\n2、龙骨材料种类、规格、中距:安装U50轻钢龙骨,间距详见图纸说明；\n3、基层材料品种、规格:12.0mm厚阻燃板；\n4、面层材料品种、规格:单层9.5mm厚耐潮纸面石膏板；","m2",4.71,null,134.45,633.26,229.38,null,32.59]
["本页小计",{"$nulls":7},9635,2137,null,303]
[{"$nulls":10},"表—07"]
["分部分项工程量清单与计价表"]
["单位工程(专业)：建筑工程-装修工程",{"$nulls":9},"第 34 页  共 94 页"]
["序号","项目编码","项目名称","项目特征","计量单位","工程量",null,"综合单价(元)","合价(元)","其中(元)"]
[{"$nulls":9},"定额人工费",null,"人工费价差","定额机械费","机械费价差"]
[119,"011304001007","灯带（槽）","1、吊顶形式、吊杆规格:石膏板灯槽；\n2、基层材料品种、规格:9.0mm厚阻燃板；\n3、面层材料品种、规格:单层9.5mm厚耐潮纸面石膏板；","m2",5.15,null,138.61,713.84,260.74,null,36.98,0.36,-0.05]
[120,"011302001019","吊顶天棚","1、吊顶形式、吊杆规格:软膜吊顶；\n2、基层材料品种、规格:12.0mm厚阻燃板；\n3、面层材料品种、规格:白色软膜；","m2",7.01,null,232.41,1629.19,206.3,null,29.24]
[121,"011302001020","吊顶天棚","1、吊顶形式、吊杆规格:石膏板侧面吊顶；\n2、龙骨材料种类、规格、中距:安装U50轻钢龙骨,间距详见图纸说明；\n3、基层材料品种、规格:12.0mm厚阻燃板；\n4、面层材料品种、规格:单层9.5mm厚纸面石膏板；","m2",5.41,null,124.51,673.6,263.47,null,37.43]
["本页小计",{"$nulls":7},3017,731,null,104]
[{"$nulls":10},"表—07"]
["分部分项工程量清单与计价表"]
["单位工程(专业)：建筑工程-装修工程",{"$nulls":9},"第 35 页  共 94 页"]
["序号","项目编码","项目名称","项目特征","计量单位","工程量",null,"综合单价(元)","合价(元)","其中(元)"]
[{"$nulls":9},"定额人工费",null,"人工费价差","定额机械费","机械费价差"]
[122,"011302001021","吊顶天棚","1、吊顶形式、吊杆规格:铝蜂窝板平面吊顶；\n2、龙骨材料种类、规格、中距:安装配套轻钢龙骨,间距详见图纸说明；\n3、面层材料品种、规格:MT-02 铝蜂窝板；","m2",151.88,null,192.52,29239.94,3434.01,null,487.53]
[123,"011304001008","灯带（槽）","1、吊顶形式、吊杆规格:黑色不锈钢灯槽；\n2、基层材料品种、规格:9.0mm厚阻燃板；\n3、面层材料品种、规格:1.2mm厚黑色不锈钢板；","m2",9.2,null,491.94,4525.85,586.78,null,83.35,0.64,-0.09]
[124,"011502001006","金属装饰线","1、线条材料品种、规格、颜色:铝蜂窝板收边条；","m",138.44,null,16.17,2238.57,761.42,null,109.37]
[125,"011502001007","金属装饰线","1、线条材料品种、规格、颜色:配套灯槽铝型材侧边条 H=200mm；","m",26.1,null,34.61,903.32,143.55,null,20.62]
[126,"011407002004","天棚喷刷涂料","1、基层类型:纸面石膏板面；\n2、腻子种类:腻子满刮两遍；\n3、涂料品种、喷刷遍数:无机涂料面漆一底两面；","m2",29,null,32.77,950.33,493.58,null,70.18]
[null,null,"墙面",{"$nulls":5},64410,5518,null,783,78,-3]
["本页小计",{"$nulls":7},37858,5419,null,771,1]
[{"$nulls":10},"表—07"]
["分部分项工程量清单与计价表"]
["单位工程(专业)：建筑工程-装修工程",{"$nulls":9},"第 36 页  共 94 页"]
["序号","项目编码","项目名称","项目特征","计量单位","工程量",null,"综合单价(元)","合价(元)","其中(元)"]
[{"$nulls":9},"定额人工费",null,"人工费价差","定额机械费","机械费价差"]
[127,"011201001003","墙面一般抹灰","1.底层厚度、砂浆配合比:20厚DP20水泥砂浆找平层；","m2",69.58,null,23.94,1665.75,702.06,null,99.5,15.31,0.69]
[128,"011204003003","块料墙面","1、安装方式:瓷砖专用胶粘剂粘贴；\n2、面层材料品种、规格、颜色:CT-02 浅色瓷砖600*1200；\n3、缝宽、嵌缝材料种类:瓷砖专用勾缝剂擦缝；\n4、包含瓷砖刷背胶、切割、修边、倒角磨边等费用；","m2",69.58,null,169.6,11800.77,2777.63,null,393.83]
[129,"011207001005","墙面装饰板","1.龙骨材料种类、规格、中距:40*20*1.3镀锌方管；\n2.基层材料种类、规格:12.0mm厚阻燃板；\n3.面层材料品种、规格、颜色:12.0mm厚WD-02银色金属板；","m2",28.03,null,525.59,14732.29,2038.34,null,289.27,62.79,-3.93]
[130,"011407001004","墙面喷刷涂料","1、基层类型:基层板面；\n2、腻子种类:腻子满刮两遍；\n3、涂料品种、喷刷遍数:艺术涂料面漆一底两面；","m2",344.87,null,105,36211.35]
[null,null,"其它工程",{"$nulls":5},63263,6384,null,906,13,-1]
["本页小计",{"$nulls":7},64410,5518,null,783,78,-3]
[{"$nulls":10},"表—07"]
["分部分项工程量清单与计价表"]
["单位工程(专业)：建筑工程-装修工程",{"$nulls":9},"第 37 页  共 94 页"]
["序号","项目编码","项目名称","项目特征","计量单位","工程量",null,"综合单价(元)","合价(元)","其中(元)"]
[{"$nulls":9},"定额人工费",null,"人工费价差","定额机械费","机械费价差"]
[131,"010809004003","石材窗台板","1、粘结层厚度、砂浆配合比:石材专用粘接剂粘贴；\n2、窗台板材质、规格、颜色:ST-02 保加利亚灰大理石；\n3、含石材倒角、抛光、石材磨边、六面防护等；","m2",0.18,null,1675.58,301.6,141.79,null,20.2,0.21]
[132,"010808004003","金属门窗套","电梯门套：\n1.基层材料种类:15mm厚阻燃板；\n2.面层材料品种、规格:MT-01黑色不锈钢；\n3.包含不锈钢折边、打胶等费用；","m2",5.5,null,431.87,2375.29,424.49,null,60.34,0.55]
[133,"010801002008","木质门带套","1、门代号及洞口尺寸:胡桃木饰面成品木门900*2200mm；\n2、包含门套、执手锁、合页等五金配件；","樘",15,null,1332.65,19989.75,1349.4,null,191.55]
[134,"010801002009","木质门带套","1、门代号及洞口尺寸:胡桃木饰面成品木门1000*2200mm；\n2、包含门套、执手锁、合页等五金配件；","樘",2,null,1482.65,2965.3,179.92,null,25.54]
["本页小计",{"$nulls":7},25632,2096,null,298,1]
[{"$nulls":10},"表—07"]
["分部分项工程量清单与计价表"]
["单位工程(专业)：建筑工程-装修工程",{"$nulls":9},"第 38 页  共 94 页"]
["序号","项目编码","项目名称","项目特征","计量单位","工程量",null,"综合单价(元)","合价(元)","其中(元)"]
[{"$nulls":9},"定额人工费",null,"人工费价差","定额机械费","机械费价差"]
[135,"010801002010","木质门带套","1、门代号及洞口尺寸:胡桃木饰面成品木门665*2200mm；\n2、包含门套、执手锁、合页等五金配件；","樘",2,null,1062.65,2125.3,179.92,null,25.54]
[136,"010801002011","木质门带套","1、门代号及洞口尺寸:胡桃木饰面成品木门980*2200mm；\n2、包含门套、执手锁、合页等五金配件；","樘",1,null,1432.65,1432.65,89.96,null,12.77]
[137,"010801002012","木质门带套","1、门代号及洞口尺寸:胡桃木饰面成品木门1500*2200mm；\n2、包含门套、执手锁、合页等五金配件；","樘",1,null,2242.49,2242.49,128.49,null,18.24]
[138,"010801004003","木质防火门","胡桃木饰面成品防火门：\n1、门框及门头材质:MT-01黑色不锈钢；\n2、门扇品种:成品甲级防火木门；\n3、包含配套顺位器、闭门器、执手锁等五金配件；","m2",10.7,null,646.46,6917.12,630.12,null,89.46]
[139,"011210003005","玻璃隔断","钢化玻璃隔断：\n1、边框材料种类、规格:MT-01黑色不锈钢；\n2、玻璃品种、规格、颜色:12mm钢化玻璃；","m2",23.39,null,353.91,8277.95,940.28,null,133.32]
["本页小计",{"$nulls":7},20996,1969,null,279]
[{"$nulls":10},"表—07"]
["分部分项工程量清单与计价表"]
["单位工程(专业)：建筑工程-装修工程",{"$nulls":9},"第 39 页  共 94 页"]
["序号","项目编码","项目名称","项目特征","计量单位","工程量",null,"综合单价(元)","合价(元)","其中(元)"]
[{"$nulls":9},"定额人工费",null,"人工费价差","定额机械费","机械费价差"]
[140,"011207001006","墙面装饰板","拖把池暗门：\n1、龙骨材料种类、规格、中距:镀锌方管；\n2、基层材料种类、规格:12.0mm厚阻燃板；\n3、面层材料品种、规格、颜色:9.5mm厚石膏板；\n4、包含天地轴、暗门拉手、合页等五金配件；","m2",1.34,null,466.9,625.65,142.32,null,20.2,5.6,-0.35]
[141,"011210006003","其他隔断","1、玻璃砖隔墙；\n2、具体做法详见图纸；","m2",11.26,null,447.32,5036.82,321.81,null,45.72,2.14,-0.11]
[142,"011505010003","镜面玻璃","1.镜面玻璃品种、规格:MI-01 银镜；\n2.框材质、断面尺寸:MT-01黑色不锈钢边框；\n3.基层材料种类:方木龙骨，9mm厚阻燃板；","m2",3.54,null,211.18,747.58,131.69,null,18.69]
["本页小计",{"$nulls":7},6410,596,null,85,8]
[{"$nulls":10},"表—07"]
["分部分项工程量清单与计价表"]
["单位工程(专业)：建筑工程-装修工程",{"$nulls":9},"第 40 页  共 94 页"]
["序号","项目编码","项目名称","项目特征","计量单位","工程量",null,"综合单价(元)","合价(元)","其中(元)"]
[{"$nulls":9},"定额人工费",null,"人工费价差","定额机械费","机械费价差"]
[143,"011505001003","洗漱台","1、台面品种、规格:12mm厚阻燃板基层，ST-03白色石英石台面板；\n2、支架、配件品种、规格牌:镀锌角钢骨架；\n3、柜体面品种、规格:12mm厚阻燃板基层，胡桃木饰面成品柜体(含柜门)，含配套柜体五金配件；\n4、含台面倒角、抛光、石材磨边、六面防护等；","m2",2.83,null,1773.17,5018.07,775.99,null,110.17,4.33,-0.11]
[144,"011210005003","成品隔断","1.隔断材料品种、规格、颜色:12mm厚成品抗倍特板；\n2.配件品种、规格:（含五金配件）；\n3.具体做法详见图纸；","m2",20.54,null,208.72,4287.11,864.32,null,122.63]
[145,"011210003006","玻璃隔断","油砂玻璃隔断：\n1、边框材料种类、规格:MT-01黑色不锈钢；\n2、玻璃品种、规格、颜色:GL-02 油砂玻璃；","m2",2.07,null,444.81,920.76,83.21,null,11.8]
[null,null,"23F改造维修",{"$nulls":5},193459,24337,null,3469,712,141]
[null,null,"拆除及新建工程",{"$nulls":5},6156,1693,null,245,584,141]
["本页小计",{"$nulls":7},10226,1724,null,245,4]
[{"$nulls":10},"表—07"]
["分部分项工程量清单与计价表"]
["单位工程(专业)：建筑工程-装修工程",{"$nulls":9},"第 41 页  共 94 页"]
["序号","项目编码","项目名称","项目特征","计量单位","工程量",null,"综合单价(元)","合价(元)","其中(元)"]
[{"$nulls":9},"定额人工费",null,"人工费价差","定额机械费","机械费价差"]
[146,"011601001004","砖砌体拆除","1、原砖砌墙体拆除；\n2、含清理费用，建筑垃圾运至临时堆放点；","m3",18.49,null,65.26,1206.66,242.22,null,35.87,584.28,140.9]
[147,"011610001004","木门窗拆除","1、原木门拆除；\n2、含清理费用，建筑垃圾运至临时堆放点；","m2",40.72,null,21.29,866.93,629.94,null,93.25]
[148,"011210002004","金属隔断","轻钢龙骨隔墙：\n1、骨架材料种类、规格:配套C50轻钢龙骨，间距详见图纸；","m2",58.15,null,70.2,4082.13,820.5,null,116.3]
[null,null,"防水工程",{"$nulls":5},7981,1413,null,209,15,1]
[149,"010904002004","楼（地）面涂膜防水","1、防水膜品种:1.5厚JS聚合物水泥防水涂料Ⅱ型；","m2",37.51,null,31.44,1179.31,103.9,null,15.38]
[150,"010903002004","墙面涂膜防水","1、防水层做法:两遍JS聚合物防水层；","m2",69.55,null,69.68,4846.24,584.22,null,86.24]
[151,"010903003004","墙面砂浆防水（防潮）","1、防水砂浆保护层；","m2",69.55,null,28.11,1955.05,724.71,null,107.11,14.61,1.39]
[null,null,"地面",{"$nulls":5},25955,3591,null,509,23,3]
[152,"011101005004","自流坪楼地面","1、面层材料种类:3mm厚树脂胶泥自流平；","m2",128.57,null,23,2957.11]
["本页小计",{"$nulls":7},17093,3105,null,454,599,142]
[{"$nulls":10},"表—07"]
["分部分项工程量清单与计价表"]
["单位工程(专业)：建筑工程-装修工程",{"$nulls":9},"第 42 页  共 94 页"]
["序号","项目编码","项目名称","项目特征","计量单位","工程量",null,"综合单价(元)","合价(元)","其中(元)"]
[{"$nulls":9},"定额人工费",null,"人工费价差","定额机械费","机械费价差"]
[153,"011103002004","橡胶板卷材楼地面","1、粘结层厚度、材料种类:PVC专用胶；\n2、面层材料品种、规格:塑胶地板；\n3、压线条种类:塑胶条；","m2",128.57,null,95.44,12270.72,1640.55,null,232.71]
[154,"011102003005","块料楼地面","1、结合层厚度、砂浆配合比:30厚1:3干硬性水泥砂浆结合层；\n2、面层材料品种、规格、颜色:CT-02 浅色瓷砖600*1200；\n3、嵌缝材料种类:瓷砖专用勾缝剂擦缝；","m2",26.65,null,144.3,3845.6,850.93,null,121,21.05,2.67]
[155,"011108001008","石材零星项目","大理石门槛：\n1、结合层厚度、砂浆配合比:30厚1:3干硬性水泥砂浆结合层；\n2、面层材料品种、规格、颜色:ST-01 深色大理石；\n3、嵌缝材料种类:石材专用勾缝剂擦缝；\n4、包含石材切割、六面防护、精磨镜面等所有费用；","m2",0.12,null,521.47,62.58,10.5,null,1.5,0.21]
["本页小计",{"$nulls":7},16179,2502,null,355,21,3]
[{"$nulls":10},"表—07"]
["分部分项工程量清单与计价表"]
["单位工程(专业)：建筑工程-装修工程",{"$nulls":9},"第 43 页  共 94 页"]
["序号","项目编码","项目名称","项目特征","计量单位","工程量",null,"综合单价(元)","合价(元)","其中(元)"]
[{"$nulls":9},"定额人工费",null,"人工费价差","定额机械费","机械费价差"]
[156,"011108001009","石材零星项目","大理石地台：\n1、结合层厚度、砂浆配合比:30厚1:3干硬性水泥砂浆结合层；\n2、面层材料品种、规格、颜色:ST-02 保加利亚灰大理石；\n3、嵌缝材料种类:石材专用勾缝剂擦缝；\n4、包含石材切割、六面防护、精磨镜面等所有费用；","m2",1,null,521.47,521.47,87.54,null,12.43,1.71,0.04]
[157,"011105006004","金属踢脚线","1、踢脚线高度:30mm；\n2、基层材料种类、规格:12.0mm厚阻燃板；\n3、面层材料品种、规格、颜色:MT-01 黑色不锈钢；","m",116.96,null,53.84,6297.13,1001.18,null,141.52]
[null,null,"天棚",{"$nulls":5},40943,6910,null,983,1]
["本页小计",{"$nulls":7},6819,1089,null,154,2]
[{"$nulls":10},"表—07"]
["分部分项工程量清单与计价表"]
["单位工程(专业)：建筑工程-装修工程",{"$nulls":9},"第 44 页  共 94 页"]
["序号","项目编码","项目名称","项目特征","计量单位","工程量",null,"综合单价(元)","合价(元)","其中(元)"]
[{"$nulls":9},"定额人工费",null,"人工费价差","定额机械费","机械费价差"]
[158,"011302001022","吊顶天棚","1、吊顶形式、吊杆规格:石膏板平面吊顶；\n2、龙骨材料种类、规格、中距:安装U50轻钢龙骨,间距详见图纸说明；\n3、基层材料品种、规格:12.0mm厚阻燃板；\n4、面层材料品种、规格:单层9.5mm厚纸面石膏板；","m2",3.23,null,111.11,358.89,120.41,null,17.06]
[159,"011304001009","灯带（槽）","1、吊顶形式、吊杆规格:石膏板灯槽；\n2、基层材料品种、规格:9.0mm厚阻燃板；\n3、面层材料品种、规格:单层9.5mm厚纸面石膏板；","m2",0.44,null,128.67,56.61,22.28,null,3.16,0.03]
[160,"011302001023","吊顶天棚","1、吊顶形式、吊杆规格:石膏板平面吊顶；\n2、龙骨材料种类、规格、中距:安装U50轻钢龙骨,间距详见图纸说明；\n3、面层材料品种、规格:双层9.5mm厚耐潮纸面石膏板；","m2",26.22,null,112.87,2959.45,947.07,null,134.51]
["本页小计",{"$nulls":7},3375,1090,null,155]
[{"$nulls":10},"表—07"]
["分部分项工程量清单与计价表"]
["单位工程(专业)：建筑工程-装修工程",{"$nulls":9},"第 45 页  共 94 页"]
["序号","项目编码","项目名称","项目特征","计量单位","工程量",null,"综合单价(元)","合价(元)","其中(元)"]
[{"$nulls":9},"定额人工费",null,"人工费价差","定额机械费","机械费价差"]
[161,"011302001024","吊顶天棚","1、吊顶形式、吊杆规格:石膏板侧面吊顶；\n2、龙骨材料种类、规格、中距:安装U50轻钢龙骨,间距详见图纸说明；\n3、基层材料品种、规格:12.0mm厚阻燃板；\n4、面层材料品种、规格:单层9.5mm厚耐潮纸面石膏板；","m2",4.71,null,134.45,633.26,229.38,null,32.59]
[162,"011304001010","灯带（槽）","1、吊顶形式、吊杆规格:石膏板灯槽；\n2、基层材料品种、规格:9.0mm厚阻燃板；\n3、面层材料品种、规格:单层9.5mm厚耐潮纸面石膏板；","m2",5.15,null,138.61,713.84,260.74,null,36.98,0.36,-0.05]
[163,"011302001025","吊顶天棚","1、吊顶形式、吊杆规格:软膜吊顶；\n2、基层材料品种、规格:12.0mm厚阻燃板；\n3、面层材料品种、规格:白色软膜；","m2",0.94,null,232.41,218.47,27.66,null,3.92]
["本页小计",{"$nulls":7},1566,518,null,73]
[{"$nulls":10},"表—07"]
["分部分项工程量清单与计价表"]
["单位工程(专业)：建筑工程-装修工程",{"$nulls":9},"第 46 页  共 94 页"]
["序号","项目编码","项目名称","项目特征","计量单位","工程量",null,"综合单价(元)","合价(元)","其中(元)"]
[{"$nulls":9},"定额人工费",null,"人工费价差","定额机械费","机械费价差"]
[164,"011302001026","吊顶天棚","1、吊顶形式、吊杆规格:石膏板侧面吊顶；\n2、龙骨材料种类、规格、中距:安装U50轻钢龙骨,间距详见图纸说明；\n3、基层材料品种、规格:12.0mm厚阻燃板；\n4、面层材料品种、规格:单层9.5mm厚纸面石膏板；","m2",1.28,null,124.51,159.37,62.34,null,8.85]
[165,"011302001027","吊顶天棚","1、吊顶形式、吊杆规格:铝蜂窝板平面吊顶；\n2、龙骨材料种类、规格、中距:安装配套轻钢龙骨,间距详见图纸说明；\n3、面层材料品种、规格:MT-02 铝蜂窝板；","m2",139.48,null,192.52,26852.69,3153.64,null,447.73]
[166,"011304001011","灯带（槽）","1、吊顶形式、吊杆规格:黑色不锈钢灯槽；\n2、基层材料品种、规格:9.0mm厚阻燃板；\n3、面层材料品种、规格:1.2mm厚黑色不锈钢板；","m2",9.68,null,491.94,4761.98,617.39,null,87.7,0.68,-0.1]
[167,"011502001008","金属装饰线","1、线条材料品种、规格、颜色:铝蜂窝板收边条；","m",138.44,null,16.17,2238.57,761.42,null,109.37]
["本页小计",{"$nulls":7},34013,4595,null,654,1]
[{"$nulls":10},"表—07"]
["分部分项工程量清单与计价表"]
["单位工程(专业)：建筑工程-装修工程",{"$nulls":9},"第 47 页  共 94 页"]
["序号","项目编码","项目名称","项目特征","计量单位","工程量",null,"综合单价(元)","合价(元)","其中(元)"]
[{"$nulls":9},"定额人工费",null,"人工费价差","定额机械费","机械费价差"]
[168,"011502001009","金属装饰线","1、线条材料品种、规格、颜色:配套灯槽铝型材侧边条 H=200mm；","m",26.1,null,34.61,903.32,143.55,null,20.62]
[169,"011407002005","天棚喷刷涂料","1、基层类型:纸面石膏板面；\n2、腻子种类:腻子满刮两遍；\n3、涂料品种、喷刷遍数:无机涂料面漆一底两面；","m2",33.16,null,32.77,1086.65,564.38,null,80.25]
[null,null,"墙面",{"$nulls":5},62467,5518,null,783,78,-3]
[170,"011201001004","墙面一般抹灰","1.底层厚度、砂浆配合比:20厚DP20水泥砂浆找平层；","m2",69.58,null,23.94,1665.75,702.06,null,99.5,15.31,0.69]
[171,"011204003004","块料墙面","1、安装方式:瓷砖专用胶粘剂粘贴；\n2、面层材料品种、规格、颜色:CT-02 浅色瓷砖600*1200；\n3、缝宽、嵌缝材料种类:瓷砖专用勾缝剂擦缝；\n4、包含瓷砖刷背胶、切割、修边、倒角磨边等费用；","m2",69.58,null,169.6,11800.77,2777.63,null,393.83]
["本页小计",{"$nulls":7},15456,4188,null,594,15,1]
[{"$nulls":10},"表—07"]
["分部分项工程量清单与计价表"]
["单位工程(专业)：建筑工程-装修工程",{"$nulls":9},"第 48 页  共 94 页"]
["序号","项目编码","项目名称","项目特征","计量单位","工程量",null,"综合单价(元)","合价(元)","其中(元)"]
[{"$nulls":9},"定额人工费",null,"人工费价差","定额机械费","机械费价差"]
[172,"011207001007","墙面装饰板","1.龙骨材料种类、规格、中距:40*20*1.3镀锌方管；\n2.基层材料种类、规格:12.0mm厚阻燃板；\n3.面层材料品种、规格、颜色:12.0mm厚WD-02银色金属板；","m2",28.03,null,525.59,14732.29,2038.34,null,289.27,62.79,-3.93]
[173,"011407001005","墙面喷刷涂料","1、基层类型:基层板面；\n2、腻子种类:腻子满刮两遍；\n3、涂料品种、喷刷遍数:艺术涂料面漆一底两面；","m2",326.36,null,105,34267.8]
[null,null,"其它工程",{"$nulls":5},49958,5213,null,740,11]
[174,"010809004004","石材窗台板","1、粘结层厚度、砂浆配合比:石材专用粘接剂粘贴；\n2、窗台板材质、规格、颜色:ST-02 保加利亚灰大理石；\n3、含石材倒角、抛光、石材磨边、六面防护等；","m2",0.18,null,1675.58,301.6,141.79,null,20.2,0.21]
["本页小计",{"$nulls":7},49302,2180,null,309,63,-4]
[{"$nulls":10},"表—07"]
["分部分项工程量清单与计价表"]
["单位工程(专业)：建筑工程-装修工程",{"$nulls":9},"第 49 页  共 94 页"]
["序号","项目编码","项目名称","项目特征","计量单位","工程量",null,"综合单价(元)","合价(元)","其中(元)"]
[{"$nulls":9},"定额人工费",null,"人工费价差","定额机械费","机械费价差"]
[175,"010808004004","金属门窗套","电梯门套：\n1.基层材料种类:15mm厚阻燃板；\n2.面层材料品种、规格:MT-01黑色不锈钢；\n3.包含不锈钢折边、打胶等费用；","m2",5.5,null,431.87,2375.29,424.49,null,60.34,0.55]
[176,"010801002013","木质门带套","1、门代号及洞口尺寸:胡桃木饰面成品木门900*2200mm；\n2、包含门套、执手锁、合页等五金配件；","樘",14,null,1332.65,18657.1,1259.44,null,178.78]
[177,"010801002014","木质门带套","1、门代号及洞口尺寸:胡桃木饰面成品木门1000*2200mm；\n2、包含门套、执手锁、合页等五金配件；","樘",2,null,1482.65,2965.3,179.92,null,25.54]
[178,"010801002015","木质门带套","1、门代号及洞口尺寸:胡桃木饰面成品木门665*2200mm；\n2、包含门套、执手锁、合页等五金配件；","樘",2,null,1062.65,2125.3,179.92,null,25.54]
[179,"010801002016","木质门带套","1、门代号及洞口尺寸:胡桃木饰面成品木门980*2200mm；\n2、包含门套、执手锁、合页等五金配件；","樘",1,null,1432.65,1432.65,89.96,null,12.77]
["本页小计",{"$nulls":7},27556,2134,null,303,1]
[{"$nulls":10},"表—07"]
["分部分项工程量清单与计价表"]
["单位工程(专业)：建筑工程-装修工程",{"$nulls":9},"第 50 页  共 94 页"]
["序号","项目编码","项目名称","项目特征","计量单位","工程量",null,"综合单价(元)","合价(元)","其中(元)"]
[{"$nulls":9},"定额人工费",null,"人工费价差","定额机械费","机械费价差"]
[180,"010801002017","木质门带套","1、门代号及洞口尺寸:胡桃木饰面成品木门800*2200mm；\n2、包含门套、执手锁、合页等五金配件；","樘",2,null,1222.65,2445.3,179.92,null,25.54]
[181,"010801004004","木质防火门","胡桃木饰面成品防火门：\n1、门框及门头材质:MT-01黑色不锈钢；\n2、门扇品种:成品甲级防火木门；\n3、包含配套顺位器、闭门器、执手锁等五金配件；","m2",10.7,null,646.46,6917.12,630.12,null,89.46]
[182,"011210003007","玻璃隔断","钢化玻璃隔断：\n1、边框材料种类、规格:MT-01黑色不锈钢；\n2、玻璃品种、规格、颜色:12mm钢化玻璃；","m2",3.22,null,353.91,1139.59,129.44,null,18.36]
[183,"011207001008","墙面装饰板","拖把池暗门：\n1、龙骨材料种类、规格、中距:镀锌方管；\n2、基层材料种类、规格:12.0mm厚阻燃板；\n3、面层材料品种、规格、颜色:9.5mm厚石膏板；\n4、包含天地轴、暗门拉手、合页等五金配件；","m2",1.34,null,466.9,625.65,142.32,null,20.2,5.6,-0.35]
["本页小计",{"$nulls":7},11128,1082,null,154,6]
[{"$nulls":10},"表—07"]
["分部分项工程量清单与计价表"]
["单位工程(专业)：建筑工程-装修工程",{"$nulls":9},"第 51 页  共 94 页"]
["序号","项目编码","项目名称","项目特征","计量单位","工程量",null,"综合单价(元)","合价(元)","其中(元)"]
[{"$nulls":9},"定额人工费",null,"人工费价差","定额机械费","机械费价差"]
[184,"011505010004","镜面玻璃","1.镜面玻璃品种、规格:MI-01 银镜；\n2.框材质、断面尺寸:MT-01黑色不锈钢边框；\n3.基层材料种类:方木龙骨，9mm厚阻燃板；","m2",3.54,null,211.18,747.58,131.69,null,18.69]
[185,"011505001004","洗漱台","1、台面品种、规格:12mm厚阻燃板基层，ST-03白色石英石台面板；\n2、支架、配件品种、规格牌:镀锌角钢骨架；\n3、柜体面品种、规格:12mm厚阻燃板基层，胡桃木饰面成品柜体(含柜门)，含配套柜体五金配件；\n4、含台面倒角、抛光、石材磨边、六面防护等；","m2",2.83,null,1773.17,5018.07,775.99,null,110.17,4.33,-0.11]
[186,"011210005004","成品隔断","1.隔断材料品种、规格、颜色:12mm厚成品抗倍特板；\n2.配件品种、规格:（含五金配件）；\n3.具体做法详见图纸；","m2",20.54,null,208.72,4287.11,864.32,null,122.63]
["本页小计",{"$nulls":7},10053,1772,null,251,4]
[{"$nulls":10},"表—07"]
["分部分项工程量清单与计价表"]
["单位工程(专业)：建筑工程-装修工程",{"$nulls":9},"第 52 页  共 94 页"]
["序号","项目编码","项目名称","项目特征","计量单位","工程量",null,"综合单价(元)","合价(元)","其中(元)"]
[{"$nulls":9},"定额人工费",null,"人工费价差","定额机械费","机械费价差"]
[187,"011210003008","玻璃隔断","油砂玻璃隔断：\n1、边框材料种类、规格:MT-01黑色不锈钢；\n2、玻璃品种、规格、颜色:GL-02 油砂玻璃；","m2",2.07,null,444.81,920.76,83.21,null,11.8]
[null,null,"24F改造维修",{"$nulls":5},206807,25439,null,3625,725,144]
[null,null,"拆除及新建工程",{"$nulls":5},6211,1723,null,250,593,143]
[188,"011601001005","砖砌体拆除","1、原砖砌墙体拆除；\n2、含清理费用，建筑垃圾运至临时堆放点；","m3",18.76,null,65.26,1224.28,245.76,null,36.39,592.82,142.95]
[189,"011610001005","木门窗拆除","1、原木门拆除；\n2、含清理费用，建筑垃圾运至临时堆放点；","m2",42.48,null,21.29,904.4,657.17,null,97.27]
[190,"011210002005","金属隔断","轻钢龙骨隔墙：\n1、骨架材料种类、规格:配套C50轻钢龙骨，间距详见图纸；","m2",58.15,null,70.2,4082.13,820.5,null,116.3]
[null,null,"防水工程",{"$nulls":5},7981,1413,null,209,15,1]
[191,"010904002005","楼（地）面涂膜防水","1、防水膜品种:1.5厚JS聚合物水泥防水涂料Ⅱ型；","m2",37.51,null,31.44,1179.31,103.9,null,15.38]
[192,"010903002005","墙面涂膜防水","1、防水层做法:两遍JS聚合物防水层；","m2",69.55,null,69.68,4846.24,584.22,null,86.24]
["本页小计",{"$nulls":7},13157,2495,null,363,593,143]
[{"$nulls":10},"表—07"]
["分部分项工程量清单与计价表"]
["单位工程(专业)：建筑工程-装修工程",{"$nulls":9},"第 53 页  共 94 页"]
["序号","项目编码","项目名称","项目特征","计量单位","工程量",null,"综合单价(元)","合价(元)","其中(元)"]
[{"$nulls":9},"定额人工费",null,"人工费价差","定额机械费","机械费价差"]
[193,"010903003005","墙面砂浆防水（防潮）","1、防水砂浆保护层；","m2",69.55,null,28.11,1955.05,724.71,null,107.11,14.61,1.39]
[null,null,"地面",{"$nulls":5},30199,3924,null,556,28,3]
[194,"011101005005","自流坪楼地面","1、面层材料种类:3mm厚树脂胶泥自流平；","m2",142.05,null,23,3267.15]
[195,"011103002005","橡胶板卷材楼地面","1、粘结层厚度、材料种类:PVC专用胶；\n2、面层材料品种、规格:塑胶地板；\n3、压线条种类:塑胶条；","m2",129.63,null,95.44,12371.89,1654.08,null,234.63]
[196,"011102003006","块料楼地面","1、结合层厚度、砂浆配合比:30厚1:3干硬性水泥砂浆结合层；\n2、面层材料品种、规格、颜色:CT-02 浅色瓷砖600*1200；\n3、嵌缝材料种类:瓷砖专用勾缝剂擦缝；","m2",26.65,null,144.3,3845.6,850.93,null,121,21.05,2.67]
["本页小计",{"$nulls":7},21440,3230,null,463,36,4]
[{"$nulls":10},"表—07"]
["分部分项工程量清单与计价表"]
["单位工程(专业)：建筑工程-装修工程",{"$nulls":9},"第 54 页  共 94 页"]
["序号","项目编码","项目名称","项目特征","计量单位","工程量",null,"综合单价(元)","合价(元)","其中(元)"]
[{"$nulls":9},"定额人工费",null,"人工费价差","定额机械费","机械费价差"]
[197,"011108001010","石材零星项目","大理石门槛：\n1、结合层厚度、砂浆配合比:30厚1:3干硬性水泥砂浆结合层；\n2、面层材料品种、规格、颜色:ST-01 深色大理石；\n3、嵌缝材料种类:石材专用勾缝剂擦缝；\n4、包含石材切割、六面防护、精磨镜面等所有费用；","m2",0.12,null,521.47,62.58,10.5,null,1.5,0.21]
[198,"011108001011","石材零星项目","大理石地台：\n1、结合层厚度、砂浆配合比:30厚1:3干硬性水泥砂浆结合层；\n2、面层材料品种、规格、颜色:ST-02 保加利亚灰大理石；\n3、嵌缝材料种类:石材专用勾缝剂擦缝；\n4、包含石材切割、六面防护、精磨镜面等所有费用；","m2",1,null,521.47,521.47,87.54,null,12.43,1.71,0.04]
["本页小计",{"$nulls":7},584,98,null,14,2]
[{"$nulls":10},"表—07"]
["分部分项工程量清单与计价表"]
["单位工程(专业)：建筑工程-装修工程",{"$nulls":9},"第 55 页  共 94 页"]
["序号","项目编码","项目名称","项目特征","计量单位","工程量",null,"综合单价(元)","合价(元)","其中(元)"]
[{"$nulls":9},"定额人工费",null,"人工费价差","定额机械费","机械费价差"]
[199,"011105006005","金属踢脚线","1、踢脚线高度:30mm；\n2、基层材料种类、规格:12.0mm厚阻燃板；\n3、面层材料品种、规格、颜色:MT-01 黑色不锈钢；","m",118.62,null,53.84,6386.5,1015.39,null,143.53]
[200,"011104002001","竹、木（复合）地板","1.基层材料种类、规格:防潮垫\n2.面层材料品种、规格、颜色:WF-01木地板","m2",16.36,null,201.03,3288.85,148.55,null,20.94]
[201,"011101001001","水泥砂浆楼地面","1、30mm厚M20水泥沙浆；","m2",16.36,null,27.83,455.3,157.22,null,22.41,4.74,0.5]
[null,null,"天棚",{"$nulls":5},43086,7558,null,1075,1]
[202,"011302001028","吊顶天棚","1、吊顶形式、吊杆规格:石膏板平面吊顶；\n2、龙骨材料种类、规格、中距:安装U50轻钢龙骨,间距详见图纸说明；\n3、基层材料品种、规格:12.0mm厚阻燃板；\n4、面层材料品种、规格:单层9.5mm厚纸面石膏板；","m2",19.59,null,111.11,2176.64,730.32,null,103.43]
["本页小计",{"$nulls":7},12307,2051,null,290,5,1]
[{"$nulls":10},"表—07"]
["分部分项工程量清单与计价表"]
["单位工程(专业)：建筑工程-装修工程",{"$nulls":9},"第 56 页  共 94 页"]
["序号","项目编码","项目名称","项目特征","计量单位","工程量",null,"综合单价(元)","合价(元)","其中(元)"]
[{"$nulls":9},"定额人工费",null,"人工费价差","定额机械费","机械费价差"]
[203,"011304001012","灯带（槽）","1、吊顶形式、吊杆规格:石膏板灯槽；\n2、基层材料品种、规格:9.0mm厚阻燃板；\n3、面层材料品种、规格:单层9.5mm厚纸面石膏板；","m2",0.44,null,128.67,56.61,22.28,null,3.16,0.03]
[204,"011302001029","吊顶天棚","1、吊顶形式、吊杆规格:石膏板平面吊顶；\n2、龙骨材料种类、规格、中距:安装U50轻钢龙骨,间距详见图纸说明；\n3、面层材料品种、规格:双层9.5mm厚耐潮纸面石膏板；","m2",26.22,null,112.87,2959.45,947.07,null,134.51]
[205,"011302001030","吊顶天棚","1、吊顶形式、吊杆规格:石膏板侧面吊顶；\n2、龙骨材料种类、规格、中距:安装U50轻钢龙骨,间距详见图纸说明；\n3、基层材料品种、规格:12.0mm厚阻燃板；\n4、面层材料品种、规格:单层9.5mm厚耐潮纸面石膏板；","m2",4.71,null,134.45,633.26,229.38,null,32.59]
["本页小计",{"$nulls":7},3649,1199,null,170]
[{"$nulls":10},"表—07"]
["分部分项工程量清单与计价表"]
["单位工程(专业)：建筑工程-装修工程",{"$nulls":9},"第 57 页  共 94 页"]
["序号","项目编码","项目名称","项目特征","计量单位","工程量",null,"综合单价(元)","合价(元)","其中(元)"]
[{"$nulls":9},"定额人工费",null,"人工费价差","定额机械费","机械费价差"]
[206,"011304001013","灯带（槽）","1、吊顶形式、吊杆规格:石膏板灯槽；\n2、基层材料品种、规格:9.0mm厚阻燃板；\n3、面层材料品种、规格:单层9.5mm厚耐潮纸面石膏板；","m2",5.15,null,138.61,713.84,260.74,null,36.98,0.36,-0.05]
[207,"011302001031","吊顶天棚","1、吊顶形式、吊杆规格:软膜吊顶；\n2、基层材料品种、规格:12.0mm厚阻燃板；\n3、面层材料品种、规格:白色软膜；","m2",0.94,null,232.41,218.47,27.66,null,3.92]
[208,"011302001032","吊顶天棚","1、吊顶形式、吊杆规格:石膏板侧面吊顶；\n2、龙骨材料种类、规格、中距:安装U50轻钢龙骨,间距详见图纸说明；\n3、基层材料品种、规格:12.0mm厚阻燃板；\n4、面层材料品种、规格:单层9.5mm厚纸面石膏板；","m2",1.28,null,124.51,159.37,62.34,null,8.85]
["本页小计",{"$nulls":7},1092,351,null,50]
[{"$nulls":10},"表—07"]
["分部分项工程量清单与计价表"]
["单位工程(专业)：建筑工程-装修工程",{"$nulls":9},"第 58 页  共 94 页"]
["序号","项目编码","项目名称","项目特征","计量单位","工程量",null,"综合单价(元)","合价(元)","其中(元)"]
[{"$nulls":9},"定额人工费",null,"人工费价差","定额机械费","机械费价差"]
[209,"011302001033","吊顶天棚","1、吊顶形式、吊杆规格:铝蜂窝板平面吊顶；\n2、龙骨材料种类、规格、中距:安装配套轻钢龙骨,间距详见图纸说明；\n3、面层材料品种、规格:MT-02 铝蜂窝板；","m2",141.17,null,192.52,27178.05,3191.85,null,453.16]
[210,"011304001014","灯带（槽）","1、吊顶形式、吊杆规格:黑色不锈钢灯槽；\n2、基层材料品种、规格:9.0mm厚阻燃板；\n3、面层材料品种、规格:1.2mm厚黑色不锈钢板；","m2",9.68,null,491.94,4761.98,617.39,null,87.7,0.68,-0.1]
[211,"011502001010","金属装饰线","1、线条材料品种、规格、颜色:铝蜂窝板收边条；","m",138.44,null,16.17,2238.57,761.42,null,109.37]
[212,"011502001011","金属装饰线","1、线条材料品种、规格、颜色:配套灯槽铝型材侧边条 H=200mm；","m",26.1,null,34.61,903.32,143.55,null,20.62]
[213,"011407002006","天棚喷刷涂料","1、基层类型:纸面石膏板面；\n2、腻子种类:腻子满刮两遍；\n3、涂料品种、喷刷遍数:无机涂料面漆一底两面；","m2",33.16,null,32.77,1086.65,564.38,null,80.25]
[null,null,"墙面",{"$nulls":5},67939,5518,null,783,78,-3]
["本页小计",{"$nulls":7},36169,5279,null,751,1]
[{"$nulls":10},"表—07"]
["分部分项工程量清单与计价表"]
["单位工程(专业)：建筑工程-装修工程",{"$nulls":9},"第 59 页  共 94 页"]
["序号","项目编码","项目名称","项目特征","计量单位","工程量",null,"综合单价(元)","合价(元)","其中(元)"]
[{"$nulls":9},"定额人工费",null,"人工费价差","定额机械费","机械费价差"]
[214,"011201001005","墙面一般抹灰","1.底层厚度、砂浆配合比:20厚DP20水泥砂浆找平层；","m2",69.58,null,23.94,1665.75,702.06,null,99.5,15.31,0.69]
[215,"011204003005","块料墙面","1、安装方式:瓷砖专用胶粘剂粘贴；\n2、面层材料品种、规格、颜色:CT-02 浅色瓷砖600*1200；\n3、缝宽、嵌缝材料种类:瓷砖专用勾缝剂擦缝；\n4、包含瓷砖刷背胶、切割、修边、倒角磨边等费用；","m2",69.58,null,169.6,11800.77,2777.63,null,393.83]
[216,"011207001009","墙面装饰板","1.龙骨材料种类、规格、中距:40*20*1.3镀锌方管；\n2.基层材料种类、规格:12.0mm厚阻燃板；\n3.面层材料品种、规格、颜色:12.0mm厚WD-02银色金属板；","m2",28.03,null,525.59,14732.29,2038.34,null,289.27,62.79,-3.93]
[217,"011407001006","墙面喷刷涂料","1、基层类型:基层板面；\n2、腻子种类:腻子满刮两遍；\n3、涂料品种、喷刷遍数:艺术涂料面漆一底两面；","m2",378.48,null,105,39740.4]
[null,null,"其它工程",{"$nulls":5},51391,5302,null,753,11]
["本页小计",{"$nulls":7},67939,5518,null,783,78,-3]
[{"$nulls":10},"表—07"]
["分部分项工程量清单与计价表"]
["单位工程(专业)：建筑工程-装修工程",{"$nulls":9},"第 60 页  共 94 页"]
["序号","项目编码","项目名称","项目特征","计量单位","工程量",null,"综合单价(元)","合价(元)","其中(元)"]
[{"$nulls":9},"定额人工费",null,"人工费价差","定额机械费","机械费价差"]
[218,"010809004005","石材窗台板","1、粘结层厚度、砂浆配合比:石材专用粘接剂粘贴；\n2、窗台板材质、规格、颜色:ST-02 保加利亚灰大理石；\n3、含石材倒角、抛光、石材磨边、六面防护等；","m2",0.18,null,1675.58,301.6,141.79,null,20.2,0.21]
[219,"010808004005","金属门窗套","电梯门套：\n1.基层材料种类:15mm厚阻燃板；\n2.面层材料品种、规格:MT-01黑色不锈钢；\n3.包含不锈钢折边、打胶等费用；","m2",5.5,null,431.87,2375.29,424.49,null,60.34,0.55]
[220,"010801002018","木质门带套","1、门代号及洞口尺寸:胡桃木饰面成品木门900*2200mm；\n2、包含门套、执手锁、合页等五金配件；","樘",14,null,1332.65,18657.1,1259.44,null,178.78]
[221,"010801002019","木质门带套","1、门代号及洞口尺寸:胡桃木饰面成品木门1000*2200mm；\n2、包含门套、执手锁、合页等五金配件；","樘",2,null,1482.65,2965.3,179.92,null,25.54]
["本页小计",{"$nulls":7},24299,2006,null,285,1]
[{"$nulls":10},"表—07"]
["分部分项工程量清单与计价表"]
["单位工程(专业)：建筑工程-装修工程",{"$nulls":9},"第 61 页  共 94 页"]
["序号","项目编码","项目名称","项目特征","计量单位","工程量",null,"综合单价(元)","合价(元)","其中(元)"]
[{"$nulls":9},"定额人工费",null,"人工费价差","定额机械费","机械费价差"]
[222,"010801002020","木质门带套","1、门代号及洞口尺寸:胡桃木饰面成品木门665*2200mm；\n2、包含门套、执手锁、合页等五金配件；","樘",2,null,1062.65,2125.3,179.92,null,25.54]
[223,"010801002021","木质门带套","1、门代号及洞口尺寸:胡桃木饰面成品木门980*2200mm；\n2、包含门套、执手锁、合页等五金配件；","樘",2,null,1432.65,2865.3,179.92,null,25.54]
[224,"010801002022","木质门带套","1、门代号及洞口尺寸:胡桃木饰面成品木门800*2200mm；\n2、包含门套、执手锁、合页等五金配件；","樘",2,null,1222.65,2445.3,179.92,null,25.54]
[225,"010801004005","木质防火门","胡桃木饰面成品防火门：\n1、门框及门头材质:MT-01黑色不锈钢；\n2、门扇品种:成品甲级防火木门；\n3、包含配套顺位器、闭门器、执手锁等五金配件；","m2",10.7,null,646.46,6917.12,630.12,null,89.46]
[226,"011210003009","玻璃隔断","钢化玻璃隔断：\n1、边框材料种类、规格:MT-01黑色不锈钢；\n2、玻璃品种、规格、颜色:12mm钢化玻璃；","m2",3.22,null,353.91,1139.59,129.44,null,18.36]
["本页小计",{"$nulls":7},15493,1299,null,184]
[{"$nulls":10},"表—07"]
["分部分项工程量清单与计价表"]
["单位工程(专业)：建筑工程-装修工程",{"$nulls":9},"第 62 页  共 94 页"]
["序号","项目编码","项目名称","项目特征","计量单位","工程量",null,"综合单价(元)","合价(元)","其中(元)"]
[{"$nulls":9},"定额人工费",null,"人工费价差","定额机械费","机械费价差"]
[227,"011207001010","墙面装饰板","拖把池暗门：\n1、龙骨材料种类、规格、中距:镀锌方管；\n2、基层材料种类、规格:12.0mm厚阻燃板；\n3、面层材料品种、规格、颜色:9.5mm厚石膏板；\n4、包含天地轴、暗门拉手、合页等五金配件；","m2",1.34,null,466.9,625.65,142.32,null,20.2,5.6,-0.35]
[228,"011505010005","镜面玻璃","1.镜面玻璃品种、规格:MI-01 银镜；\n2.框材质、断面尺寸:MT-01黑色不锈钢边框；\n3.基层材料种类:方木龙骨，9mm厚阻燃板；","m2",3.54,null,211.18,747.58,131.69,null,18.69]
["本页小计",{"$nulls":7},1373,274,null,39,6]
[{"$nulls":10},"表—07"]
["分部分项工程量清单与计价表"]
["单位工程(专业)：建筑工程-装修工程",{"$nulls":9},"第 63 页  共 94 页"]
["序号","项目编码","项目名称","项目特征","计量单位","工程量",null,"综合单价(元)","合价(元)","其中(元)"]
[{"$nulls":9},"定额人工费",null,"人工费价差","定额机械费","机械费价差"]
[229,"011505001005","洗漱台","1、台面品种、规格:12mm厚阻燃板基层，ST-03白色石英石台面板；\n2、支架、配件品种、规格牌:镀锌角钢骨架；\n3、柜体面品种、规格:12mm厚阻燃板基层，胡桃木饰面成品柜体(含柜门)，含配套柜体五金配件；\n4、含台面倒角、抛光、石材磨边、六面防护等；","m2",2.83,null,1773.17,5018.07,775.99,null,110.17,4.33,-0.11]
[230,"011210005005","成品隔断","1.隔断材料品种、规格、颜色:12mm厚成品抗倍特板；\n2.配件品种、规格:（含五金配件）；\n3.具体做法详见图纸；","m2",20.54,null,208.72,4287.11,864.32,null,122.63]
[231,"011210003010","玻璃隔断","油砂玻璃隔断：\n1、边框材料种类、规格:MT-01黑色不锈钢；\n2、玻璃品种、规格、颜色:GL-02 油砂玻璃；","m2",2.07,null,444.81,920.76,83.21,null,11.8]
[null,null,"25F改造维修",{"$nulls":5},360613,47102,null,6702,887,143]
[null,null,"拆除及新建工程",{"$nulls":5},13458,3180,null,456,593,143]
["本页小计",{"$nulls":7},10226,1724,null,245,4]
[{"$nulls":10},"表—07"]
["分部分项工程量清单与计价表"]
["单位工程(专业)：建筑工程-装修工程",{"$nulls":9},"第 64 页  共 94 页"]
["序号","项目编码","项目名称","项目特征","计量单位","工程量",null,"综合单价(元)","合价(元)","其中(元)"]
[{"$nulls":9},"定额人工费",null,"人工费价差","定额机械费","机械费价差"]
[232,"011601001006","砖砌体拆除","1、原砖砌墙体拆除；\n2、含清理费用，建筑垃圾运至临时堆放点；","m3",18.76,null,65.26,1224.28,245.76,null,36.39,592.82,142.95]
[233,"011610001006","木门窗拆除","1、原木门拆除；\n2、含清理费用，建筑垃圾运至临时堆放点；","m2",42.48,null,21.29,904.4,657.17,null,97.27]
[234,"011210002006","金属隔断","轻钢龙骨隔墙：\n1、骨架材料种类、规格:配套C50轻钢龙骨，间距详见图纸；","m2",161.39,null,70.2,11329.58,2277.21,null,322.78]
[null,null,"防水工程",{"$nulls":5},9938,1765,null,261,18,2]
[235,"010904002006","楼（地）面涂膜防水","1、防水膜品种:1.5厚JS聚合物水泥防水涂料Ⅱ型；","m2",45.11,null,31.44,1418.26,124.95,null,18.5]
[236,"010903002006","墙面涂膜防水","1、防水层做法:两遍JS聚合物防水层；","m2",87.12,null,69.68,6070.52,731.81,null,108.03]
[237,"010903003006","墙面砂浆防水（防潮）","1、防水砂浆保护层；","m2",87.12,null,28.11,2448.94,907.79,null,134.17,18.3,1.74]
[null,null,"地面",{"$nulls":5},50718,6608,null,937,57,6]
[238,"011101005006","自流坪楼地面","1、面层材料种类:3mm厚树脂胶泥自流平；","m2",244.07,null,23,5613.61]
["本页小计",{"$nulls":7},29010,4945,null,717,611,145]
[{"$nulls":10},"表—07"]
["分部分项工程量清单与计价表"]
["单位工程(专业)：建筑工程-装修工程",{"$nulls":9},"第 65 页  共 94 页"]
["序号","项目编码","项目名称","项目特征","计量单位","工程量",null,"综合单价(元)","合价(元)","其中(元)"]
[{"$nulls":9},"定额人工费",null,"人工费价差","定额机械费","机械费价差"]
[239,"011103002006","橡胶板卷材楼地面","1、粘结层厚度、材料种类:PVC专用胶；\n2、面层材料品种、规格:塑胶地板；\n3、压线条种类:塑胶条；","m2",213.55,null,95.44,20381.21,2724.9,null,386.52]
[240,"011102003007","块料楼地面","1、结合层厚度、砂浆配合比:30厚1:3干硬性水泥砂浆结合层；\n2、面层材料品种、规格、颜色:CT-02 浅色瓷砖600*1200；\n3、嵌缝材料种类:瓷砖专用勾缝剂擦缝；","m2",52.82,null,144.3,7621.93,1686.54,null,239.81,41.73,5.28]
[241,"011108001012","石材零星项目","大理石地面：\n1、结合层厚度、砂浆配合比:30厚1:3干硬性水泥砂浆结合层；\n2、面层材料品种、规格、颜色:ST-01 深色大理石；\n3、嵌缝材料种类:石材专用勾缝剂擦缝；\n4、包含石材切割、六面防护、精磨镜面等所有费用；","m2",2.84,null,521.47,1480.97,248.61,null,35.3,4.86,0.11]
["本页小计",{"$nulls":7},29484,4660,null,662,47,5]
[{"$nulls":10},"表—07"]
["分部分项工程量清单与计价表"]
["单位工程(专业)：建筑工程-装修工程",{"$nulls":9},"第 66 页  共 94 页"]
["序号","项目编码","项目名称","项目特征","计量单位","工程量",null,"综合单价(元)","合价(元)","其中(元)"]
[{"$nulls":9},"定额人工费",null,"人工费价差","定额机械费","机械费价差"]
[242,"011108001013","石材零星项目","大理石地台：\n1、结合层厚度、砂浆配合比:30厚1:3干硬性水泥砂浆结合层；\n2、面层材料品种、规格、颜色:ST-02 保加利亚灰大理石；\n3、嵌缝材料种类:石材专用勾缝剂擦缝；\n4、包含石材切割、六面防护、精磨镜面等所有费用；","m2",1,null,521.47,521.47,87.54,null,12.43,1.71,0.04]
[243,"011101001002","水泥砂浆楼地面","1、30mm厚M20水泥沙浆；","m2",30.52,null,27.83,849.37,293.3,null,41.81,8.85,0.92]
[244,"011104002002","竹、木（复合）地板","1.基层材料种类、规格:防潮垫；\n2.面层材料品种、规格、颜色:WF-01木地板；","m2",30.52,null,201.03,6135.44,277.12,null,39.07]
[245,"011105006006","金属踢脚线","1、踢脚线高度:30mm；\n2、基层材料种类、规格:12.0mm厚阻燃板；\n3、面层材料品种、规格、颜色:MT-01 黑色不锈钢；","m",150.71,null,53.84,8114.23,1290.08,null,182.36]
[null,null,"天棚",{"$nulls":5},79647,16747,null,2379,1]
["本页小计",{"$nulls":7},15621,1948,null,276,11,1]
[{"$nulls":10},"表—07"]
["分部分项工程量清单与计价表"]
["单位工程(专业)：建筑工程-装修工程",{"$nulls":9},"第 67 页  共 94 页"]
["序号","项目编码","项目名称","项目特征","计量单位","工程量",null,"综合单价(元)","合价(元)","其中(元)"]
[{"$nulls":9},"定额人工费",null,"人工费价差","定额机械费","机械费价差"]
[246,"011302001034","吊顶天棚","1、吊顶形式、吊杆规格:石膏板平面吊顶；\n2、龙骨材料种类、规格、中距:安装U50轻钢龙骨,间距详见图纸说明；\n3、基层材料品种、规格:12.0mm厚阻燃板；\n4、面层材料品种、规格:单层9.5mm厚纸面石膏板；","m2",67.56,null,111.11,7506.59,2518.64,null,356.71]
[247,"011302001035","吊顶天棚","1、吊顶形式、吊杆规格:石膏板平面吊顶；\n2、龙骨材料种类、规格、中距:安装U50轻钢龙骨,间距详见图纸说明；\n3、基层材料品种、规格:12.0mm厚阻燃板；\n4、面层材料品种、规格:双层9.5mm厚纸面石膏板；","m2",21.1,null,137.31,2897.24,997.4,null,141.58]
[248,"011304001015","灯带（槽）","1、吊顶形式、吊杆规格:石膏板灯槽；\n2、基层材料品种、规格:9.0mm厚阻燃板；\n3、面层材料品种、规格:单层9.5mm厚纸面石膏板；","m2",0.44,null,128.67,56.61,22.28,null,3.16,0.03]
["本页小计",{"$nulls":7},10460,3538,null,501]
[{"$nulls":10},"表—07"]
["分部分项工程量清单与计价表"]
["单位工程(专业)：建筑工程-装修工程",{"$nulls":9},"第 68 页  共 94 页"]
["序号","项目编码","项目名称","项目特征","计量单位","工程量",null,"综合单价(元)","合价(元)","其中(元)"]
[{"$nulls":9},"定额人工费",null,"人工费价差","定额机械费","机械费价差"]
[249,"011302001036","吊顶天棚","1、吊顶形式、吊杆规格:石膏板平面吊顶；\n2、龙骨材料种类、规格、中距:安装U50轻钢龙骨,间距详见图纸说明；\n3、面层材料品种、规格:双层9.5mm厚耐潮纸面石膏板；","m2",26.22,null,112.87,2959.45,947.07,null,134.51]
[250,"011302001037","吊顶天棚","1、吊顶形式、吊杆规格:石膏板侧面吊顶；\n2、基层材料品种、规格:12.0mm厚阻燃板；\n3、面层材料品种、规格:单层9.5mm厚耐潮纸面石膏板；","m2",7.6,null,134.45,1021.82,370.12,null,52.59]
[251,"011302001038","吊顶天棚","1、吊顶形式、吊杆规格:胡桃木饰面平面吊顶；\n2、基层材料品种、规格:12.0mm厚阻燃板；\n3、面层材料品种、规格:胡桃木饰面；","m2",6.17,null,354.51,2187.33,115.38,null,16.41]
["本页小计",{"$nulls":7},6169,1433,null,204]
[{"$nulls":10},"表—07"]
["分部分项工程量清单与计价表"]
["单位工程(专业)：建筑工程-装修工程",{"$nulls":9},"第 69 页  共 94 页"]
["序号","项目编码","项目名称","项目特征","计量单位","工程量",null,"综合单价(元)","合价(元)","其中(元)"]
[{"$nulls":9},"定额人工费",null,"人工费价差","定额机械费","机械费价差"]
[252,"011302001039","吊顶天棚","1、吊顶形式、吊杆规格:胡桃木饰面侧面吊顶；\n2、龙骨材料种类、规格、中距:安装U50轻钢龙骨,间距详见图纸说明；\n3、基层材料品种、规格:12.0mm厚阻燃板；\n4、面层材料品种、规格:胡桃木饰面；","m2",8.36,null,422.73,3534.02,297.7,null,42.3]
[253,"011304001016","灯带（槽）","1、吊顶形式、吊杆规格:石膏板灯槽；\n2、基层材料品种、规格:9.0mm厚阻燃板；\n3、面层材料品种、规格:单层9.5mm厚耐潮纸面石膏板；","m2",8.39,null,138.61,1162.94,424.79,null,60.24,0.59,-0.09]
[254,"011302001040","吊顶天棚","1、吊顶形式、吊杆规格:软膜吊顶；\n2、基层材料品种、规格:12.0mm厚阻燃板；\n3、面层材料品种、规格:白色软膜；","m2",46.35,null,232.41,10772.2,1364.08,null,193.28]
["本页小计",{"$nulls":7},15469,2087,null,296,1]
[{"$nulls":10},"表—07"]
["分部分项工程量清单与计价表"]
["单位工程(专业)：建筑工程-装修工程",{"$nulls":9},"第 70 页  共 94 页"]
["序号","项目编码","项目名称","项目特征","计量单位","工程量",null,"综合单价(元)","合价(元)","其中(元)"]
[{"$nulls":9},"定额人工费",null,"人工费价差","定额机械费","机械费价差"]
[255,"011302001041","吊顶天棚","1、吊顶形式、吊杆规格:石膏板侧面吊顶；\n2、龙骨材料种类、规格、中距:安装U50轻钢龙骨,间距详见图纸说明；\n3、基层材料品种、规格:12.0mm厚阻燃板；\n4、面层材料品种、规格:单层9.5mm厚纸面石膏板；","m2",7.25,null,124.51,902.7,353.08,null,50.17]
[256,"011302001042","吊顶天棚","1、吊顶形式、吊杆规格:铝蜂窝板平面吊顶；\n2、龙骨材料种类、规格、中距:安装配套轻钢龙骨,间距详见图纸说明；\n3、面层材料品种、规格:MT-02 铝蜂窝板；","m2",156.9,null,192.52,30206.39,3547.51,null,503.65]
[257,"011304001017","灯带（槽）","1、吊顶形式、吊杆规格:黑色不锈钢灯槽；\n2、基层材料品种、规格:9.0mm厚阻燃板；\n3、面层材料品种、规格:1.2mm厚黑色不锈钢板；","m2",9.05,null,491.94,4452.06,577.21,null,81.99,0.63,-0.09]
["本页小计",{"$nulls":7},35561,4478,null,636,1]
[{"$nulls":10},"表—07"]
["分部分项工程量清单与计价表"]
["单位工程(专业)：建筑工程-装修工程",{"$nulls":9},"第 71 页  共 94 页"]
["序号","项目编码","项目名称","项目特征","计量单位","工程量",null,"综合单价(元)","合价(元)","其中(元)"]
[{"$nulls":9},"定额人工费",null,"人工费价差","定额机械费","机械费价差"]
[258,"011302001043","吊顶天棚","1、吊顶形式、吊杆规格:石膏板侧面吊顶；\n2、龙骨材料种类、规格、中距:安装U50轻钢龙骨,间距详见图纸说明；\n3、面层材料品种、规格:双层9.5mm厚纸面石膏板；","m2",33.65,null,97.03,3265.06,1408.25,null,200.22]
[259,"011502001012","金属装饰线","1、线条材料品种、规格、颜色:铝蜂窝板收边条；","m",138.44,null,16.17,2238.57,761.42,null,109.37]
[260,"011502001013","金属装饰线","1、线条材料品种、规格、颜色:配套灯槽铝型材侧边条 H=200mm；","m",26.1,null,34.61,903.32,143.55,null,20.62]
[261,"011407002007","天棚喷刷涂料","1、基层类型:纸面石膏板面；\n2、腻子种类:腻子满刮两遍；\n3、涂料品种、喷刷遍数:无机涂料面漆一底两面；","m2",170.29,null,32.77,5580.4,2898.34,null,412.1]
[null,null,"墙面",{"$nulls":5},105970,9176,null,1302,86,-3]
[262,"011201001006","墙面一般抹灰","1.底层厚度、砂浆配合比:20厚DP20水泥砂浆找平层；","m2",104.66,null,23.94,2505.56,1056.02,null,149.66,23.03,1.04]
["本页小计",{"$nulls":7},14493,6268,null,892,23,1]
[{"$nulls":10},"表—07"]
["分部分项工程量清单与计价表"]
["单位工程(专业)：建筑工程-装修工程",{"$nulls":9},"第 72 页  共 94 页"]
["序号","项目编码","项目名称","项目特征","计量单位","工程量",null,"综合单价(元)","合价(元)","其中(元)"]
[{"$nulls":9},"定额人工费",null,"人工费价差","定额机械费","机械费价差"]
[263,"011204003006","块料墙面","1、安装方式:瓷砖专用胶粘剂粘贴；\n2、面层材料品种、规格、颜色:CT-02 浅色瓷砖600*1200；\n3、缝宽、嵌缝材料种类:瓷砖专用勾缝剂擦缝；\n4、包含瓷砖刷背胶、切割、修边、倒角磨边等费用；","m2",104.66,null,156.6,16389.76,4178.03,null,592.37]
[264,"011207001011","墙面装饰板","1.龙骨材料种类、规格、中距:40*20*1.3镀锌方管；\n2.基层材料种类、规格:12.0mm厚阻燃板；\n3.面层材料品种、规格、颜色:12.0mm厚WD-02银色金属板；","m2",28.03,null,525.59,14732.29,2038.34,null,289.27,62.79,-3.93]
[265,"011407001007","墙面喷刷涂料","1、基层类型:基层板面；\n2、腻子种类:腻子满刮两遍；\n3、涂料品种、喷刷遍数:艺术涂料面漆一底两面；","m2",440.35,null,105,46236.75]
[266,"Z011207003004","成品木饰面","胡桃木饰面：\n1、基层材料品种、规格:12.0mm厚阻燃板；\n2、成品木饰面品种、规格、材质:WD-01 胡桃木饰面；","m2",72.83,null,354.1,25789.1,1782.88,null,253.45]
["本页小计",{"$nulls":7},103148,7999,null,1135,63,-4]
[{"$nulls":10},"表—07"]
["分部分项工程量清单与计价表"]
["单位工程(专业)：建筑工程-装修工程",{"$nulls":9},"第 73 页  共 94 页"]
["序号","项目编码","项目名称","项目特征","计量单位","工程量",null,"综合单价(元)","合价(元)","其中(元)"]
[{"$nulls":9},"定额人工费",null,"人工费价差","定额机械费","机械费价差"]
[267,"011502001014","金属装饰线","1、线条材料品种、规格、颜色:铝合金嵌条 宽度5mm；","m",22.04,null,14.37,316.71,121.22,null,17.41]
[null,null,"其它工程",{"$nulls":5},100882,9626,null,1366,132,-5]
[268,"010809004006","石材窗台板","1、粘结层厚度、砂浆配合比:石材专用粘接剂粘贴；\n2、窗台板材质、规格、颜色:ST-02 保加利亚灰大理石；\n3、含石材倒角、抛光、石材磨边、六面防护等；","m2",0.77,null,849.44,654.07,193.59,null,27.56,0.91,-0.02]
[269,"010808004006","金属门窗套","电梯门套：\n1.基层材料种类:15mm厚阻燃板；\n2.面层材料品种、规格:MT-01黑色不锈钢；\n3.包含不锈钢折边、打胶等费用；","m2",5.5,null,431.87,2375.29,424.49,null,60.34,0.55]
[270,"010801002023","木质门带套","1、门代号及洞口尺寸:胡桃木饰面成品木门900*2200mm；\n2、包含门套、执手锁、合页等五金配件；","樘",10,null,1332.65,13326.5,899.6,null,127.7]
["本页小计",{"$nulls":7},16673,1639,null,233,1]
[{"$nulls":10},"表—07"]
["分部分项工程量清单与计价表"]
["单位工程(专业)：建筑工程-装修工程",{"$nulls":9},"第 74 页  共 94 页"]
["序号","项目编码","项目名称","项目特征","计量单位","工程量",null,"综合单价(元)","合价(元)","其中(元)"]
[{"$nulls":9},"定额人工费",null,"人工费价差","定额机械费","机械费价差"]
[271,"010801002024","木质门带套","1、门代号及洞口尺寸:胡桃木饰面成品木门1000*2200mm；\n2、包含门套、执手锁、合页等五金配件；","樘",5,null,1482.65,7413.25,449.8,null,63.85]
[272,"010801002025","木质门带套","1、门代号及洞口尺寸:胡桃木饰面成品木门2000*2200mm；\n2、包含门套、执手锁、合页等五金配件；","樘",1,null,2732.65,2732.65,89.96,null,12.77]
[273,"010801002026","木质门带套","1、门代号及洞口尺寸:胡桃木饰面成品木门665*2200mm；\n2、包含门套、执手锁、合页等五金配件；","樘",2,null,1062.65,2125.3,179.92,null,25.54]
[274,"010801002027","木质门带套","1、门代号及洞口尺寸:胡桃木饰面成品木门980*2200mm；\n2、包含门套、执手锁、合页等五金配件；","樘",1,null,1432.65,1432.65,89.96,null,12.77]
[275,"010801004006","木质防火门","胡桃木饰面成品防火门：\n1、门框及门头材质:MT-01黑色不锈钢；\n2、门扇品种:成品甲级防火木门；\n3、包含配套顺位器、闭门器、执手锁等五金配件；","m2",10.7,null,646.46,6917.12,630.12,null,89.46]
["本页小计",{"$nulls":7},20621,1440,null,204]
[{"$nulls":10},"表—07"]
["分部分项工程量清单与计价表"]
["单位工程(专业)：建筑工程-装修工程",{"$nulls":9},"第 75 页  共 94 页"]
["序号","项目编码","项目名称","项目特征","计量单位","工程量",null,"综合单价(元)","合价(元)","其中(元)"]
[{"$nulls":9},"定额人工费",null,"人工费价差","定额机械费","机械费价差"]
[276,"011210003011","玻璃隔断","钢化玻璃隔断：\n1、边框材料种类、规格:MT-01黑色不锈钢；\n2、玻璃品种、规格、颜色:12mm钢化玻璃；","m2",22.13,null,353.91,7832.03,889.63,null,126.14]
[277,"011207001012","墙面装饰板","拖把池暗门：\n1、龙骨材料种类、规格、中距:镀锌方管；\n2、基层材料种类、规格:12.0mm厚阻燃板；\n3、面层材料品种、规格、颜色:9.5mm厚石膏板；\n4、包含天地轴、暗门拉手、合页等五金配件；","m2",1.34,null,466.9,625.65,142.32,null,20.2,5.6,-0.35]
[278,"011505010006","镜面玻璃","1.镜面玻璃品种、规格:MI-01 银镜；\n2.框材质、断面尺寸:MT-01黑色不锈钢边框；\n3.基层材料种类:方木龙骨，9mm厚阻燃板；","m2",3.54,null,211.18,747.58,131.69,null,18.69]
["本页小计",{"$nulls":7},9205,1164,null,165,6]
[{"$nulls":10},"表—07"]
["分部分项工程量清单与计价表"]
["单位工程(专业)：建筑工程-装修工程",{"$nulls":9},"第 76 页  共 94 页"]
["序号","项目编码","项目名称","项目特征","计量单位","工程量",null,"综合单价(元)","合价(元)","其中(元)"]
[{"$nulls":9},"定额人工费",null,"人工费价差","定额机械费","机械费价差"]
[279,"011505001006","洗漱台","1、台面品种、规格:12mm厚阻燃板基层，ST-03白色石英石台面板；\n2、支架、配件品种、规格牌:镀锌角钢骨架；\n3、柜体面品种、规格:12mm厚阻燃板基层，胡桃木饰面成品柜体(含柜门)，含配套柜体五金配件；\n4、含台面倒角、抛光、石材磨边、六面防护等；","m2",2.83,null,1773.17,5018.07,775.99,null,110.17,4.33,-0.11]
[280,"011210005006","成品隔断","1.隔断材料品种、规格、颜色:12mm厚成品抗倍特板；\n2.配件品种、规格:（含五金配件）；\n3.具体做法详见图纸；","m2",20.54,null,208.72,4287.11,864.32,null,122.63]
[281,"011210003012","玻璃隔断","油砂玻璃隔断：\n1、边框材料种类、规格:MT-01黑色不锈钢；\n2、玻璃品种、规格、颜色:GL-02 油砂玻璃；","m2",2.07,null,444.81,920.76,83.21,null,11.8]
[282,"011210006004","其他隔断","1、玻璃砖隔墙；\n2、具体做法详见图纸；","m2",11.26,null,447.32,5036.82,321.81,null,45.72,2.14,-0.11]
["本页小计",{"$nulls":7},15263,2045,null,290,6]
[{"$nulls":10},"表—07"]
["分部分项工程量清单与计价表"]
["单位工程(专业)：建筑工程-装修工程",{"$nulls":9},"第 77 页  共 94 页"]
["序号","项目编码","项目名称","项目特征","计量单位","工程量",null,"综合单价(元)","合价(元)","其中(元)"]
[{"$nulls":9},"定额人工费",null,"人工费价差","定额机械费","机械费价差"]
[283,"011503008001","玻璃栏板","钢化玻璃护窗栏杆：\n1、栏杆玻璃的种类、规格、颜色:12mm钢化玻璃，MT-01黑色不锈钢边框；\n2、固定配件种类:成品U型槽；","m",21.84,null,295.65,6457,2140.54,null,303.79,108.54,-3.71]
[284,"011501010003","吊柜","吊柜：\n1.台柜规格:长1800mm*宽350mm*高950mm；\n2.柜门材料种类、规格:12mm厚WD-03 深灰色烤漆板；\n3.柜体材料种类、规格:18mm厚阻燃胶合板贴科技木夹板；\n4.包含配套的铰链、拉手等五金配件；","m",1.8,null,1019.83,1835.69,136.71,null,19.4,2.88,-0.11]
[285,"011501014002","吧台","吧台柜：\n1.台柜规格:长1800mm*宽600mm*高800mm；\n2.柜门材料种类、规格:12mm厚WD-03 深灰色烤漆板；\n3.柜体材料种类、规格:18mm厚阻燃胶合板贴科技木夹板；\n4.包含配套的铰链、拉手等五金配件；","m",1.96,null,1202,2355.92,71.87,null,10.2,0.41,-0.04]
["本页小计",{"$nulls":7},10649,2349,null,333,112,-4]
[{"$nulls":10},"表—07"]
["分部分项工程量清单与计价表"]
["单位工程(专业)：建筑工程-装修工程",{"$nulls":9},"第 78 页  共 94 页"]
["序号","项目编码","项目名称","项目特征","计量单位","工程量",null,"综合单价(元)","合价(元)","其中(元)"]
[{"$nulls":9},"定额人工费",null,"人工费价差","定额机械费","机械费价差"]
[286,"011501008002","木壁柜","储物柜：\n1.台柜规格:长1850mm*宽600mm*高2350mm；\n2.柜门材料种类、规格:12mm厚WD-03 深灰色烤漆板；\n3.柜体材料种类、规格:18mm厚阻燃胶合板贴科技木夹板；\n4.包含配套的铰链、拉手等五金配件；","m",1.85,null,2651.32,4904.94,216.99,null,30.78,1.22,-0.09]
[287,"011501008003","木壁柜","衣柜：\n1.台柜规格:长810mm*宽610mm*高2350mm；\n2.柜门材料种类、规格:12mm厚WD-03 深灰色烤漆板；\n3.柜体材料种类、规格:18mm厚阻燃胶合板贴科技木夹板；\n4.包含配套的铰链、拉手等五金配件；","m",1.62,null,1868.05,3026.24,189.65,null,26.91,1.07,-0.08]
["本页小计",{"$nulls":7},7931,407,null,58,2]
[{"$nulls":10},"表—07"]
["分部分项工程量清单与计价表"]
["单位工程(专业)：建筑工程-装修工程",{"$nulls":9},"第 79 页  共 94 页"]
["序号","项目编码","项目名称","项目特征","计量单位","工程量",null,"综合单价(元)","合价(元)","其中(元)"]
[{"$nulls":9},"定额人工费",null,"人工费价差","定额机械费","机械费价差"]
[288,"011501008004","木壁柜","衣柜：\n1.台柜规格:长3000mm*宽420mm*高2350mm；\n2.柜门材料种类、规格:12mm厚WD-03 深灰色烤漆板；\n3.柜体材料种类、规格:18mm厚阻燃胶合板贴科技木夹板；\n4.包含配套的铰链、拉手等五金配件；","m",6,null,2438.95,14633.7,703.74,null,99.84,3.96,-0.3]
[289,"010805005002","全玻自由门","1、门代号及洞口尺寸:定制窄边玻璃移门 850*2350mm；\n2、玻璃品种、规格、颜色:12mm钢化玻璃；","m2",4,null,680,2720]
[290,"011210003013","玻璃隔断","1、淋浴间成品玻璃隔断 1160*2350mm；\n2、玻璃品种、规格、颜色:12mm钢化玻璃；","m2",5.45,null,430,2343.5]
[291,"011505001007","洗漱台","1.材料品种、规格、品牌、颜色:成品洗脸台；","个",2,null,580,1160]
[null,null,"26F改造维修",{"$nulls":5},426406,62929,null,8961,832,139]
[null,null,"拆除及新建工程",{"$nulls":5},5689,3227,null,476,593,143]
[292,"011601001007","砖砌体拆除","1、原砖砌墙体拆除；\n2、含清理费用，建筑垃圾运至临时堆放点；","m3",18.76,null,65.26,1224.28,245.76,null,36.39,592.82,142.95]
["本页小计",{"$nulls":7},22081,950,null,136,597,143]
[{"$nulls":10},"表—07"]
["分部分项工程量清单与计价表"]
["单位工程(专业)：建筑工程-装修工程",{"$nulls":9},"第 80 页  共 94 页"]
["序号","项目编码","项目名称","项目特征","计量单位","工程量",null,"综合单价(元)","合价(元)","其中(元)"]
[{"$nulls":9},"定额人工费",null,"人工费价差","定额机械费","机械费价差"]
[293,"011610001007","木门窗拆除","1、原木门拆除；\n2、含清理费用，建筑垃圾运至临时堆放点；","m2",42.48,null,21.29,904.4,657.17,null,97.27]
[294,"011606003001","天棚面龙骨及饰面拆除","1、原石膏板拆除；\n2、含清理费用，建筑垃圾运至临时堆放点；","m2",318.94,null,9.59,3058.63,2223.01,null,328.51]
[295,"011210002007","金属隔断","轻钢龙骨隔墙：\n1、骨架材料种类、规格:配套C50轻钢龙骨，间距详见图纸；","m2",7.14,null,70.2,501.23,100.75,null,14.28]
[null,null,"防水工程",{"$nulls":5},7981,1413,null,209,15,1]
[296,"010904002007","楼（地）面涂膜防水","1、防水膜品种:1.5厚JS聚合物水泥防水涂料Ⅱ型；","m2",37.51,null,31.44,1179.31,103.9,null,15.38]
[297,"010903002007","墙面涂膜防水","1、防水层做法:两遍JS聚合物防水层；","m2",69.55,null,69.68,4846.24,584.22,null,86.24]
[298,"010903003007","墙面砂浆防水（防潮）","1、防水砂浆保护层；","m2",69.55,null,28.11,1955.05,724.71,null,107.11,14.61,1.39]
[null,null,"地面",{"$nulls":5},65281,7826,null,1110,40,4]
[299,"011101005007","自流坪楼地面","1、面层材料种类:3mm厚树脂胶泥自流平；","m2",343.38,null,23,7897.74]
["本页小计",{"$nulls":7},20343,4394,null,649,15,1]
[{"$nulls":10},"表—07"]
["分部分项工程量清单与计价表"]
["单位工程(专业)：建筑工程-装修工程",{"$nulls":9},"第 81 页  共 94 页"]
["序号","项目编码","项目名称","项目特征","计量单位","工程量",null,"综合单价(元)","合价(元)","其中(元)"]
[{"$nulls":9},"定额人工费",null,"人工费价差","定额机械费","机械费价差"]
[300,"011103002007","橡胶板卷材楼地面","1、粘结层厚度、材料种类:PVC专用胶；\n2、面层材料品种、规格:塑胶地板；\n3、压线条种类:塑胶条；","m2",343.38,null,95.44,32772.19,4381.53,null,621.52]
[301,"011102003008","块料楼地面","1、结合层厚度、砂浆配合比:30厚1:3干硬性水泥砂浆结合层；\n2、面层材料品种、规格、颜色:CT-02 浅色瓷砖600*1200；\n3、嵌缝材料种类:瓷砖专用勾缝剂擦缝；","m2",26.65,null,144.3,3845.6,850.93,null,121,21.05,2.67]
[302,"011108001014","石材零星项目","大理石地面：\n1、结合层厚度、砂浆配合比:30厚1:3干硬性水泥砂浆结合层；\n2、面层材料品种、规格、颜色:ST-01 深色大理石；\n3、嵌缝材料种类:石材专用勾缝剂擦缝；\n4、包含石材切割、六面防护、精磨镜面等所有费用；","m2",2.84,null,521.47,1480.97,248.61,null,35.3,4.86,0.11]
["本页小计",{"$nulls":7},38099,5481,null,778,26,3]
[{"$nulls":10},"表—07"]
["分部分项工程量清单与计价表"]
["单位工程(专业)：建筑工程-装修工程",{"$nulls":9},"第 82 页  共 94 页"]
["序号","项目编码","项目名称","项目特征","计量单位","工程量",null,"综合单价(元)","合价(元)","其中(元)"]
[{"$nulls":9},"定额人工费",null,"人工费价差","定额机械费","机械费价差"]
[303,"011104002003","竹、木（复合）地板","1.基层材料种类、规格:防潮垫\n2.面层材料品种、规格、颜色:WF-07 户外木地板","m2",50.2,null,180.03,9037.51,455.82,null,64.25]
[304,"011101001003","水泥砂浆楼地面","1、30mm厚M20水泥沙浆；","m2",50.2,null,27.83,1397.07,482.42,null,68.78,14.56,1.5]
[305,"011105006007","金属踢脚线","1、踢脚线高度:30mm；\n2、基层材料种类、规格:12.0mm厚阻燃板；\n3、面层材料品种、规格、颜色:MT-01 黑色不锈钢；","m",164.38,null,53.84,8850.22,1407.09,null,198.9]
[null,null,"天棚",{"$nulls":5},105689,26653,null,3784,4,-1]
[306,"011302001044","吊顶天棚","1、吊顶形式、吊杆规格:阻燃板侧面吊顶；\n2、龙骨材料种类、规格、中距:安装U50轻钢龙骨,间距详见图纸说明；\n3、基层材料品种、规格:18.0mm厚阻燃板；","m2",20.97,null,116.19,2436.5,768.97,null,109.25]
["本页小计",{"$nulls":7},21721,3114,null,441,15,2]
[{"$nulls":10},"表—07"]
["分部分项工程量清单与计价表"]
["单位工程(专业)：建筑工程-装修工程",{"$nulls":9},"第 83 页  共 94 页"]
["序号","项目编码","项目名称","项目特征","计量单位","工程量",null,"综合单价(元)","合价(元)","其中(元)"]
[{"$nulls":9},"定额人工费",null,"人工费价差","定额机械费","机械费价差"]
[307,"011302001045","吊顶天棚","1、吊顶形式、吊杆规格:石膏板平面吊顶；\n2、龙骨材料种类、规格、中距:安装U50轻钢龙骨,间距详见图纸说明；\n3、基层材料品种、规格:12.0mm厚阻燃板；\n4、面层材料品种、规格:单层9.5mm厚纸面石膏板；","m2",173.74,null,111.11,19304.25,6477.03,null,917.34]
[308,"011302001046","吊顶天棚","1、吊顶形式、吊杆规格:金属板平面吊顶；\n2、龙骨材料种类、规格、中距:安装U50轻钢龙骨,间距详见图纸说明；\n3、基层材料品种、规格:18.0mm厚阻燃板；\n4、面层材料品种、规格:WD-02 银色金属板；","m2",73.33,null,429.16,31470.3,3190.59,null,453.18]
[309,"011304001018","灯带（槽）","1、吊顶形式、吊杆规格:石膏板灯槽；\n2、基层材料品种、规格:9.0mm厚阻燃板；\n3、面层材料品种、规格:单层9.5mm厚纸面石膏板；","m2",7.58,null,128.67,975.32,383.78,null,54.42,0.53,-0.08]
["本页小计",{"$nulls":7},51750,10051,null,1425,1]
[{"$nulls":10},"表—07"]
["分部分项工程量清单与计价表"]
["单位工程(专业)：建筑工程-装修工程",{"$nulls":9},"第 84 页  共 94 页"]
["序号","项目编码","项目名称","项目特征","计量单位","工程量",null,"综合单价(元)","合价(元)","其中(元)"]
[{"$nulls":9},"定额人工费",null,"人工费价差","定额机械费","机械费价差"]
[310,"011304001019","灯带（槽）","1、吊顶形式、吊杆规格:金属板灯槽；\n2、基层材料品种、规格:18.0mm厚阻燃板；\n3、面层材料品种、规格:WD-02 银色金属板；","m2",3.06,null,487.67,1492.27,186.72,null,26.5,0.21,-0.03]
[311,"011302001047","吊顶天棚","1、吊顶形式、吊杆规格:金属板侧面吊顶；\n2、基层材料品种、规格:18.0mm厚阻燃板；\n3、面层材料品种、规格:WD-02 银色金属板；","m2",21.33,null,474.63,10123.86,1223.49,null,173.63]
[312,"011302001048","吊顶天棚","1、吊顶形式、吊杆规格:石膏板平面吊顶；\n2、龙骨材料种类、规格、中距:安装U50轻钢龙骨,间距详见图纸说明；\n3、面层材料品种、规格:双层9.5mm厚耐潮纸面石膏板；","m2",26.22,null,112.87,2959.45,947.07,null,134.51]
[313,"011302001049","吊顶天棚","1、吊顶形式、吊杆规格:石膏板侧面吊顶；\n2、基层材料品种、规格:12.0mm厚阻燃板；\n3、面层材料品种、规格:单层9.5mm厚耐潮纸面石膏板；","m2",7.6,null,134.45,1021.82,370.12,null,52.59]
["本页小计",{"$nulls":7},15597,2727,null,387]
[{"$nulls":10},"表—07"]
["分部分项工程量清单与计价表"]
["单位工程(专业)：建筑工程-装修工程",{"$nulls":9},"第 85 页  共 94 页"]
["序号","项目编码","项目名称","项目特征","计量单位","工程量",null,"综合单价(元)","合价(元)","其中(元)"]
[{"$nulls":9},"定额人工费",null,"人工费价差","定额机械费","机械费价差"]
[314,"011304001020","灯带（槽）","1、吊顶形式、吊杆规格:石膏板灯槽；\n2、基层材料品种、规格:9.0mm厚阻燃板；\n3、面层材料品种、规格:单层9.5mm厚耐潮纸面石膏板；","m2",8.39,null,138.61,1162.94,424.79,null,60.24,0.59,-0.09]
[315,"011302001050","吊顶天棚","1、吊顶形式、吊杆规格:石膏板侧面吊顶；\n2、龙骨材料种类、规格、中距:安装U50轻钢龙骨,间距详见图纸说明；\n3、基层材料品种、规格:12.0mm厚阻燃板；\n4、面层材料品种、规格:单层9.5mm厚纸面石膏板；","m2",22.74,null,124.51,2831.36,1107.44,null,157.36]
[316,"011302001051","吊顶天棚","1、吊顶形式、吊杆规格:铝蜂窝板平面吊顶；\n2、龙骨材料种类、规格、中距:安装配套轻钢龙骨,间距详见图纸说明；\n3、面层材料品种、规格:MT-02 铝蜂窝板；","m2",25.35,null,192.52,4880.38,573.16,null,81.38]
["本页小计",{"$nulls":7},8875,2105,null,299,1]
[{"$nulls":10},"表—07"]
["分部分项工程量清单与计价表"]
["单位工程(专业)：建筑工程-装修工程",{"$nulls":9},"第 86 页  共 94 页"]
["序号","项目编码","项目名称","项目特征","计量单位","工程量",null,"综合单价(元)","合价(元)","其中(元)"]
[{"$nulls":9},"定额人工费",null,"人工费价差","定额机械费","机械费价差"]
[317,"011304001021","灯带（槽）","1、吊顶形式、吊杆规格:黑色不锈钢灯槽；\n2、基层材料品种、规格:9.0mm厚阻燃板；\n3、面层材料品种、规格:1.2mm厚黑色不锈钢板；","m2",1.41,null,491.94,693.64,89.93,null,12.77,0.1,-0.02]
[318,"011302001052","吊顶天棚","1、吊顶形式、吊杆规格:石膏板斜面吊顶；\n2、龙骨材料种类、规格、中距:安装U50轻钢龙骨,间距详见图纸说明；\n3、基层材料品种、规格:12.0mm厚阻燃板；\n4、面层材料品种、规格:单层9.5mm厚纸面石膏板；","m2",88.66,null,114.96,10192.35,3553.49,null,504.48]
[319,"011304001022","灯带（槽）","1、吊顶形式、吊杆规格:石膏板斜面灯槽；\n2、基层材料品种、规格:12.0mm厚阻燃板；\n3、面层材料品种、规格:双层9.5mm厚纸面石膏板；","m2",18.15,null,249.22,4523.34,1720.44,null,244.3,2.54,-0.36]
[320,"011502001015","金属装饰线","1、线条材料品种、规格、颜色:铝蜂窝板收边条；","m",25.5,null,16.17,412.34,140.25,null,20.15]
["本页小计",{"$nulls":7},15822,5504,null,782,3]
[{"$nulls":10},"表—07"]
["分部分项工程量清单与计价表"]
["单位工程(专业)：建筑工程-装修工程",{"$nulls":9},"第 87 页  共 94 页"]
["序号","项目编码","项目名称","项目特征","计量单位","工程量",null,"综合单价(元)","合价(元)","其中(元)"]
[{"$nulls":9},"定额人工费",null,"人工费价差","定额机械费","机械费价差"]
[321,"011502001016","金属装饰线","1、线条材料品种、规格、颜色:配套灯槽铝型材侧边条 H=200mm；","m",26.1,null,34.61,903.32,143.55,null,20.62]
[322,"011407002008","天棚喷刷涂料","1、基层类型:纸面石膏板面；\n2、腻子种类:腻子满刮两遍；\n3、涂料品种、喷刷遍数:无机涂料面漆一底两面；","m2",314.47,null,32.77,10305.18,5352.28,null,761.02]
[null,null,"墙面",{"$nulls":5},188818,18113,null,2573,163,-9]
[323,"011201001007","墙面一般抹灰","1.底层厚度、砂浆配合比:20厚DP20水泥砂浆找平层；","m2",69.58,null,23.94,1665.75,702.06,null,99.5,15.31,0.69]
[324,"011204003007","块料墙面","1、安装方式:瓷砖专用胶粘剂粘贴；\n2、面层材料品种、规格、颜色:CT-02 浅色瓷砖600*1200；\n3、缝宽、嵌缝材料种类:瓷砖专用勾缝剂擦缝；\n4、包含瓷砖刷背胶、切割、修边、倒角磨边等费用；","m2",69.58,null,169.6,11800.77,2777.63,null,393.83]
["本页小计",{"$nulls":7},24675,8976,null,1275,15,1]
[{"$nulls":10},"表—07"]
["分部分项工程量清单与计价表"]
["单位工程(专业)：建筑工程-装修工程",{"$nulls":9},"第 88 页  共 94 页"]
["序号","项目编码","项目名称","项目特征","计量单位","工程量",null,"综合单价(元)","合价(元)","其中(元)"]
[{"$nulls":9},"定额人工费",null,"人工费价差","定额机械费","机械费价差"]
[325,"011207001013","墙面装饰板","1.龙骨材料种类、规格、中距:40*20*1.3镀锌方管；\n2.基层材料种类、规格:12.0mm厚阻燃板；\n3.面层材料品种、规格、颜色:12.0mm厚WD-02银色金属板；","m2",65.97,null,525.59,34673.17,4797.34,null,680.81,147.77,-9.23]
[326,"011407001008","墙面喷刷涂料","1、基层类型:基层板面；\n2、腻子种类:腻子满刮两遍；\n3、涂料品种、喷刷遍数:艺术涂料面漆一底两面；","m2",254.17,null,105,26687.85]
[327,"011407001009","墙面喷刷涂料","1、基层类型:基层板面；\n2、腻子种类:腻子满刮两遍；\n3、涂料品种、喷刷遍数:无机涂料面漆一底两面；","m2",124.53,null,32.77,4080.85,2119.5,null,301.36]
[328,"Z011207003005","成品木饰面","胡桃木饰面：\n1、基层材料品种、规格:12.0mm厚阻燃板；\n2、成品木饰面品种、规格、材质:WD-01 胡桃木饰面；","m2",239.68,null,354.1,84870.69,5867.37,null,834.08]
[329,"Z011207003006","成品木饰面","胡桃木格栅板饰面：\n1、基层材料品种、规格:12.0mm厚阻燃板；\n2、成品木饰面品种、规格、材质:WD-01 胡桃木饰面；","m2",32.98,null,596.5,19672.57,807.35,null,114.77]
["本页小计",{"$nulls":7},169985,13592,null,1931,148,-9]
[{"$nulls":10},"表—07"]
["分部分项工程量清单与计价表"]
["单位工程(专业)：建筑工程-装修工程",{"$nulls":9},"第 89 页  共 94 页"]
["序号","项目编码","项目名称","项目特征","计量单位","工程量",null,"综合单价(元)","合价(元)","其中(元)"]
[{"$nulls":9},"定额人工费",null,"人工费价差","定额机械费","机械费价差"]
[330,"011502001017","金属装饰线","1、线条材料品种、规格、颜色:铝合金嵌条 宽度5mm；","m",122.04,null,14.37,1753.71,671.22,null,96.41]
[331,"011204001001","石材墙面","1、面层材料品种、规格、颜色：CT-03 白色岩板，石材专用粘结剂结合层；\n2、含石材六面防护、切割、修边、镜面处理等所有费用；\n3、具体做法详见图纸；","m2",6.46,null,559.24,3612.69,370.67,null,52.65]
[null,null,"其它工程",{"$nulls":5},52949,5696,null,809,17,-1]
[332,"010809004007","石材窗台板","1、粘结层厚度、砂浆配合比:石材专用粘接剂粘贴；\n2、窗台板材质、规格、颜色:ST-02 保加利亚灰大理石；\n3、含石材倒角、抛光、石材磨边、六面防护等；","m2",0.77,null,849.44,654.07,193.59,null,27.56,0.91,-0.02]
[333,"010808004007","金属门窗套","电梯门套：\n1.基层材料种类:15mm厚阻燃板；\n2.面层材料品种、规格:MT-01黑色不锈钢；\n3.包含不锈钢折边、打胶等费用；","m2",5.5,null,431.87,2375.29,424.49,null,60.34,0.55]
["本页小计",{"$nulls":7},8396,1660,null,237,1]
[{"$nulls":10},"表—07"]
["分部分项工程量清单与计价表"]
["单位工程(专业)：建筑工程-装修工程",{"$nulls":9},"第 90 页  共 94 页"]
["序号","项目编码","项目名称","项目特征","计量单位","工程量",null,"综合单价(元)","合价(元)","其中(元)"]
[{"$nulls":9},"定额人工费",null,"人工费价差","定额机械费","机械费价差"]
[334,"010801002028","木质门带套","1、门代号及洞口尺寸:胡桃木饰面成品木门900*2200mm；\n2、包含门套、执手锁、合页等五金配件；","樘",2,null,1332.65,2665.3,179.92,null,25.54]
[335,"010801002029","木质门带套","1、门代号及洞口尺寸:胡桃木饰面成品木门665*2200mm；\n2、包含门套、执手锁、合页等五金配件；","樘",2,null,1062.65,2125.3,179.92,null,25.54]
[336,"010801002030","木质门带套","1、门代号及洞口尺寸:胡桃木饰面成品木门980*2200mm；\n2、包含门套、执手锁、合页等五金配件；","樘",1,null,1432.65,1432.65,89.96,null,12.77]
[337,"010801004007","木质防火门","胡桃木饰面成品防火门：\n1、门框及门头材质:MT-01黑色不锈钢；\n2、门扇品种:成品甲级防火木门；\n3、包含配套顺位器、闭门器、执手锁等五金配件；","m2",25.7,null,555.51,14276.61,1091.99,null,154.97]
["本页小计",{"$nulls":7},20500,1542,null,219]
[{"$nulls":10},"表—07"]
["分部分项工程量清单与计价表"]
["单位工程(专业)：建筑工程-装修工程",{"$nulls":9},"第 91 页  共 94 页"]
["序号","项目编码","项目名称","项目特征","计量单位","工程量",null,"综合单价(元)","合价(元)","其中(元)"]
[{"$nulls":9},"定额人工费",null,"人工费价差","定额机械费","机械费价差"]
[338,"011207001014","墙面装饰板","拖把池暗门：\n1、龙骨材料种类、规格、中距:镀锌方管；\n2、基层材料种类、规格:12.0mm厚阻燃板；\n3、面层材料品种、规格、颜色:9.5mm厚石膏板；\n4、包含天地轴、暗门拉手、合页等五金配件；","m2",1.34,null,466.9,625.65,142.32,null,20.2,5.6,-0.35]
[339,"011505010007","镜面玻璃","1.镜面玻璃品种、规格:MI-01 银镜；\n2.框材质、断面尺寸:MT-01黑色不锈钢边框；\n3.基层材料种类:方木龙骨，9mm厚阻燃板；","m2",3.54,null,211.18,747.58,131.69,null,18.69]
["本页小计",{"$nulls":7},1373,274,null,39,6]
[{"$nulls":10},"表—07"]
["分部分项工程量清单与计价表"]
["单位工程(专业)：建筑工程-装修工程",{"$nulls":9},"第 92 页  共 94 页"]
["序号","项目编码","项目名称","项目特征","计量单位","工程量",null,"综合单价(元)","合价(元)","其中(元)"]
[{"$nulls":9},"定额人工费",null,"人工费价差","定额机械费","机械费价差"]
[340,"011505001008","洗漱台","1、台面品种、规格:12mm厚阻燃板基层，ST-03白色石英石台面板；\n2、支架、配件品种、规格牌:镀锌角钢骨架；\n3、柜体面品种、规格:12mm厚阻燃板基层，胡桃木饰面成品柜体(含柜门)，含配套柜体五金配件；\n4、含台面倒角、抛光、石材磨边、六面防护等；","m2",2.83,null,1773.17,5018.07,775.99,null,110.17,4.33,-0.11]
[341,"011210005007","成品隔断","1.隔断材料品种、规格、颜色:12mm厚成品抗倍特板；\n2.配件品种、规格:（含五金配件）；\n3.具体做法详见图纸；","m2",20.54,null,208.72,4287.11,864.32,null,122.63]
[342,"011210003014","玻璃隔断","油砂玻璃隔断：\n1、边框材料种类、规格:MT-01黑色不锈钢；\n2、玻璃品种、规格、颜色:GL-02 油砂玻璃；","m2",2.07,null,444.81,920.76,83.21,null,11.8]
["本页小计",{"$nulls":7},10226,1724,null,245,4]
[{"$nulls":10},"表—07"]
["分部分项工程量清单与计价表"]
["单位工程(专业)：建筑工程-装修工程",{"$nulls":9},"第 93 页  共 94 页"]
["序号","项目编码","项目名称","项目特征","计量单位","工程量",null,"综合单价(元)","合价(元)","其中(元)"]
[{"$nulls":9},"定额人工费",null,"人工费价差","定额机械费","机械费价差"]
[343,"010805005003","全玻自由门","钢化玻璃地弹门：\n1、门框及门头材质:MT-01黑色不锈钢；\n2、玻璃品种、厚度:12mm钢化玻璃；","m2",15.45,null,407.29,6292.63,896.72,null,127.31]
[344,"011501010004","吊柜","吊柜：\n1.台柜规格:长2400mm*宽350mm*高1000mm；\n2.柜门材料种类、规格:12mm厚WD-03 深灰色烤漆板；\n3.柜体材料种类、规格:18mm厚阻燃胶合板贴科技木夹板；\n4.包含配套的铰链、拉手等五金配件；","m",2.4,null,1019.83,2447.59,182.28,null,25.87,3.84,-0.14]
[345,"011501014003","吧台","吧台柜：\n1.台柜规格:长2400mm*宽600mm*高800mm；\n2.柜门材料种类、规格:12mm厚WD-03 深灰色烤漆板；\n3.柜体材料种类、规格:18mm厚阻燃胶合板贴科技木夹板；\n4.台面材料种类、规格:ST-03 白色石英石；\n5.包含配套的铰链、拉手等五金配件；","m",2.4,null,1484.89,3563.74,138.24,null,19.61,0.53,-0.03]
["本页小计",{"$nulls":7},12304,1217,null,173,4]
[{"$nulls":10},"表—07"]
["分部分项工程量清单与计价表"]
["单位工程(专业)：建筑工程-装修工程",{"$nulls":9},"第 94 页  共 94 页"]
["序号","项目编码","项目名称","项目特征","计量单位","工程量",null,"综合单价(元)","合价(元)","其中(元)"]
[{"$nulls":9},"定额人工费",null,"人工费价差","定额机械费","机械费价差"]
[346,"011501008005","木壁柜","储物柜：\n1.台柜规格:长1160mm*宽600mm*高2400mm；\n2.柜门材料种类、规格:12mm厚WD-03 深灰色烤漆板；\n3.柜体材料种类、规格:18mm厚阻燃胶合板贴科技木夹板；\n4.包含配套的铰链、拉手等五金配件；","m",1.16,null,2707.73,3140.97,138.94,null,19.72,0.78,-0.06]
[347,"01B003","卡座","胡桃木饰面卡座：\n1、基层材料品种、规格:12.0mm厚阻燃板；\n2、成品木饰面品种、规格、材质:WD-01 胡桃木饰面；","m",6.14,null,325.83,2000.6,138.27,null,19.71]
[348,"011210006005","其他隔断","1、白色空心砖隔断；\n2、具体做法详见图纸；","m2",1.56,null,240.22,374.74,44.58,null,6.34,0.3,-0.02]
[]
[]
[]
[]
[]
["本页小计",{"$nulls":7},5516,322,null,46,1]
["合   计",{"$nulls":7},1925204,261556,null,37243,5804,1089]
[{"$nulls":10},"表—07"]

{"sheet":"表-08 施工技术措施项目清单与计价表【装修工程】","index":4,"n_rows":25,"n_cols":13,"rows_kept":25,"merged":[[0,0,0,12],[1,0,1,7],[1,8,1,9],[1,10,1,12],[2,0,3,0],[2,1,3,1],[2,2,3,2],[2,3,3,3],[2,4,3,4],[2,5,3,5],[2,6,3,6],[2,7,3,7],[2,8,2,11],[2,12,3,12],[22,0,22,6],[23,0,23,6],[24,0,24,7],[24,8,24,9],[24,10,24,12]]}
["施工技术措施项目清单与计价表"]
["单位工程(专业)：建筑工程-装修工程",{"$nulls":9},"第 1 页  共 1 页"]
["序号","项目编码","项目名称","项目特征","计量单位","工程量","综合单价(元)","合价(元)","其中(元)",{"$nulls":3},"备注"]
[{"$nulls":8},"定额人工费","人工费价差","定额机械费","机械费价差"]
[null,null,"技术措施",{"$nulls":4},18637,11252,1661,475,154]
[1,"011701006001","满堂脚手架","1.搭设高度:5.2m以内","m2",1396.05,13.35,18637.27,11252.16,1661.3,474.66,153.56]
{"$rows_empty":16}
["本页小计",{"$nulls":6},18637,11252,1661,475,154]
["合   计",{"$nulls":6},18637,11252,1661,475,154]
[{"$nulls":10},"表—08"]

{"sheet":"表-09 工程量清单综合单价计算表【装修工程】","index":5,"n_rows":1677,"n_cols":15,"rows_kept":1677,"merged":[[0,0,0,10],[0,11,0,14],[1,0,1,14],[2,0,2,5],[2,6,2,10],[2,11,2,14],[3,0,4,0],[3,1,4,1],[3,2,4,2],[3,3,4,3],[3,4,4,4],[3,5,3,13],[3,14,4,14],[4,6,4,6],[4,7,4,7],[19,0,19,1],[19,3,19,5],[19,6,19,8],[19,9,19,10],[19,11,19,14],[20,0,20,10],[20,11,20,14],[21,0,21,14],[22,0,22,5],[22,6,22,10],[22,11,22,14],[23,0,24,0],[23,1,24,1],[23,2,24,2],[23,3,24,3],[23,4,24,4],[23,5,23,13],[23,14,24,14],[24,6,24,6],[24,7,24,7],[36,0,36,1],[36,3,36,5],[36,6,36,8],[36,9,36,10],[36,11,36,14],[37,0,37,10],[37,11,37,14],[38,0,38,14],[39,0,39,5],[39,6,39,10],[39,11,39,14],[40,0,41,0],[40,1,41,1],[40,2,41,2],[40,3,41,3],[40,4,41,4],[40,5,40,13],[40,14,41,14],[41,6,41,6],[41,7,41,7],[47,0,47,1],[47,3,47,5],[47,6,47,8],[47,9,47,10],[47,11,47,14],[48,0,48,10],[48,11,48,14],[49,0,49,14],[50,0,50,5],[50,6,50,10],[50,11,50,14],[51,0,52,0],[51,1,52,1],[51,2,52,2],[51,3,52,3],[51,4,52,4],[51,5,51,13],[51,14,52,14],[52,6,52,6],[52,7,52,7],[62,0,62,1],[62,3,62,5],[62,6,62,8],[62,9,62,10],[62,11,62,14],[63,0,63,10],[63,11,63,14],[64,0,64,14],[65,0,65,5],[65,6,65,10],[65,11,65,14],[66,0,67,0],[66,1,67,1],[66,2,67,2],[66,3,67,3],[66,4,67,4],[66,5,66,13],[66,14,67,14],[67,6,67,6],[67,7,67,7],[79,0,79,1],[79,3,79,5],[79,6,79,8],[79,9,79,10],[79,11,79,14],[80,0,80,10],[80,11,80,14],[81,0,81,14],[82,0,82,5],[82,6,82,10],[82,11,82,14],[83,0,84,0],[83,1,84,1],[83,2,84,2],[83,3,84,3],[83,4,84,4],[83,5,83,13],[83,14,84,14],[84,6,84,6],[84,7,84,7],[95,0,95,1],[95,3,95,5],[95,6,95,8],[95,9,95,10],[95,11,95,14],[96,0,96,10],[96,11,96,14],[97,0,97,14],[98,0,98,5],[98,6,98,10],[98,11,98,14],[99,0,100,0],[99,1,100,1],[99,2,100,2],[99,3,100,3],[99,4,100,4],[99,5,99,13],[99,14,100,14],[100,6,100,6],[100,7,100,7],[111,0,111,1],[111,3,111,5],[111,6,111,8],[111,9,111,10],[111,11,111,14],[112,0,112,10],[112,11,112,14],[113,0,113,14],[114,0,114,5],[114,6,114,10],[114,11,114,14],[115,0,116,0],[115,1,116,1],[115,2,116,2],[115,3,116,3],[115,4,116,4],[115,5,115,13],[115,14,116,14],[116,6,116,6],[116,7,116,7],[129,0,129,1],[129,3,129,5],[129,6,129,8],[129,9,129,10],[129,11,129,14],[130,0,130,10],[130,11,130,14],[131,0,131,14],[132,0,132,5],[132,6,132,10],[132,11,132,14],[133,0,134,0],[133,1,134,1],[133,2,134,2],[133,3,134,3],[133,4,134,4],[133,5,133,13],[133,14,134,14],[134,6,134,6],[134,7,134,7],[146,0,146,1],[146,3,146,5],[146,6,146,8],[146,9,146,10],[146,11,146,14],[147,0,147,10],[147,11,147,14],[148,0,148,14],[149,0,149,5],[149,6,149,10],[149,11,149,14],[150,0,151,0],[150,1,151,1],[150,2,151,2],[150,3,151,3],[150,4,151,4],[150,5,150,13],[150,14,151,14],[151,6,151,6],[151,7,151,7],[162,0,162,1],[162,3,162,5],[162,6,162,8],[162,9,162,10],[162,11,162,14],[163,0,163,10],[163,11,163,14],[164,0,164,14],[165,0,165,5],[165,6,165,10],[165,11,165,14],[166,0,167,0],[166,1,167,1],[166,2,167,2],[166,3,167,3],[166,4,167,4],[166,5,166,13],[166,14,167,14],[167,6,167,6],[167,7,167,7],[178,0,178,1],[178,3,178,5],[178,6,178,8],[178,9,178,10],[178,11,178,14],[179,0,179,10],[179,11,179,14],[180,0,180,14],[181,0,181,5],[181,6,181,10],[181,11,181,14],[182,0,183,0],[182,1,183,1],[182,2,183,2],[182,3,183,3],[182,4,183,4],[182,5,182,13],[182,14,183,14],[183,6,183,6],[183,7,183,7],[195,0,195,1],[195,3,195,5],[195,6,195,8],[195,9,195,10],[195,11,195,14],[196,0,196,10],[196,11,196,14],[197,0,197,14],[198,0,198,5],[198,6,198,10],[198,11,198,14],[199,0,200,0],[199,1,200,1],[199,2,200,2],[199,3,200,3],[199,4,200,4],[199,5,199,13],[199,14,200,14],[200,6,200,6],[200,7,200,7],[211,0,211,1],[211,3,211,5],[211,6,211,8],[211,9,211,10],[211,11,211,14],[212,0,212,10],[212,11,212,14],[213,0,213,14],[214,0,214,5],[214,6,214,10],[214,11,214,14],[215,0,216,0],[215,1,216,1],[215,2,216,2],[215,3,216,3],[215,4,216,4],[215,5,215,13],[215,14,216,14],[216,6,216,6],[216,7,216,7],[229,0,229,1],[229,3,229,5],[229,6,229,8],[229,9,229,10],[229,11,229,14],[230,0,230,10],[230,11,230,14],[231,0,231,14],[232,0,232,5],[232,6,232,10],[232,11,232,14],[233,0,234,0],[233,1,234,1],[233,2,234,2],[233,3,234,3],[233,4,234,4],[233,5,233,13],[233,14,234,14],[234,6,234,6],[234,7,234,7],[247,0,247,1],[247,3,247,5],[247,6,247,8],[247,9,247,10],[247,11,247,14],[248,0,248,10],[248,11,248,14],[249,0,249,14],[250,0,250,5],[250,6,250,10],[250,11,250,14],[251,0,252,0],[251,1,252,1],[251,2,252,2],[251,3,252,3],[251,4,252,4],[251,5,251,13],[251,14,252,14],[252,6,252,6],[252,7,252,7],[266,0,266,1],[266,3,266,5],[266,6,266,8],[266,9,266,10],[266,11,266,14],[267,0,267,10],[267,11,267,14],[268,0,268,14],[269,0,269,5],[269,6,269,10],[269,11,269,14],[270,0,271,0],[270,1,271,1],[270,2,271,2],[270,3,271,3],[270,4,271,4],[270,5,270,13],[270,14,271,14],[271,6,271,6],[271,7,271,7],[284,0,284,1],[284,3,284,5],[284,6,284,8],[284,9,284,10],[284,11,284,14],[285,0,285,10],[285,11,285,14],[286,0,286,14],[287,0,287,5],[287,6,287,10],[287,11,287,14],[288,0,289,0],[288,1,289,1],[288,2,289,2],[288,3,289,3],[288,4,289,4],[288,5,288,13],[288,14,289,14],[289,6,289,6],[289,7,289,7],[302,0,302,1],[302,3,302,5],[302,6,302,8],[302,9,302,10],[302,11,302,14],[303,0,303,10],[303,11,303,14],[304,0,304,14],[305,0,305,5],[305,6,305,10],[305,11,305,14],[306,0,307,0],[306,1,307,1],[306,2,307,2],[306,3,307,3],[306,4,307,4],[306,5,306,13],[306,14,307,14],[307,6,307,6],[307,7,307,7],[321,0,321,1],[321,3,321,5],[321,6,321,8],[321,9,321,10],[321,11,321,14],[322,0,322,10],[322,11,322,14],[323,0,323,14],[324,0,324,5],[324,6,324,10],[324,11,324,14],[325,0,326,0],[325,1,326,1],[325,2,326,2],[325,3,326,3],[325,4,326,4],[325,5,325,13],[325,14,326,14],[326,6,326,6],[326,7,326,7],[340,0,340,1],[340,3,340,5],[340,6,340,8],[340,9,340,10],[340,11,340,14],[341,0,341,10],[341,11,341,14],[342,0,342,14],[343,0,343,5],[343,6,343,10],[343,11,343,14],[344,0,345,0],[344,1,345,1],[344,2,345,2],[344,3,345,3],[344,4,345,4],[344,5,344,13],[344,14,345,14],[345,6,345,6],[345,7,345,7],[357,0,357,1],[357,3,357,5],[357,6,357,8],[357,9,357,10],[357,11,357,14],[358,0,358,10],[358,11,358,14],[359,0,359,14],[360,0,360,5],[360,6,360,10],[360,11,360,14],[361,0,362,0],[361,1,362,1],[361,2,362,2],[361,3,362,3],[361,4,362,4],[361,5,361,13],[361,14,362,14],[362,6,362,6],[362,7,362,7],[374,0,374,1],[374,3,374,5],[374,6,374,8],[374,9,374,10],[374,11,374,14],[375,0,375,10],[375,11,375,14],[376,0,376,14],[377,0,377,5],[377,6,377,10],[377,11,377,14],[378,0,379,0],[378,1,379,1],[378,2,379,2],[378,3,379,3],[378,4,379,4],[378,5,378,13],[378,14,379,14],[379,6,379,6],[379,7,379,7],[391,0,391,1],[391,3,391,5],[391,6,391,8],[391,9,391,10],[391,11,391,14],[392,0,392,10],[392,11,392,14],[393,0,393,14],[394,0,394,5],[394,6,394,10],[394,11,394,14],[395,0,396,0],[395,1,396,1],[395,2,396,2],[395,3,396,3],[395,4,396,4],[395,5,395,13],[395,14,396,14],[396,6,396,6],[396,7,396,7],[407,0,407,1],[407,3,407,5],[407,6,407,8],[407,9,407,10],[407,11,407,14],[408,0,408,10],[408,11,408,14],[409,0,409,14],[410,0,410,5],[410,6,410,10],[410,11,410,14],[411,0,412,0],[411,1,412,1],[411,2,412,2],[411,3,412,3],[411,4,412,4],[411,5,411,13],[411,14,412,14],[412,6,412,6],[412,7,412,7],[424,0,424,1],[424,3,424,5],[424,6,424,8],[424,9,424,10],[424,11,424,14],[425,0,425,10],[425,11,425,14],[426,0,426,14],[427,0,427,5],[427,6,427,10],[427,11,427,14],[428,0,429,0],[428,1,429,1],[428,2,429,2],[428,3,429,3],[428,4,429,4],[428,5,428,13],[428,14,429,14],[429,6,429,6],[429,7,429,7],[442,0,442,1],[442,3,442,5],[442,6,442,8],[442,9,442,10],[442,11,442,14],[443,0,443,10],[443,11,443,14],[444,0,444,14],[445,0,445,5],[445,6,445,10],[445,11,445,14],[446,0,447,0],[446,1,447,1],[446,2,447,2],[446,3,447,3],[446,4,447,4],[446,5,446,13],[446,14,447,14],[447,6,447,6],[447,7,447,7],[458,0,458,1],[458,3,458,5],[458,6,458,8],[458,9,458,10],[458,11,458,14],[459,0,459,10],[459,11,459,14],[460,0,460,14],[461,0,461,5],[461,6,461,10],[461,11,461,14],[462,0,463,0],[462,1,463,1],[462,2,463,2],[462,3,463,3],[462,4,463,4],[462,5,462,13],[462,14,463,14],[463,6,463,6],[463,7,463,7],[477,0,477,1],[477,3,477,5],[477,6,477,8],[477,9,477,10],[477,11,477,14],[478,0,478,10],[478,11,478,14],[479,0,479,14],[480,0,480,5],[480,6,480,10],[480,11,480,14],[481,0,482,0],[481,1,482,1],[481,2,482,2],[481,3,482,3],[481,4,482,4],[481,5,481,13],[481,14,482,14],[482,6,482,6],[482,7,482,7],[496,0,496,1],[496,3,496,5],[496,6,496,8],[496,9,496,10],[496,11,496,14],[497,0,497,10],[497,11,497,14],[498,0,498,14],[499,0,499,5],[499,6,499,10],[499,11,499,14],[500,0,501,0],[500,1,501,1],[500,2,501,2],[500,3,501,3],[500,4,501,4],[500,5,500,13],[500,14,501,14],[501,6,501,6],[501,7,501,7],[515,0,515,1],[515,3,515,5],[515,6,515,8],[515,9,515,10],[515,11,515,14],[516,0,516,10],[516,11,516,14],[517,0,517,14],[518,0,518,5],[518,6,518,10],[518,11,518,14],[519,0,520,0],[519,1,520,1],[519,2,520,2],[519,3,520,3],[519,4,520,4],[519,5,519,13],[519,14,520,14],[520,6,520,6],[520,7,520,7],[534,0,534,1],[534,3,534,5],[534,6,534,8],[534,9,534,10],[534,11,534,14],[535,0,535,10],[535,11,535,14],[536,0,536,14],[537,0,537,5],[537,6,537,10],[537,11,537,14],[538,0,539,0],[538,1,539,1],[538,2,539,2],[538,3,539,3],[538,4,539,4],[538,5,538,13],[538,14,539,14],[539,6,539,6],[539,7,539,7],[551,0,551,1],[551,3,551,5],[551,6,551,8],[551,9,551,10],[551,11,551,14],[552,0,552,10],[552,11,552,14],[553,0,553,14],[554,0,554,5],[554,6,554,10],[554,11,554,14],[555,0,556,0],[555,1,556,1],[555,2,556,2],[555,3,556,3],[555,4,556,4],[555,5,555,13],[555,14,556,14],[556,6,556,6],[556,7,556,7],[568,0,568,1],[568,3,568,5],[568,6,568,8],[568,9,568,10],[568,11,568,14],[569,0,569,10],[569,11,569,14],[570,0,570,14],[571,0,571,5],[571,6,571,10],[571,11,571,14],[572,0,573,0],[572,1,573,1],[572,2,573,2],[572,3,573,3],[572,4,573,4],[572,5,572,13],[572,14,573,14],[573,6,573,6],[573,7,573,7],[585,0,585,1],[585,3,585,5],[585,6,585,8],[585,9,585,10],[585,11,585,14],[586,0,586,10],[586,11,586,14],[587,0,587,14],[588,0,588,5],[588,6,588,10],[588,11,588,14],[589,0,590,0],[589,1,590,1],[589,2,590,2],[589,3,590,3],[589,4,590,4],[589,5,589,13],[589,14,590,14],[590,6,590,6],[590,7,590,7],[601,0,601,1],[601,3,601,5],[601,6,601,8],[601,9,601,10],[601,11,601,14],[602,0,602,10],[602,11,602,14],[603,0,603,14],[604,0,604,5],[604,6,604,10],[604,11,604,14],[605,0,606,0],[605,1,606,1],[605,2,606,2],[605,3,606,3],[605,4,606,4],[605,5,605,13],[605,14,606,14],[606,6,606,6],[606,7,606,7],[618,0,618,1],[618,3,618,5],[618,6,618,8],[618,9,618,10],[618,11,618,14],[619,0,619,10],[619,11,619,14],[620,0,620,14],[621,0,621,5],[621,6,621,10],[621,11,621,14],[622,0,623,0],[622,1,623,1],[622,2,623,2],[622,3,623,3],[622,4,623,4],[622,5,622,13],[622,14,623,14],[623,6,623,6],[623,7,623,7],[636,0,636,1],[636,3,636,5],[636,6,636,8],[636,9,636,10],[636,11,636,14],[637,0,637,10],[637,11,637,14],[638,0,638,14],[639,0,639,5],[639,6,639,10],[639,11,639,14],[640,0,641,0],[640,1,641,1],[640,2,641,2],[640,3,641,3],[640,4,641,4],[640,5,640,13],[640,14,641,14],[641,6,641,6],[641,7,641,7],[652,0,652,1],[652,3,652,5],[652,6,652,8],[652,9,652,10],[652,11,652,14],[653,0,653,10],[653,11,653,14],[654,0,654,14],[655,0,655,5],[655,6,655,10],[655,11,655,14],[656,0,657,0],[656,1,657,1],[656,2,657,2],[656,3,657,3],[656,4,657,4],[656,5,656,13],[656,14,657,14],[657,6,657,6],[657,7,657,7],[670,0,670,1],[670,3,670,5],[670,6,670,8],[670,9,670,10],[670,11,670,14],[671,0,671,10],[671,11,671,14],[672,0,672,14],[673,0,673,5],[673,6,673,10],[673,11,673,14],[674,0,675,0],[674,1,675,1],[674,2,675,2],[674,3,675,3],[674,4,675,4],[674,5,674,13],[674,14,675,14],[675,6,675,6],[675,7,675,7],[690,0,690,1],[690,3,690,5],[690,6,690,8],[690,9,690,10],[690,11,690,14],[691,0,691,10],[691,11,691,14],[692,0,692,14],[693,0,693,5],[693,6,693,10],[693,11,693,14],[694,0,695,0],[694,1,695,1],[694,2,695,2],[694,3,695,3],[694,4,695,4],[694,5,694,13],[694,14,695,14],[695,6,695,6],[695,7,695,7],[709,0,709,1],[709,3,709,5],[709,6,709,8],[709,9,709,10],[709,11,709,14],[710,0,710,10],[710,11,710,14],[711,0,711,14],[712,0,712,5],[712,6,712,10],[712,11,712,14],[713,0,714,0],[713,1,714,1],[713,2,714,2],[713,3,714,3],[713,4,714,4],[713,5,713,13],[713,14,714,14],[714,6,714,6],[714,7,714,7],[729,0,729,1],[729,3,729,5],[729,6,729,8],[729,9,729,10],[729,11,729,14],[730,0,730,10],[730,11,730,14],[731,0,731,14],[732,0,732,5],[732,6,732,10],[732,11,732,14],[733,0,734,0],[733,1,734,1],[733,2,734,2],[733,3,734,3],[733,4,734,4],[733,5,733,13],[733,14,734,14],[734,6,734,6],[734,7,734,7],[744,0,744,1],[744,3,744,5],[744,6,744,8],[744,9,744,10],[744,11,744,14],[745,0,745,10],[745,11,745,14],[746,0,746,14],[747,0,747,5],[747,6,747,10],[747,11,747,14],[748,0,749,0],[748,1,749,1],[748,2,749,2],[748,3,749,3],[748,4,749,4],[748,5,748,13],[748,14,749,14],[749,6,749,6],[749,7,749,7],[762,0,762,1],[762,3,762,5],[762,6,762,8],[762,9,762,10],[762,11,762,14],[763,0,763,10],[763,11,763,14],[764,0,764,14],[765,0,765,5],[765,6,765,10],[765,11,765,14],[766,0,767,0],[766,1,767,1],[766,2,767,2],[766,3,767,3],[766,4,767,4],[766,5,766,13],[766,14,767,14],[767,6,767,6],[767,7,767,7],[778,0,778,1],[778,3,778,5],[778,6,778,8],[778,9,778,10],[778,11,778,14],[779,0,779,10],[779,11,779,14],[780,0,780,14],[781,0,781,5],[781,6,781,10],[781,11,781,14],[782,0,783,0],[782,1,783,1],[782,2,783,2],[782,3,783,3],[782,4,783,4],[782,5,782,13],[782,14,783,14],[783,6,783,6],[783,7,783,7],[794,0,794,1],[794,3,794,5],[794,6,794,8],[794,9,794,10],[794,11,794,14],[795,0,795,10],[795,11,795,14],[796,0,796,14],[797,0,797,5],[797,6,797,10],[797,11,797,14],[798,0,799,0],[798,1,799,1],[798,2,799,2],[798,3,799,3],[798,4,799,4],[798,5,798,13],[798,14,799,14],[799,6,799,6],[799,7,799,7],[810,0,810,1],[810,3,810,5],[810,6,810,8],[810,9,810,10],[810,11,810,14],[811,0,811,10],[811,11,811,14],[812,0,812,14],[813,0,813,5],[813,6,813,10],[813,11,813,14],[814,0,815,0],[814,1,815,1],[814,2,815,2],[814,3,815,3],[814,4,815,4],[814,5,814,13],[814,14,815,14],[815,6,815,6],[815,7,815,7],[827,0,827,1],[827,3,827,5],[827,6,827,8],[827,9,827,10],[827,11,827,14],[828,0,828,10],[828,11,828,14],[829,0,829,14],[830,0,830,5],[830,6,830,10],[830,11,830,14],[831,0,832,0],[831,1,832,1],[831,2,832,2],[831,3,832,3],[831,4,832,4],[831,5,831,13],[831,14,832,14],[832,6,832,6],[832,7,832,7],[845,0,845,1],[845,3,845,5],[845,6,845,8],[845,9,845,10],[845,11,845,14],[846,0,846,10],[846,11,846,14],[847,0,847,14],[848,0,848,5],[848,6,848,10],[848,11,848,14],[849,0,850,0],[849,1,850,1],[849,2,850,2],[849,3,850,3],[849,4,850,4],[849,5,849,13],[849,14,850,14],[850,6,850,6],[850,7,850,7],[861,0,861,1],[861,3,861,5],[861,6,861,8],[861,9,861,10],[861,11,861,14]],"merged_total":1941,"flags":["merged_cut"]}
[]
["工程量清单综合单价计算表"]
["单位工程(专业)：建筑工程-装修工程",{"$nulls":10},"第 1 页  共 97 页"]
["序号","项目编号","项目名称","计量单位","数量","综合单价（元）",{"$nulls":8},"合计(元)"]
[{"$nulls":5},"定额人工费","人工费价差","材料费","定额机械费","机械费价差","管理费","利润","风险费用","小计"]
[null,null,"20F改造维修"]
[null,null,"拆除及新建工程"]
[1,"01B001","建筑垃圾清理、外运及消纳处置费","项",1,null,null,16000,{"$nulls":5},16000,16000]
[null,"补05","建筑垃圾清理、外运及消纳处置费","项",1,null,null,16000,{"$nulls":5},16000,16000]
[2,"011601001001","砖砌体拆除","m3",41.95,13.1,1.94,0.81,31.6,7.62,6.78,3.41,null,65.26,2738]
[null,"16-8","加气砼砌块墙拆除","m3",41.95,13.1,1.94,0.81,31.6,7.62,6.78,3.41,null,65.26,2738]
[3,"011610002001","金属门窗拆除","m2",11.74,8.92,1.33,{"$nulls":3},1.35,0.68,null,12.28,144]
[null,"16-52","无框玻璃门拆除","m2",11.74,8.92,1.33,{"$nulls":3},1.35,0.68,null,12.28,144]
[4,"011610001001","木门窗拆除","m2",19.24,15.47,2.29,{"$nulls":3},2.35,1.18,null,21.29,410]
[null,"16-49","木门窗拆除","m2",19.24,15.47,2.29,{"$nulls":3},2.35,1.18,null,21.29,410]
[5,"011210002001","金属隔断","m2",166.16,14.11,2,50.87,null,null,2.14,1.08,null,70.2,11664]
[null,"12-216 换","隔墙龙骨 轻钢龙骨中距(mm以内) \u007f换为【镀锌轻钢龙骨50×40】","m2",166.16,14.11,2,50.87,null,null,2.14,1.08,null,70.2,11664]
[null,null,"防水工程"]
[6,"010904002001","楼（地）面涂膜防水","m2",37.51,2.77,0.41,27.63,null,null,0.42,0.21,null,31.44,1179]
[{"$nulls":11},"表-09"]
[]
["工程量清单综合单价计算表"]
["单位工程(专业)：建筑工程-装修工程",{"$nulls":10},"第 2 页  共 97 页"]
["序号","项目编号","项目名称","计量单位","数量","综合单价（元）",{"$nulls":8},"合计(元)"]
[{"$nulls":5},"定额人工费","人工费价差","材料费","定额机械费","机械费价差","管理费","利润","风险费用","小计"]
[null,"9-88","聚氨酯防水涂料 厚度1.5mm 平面","m2",37.51,2.77,0.41,27.63,null,null,0.42,0.21,null,31.44,1179]
[7,"010903002001","墙面涂膜防水","m2",69.55,8.4,1.24,58.13,null,null,1.27,0.64,null,69.68,4846]
[null,"9-89 换","聚氨酯防水涂料 厚度1.5mm 立面","m2",69.55,8.4,1.24,58.13,null,null,1.27,0.64,null,69.68,4846]
[8,"010903003001","墙面砂浆防水（防潮）","m2",69.55,10.42,1.54,13.5,0.21,0.02,1.61,0.81,null,28.11,1955]
[null,"9-43","防水砂浆 立面","m2",69.55,10.42,1.54,13.5,0.21,0.02,1.61,0.81,null,28.11,1955]
[null,null,"地面"]
[9,"011101005001","自流坪楼地面","m2",254.01,null,null,23,{"$nulls":5},23,5842]
[null,"补","3mm厚树脂胶泥自流平","m2",254.01,null,null,23,{"$nulls":5},23,5842]
[10,"011103002001","橡胶板卷材楼地面","m2",254.01,12.76,1.81,77.97,null,null,1.93,0.97,null,95.44,24243]
[null,"11-77 换","橡胶卷材 \u007f换为【塑胶地板复合式，厚度2.6mm，耐磨层0.5mm、防火 等级B1、防滑等级R9】","m2",254.01,12.76,1.81,77.97,null,null,1.93,0.97,null,95.44,24243]
[11,"011102003001","块料楼地面","m2",138.66,31.93,4.54,99.49,0.79,0.1,4.96,2.49,null,144.3,20009]
[{"$nulls":11},"表-09"]
[]
["工程量清单综合单价计算表"]
["单位工程(专业)：建筑工程-装修工程",{"$nulls":10},"第 3 页  共 97 页"]
["序号","项目编号","项目名称","计量单位","数量","综合单价（元）",{"$nulls":8},"合计(元)"]
[{"$nulls":5},"定额人工费","人工费价差","材料费","定额机械费","机械费价差","管理费","利润","风险费用","小计"]
[null,"11-47 换","地砖楼地面 (干混砂浆铺贴)周长2400mm以外密缝 \u007f实际厚度(mm):30 \u007f采用干硬性水泥砂浆的,除材料单价换算外 \u007f换为【CT-02 浅色瓷砖600×1200】","m2",138.66,31.93,4.54,99.49,0.79,0.1,4.96,2.49,null,144.3,20009]
[12,"011102003002","块料楼地面","m2",5.98,53.74,7.64,104.71,0.79,0.1,8.26,4.16,null,179.4,1073]
[null,"11-47 换","地砖楼地面 (干混砂浆铺贴)周长2400mm以外密缝 \u007f实际厚度(mm):30 \u007f采用干硬性水泥砂浆的,除材料单价换算外 \u007f换为【CT-02 浅色瓷砖600×1200】","m2",5.98,31.93,4.54,99.49,0.79,0.1,4.96,2.49,null,144.3,863]
[null,"11-75 换","弧形切割增加费 块料 \u007f圆弧形等不规则楼地面镶贴面层、饰面面层(块料消耗量按实调整)","m",24.38,5.35,0.76,1.28,null,null,0.81,0.41,null,8.61,210]
[13,"011108001001","石材零星项目","m2",3.26,188.6,26.68,417.95,1.97,0.07,28.87,14.58,null,678.72,2213]
[{"$nulls":11},"表-09"]
[]
["工程量清单综合单价计算表"]
["单位工程(专业)：建筑工程-装修工程",{"$nulls":10},"第 4 页  共 97 页"]
["序号","项目编号","项目名称","计量单位","数量","综合单价（元）",{"$nulls":8},"合计(元)"]
[{"$nulls":5},"定额人工费","人工费价差","材料费","定额机械费","机械费价差","管理费","利润","风险费用","小计"]
[null,"11-38 换","石材波打线(嵌边)干混砂浆铺贴 \u007f实际厚度(mm):30 \u007f采用干硬性水泥砂浆的,除材料单价换算外 \u007f换为【ST-01 深色大理石】","m2",3.26,42.48,6.03,385.67,0.79,0.1,6.56,3.3,null,444.93,1450]
[null,"11-40","石材六面刷保护液","m2",3.26,5.12,0.73,8.67,null,null,0.78,0.39,null,15.69,51]
[null,"11-41","石材楼地面 精磨镜面处理","m2",3.26,25.3,3.59,1.44,1.18,-0.03,4.01,2.02,null,37.51,122]
[null,"11-74 换","弧形切割增加费 天然石材 \u007f圆弧形等不规则楼地面镶贴面层、饰面面层(块料消耗量按实调整)","m",35.25,10.7,1.51,2.05,null,null,1.62,0.82,null,16.7,589]
[14,"011108001002","石材零星项目","m2",0.49,87.54,12.43,399.42,1.71,0.04,13.53,6.8,null,521.47,256]
[null,"11-143 换","零星装饰项目 干混砂浆铺贴 石材 \u007f换为【ST-01 深色大理石】","m2",0.49,57.12,8.11,389.31,0.53,0.07,8.74,4.39,null,468.27,229]
[null,"11-40","石材六面刷保护液","m2",0.49,5.12,0.73,8.67,null,null,0.78,0.39,null,15.69,8]
[null,"11-41 换","石材楼地面 精磨镜面处理","m2",0.49,25.3,3.59,1.44,1.18,-0.03,4.01,2.02,null,37.51,18]
[15,"011108001003","石材零星项目","m2",1.2,87.54,12.43,357.02,1.71,0.04,13.53,6.8,null,479.07,575]
[{"$nulls":11},"表-09"]
[]
["工程量清单综合单价计算表"]
["单位工程(专业)：建筑工程-装修工程",{"$nulls":10},"第 5 页  共 97 页"]
["序号","项目编号","项目名称","计量单位","数量","综合单价（元）",{"$nulls":8},"合计(元)"]
[{"$nulls":5},"定额人工费","人工费价差","材料费","定额机械费","机械费价差","管理费","利润","风险费用","小计"]
[null,"11-143 换","零星装饰项目 干混砂浆铺贴 石材 \u007f换为【ST-02 保加利亚灰大理石】","m2",1.2,57.12,8.11,346.91,0.53,0.07,8.74,4.39,null,425.87,511]
[null,"11-40","石材六面刷保护液","m2",1.2,5.12,0.73,8.67,null,null,0.78,0.39,null,15.69,19]
[null,"11-41 换","石材楼地面 精磨镜面处理","m2",1.2,25.3,3.59,1.44,1.18,-0.03,4.01,2.02,null,37.51,45]
[16,"011105006001","金属踢脚线","m",180.27,8.56,1.21,42.12,null,null,1.3,0.65,null,53.84,9706]
[null,"11-111","成品踢脚线 金属板面层 粘贴式","m",180.27,8.56,1.21,42.12,null,null,1.3,0.65,null,53.84,9706]
[null,null,"天棚"]
[17,"011302001001","吊顶天棚","m2",26.22,36.12,5.13,63.39,null,null,5.48,2.75,null,112.87,2959]
[null,"13-10","轻钢龙骨 (U50型)平面","m2",26.22,18.53,2.63,18.71,null,null,2.81,1.41,null,44.09,1156]
[null,"13-22 换","天棚基层 石膏板安在U形轻钢龙骨 上平面 \u007f实际石膏板层数(层):2 \u007f换为【耐潮纸面石膏板δ9.5】","m2",26.22,17.59,2.5,44.68,null,null,2.67,1.34,null,68.78,1803]
[18,"011302001002","吊顶天棚","m2",19.45,36.12,5.13,43.51,null,null,5.48,2.75,null,92.99,1809]
[null,"13-10","轻钢龙骨 (U50型)平面","m2",19.45,18.53,2.63,18.71,null,null,2.81,1.41,null,44.09,858]
[{"$nulls":11},"表-09"]
[]
["工程量清单综合单价计算表"]
["单位工程(专业)：建筑工程-装修工程",{"$nulls":10},"第 6 页  共 97 页"]
["序号","项目编号","项目名称","计量单位","数量","综合单价（元）",{"$nulls":8},"合计(元)"]
[{"$nulls":5},"定额人工费","人工费价差","材料费","定额机械费","机械费价差","管理费","利润","风险费用","小计"]
[null,"13-22 换","天棚基层 石膏板安在U形轻钢龙骨 上平面 \u007f实际石膏板层数(层):2","m2",19.45,17.59,2.5,24.8,null,null,2.67,1.34,null,48.9,951]
[19,"011302001003","吊顶天棚","m2",60.2,37.28,5.28,60.06,null,null,5.65,2.84,null,111.11,6689]
[null,"13-10","轻钢龙骨 (U50型)平面","m2",60.2,18.53,2.63,18.71,null,null,2.81,1.41,null,44.09,2654]
[null,"13-17 换","天棚基层 细木工板钉在轻钢龙骨 上平面 \u007f换为【阻燃板δ12】","m2",60.2,11.15,1.58,29.05,null,null,1.69,0.85,null,44.32,2668]
[null,"13-26","天棚基层 石膏板每增加一层","m2",60.2,7.6,1.07,12.3,null,null,1.15,0.58,null,22.7,1367]
[20,"011302001004","吊顶天棚","m2",46.46,40.08,5.69,60.06,null,null,6.07,3.06,null,114.96,5341]
[null,"13-10","轻钢龙骨 (U50型)平面","m2",46.46,18.53,2.63,18.71,null,null,2.81,1.41,null,44.09,2048]
[null,"13-17 换","天棚基层 细木工板钉在轻钢龙骨 上平面 \u007f换为【阻燃板δ12】 \u007f为拱形、圆弧形等曲面","m2",46.46,12.82,1.82,29.05,null,null,1.94,0.98,null,46.61,2166]
[null,"13-26 换","天棚基层 石膏板每增加一层 \u007f为拱形、圆弧形等曲面","m2",46.46,8.73,1.24,12.3,null,null,1.32,0.67,null,24.26,1127]
[21,"011302001005","吊顶天棚","m2",8.62,29.43,4.17,192.11,null,null,4.46,2.24,null,232.41,2003]
[{"$nulls":11},"表-09"]
[]
["工程量清单综合单价计算表"]
["单位工程(专业)：建筑工程-装修工程",{"$nulls":10},"第 7 页  共 97 页"]
["序号","项目编号","项目名称","计量单位","数量","综合单价（元）",{"$nulls":8},"合计(元)"]
[{"$nulls":5},"定额人工费","人工费价差","材料费","定额机械费","机械费价差","管理费","利润","风险费用","小计"]
[null,"13-17 换","天棚基层 细木工板钉在轻钢龙骨 上平面 \u007f换为【阻燃板δ12】","m2",8.62,11.15,1.58,29.05,null,null,1.69,0.85,null,44.32,382]
[null,"13-51 换","天棚面层 软膜吊顶 圆形 \u007f为拱形、圆弧形等曲面 \u007f换为【白色软膜】","m2",8.62,18.28,2.59,163.06,null,null,2.77,1.39,null,188.09,1621]
[22,"011302001006","吊顶天棚","m2",78.12,22.61,3.21,161.55,null,null,3.43,1.72,null,192.52,15040]
[null,"13-12","卡式轻钢龙骨","m2",78.12,15.8,2.24,12.83,null,null,2.4,1.2,null,34.47,2693]
[null,"13-44 换","天棚面层 铝合金方板面层 嵌入式 \u007f换为【铝蜂窝板】","m2",78.12,6.81,0.97,148.72,null,null,1.03,0.52,null,158.05,12347]
[23,"011302001007","吊顶天棚","m2",0.69,40.68,5.77,390.48,null,null,6.16,3.1,null,446.19,308]
[null,"13-10","轻钢龙骨 (U50型)平面","m2",0.69,18.53,2.63,18.71,null,null,2.81,1.41,null,44.09,30]
[null,"13-17 换","天棚基层 细木工板钉在轻钢龙骨 上平面 \u007f换为【阻燃板δ12】 \u007f为拱形、圆弧形等曲面","m2",0.69,12.82,1.82,29.05,null,null,1.94,0.98,null,46.61,32]
[null,"13-27 换","天棚面层 装饰夹板 平面板平面 \u007f为拱形、圆弧形等曲面 \u007f换为【WD-06 黄色烤漆板】","m2",0.69,9.33,1.32,342.72,null,null,1.41,0.71,null,355.49,245]
[24,"01130200100","吊顶天棚","m2",4.71,48.7,6.92,67.74,null,null,7.38,3.71,null,134.45,633]
[{"$nulls":11},"表-09"]
[]
["工程量清单综合单价计算表"]
["单位工程(专业)：建筑工程-装修工程",{"$nulls":10},"第 8 页  共 97 页"]
["序号","项目编号","项目名称","计量单位","数量","综合单价（元）",{"$nulls":8},"合计(元)"]
[{"$nulls":5},"定额人工费","人工费价差","材料费","定额机械费","机械费价差","管理费","利润","风险费用","小计"]
[null,"8"]
[null,"13-11 换","轻钢龙骨 (U50型)侧面","m2",4.71,22.23,3.16,14.53,null,null,3.37,1.69,null,44.98,212]
[null,"13-18 换","天棚基层 细木工板钉在轻钢龙骨 上侧面 \u007f换为【阻燃板δ12】","m2",4.71,14.44,2.05,30.4,null,null,2.19,1.1,null,50.18,236]
[null,"13-23 换","天棚基层 石膏板安在U形轻钢龙骨 上侧面 \u007f换为【耐潮纸面石膏板δ9.5】","m2",4.71,12.03,1.71,22.81,null,null,1.82,0.92,null,39.29,185]
[25,"011302001009","吊顶天棚","m2",4.46,48.7,6.92,57.8,null,null,7.38,3.71,null,124.51,555]
[null,"13-11 换","轻钢龙骨 (U50型)侧面","m2",4.46,22.23,3.16,14.53,null,null,3.37,1.69,null,44.98,201]
[null,"13-18 换","天棚基层 细木工板钉在轻钢龙骨 上侧面 \u007f换为【阻燃板δ12】","m2",4.46,14.44,2.05,30.4,null,null,2.19,1.1,null,50.18,224]
[null,"13-23","天棚基层 石膏板安在U形轻钢龙骨 上侧面","m2",4.46,12.03,1.71,12.87,null,null,1.82,0.92,null,29.35,131]
[26,"011302001010","吊顶天棚","m2",1.66,36.67,5.21,44.93,null,null,5.56,2.79,null,95.16,158]
[null,"13-11 换","轻钢龙骨 (U50型)侧面","m2",1.66,22.23,3.16,14.53,null,null,3.37,1.69,null,44.98,75]
[null,"13-18 换","天棚基层 细木工板钉在轻钢龙骨 上侧面 \u007f换为【阻燃板δ12】","m2",1.66,14.44,2.05,30.4,null,null,2.19,1.1,null,50.18,83]
[27,"01130200101","吊顶天棚","m2",13.91,52.66,7.49,57.8,null,null,7.99,4,null,129.94,1807]
[{"$nulls":11},"表-09"]
[]
["工程量清单综合单价计算表"]
["单位工程(专业)：建筑工程-装修工程",{"$nulls":10},"第 9 页  共 97 页"]
["序号","项目编号","项目名称","计量单位","数量","综合单价（元）",{"$nulls":8},"合计(元)"]
[{"$nulls":5},"定额人工费","人工费价差","材料费","定额机械费","机械费价差","管理费","利润","风险费用","小计"]
[null,"1"]
[null,"13-11 换","轻钢龙骨 (U50型)侧面","m2",13.91,22.23,3.16,14.53,null,null,3.37,1.69,null,44.98,626]
[null,"13-18 换","天棚基层 细木工板钉在轻钢龙骨 上侧面 \u007f换为【阻燃板δ12】 \u007f为拱形、圆弧形等曲面","m2",13.91,16.6,2.36,30.4,null,null,2.52,1.26,null,53.14,739]
[null,"13-23 换","天棚基层 石膏板安在U形轻钢龙骨 上侧面 \u007f为拱形、圆弧形等曲面","m2",13.91,13.83,1.97,12.87,null,null,2.1,1.05,null,31.82,443]
[28,"011304001001","灯带（槽）","m2",5.15,50.63,7.18,69.2,0.07,-0.01,7.68,3.86,null,138.61,714]
[null,"13-75 换","悬挑式灯槽、灯带 直形 细木工板面高15cm内","m2",5.15,43.03,6.11,46.96,0.07,-0.01,6.53,3.28,null,105.97,546]
[null,"13-26 换","天棚基层 石膏板每增加一层 \u007f换为【耐潮纸面石膏板δ9.5】","m2",5.15,7.6,1.07,22.24,null,null,1.15,0.58,null,32.64,168]
[29,"011304001002","灯带（槽）","m2",6.3,50.63,7.18,59.26,0.07,-0.01,7.68,3.86,null,128.67,811]
[null,"13-75 换","悬挑式灯槽、灯带 直形 细木工板面高15cm内","m2",6.3,43.03,6.11,46.96,0.07,-0.01,6.53,3.28,null,105.97,668]
[null,"13-26 换","天棚基层 石膏板每增加一层","m2",6.3,7.6,1.07,12.3,null,null,1.15,0.58,null,22.7,143]
[30,"011304001003","灯带（槽）","m2",5.92,62.02,8.8,60.76,0.06,null,9.41,4.74,null,145.79,863]
[{"$nulls":11},"表-09"]
[]
["工程量清单综合单价计算表"]
["单位工程(专业)：建筑工程-装修工程",{"$nulls":10},"第 10 页  共 97 页"]
["序号","项目编号","项目名称","计量单位","数量","综合单价（元）",{"$nulls":8},"合计(元)"]
[{"$nulls":5},"定额人工费","人工费价差","材料费","定额机械费","机械费价差","管理费","利润","风险费用","小计"]
[null,"13-76 换","悬挑式灯槽、灯带 弧形 五夹板面高15cm内 \u007f换为【细木工板δ9】","m2",5.92,53.29,7.56,48.46,0.06,null,8.09,4.07,null,121.53,719]
[null,"13-26 换","天棚基层 石膏板每增加一层 \u007f为拱形、圆弧形等曲面","m2",5.92,8.73,1.24,12.3,null,null,1.32,0.67,null,24.26,144]
[31,"011304001004","灯带（槽）","m2",7.93,64.34,9.15,414.27,0.07,-0.01,9.77,4.9,null,502.49,3985]
[null,"13-75 换","悬挑式灯槽、灯带 直形 细木工板面高15cm内","m2",7.93,43.03,6.11,46.96,0.07,-0.01,6.53,3.28,null,105.97,840]
[null,"13-37 换","天棚面层 不锈钢板 粘在夹板基层上 平面 \u007f换为【黑色不锈钢板1.2】","m2",12.22,13.83,1.97,238.36,null,null,2.1,1.05,null,257.31,3144]
[32,"011502001001","金属装饰线","m",74.13,5.5,0.79,8.63,null,null,0.83,0.42,null,16.17,1199]
[null,"15-37 换","角线20以内 \u007f天棚面安装直线形装饰线条 \u007f换为【铝蜂窝板收边条】","m",74.13,5.5,0.79,8.63,null,null,0.83,0.42,null,16.17,1199]
[33,"011502001002","金属装饰线","m",26.1,5.5,0.79,27.07,null,null,0.83,0.42,null,34.61,903]
[null,"15-37 换","角线20以内 \u007f天棚面安装直线形装饰线条 \u007f换为【配套灯槽铝型材侧边条H=200mm】","m",26.1,5.5,0.79,27.07,null,null,0.83,0.42,null,34.61,903]
[34,"01150200100","金属装饰线","m",15.23,5.5,0.79,10.01,null,null,0.83,0.42,null,17.55,267]
[{"$nulls":11},"表-09"]
[]
["工程量清单综合单价计算表"]
["单位工程(专业)：建筑工程-装修工程",{"$nulls":10},"第 11 页  共 97 页"]
["序号","项目编号","项目名称","计量单位","数量","综合单价（元）",{"$nulls":8},"合计(元)"]
[{"$nulls":5},"定额人工费","人工费价差","材料费","定额机械费","机械费价差","管理费","利润","风险费用","小计"]
[null,"3"]
[null,"15-37 换","角线20以内 \u007f天棚面安装直线形装饰线条 \u007f换为【铝合金嵌条宽度10mm】","m",15.23,5.5,0.79,10.01,null,null,0.83,0.42,null,17.55,267]
[35,"011407002001","天棚喷刷涂料","m2",194.57,17.02,2.42,9.45,null,null,2.58,1.3,null,32.77,6376]
[null,"14-142","批刮腻子(满刮两遍)石膏板或其他基层板面","m2",194.57,7.44,1.06,2.32,null,null,1.13,0.57,null,12.52,2436]
[null,"14-128 换","乳胶漆墙、柱、天棚面二遍 \u007f实际遍数(遍):3 \u007f换为【无机涂料】","m2",194.57,9.58,1.36,7.13,null,null,1.45,0.73,null,20.25,3940]
[36,"011407002002","天棚喷刷涂料","m2",16.83,7.83,1.11,0.78,null,null,1.19,0.6,null,11.51,194]
[null,"14-130 换","涂料墙、柱、天棚面二遍 \u007f实际遍数(遍):3 \u007f换为【无机涂料】","m2",16.83,7.83,1.11,0.78,null,null,1.19,0.6,null,11.51,194]
[null,null,"墙面"]
[37,"011201001001","墙面一般抹灰","m2",69.58,10.09,1.43,9.85,0.22,0.01,1.56,0.78,null,23.94,1666]
[null,"12-16 换","打底找平 厚15 \u007f换为【干混抹灰砂浆 DP M20.0】","m2",69.58,10.09,1.43,7.24,0.16,0.01,1.55,0.78,null,21.26,1479]
[{"$nulls":11},"表-09"]
[]
["工程量清单综合单价计算表"]
["单位工程(专业)：建筑工程-装修工程",{"$nulls":10},"第 12 页  共 97 页"]
["序号","项目编号","项目名称","计量单位","数量","综合单价（元）",{"$nulls":8},"合计(元)"]
[{"$nulls":5},"定额人工费","人工费价差","材料费","定额机械费","机械费价差","管理费","利润","风险费用","小计"]
[null,"12-3 换","墙面一般抹灰 每增减1mm \u007f换为【干混抹灰砂浆 DP M20.0】","m2",69.58,null,null,2.61,0.06,null,0.01,null,null,2.68,186]
[38,"011204003001","块料墙面","m2",69.58,39.92,5.66,114.93,null,null,6.05,3.04,null,169.6,11801]
[null,"12-52 换","墙面瓷砖(干粉型粘结剂) 周长1200mm以上 \u007f换为【CT-02 浅色瓷砖600×1200】","m2",69.58,39.92,5.66,101.93,null,null,6.05,3.04,null,156.6,10896]
[null,"补","瓷砖刷背胶","m2",69.58,null,null,13,{"$nulls":5},13,905]
[39,"011207001001","墙面装饰板","m2",28.03,72.72,10.32,423.37,2.24,-0.14,11.37,5.71,null,525.59,14732]
[null,"12-67","内墙(柱、梁)骨架及基层钢龙骨","t",0.33636,3276.39,465.04,5541.32,186.61,-11.32,524.99,263.88,null,10246.91,3447]
[null,"12-123 换","墙饰面 木夹板基层 \u007f换为【阻燃板δ12】","m2",28.03,8.16,1.16,28.33,null,null,1.24,0.62,null,39.51,1107]
[null,"12-140 换","墙饰面 铝合金装饰板 \u007f换为【WD-02银色金属板δ12】","m2",28.03,25.24,3.58,328.54,null,null,3.83,1.92,null,363.11,10178]
[40,"Z011207003001","成品木饰面","m2",72.04,24.48,3.48,421.57,null,null,3.71,1.86,null,455.1,32785]
[null,"12-123 换","墙饰面 木夹板基层 \u007f换为【阻燃板δ12】","m2",72.04,8.16,1.16,28.33,null,null,1.24,0.62,null,39.51,2846]
[null,"12-147 换","墙饰面 成品木饰面粘贴 \u007f换为【烤漆板δ12】","m2",72.04,16.32,2.32,393.24,null,null,2.47,1.24,null,415.59,29939]
[{"$nulls":11},"表-09"]
[]
["工程量清单综合单价计算表"]
["单位工程(专业)：建筑工程-装修工程",{"$nulls":10},"第 13 页  共 97 页"]
["序号","项目编号","项目名称","计量单位","数量","综合单价（元）",{"$nulls":8},"合计(元)"]
[{"$nulls":5},"定额人工费","人工费价差","材料费","定额机械费","机械费价差","管理费","利润","风险费用","小计"]
[41,"Z011207003002","成品木饰面","m2",20.53,28.15,3.99,634.55,null,null,4.27,2.14,null,673.1,13819]
[null,"12-123 换","墙饰面 木夹板基层 \u007f换为【阻燃板 δ12】 \u007f现场加工","m2",20.53,9.38,1.33,29.75,null,null,1.42,0.71,null,42.59,874]
[null,"12-147 换","墙饰面 成品木饰面粘贴 \u007f换为【烤漆板 δ12】 \u007f现场加工","m2",20.53,18.77,2.66,604.8,null,null,2.85,1.43,null,630.51,12944]
[42,"Z011207003003","成品木饰面","m2",3.74,24.48,3.48,320.57,null,null,3.71,1.86,null,354.1,1324]
[null,"12-123 换","墙饰面 木夹板基层 \u007f换为【阻燃板 δ12】","m2",3.74,8.16,1.16,28.33,null,null,1.24,0.62,null,39.51,148]
[null,"12-147 换","墙饰面 成品木饰面粘贴 \u007f换为【WD-01 胡桃木饰面 δ12】","m2",3.74,16.32,2.32,292.24,null,null,2.47,1.24,null,314.59,1177]
[43,"011407001001","墙面喷刷涂料","m2",150.66,17.02,2.42,9.45,null,null,2.58,1.3,null,32.77,4937]
[null,"14-142","批刮腻子(满刮两遍)石膏板或其他基层板面","m2",150.66,7.44,1.06,2.32,null,null,1.13,0.57,null,12.52,1886]
[null,"14-128 换","乳胶漆墙、柱、天棚面二遍 \u007f实际遍数(遍):3 \u007f换为【无机涂料】","m2",150.66,9.58,1.36,7.13,null,null,1.45,0.73,null,20.25,3051]
[44,"011407001002","墙面喷刷涂料","m2",239.4,null,null,105,{"$nulls":5},105,25137]
[{"$nulls":11},"表-09"]
[]
["工程量清单综合单价计算表"]
["单位工程(专业)：建筑工程-装修工程",{"$nulls":10},"第 14 页  共 97 页"]
["序号","项目编号","项目名称","计量单位","数量","综合单价（元）",{"$nulls":8},"合计(元)"]
[{"$nulls":5},"定额人工费","人工费价差","材料费","定额机械费","机械费价差","管理费","利润","风险费用","小计"]
[null,"补","刷艺术漆三遍（含腻子二遍）","m2",239.4,null,null,105,{"$nulls":5},105,25137]
[null,null,"其它工程"]
[45,"010809004001","石材窗台板","m2",0.92,224.74,31.99,499.07,1.18,-0.03,34.24,17.15,null,808.34,744]
[null,"8-149 换","窗台板 石材 粘合剂粘贴 \u007f换为【ST-02 保加利亚灰大理石】","m2",0.92,57.38,8.15,465.6,null,null,8.7,4.37,null,544.2,501]
[null,"11-40","石材六面刷保护液","m2",0.92,5.12,0.73,8.67,null,null,0.78,0.39,null,15.69,14]
[null,"11-41 换","石材楼地面 精磨镜面处理","m2",0.92,25.3,3.59,1.44,1.18,-0.03,4.01,2.02,null,37.51,35]
[null,"15-179","石材磨边斜边","m",7.07,6.2,0.88,1.14,null,null,0.94,0.47,null,9.63,68]
[null,"15-182","倒角、抛光厚度(mm)10以内","m",14.14,5.81,0.83,0.95,null,null,0.88,0.44,null,8.91,126]
[46,"010808004001","金属门窗套","m2",5.5,77.18,10.97,326.03,0.1,null,11.71,5.88,null,431.87,2375]
[null,"8-132 换","门窗套基层 木龙骨五夹板门套 \u007f换为【阻燃板δ15】","m2",11,28.33,4.03,37.44,0.05,null,4.3,2.16,null,76.31,839]
[null,"8-137 换","门窗套面层 不锈钢板 \u007f换为【MT-01 黑色不锈钢】","m2",5.5,20.52,2.91,251.15,null,null,3.11,1.56,null,279.25,1536]
[47,"010801002001","木质门带套","樘",4,89.96,12.77,1209.42,null,null,13.64,6.86,null,1332.65,5331]
[{"$nulls":11},"表-09"]
[]
["工程量清单综合单价计算表"]
["单位工程(专业)：建筑工程-装修工程",{"$nulls":10},"第 15 页  共 97 页"]
["序号","项目编号","项目名称","计量单位","数量","综合单价（元）",{"$nulls":8},"合计(元)"]
[{"$nulls":5},"定额人工费","人工费价差","材料费","定额机械费","机械费价差","管理费","利润","风险费用","小计"]
[null,"8-33 换","成品套装木门安装单扇门 \u007f换为【胡桃木饰面成品木门900*2200mm】","樘",4,51.43,7.3,1102.36,null,null,7.8,3.92,null,1172.81,4691]
[null,"8-166","门特殊五金 执手锁 双开","把",4,38.53,5.47,107.06,null,null,5.84,2.94,null,159.84,639]
[48,"010801002002","木质门带套","樘",1,89.96,12.77,1309.42,null,null,13.64,6.86,null,1432.65,1433]
[null,"8-33 换","成品套装木门安装单扇门 \u007f换为【胡桃木饰面成品木门980*2200mm】","樘",1,51.43,7.3,1202.36,null,null,7.8,3.92,null,1272.81,1273]
[null,"8-166","门特殊五金 执手锁 双开","把",1,38.53,5.47,107.06,null,null,5.84,2.94,null,159.84,160]
[49,"010801002003","木质门带套","樘",2,89.96,12.77,939.42,null,null,13.64,6.86,null,1062.65,2125]
[null,"8-33 换","成品套装木门安装单扇门 \u007f换为【胡桃木饰面成品木门665*2200mm】","樘",2,51.43,7.3,832.36,null,null,7.8,3.92,null,902.81,1806]
[null,"8-166","门特殊五金 执手锁 双开","把",2,38.53,5.47,107.06,null,null,5.84,2.94,null,159.84,320]
[50,"010801004001","木质防火门","m2",10.7,58.89,8.36,565.79,null,null,8.93,4.49,null,646.46,6917]
[null,"8-37","木质防火门安装","m2",10.7,30.79,4.37,448.46,null,null,4.67,2.35,null,490.64,5250]
[null,"8-186","门特殊五金 闭门器明装","个",8,12.21,1.74,94.96,null,null,1.85,0.93,null,111.69,894]
[null,"8-188","门特殊五金 顺位器","个",4,12.21,1.74,16.88,null,null,1.85,0.93,null,33.61,134]
[{"$nulls":11},"表-09"]
[]
["工程量清单综合单价计算表"]
["单位工程(专业)：建筑工程-装修工程",{"$nulls":10},"第 16 页  共 97 页"]
["序号","项目编号","项目名称","计量单位","数量","综合单价（元）",{"$nulls":8},"合计(元)"]
[{"$nulls":5},"定额人工费","人工费价差","材料费","定额机械费","机械费价差","管理费","利润","风险费用","小计"]
[null,"8-166","门特殊五金 执手锁 双开","把",4,38.53,5.47,107.06,null,null,5.84,2.94,null,159.84,639]
[51,"010805005001","全玻自由门","m2",9.45,58.04,8.24,327.79,null,null,8.8,4.42,null,407.29,3849]
[null,"8-96","全玻璃门扇安装 有框门扇","m2",9.45,58.04,8.24,327.79,null,null,8.8,4.42,null,407.29,3849]
[52,"011207001002","墙面装饰板","m2",1.34,106.21,15.07,316.56,4.18,-0.26,16.73,8.41,null,466.9,626]
[null,"12-67","内墙(柱、梁)骨架及基层钢龙骨","t",0.03,3276.39,465.04,5541.32,186.61,-11.32,524.99,263.88,null,10246.91,307]
[null,"12-123 换","墙饰面 木夹板基层 \u007f换为【阻燃板δ12】","m2",2.68,8.16,1.16,28.33,null,null,1.24,0.62,null,39.51,106]
[null,"12-124 换","墙饰面 石膏板基层 \u007f换为【纸面石膏板δ9.5】","m2",2.68,8.27,1.17,11.95,null,null,1.25,0.63,null,23.27,62]
[null,"补","天地轴、暗门拉手、合页","套",1,null,null,150,{"$nulls":5},150,150]
[53,"011210003001","玻璃隔断","m2",19.43,40.2,5.7,298.86,null,null,6.09,3.06,null,353.91,6876]
[null,"12-206","不锈钢框玻璃隔断","m2",19.43,40.2,5.7,298.86,null,null,6.09,3.06,null,353.91,6876]
[54,"011210003002","玻璃隔断","m2",2.07,40.2,5.7,389.76,null,null,6.09,3.06,null,444.81,921]
[null,"12-206 换","不锈钢框玻璃隔断 \u007f换为【油砂玻璃隔断】","m2",2.07,40.2,5.7,389.76,null,null,6.09,3.06,null,444.81,921]
[55,"01121000600","其他隔断","m2",11.26,28.58,4.06,407.95,0.19,-0.01,4.36,2.19,null,447.32,5037]
[{"$nulls":11},"表-09"]
[]
["工程量清单综合单价计算表"]
["单位工程(专业)：建筑工程-装修工程",{"$nulls":10},"第 17 页  共 97 页"]
["序号","项目编号","项目名称","计量单位","数量","综合单价（元）",{"$nulls":8},"合计(元)"]
[{"$nulls":5},"定额人工费","人工费价差","材料费","定额机械费","机械费价差","管理费","利润","风险费用","小计"]
[null,"1"]
[null,"12-213 换","玻璃砖隔断 全砖 \u007f换为【玻璃砖】","m2",11.26,28.58,4.06,407.95,0.19,-0.01,4.36,2.19,null,447.32,5037]
[56,"011507003001","灯箱","m2",24.11,162.55,23.07,62.01,1,-0.05,24.79,12.46,null,285.83,6891]
[null,"15-125 换","基层柱面灯箱基层木框 \u007f换为【阻燃板δ18】","m2",24.11,158.1,22.44,59.35,1,-0.05,24.12,12.12,null,277.08,6680]
[null,"14-91","其他板材面防火涂料二遍","m2",24.11,4.45,0.63,2.66,null,null,0.67,0.34,null,8.75,211]
[57,"011501010001","吊柜","m",0.8,75.95,10.78,912.48,1.6,-0.06,11.76,5.91,null,1018.42,815]
[null,"15-7 换","吊柜 \u007f换为【阻燃胶合板贴科技木夹板δ18】","m",0.8,75.95,10.78,912.48,1.6,-0.06,11.76,5.91,null,1018.42,815]
[58,"011501010002","吊柜","m",1.96,75.95,10.78,913.89,1.6,-0.06,11.76,5.91,null,1019.83,1999]
[null,"15-7 换","吊柜 \u007f换为【阻燃胶合板贴科技木夹板δ18】","m",1.96,75.95,10.78,913.89,1.6,-0.06,11.76,5.91,null,1019.83,1999]
[59,"011501014001","吧台","m",1.96,63.49,9.01,1456.37,0.22,-0.01,9.66,4.85,null,1543.59,3025]
[null,"15-13 换","附墙低柜 \u007f换为【阻燃胶合板贴科技木夹板δ18】","m2",1.568,49.91,7.08,1567.37,0.28,-0.02,7.61,3.82,null,1636.05,2565]
[null,"15-9 换","石材台面 \u007f换为【ST-03 白色石英石】","m2",1.568,29.45,4.18,253.09,null,null,4.46,2.24,null,293.42,460]
[{"$nulls":11},"表-09"]
[]
["工程量清单综合单价计算表"]
["单位工程(专业)：建筑工程-装修工程",{"$nulls":10},"第 18 页  共 97 页"]
["序号","项目编号","项目名称","计量单位","数量","综合单价（元）",{"$nulls":8},"合计(元)"]
[{"$nulls":5},"定额人工费","人工费价差","材料费","定额机械费","机械费价差","管理费","利润","风险费用","小计"]
[60,"011501008001","木壁柜","m",1.68,119.78,17,2542.9,0.67,-0.05,18.26,9.17,null,2707.73,4549]
[null,"15-13 换","附墙低柜 \u007f换为【阻燃胶合板贴科技木夹板δ18】","m2",4.032,49.91,7.08,1059.54,0.28,-0.02,7.61,3.82,null,1128.22,4549]
[61,"011505010001","镜面玻璃","m2",3.54,37.2,5.28,160.23,null,null,5.64,2.83,null,211.18,748]
[null,"15-104 换","镜面玻璃带金属框 \u007f换为【阻燃板δ9】","m2",3.54,37.2,5.28,160.23,null,null,5.64,2.83,null,211.18,748]
[62,"011505001001","洗漱台","m2",2.83,274.2,38.93,1395.74,1.53,-0.04,41.8,21.01,null,1773.17,5018]
[null,"15-101 换","大理石洗漱台台下盆","m2",2.83,162.75,23.1,670.1,0.08,0.01,24.69,12.41,null,893.14,2528]
[null,"15-182","倒角、抛光厚度(mm)10以内","m",3.77,5.81,0.83,0.95,null,null,0.88,0.44,null,8.91,34]
[null,"15-179","石材磨边斜边","m",3.77,6.2,0.88,1.14,null,null,0.94,0.47,null,9.63,36]
[null,"11-40","石材六面刷保护液","m2",2.83,5.12,0.73,8.67,null,null,0.78,0.39,null,15.69,44]
[null,"11-41 换","石材楼地面 精磨镜面处理","m2",2.83,25.3,3.59,1.44,1.18,-0.03,4.01,2.02,null,37.51,106]
[null,"15-13 换","附墙低柜 \u007f换为【WD-01胡桃木饰面δ12】","m2",1.7908,49.91,7.08,800.8,0.28,-0.02,7.61,3.82,null,869.48,1557]
[null,"15-19 换","单独柜门平板门 \u007f换为【WD-01胡桃木饰面δ12】","m2",1.7908,52.86,7.5,325.55,0.14,-0.01,8.03,4.04,null,398.11,713]
[{"$nulls":11},"表-09"]
[]
["工程量清单综合单价计算表"]
["单位工程(专业)：建筑工程-装修工程",{"$nulls":10},"第 19 页  共 97 页"]
["序号","项目编号","项目名称","计量单位","数量","综合单价（元）",{"$nulls":8},"合计(元)"]
[{"$nulls":5},"定额人工费","人工费价差","材料费","定额机械费","机械费价差","管理费","利润","风险费用","小计"]
[63,"011210005001","成品隔断","m2",20.54,42.08,5.97,151.08,null,null,6.38,3.21,null,208.72,4287]
[null,"12-207 换","成品卫生间隔断 \u007f换为【成品抗倍特板12mm】","m2",20.54,42.08,5.97,151.08,null,null,6.38,3.21,null,208.72,4287]
[64,"01B002","地台","m",4.6,57.3,8.13,242.02,0.06,-0.01,8.7,4.38,null,320.58,1475]
[null,"11-84 换","细木工板 铺在木龙骨上(单层) \u007f换为【阻燃板δ12】","m2",4.002,17.87,2.54,38.95,0.07,-0.01,2.72,1.37,null,63.51,254]
[null,"12-142 换","墙饰面 不锈钢面板 \u007f换为【MT-01 黑色不锈钢】","m2",4.002,47.99,6.81,239.23,null,null,7.28,3.66,null,304.97,1220]
[null,null,"21F改造维修"]
[null,null,"拆除及新建工程"]
[65,"011601001002","砖砌体拆除","m3",6.58,13.1,1.94,0.81,31.6,7.62,6.78,3.41,null,65.26,429]
[null,"16-8","加气砼砌块墙拆除","m3",6.58,13.1,1.94,0.81,31.6,7.62,6.78,3.41,null,65.26,429]
[66,"011610001002","木门窗拆除","m2",51.7,15.47,2.29,{"$nulls":3},2.35,1.18,null,21.29,1101]
[null,"16-49","木门窗拆除","m2",51.7,15.47,2.29,{"$nulls":3},2.35,1.18,null,21.29,1101]
[67,"011210002002","金属隔断","m2",61.29,14.11,2,50.87,null,null,2.14,1.08,null,70.2,4303]
[null,"12-216 换","隔墙龙骨 轻钢龙骨中距(mm以内) \u007f换为【镀锌轻钢龙骨50×40】","m2",61.29,14.11,2,50.87,null,null,2.14,1.08,null,70.2,4303]
[{"$nulls":11},"表-09"]
[]
["工程量清单综合单价计算表"]
["单位工程(专业)：建筑工程-装修工程",{"$nulls":10},"第 20 页  共 97 页"]
["序号","项目编号","项目名称","计量单位","数量","综合单价（元）",{"$nulls":8},"合计(元)"]
[{"$nulls":5},"定额人工费","人工费价差","材料费","定额机械费","机械费价差","管理费","利润","风险费用","小计"]
[null,null,"防水工程"]
[68,"010904002002","楼（地）面涂膜防水","m2",37.51,2.77,0.41,27.63,null,null,0.42,0.21,null,31.44,1179]
[null,"9-88 换","聚氨酯防水涂料 厚度1.5mm 平面","m2",37.51,2.77,0.41,27.63,null,null,0.42,0.21,null,31.44,1179]
[69,"010903002002","墙面涂膜防水","m2",69.55,8.4,1.24,58.13,null,null,1.27,0.64,null,69.68,4846]
[null,"9-89 换","聚氨酯防水涂料 厚度1.5mm 立面","m2",69.55,8.4,1.24,58.13,null,null,1.27,0.64,null,69.68,4846]
[70,"010903003002","墙面砂浆防水（防潮）","m2",69.55,10.42,1.54,13.5,0.21,0.02,1.61,0.81,null,28.11,1955]
[null,"9-43","防水砂浆 立面","m2",69.55,10.42,1.54,13.5,0.21,0.02,1.61,0.81,null,28.11,1955]
[null,null,"地面"]
[71,"011101005002","自流坪楼地面","m2",121.05,null,null,23,{"$nulls":5},23,2784]
[null,"补","3mm厚树脂胶泥自流平","m2",121.05,null,null,23,{"$nulls":5},23,2784]
[72,"011103002002","橡胶板卷材楼地面","m2",121.05,12.76,1.81,77.97,null,null,1.93,0.97,null,95.44,11553]
[null,"11-77 换","橡胶卷材 \u007f换为【塑胶地板复合式，厚度2.6mm，耐磨层0.5mm、防火 等级B1、防滑等级R9】","m2",121.05,12.76,1.81,77.97,null,null,1.93,0.97,null,95.44,11553]
[73,"01110200300","块料楼地面","m2",32.51,31.93,4.54,99.49,0.79,0.1,4.96,2.49,null,144.3,4691]
[{"$nulls":11},"表-09"]
[]
["工程量清单综合单价计算表"]
["单位工程(专业)：建筑工程-装修工程",{"$nulls":10},"第 21 页  共 97 页"]
["序号","项目编号","项目名称","计量单位","数量","综合单价（元）",{"$nulls":8},"合计(元)"]
[{"$nulls":5},"定额人工费","人工费价差","材料费","定额机械费","机械费价差","管理费","利润","风险费用","小计"]
[null,"3"]
[null,"11-47 换","地砖楼地面 (干混砂浆铺贴)周长2400mm以外密缝 \u007f实际厚度(mm):30 \u007f采用干硬性水泥砂浆的,除材料单价换算外 \u007f换为【CT-02 浅色瓷砖600×1200】","m2",32.51,31.93,4.54,99.49,0.79,0.1,4.96,2.49,null,144.3,4691]
[74,"011108001004","石材零星项目","m2",0.12,87.54,12.43,399.42,1.71,0.04,13.53,6.8,null,521.47,63]
[null,"11-143 换","零星装饰项目 干混砂浆铺贴 石材 \u007f换为【ST-01 深色大理石】","m2",0.12,57.12,8.11,389.31,0.53,0.07,8.74,4.39,null,468.27,56]
[null,"11-40","石材六面刷保护液","m2",0.12,5.12,0.73,8.67,null,null,0.78,0.39,null,15.69,2]
[null,"11-41 换","石材楼地面 精磨镜面处理","m2",0.12,25.3,3.59,1.44,1.18,-0.03,4.01,2.02,null,37.51,5]
[75,"011108001005","石材零星项目","m2",1,87.54,12.43,399.42,1.71,0.04,13.53,6.8,null,521.47,521]
[null,"11-143 换","零星装饰项目 干混砂浆铺贴 石材 \u007f换为【ST-01 深色大理石】","m2",1,57.12,8.11,389.31,0.53,0.07,8.74,4.39,null,468.27,468]
[null,"11-40","石材六面刷保护液","m2",1,5.12,0.73,8.67,null,null,0.78,0.39,null,15.69,16]
[null,"11-41 换","石材楼地面 精磨镜面处理","m2",1,25.3,3.59,1.44,1.18,-0.03,4.01,2.02,null,37.51,38]
[76,"01110500600","金属踢脚线","m",119.57,8.56,1.21,42.12,null,null,1.3,0.65,null,53.84,6438]
[{"$nulls":11},"表-09"]
[]
["工程量清单综合单价计算表"]
["单位工程(专业)：建筑工程-装修工程",{"$nulls":10},"第 22 页  共 97 页"]
["序号","项目编号","项目名称","计量单位","数量","综合单价（元）",{"$nulls":8},"合计(元)"]
[{"$nulls":5},"定额人工费","人工费价差","材料费","定额机械费","机械费价差","管理费","利润","风险费用","小计"]
[null,"2"]
[null,"11-111","成品踢脚线 金属板面层 粘贴式","m",119.57,8.56,1.21,42.12,null,null,1.3,0.65,null,53.84,6438]
[null,null,"天棚"]
[77,"011302001012","吊顶天棚","m2",26.22,36.12,5.13,63.39,null,null,5.48,2.75,null,112.87,2959]
[null,"13-10","轻钢龙骨 (U50型)平面","m2",26.22,18.53,2.63,18.71,null,null,2.81,1.41,null,44.09,1156]
[null,"13-22 换","天棚基层 石膏板安在U形轻钢龙骨 上平面 \u007f实际石膏板层数(层):2 \u007f换为【耐潮纸面石膏板δ9.5】","m2",26.22,17.59,2.5,44.68,null,null,2.67,1.34,null,68.78,1803]
[78,"011302001013","吊顶天棚","m2",4.71,48.7,6.92,67.74,null,null,7.38,3.71,null,134.45,633]
[null,"13-11 换","轻钢龙骨 (U50型)侧面","m2",4.71,22.23,3.16,14.53,null,null,3.37,1.69,null,44.98,212]
[null,"13-18 换","天棚基层 细木工板钉在轻钢龙骨 上侧面 \u007f换为【阻燃板δ12】","m2",4.71,14.44,2.05,30.4,null,null,2.19,1.1,null,50.18,236]
[null,"13-23 换","天棚基层 石膏板安在U形轻钢龙骨 上侧面 \u007f换为【耐潮纸面石膏板δ9.5】","m2",4.71,12.03,1.71,22.81,null,null,1.82,0.92,null,39.29,185]
[79,"011304001005","灯带（槽）","m2",5.15,50.63,7.18,69.2,0.07,-0.01,7.68,3.86,null,138.61,714]
[{"$nulls":11},"表-09"]
[]
["工程量清单综合单价计算表"]
["单位工程(专业)：建筑工程-装修工程",{"$nulls":10},"第 23 页  共 97 页"]
["序号","项目编号","项目名称","计量单位","数量","综合单价（元）",{"$nulls":8},"合计(元)"]
[{"$nulls":5},"定额人工费","人工费价差","材料费","定额机械费","机械费价差","管理费","利润","风险费用","小计"]
[null,"13-75 换","悬挑式灯槽、灯带 直形 细木工板面高15cm内","m2",5.15,43.03,6.11,46.96,0.07,-0.01,6.53,3.28,null,105.97,546]
[null,"13-26 换","天棚基层 石膏板每增加一层 \u007f换为【耐潮纸面石膏板δ9.5】","m2",5.15,7.6,1.07,22.24,null,null,1.15,0.58,null,32.64,168]
[80,"011302001014","吊顶天棚","m2",1.46,29.43,4.17,192.11,null,null,4.46,2.24,null,232.41,339]
[null,"13-17 换","天棚基层 细木工板钉在轻钢龙骨 上平面 \u007f换为【阻燃板δ12】","m2",1.46,11.15,1.58,29.05,null,null,1.69,0.85,null,44.32,65]
[null,"13-51 换","天棚面层 软膜吊顶 圆形 \u007f为拱形、圆弧形等曲面 \u007f换为【白色软膜】","m2",1.46,18.28,2.59,163.06,null,null,2.77,1.39,null,188.09,275]
[81,"011302001015","吊顶天棚","m2",1.03,48.7,6.92,57.8,null,null,7.38,3.71,null,124.51,128]
[null,"13-11 换","轻钢龙骨 (U50型)侧面","m2",1.03,22.23,3.16,14.53,null,null,3.37,1.69,null,44.98,46]
[null,"13-18 换","天棚基层 细木工板钉在轻钢龙骨 上侧面 \u007f换为【阻燃板δ12】","m2",1.03,14.44,2.05,30.4,null,null,2.19,1.1,null,50.18,52]
[null,"13-23","天棚基层 石膏板安在U形轻钢龙骨 上侧面","m2",1.03,12.03,1.71,12.87,null,null,1.82,0.92,null,29.35,30]
[82,"011302001016","吊顶天棚","m2",145.97,22.61,3.21,161.55,null,null,3.43,1.72,null,192.52,28102]
[null,"13-12","卡式轻钢龙骨","m2",145.97,15.8,2.24,12.83,null,null,2.4,1.2,null,34.47,5032]
[{"$nulls":11},"表-09"]
[]
["工程量清单综合单价计算表"]
["单位工程(专业)：建筑工程-装修工程",{"$nulls":10},"第 24 页  共 97 页"]
["序号","项目编号","项目名称","计量单位","数量","综合单价（元）",{"$nulls":8},"合计(元)"]
[{"$nulls":5},"定额人工费","人工费价差","材料费","定额机械费","机械费价差","管理费","利润","风险费用","小计"]
[null,"13-44 换","天棚面层 铝合金方板面层 嵌入式 \u007f换为【铝蜂窝板】","m2",145.97,6.81,0.97,148.72,null,null,1.03,0.52,null,158.05,23071]
[83,"011304001006","灯带（槽）","m2",9.2,63.78,9.06,404.5,0.07,-0.01,9.68,4.86,null,491.94,4526]
[null,"13-75 换","悬挑式灯槽、灯带 直形 细木工板面高15cm内","m2",9.2,43.03,6.11,46.96,0.07,-0.01,6.53,3.28,null,105.97,975]
[null,"13-37 换","天棚面层 不锈钢板 粘在夹板基层上 平面 \u007f换为【黑色不锈钢板1.2】","m2",13.8,13.83,1.97,238.36,null,null,2.1,1.05,null,257.31,3551]
[84,"011502001004","金属装饰线","m",138.44,5.5,0.79,8.63,null,null,0.83,0.42,null,16.17,2239]
[null,"15-37 换","角线20以内 \u007f天棚面安装直线形装饰线条 \u007f换为【铝蜂窝板收边条】","m",138.44,5.5,0.79,8.63,null,null,0.83,0.42,null,16.17,2239]
[85,"011502001005","金属装饰线","m",26.1,5.5,0.79,27.07,null,null,0.83,0.42,null,34.61,903]
[null,"15-37 换","角线20以内 \u007f天棚面安装直线形装饰线条 \u007f换为【配套灯槽铝型材侧边条】","m",26.1,5.5,0.79,27.07,null,null,0.83,0.42,null,34.61,903]
[86,"011407002003","天棚喷刷涂料","m2",29,17.02,2.42,9.45,null,null,2.58,1.3,null,32.77,950]
[null,"14-142","批刮腻子(满刮两遍)石膏板或其他基层板面","m2",29,7.44,1.06,2.32,null,null,1.13,0.57,null,12.52,363]
[{"$nulls":11},"表-09"]
[]
["工程量清单综合单价计算表"]
["单位工程(专业)：建筑工程-装修工程",{"$nulls":10},"第 25 页  共 97 页"]
["序号","项目编号","项目名称","计量单位","数量","综合单价（元）",{"$nulls":8},"合计(元)"]
[{"$nulls":5},"定额人工费","人工费价差","材料费","定额机械费","机械费价差","管理费","利润","风险费用","小计"]
[null,"14-128 换","乳胶漆墙、柱、天棚面二遍 \u007f实际遍数(遍):3 \u007f换为【无机涂料】","m2",29,9.58,1.36,7.13,null,null,1.45,0.73,null,20.25,587]
[null,null,"墙面"]
[87,"011201001002","墙面一般抹灰","m2",69.58,10.09,1.43,9.85,0.22,0.01,1.56,0.78,null,23.94,1666]
[null,"12-16 换","打底找平 厚15 \u007f换为【干混抹灰砂浆 DP M20.0】","m2",69.58,10.09,1.43,7.24,0.16,0.01,1.55,0.78,null,21.26,1479]
[null,"12-3 换","墙面一般抹灰 每增减1mm \u007f换为【干混抹灰砂浆 DP M20.0】","m2",69.58,null,null,2.61,0.06,null,0.01,null,null,2.68,186]
[88,"011204003002","块料墙面","m2",69.58,39.92,5.66,114.93,null,null,6.05,3.04,null,169.6,11801]
[null,"12-52 换","墙面瓷砖(干粉型粘结剂) 周长1200mm以上 \u007f换为【CT-02 浅色瓷砖600×1200】","m2",69.58,39.92,5.66,101.93,null,null,6.05,3.04,null,156.6,10896]
[null,"补","瓷砖刷背胶","m2",69.58,null,null,13,{"$nulls":5},13,905]
[89,"011207001003","墙面装饰板","m2",28.03,72.72,10.32,423.37,2.24,-0.14,11.37,5.71,null,525.59,14732]
[null,"12-67","内墙(柱、梁)骨架及基层钢龙骨","t",0.33636,3276.39,465.04,5541.32,186.61,-11.32,524.99,263.88,null,10246.91,3447]
[null,"12-123 换","墙饰面 木夹板基层 \u007f换为【阻燃板δ12】","m2",28.03,8.16,1.16,28.33,null,null,1.24,0.62,null,39.51,1107]
[{"$nulls":11},"表-09"]
[]
["工程量清单综合单价计算表"]
["单位工程(专业)：建筑工程-装修工程",{"$nulls":10},"第 26 页  共 97 页"]
["序号","项目编号","项目名称","计量单位","数量","综合单价（元）",{"$nulls":8},"合计(元)"]
[{"$nulls":5},"定额人工费","人工费价差","材料费","定额机械费","机械费价差","管理费","利润","风险费用","小计"]
[null,"12-140 换","墙饰面 铝合金装饰板 \u007f换为【WD-02银色金属板δ12】","m2",28.03,25.24,3.58,328.54,null,null,3.83,1.92,null,363.11,10178]
[90,"011407001003","墙面喷刷涂料","m2",294.58,null,null,105,{"$nulls":5},105,30931]
[null,"补","刷艺术漆三遍（含腻子二遍）","m2",294.58,null,null,105,{"$nulls":5},105,30931]
[null,null,"其它工程"]
[91,"010809004002","石材窗台板","m2",0.18,787.73,112.24,595.11,1.18,-0.03,119.54,59.81,null,1675.58,302]
[null,"8-149 换","窗台板 石材 粘合剂粘贴 \u007f换为【ST-02 保加利亚灰大理石】","m2",0.18,57.38,8.15,465.6,null,null,8.7,4.37,null,544.2,98]
[null,"11-40","石材六面刷保护液","m2",0.18,5.12,0.73,8.67,null,null,0.78,0.39,null,15.69,3]
[null,"11-41 换","石材楼地面 精磨镜面处理","m2",0.18,25.3,3.59,1.44,1.18,-0.03,4.01,2.02,null,37.51,7]
[null,"15-179","石材磨边斜边","m",7.07,6.2,0.88,1.14,null,null,0.94,0.47,null,9.63,68]
[null,"15-182","倒角、抛光厚度(mm)10以内","m",14.14,5.81,0.83,0.95,null,null,0.88,0.44,null,8.91,126]
[92,"010808004002","金属门窗套","m2",5.5,77.18,10.97,326.03,0.1,null,11.71,5.88,null,431.87,2375]
[null,"8-132 换","门窗套基层 木龙骨五夹板门套 \u007f换为【阻燃板δ15】","m2",11,28.33,4.03,37.44,0.05,null,4.3,2.16,null,76.31,839]
[{"$nulls":11},"表-09"]
[]
["工程量清单综合单价计算表"]
["单位工程(专业)：建筑工程-装修工程",{"$nulls":10},"第 27 页  共 97 页"]
["序号","项目编号","项目名称","计量单位","数量","综合单价（元）",{"$nulls":8},"合计(元)"]
[{"$nulls":5},"定额人工费","人工费价差","材料费","定额机械费","机械费价差","管理费","利润","风险费用","小计"]
[null,"8-137 换","门窗套面层 不锈钢板 \u007f换为【MT-01 黑色不锈钢】","m2",5.5,20.52,2.91,251.15,null,null,3.11,1.56,null,279.25,1536]
[93,"010801002004","木质门带套","樘",16,89.96,12.77,1209.42,null,null,13.64,6.86,null,1332.65,21322]
[null,"8-33 换","成品套装木门安装单扇门 \u007f换为【胡桃木饰面成品木门900*2200mm】","樘",16,51.43,7.3,1102.36,null,null,7.8,3.92,null,1172.81,18765]
[null,"8-166","门特殊五金 执手锁 双开","把",16,38.53,5.47,107.06,null,null,5.84,2.94,null,159.84,2557]
[94,"010801002005","木质门带套","樘",2,89.96,12.77,1359.42,null,null,13.64,6.86,null,1482.65,2965]
[null,"8-33 换","成品套装木门安装单扇门 \u007f换为【胡桃木饰面成品木门1000*2200mm】","樘",2,51.43,7.3,1252.36,null,null,7.8,3.92,null,1322.81,2646]
[null,"8-166","门特殊五金 执手锁 双开","把",2,38.53,5.47,107.06,null,null,5.84,2.94,null,159.84,320]
[95,"010801002006","木质门带套","樘",2,89.96,12.77,939.42,null,null,13.64,6.86,null,1062.65,2125]
[null,"8-33 换","成品套装木门安装单扇门 \u007f换为【胡桃木饰面成品木门665*2200mm】","樘",2,51.43,7.3,832.36,null,null,7.8,3.92,null,902.81,1806]
[null,"8-166","门特殊五金 执手锁 双开","把",2,38.53,5.47,107.06,null,null,5.84,2.94,null,159.84,320]
[{"$nulls":11},"表-09"]
[]
["工程量清单综合单价计算表"]
["单位工程(专业)：建筑工程-装修工程",{"$nulls":10},"第 28 页  共 97 页"]
["序号","项目编号","项目名称","计量单位","数量","综合单价（元）",{"$nulls":8},"合计(元)"]
[{"$nulls":5},"定额人工费","人工费价差","材料费","定额机械费","机械费价差","管理费","利润","风险费用","小计"]
[96,"010801002007","木质门带套","樘",1,89.96,12.77,1309.42,null,null,13.64,6.86,null,1432.65,1433]
[null,"8-33 换","成品套装木门安装单扇门 \u007f换为【胡桃木饰面成品木门980*2200mm】","樘",1,51.43,7.3,1202.36,null,null,7.8,3.92,null,1272.81,1273]
[null,"8-166","门特殊五金 执手锁 双开","把",1,38.53,5.47,107.06,null,null,5.84,2.94,null,159.84,160]
[97,"010801004002","木质防火门","m2",10.7,58.89,8.36,565.79,null,null,8.93,4.49,null,646.46,6917]
[null,"8-37","木质防火门安装","m2",10.7,30.79,4.37,448.46,null,null,4.67,2.35,null,490.64,5250]
[null,"8-186","门特殊五金 闭门器明装","个",8,12.21,1.74,94.96,null,null,1.85,0.93,null,111.69,894]
[null,"8-188","门特殊五金 顺位器","个",4,12.21,1.74,16.88,null,null,1.85,0.93,null,33.61,134]
[null,"8-166","门特殊五金 执手锁 双开","把",4,38.53,5.47,107.06,null,null,5.84,2.94,null,159.84,639]
[98,"011210003003","玻璃隔断","m2",3.04,40.2,5.7,298.86,null,null,6.09,3.06,null,353.91,1076]
[null,"12-206","不锈钢框玻璃隔断","m2",3.04,40.2,5.7,298.86,null,null,6.09,3.06,null,353.91,1076]
[99,"011207001004","墙面装饰板","m2",1.34,106.21,15.07,316.56,4.18,-0.26,16.73,8.41,null,466.9,626]
[null,"12-67","内墙(柱、梁)骨架及基层钢龙骨","t",0.03,3276.39,465.04,5541.32,186.61,-11.32,524.99,263.88,null,10246.91,307]
[null,"12-123 换","墙饰面 木夹板基层 \u007f换为【阻燃板δ12】","m2",2.68,8.16,1.16,28.33,null,null,1.24,0.62,null,39.51,106]
[{"$nulls":11},"表-09"]
[]
["工程量清单综合单价计算表"]
["单位工程(专业)：建筑工程-装修工程",{"$nulls":10},"第 29 页  共 97 页"]
["序号","项目编号","项目名称","计量单位","数量","综合单价（元）",{"$nulls":8},"合计(元)"]
[{"$nulls":5},"定额人工费","人工费价差","材料费","定额机械费","机械费价差","管理费","利润","风险费用","小计"]
[null,"12-124 换","墙饰面 石膏板基层 \u007f换为【纸面石膏板δ9.5】","m2",2.68,8.27,1.17,11.95,null,null,1.25,0.63,null,23.27,62]
[null,"补","天地轴、暗门拉手、合页","套",1,null,null,150,{"$nulls":5},150,150]
[100,"011210006002","其他隔断","m2",11.26,28.58,4.06,407.95,0.19,-0.01,4.36,2.19,null,447.32,5037]
[null,"12-213 换","玻璃砖隔断 全砖","m2",11.26,28.58,4.06,407.95,0.19,-0.01,4.36,2.19,null,447.32,5037]
[101,"011505010002","镜面玻璃","m2",3.54,37.2,5.28,160.23,null,null,5.64,2.83,null,211.18,748]
[null,"15-104 换","镜面玻璃带金属框 \u007f换为【阻燃板δ9】","m2",3.54,37.2,5.28,160.23,null,null,5.64,2.83,null,211.18,748]
[102,"011505001002","洗漱台","m2",2.83,274.2,38.93,1395.74,1.53,-0.04,41.8,21.01,null,1773.17,5018]
[null,"15-101 换","大理石洗漱台台下盆","m2",2.83,162.75,23.1,670.1,0.08,0.01,24.69,12.41,null,893.14,2528]
[null,"15-182","倒角、抛光厚度(mm)10以内","m",3.77,5.81,0.83,0.95,null,null,0.88,0.44,null,8.91,34]
[null,"15-179","石材磨边斜边","m",3.77,6.2,0.88,1.14,null,null,0.94,0.47,null,9.63,36]
[null,"11-40","石材六面刷保护液","m2",2.83,5.12,0.73,8.67,null,null,0.78,0.39,null,15.69,44]
[null,"11-41 换","石材楼地面 精磨镜面处理","m2",2.83,25.3,3.59,1.44,1.18,-0.03,4.01,2.02,null,37.51,106]
[null,"15-13 换","附墙低柜 \u007f换为【WD-01胡桃木饰面δ12】","m2",1.7908,49.91,7.08,800.8,0.28,-0.02,7.61,3.82,null,869.48,1557]
[{"$nulls":11},"表-09"]
[]
["工程量清单综合单价计算表"]
["单位工程(专业)：建筑工程-装修工程",{"$nulls":10},"第 30 页  共 97 页"]
["序号","项目编号","项目名称","计量单位","数量","综合单价（元）",{"$nulls":8},"合计(元)"]
[{"$nulls":5},"定额人工费","人工费价差","材料费","定额机械费","机械费价差","管理费","利润","风险费用","小计"]
[null,"15-19 换","单独柜门平板门 \u007f换为【WD-01胡桃木饰面δ12】","m2",1.7908,52.86,7.5,325.55,0.14,-0.01,8.03,4.04,null,398.11,713]
[103,"011210005002","成品隔断","m2",20.54,42.08,5.97,151.08,null,null,6.38,3.21,null,208.72,4287]
[null,"12-207 换","成品卫生间隔断 \u007f换为【成品抗倍特板12mm】","m2",20.54,42.08,5.97,151.08,null,null,6.38,3.21,null,208.72,4287]
[104,"011210003004","玻璃隔断","m2",2.07,40.2,5.7,389.76,null,null,6.09,3.06,null,444.81,921]
[null,"12-206 换","不锈钢框玻璃隔断 \u007f换为【油砂玻璃隔断】","m2",2.07,40.2,5.7,389.76,null,null,6.09,3.06,null,444.81,921]
[null,null,"22F改造维修"]
[null,null,"拆除及新建工程"]
[105,"011601001003","砖砌体拆除","m3",18.49,13.1,1.94,0.81,31.6,7.62,6.78,3.41,null,65.26,1207]
[null,"16-8","加气砼砌块墙拆除","m3",18.49,13.1,1.94,0.81,31.6,7.62,6.78,3.41,null,65.26,1207]
[106,"011610001003","木门窗拆除","m2",42.48,15.47,2.29,{"$nulls":3},2.35,1.18,null,21.29,904]
[null,"16-49","木门窗拆除","m2",42.48,15.47,2.29,{"$nulls":3},2.35,1.18,null,21.29,904]
[107,"011210002003","金属隔断","m2",99.62,14.11,2,50.87,null,null,2.14,1.08,null,70.2,6993]
[null,"12-216 换","隔墙龙骨 轻钢龙骨中距(mm以内) \u007f换为【镀锌轻钢龙骨50×40】","m2",99.62,14.11,2,50.87,null,null,2.14,1.08,null,70.2,6993]
[{"$nulls":11},"表-09"]
[]
["工程量清单综合单价计算表"]
["单位工程(专业)：建筑工程-装修工程",{"$nulls":10},"第 31 页  共 97 页"]
["序号","项目编号","项目名称","计量单位","数量","综合单价（元）",{"$nulls":8},"合计(元)"]
[{"$nulls":5},"定额人工费","人工费价差","材料费","定额机械费","机械费价差","管理费","利润","风险费用","小计"]
[null,null,"防水工程"]
[108,"010904002003","楼（地）面涂膜防水","m2",37.51,2.77,0.41,27.63,null,null,0.42,0.21,null,31.44,1179]
[null,"9-88 换","聚氨酯防水涂料 厚度1.5mm 平面","m2",37.51,2.77,0.41,27.63,null,null,0.42,0.21,null,31.44,1179]
[109,"010903002003","墙面涂膜防水","m2",69.55,8.4,1.24,58.13,null,null,1.27,0.64,null,69.68,4846]
[null,"9-89 换","聚氨酯防水涂料 厚度1.5mm 立面","m2",69.55,8.4,1.24,58.13,null,null,1.27,0.64,null,69.68,4846]
[110,"010903003003","墙面砂浆防水（防潮）","m2",69.55,10.42,1.54,13.5,0.21,0.02,1.61,0.81,null,28.11,1955]
[null,"9-43","防水砂浆 立面","m2",69.55,10.42,1.54,13.5,0.21,0.02,1.61,0.81,null,28.11,1955]
[null,null,"地面"]
[111,"011101005003","自流坪楼地面","m2",126.9,null,null,23,{"$nulls":5},23,2919]
[null,"补","3mm厚树脂胶泥自流平","m2",126.9,null,null,23,{"$nulls":5},23,2919]
[112,"011103002003","橡胶板卷材楼地面","m2",126.9,12.76,1.81,77.97,null,null,1.93,0.97,null,95.44,12111]
[null,"11-77 换","橡胶卷材 \u007f换为【塑胶地板复合式，厚度2.6mm，耐磨层0.5mm、防火 等级B1、防滑等级R9】","m2",126.9,12.76,1.81,77.97,null,null,1.93,0.97,null,95.44,12111]
[113,"01110200300","块料楼地面","m2",32.51,31.93,4.54,99.49,0.79,0.1,4.96,2.49,null,144.3,4691]
[{"$nulls":11},"表-09"]
[]
["工程量清单综合单价计算表"]
["单位工程(专业)：建筑工程-装修工程",{"$nulls":10},"第 32 页  共 97 页"]
["序号","项目编号","项目名称","计量单位","数量","综合单价（元）",{"$nulls":8},"合计(元)"]
[{"$nulls":5},"定额人工费","人工费价差","材料费","定额机械费","机械费价差","管理费","利润","风险费用","小计"]
[null,"4"]
[null,"11-47 换","地砖楼地面 (干混砂浆铺贴)周长2400mm以外密缝 \u007f实际厚度(mm):30 \u007f采用干硬性水泥砂浆的,除材料单价换算外 \u007f换为【CT-02 浅色瓷砖600×1200】","m2",32.51,31.93,4.54,99.49,0.79,0.1,4.96,2.49,null,144.3,4691]
[114,"011108001006","石材零星项目","m2",0.12,87.54,12.43,399.42,1.71,0.04,13.53,6.8,null,521.47,63]
[null,"11-143 换","零星装饰项目 干混砂浆铺贴 石材 \u007f换为【ST-01 深色大理石】","m2",0.12,57.12,8.11,389.31,0.53,0.07,8.74,4.39,null,468.27,56]
[null,"11-40","石材六面刷保护液","m2",0.12,5.12,0.73,8.67,null,null,0.78,0.39,null,15.69,2]
[null,"11-41 换","石材楼地面 精磨镜面处理","m2",0.12,25.3,3.59,1.44,1.18,-0.03,4.01,2.02,null,37.51,5]
[115,"011108001007","石材零星项目","m2",1,87.54,12.43,399.42,1.71,0.04,13.53,6.8,null,521.47,521]
[null,"11-143 换","零星装饰项目 干混砂浆铺贴 石材 \u007f换为【ST-01 深色大理石】","m2",1,57.12,8.11,389.31,0.53,0.07,8.74,4.39,null,468.27,468]
[null,"11-40","石材六面刷保护液","m2",1,5.12,0.73,8.67,null,null,0.78,0.39,null,15.69,16]
[null,"11-41 换","石材楼地面 精磨镜面处理","m2",1,25.3,3.59,1.44,1.18,-0.03,4.01,2.02,null,37.51,38]
[116,"01110500600","金属踢脚线","m",112.22,8.56,1.21,42.12,null,null,1.3,0.65,null,53.84,6042]
[{"$nulls":11},"表-09"]
[]
["工程量清单综合单价计算表"]
["单位工程(专业)：建筑工程-装修工程",{"$nulls":10},"第 33 页  共 97 页"]
["序号","项目编号","项目名称","计量单位","数量","综合单价（元）",{"$nulls":8},"合计(元)"]
[{"$nulls":5},"定额人工费","人工费价差","材料费","定额机械费","机械费价差","管理费","利润","风险费用","小计"]
[null,"3"]
[null,"11-111","成品踢脚线 金属板面层 粘贴式","m",112.22,8.56,1.21,42.12,null,null,1.3,0.65,null,53.84,6042]
[null,null,"天棚"]
[117,"011302001017","吊顶天棚","m2",26.22,36.12,5.13,63.39,null,null,5.48,2.75,null,112.87,2959]
[null,"13-10","轻钢龙骨 (U50型)平面","m2",26.22,18.53,2.63,18.71,null,null,2.81,1.41,null,44.09,1156]
[null,"13-22 换","天棚基层 石膏板安在U形轻钢龙骨 上平面 \u007f实际石膏板层数(层):2 \u007f换为【耐潮纸面石膏板δ9.5】","m2",26.22,17.59,2.5,44.68,null,null,2.67,1.34,null,68.78,1803]
[118,"011302001018","吊顶天棚","m2",4.71,48.7,6.92,67.74,null,null,7.38,3.71,null,134.45,633]
[null,"13-11 换","轻钢龙骨 (U50型)侧面","m2",4.71,22.23,3.16,14.53,null,null,3.37,1.69,null,44.98,212]
[null,"13-18 换","天棚基层 细木工板钉在轻钢龙骨 上侧面 \u007f换为【阻燃板δ12】","m2",4.71,14.44,2.05,30.4,null,null,2.19,1.1,null,50.18,236]
[null,"13-23 换","天棚基层 石膏板安在U形轻钢龙骨 上侧面 \u007f换为【耐潮纸面石膏板δ9.5】","m2",4.71,12.03,1.71,22.81,null,null,1.82,0.92,null,39.29,185]
[119,"011304001007","灯带（槽）","m2",5.15,50.63,7.18,69.2,0.07,-0.01,7.68,3.86,null,138.61,714]
[{"$nulls":11},"表-09"]
[]
["工程量清单综合单价计算表"]
["单位工程(专业)：建筑工程-装修工程",{"$nulls":10},"第 34 页  共 97 页"]
["序号","项目编号","项目名称","计量单位","数量","综合单价（元）",{"$nulls":8},"合计(元)"]
[{"$nulls":5},"定额人工费","人工费价差","材料费","定额机械费","机械费价差","管理费","利润","风险费用","小计"]
[null,"13-75 换","悬挑式灯槽、灯带 直形 细木工板面高15cm内","m2",5.15,43.03,6.11,46.96,0.07,-0.01,6.53,3.28,null,105.97,546]
[null,"13-26 换","天棚基层 石膏板每增加一层 \u007f换为【耐潮纸面石膏板δ9.5】","m2",5.15,7.6,1.07,22.24,null,null,1.15,0.58,null,32.64,168]
[120,"011302001019","吊顶天棚","m2",7.01,29.43,4.17,192.11,null,null,4.46,2.24,null,232.41,1629]
[null,"13-17 换","天棚基层 细木工板钉在轻钢龙骨 上平面 \u007f换为【阻燃板δ12】","m2",7.01,11.15,1.58,29.05,null,null,1.69,0.85,null,44.32,311]
[null,"13-51 换","天棚面层 软膜吊顶 圆形 \u007f为拱形、圆弧形等曲面 \u007f换为【白色软膜】","m2",7.01,18.28,2.59,163.06,null,null,2.77,1.39,null,188.09,1319]
[121,"011302001020","吊顶天棚","m2",5.41,48.7,6.92,57.8,null,null,7.38,3.71,null,124.51,674]
[null,"13-11 换","轻钢龙骨 (U50型)侧面","m2",5.41,22.23,3.16,14.53,null,null,3.37,1.69,null,44.98,243]
[null,"13-18 换","天棚基层 细木工板钉在轻钢龙骨 上侧面 \u007f换为【阻燃板δ12】","m2",5.41,14.44,2.05,30.4,null,null,2.19,1.1,null,50.18,271]
[null,"13-23","天棚基层 石膏板安在U形轻钢龙骨 上侧面","m2",5.41,12.03,1.71,12.87,null,null,1.82,0.92,null,29.35,159]
[122,"011302001021","吊顶天棚","m2",151.88,22.61,3.21,161.55,null,null,3.43,1.72,null,192.52,29240]
[null,"13-12","卡式轻钢龙骨","m2",151.88,15.8,2.24,12.83,null,null,2.4,1.2,null,34.47,5235]
[{"$nulls":11},"表-09"]
[]
["工程量清单综合单价计算表"]
["单位工程(专业)：建筑工程-装修工程",{"$nulls":10},"第 35 页  共 97 页"]
["序号","项目编号","项目名称","计量单位","数量","综合单价（元）",{"$nulls":8},"合计(元)"]
[{"$nulls":5},"定额人工费","人工费价差","材料费","定额机械费","机械费价差","管理费","利润","风险费用","小计"]
[null,"13-44 换","天棚面层 铝合金方板面层 嵌入式 \u007f换为【铝蜂窝板】","m2",151.88,6.81,0.97,148.72,null,null,1.03,0.52,null,158.05,24005]
[123,"011304001008","灯带（槽）","m2",9.2,63.78,9.06,404.5,0.07,-0.01,9.68,4.86,null,491.94,4526]
[null,"13-75 换","悬挑式灯槽、灯带 直形 细木工板面高15cm内","m2",9.2,43.03,6.11,46.96,0.07,-0.01,6.53,3.28,null,105.97,975]
[null,"13-37 换","天棚面层 不锈钢板 粘在夹板基层上 平面 \u007f换为【黑色不锈钢板1.2】","m2",13.8,13.83,1.97,238.36,null,null,2.1,1.05,null,257.31,3551]
[124,"011502001006","金属装饰线","m",138.44,5.5,0.79,8.63,null,null,0.83,0.42,null,16.17,2239]
[null,"15-37 换","角线20以内 \u007f天棚面安装直线形装饰线条 \u007f换为【铝蜂窝板收边条】","m",138.44,5.5,0.79,8.63,null,null,0.83,0.42,null,16.17,2239]
[125,"011502001007","金属装饰线","m",26.1,5.5,0.79,27.07,null,null,0.83,0.42,null,34.61,903]
[null,"15-37 换","角线20以内 \u007f天棚面安装直线形装饰线条 \u007f换为【配套灯槽铝型材侧边条】","m",26.1,5.5,0.79,27.07,null,null,0.83,0.42,null,34.61,903]
[126,"011407002004","天棚喷刷涂料","m2",29,17.02,2.42,9.45,null,null,2.58,1.3,null,32.77,950]
[null,"14-142","批刮腻子(满刮两遍)石膏板或其他基层板面","m2",29,7.44,1.06,2.32,null,null,1.13,0.57,null,12.52,363]
[{"$nulls":11},"表-09"]
[]
["工程量清单综合单价计算表"]
["单位工程(专业)：建筑工程-装修工程",{"$nulls":10},"第 36 页  共 97 页"]
["序号","项目编号","项目名称","计量单位","数量","综合单价（元）",{"$nulls":8},"合计(元)"]
[{"$nulls":5},"定额人工费","人工费价差","材料费","定额机械费","机械费价差","管理费","利润","风险费用","小计"]
[null,"14-128 换","乳胶漆墙、柱、天棚面二遍 \u007f实际遍数(遍):3 \u007f换为【无机涂料】","m2",29,9.58,1.36,7.13,null,null,1.45,0.73,null,20.25,587]
[null,null,"墙面"]
[127,"011201001003","墙面一般抹灰","m2",69.58,10.09,1.43,9.85,0.22,0.01,1.56,0.78,null,23.94,1666]
[null,"12-16 换","打底找平 厚15 \u007f换为【干混抹灰砂浆 DP M20.0】","m2",69.58,10.09,1.43,7.24,0.16,0.01,1.55,0.78,null,21.26,1479]
[null,"12-3 换","墙面一般抹灰 每增减1mm \u007f换为【干混抹灰砂浆 DP M20.0】","m2",69.58,null,null,2.61,0.06,null,0.01,null,null,2.68,186]
[128,"011204003003","块料墙面","m2",69.58,39.92,5.66,114.93,null,null,6.05,3.04,null,169.6,11801]
[null,"12-52 换","墙面瓷砖(干粉型粘结剂) 周长1200mm以上 \u007f换为【CT-02 浅色瓷砖600×1200】","m2",69.58,39.92,5.66,101.93,null,null,6.05,3.04,null,156.6,10896]
[null,"补","瓷砖刷背胶","m2",69.58,null,null,13,{"$nulls":5},13,905]
[129,"011207001005","墙面装饰板","m2",28.03,72.72,10.32,423.37,2.24,-0.14,11.37,5.71,null,525.59,14732]
[null,"12-67","内墙(柱、梁)骨架及基层钢龙骨","t",0.33636,3276.39,465.04,5541.32,186.61,-11.32,524.99,263.88,null,10246.91,3447]
[null,"12-123 换","墙饰面 木夹板基层 \u007f换为【阻燃板δ12】","m2",28.03,8.16,1.16,28.33,null,null,1.24,0.62,null,39.51,1107]
[{"$nulls":11},"表-09"]
[]
["工程量清单综合单价计算表"]
["单位工程(专业)：建筑工程-装修工程",{"$nulls":10},"第 37 页  共 97 页"]
["序号","项目编号","项目名称","计量单位","数量","综合单价（元）",{"$nulls":8},"合计(元)"]
[{"$nulls":5},"定额人工费","人工费价差","材料费","定额机械费","机械费价差","管理费","利润","风险费用","小计"]
[null,"12-140 换","墙饰面 铝合金装饰板 \u007f换为【WD-02银色金属板δ12】","m2",28.03,25.24,3.58,328.54,null,null,3.83,1.92,null,363.11,10178]
[130,"011407001004","墙面喷刷涂料","m2",344.87,null,null,105,{"$nulls":5},105,36211]
[null,"补","刷艺术漆三遍（含腻子二遍）","m2",344.87,null,null,105,{"$nulls":5},105,36211]
[null,null,"其它工程"]
[131,"010809004003","石材窗台板","m2",0.18,787.73,112.24,595.11,1.18,-0.03,119.54,59.81,null,1675.58,302]
[null,"8-149 换","窗台板 石材 粘合剂粘贴 \u007f换为【ST-02 保加利亚灰大理石】","m2",0.18,57.38,8.15,465.6,null,null,8.7,4.37,null,544.2,98]
[null,"11-40","石材六面刷保护液","m2",0.18,5.12,0.73,8.67,null,null,0.78,0.39,null,15.69,3]
[null,"11-41 换","石材楼地面 精磨镜面处理","m2",0.18,25.3,3.59,1.44,1.18,-0.03,4.01,2.02,null,37.51,7]
[null,"15-179","石材磨边斜边","m",7.07,6.2,0.88,1.14,null,null,0.94,0.47,null,9.63,68]
[null,"15-182","倒角、抛光厚度(mm)10以内","m",14.14,5.81,0.83,0.95,null,null,0.88,0.44,null,8.91,126]
[132,"010808004003","金属门窗套","m2",5.5,77.18,10.97,326.03,0.1,null,11.71,5.88,null,431.87,2375]
[null,"8-132 换","门窗套基层 木龙骨五夹板门套 \u007f换为【阻燃板δ15】","m2",11,28.33,4.03,37.44,0.05,null,4.3,2.16,null,76.31,839]
[{"$nulls":11},"表-09"]
[]
["工程量清单综合单价计算表"]
["单位工程(专业)：建筑工程-装修工程",{"$nulls":10},"第 38 页  共 97 页"]
["序号","项目编号","项目名称","计量单位","数量","综合单价（元）",{"$nulls":8},"合计(元)"]
[{"$nulls":5},"定额人工费","人工费价差","材料费","定额机械费","机械费价差","管理费","利润","风险费用","小计"]
[null,"8-137 换","门窗套面层 不锈钢板 \u007f换为【MT-01 黑色不锈钢】","m2",5.5,20.52,2.91,251.15,null,null,3.11,1.56,null,279.25,1536]
[133,"010801002008","木质门带套","樘",15,89.96,12.77,1209.42,null,null,13.64,6.86,null,1332.65,19990]
[null,"8-33 换","成品套装木门安装单扇门 \u007f换为【胡桃木饰面成品木门900*2200mm】","樘",15,51.43,7.3,1102.36,null,null,7.8,3.92,null,1172.81,17592]
[null,"8-166","门特殊五金 执手锁 双开","把",15,38.53,5.47,107.06,null,null,5.84,2.94,null,159.84,2398]
[134,"010801002009","木质门带套","樘",2,89.96,12.77,1359.42,null,null,13.64,6.86,null,1482.65,2965]
[null,"8-33 换","成品套装木门安装单扇门 \u007f换为【胡桃木饰面成品木门1000*2200mm】","樘",2,51.43,7.3,1252.36,null,null,7.8,3.92,null,1322.81,2646]
[null,"8-166","门特殊五金 执手锁 双开","把",2,38.53,5.47,107.06,null,null,5.84,2.94,null,159.84,320]
[135,"010801002010","木质门带套","樘",2,89.96,12.77,939.42,null,null,13.64,6.86,null,1062.65,2125]
[null,"8-33 换","成品套装木门安装单扇门 \u007f换为【胡桃木饰面成品木门665*2200mm】","樘",2,51.43,7.3,832.36,null,null,7.8,3.92,null,902.81,1806]
[null,"8-166","门特殊五金 执手锁 双开","把",2,38.53,5.47,107.06,null,null,5.84,2.94,null,159.84,320]
[{"$nulls":11},"表-09"]
[]
["工程量清单综合单价计算表"]
["单位工程(专业)：建筑工程-装修工程",{"$nulls":10},"第 39 页  共 97 页"]
["序号","项目编号","项目名称","计量单位","数量","综合单价（元）",{"$nulls":8},"合计(元)"]
[{"$nulls":5},"定额人工费","人工费价差","材料费","定额机械费","机械费价差","管理费","利润","风险费用","小计"]
[136,"010801002011","木质门带套","樘",1,89.96,12.77,1309.42,null,null,13.64,6.86,null,1432.65,1433]
[null,"8-33 换","成品套装木门安装单扇门 \u007f换为【胡桃木饰面成品木门980*2200mm】","樘",1,51.43,7.3,1202.36,null,null,7.8,3.92,null,1272.81,1273]
[null,"8-166","门特殊五金 执手锁 双开","把",1,38.53,5.47,107.06,null,null,5.84,2.94,null,159.84,160]
[137,"010801002012","木质门带套","樘",1,128.49,18.24,2066.48,null,null,19.48,9.8,null,2242.49,2242]
[null,"8-33 换","成品套装木门安装单扇门 \u007f换为【胡桃木饰面成品木门1500*2200mm】","樘",1,51.43,7.3,1852.36,null,null,7.8,3.92,null,1922.81,1923]
[null,"8-166","门特殊五金 执手锁 双开","把",2,38.53,5.47,107.06,null,null,5.84,2.94,null,159.84,320]
[138,"010801004003","木质防火门","m2",10.7,58.89,8.36,565.79,null,null,8.93,4.49,null,646.46,6917]
[null,"8-37","木质防火门安装","m2",10.7,30.79,4.37,448.46,null,null,4.67,2.35,null,490.64,5250]
[null,"8-186","门特殊五金 闭门器明装","个",8,12.21,1.74,94.96,null,null,1.85,0.93,null,111.69,894]
[null,"8-188","门特殊五金 顺位器","个",4,12.21,1.74,16.88,null,null,1.85,0.93,null,33.61,134]
[null,"8-166","门特殊五金 执手锁 双开","把",4,38.53,5.47,107.06,null,null,5.84,2.94,null,159.84,639]
[139,"011210003005","玻璃隔断","m2",23.39,40.2,5.7,298.86,null,null,6.09,3.06,null,353.91,8278]
[{"$nulls":11},"表-09"]
[]
["工程量清单综合单价计算表"]
["单位工程(专业)：建筑工程-装修工程",{"$nulls":10},"第 40 页  共 97 页"]
["序号","项目编号","项目名称","计量单位","数量","综合单价（元）",{"$nulls":8},"合计(元)"]
[{"$nulls":5},"定额人工费","人工费价差","材料费","定额机械费","机械费价差","管理费","利润","风险费用","小计"]
[null,"12-206","不锈钢框玻璃隔断","m2",23.39,40.2,5.7,298.86,null,null,6.09,3.06,null,353.91,8278]
[140,"011207001006","墙面装饰板","m2",1.34,106.21,15.07,316.56,4.18,-0.26,16.73,8.41,null,466.9,626]
[null,"12-67","内墙(柱、梁)骨架及基层钢龙骨","t",0.03,3276.39,465.04,5541.32,186.61,-11.32,524.99,263.88,null,10246.91,307]
[null,"12-123 换","墙饰面 木夹板基层 \u007f换为【阻燃板δ12】","m2",2.68,8.16,1.16,28.33,null,null,1.24,0.62,null,39.51,106]
[null,"12-124 换","墙饰面 石膏板基层 \u007f换为【纸面石膏板δ9.5】","m2",2.68,8.27,1.17,11.95,null,null,1.25,0.63,null,23.27,62]
[null,"补","天地轴、暗门拉手、合页","套",1,null,null,150,{"$nulls":5},150,150]
[141,"011210006003","其他隔断","m2",11.26,28.58,4.06,407.95,0.19,-0.01,4.36,2.19,null,447.32,5037]
[null,"12-213 换","玻璃砖隔断 全砖","m2",11.26,28.58,4.06,407.95,0.19,-0.01,4.36,2.19,null,447.32,5037]
[142,"011505010003","镜面玻璃","m2",3.54,37.2,5.28,160.23,null,null,5.64,2.83,null,211.18,748]
[null,"15-104 换","镜面玻璃带金属框 \u007f换为【阻燃板δ9】","m2",3.54,37.2,5.28,160.23,null,null,5.64,2.83,null,211.18,748]
[143,"011505001003","洗漱台","m2",2.83,274.2,38.93,1395.74,1.53,-0.04,41.8,21.01,null,1773.17,5018]
[null,"15-101 换","大理石洗漱台台下盆","m2",2.83,162.75,23.1,670.1,0.08,0.01,24.69,12.41,null,893.14,2528]
[null,"15-182","倒角、抛光厚度(mm)10以内","m",3.77,5.81,0.83,0.95,null,null,0.88,0.44,null,8.91,34]
[null,"15-179","石材磨边斜边","m",3.77,6.2,0.88,1.14,null,null,0.94,0.47,null,9.63,36]
[{"$nulls":11},"表-09"]
[]
["工程量清单综合单价计算表"]
["单位工程(专业)：建筑工程-装修工程",{"$nulls":10},"第 41 页  共 97 页"]
["序号","项目编号","项目名称","计量单位","数量","综合单价（元）",{"$nulls":8},"合计(元)"]
[{"$nulls":5},"定额人工费","人工费价差","材料费","定额机械费","机械费价差","管理费","利润","风险费用","小计"]
[null,"11-40","石材六面刷保护液","m2",2.83,5.12,0.73,8.67,null,null,0.78,0.39,null,15.69,44]
[null,"11-41 换","石材楼地面 精磨镜面处理","m2",2.83,25.3,3.59,1.44,1.18,-0.03,4.01,2.02,null,37.51,106]
[null,"15-13 换","附墙低柜 \u007f换为【WD-01胡桃木饰面δ12】","m2",1.7908,49.91,7.08,800.8,0.28,-0.02,7.61,3.82,null,869.48,1557]
[null,"15-19 换","单独柜门平板门 \u007f换为【WD-01胡桃木饰面δ12】","m2",1.7908,52.86,7.5,325.55,0.14,-0.01,8.03,4.04,null,398.11,713]
[144,"011210005003","成品隔断","m2",20.54,42.08,5.97,151.08,null,null,6.38,3.21,null,208.72,4287]
[null,"12-207 换","成品卫生间隔断 \u007f换为【成品抗倍特板12mm】","m2",20.54,42.08,5.97,151.08,null,null,6.38,3.21,null,208.72,4287]
[145,"011210003006","玻璃隔断","m2",2.07,40.2,5.7,389.76,null,null,6.09,3.06,null,444.81,921]
[null,"12-206 换","不锈钢框玻璃隔断 \u007f换为【油砂玻璃隔断】","m2",2.07,40.2,5.7,389.76,null,null,6.09,3.06,null,444.81,921]
[null,null,"23F改造维修"]
[null,null,"拆除及新建工程"]
[146,"011601001004","砖砌体拆除","m3",18.49,13.1,1.94,0.81,31.6,7.62,6.78,3.41,null,65.26,1207]
[null,"16-8","加气砼砌块墙拆除","m3",18.49,13.1,1.94,0.81,31.6,7.62,6.78,3.41,null,65.26,1207]
[147,"011610001004","木门窗拆除","m2",40.72,15.47,2.29,{"$nulls":3},2.35,1.18,null,21.29,867]
[{"$nulls":11},"表-09"]
[]
["工程量清单综合单价计算表"]
["单位工程(专业)：建筑工程-装修工程",{"$nulls":10},"第 42 页  共 97 页"]
["序号","项目编号","项目名称","计量单位","数量","综合单价（元）",{"$nulls":8},"合计(元)"]
[{"$nulls":5},"定额人工费","人工费价差","材料费","定额机械费","机械费价差","管理费","利润","风险费用","小计"]
[null,"16-49","木门窗拆除","m2",40.72,15.47,2.29,{"$nulls":3},2.35,1.18,null,21.29,867]
[148,"011210002004","金属隔断","m2",58.15,14.11,2,50.87,null,null,2.14,1.08,null,70.2,4082]
[null,"12-216 换","隔墙龙骨 轻钢龙骨中距(mm以内) \u007f换为【镀锌轻钢龙骨50×40】","m2",58.15,14.11,2,50.87,null,null,2.14,1.08,null,70.2,4082]
[null,null,"防水工程"]
[149,"010904002004","楼（地）面涂膜防水","m2",37.51,2.77,0.41,27.63,null,null,0.42,0.21,null,31.44,1179]
[null,"9-88 换","聚氨酯防水涂料 厚度1.5mm 平面","m2",37.51,2.77,0.41,27.63,null,null,0.42,0.21,null,31.44,1179]
[150,"010903002004","墙面涂膜防水","m2",69.55,8.4,1.24,58.13,null,null,1.27,0.64,null,69.68,4846]
[null,"9-89 换","聚氨酯防水涂料 厚度1.5mm 立面","m2",69.55,8.4,1.24,58.13,null,null,1.27,0.64,null,69.68,4846]
[151,"010903003004","墙面砂浆防水（防潮）","m2",69.55,10.42,1.54,13.5,0.21,0.02,1.61,0.81,null,28.11,1955]
[null,"9-43","防水砂浆 立面","m2",69.55,10.42,1.54,13.5,0.21,0.02,1.61,0.81,null,28.11,1955]
[null,null,"地面"]
[152,"011101005004","自流坪楼地面","m2",128.57,null,null,23,{"$nulls":5},23,2957]
[null,"补","3mm厚树脂胶泥自流平","m2",128.57,null,null,23,{"$nulls":5},23,2957]
[153,"01110300200","橡胶板卷材楼地面","m2",128.57,12.76,1.81,77.97,null,null,1.93,0.97,null,95.44,12271]
[{"$nulls":11},"表-09"]
[]
["工程量清单综合单价计算表"]
["单位工程(专业)：建筑工程-装修工程",{"$nulls":10},"第 43 页  共 97 页"]
["序号","项目编号","项目名称","计量单位","数量","综合单价（元）",{"$nulls":8},"合计(元)"]
[{"$nulls":5},"定额人工费","人工费价差","材料费","定额机械费","机械费价差","管理费","利润","风险费用","小计"]
[null,"4"]
[null,"11-77 换","橡胶卷材 \u007f换为【塑胶地板复合式，厚度2.6mm，耐磨层0.5mm、防火 等级B1、防滑等级R9】","m2",128.57,12.76,1.81,77.97,null,null,1.93,0.97,null,95.44,12271]
[154,"011102003005","块料楼地面","m2",26.65,31.93,4.54,99.49,0.79,0.1,4.96,2.49,null,144.3,3846]
[null,"11-47 换","地砖楼地面 (干混砂浆铺贴)周长2400mm以外密缝 \u007f实际厚度(mm):30 \u007f采用干硬性水泥砂浆的,除材料单价换算外 \u007f换为【CT-02 浅色瓷砖600×1200】","m2",26.65,31.93,4.54,99.49,0.79,0.1,4.96,2.49,null,144.3,3846]
[155,"011108001008","石材零星项目","m2",0.12,87.54,12.43,399.42,1.71,0.04,13.53,6.8,null,521.47,63]
[null,"11-143 换","零星装饰项目 干混砂浆铺贴 石材 \u007f换为【ST-01 深色大理石】","m2",0.12,57.12,8.11,389.31,0.53,0.07,8.74,4.39,null,468.27,56]
[null,"11-40","石材六面刷保护液","m2",0.12,5.12,0.73,8.67,null,null,0.78,0.39,null,15.69,2]
[null,"11-41 换","石材楼地面 精磨镜面处理","m2",0.12,25.3,3.59,1.44,1.18,-0.03,4.01,2.02,null,37.51,5]
[156,"011108001009","石材零星项目","m2",1,87.54,12.43,399.42,1.71,0.04,13.53,6.8,null,521.47,521]
[{"$nulls":11},"表-09"]
[]
["工程量清单综合单价计算表"]
["单位工程(专业)：建筑工程-装修工程",{"$nulls":10},"第 44 页  共 97 页"]
["序号","项目编号","项目名称","计量单位","数量","综合单价（元）",{"$nulls":8},"合计(元)"]
[{"$nulls":5},"定额人工费","人工费价差","材料费","定额机械费","机械费价差","管理费","利润","风险费用","小计"]
[null,"11-143 换","零星装饰项目 干混砂浆铺贴 石材 \u007f换为【ST-01 深色大理石】","m2",1,57.12,8.11,389.31,0.53,0.07,8.74,4.39,null,468.27,468]
[null,"11-40","石材六面刷保护液","m2",1,5.12,0.73,8.67,null,null,0.78,0.39,null,15.69,16]
[null,"11-41 换","石材楼地面 精磨镜面处理","m2",1,25.3,3.59,1.44,1.18,-0.03,4.01,2.02,null,37.51,38]
[157,"011105006004","金属踢脚线","m",116.96,8.56,1.21,42.12,null,null,1.3,0.65,null,53.84,6297]
[null,"11-111","成品踢脚线 金属板面层 粘贴式","m",116.96,8.56,1.21,42.12,null,null,1.3,0.65,null,53.84,6297]
[null,null,"天棚"]
[158,"011302001022","吊顶天棚","m2",3.23,37.28,5.28,60.06,null,null,5.65,2.84,null,111.11,359]
[null,"13-10","轻钢龙骨 (U50型)平面","m2",3.23,18.53,2.63,18.71,null,null,2.81,1.41,null,44.09,142]
[null,"13-17 换","天棚基层 细木工板钉在轻钢龙骨 上平面 \u007f换为【阻燃板δ12】","m2",3.23,11.15,1.58,29.05,null,null,1.69,0.85,null,44.32,143]
[null,"13-26","天棚基层 石膏板每增加一层","m2",3.23,7.6,1.07,12.3,null,null,1.15,0.58,null,22.7,73]
[159,"011304001009","灯带（槽）","m2",0.44,50.63,7.18,59.26,0.07,-0.01,7.68,3.86,null,128.67,57]
[null,"13-75 换","悬挑式灯槽、灯带 直形 细木工板面高15cm内","m2",0.44,43.03,6.11,46.96,0.07,-0.01,6.53,3.28,null,105.97,47]
[{"$nulls":11},"表-09"]
[]
["工程量清单综合单价计算表"]
["单位工程(专业)：建筑工程-装修工程",{"$nulls":10},"第 45 页  共 97 页"]
["序号","项目编号","项目名称","计量单位","数量","综合单价（元）",{"$nulls":8},"合计(元)"]
[{"$nulls":5},"定额人工费","人工费价差","材料费","定额机械费","机械费价差","管理费","利润","风险费用","小计"]
[null,"13-26 换","天棚基层 石膏板每增加一层","m2",0.44,7.6,1.07,12.3,null,null,1.15,0.58,null,22.7,10]
[160,"011302001023","吊顶天棚","m2",26.22,36.12,5.13,63.39,null,null,5.48,2.75,null,112.87,2959]
[null,"13-10","轻钢龙骨 (U50型)平面","m2",26.22,18.53,2.63,18.71,null,null,2.81,1.41,null,44.09,1156]
[null,"13-22 换","天棚基层 石膏板安在U形轻钢龙骨 上平面 \u007f实际石膏板层数(层):2 \u007f换为【耐潮纸面石膏板δ9.5】","m2",26.22,17.59,2.5,44.68,null,null,2.67,1.34,null,68.78,1803]
[161,"011302001024","吊顶天棚","m2",4.71,48.7,6.92,67.74,null,null,7.38,3.71,null,134.45,633]
[null,"13-11 换","轻钢龙骨 (U50型)侧面","m2",4.71,22.23,3.16,14.53,null,null,3.37,1.69,null,44.98,212]
[null,"13-18 换","天棚基层 细木工板钉在轻钢龙骨 上侧面 \u007f换为【阻燃板δ12】","m2",4.71,14.44,2.05,30.4,null,null,2.19,1.1,null,50.18,236]
[null,"13-23 换","天棚基层 石膏板安在U形轻钢龙骨 上侧面 \u007f换为【耐潮纸面石膏板δ9.5】","m2",4.71,12.03,1.71,22.81,null,null,1.82,0.92,null,39.29,185]
[162,"011304001010","灯带（槽）","m2",5.15,50.63,7.18,69.2,0.07,-0.01,7.68,3.86,null,138.61,714]
[null,"13-75 换","悬挑式灯槽、灯带 直形 细木工板面高15cm内","m2",5.15,43.03,6.11,46.96,0.07,-0.01,6.53,3.28,null,105.97,546]
[{"$nulls":11},"表-09"]
[]
["工程量清单综合单价计算表"]
["单位工程(专业)：建筑工程-装修工程",{"$nulls":10},"第 46 页  共 97 页"]
["序号","项目编号","项目名称","计量单位","数量","综合单价（元）",{"$nulls":8},"合计(元)"]
[{"$nulls":5},"定额人工费","人工费价差","材料费","定额机械费","机械费价差","管理费","利润","风险费用","小计"]
[null,"13-26 换","天棚基层 石膏板每增加一层 \u007f换为【耐潮纸面石膏板δ9.5】","m2",5.15,7.6,1.07,22.24,null,null,1.15,0.58,null,32.64,168]
[163,"011302001025","吊顶天棚","m2",0.94,29.43,4.17,192.11,null,null,4.46,2.24,null,232.41,218]
[null,"13-17 换","天棚基层 细木工板钉在轻钢龙骨 上平面 \u007f换为【阻燃板δ12】","m2",0.94,11.15,1.58,29.05,null,null,1.69,0.85,null,44.32,42]
[null,"13-51 换","天棚面层 软膜吊顶 圆形 \u007f为拱形、圆弧形等曲面 \u007f换为【白色软膜】","m2",0.94,18.28,2.59,163.06,null,null,2.77,1.39,null,188.09,177]
[164,"011302001026","吊顶天棚","m2",1.28,48.7,6.92,57.8,null,null,7.38,3.71,null,124.51,159]
[null,"13-11 换","轻钢龙骨 (U50型)侧面","m2",1.28,22.23,3.16,14.53,null,null,3.37,1.69,null,44.98,58]
[null,"13-18 换","天棚基层 细木工板钉在轻钢龙骨 上侧面 \u007f换为【阻燃板δ12】","m2",1.28,14.44,2.05,30.4,null,null,2.19,1.1,null,50.18,64]
[null,"13-23","天棚基层 石膏板安在U形轻钢龙骨 上侧面","m2",1.28,12.03,1.71,12.87,null,null,1.82,0.92,null,29.35,38]
[165,"011302001027","吊顶天棚","m2",139.48,22.61,3.21,161.55,null,null,3.43,1.72,null,192.52,26853]
[null,"13-12","卡式轻钢龙骨","m2",139.48,15.8,2.24,12.83,null,null,2.4,1.2,null,34.47,4808]
[{"$nulls":11},"表-09"]
[]
["工程量清单综合单价计算表"]
["单位工程(专业)：建筑工程-装修工程",{"$nulls":10},"第 47 页  共 97 页"]
["序号","项目编号","项目名称","计量单位","数量","综合单价（元）",{"$nulls":8},"合计(元)"]
[{"$nulls":5},"定额人工费","人工费价差","材料费","定额机械费","机械费价差","管理费","利润","风险费用","小计"]
[null,"13-44 换","天棚面层 铝合金方板面层 嵌入式 \u007f换为【铝蜂窝板】","m2",139.48,6.81,0.97,148.72,null,null,1.03,0.52,null,158.05,22045]
[166,"011304001011","灯带（槽）","m2",9.68,63.78,9.06,404.5,0.07,-0.01,9.68,4.86,null,491.94,4762]
[null,"13-75 换","悬挑式灯槽、灯带 直形 细木工板面高15cm内","m2",9.68,43.03,6.11,46.96,0.07,-0.01,6.53,3.28,null,105.97,1026]
[null,"13-37 换","天棚面层 不锈钢板 粘在夹板基层上 平面 \u007f换为【黑色不锈钢板1.2】","m2",14.52,13.83,1.97,238.36,null,null,2.1,1.05,null,257.31,3736]
[167,"011502001008","金属装饰线","m",138.44,5.5,0.79,8.63,null,null,0.83,0.42,null,16.17,2239]
[null,"15-37 换","角线20以内 \u007f天棚面安装直线形装饰线条 \u007f换为【铝蜂窝板收边条】","m",138.44,5.5,0.79,8.63,null,null,0.83,0.42,null,16.17,2239]
[168,"011502001009","金属装饰线","m",26.1,5.5,0.79,27.07,null,null,0.83,0.42,null,34.61,903]
[null,"15-37 换","角线20以内 \u007f天棚面安装直线形装饰线条 \u007f换为【配套灯槽铝型材侧边条】","m",26.1,5.5,0.79,27.07,null,null,0.83,0.42,null,34.61,903]
[169,"011407002005","天棚喷刷涂料","m2",33.16,17.02,2.42,9.45,null,null,2.58,1.3,null,32.77,1087]
[null,"14-142","批刮腻子(满刮两遍)石膏板或其他基层板面","m2",33.16,7.44,1.06,2.32,null,null,1.13,0.57,null,12.52,415]
[{"$nulls":11},"表-09"]
[]
["工程量清单综合单价计算表"]
["单位工程(专业)：建筑工程-装修工程",{"$nulls":10},"第 48 页  共 97 页"]
["序号","项目编号","项目名称","计量单位","数量","综合单价（元）",{"$nulls":8},"合计(元)"]
[{"$nulls":5},"定额人工费","人工费价差","材料费","定额机械费","机械费价差","管理费","利润","风险费用","小计"]
[null,"14-128 换","乳胶漆墙、柱、天棚面二遍 \u007f实际遍数(遍):3 \u007f换为【无机涂料】","m2",33.16,9.58,1.36,7.13,null,null,1.45,0.73,null,20.25,671]
[null,null,"墙面"]
[170,"011201001004","墙面一般抹灰","m2",69.58,10.09,1.43,9.85,0.22,0.01,1.56,0.78,null,23.94,1666]
[null,"12-16 换","打底找平 厚15 \u007f换为【干混抹灰砂浆 DP M20.0】","m2",69.58,10.09,1.43,7.24,0.16,0.01,1.55,0.78,null,21.26,1479]
[null,"12-3 换","墙面一般抹灰 每增减1mm \u007f换为【干混抹灰砂浆 DP M20.0】","m2",69.58,null,null,2.61,0.06,null,0.01,null,null,2.68,186]
[171,"011204003004","块料墙面","m2",69.58,39.92,5.66,114.93,null,null,6.05,3.04,null,169.6,11801]
[null,"12-52 换","墙面瓷砖(干粉型粘结剂) 周长1200mm以上 \u007f换为【CT-02 浅色瓷砖600×1200】","m2",69.58,39.92,5.66,101.93,null,null,6.05,3.04,null,156.6,10896]
[null,"补","瓷砖刷背胶","m2",69.58,null,null,13,{"$nulls":5},13,905]
[172,"011207001007","墙面装饰板","m2",28.03,72.72,10.32,423.37,2.24,-0.14,11.37,5.71,null,525.59,14732]
[null,"12-67","内墙(柱、梁)骨架及基层钢龙骨","t",0.33636,3276.39,465.04,5541.32,186.61,-11.32,524.99,263.88,null,10246.91,3447]
[null,"12-123 换","墙饰面 木夹板基层 \u007f换为【阻燃板δ12】","m2",28.03,8.16,1.16,28.33,null,null,1.24,0.62,null,39.51,1107]
[{"$nulls":11},"表-09"]
[]
["工程量清单综合单价计算表"]
["单位工程(专业)：建筑工程-装修工程",{"$nulls":10},"第 49 页  共 97 页"]
["序号","项目编号","项目名称","计量单位","数量","综合单价（元）",{"$nulls":8},"合计(元)"]
[{"$nulls":5},"定额人工费","人工费价差","材料费","定额机械费","机械费价差","管理费","利润","风险费用","小计"]
[null,"12-140 换","墙饰面 铝合金装饰板 \u007f换为【WD-02银色金属板δ12】","m2",28.03,25.24,3.58,328.54,null,null,3.83,1.92,null,363.11,10178]
[173,"011407001005","墙面喷刷涂料","m2",326.36,null,null,105,{"$nulls":5},105,34268]
[null,"补","刷艺术漆三遍（含腻子二遍）","m2",326.36,null,null,105,{"$nulls":5},105,34268]
[null,null,"其它工程"]
[174,"010809004004","石材窗台板","m2",0.18,787.73,112.24,595.11,1.18,-0.03,119.54,59.81,null,1675.58,302]
[null,"8-149 换","窗台板 石材 粘合剂粘贴 \u007f换为【ST-02 保加利亚灰大理石】","m2",0.18,57.38,8.15,465.6,null,null,8.7,4.37,null,544.2,98]
[null,"11-40","石材六面刷保护液","m2",0.18,5.12,0.73,8.67,null,null,0.78,0.39,null,15.69,3]
[null,"11-41 换","石材楼地面 精磨镜面处理","m2",0.18,25.3,3.59,1.44,1.18,-0.03,4.01,2.02,null,37.51,7]
[null,"15-179","石材磨边斜边","m",7.07,6.2,0.88,1.14,null,null,0.94,0.47,null,9.63,68]
[null,"15-182","倒角、抛光厚度(mm)10以内","m",14.14,5.81,0.83,0.95,null,null,0.88,0.44,null,8.91,126]
[175,"010808004004","金属门窗套","m2",5.5,77.18,10.97,326.03,0.1,null,11.71,5.88,null,431.87,2375]
[null,"8-132 换","门窗套基层 木龙骨五夹板门套 \u007f换为【阻燃板δ15】","m2",11,28.33,4.03,37.44,0.05,null,4.3,2.16,null,76.31,839]
[{"$nulls":11},"表-09"]
[]
["工程量清单综合单价计算表"]
["单位工程(专业)：建筑工程-装修工程",{"$nulls":10},"第 50 页  共 97 页"]
["序号","项目编号","项目名称","计量单位","数量","综合单价（元）",{"$nulls":8},"合计(元)"]
[{"$nulls":5},"定额人工费","人工费价差","材料费","定额机械费","机械费价差","管理费","利润","风险费用","小计"]
[null,"8-137 换","门窗套面层 不锈钢板 \u007f换为【MT-01 黑色不锈钢】","m2",5.5,20.52,2.91,251.15,null,null,3.11,1.56,null,279.25,1536]
[176,"010801002013","木质门带套","樘",14,89.96,12.77,1209.42,null,null,13.64,6.86,null,1332.65,18657]
[null,"8-33 换","成品套装木门安装单扇门 \u007f换为【胡桃木饰面成品木门900*2200mm】","樘",14,51.43,7.3,1102.36,null,null,7.8,3.92,null,1172.81,16419]
[null,"8-166","门特殊五金 执手锁 双开","把",14,38.53,5.47,107.06,null,null,5.84,2.94,null,159.84,2238]
[177,"010801002014","木质门带套","樘",2,89.96,12.77,1359.42,null,null,13.64,6.86,null,1482.65,2965]
[null,"8-33 换","成品套装木门安装单扇门 \u007f换为【胡桃木饰面成品木门1000*2200mm】","樘",2,51.43,7.3,1252.36,null,null,7.8,3.92,null,1322.81,2646]
[null,"8-166","门特殊五金 执手锁 双开","把",2,38.53,5.47,107.06,null,null,5.84,2.94,null,159.84,320]
[178,"010801002015","木质门带套","樘",2,89.96,12.77,939.42,null,null,13.64,6.86,null,1062.65,2125]
[null,"8-33 换","成品套装木门安装单扇门 \u007f换为【胡桃木饰面成品木门665*2200mm】","樘",2,51.43,7.3,832.36,null,null,7.8,3.92,null,902.81,1806]
[null,"8-166","门特殊五金 执手锁 双开","把",2,38.53,5.47,107.06,null,null,5.84,2.94,null,159.84,320]
[{"$nulls":11},"表-09"]
[]
["工程量清单综合单价计算表"]
["单位工程(专业)：建筑工程-装修工程",{"$nulls":10},"第 51 页  共 97 页"]
["序号","项目编号","项目名称","计量单位","数量","综合单价（元）",{"$nulls":8},"合计(元)"]
[{"$nulls":5},"定额人工费","人工费价差","材料费","定额机械费","机械费价差","管理费","利润","风险费用","小计"]
[179,"010801002016","木质门带套","樘",1,89.96,12.77,1309.42,null,null,13.64,6.86,null,1432.65,1433]
[null,"8-33 换","成品套装木门安装单扇门 \u007f换为【胡桃木饰面成品木门980*2200mm】","樘",1,51.43,7.3,1202.36,null,null,7.8,3.92,null,1272.81,1273]
[null,"8-166","门特殊五金 执手锁 双开","把",1,38.53,5.47,107.06,null,null,5.84,2.94,null,159.84,160]
[180,"010801002017","木质门带套","樘",2,89.96,12.77,1099.42,null,null,13.64,6.86,null,1222.65,2445]
[null,"8-33 换","成品套装木门安装单扇门 \u007f换为【胡桃木饰面成品木门800*2200mm】","樘",2,51.43,7.3,992.36,null,null,7.8,3.92,null,1062.81,2126]
[null,"8-166","门特殊五金 执手锁 双开","把",2,38.53,5.47,107.06,null,null,5.84,2.94,null,159.84,320]
[181,"010801004004","木质防火门","m2",10.7,58.89,8.36,565.79,null,null,8.93,4.49,null,646.46,6917]
[null,"8-37","木质防火门安装","m2",10.7,30.79,4.37,448.46,null,null,4.67,2.35,null,490.64,5250]
[null,"8-186","门特殊五金 闭门器明装","个",8,12.21,1.74,94.96,null,null,1.85,0.93,null,111.69,894]
[null,"8-188","门特殊五金 顺位器","个",4,12.21,1.74,16.88,null,null,1.85,0.93,null,33.61,134]
[null,"8-166","门特殊五金 执手锁 双开","把",4,38.53,5.47,107.06,null,null,5.84,2.94,null,159.84,639]
[182,"011210003007","玻璃隔断","m2",3.22,40.2,5.7,298.86,null,null,6.09,3.06,null,353.91,1140]
[null,"12-206","不锈钢框玻璃隔断","m2",3.22,40.2,5.7,298.86,null,null,6.09,3.06,null,353.91,1140]
[{"$nulls":11},"表-09"]
[]
["工程量清单综合单价计算表"]
["单位工程(专业)：建筑工程-装修工程",{"$nulls":10},"第 52 页  共 97 页"]
["序号","项目编号","项目名称","计量单位","数量","综合单价（元）",{"$nulls":8},"合计(元)"]
[{"$nulls":5},"定额人工费","人工费价差","材料费","定额机械费","机械费价差","管理费","利润","风险费用","小计"]
[183,"011207001008","墙面装饰板","m2",1.34,106.21,15.07,316.56,4.18,-0.26,16.73,8.41,null,466.9,626]
[null,"12-67","内墙(柱、梁)骨架及基层钢龙骨","t",0.03,3276.39,465.04,5541.32,186.61,-11.32,524.99,263.88,null,10246.91,307]
[null,"12-123 换","墙饰面 木夹板基层 \u007f换为【阻燃板δ12】","m2",2.68,8.16,1.16,28.33,null,null,1.24,0.62,null,39.51,106]
[null,"12-124 换","墙饰面 石膏板基层 \u007f换为【纸面石膏板δ9.5】","m2",2.68,8.27,1.17,11.95,null,null,1.25,0.63,null,23.27,62]
[null,"补","天地轴、暗门拉手、合页","套",1,null,null,150,{"$nulls":5},150,150]
[184,"011505010004","镜面玻璃","m2",3.54,37.2,5.28,160.23,null,null,5.64,2.83,null,211.18,748]
[null,"15-104 换","镜面玻璃带金属框 \u007f换为【阻燃板δ9】","m2",3.54,37.2,5.28,160.23,null,null,5.64,2.83,null,211.18,748]
[185,"011505001004","洗漱台","m2",2.83,274.2,38.93,1395.74,1.53,-0.04,41.8,21.01,null,1773.17,5018]
[null,"15-101 换","大理石洗漱台台下盆","m2",2.83,162.75,23.1,670.1,0.08,0.01,24.69,12.41,null,893.14,2528]
[null,"15-182","倒角、抛光厚度(mm)10以内","m",3.77,5.81,0.83,0.95,null,null,0.88,0.44,null,8.91,34]
[null,"15-179","石材磨边斜边","m",3.77,6.2,0.88,1.14,null,null,0.94,0.47,null,9.63,36]
[null,"11-40","石材六面刷保护液","m2",2.83,5.12,0.73,8.67,null,null,0.78,0.39,null,15.69,44]
[null,"11-41 换","石材楼地面 精磨镜面处理","m2",2.83,25.3,3.59,1.44,1.18,-0.03,4.01,2.02,null,37.51,106]
[{"$nulls":11},"表-09"]
[]
["工程量清单综合单价计算表"]
["单位工程(专业)：建筑工程-装修工程",{"$nulls":10},"第 53 页  共 97 页"]
["序号","项目编号","项目名称","计量单位","数量","综合单价（元）",{"$nulls":8},"合计(元)"]
[{"$nulls":5},"定额人工费","人工费价差","材料费","定额机械费","机械费价差","管理费","利润","风险费用","小计"]
[null,"15-13 换","附墙低柜 \u007f换为【WD-01胡桃木饰面δ12】","m2",1.7908,49.91,7.08,800.8,0.28,-0.02,7.61,3.82,null,869.48,1557]
[null,"15-19 换","单独柜门平板门 \u007f换为【WD-01胡桃木饰面δ12】","m2",1.7908,52.86,7.5,325.55,0.14,-0.01,8.03,4.04,null,398.11,713]
[186,"011210005004","成品隔断","m2",20.54,42.08,5.97,151.08,null,null,6.38,3.21,null,208.72,4287]
[null,"12-207 换","成品卫生间隔断 \u007f换为【成品抗倍特板12mm】","m2",20.54,42.08,5.97,151.08,null,null,6.38,3.21,null,208.72,4287]
[187,"011210003008","玻璃隔断","m2",2.07,40.2,5.7,389.76,null,null,6.09,3.06,null,444.81,921]
[null,"12-206 换","不锈钢框玻璃隔断 \u007f换为【油砂玻璃隔断】","m2",2.07,40.2,5.7,389.76,null,null,6.09,3.06,null,444.81,921]
[null,null,"24F改造维修"]
[null,null,"拆除及新建工程"]
[188,"011601001005","砖砌体拆除","m3",18.76,13.1,1.94,0.81,31.6,7.62,6.78,3.41,null,65.26,1224]
[null,"16-8","加气砼砌块墙拆除","m3",18.76,13.1,1.94,0.81,31.6,7.62,6.78,3.41,null,65.26,1224]
[189,"011610001005","木门窗拆除","m2",42.48,15.47,2.29,{"$nulls":3},2.35,1.18,null,21.29,904]
[null,"16-49","木门窗拆除","m2",42.48,15.47,2.29,{"$nulls":3},2.35,1.18,null,21.29,904]
[190,"011210002005","金属隔断","m2",58.15,14.11,2,50.87,null,null,2.14,1.08,null,70.2,4082]
[{"$nulls":11},"表-09"]
[]
["工程量清单综合单价计算表"]
["单位工程(专业)：建筑工程-装修工程",{"$nulls":10},"第 54 页  共 97 页"]
["序号","项目编号","项目名称","计量单位","数量","综合单价（元）",{"$nulls":8},"合计(元)"]
[{"$nulls":5},"定额人工费","人工费价差","材料费","定额机械费","机械费价差","管理费","利润","风险费用","小计"]
[null,"12-216 换","隔墙龙骨 轻钢龙骨中距(mm以内) \u007f换为【镀锌轻钢龙骨50×40】","m2",58.15,14.11,2,50.87,null,null,2.14,1.08,null,70.2,4082]
[null,null,"防水工程"]
[191,"010904002005","楼（地）面涂膜防水","m2",37.51,2.77,0.41,27.63,null,null,0.42,0.21,null,31.44,1179]
[null,"9-88 换","聚氨酯防水涂料 厚度1.5mm 平面","m2",37.51,2.77,0.41,27.63,null,null,0.42,0.21,null,31.44,1179]
[192,"010903002005","墙面涂膜防水","m2",69.55,8.4,1.24,58.13,null,null,1.27,0.64,null,69.68,4846]
[null,"9-89 换","聚氨酯防水涂料 厚度1.5mm 立面","m2",69.55,8.4,1.24,58.13,null,null,1.27,0.64,null,69.68,4846]
[193,"010903003005","墙面砂浆防水（防潮）","m2",69.55,10.42,1.54,13.5,0.21,0.02,1.61,0.81,null,28.11,1955]
[null,"9-43","防水砂浆 立面","m2",69.55,10.42,1.54,13.5,0.21,0.02,1.61,0.81,null,28.11,1955]
[null,null,"地面"]
[194,"011101005005","自流坪楼地面","m2",142.05,null,null,23,{"$nulls":5},23,3267]
[null,"补","3mm厚树脂胶泥自流平","m2",142.05,null,null,23,{"$nulls":5},23,3267]
[195,"011103002005","橡胶板卷材楼地面","m2",129.63,12.76,1.81,77.97,null,null,1.93,0.97,null,95.44,12372]
[{"$nulls":11},"表-09"]
[]
["工程量清单综合单价计算表"]
["单位工程(专业)：建筑工程-装修工程",{"$nulls":10},"第 55 页  共 97 页"]
["序号","项目编号","项目名称","计量单位","数量","综合单价（元）",{"$nulls":8},"合计(元)"]
[{"$nulls":5},"定额人工费","人工费价差","材料费","定额机械费","机械费价差","管理费","利润","风险费用","小计"]
[null,"11-77 换","橡胶卷材 \u007f换为【塑胶地板复合式，厚度2.6mm，耐磨层0.5mm、防火 等级B1、防滑等级R9】","m2",129.63,12.76,1.81,77.97,null,null,1.93,0.97,null,95.44,12372]
[196,"011102003006","块料楼地面","m2",26.65,31.93,4.54,99.49,0.79,0.1,4.96,2.49,null,144.3,3846]
[null,"11-47 换","地砖楼地面 (干混砂浆铺贴)周长2400mm以外密缝 \u007f实际厚度(mm):30 \u007f采用干硬性水泥砂浆的,除材料单价换算外 \u007f换为【CT-02 浅色瓷砖600×1200】","m2",26.65,31.93,4.54,99.49,0.79,0.1,4.96,2.49,null,144.3,3846]
[197,"011108001010","石材零星项目","m2",0.12,87.54,12.43,399.42,1.71,0.04,13.53,6.8,null,521.47,63]
[null,"11-143 换","零星装饰项目 干混砂浆铺贴 石材 \u007f换为【ST-01 深色大理石】","m2",0.12,57.12,8.11,389.31,0.53,0.07,8.74,4.39,null,468.27,56]
[null,"11-40","石材六面刷保护液","m2",0.12,5.12,0.73,8.67,null,null,0.78,0.39,null,15.69,2]
[null,"11-41 换","石材楼地面 精磨镜面处理","m2",0.12,25.3,3.59,1.44,1.18,-0.03,4.01,2.02,null,37.51,5]
[198,"011108001011","石材零星项目","m2",1,87.54,12.43,399.42,1.71,0.04,13.53,6.8,null,521.47,521]
[{"$nulls":11},"表-09"]
[]
["工程量清单综合单价计算表"]
["单位工程(专业)：建筑工程-装修工程",{"$nulls":10},"第 56 页  共 97 页"]
["序号","项目编号","项目名称","计量单位","数量","综合单价（元）",{"$nulls":8},"合计(元)"]
[{"$nulls":5},"定额人工费","人工费价差","材料费","定额机械费","机械费价差","管理费","利润","风险费用","小计"]
[null,"11-143 换","零星装饰项目 干混砂浆铺贴 石材 \u007f换为【ST-01 深色大理石】","m2",1,57.12,8.11,389.31,0.53,0.07,8.74,4.39,null,468.27,468]
[null,"11-40","石材六面刷保护液","m2",1,5.12,0.73,8.67,null,null,0.78,0.39,null,15.69,16]
[null,"11-41 换","石材楼地面 精磨镜面处理","m2",1,25.3,3.59,1.44,1.18,-0.03,4.01,2.02,null,37.51,38]
[199,"011105006005","金属踢脚线","m",118.62,8.56,1.21,42.12,null,null,1.3,0.65,null,53.84,6387]
[null,"11-111","成品踢脚线 金属板面层 粘贴式","m",118.62,8.56,1.21,42.12,null,null,1.3,0.65,null,53.84,6387]
[200,"011104002001","竹、木（复合）地板","m2",16.36,9.08,1.28,188.6,null,null,1.38,0.69,null,201.03,3289]
[null,"11-86","复合地板 铺在水泥地面上","m2",16.36,9.08,1.28,188.6,null,null,1.38,0.69,null,201.03,3289]
[201,"011101001001","水泥砂浆楼地面","m2",16.36,9.61,1.37,14.28,0.29,0.03,1.5,0.75,null,27.83,455]
[null,"11-1 换","干混砂浆找平层 混凝土或硬基层上20mm厚 \u007f实际厚度(mm):30","m2",16.36,9.61,1.37,14.28,0.29,0.03,1.5,0.75,null,27.83,455]
[null,null,"天棚"]
[202,"011302001028","吊顶天棚","m2",19.59,37.28,5.28,60.06,null,null,5.65,2.84,null,111.11,2177]
[null,"13-10","轻钢龙骨 (U50型)平面","m2",19.59,18.53,2.63,18.71,null,null,2.81,1.41,null,44.09,864]
[{"$nulls":11},"表-09"]
[]
["工程量清单综合单价计算表"]
["单位工程(专业)：建筑工程-装修工程",{"$nulls":10},"第 57 页  共 97 页"]
["序号","项目编号","项目名称","计量单位","数量","综合单价（元）",{"$nulls":8},"合计(元)"]
[{"$nulls":5},"定额人工费","人工费价差","材料费","定额机械费","机械费价差","管理费","利润","风险费用","小计"]
[null,"13-17 换","天棚基层 细木工板钉在轻钢龙骨 上平面 \u007f换为【阻燃板δ12】","m2",19.59,11.15,1.58,29.05,null,null,1.69,0.85,null,44.32,868]
[null,"13-26","天棚基层 石膏板每增加一层","m2",19.59,7.6,1.07,12.3,null,null,1.15,0.58,null,22.7,445]
[203,"011304001012","灯带（槽）","m2",0.44,50.63,7.18,59.26,0.07,-0.01,7.68,3.86,null,128.67,57]
[null,"13-75 换","悬挑式灯槽、灯带 直形 细木工板面高15cm内","m2",0.44,43.03,6.11,46.96,0.07,-0.01,6.53,3.28,null,105.97,47]
[null,"13-26 换","天棚基层 石膏板每增加一层","m2",0.44,7.6,1.07,12.3,null,null,1.15,0.58,null,22.7,10]
[204,"011302001029","吊顶天棚","m2",26.22,36.12,5.13,63.39,null,null,5.48,2.75,null,112.87,2959]
[null,"13-10","轻钢龙骨 (U50型)平面","m2",26.22,18.53,2.63,18.71,null,null,2.81,1.41,null,44.09,1156]
[null,"13-22 换","天棚基层 石膏板安在U形轻钢龙骨 上平面 \u007f实际石膏板层数(层):2 \u007f换为【耐潮纸面石膏板δ9.5】","m2",26.22,17.59,2.5,44.68,null,null,2.67,1.34,null,68.78,1803]
[205,"011302001030","吊顶天棚","m2",4.71,48.7,6.92,67.74,null,null,7.38,3.71,null,134.45,633]
[null,"13-11 换","轻钢龙骨 (U50型)侧面","m2",4.71,22.23,3.16,14.53,null,null,3.37,1.69,null,44.98,212]
[null,"13-18 换","天棚基层 细木工板钉在轻钢龙骨 上侧面 \u007f换为【阻燃板δ12】","m2",4.71,14.44,2.05,30.4,null,null,2.19,1.1,null,50.18,236]
[{"$nulls":11},"表-09"]
[]
["工程量清单综合单价计算表"]
["单位工程(专业)：建筑工程-装修工程",{"$nulls":10},"第 58 页  共 97 页"]
["序号","项目编号","项目名称","计量单位","数量","综合单价（元）",{"$nulls":8},"合计(元)"]
[{"$nulls":5},"定额人工费","人工费价差","材料费","定额机械费","机械费价差","管理费","利润","风险费用","小计"]
[null,"13-23 换","天棚基层 石膏板安在U形轻钢龙骨 上侧面 \u007f换为【耐潮纸面石膏板δ9.5】","m2",4.71,12.03,1.71,22.81,null,null,1.82,0.92,null,39.29,185]
[206,"011304001013","灯带（槽）","m2",5.15,50.63,7.18,69.2,0.07,-0.01,7.68,3.86,null,138.61,714]
[null,"13-75 换","悬挑式灯槽、灯带 直形 细木工板面高15cm内","m2",5.15,43.03,6.11,46.96,0.07,-0.01,6.53,3.28,null,105.97,546]
[null,"13-26 换","天棚基层 石膏板每增加一层 \u007f换为【耐潮纸面石膏板δ9.5】","m2",5.15,7.6,1.07,22.24,null,null,1.15,0.58,null,32.64,168]
[207,"011302001031","吊顶天棚","m2",0.94,29.43,4.17,192.11,null,null,4.46,2.24,null,232.41,218]
[null,"13-17 换","天棚基层 细木工板钉在轻钢龙骨 上平面 \u007f换为【阻燃板δ12】","m2",0.94,11.15,1.58,29.05,null,null,1.69,0.85,null,44.32,42]
[null,"13-51 换","天棚面层 软膜吊顶 圆形 \u007f为拱形、圆弧形等曲面 \u007f换为【白色软膜】","m2",0.94,18.28,2.59,163.06,null,null,2.77,1.39,null,188.09,177]
[208,"011302001032","吊顶天棚","m2",1.28,48.7,6.92,57.8,null,null,7.38,3.71,null,124.51,159]
[null,"13-11 换","轻钢龙骨 (U50型)侧面","m2",1.28,22.23,3.16,14.53,null,null,3.37,1.69,null,44.98,58]
[{"$nulls":11},"表-09"]
[]
["工程量清单综合单价计算表"]
["单位工程(专业)：建筑工程-装修工程",{"$nulls":10},"第 59 页  共 97 页"]
["序号","项目编号","项目名称","计量单位","数量","综合单价（元）",{"$nulls":8},"合计(元)"]
[{"$nulls":5},"定额人工费","人工费价差","材料费","定额机械费","机械费价差","管理费","利润","风险费用","小计"]
[null,"13-18 换","天棚基层 细木工板钉在轻钢龙骨 上侧面 \u007f换为【阻燃板δ12】","m2",1.28,14.44,2.05,30.4,null,null,2.19,1.1,null,50.18,64]
[null,"13-23","天棚基层 石膏板安在U形轻钢龙骨 上侧面","m2",1.28,12.03,1.71,12.87,null,null,1.82,0.92,null,29.35,38]
[209,"011302001033","吊顶天棚","m2",141.17,22.61,3.21,161.55,null,null,3.43,1.72,null,192.52,27178]
[null,"13-12","卡式轻钢龙骨","m2",141.17,15.8,2.24,12.83,null,null,2.4,1.2,null,34.47,4866]
[null,"13-44 换","天棚面层 铝合金方板面层 嵌入式 \u007f换为【铝蜂窝板】","m2",141.17,6.81,0.97,148.72,null,null,1.03,0.52,null,158.05,22312]
[210,"011304001014","灯带（槽）","m2",9.68,63.78,9.06,404.5,0.07,-0.01,9.68,4.86,null,491.94,4762]
[null,"13-75 换","悬挑式灯槽、灯带 直形 细木工板面高15cm内","m2",9.68,43.03,6.11,46.96,0.07,-0.01,6.53,3.28,null,105.97,1026]
[null,"13-37 换","天棚面层 不锈钢板 粘在夹板基层上 平面 \u007f换为【黑色不锈钢板1.2】","m2",14.52,13.83,1.97,238.36,null,null,2.1,1.05,null,257.31,3736]
[211,"011502001010","金属装饰线","m",138.44,5.5,0.79,8.63,null,null,0.83,0.42,null,16.17,2239]
[null,"15-37 换","角线20以内 \u007f天棚面安装直线形装饰线条 \u007f换为【铝蜂窝板收边条】","m",138.44,5.5,0.79,8.63,null,null,0.83,0.42,null,16.17,2239]
[212,"011502001011","金属装饰线","m",26.1,5.5,0.79,27.07,null,null,0.83,0.42,null,34.61,903]
[{"$nulls":11},"表-09"]
[]
["工程量清单综合单价计算表"]
["单位工程(专业)：建筑工程-装修工程",{"$nulls":10},"第 60 页  共 97 页"]
["序号","项目编号","项目名称","计量单位","数量","综合单价（元）",{"$nulls":8},"合计(元)"]
[{"$nulls":5},"定额人工费","人工费价差","材料费","定额机械费","机械费价差","管理费","利润","风险费用","小计"]
[null,"15-37 换","角线20以内 \u007f天棚面安装直线形装饰线条 \u007f换为【配套灯槽铝型材侧边条】","m",26.1,5.5,0.79,27.07,null,null,0.83,0.42,null,34.61,903]
[213,"011407002006","天棚喷刷涂料","m2",33.16,17.02,2.42,9.45,null,null,2.58,1.3,null,32.77,1087]
[null,"14-142","批刮腻子(满刮两遍)石膏板或其他基层板面","m2",33.16,7.44,1.06,2.32,null,null,1.13,0.57,null,12.52,415]
[null,"14-128 换","乳胶漆墙、柱、天棚面二遍 \u007f实际遍数(遍):3 \u007f换为【无机涂料】","m2",33.16,9.58,1.36,7.13,null,null,1.45,0.73,null,20.25,671]
[null,null,"墙面"]
[214,"011201001005","墙面一般抹灰","m2",69.58,10.09,1.43,9.85,0.22,0.01,1.56,0.78,null,23.94,1666]
[null,"12-16 换","打底找平 厚15 \u007f换为【干混抹灰砂浆 DP M20.0】","m2",69.58,10.09,1.43,7.24,0.16,0.01,1.55,0.78,null,21.26,1479]
[null,"12-3 换","墙面一般抹灰 每增减1mm \u007f换为【干混抹灰砂浆 DP M20.0】","m2",69.58,null,null,2.61,0.06,null,0.01,null,null,2.68,186]
[215,"011204003005","块料墙面","m2",69.58,39.92,5.66,114.93,null,null,6.05,3.04,null,169.6,11801]
[{"$nulls":11},"表-09"]
[]
["工程量清单综合单价计算表"]
["单位工程(专业)：建筑工程-装修工程",{"$nulls":10},"第 61 页  共 97 页"]
["序号","项目编号","项目名称","计量单位","数量","综合单价（元）",{"$nulls":8},"合计(元)"]
[{"$nulls":5},"定额人工费","人工费价差","材料费","定额机械费","机械费价差","管理费","利润","风险费用","小计"]
[null,"12-52 换","墙面瓷砖(干粉型粘结剂) 周长1200mm以上 \u007f换为【CT-02 浅色瓷砖600×1200】","m2",69.58,39.92,5.66,101.93,null,null,6.05,3.04,null,156.6,10896]
[null,"补","瓷砖刷背胶","m2",69.58,null,null,13,{"$nulls":5},13,905]
[216,"011207001009","墙面装饰板","m2",28.03,72.72,10.32,423.37,2.24,-0.14,11.37,5.71,null,525.59,14732]
[null,"12-67","内墙(柱、梁)骨架及基层钢龙骨","t",0.33636,3276.39,465.04,5541.32,186.61,-11.32,524.99,263.88,null,10246.91,3447]
[null,"12-123 换","墙饰面 木夹板基层 \u007f换为【阻燃板δ12】","m2",28.03,8.16,1.16,28.33,null,null,1.24,0.62,null,39.51,1107]
[null,"12-140 换","墙饰面 铝合金装饰板 \u007f换为【WD-02银色金属板δ12】","m2",28.03,25.24,3.58,328.54,null,null,3.83,1.92,null,363.11,10178]
[217,"011407001006","墙面喷刷涂料","m2",378.48,null,null,105,{"$nulls":5},105,39740]
[null,"补","刷艺术漆三遍（含腻子二遍）","m2",378.48,null,null,105,{"$nulls":5},105,39740]
[null,null,"其它工程"]
[218,"010809004005","石材窗台板","m2",0.18,787.73,112.24,595.11,1.18,-0.03,119.54,59.81,null,1675.58,302]
[null,"8-149 换","窗台板 石材 粘合剂粘贴 \u007f换为【ST-02 保加利亚灰大理石】","m2",0.18,57.38,8.15,465.6,null,null,8.7,4.37,null,544.2,98]
[{"$nulls":11},"表-09"]
[]
["工程量清单综合单价计算表"]
["单位工程(专业)：建筑工程-装修工程",{"$nulls":10},"第 62 页  共 97 页"]
["序号","项目编号","项目名称","计量单位","数量","综合单价（元）",{"$nulls":8},"合计(元)"]
[{"$nulls":5},"定额人工费","人工费价差","材料费","定额机械费","机械费价差","管理费","利润","风险费用","小计"]
[null,"11-40","石材六面刷保护液","m2",0.18,5.12,0.73,8.67,null,null,0.78,0.39,null,15.69,3]
[null,"11-41 换","石材楼地面 精磨镜面处理","m2",0.18,25.3,3.59,1.44,1.18,-0.03,4.01,2.02,null,37.51,7]
[null,"15-179","石材磨边斜边","m",7.07,6.2,0.88,1.14,null,null,0.94,0.47,null,9.63,68]
[null,"15-182","倒角、抛光厚度(mm)10以内","m",14.14,5.81,0.83,0.95,null,null,0.88,0.44,null,8.91,126]
[219,"010808004005","金属门窗套","m2",5.5,77.18,10.97,326.03,0.1,null,11.71,5.88,null,431.87,2375]
[null,"8-132 换","门窗套基层 木龙骨五夹板门套 \u007f换为【阻燃板δ15】","m2",11,28.33,4.03,37.44,0.05,null,4.3,2.16,null,76.31,839]
[null,"8-137 换","门窗套面层 不锈钢板 \u007f换为【MT-01 黑色不锈钢】","m2",5.5,20.52,2.91,251.15,null,null,3.11,1.56,null,279.25,1536]
[220,"010801002018","木质门带套","樘",14,89.96,12.77,1209.42,null,null,13.64,6.86,null,1332.65,18657]
[null,"8-33 换","成品套装木门安装单扇门 \u007f换为【胡桃木饰面成品木门900*2200mm】","樘",14,51.43,7.3,1102.36,null,null,7.8,3.92,null,1172.81,16419]
[null,"8-166","门特殊五金 执手锁 双开","把",14,38.53,5.47,107.06,null,null,5.84,2.94,null,159.84,2238]
[221,"010801002019","木质门带套","樘",2,89.96,12.77,1359.42,null,null,13.64,6.86,null,1482.65,2965]
[{"$nulls":11},"表-09"]
[]
["工程量清单综合单价计算表"]
["单位工程(专业)：建筑工程-装修工程",{"$nulls":10},"第 63 页  共 97 页"]
["序号","项目编号","项目名称","计量单位","数量","综合单价（元）",{"$nulls":8},"合计(元)"]
[{"$nulls":5},"定额人工费","人工费价差","材料费","定额机械费","机械费价差","管理费","利润","风险费用","小计"]
[null,"8-33 换","成品套装木门安装单扇门 \u007f换为【胡桃木饰面成品木门1000*2200mm】","樘",2,51.43,7.3,1252.36,null,null,7.8,3.92,null,1322.81,2646]
[null,"8-166","门特殊五金 执手锁 双开","把",2,38.53,5.47,107.06,null,null,5.84,2.94,null,159.84,320]
[222,"010801002020","木质门带套","樘",2,89.96,12.77,939.42,null,null,13.64,6.86,null,1062.65,2125]
[null,"8-33 换","成品套装木门安装单扇门 \u007f换为【胡桃木饰面成品木门665*2200mm】","樘",2,51.43,7.3,832.36,null,null,7.8,3.92,null,902.81,1806]
[null,"8-166","门特殊五金 执手锁 双开","把",2,38.53,5.47,107.06,null,null,5.84,2.94,null,159.84,320]
[223,"010801002021","木质门带套","樘",2,89.96,12.77,1309.42,null,null,13.64,6.86,null,1432.65,2865]
[null,"8-33 换","成品套装木门安装单扇门 \u007f换为【胡桃木饰面成品木门980*2200mm】","樘",2,51.43,7.3,1202.36,null,null,7.8,3.92,null,1272.81,2546]
[null,"8-166","门特殊五金 执手锁 双开","把",2,38.53,5.47,107.06,null,null,5.84,2.94,null,159.84,320]
[224,"010801002022","木质门带套","樘",2,89.96,12.77,1099.42,null,null,13.64,6.86,null,1222.65,2445]
[null,"8-33 换","成品套装木门安装单扇门 \u007f换为【胡桃木饰面成品木门800*2200mm】","樘",2,51.43,7.3,992.36,null,null,7.8,3.92,null,1062.81,2126]
[{"$nulls":11},"表-09"]
[]
["工程量清单综合单价计算表"]
["单位工程(专业)：建筑工程-装修工程",{"$nulls":10},"第 64 页  共 97 页"]
["序号","项目编号","项目名称","计量单位","数量","综合单价（元）",{"$nulls":8},"合计(元)"]
[{"$nulls":5},"定额人工费","人工费价差","材料费","定额机械费","机械费价差","管理费","利润","风险费用","小计"]
[null,"8-166","门特殊五金 执手锁 双开","把",2,38.53,5.47,107.06,null,null,5.84,2.94,null,159.84,320]
[225,"010801004005","木质防火门","m2",10.7,58.89,8.36,565.79,null,null,8.93,4.49,null,646.46,6917]
[null,"8-37","木质防火门安装","m2",10.7,30.79,4.37,448.46,null,null,4.67,2.35,null,490.64,5250]
[null,"8-186","门特殊五金 闭门器明装","个",8,12.21,1.74,94.96,null,null,1.85,0.93,null,111.69,894]
[null,"8-188","门特殊五金 顺位器","个",4,12.21,1.74,16.88,null,null,1.85,0.93,null,33.61,134]
[null,"8-166","门特殊五金 执手锁 双开","把",4,38.53,5.47,107.06,null,null,5.84,2.94,null,159.84,639]
[226,"011210003009","玻璃隔断","m2",3.22,40.2,5.7,298.86,null,null,6.09,3.06,null,353.91,1140]
[null,"12-206","不锈钢框玻璃隔断","m2",3.22,40.2,5.7,298.86,null,null,6.09,3.06,null,353.91,1140]
[227,"011207001010","墙面装饰板","m2",1.34,106.21,15.07,316.56,4.18,-0.26,16.73,8.41,null,466.9,626]
[null,"12-67","内墙(柱、梁)骨架及基层钢龙骨","t",0.03,3276.39,465.04,5541.32,186.61,-11.32,524.99,263.88,null,10246.91,307]
[null,"12-123 换","墙饰面 木夹板基层 \u007f换为【阻燃板δ12】","m2",2.68,8.16,1.16,28.33,null,null,1.24,0.62,null,39.51,106]
[null,"12-124 换","墙饰面 石膏板基层 \u007f换为【纸面石膏板δ9.5】","m2",2.68,8.27,1.17,11.95,null,null,1.25,0.63,null,23.27,62]
[null,"补","天地轴、暗门拉手、合页","套",1,null,null,150,{"$nulls":5},150,150]
[228,"011505010005","镜面玻璃","m2",3.54,37.2,5.28,160.23,null,null,5.64,2.83,null,211.18,748]
[{"$nulls":11},"表-09"]
[]
["工程量清单综合单价计算表"]
["单位工程(专业)：建筑工程-装修工程",{"$nulls":10},"第 65 页  共 97 页"]
["序号","项目编号","项目名称","计量单位","数量","综合单价（元）",{"$nulls":8},"合计(元)"]
[{"$nulls":5},"定额人工费","人工费价差","材料费","定额机械费","机械费价差","管理费","利润","风险费用","小计"]
[null,"15-104 换","镜面玻璃带金属框 \u007f换为【阻燃板δ9】","m2",3.54,37.2,5.28,160.23,null,null,5.64,2.83,null,211.18,748]
[229,"011505001005","洗漱台","m2",2.83,274.2,38.93,1395.74,1.53,-0.04,41.8,21.01,null,1773.17,5018]
[null,"15-101 换","大理石洗漱台台下盆","m2",2.83,162.75,23.1,670.1,0.08,0.01,24.69,12.41,null,893.14,2528]
[null,"15-182","倒角、抛光厚度(mm)10以内","m",3.77,5.81,0.83,0.95,null,null,0.88,0.44,null,8.91,34]
[null,"15-179","石材磨边斜边","m",3.77,6.2,0.88,1.14,null,null,0.94,0.47,null,9.63,36]
[null,"11-40","石材六面刷保护液","m2",2.83,5.12,0.73,8.67,null,null,0.78,0.39,null,15.69,44]
[null,"11-41 换","石材楼地面 精磨镜面处理","m2",2.83,25.3,3.59,1.44,1.18,-0.03,4.01,2.02,null,37.51,106]
[null,"15-13 换","附墙低柜 \u007f换为【WD-01胡桃木饰面δ12】","m2",1.7908,49.91,7.08,800.8,0.28,-0.02,7.61,3.82,null,869.48,1557]
[null,"15-19 换","单独柜门平板门 \u007f换为【WD-01胡桃木饰面δ12】","m2",1.7908,52.86,7.5,325.55,0.14,-0.01,8.03,4.04,null,398.11,713]
[230,"011210005005","成品隔断","m2",20.54,42.08,5.97,151.08,null,null,6.38,3.21,null,208.72,4287]
[null,"12-207 换","成品卫生间隔断 \u007f换为【成品抗倍特板12mm】","m2",20.54,42.08,5.97,151.08,null,null,6.38,3.21,null,208.72,4287]
[231,"011210003010","玻璃隔断","m2",2.07,40.2,5.7,389.76,null,null,6.09,3.06,null,444.81,921]
[{"$nulls":11},"表-09"]
[]
["工程量清单综合单价计算表"]
["单位工程(专业)：建筑工程-装修工程",{"$nulls":10},"第 66 页  共 97 页"]
["序号","项目编号","项目名称","计量单位","数量","综合单价（元）",{"$nulls":8},"合计(元)"]
[{"$nulls":5},"定额人工费","人工费价差","材料费","定额机械费","机械费价差","管理费","利润","风险费用","小计"]
[null,"12-206 换","不锈钢框玻璃隔断 \u007f换为【油砂玻璃隔断】","m2",2.07,40.2,5.7,389.76,null,null,6.09,3.06,null,444.81,921]
[null,null,"25F改造维修"]
[null,null,"拆除及新建工程"]
[232,"011601001006","砖砌体拆除","m3",18.76,13.1,1.94,0.81,31.6,7.62,6.78,3.41,null,65.26,1224]
[null,"16-8","加气砼砌块墙拆除","m3",18.76,13.1,1.94,0.81,31.6,7.62,6.78,3.41,null,65.26,1224]
[233,"011610001006","木门窗拆除","m2",42.48,15.47,2.29,{"$nulls":3},2.35,1.18,null,21.29,904]
[null,"16-49","木门窗拆除","m2",42.48,15.47,2.29,{"$nulls":3},2.35,1.18,null,21.29,904]
[234,"011210002006","金属隔断","m2",161.39,14.11,2,50.87,null,null,2.14,1.08,null,70.2,11330]
[null,"12-216 换","隔墙龙骨 轻钢龙骨中距(mm以内) \u007f换为【镀锌轻钢龙骨50×40】","m2",161.39,14.11,2,50.87,null,null,2.14,1.08,null,70.2,11330]
[null,null,"防水工程"]
[235,"010904002006","楼（地）面涂膜防水","m2",45.11,2.77,0.41,27.63,null,null,0.42,0.21,null,31.44,1418]
[null,"9-88 换","聚氨酯防水涂料 厚度1.5mm 平面","m2",45.11,2.77,0.41,27.63,null,null,0.42,0.21,null,31.44,1418]
[236,"010903002006","墙面涂膜防水","m2",87.12,8.4,1.24,58.13,null,null,1.27,0.64,null,69.68,6071]
[{"$nulls":11},"表-09"]
[]
["工程量清单综合单价计算表"]
["单位工程(专业)：建筑工程-装修工程",{"$nulls":10},"第 67 页  共 97 页"]
["序号","项目编号","项目名称","计量单位","数量","综合单价（元）",{"$nulls":8},"合计(元)"]
[{"$nulls":5},"定额人工费","人工费价差","材料费","定额机械费","机械费价差","管理费","利润","风险费用","小计"]
[null,"9-89 换","聚氨酯防水涂料 厚度1.5mm 立面","m2",87.12,8.4,1.24,58.13,null,null,1.27,0.64,null,69.68,6071]
[237,"010903003006","墙面砂浆防水（防潮）","m2",87.12,10.42,1.54,13.5,0.21,0.02,1.61,0.81,null,28.11,2449]
[null,"9-43","防水砂浆 立面","m2",87.12,10.42,1.54,13.5,0.21,0.02,1.61,0.81,null,28.11,2449]
[null,null,"地面"]
[238,"011101005006","自流坪楼地面","m2",244.07,null,null,23,{"$nulls":5},23,5614]
[null,"补","3mm厚树脂胶泥自流平","m2",244.07,null,null,23,{"$nulls":5},23,5614]
[239,"011103002006","橡胶板卷材楼地面","m2",213.55,12.76,1.81,77.97,null,null,1.93,0.97,null,95.44,20381]
[null,"11-77 换","橡胶卷材 \u007f换为【塑胶地板复合式，厚度2.6mm，耐磨层0.5mm、防火 等级B1、防滑等级R9】","m2",213.55,12.76,1.81,77.97,null,null,1.93,0.97,null,95.44,20381]
[240,"011102003007","块料楼地面","m2",52.82,31.93,4.54,99.49,0.79,0.1,4.96,2.49,null,144.3,7622]
[null,"11-47 换","地砖楼地面 (干混砂浆铺贴)周长2400mm以外密缝 \u007f实际厚度(mm):30 \u007f采用干硬性水泥砂浆的,除材料单价换算外 \u007f换为【CT-02 浅色瓷砖600×1200】","m2",52.82,31.93,4.54,99.49,0.79,0.1,4.96,2.49,null,144.3,7622]
[{"$nulls":11},"表-09"]
[]
["工程量清单综合单价计算表"]
["单位工程(专业)：建筑工程-装修工程",{"$nulls":10},"第 68 页  共 97 页"]
["序号","项目编号","项目名称","计量单位","数量","综合单价（元）",{"$nulls":8},"合计(元)"]
[{"$nulls":5},"定额人工费","人工费价差","材料费","定额机械费","机械费价差","管理费","利润","风险费用","小计"]
[241,"011108001012","石材零星项目","m2",2.84,87.54,12.43,399.42,1.71,0.04,13.53,6.8,null,521.47,1481]
[null,"11-143 换","零星装饰项目 干混砂浆铺贴 石材 \u007f换为【ST-01 深色大理石】","m2",2.84,57.12,8.11,389.31,0.53,0.07,8.74,4.39,null,468.27,1330]
[null,"11-40","石材六面刷保护液","m2",2.84,5.12,0.73,8.67,null,null,0.78,0.39,null,15.69,45]
[null,"11-41 换","石材楼地面 精磨镜面处理","m2",2.84,25.3,3.59,1.44,1.18,-0.03,4.01,2.02,null,37.51,107]
[242,"011108001013","石材零星项目","m2",1,87.54,12.43,399.42,1.71,0.04,13.53,6.8,null,521.47,521]
[null,"11-143 换","零星装饰项目 干混砂浆铺贴 石材 \u007f换为【ST-01 深色大理石】","m2",1,57.12,8.11,389.31,0.53,0.07,8.74,4.39,null,468.27,468]
[null,"11-40","石材六面刷保护液","m2",1,5.12,0.73,8.67,null,null,0.78,0.39,null,15.69,16]
[null,"11-41 换","石材楼地面 精磨镜面处理","m2",1,25.3,3.59,1.44,1.18,-0.03,4.01,2.02,null,37.51,38]
[243,"011101001002","水泥砂浆楼地面","m2",30.52,9.61,1.37,14.28,0.29,0.03,1.5,0.75,null,27.83,849]
[null,"11-1 换","干混砂浆找平层 混凝土或硬基层上20mm厚 \u007f实际厚度(mm):30","m2",30.52,9.61,1.37,14.28,0.29,0.03,1.5,0.75,null,27.83,849]
[244,"011104002002","竹、木（复合）地板","m2",30.52,9.08,1.28,188.6,null,null,1.38,0.69,null,201.03,6135]
[null,"11-86","复合地板 铺在水泥地面上","m2",30.52,9.08,1.28,188.6,null,null,1.38,0.69,null,201.03,6135]
[{"$nulls":11},"表-09"]
[]
["工程量清单综合单价计算表"]
["单位工程(专业)：建筑工程-装修工程",{"$nulls":10},"第 69 页  共 97 页"]
["序号","项目编号","项目名称","计量单位","数量","综合单价（元）",{"$nulls":8},"合计(元)"]
[{"$nulls":5},"定额人工费","人工费价差","材料费","定额机械费","机械费价差","管理费","利润","风险费用","小计"]
[245,"011105006006","金属踢脚线","m",150.71,8.56,1.21,42.12,null,null,1.3,0.65,null,53.84,8114]
[null,"11-111","成品踢脚线 金属板面层 粘贴式","m",150.71,8.56,1.21,42.12,null,null,1.3,0.65,null,53.84,8114]
[null,null,"天棚"]
[246,"011302001034","吊顶天棚","m2",67.56,37.28,5.28,60.06,null,null,5.65,2.84,null,111.11,7507]
[null,"13-10","轻钢龙骨 (U50型)平面","m2",67.56,18.53,2.63,18.71,null,null,2.81,1.41,null,44.09,2979]
[null,"13-17 换","天棚基层 细木工板钉在轻钢龙骨 上平面 \u007f换为【阻燃板δ12】","m2",67.56,11.15,1.58,29.05,null,null,1.69,0.85,null,44.32,2994]
[null,"13-26","天棚基层 石膏板每增加一层","m2",67.56,7.6,1.07,12.3,null,null,1.15,0.58,null,22.7,1534]
[247,"011302001035","吊顶天棚","m2",21.1,47.27,6.71,72.56,null,null,7.17,3.6,null,137.31,2897]
[null,"13-10","轻钢龙骨 (U50型)平面","m2",21.1,18.53,2.63,18.71,null,null,2.81,1.41,null,44.09,930]
[null,"13-22 换","天棚基层 石膏板安在U形轻钢龙骨 上平面 \u007f实际石膏板层数(层):2","m2",21.1,17.59,2.5,24.8,null,null,2.67,1.34,null,48.9,1032]
[null,"13-17 换","天棚基层 细木工板钉在轻钢龙骨 上平面 \u007f换为【阻燃板δ12】","m2",21.1,11.15,1.58,29.05,null,null,1.69,0.85,null,44.32,935]
[248,"011304001015","灯带（槽）","m2",0.44,50.63,7.18,59.26,0.07,-0.01,7.68,3.86,null,128.67,57]
[{"$nulls":11},"表-09"]
[]
["工程量清单综合单价计算表"]
["单位工程(专业)：建筑工程-装修工程",{"$nulls":10},"第 70 页  共 97 页"]
["序号","项目编号","项目名称","计量单位","数量","综合单价（元）",{"$nulls":8},"合计(元)"]
[{"$nulls":5},"定额人工费","人工费价差","材料费","定额机械费","机械费价差","管理费","利润","风险费用","小计"]
[null,"13-75 换","悬挑式灯槽、灯带 直形 细木工板面高15cm内","m2",0.44,43.03,6.11,46.96,0.07,-0.01,6.53,3.28,null,105.97,47]
[null,"13-26 换","天棚基层 石膏板每增加一层","m2",0.44,7.6,1.07,12.3,null,null,1.15,0.58,null,22.7,10]
[249,"011302001036","吊顶天棚","m2",26.22,36.12,5.13,63.39,null,null,5.48,2.75,null,112.87,2959]
[null,"13-10","轻钢龙骨 (U50型)平面","m2",26.22,18.53,2.63,18.71,null,null,2.81,1.41,null,44.09,1156]
[null,"13-22 换","天棚基层 石膏板安在U形轻钢龙骨 上平面 \u007f实际石膏板层数(层):2 \u007f换为【耐潮纸面石膏板δ9.5】","m2",26.22,17.59,2.5,44.68,null,null,2.67,1.34,null,68.78,1803]
[250,"011302001037","吊顶天棚","m2",7.6,48.7,6.92,67.74,null,null,7.38,3.71,null,134.45,1022]
[null,"13-11 换","轻钢龙骨 (U50型)侧面","m2",7.6,22.23,3.16,14.53,null,null,3.37,1.69,null,44.98,342]
[null,"13-18 换","天棚基层 细木工板钉在轻钢龙骨 上侧面 \u007f换为【阻燃板δ12】","m2",7.6,14.44,2.05,30.4,null,null,2.19,1.1,null,50.18,381]
[null,"13-23 换","天棚基层 石膏板安在U形轻钢龙骨 上侧面 \u007f换为【耐潮纸面石膏板δ9.5】","m2",7.6,12.03,1.71,22.81,null,null,1.82,0.92,null,39.29,299]
[251,"011302001038","吊顶天棚","m2",6.17,18.7,2.66,328.88,null,null,2.84,1.43,null,354.51,2187]
[{"$nulls":11},"表-09"]
[]
["工程量清单综合单价计算表"]
["单位工程(专业)：建筑工程-装修工程",{"$nulls":10},"第 71 页  共 97 页"]
["序号","项目编号","项目名称","计量单位","数量","综合单价（元）",{"$nulls":8},"合计(元)"]
[{"$nulls":5},"定额人工费","人工费价差","材料费","定额机械费","机械费价差","管理费","利润","风险费用","小计"]
[null,"13-15 换","天棚基层 细木工板钉在木龙骨 上平面 \u007f换为【阻燃板δ12】","m2",6.17,10.59,1.51,28.16,null,null,1.61,0.81,null,42.68,263]
[null,"13-27 换","天棚面层 装饰夹板 平面板平面 \u007f换为【胡桃木饰面δ12】","m2",6.17,8.11,1.15,300.72,null,null,1.23,0.62,null,311.83,1924]
[252,"011302001039","吊顶天棚","m2",8.36,35.61,5.06,373.95,null,null,5.4,2.71,null,422.73,3534]
[null,"13-18 换","天棚基层 细木工板钉在轻钢龙骨 上侧面 \u007f换为【阻燃板δ12】 \u007f实际细木工板层数(层):2","m2",8.36,25.07,3.56,58.53,null,null,3.8,1.91,null,92.87,776]
[null,"13-29 换","天棚面层 装饰夹板 侧面板直形边 \u007f换为【胡桃木饰面δ12】","m2",8.36,10.54,1.5,315.42,null,null,1.6,0.8,null,329.86,2758]
[253,"011304001016","灯带（槽）","m2",8.39,50.63,7.18,69.2,0.07,-0.01,7.68,3.86,null,138.61,1163]
[null,"13-75 换","悬挑式灯槽、灯带 直形 细木工板面高15cm内","m2",8.39,43.03,6.11,46.96,0.07,-0.01,6.53,3.28,null,105.97,889]
[null,"13-26 换","天棚基层 石膏板每增加一层 \u007f换为【耐潮纸面石膏板δ9.5】","m2",8.39,7.6,1.07,22.24,null,null,1.15,0.58,null,32.64,274]
[254,"011302001040","吊顶天棚","m2",46.35,29.43,4.17,192.11,null,null,4.46,2.24,null,232.41,10772]
[{"$nulls":11},"表-09"]
[]
["工程量清单综合单价计算表"]
["单位工程(专业)：建筑工程-装修工程",{"$nulls":10},"第 72 页  共 97 页"]
["序号","项目编号","项目名称","计量单位","数量","综合单价（元）",{"$nulls":8},"合计(元)"]
[{"$nulls":5},"定额人工费","人工费价差","材料费","定额机械费","机械费价差","管理费","利润","风险费用","小计"]
[null,"13-17 换","天棚基层 细木工板钉在轻钢龙骨 上平面 \u007f换为【阻燃板δ12】","m2",46.35,11.15,1.58,29.05,null,null,1.69,0.85,null,44.32,2054]
[null,"13-51 换","天棚面层 软膜吊顶 圆形 \u007f为拱形、圆弧形等曲面 \u007f换为【白色软膜】","m2",46.35,18.28,2.59,163.06,null,null,2.77,1.39,null,188.09,8718]
[255,"011302001041","吊顶天棚","m2",7.25,48.7,6.92,57.8,null,null,7.38,3.71,null,124.51,903]
[null,"13-11 换","轻钢龙骨 (U50型)侧面","m2",7.25,22.23,3.16,14.53,null,null,3.37,1.69,null,44.98,326]
[null,"13-18 换","天棚基层 细木工板钉在轻钢龙骨 上侧面 \u007f换为【阻燃板δ12】","m2",7.25,14.44,2.05,30.4,null,null,2.19,1.1,null,50.18,364]
[null,"13-23","天棚基层 石膏板安在U形轻钢龙骨 上侧面","m2",7.25,12.03,1.71,12.87,null,null,1.82,0.92,null,29.35,213]
[256,"011302001042","吊顶天棚","m2",156.9,22.61,3.21,161.55,null,null,3.43,1.72,null,192.52,30206]
[null,"13-12","卡式轻钢龙骨","m2",156.9,15.8,2.24,12.83,null,null,2.4,1.2,null,34.47,5408]
[null,"13-44 换","天棚面层 铝合金方板面层 嵌入式 \u007f换为【铝蜂窝板】","m2",156.9,6.81,0.97,148.72,null,null,1.03,0.52,null,158.05,24798]
[257,"011304001017","灯带（槽）","m2",9.05,63.78,9.06,404.5,0.07,-0.01,9.68,4.86,null,491.94,4452]
[null,"13-75 换","悬挑式灯槽、灯带 直形 细木工板面高15cm内","m2",9.05,43.03,6.11,46.96,0.07,-0.01,6.53,3.28,null,105.97,959]
[{"$nulls":11},"表-09"]
[]
["工程量清单综合单价计算表"]
["单位工程(专业)：建筑工程-装修工程",{"$nulls":10},"第 73 页  共 97 页"]
["序号","项目编号","项目名称","计量单位","数量","综合单价（元）",{"$nulls":8},"合计(元)"]
[{"$nulls":5},"定额人工费","人工费价差","材料费","定额机械费","机械费价差","管理费","利润","风险费用","小计"]
[null,"13-37 换","天棚面层 不锈钢板 粘在夹板基层上 平面 \u007f换为【黑色不锈钢板1.2】","m2",13.575,13.83,1.97,238.36,null,null,2.1,1.05,null,257.31,3493]
[258,"011302001043","吊顶天棚","m2",33.65,41.85,5.95,39.7,null,null,6.34,3.19,null,97.03,3265]
[null,"13-11 换","轻钢龙骨 (U50型)侧面","m2",33.65,22.23,3.16,14.53,null,null,3.37,1.69,null,44.98,1514]
[null,"13-23 换","天棚基层 石膏板安在U形轻钢龙骨 上侧面 \u007f实际石膏板层数(层):2","m2",33.65,19.62,2.79,25.17,null,null,2.97,1.5,null,52.05,1751]
[259,"011502001012","金属装饰线","m",138.44,5.5,0.79,8.63,null,null,0.83,0.42,null,16.17,2239]
[null,"15-37 换","角线20以内 \u007f天棚面安装直线形装饰线条 \u007f换为【铝蜂窝板收边条】","m",138.44,5.5,0.79,8.63,null,null,0.83,0.42,null,16.17,2239]
[260,"011502001013","金属装饰线","m",26.1,5.5,0.79,27.07,null,null,0.83,0.42,null,34.61,903]
[null,"15-37 换","角线20以内 \u007f天棚面安装直线形装饰线条 \u007f换为【配套灯槽铝型材侧边条】","m",26.1,5.5,0.79,27.07,null,null,0.83,0.42,null,34.61,903]
[261,"011407002007","天棚喷刷涂料","m2",170.29,17.02,2.42,9.45,null,null,2.58,1.3,null,32.77,5580]
[null,"14-142","批刮腻子(满刮两遍)石膏板或其他基层板面","m2",170.29,7.44,1.06,2.32,null,null,1.13,0.57,null,12.52,2132]
[{"$nulls":11},"表-09"]
[]
["工程量清单综合单价计算表"]
["单位工程(专业)：建筑工程-装修工程",{"$nulls":10},"第 74 页  共 97 页"]
["序号","项目编号","项目名称","计量单位","数量","综合单价（元）",{"$nulls":8},"合计(元)"]
[{"$nulls":5},"定额人工费","人工费价差","材料费","定额机械费","机械费价差","管理费","利润","风险费用","小计"]
[null,"14-128 换","乳胶漆墙、柱、天棚面二遍 \u007f实际遍数(遍):3 \u007f换为【无机涂料】","m2",170.29,9.58,1.36,7.13,null,null,1.45,0.73,null,20.25,3448]
[null,null,"墙面"]
[262,"011201001006","墙面一般抹灰","m2",104.66,10.09,1.43,9.85,0.22,0.01,1.56,0.78,null,23.94,2506]
[null,"12-16 换","打底找平 厚15 \u007f换为【干混抹灰砂浆 DP M20.0】","m2",104.66,10.09,1.43,7.24,0.16,0.01,1.55,0.78,null,21.26,2225]
[null,"12-3 换","墙面一般抹灰 每增减1mm \u007f换为【干混抹灰砂浆 DP M20.0】","m2",104.66,null,null,2.61,0.06,null,0.01,null,null,2.68,280]
[263,"011204003006","块料墙面","m2",104.66,39.92,5.66,101.93,null,null,6.05,3.04,null,156.6,16390]
[null,"12-52 换","墙面瓷砖(干粉型粘结剂) 周长1200mm以上 \u007f换为【CT-02 浅色瓷砖600×1200】","m2",104.66,39.92,5.66,101.93,null,null,6.05,3.04,null,156.6,16390]
[null,"补","瓷砖刷背胶","m2",{"$nulls":3},13,{"$nulls":5},13]
[264,"011207001011","墙面装饰板","m2",28.03,72.72,10.32,423.37,2.24,-0.14,11.37,5.71,null,525.59,14732]
[null,"12-67","内墙(柱、梁)骨架及基层钢龙骨","t",0.33636,3276.39,465.04,5541.32,186.61,-11.32,524.99,263.88,null,10246.91,3447]
[null,"12-123 换","墙饰面 木夹板基层 \u007f换为【阻燃板δ12】","m2",28.03,8.16,1.16,28.33,null,null,1.24,0.62,null,39.51,1107]
[{"$nulls":11},"表-09"]
[]
["工程量清单综合单价计算表"]
["单位工程(专业)：建筑工程-装修工程",{"$nulls":10},"第 75 页  共 97 页"]
["序号","项目编号","项目名称","计量单位","数量","综合单价（元）",{"$nulls":8},"合计(元)"]
[{"$nulls":5},"定额人工费","人工费价差","材料费","定额机械费","机械费价差","管理费","利润","风险费用","小计"]
[null,"12-140 换","墙饰面 铝合金装饰板 \u007f换为【WD-02银色金属板δ12】","m2",28.03,25.24,3.58,328.54,null,null,3.83,1.92,null,363.11,10178]
[265,"011407001007","墙面喷刷涂料","m2",440.35,null,null,105,{"$nulls":5},105,46237]
[null,"补","刷艺术漆三遍（含腻子二遍）","m2",440.35,null,null,105,{"$nulls":5},105,46237]
[266,"Z011207003004","成品木饰面","m2",72.83,24.48,3.48,320.57,null,null,3.71,1.86,null,354.1,25789]
[null,"12-123 换","墙饰面 木夹板基层 \u007f换为【阻燃板 δ12】","m2",72.83,8.16,1.16,28.33,null,null,1.24,0.62,null,39.51,2878]
[null,"12-147 换","墙饰面 成品木饰面粘贴 \u007f换为【WD-01 胡桃木饰面 δ12】","m2",72.83,16.32,2.32,292.24,null,null,2.47,1.24,null,314.59,22912]
[267,"011502001014","金属装饰线","m",22.04,5.5,0.79,6.83,null,null,0.83,0.42,null,14.37,317]
[null,"15-37 换","角线20以内 \u007f天棚面安装直线形装饰线条 \u007f换为【铝合金嵌条宽度5mm】","m",22.04,5.5,0.79,6.83,null,null,0.83,0.42,null,14.37,317]
[null,null,"其它工程"]
[268,"010809004006","石材窗台板","m2",0.77,251.42,35.79,503.62,1.18,-0.03,38.28,19.18,null,849.44,654]
[{"$nulls":11},"表-09"]
[]
["工程量清单综合单价计算表"]
["单位工程(专业)：建筑工程-装修工程",{"$nulls":10},"第 76 页  共 97 页"]
["序号","项目编号","项目名称","计量单位","数量","综合单价（元）",{"$nulls":8},"合计(元)"]
[{"$nulls":5},"定额人工费","人工费价差","材料费","定额机械费","机械费价差","管理费","利润","风险费用","小计"]
[null,"8-149 换","窗台板 石材 粘合剂粘贴 \u007f换为【ST-02 保加利亚灰大理石】","m2",0.77,57.38,8.15,465.6,null,null,8.7,4.37,null,544.2,419]
[null,"11-40","石材六面刷保护液","m2",0.77,5.12,0.73,8.67,null,null,0.78,0.39,null,15.69,12]
[null,"11-41 换","石材楼地面 精磨镜面处理","m2",0.77,25.3,3.59,1.44,1.18,-0.03,4.01,2.02,null,37.51,29]
[null,"15-179","石材磨边斜边","m",7.07,6.2,0.88,1.14,null,null,0.94,0.47,null,9.63,68]
[null,"15-182","倒角、抛光厚度(mm)10以内","m",14.14,5.81,0.83,0.95,null,null,0.88,0.44,null,8.91,126]
[269,"010808004006","金属门窗套","m2",5.5,77.18,10.97,326.03,0.1,null,11.71,5.88,null,431.87,2375]
[null,"8-132 换","门窗套基层 木龙骨五夹板门套 \u007f换为【阻燃板δ15】","m2",11,28.33,4.03,37.44,0.05,null,4.3,2.16,null,76.31,839]
[null,"8-137 换","门窗套面层 不锈钢板 \u007f换为【MT-01 黑色不锈钢】","m2",5.5,20.52,2.91,251.15,null,null,3.11,1.56,null,279.25,1536]
[270,"010801002023","木质门带套","樘",10,89.96,12.77,1209.42,null,null,13.64,6.86,null,1332.65,13327]
[null,"8-33 换","成品套装木门安装单扇门 \u007f换为【胡桃木饰面成品木门900*2200mm】","樘",10,51.43,7.3,1102.36,null,null,7.8,3.92,null,1172.81,11728]
[null,"8-166","门特殊五金 执手锁 双开","把",10,38.53,5.47,107.06,null,null,5.84,2.94,null,159.84,1598]
[27,"01080100202","木质门带","樘",5,89.9,12.7,1359.4,null,null,13.6,6.8,null,1482.65,741]
[{"$nulls":11},"表-09"]
[]
["工程量清单综合单价计算表"]
["单位工程(专业)：建筑工程-装修工程",{"$nulls":10},"第 77 页  共 97 页"]
["序号","项目编号","项目名称","计量单位","数量","综合单价（元）",{"$nulls":8},"合计(元)"]
[{"$nulls":5},"定额人工费","人工费价差","材料费","定额机械费","机械费价差","管理费","利润","风险费用","小计"]
[1,"4","套",null,null,6,7,2,null,null,4,6,null,null,3]
[null,"8-33 换","成品套装木门安装单扇门 \u007f换为【胡桃木饰面成品木门1000*2200mm】","樘",5,51.43,7.3,1252.36,null,null,7.8,3.92,null,1322.81,6614]
[null,"8-166","门特殊五金 执手锁 双开","把",5,38.53,5.47,107.06,null,null,5.84,2.94,null,159.84,799]
[272,"010801002025","木质门带套","樘",1,89.96,12.77,2609.42,null,null,13.64,6.86,null,2732.65,2733]
[null,"8-33 换","成品套装木门安装单扇门 \u007f换为【胡桃木饰面成品木门2000*2200mm】","樘",1,51.43,7.3,2502.36,null,null,7.8,3.92,null,2572.81,2573]
[null,"8-166","门特殊五金 执手锁 双开","把",1,38.53,5.47,107.06,null,null,5.84,2.94,null,159.84,160]
[273,"010801002026","木质门带套","樘",2,89.96,12.77,939.42,null,null,13.64,6.86,null,1062.65,2125]
[null,"8-33 换","成品套装木门安装单扇门 \u007f换为【胡桃木饰面成品木门665*2200mm】","樘",2,51.43,7.3,832.36,null,null,7.8,3.92,null,902.81,1806]
[null,"8-166","门特殊五金 执手锁 双开","把",2,38.53,5.47,107.06,null,null,5.84,2.94,null,159.84,320]
[274,"010801002027","木质门带套","樘",1,89.96,12.77,1309.42,null,null,13.64,6.86,null,1432.65,1433]
[{"$nulls":11},"表-09"]
[]
["工程量清单综合单价计算表"]
["单位工程(专业)：建筑工程-装修工程",{"$nulls":10},"第 78 页  共 97 页"]
["序号","项目编号","项目名称","计量单位","数量","综合单价（元）",{"$nulls":8},"合计(元)"]
[{"$nulls":5},"定额人工费","人工费价差","材料费","定额机械费","机械费价差","管理费","利润","风险费用","小计"]
[null,"8-33 换","成品套装木门安装单扇门 \u007f换为【胡桃木饰面成品木门980*2200mm】","樘",1,51.43,7.3,1202.36,null,null,7.8,3.92,null,1272.81,1273]
[null,"8-166","门特殊五金 执手锁 双开","把",1,38.53,5.47,107.06,null,null,5.84,2.94,null,159.84,160]
[275,"010801004006","木质防火门","m2",10.7,58.89,8.36,565.79,null,null,8.93,4.49,null,646.46,6917]
[null,"8-37","木质防火门安装","m2",10.7,30.79,4.37,448.46,null,null,4.67,2.35,null,490.64,5250]
[null,"8-186","门特殊五金 闭门器明装","个",8,12.21,1.74,94.96,null,null,1.85,0.93,null,111.69,894]
[null,"8-188","门特殊五金 顺位器","个",4,12.21,1.74,16.88,null,null,1.85,0.93,null,33.61,134]
[null,"8-166","门特殊五金 执手锁 双开","把",4,38.53,5.47,107.06,null,null,5.84,2.94,null,159.84,639]
[276,"011210003011","玻璃隔断","m2",22.13,40.2,5.7,298.86,null,null,6.09,3.06,null,353.91,7832]
[null,"12-206","不锈钢框玻璃隔断","m2",22.13,40.2,5.7,298.86,null,null,6.09,3.06,null,353.91,7832]
[277,"011207001012","墙面装饰板","m2",1.34,106.21,15.07,316.56,4.18,-0.26,16.73,8.41,null,466.9,626]
[null,"12-67","内墙(柱、梁)骨架及基层钢龙骨","t",0.03,3276.39,465.04,5541.32,186.61,-11.32,524.99,263.88,null,10246.91,307]
[null,"12-123 换","墙饰面 木夹板基层 \u007f换为【阻燃板δ12】","m2",2.68,8.16,1.16,28.33,null,null,1.24,0.62,null,39.51,106]
[null,"12-124 换","墙饰面 石膏板基层 \u007f换为【纸面石膏板δ9.5】","m2",2.68,8.27,1.17,11.95,null,null,1.25,0.63,null,23.27,62]
[{"$nulls":11},"表-09"]
[]
["工程量清单综合单价计算表"]
["单位工程(专业)：建筑工程-装修工程",{"$nulls":10},"第 79 页  共 97 页"]
["序号","项目编号","项目名称","计量单位","数量","综合单价（元）",{"$nulls":8},"合计(元)"]
[{"$nulls":5},"定额人工费","人工费价差","材料费","定额机械费","机械费价差","管理费","利润","风险费用","小计"]
[null,"补","天地轴、暗门拉手、合页","套",1,null,null,150,{"$nulls":5},150,150]
[278,"011505010006","镜面玻璃","m2",3.54,37.2,5.28,160.23,null,null,5.64,2.83,null,211.18,748]
[null,"15-104 换","镜面玻璃带金属框 \u007f换为【阻燃板δ9】","m2",3.54,37.2,5.28,160.23,null,null,5.64,2.83,null,211.18,748]
[279,"011505001006","洗漱台","m2",2.83,274.2,38.93,1395.74,1.53,-0.04,41.8,21.01,null,1773.17,5018]
[null,"15-101 换","大理石洗漱台台下盆","m2",2.83,162.75,23.1,670.1,0.08,0.01,24.69,12.41,null,893.14,2528]
[null,"15-182","倒角、抛光厚度(mm)10以内","m",3.77,5.81,0.83,0.95,null,null,0.88,0.44,null,8.91,34]
[null,"15-179","石材磨边斜边","m",3.77,6.2,0.88,1.14,null,null,0.94,0.47,null,9.63,36]
[null,"11-40","石材六面刷保护液","m2",2.83,5.12,0.73,8.67,null,null,0.78,0.39,null,15.69,44]
[null,"11-41 换","石材楼地面 精磨镜面处理","m2",2.83,25.3,3.59,1.44,1.18,-0.03,4.01,2.02,null,37.51,106]
[null,"15-13 换","附墙低柜 \u007f换为【WD-01胡桃木饰面δ12】","m2",1.7908,49.91,7.08,800.8,0.28,-0.02,7.61,3.82,null,869.48,1557]
[null,"15-19 换","单独柜门平板门 \u007f换为【WD-01胡桃木饰面δ12】","m2",1.7908,52.86,7.5,325.55,0.14,-0.01,8.03,4.04,null,398.11,713]
[280,"011210005006","成品隔断","m2",20.54,42.08,5.97,151.08,null,null,6.38,3.21,null,208.72,4287]
[{"$nulls":11},"表-09"]
[]
["工程量清单综合单价计算表"]
["单位工程(专业)：建筑工程-装修工程",{"$nulls":10},"第 80 页  共 97 页"]
["序号","项目编号","项目名称","计量单位","数量","综合单价（元）",{"$nulls":8},"合计(元)"]
[{"$nulls":5},"定额人工费","人工费价差","材料费","定额机械费","机械费价差","管理费","利润","风险费用","小计"]
[null,"12-207 换","成品卫生间隔断 \u007f换为【成品抗倍特板12mm】","m2",20.54,42.08,5.97,151.08,null,null,6.38,3.21,null,208.72,4287]
[281,"011210003012","玻璃隔断","m2",2.07,40.2,5.7,389.76,null,null,6.09,3.06,null,444.81,921]
[null,"12-206 换","不锈钢框玻璃隔断 \u007f换为【油砂玻璃隔断】","m2",2.07,40.2,5.7,389.76,null,null,6.09,3.06,null,444.81,921]
[282,"011210006004","其他隔断","m2",11.26,28.58,4.06,407.95,0.19,-0.01,4.36,2.19,null,447.32,5037]
[null,"12-213 换","玻璃砖隔断 全砖","m2",11.26,28.58,4.06,407.95,0.19,-0.01,4.36,2.19,null,447.32,5037]
[283,"011503008001","玻璃栏板","m",21.84,98.01,13.91,155.47,4.97,-0.17,15.61,7.85,null,295.65,6457]
[null,"15-90 换","全玻璃栏板","m",21.84,98.01,13.91,155.47,4.97,-0.17,15.61,7.85,null,295.65,6457]
[284,"011501010003","吊柜","m",1.8,75.95,10.78,913.89,1.6,-0.06,11.76,5.91,null,1019.83,1836]
[null,"15-7 换","吊柜 \u007f换为【阻燃胶合板贴科技木夹板δ18】","m",1.8,75.95,10.78,913.89,1.6,-0.06,11.76,5.91,null,1019.83,1836]
[285,"011501014002","吧台","m",1.96,36.67,5.2,1151.54,0.21,-0.02,5.59,2.81,null,1202,2356]
[null,"15-13 换","附墙低柜 \u007f换为【阻燃胶合板贴科技木夹板δ18】","m2",1.44,49.91,7.08,1567.37,0.28,-0.02,7.61,3.82,null,1636.05,2356]
[286,"011501008002","木壁柜","m",1.85,117.29,16.64,2489.92,0.66,-0.05,17.88,8.98,null,2651.32,4905]
[{"$nulls":11},"表-09"]
[]
["工程量清单综合单价计算表"]
["单位工程(专业)：建筑工程-装修工程",{"$nulls":10},"第 81 页  共 97 页"]
["序号","项目编号","项目名称","计量单位","数量","综合单价（元）",{"$nulls":8},"合计(元)"]
[{"$nulls":5},"定额人工费","人工费价差","材料费","定额机械费","机械费价差","管理费","利润","风险费用","小计"]
[null,"15-13 换","附墙低柜 \u007f换为【阻燃胶合板贴科技木夹板δ18】","m2",4.3475,49.91,7.08,1059.54,0.28,-0.02,7.61,3.82,null,1128.22,4905]
[287,"011501008003","木壁柜","m",1.62,117.07,16.61,1706.95,0.66,-0.05,17.85,8.96,null,1868.05,3026]
[null,"15-13 换","附墙低柜 \u007f换为【阻燃胶合板贴科技木夹板δ18】","m2",3.8,49.91,7.08,727.7,0.28,-0.02,7.61,3.82,null,796.38,3026]
[288,"011501008004","木壁柜","m",6,117.29,16.64,2277.55,0.66,-0.05,17.88,8.98,null,2438.95,14634]
[null,"15-13 换","附墙低柜 \u007f换为【阻燃胶合板贴科技木夹板δ18】","m2",14.1,49.91,7.08,969.17,0.28,-0.02,7.61,3.82,null,1037.85,14634]
[289,"010805005002","全玻自由门","m2",4,null,null,680,{"$nulls":5},680,2720]
[null,"补","定制窄边玻璃移门","m2",4,null,null,680,{"$nulls":5},680,2720]
[290,"011210003013","玻璃隔断","m2",5.45,null,null,430,{"$nulls":5},430,2344]
[null,"补","淋浴间成品玻璃隔断","m2",5.45,null,null,430,{"$nulls":5},430,2344]
[291,"011505001007","洗漱台","个",2,null,null,580,{"$nulls":5},580,1160]
[null,"补","成品洗脸台","个",2,null,null,580,{"$nulls":5},580,1160]
[null,null,"26F改造维修"]
[null,null,"拆除及新建工程"]
[{"$nulls":11},"表-09"]
[]
["工程量清单综合单价计算表"]
["单位工程(专业)：建筑工程-装修工程",{"$nulls":10},"第 82 页  共 97 页"]
["序号","项目编号","项目名称","计量单位","数量","综合单价（元）",{"$nulls":8},"合计(元)"]
[{"$nulls":5},"定额人工费","人工费价差","材料费","定额机械费","机械费价差","管理费","利润","风险费用","小计"]
[292,"011601001007","砖砌体拆除","m3",18.76,13.1,1.94,0.81,31.6,7.62,6.78,3.41,null,65.26,1224]
[null,"16-8","加气砼砌块墙拆除","m3",18.76,13.1,1.94,0.81,31.6,7.62,6.78,3.41,null,65.26,1224]
[293,"011610001007","木门窗拆除","m2",42.48,15.47,2.29,{"$nulls":3},2.35,1.18,null,21.29,904]
[null,"16-49","木门窗拆除","m2",42.48,15.47,2.29,{"$nulls":3},2.35,1.18,null,21.29,904]
[294,"011606003001","天棚面龙骨及饰面拆除","m2",318.94,6.97,1.03,{"$nulls":3},1.06,0.53,null,9.59,3059]
[null,"16-48","天棚拆除 龙骨及饰面拆除 金属龙骨石膏面","m2",318.94,6.97,1.03,{"$nulls":3},1.06,0.53,null,9.59,3059]
[295,"011210002007","金属隔断","m2",7.14,14.11,2,50.87,null,null,2.14,1.08,null,70.2,501]
[null,"12-216 换","隔墙龙骨 轻钢龙骨中距(mm以内) \u007f换为【镀锌轻钢龙骨50×40】","m2",7.14,14.11,2,50.87,null,null,2.14,1.08,null,70.2,501]
[null,null,"防水工程"]
[296,"010904002007","楼（地）面涂膜防水","m2",37.51,2.77,0.41,27.63,null,null,0.42,0.21,null,31.44,1179]
[null,"9-88 换","聚氨酯防水涂料 厚度1.5mm 平面","m2",37.51,2.77,0.41,27.63,null,null,0.42,0.21,null,31.44,1179]
[297,"010903002007","墙面涂膜防水","m2",69.55,8.4,1.24,58.13,null,null,1.27,0.64,null,69.68,4846]
[null,"9-89 换","聚氨酯防水涂料 厚度1.5mm 立面","m2",69.55,8.4,1.24,58.13,null,null,1.27,0.64,null,69.68,4846]
[{"$nulls":11},"表-09"]
[]
["工程量清单综合单价计算表"]
["单位工程(专业)：建筑工程-装修工程",{"$nulls":10},"第 83 页  共 97 页"]
["序号","项目编号","项目名称","计量单位","数量","综合单价（元）",{"$nulls":8},"合计(元)"]
[{"$nulls":5},"定额人工费","人工费价差","材料费","定额机械费","机械费价差","管理费","利润","风险费用","小计"]
[298,"010903003007","墙面砂浆防水（防潮）","m2",69.55,10.42,1.54,13.5,0.21,0.02,1.61,0.81,null,28.11,1955]
[null,"9-43","防水砂浆 立面","m2",69.55,10.42,1.54,13.5,0.21,0.02,1.61,0.81,null,28.11,1955]
[null,null,"地面"]
[299,"011101005007","自流坪楼地面","m2",343.38,null,null,23,{"$nulls":5},23,7898]
[null,"补","3mm厚树脂胶泥自流平","m2",343.38,null,null,23,{"$nulls":5},23,7898]
[300,"011103002007","橡胶板卷材楼地面","m2",343.38,12.76,1.81,77.97,null,null,1.93,0.97,null,95.44,32772]
[null,"11-77 换","橡胶卷材 \u007f换为【塑胶地板复合式，厚度2.6mm，耐磨层0.5mm、防火 等级B1、防滑等级R9】","m2",343.38,12.76,1.81,77.97,null,null,1.93,0.97,null,95.44,32772]
[301,"011102003008","块料楼地面","m2",26.65,31.93,4.54,99.49,0.79,0.1,4.96,2.49,null,144.3,3846]
[null,"11-47 换","地砖楼地面 (干混砂浆铺贴)周长2400mm以外密缝 \u007f实际厚度(mm):30 \u007f采用干硬性水泥砂浆的,除材料单价换算外 \u007f换为【CT-02 浅色瓷砖600×1200】","m2",26.65,31.93,4.54,99.49,0.79,0.1,4.96,2.49,null,144.3,3846]
[302,"011108001014","石材零星项目","m2",2.84,87.54,12.43,399.42,1.71,0.04,13.53,6.8,null,521.47,1481]
[{"$nulls":11},"表-09"]
[]
["工程量清单综合单价计算表"]
["单位工程(专业)：建筑工程-装修工程",{"$nulls":10},"第 84 页  共 97 页"]
["序号","项目编号","项目名称","计量单位","数量","综合单价（元）",{"$nulls":8},"合计(元)"]
[{"$nulls":5},"定额人工费","人工费价差","材料费","定额机械费","机械费价差","管理费","利润","风险费用","小计"]
[null,"11-143 换","零星装饰项目 干混砂浆铺贴 石材 \u007f换为【ST-01 深色大理石】","m2",2.84,57.12,8.11,389.31,0.53,0.07,8.74,4.39,null,468.27,1330]
[null,"11-40","石材六面刷保护液","m2",2.84,5.12,0.73,8.67,null,null,0.78,0.39,null,15.69,45]
[null,"11-41 换","石材楼地面 精磨镜面处理","m2",2.84,25.3,3.59,1.44,1.18,-0.03,4.01,2.02,null,37.51,107]
[303,"011104002003","竹、木（复合）地板","m2",50.2,9.08,1.28,167.6,null,null,1.38,0.69,null,180.03,9038]
[null,"11-86 换","复合地板 铺在水泥地面上 \u007f换为【WF-07 户外木地板】","m2",50.2,9.08,1.28,167.6,null,null,1.38,0.69,null,180.03,9038]
[304,"011101001003","水泥砂浆楼地面","m2",50.2,9.61,1.37,14.28,0.29,0.03,1.5,0.75,null,27.83,1397]
[null,"11-1 换","干混砂浆找平层 混凝土或硬基层上20mm厚 \u007f实际厚度(mm):30","m2",50.2,9.61,1.37,14.28,0.29,0.03,1.5,0.75,null,27.83,1397]
[305,"011105006007","金属踢脚线","m",164.38,8.56,1.21,42.12,null,null,1.3,0.65,null,53.84,8850]
[null,"11-111","成品踢脚线 金属板面层 粘贴式","m",164.38,8.56,1.21,42.12,null,null,1.3,0.65,null,53.84,8850]
[null,null,"天棚"]
[306,"011302001044","吊顶天棚","m2",20.97,36.67,5.21,65.96,null,null,5.56,2.79,null,116.19,2437]
[null,"13-11 换","轻钢龙骨 (U50型)侧面","m2",20.97,22.23,3.16,14.53,null,null,3.37,1.69,null,44.98,943]
[{"$nulls":11},"表-09"]
[]
["工程量清单综合单价计算表"]
["单位工程(专业)：建筑工程-装修工程",{"$nulls":10},"第 85 页  共 97 页"]
["序号","项目编号","项目名称","计量单位","数量","综合单价（元）",{"$nulls":8},"合计(元)"]
[{"$nulls":5},"定额人工费","人工费价差","材料费","定额机械费","机械费价差","管理费","利润","风险费用","小计"]
[null,"13-18 换","天棚基层 细木工板钉在轻钢龙骨 上侧面 \u007f换为【阻燃板δ18】","m2",20.97,14.44,2.05,51.43,null,null,2.19,1.1,null,71.21,1493]
[307,"011302001045","吊顶天棚","m2",173.74,37.28,5.28,60.06,null,null,5.65,2.84,null,111.11,19304]
[null,"13-10","轻钢龙骨 (U50型)平面","m2",173.74,18.53,2.63,18.71,null,null,2.81,1.41,null,44.09,7660]
[null,"13-17 换","天棚基层 细木工板钉在轻钢龙骨 上平面 \u007f换为【阻燃板δ12】","m2",173.74,11.15,1.58,29.05,null,null,1.69,0.85,null,44.32,7700]
[null,"13-26","天棚基层 石膏板每增加一层","m2",173.74,7.6,1.07,12.3,null,null,1.15,0.58,null,22.7,3944]
[308,"011302001046","吊顶天棚","m2",73.33,43.51,6.18,369.56,null,null,6.6,3.31,null,429.16,31470]
[null,"13-10","轻钢龙骨 (U50型)平面","m2",73.33,18.53,2.63,18.71,null,null,2.81,1.41,null,44.09,3233]
[null,"13-17 换","天棚基层 细木工板钉在轻钢龙骨 上平面 \u007f换为【阻燃板δ18】","m2",73.33,11.15,1.58,49.49,null,null,1.69,0.85,null,64.76,4749]
[null,"13-37 换","天棚面层 不锈钢板 粘在夹板基层上 平面 \u007f换为【WD-02 银色金属板δ12】","m2",73.33,13.83,1.97,301.36,null,null,2.1,1.05,null,320.31,23488]
[309,"011304001018","灯带（槽）","m2",7.58,50.63,7.18,59.26,0.07,-0.01,7.68,3.86,null,128.67,975]
[null,"13-75 换","悬挑式灯槽、灯带 直形 细木工板面高15cm内","m2",7.58,43.03,6.11,46.96,0.07,-0.01,6.53,3.28,null,105.97,803]
[{"$nulls":11},"表-09"]
[]
["工程量清单综合单价计算表"]
["单位工程(专业)：建筑工程-装修工程",{"$nulls":10},"第 86 页  共 97 页"]
["序号","项目编号","项目名称","计量单位","数量","综合单价（元）",{"$nulls":8},"合计(元)"]
[{"$nulls":5},"定额人工费","人工费价差","材料费","定额机械费","机械费价差","管理费","利润","风险费用","小计"]
[null,"13-26 换","天棚基层 石膏板每增加一层","m2",7.58,7.6,1.07,12.3,null,null,1.15,0.58,null,22.7,172]
[310,"011304001019","灯带（槽）","m2",3.06,61.02,8.66,404.02,0.07,-0.01,9.26,4.65,null,487.67,1492]
[null,"13-75 换","悬挑式灯槽、灯带 直形 细木工板面高15cm内 \u007f换为【阻燃板δ18】","m2",3.06,43.03,6.11,73.92,0.07,-0.01,6.53,3.28,null,132.93,407]
[null,"13-38 换","天棚面层 不锈钢板 粘在夹板基层上 零星、异形 \u007f换为【WD-02 银色金属板δ12】","m2",3.06,17.99,2.55,330.1,null,null,2.73,1.37,null,354.74,1086]
[311,"011302001047","吊顶天棚","m2",21.33,57.36,8.14,396.06,null,null,8.7,4.37,null,474.63,10124]
[null,"13-11 换","轻钢龙骨 (U50型)侧面","m2",21.33,22.23,3.16,14.53,null,null,3.37,1.69,null,44.98,959]
[null,"13-18 换","天棚基层 细木工板钉在轻钢龙骨 上侧面 \u007f换为【阻燃板δ18】","m2",21.33,14.44,2.05,51.43,null,null,2.19,1.1,null,71.21,1519]
[null,"13-38 换","天棚面层 不锈钢板 粘在夹板基层上 零星、异形 \u007f换为【WD-02 银色金属板δ12】 \u007f为拱形、圆弧形等曲面","m2",21.33,20.69,2.93,330.1,null,null,3.14,1.58,null,358.44,7646]
[312,"011302001048","吊顶天棚","m2",26.22,36.12,5.13,63.39,null,null,5.48,2.75,null,112.87,2959]
[null,"13-10","轻钢龙骨 (U50型)平面","m2",26.22,18.53,2.63,18.71,null,null,2.81,1.41,null,44.09,1156]
[{"$nulls":11},"表-09"]
[]
["工程量清单综合单价计算表"]
["单位工程(专业)：建筑工程-装修工程",{"$nulls":10},"第 87 页  共 97 页"]
["序号","项目编号","项目名称","计量单位","数量","综合单价（元）",{"$nulls":8},"合计(元)"]
[{"$nulls":5},"定额人工费","人工费价差","材料费","定额机械费","机械费价差","管理费","利润","风险费用","小计"]
[null,"13-22 换","天棚基层 石膏板安在U形轻钢龙骨 上平面 \u007f实际石膏板层数(层):2 \u007f换为【耐潮纸面石膏板δ9.5】","m2",26.22,17.59,2.5,44.68,null,null,2.67,1.34,null,68.78,1803]
[313,"011302001049","吊顶天棚","m2",7.6,48.7,6.92,67.74,null,null,7.38,3.71,null,134.45,1022]
[null,"13-11 换","轻钢龙骨 (U50型)侧面","m2",7.6,22.23,3.16,14.53,null,null,3.37,1.69,null,44.98,342]
[null,"13-18 换","天棚基层 细木工板钉在轻钢龙骨 上侧面 \u007f换为【阻燃板δ12】","m2",7.6,14.44,2.05,30.4,null,null,2.19,1.1,null,50.18,381]
[null,"13-23 换","天棚基层 石膏板安在U形轻钢龙骨 上侧面 \u007f换为【耐潮纸面石膏板δ9.5】","m2",7.6,12.03,1.71,22.81,null,null,1.82,0.92,null,39.29,299]
[314,"011304001020","灯带（槽）","m2",8.39,50.63,7.18,69.2,0.07,-0.01,7.68,3.86,null,138.61,1163]
[null,"13-75 换","悬挑式灯槽、灯带 直形 细木工板面高15cm内","m2",8.39,43.03,6.11,46.96,0.07,-0.01,6.53,3.28,null,105.97,889]
[null,"13-26 换","天棚基层 石膏板每增加一层 \u007f换为【耐潮纸面石膏板δ9.5】","m2",8.39,7.6,1.07,22.24,null,null,1.15,0.58,null,32.64,274]
[315,"011302001050","吊顶天棚","m2",22.74,48.7,6.92,57.8,null,null,7.38,3.71,null,124.51,2831]
[null,"13-11 换","轻钢龙骨 (U50型)侧面","m2",22.74,22.23,3.16,14.53,null,null,3.37,1.69,null,44.98,1023]
[{"$nulls":11},"表-09"]
[]
["工程量清单综合单价计算表"]
["单位工程(专业)：建筑工程-装修工程",{"$nulls":10},"第 88 页  共 97 页"]
["序号","项目编号","项目名称","计量单位","数量","综合单价（元）",{"$nulls":8},"合计(元)"]
[{"$nulls":5},"定额人工费","人工费价差","材料费","定额机械费","机械费价差","管理费","利润","风险费用","小计"]
[null,"13-18 换","天棚基层 细木工板钉在轻钢龙骨 上侧面 \u007f换为【阻燃板δ12】","m2",22.74,14.44,2.05,30.4,null,null,2.19,1.1,null,50.18,1141]
[null,"13-23","天棚基层 石膏板安在U形轻钢龙骨 上侧面","m2",22.74,12.03,1.71,12.87,null,null,1.82,0.92,null,29.35,667]
[316,"011302001051","吊顶天棚","m2",25.35,22.61,3.21,161.55,null,null,3.43,1.72,null,192.52,4880]
[null,"13-12","卡式轻钢龙骨","m2",25.35,15.8,2.24,12.83,null,null,2.4,1.2,null,34.47,874]
[null,"13-44 换","天棚面层 铝合金方板面层 嵌入式 \u007f换为【铝蜂窝板】","m2",25.35,6.81,0.97,148.72,null,null,1.03,0.52,null,158.05,4007]
[317,"011304001021","灯带（槽）","m2",1.41,63.78,9.06,404.5,0.07,-0.01,9.68,4.86,null,491.94,694]
[null,"13-75 换","悬挑式灯槽、灯带 直形 细木工板面高15cm内","m2",1.41,43.03,6.11,46.96,0.07,-0.01,6.53,3.28,null,105.97,149]
[null,"13-37 换","天棚面层 不锈钢板 粘在夹板基层上 平面 \u007f换为【黑色不锈钢板1.2】","m2",2.115,13.83,1.97,238.36,null,null,2.1,1.05,null,257.31,544]
[318,"011302001052","吊顶天棚","m2",88.66,40.08,5.69,60.06,null,null,6.07,3.06,null,114.96,10192]
[null,"13-10","轻钢龙骨 (U50型)平面","m2",88.66,18.53,2.63,18.71,null,null,2.81,1.41,null,44.09,3909]
[null,"13-17 换","天棚基层 细木工板钉在轻钢龙骨 上平面 \u007f换为【阻燃板δ12】 \u007f为拱形、圆弧形等曲面","m2",88.66,12.82,1.82,29.05,null,null,1.94,0.98,null,46.61,4132]
[{"$nulls":11},"表-09"]
[]
["工程量清单综合单价计算表"]
["单位工程(专业)：建筑工程-装修工程",{"$nulls":10},"第 89 页  共 97 页"]
["序号","项目编号","项目名称","计量单位","数量","综合单价（元）",{"$nulls":8},"合计(元)"]
[{"$nulls":5},"定额人工费","人工费价差","材料费","定额机械费","机械费价差","管理费","利润","风险费用","小计"]
[null,"13-26 换","天棚基层 石膏板每增加一层 \u007f为拱形、圆弧形等曲面","m2",88.66,8.73,1.24,12.3,null,null,1.32,0.67,null,24.26,2151]
[319,"011304001022","灯带（槽）","m2",18.15,94.79,13.46,119.24,0.14,-0.02,14.38,7.23,null,249.22,4523]
[null,"13-75 换","悬挑式灯槽、灯带 直形 细木工板面高15cm内 \u007f换为【阻燃板δ12】","m2",36.3,43.03,6.11,53.47,0.07,-0.01,6.53,3.28,null,112.48,4083]
[null,"13-26 换","天棚基层 石膏板每增加一层 \u007f为拱形、圆弧形等曲面","m2",18.15,8.73,1.24,12.3,null,null,1.32,0.67,null,24.26,440]
[320,"011502001015","金属装饰线","m",25.5,5.5,0.79,8.63,null,null,0.83,0.42,null,16.17,412]
[null,"15-37 换","角线20以内 \u007f天棚面安装直线形装饰线条 \u007f换为【铝蜂窝板收边条】","m",25.5,5.5,0.79,8.63,null,null,0.83,0.42,null,16.17,412]
[321,"011502001016","金属装饰线","m",26.1,5.5,0.79,27.07,null,null,0.83,0.42,null,34.61,903]
[null,"15-37 换","角线20以内 \u007f天棚面安装直线形装饰线条 \u007f换为【配套灯槽铝型材侧边条】","m",26.1,5.5,0.79,27.07,null,null,0.83,0.42,null,34.61,903]
[322,"011407002008","天棚喷刷涂料","m2",314.47,17.02,2.42,9.45,null,null,2.58,1.3,null,32.77,10305]
[{"$nulls":11},"表-09"]
[]
["工程量清单综合单价计算表"]
["单位工程(专业)：建筑工程-装修工程",{"$nulls":10},"第 90 页  共 97 页"]
["序号","项目编号","项目名称","计量单位","数量","综合单价（元）",{"$nulls":8},"合计(元)"]
[{"$nulls":5},"定额人工费","人工费价差","材料费","定额机械费","机械费价差","管理费","利润","风险费用","小计"]
[null,"14-142","批刮腻子(满刮两遍)石膏板或其他基层板面","m2",314.47,7.44,1.06,2.32,null,null,1.13,0.57,null,12.52,3937]
[null,"14-128 换","乳胶漆墙、柱、天棚面二遍 \u007f实际遍数(遍):3 \u007f换为【无机涂料】","m2",314.47,9.58,1.36,7.13,null,null,1.45,0.73,null,20.25,6368]
[null,null,"墙面"]
[323,"011201001007","墙面一般抹灰","m2",69.58,10.09,1.43,9.85,0.22,0.01,1.56,0.78,null,23.94,1666]
[null,"12-16 换","打底找平 厚15 \u007f换为【干混抹灰砂浆 DP M20.0】","m2",69.58,10.09,1.43,7.24,0.16,0.01,1.55,0.78,null,21.26,1479]
[null,"12-3 换","墙面一般抹灰 每增减1mm \u007f换为【干混抹灰砂浆 DP M20.0】","m2",69.58,null,null,2.61,0.06,null,0.01,null,null,2.68,186]
[324,"011204003007","块料墙面","m2",69.58,39.92,5.66,114.93,null,null,6.05,3.04,null,169.6,11801]
[null,"12-52 换","墙面瓷砖(干粉型粘结剂) 周长1200mm以上 \u007f换为【CT-02 浅色瓷砖600×1200】","m2",69.58,39.92,5.66,101.93,null,null,6.05,3.04,null,156.6,10896]
[null,"补","瓷砖刷背胶","m2",69.58,null,null,13,{"$nulls":5},13,905]
[325,"011207001013","墙面装饰板","m2",65.97,72.72,10.32,423.37,2.24,-0.14,11.37,5.71,null,525.59,34673]
[null,"12-67","内墙(柱、梁)骨架及基层钢龙骨","t",0.79164,3276.39,465.04,5541.32,186.61,-11.32,524.99,263.88,null,10246.91,8112]
[{"$nulls":11},"表-09"]
[]
["工程量清单综合单价计算表"]
["单位工程(专业)：建筑工程-装修工程",{"$nulls":10},"第 91 页  共 97 页"]
["序号","项目编号","项目名称","计量单位","数量","综合单价（元）",{"$nulls":8},"合计(元)"]
[{"$nulls":5},"定额人工费","人工费价差","材料费","定额机械费","机械费价差","管理费","利润","风险费用","小计"]
[null,"12-123 换","墙饰面 木夹板基层 \u007f换为【阻燃板δ12】","m2",65.97,8.16,1.16,28.33,null,null,1.24,0.62,null,39.51,2606]
[null,"12-140 换","墙饰面 铝合金装饰板 \u007f换为【WD-02银色金属板δ12】","m2",65.97,25.24,3.58,328.54,null,null,3.83,1.92,null,363.11,23954]
[326,"011407001008","墙面喷刷涂料","m2",254.17,null,null,105,{"$nulls":5},105,26688]
[null,"补","刷艺术漆三遍（含腻子二遍）","m2",254.17,null,null,105,{"$nulls":5},105,26688]
[327,"011407001009","墙面喷刷涂料","m2",124.53,17.02,2.42,9.45,null,null,2.58,1.3,null,32.77,4081]
[null,"14-142","批刮腻子(满刮两遍)石膏板或其他基层板面","m2",124.53,7.44,1.06,2.32,null,null,1.13,0.57,null,12.52,1559]
[null,"14-128 换","乳胶漆墙、柱、天棚面二遍 \u007f实际遍数(遍):3 \u007f换为【无机涂料】","m2",124.53,9.58,1.36,7.13,null,null,1.45,0.73,null,20.25,2522]
[328,"Z011207003005","成品木饰面","m2",239.68,24.48,3.48,320.57,null,null,3.71,1.86,null,354.1,84871]
[null,"12-123 换","墙饰面 木夹板基层 \u007f换为【阻燃板 δ12】","m2",239.68,8.16,1.16,28.33,null,null,1.24,0.62,null,39.51,9470]
[null,"12-147 换","墙饰面 成品木饰面粘贴 \u007f换为【WD-01 胡桃木饰面 δ12】","m2",239.68,16.32,2.32,292.24,null,null,2.47,1.24,null,314.59,75401]
[329,"Z011207003006","成品木饰面","m2",32.98,24.48,3.48,562.97,null,null,3.71,1.86,null,596.5,19673]
[{"$nulls":11},"表-09"]
[]
["工程量清单综合单价计算表"]
["单位工程(专业)：建筑工程-装修工程",{"$nulls":10},"第 92 页  共 97 页"]
["序号","项目编号","项目名称","计量单位","数量","综合单价（元）",{"$nulls":8},"合计(元)"]
[{"$nulls":5},"定额人工费","人工费价差","材料费","定额机械费","机械费价差","管理费","利润","风险费用","小计"]
[null,"12-123 换","墙饰面 木夹板基层 \u007f换为【阻燃板 δ12】","m2",32.98,8.16,1.16,28.33,null,null,1.24,0.62,null,39.51,1303]
[null,"12-147 换","墙饰面 成品木饰面粘贴 \u007f换为【WD-01 胡桃木饰面格栅板δ12】","m2",32.98,16.32,2.32,534.64,null,null,2.47,1.24,null,556.99,18370]
[330,"011502001017","金属装饰线","m",122.04,5.5,0.79,6.83,null,null,0.83,0.42,null,14.37,1754]
[null,"15-37 换","角线20以内 \u007f天棚面安装直线形装饰线条 \u007f换为【铝合金嵌条宽度5mm】","m",122.04,5.5,0.79,6.83,null,null,0.83,0.42,null,14.37,1754]
[331,"011204001001","石材墙面","m2",6.46,57.38,8.15,480.64,null,null,8.7,4.37,null,559.24,3613]
[null,"12-40 换","石材墙面 石材粘贴 干粉型粘结剂 \u007f换为【CT-03 白色岩板】","m2",6.46,57.38,8.15,480.64,null,null,8.7,4.37,null,559.24,3613]
[null,null,"其它工程"]
[332,"010809004007","石材窗台板","m2",0.77,251.42,35.79,503.62,1.18,-0.03,38.28,19.18,null,849.44,654]
[null,"8-149 换","窗台板 石材 粘合剂粘贴 \u007f换为【ST-02 保加利亚灰大理石】","m2",0.77,57.38,8.15,465.6,null,null,8.7,4.37,null,544.2,419]
[null,"11-40","石材六面刷保护液","m2",0.77,5.12,0.73,8.67,null,null,0.78,0.39,null,15.69,12]
[null,"11-41 换","石材楼地面 精磨镜面处理","m2",0.77,25.3,3.59,1.44,1.18,-0.03,4.01,2.02,null,37.51,29]
[{"$nulls":11},"表-09"]
[]
["工程量清单综合单价计算表"]
["单位工程(专业)：建筑工程-装修工程",{"$nulls":10},"第 93 页  共 97 页"]
["序号","项目编号","项目名称","计量单位","数量","综合单价（元）",{"$nulls":8},"合计(元)"]
[{"$nulls":5},"定额人工费","人工费价差","材料费","定额机械费","机械费价差","管理费","利润","风险费用","小计"]
[null,"15-179","石材磨边斜边","m",7.07,6.2,0.88,1.14,null,null,0.94,0.47,null,9.63,68]
[null,"15-182","倒角、抛光厚度(mm)10以内","m",14.14,5.81,0.83,0.95,null,null,0.88,0.44,null,8.91,126]
[333,"010808004007","金属门窗套","m2",5.5,77.18,10.97,326.03,0.1,null,11.71,5.88,null,431.87,2375]
[null,"8-132 换","门窗套基层 木龙骨五夹板门套 \u007f换为【阻燃板δ15】","m2",11,28.33,4.03,37.44,0.05,null,4.3,2.16,null,76.31,839]
[null,"8-137 换","门窗套面层 不锈钢板 \u007f换为【MT-01 黑色不锈钢】","m2",5.5,20.52,2.91,251.15,null,null,3.11,1.56,null,279.25,1536]
[334,"010801002028","木质门带套","樘",2,89.96,12.77,1209.42,null,null,13.64,6.86,null,1332.65,2665]
[null,"8-33 换","成品套装木门安装单扇门 \u007f换为【胡桃木饰面成品木门900*2200mm】","樘",2,51.43,7.3,1102.36,null,null,7.8,3.92,null,1172.81,2346]
[null,"8-166","门特殊五金 执手锁 双开","把",2,38.53,5.47,107.06,null,null,5.84,2.94,null,159.84,320]
[335,"010801002029","木质门带套","樘",2,89.96,12.77,939.42,null,null,13.64,6.86,null,1062.65,2125]
[null,"8-33 换","成品套装木门安装单扇门 \u007f换为【胡桃木饰面成品木门665*2200mm】","樘",2,51.43,7.3,832.36,null,null,7.8,3.92,null,902.81,1806]
[null,"8-166","门特殊五金 执手锁 双开","把",2,38.53,5.47,107.06,null,null,5.84,2.94,null,159.84,320]
[{"$nulls":11},"表-09"]
[]
["工程量清单综合单价计算表"]
["单位工程(专业)：建筑工程-装修工程",{"$nulls":10},"第 94 页  共 97 页"]
["序号","项目编号","项目名称","计量单位","数量","综合单价（元）",{"$nulls":8},"合计(元)"]
[{"$nulls":5},"定额人工费","人工费价差","材料费","定额机械费","机械费价差","管理费","利润","风险费用","小计"]
[336,"010801002030","木质门带套","樘",1,89.96,12.77,1309.42,null,null,13.64,6.86,null,1432.65,1433]
[null,"8-33 换","成品套装木门安装单扇门 \u007f换为【胡桃木饰面成品木门980*2200mm】","樘",1,51.43,7.3,1202.36,null,null,7.8,3.92,null,1272.81,1273]
[null,"8-166","门特殊五金 执手锁 双开","把",1,38.53,5.47,107.06,null,null,5.84,2.94,null,159.84,160]
[337,"010801004007","木质防火门","m2",25.7,42.49,6.03,497.31,null,null,6.44,3.24,null,555.51,14277]
[null,"8-37","木质防火门安装","m2",25.7,30.79,4.37,448.46,null,null,4.67,2.35,null,490.64,12609]
[null,"8-186","门特殊五金 闭门器明装","个",8,12.21,1.74,94.96,null,null,1.85,0.93,null,111.69,894]
[null,"8-188","门特殊五金 顺位器","个",4,12.21,1.74,16.88,null,null,1.85,0.93,null,33.61,134]
[null,"8-166","门特殊五金 执手锁 双开","把",4,38.53,5.47,107.06,null,null,5.84,2.94,null,159.84,639]
[338,"011207001014","墙面装饰板","m2",1.34,106.21,15.07,316.56,4.18,-0.26,16.73,8.41,null,466.9,626]
[null,"12-67","内墙(柱、梁)骨架及基层钢龙骨","t",0.03,3276.39,465.04,5541.32,186.61,-11.32,524.99,263.88,null,10246.91,307]
[null,"12-123 换","墙饰面 木夹板基层 \u007f换为【阻燃板δ12】","m2",2.68,8.16,1.16,28.33,null,null,1.24,0.62,null,39.51,106]
[null,"12-124 换","墙饰面 石膏板基层 \u007f换为【纸面石膏板δ9.5】","m2",2.68,8.27,1.17,11.95,null,null,1.25,0.63,null,23.27,62]
[null,"补","天地轴、暗门拉手、合页","套",1,null,null,150,{"$nulls":5},150,150]
[{"$nulls":11},"表-09"]
[]
["工程量清单综合单价计算表"]
["单位工程(专业)：建筑工程-装修工程",{"$nulls":10},"第 95 页  共 97 页"]
["序号","项目编号","项目名称","计量单位","数量","综合单价（元）",{"$nulls":8},"合计(元)"]
[{"$nulls":5},"定额人工费","人工费价差","材料费","定额机械费","机械费价差","管理费","利润","风险费用","小计"]
[339,"011505010007","镜面玻璃","m2",3.54,37.2,5.28,160.23,null,null,5.64,2.83,null,211.18,748]
[null,"15-104 换","镜面玻璃带金属框 \u007f换为【阻燃板δ9】","m2",3.54,37.2,5.28,160.23,null,null,5.64,2.83,null,211.18,748]
[340,"011505001008","洗漱台","m2",2.83,274.2,38.93,1395.74,1.53,-0.04,41.8,21.01,null,1773.17,5018]
[null,"15-101 换","大理石洗漱台台下盆","m2",2.83,162.75,23.1,670.1,0.08,0.01,24.69,12.41,null,893.14,2528]
[null,"15-182","倒角、抛光厚度(mm)10以内","m",3.77,5.81,0.83,0.95,null,null,0.88,0.44,null,8.91,34]
[null,"15-179","石材磨边斜边","m",3.77,6.2,0.88,1.14,null,null,0.94,0.47,null,9.63,36]
[null,"11-40","石材六面刷保护液","m2",2.83,5.12,0.73,8.67,null,null,0.78,0.39,null,15.69,44]
[null,"11-41 换","石材楼地面 精磨镜面处理","m2",2.83,25.3,3.59,1.44,1.18,-0.03,4.01,2.02,null,37.51,106]
[null,"15-13 换","附墙低柜 \u007f换为【WD-01胡桃木饰面δ12】","m2",1.7908,49.91,7.08,800.8,0.28,-0.02,7.61,3.82,null,869.48,1557]
[null,"15-19 换","单独柜门平板门 \u007f换为【WD-01胡桃木饰面δ12】","m2",1.7908,52.86,7.5,325.55,0.14,-0.01,8.03,4.04,null,398.11,713]
[341,"011210005007","成品隔断","m2",20.54,42.08,5.97,151.08,null,null,6.38,3.21,null,208.72,4287]
[null,"12-207 换","成品卫生间隔断 \u007f换为【成品抗倍特板12mm】","m2",20.54,42.08,5.97,151.08,null,null,6.38,3.21,null,208.72,4287]
[342,"01121000301","玻璃隔断","m2",2.07,40.2,5.7,389.76,null,null,6.09,3.06,null,444.81,921]
[{"$nulls":11},"表-09"]
[]
["工程量清单综合单价计算表"]
["单位工程(专业)：建筑工程-装修工程",{"$nulls":10},"第 96 页  共 97 页"]
["序号","项目编号","项目名称","计量单位","数量","综合单价（元）",{"$nulls":8},"合计(元)"]
[{"$nulls":5},"定额人工费","人工费价差","材料费","定额机械费","机械费价差","管理费","利润","风险费用","小计"]
[null,"4"]
[null,"12-206 换","不锈钢框玻璃隔断 \u007f换为【油砂玻璃隔断】","m2",2.07,40.2,5.7,389.76,null,null,6.09,3.06,null,444.81,921]
[343,"010805005003","全玻自由门","m2",15.45,58.04,8.24,327.79,null,null,8.8,4.42,null,407.29,6293]
[null,"8-96","全玻璃门扇安装 有框门扇","m2",15.45,58.04,8.24,327.79,null,null,8.8,4.42,null,407.29,6293]
[344,"011501010004","吊柜","m",2.4,75.95,10.78,913.89,1.6,-0.06,11.76,5.91,null,1019.83,2448]
[null,"15-7 换","吊柜 \u007f换为【阻燃胶合板贴科技木夹板δ18】","m",2.4,75.95,10.78,913.89,1.6,-0.06,11.76,5.91,null,1019.83,2448]
[345,"011501014003","吧台","m",2.4,57.6,8.17,1405.75,0.22,-0.01,8.76,4.4,null,1484.89,3564]
[null,"15-13 换","附墙低柜 \u007f换为【阻燃胶合板贴科技木夹板δ18】","m2",1.92,49.91,7.08,1567.37,0.28,-0.02,7.61,3.82,null,1636.05,3141]
[null,"15-9 换","石材台面 \u007f换为【ST-03 白色石英石】","m2",1.44,29.45,4.18,253.09,null,null,4.46,2.24,null,293.42,423]
[346,"011501008005","木壁柜","m",1.16,119.78,17,2542.9,0.67,-0.05,18.26,9.17,null,2707.73,3141]
[null,"15-13 换","附墙低柜 \u007f换为【阻燃胶合板贴科技木夹板δ18】","m2",2.784,49.91,7.08,1059.54,0.28,-0.02,7.61,3.82,null,1128.22,3141]
[347,"01B003","卡座","m",6.14,22.52,3.21,294.98,null,null,3.41,1.71,null,325.83,2001]
[{"$nulls":11},"表-09"]
[]
["工程量清单综合单价计算表"]
["单位工程(专业)：建筑工程-装修工程",{"$nulls":10},"第 97 页  共 97 页"]
["序号","项目编号","项目名称","计量单位","数量","综合单价（元）",{"$nulls":8},"合计(元)"]
[{"$nulls":5},"定额人工费","人工费价差","材料费","定额机械费","机械费价差","管理费","利润","风险费用","小计"]
[null,"12-123 换","墙饰面 木夹板基层 \u007f换为【阻燃板 δ12】","m2",5.6488,8.16,1.16,28.33,null,null,1.24,0.62,null,39.51,223]
[null,"12-147 换","墙饰面 成品木饰面粘贴 \u007f换为【WD-01 胡桃木饰面 δ12】","m2",5.65,16.32,2.32,292.24,null,null,2.47,1.24,null,314.59,1777]
[348,"011210006005","其他隔断","m2",1.56,28.58,4.06,200.85,0.19,-0.01,4.36,2.19,null,240.22,375]
[null,"12-213 换","玻璃砖隔断 全砖 \u007f换为【白色空心砖】","m2",1.56,28.58,4.06,200.85,0.19,-0.01,4.36,2.19,null,240.22,375]
{"$rows_empty":11}
["合   计：",{"$nulls":13},1925204]
[{"$nulls":11},"表-09"]

{"sheet":"表-09 措施项目清单综合单价计算表【装修工程】","index":6,"n_rows":24,"n_cols":15,"rows_kept":24,"merged":[[0,0,0,9],[0,10,0,14],[1,0,1,14],[2,0,2,9],[2,10,2,14],[3,0,4,0],[3,1,4,1],[3,2,4,2],[3,3,4,3],[3,4,4,4],[3,5,3,13],[3,14,4,14],[4,6,4,6],[4,7,4,7],[22,0,22,13],[23,0,23,1],[23,3,23,5],[23,6,23,7],[23,8,23,9],[23,10,23,14]]}
[]
["措施项目清单综合单价计算表"]
["单位工程(专业)：建筑工程-装修工程",{"$nulls":9},"第 1 页  共 1 页"]
["序号","项目编号","项目名称","计量单位","数量","综合单价（元）",{"$nulls":8},"合计(元)"]
[{"$nulls":5},"定额人工费","人工费价差","材料费","定额机械费","机械费价差","管理费","利润","风险费用","小计"]
[null,null,"技术措施"]
[1,"011701006001","满堂脚手架","m2",1396.05,8.06,1.19,1.74,0.34,0.11,1.27,0.64,null,13.35,18637]
[null,"18-47","单项脚手架 满堂脚手架基本层3.6m~5.2m","m2",1396.05,8.06,1.19,1.74,0.34,0.11,1.27,0.64,null,13.35,18637]
{"$rows_empty":14}
["合   计：",{"$nulls":13},18637]
[{"$nulls":10},"表-09"]

{"sheet":"表-02 专业工程招标控制价计算程序表【20层安装工程】","index":7,"n_rows":45,"n_cols":4,"rows_kept":45,"merged":[[0,0,0,3],[1,0,1,3],[2,0,2,2],[2,3,2,3],[44,0,44,1]]}
[]
["专业工程招标控制价计算程序表"]
["单位工程（专业）：安装工程-20层安装工程"]
["序号","汇 总 内 容","费用计算表达式","金额（元）"]
["一","分部分项工程费","表-07",85670.16]
["1","其中：定额人工费","表-07",17496.66]
["2","其中：人工价差","表-07",2588.38]
["3","其中：定额机械费","表-07",51.34]
["4","其中：机械费价差","表-07",-0.04]
["二","措施项目费","5+6",2102.26]
["5","施工技术措施项目费","表-08",825.96]
["5.1","其中：定额人工费","表-08",178.39]
["5.2","其中：人工价差","表-08",26.42]
["5.3","其中：定额机械费","表-08"]
["5.4","其中：机械费价差","表-08"]
["6","施工组织措施项目费","6.1+6.2+6.3+6.4+6.5+6.6",1276.3]
["6.1","安全文明施工基本费","（1+3+5.1+5.3）×费率6.81%",1207.17]
["6.2","提前竣工增加费","（1+3+5.1+5.3）×费率"]
["6.3","二次搬运费","（1+3+5.1+5.3）×费率0.26%",46.09]
["6.4","冬雨季施工增加费","（1+3+5.1+5.3）×费率0.13%",23.04]
["6.5","行车、行人干扰增加费","（1+3+5.1+5.3）×费率"]
["6.6","其他施工组织措施费","计价时列岀具体费用名称"]
["三","其他项目","表-11"]
["四","规费","（1+3+5.1+5.3）×费率30.63%",5429.59]
["五","税前工程造价","一+二+三+四",93202.01]
["六","税金","五×税率9%",8388.18]
{"$rows_empty":18}
["专业工程招标控制价",null,"一+二+三+四+六","101,590.19"]

{"sheet":"表-07 分部分项工程量清单与计价表【20层安装工程】","index":8,"n_rows":188,"n_cols":13,"rows_kept":188,"merged":[[0,0,0,12],[1,0,1,6],[1,7,1,9],[1,10,1,12],[2,0,3,0],[2,1,3,1],[2,2,3,2],[2,3,3,3],[2,4,3,4],[2,5,3,5],[2,6,3,6],[2,7,3,7],[2,8,2,11],[2,12,3,12],[10,0,10,6],[11,0,11,6],[11,7,11,9],[11,10,11,12],[12,0,12,12],[13,0,13,6],[13,7,13,9],[13,10,13,12],[14,0,15,0],[14,1,15,1],[14,2,15,2],[14,3,15,3],[14,4,15,4],[14,5,15,5],[14,6,15,6],[14,7,15,7],[14,8,14,11],[14,12,15,12],[19,0,19,6],[20,0,20,6],[20,7,20,9],[20,10,20,12],[21,0,21,12],[22,0,22,6],[22,7,22,9],[22,10,22,12],[23,0,24,0],[23,1,24,1],[23,2,24,2],[23,3,24,3],[23,4,24,4],[23,5,24,5],[23,6,24,6],[23,7,24,7],[23,8,23,11],[23,12,24,12],[28,0,28,6],[29,0,29,6],[29,7,29,9],[29,10,29,12],[30,0,30,12],[31,0,31,6],[31,7,31,9],[31,10,31,12],[32,0,33,0],[32,1,33,1],[32,2,33,2],[32,3,33,3],[32,4,33,4],[32,5,33,5],[32,6,33,6],[32,7,33,7],[32,8,32,11],[32,12,33,12],[36,0,36,6],[37,0,37,6],[37,7,37,9],[37,10,37,12],[38,0,38,12],[39,0,39,6],[39,7,39,9],[39,10,39,12],[40,0,41,0],[40,1,41,1],[40,2,41,2],[40,3,41,3],[40,4,41,4],[40,5,41,5],[40,6,41,6],[40,7,41,7],[40,8,40,11],[40,12,41,12],[44,0,44,6],[45,0,45,6],[45,7,45,9],[45,10,45,12],[46,0,46,12],[47,0,47,6],[47,7,47,9],[47,10,47,12],[48,0,49,0],[48,1,49,1],[48,2,49,2],[48,3,49,3],[48,4,49,4],[48,5,49,5],[48,6,49,6],[48,7,49,7],[48,8,48,11],[48,12,49,12],[53,0,53,6],[54,0,54,6],[54,7,54,9],[54,10,54,12],[55,0,55,12],[56,0,56,6],[56,7,56,9],[56,10,56,12],[57,0,58,0],[57,1,58,1],[57,2,58,2],[57,3,58,3],[57,4,58,4],[57,5,58,5],[57,6,58,6],[57,7,58,7],[57,8,57,11],[57,12,58,12],[63,0,63,6],[64,0,64,6],[64,7,64,9],[64,10,64,12],[65,0,65,12],[66,0,66,6],[66,7,66,9],[66,10,66,12],[67,0,68,0],[67,1,68,1],[67,2,68,2],[67,3,68,3],[67,4,68,4],[67,5,68,5],[67,6,68,6],[67,7,68,7],[67,8,67,11],[67,12,68,12],[74,0,74,6],[75,0,75,6],[75,7,75,9],[75,10,75,12],[76,0,76,12],[77,0,77,6],[77,7,77,9],[77,10,77,12],[78,0,79,0],[78,1,79,1],[78,2,79,2],[78,3,79,3],[78,4,79,4],[78,5,79,5],[78,6,79,6],[78,7,79,7],[78,8,78,11],[78,12,79,12],[84,0,84,6],[85,0,85,6],[85,7,85,9],[85,10,85,12],[86,0,86,12],[87,0,87,6],[87,7,87,9],[87,10,87,12],[88,0,89,0],[88,1,89,1],[88,2,89,2],[88,3,89,3],[88,4,89,4],[88,5,89,5],[88,6,89,6],[88,7,89,7],[88,8,88,11],[88,12,89,12],[92,0,92,6],[93,0,93,6],[93,7,93,9],[93,10,93,12],[94,0,94,12],[95,0,95,6],[95,7,95,9],[95,10,95,12],[96,0,97,0],[96,1,97,1],[96,2,97,2],[96,3,97,3],[96,4,97,4],[96,5,97,5],[96,6,97,6],[96,7,97,7],[96,8,96,11],[96,12,97,12],[101,0,101,6],[102,0,102,6],[102,7,102,9],[102,10,102,12],[103,0,103,12],[104,0,104,6],[104,7,104,9],[104,10,104,12],[105,0,106,0],[105,1,106,1],[105,2,106,2],[105,3,106,3],[105,4,106,4],[105,5,106,5],[105,6,106,6],[105,7,106,7],[105,8,105,11],[105,12,106,12],[113,0,113,6],[114,0,114,6],[114,7,114,9],[114,10,114,12],[115,0,115,12],[116,0,116,6],[116,7,116,9],[116,10,116,12],[117,0,118,0],[117,1,118,1],[117,2,118,2],[117,3,118,3],[117,4,118,4],[117,5,118,5],[117,6,118,6],[117,7,118,7],[117,8,117,11],[117,12,118,12],[121,0,121,6],[122,0,122,6],[122,7,122,9],[122,10,122,12],[123,0,123,12],[124,0,124,6],[124,7,124,9],[124,10,124,12],[125,0,126,0],[125,1,126,1],[125,2,126,2],[125,3,126,3],[125,4,126,4],[125,5,126,5],[125,6,126,6],[125,7,126,7],[125,8,125,11],[125,12,126,12],[129,0,129,6],[130,0,130,6],[130,7,130,9],[130,10,130,12],[131,0,131,12],[132,0,132,6],[132,7,132,9],[132,10,132,12],[133,0,134,0],[133,1,134,1],[133,2,134,2],[133,3,134,3],[133,4,134,4],[133,5,134,5],[133,6,134,6],[133,7,134,7],[133,8,133,11],[133,12,134,12],[138,0,138,6],[139,0,139,6],[139,7,139,9],[139,10,139,12],[140,0,140,12],[141,0,141,6],[141,7,141,9],[141,10,141,12],[142,0,143,0],[142,1,143,1],[142,2,143,2],[142,3,143,3],[142,4,143,4],[142,5,143,5],[142,6,143,6],[142,7,143,7],[142,8,142,11],[142,12,143,12],[147,0,147,6],[148,0,148,6],[148,7,148,9],[148,10,148,12],[149,0,149,12],[150,0,150,6],[150,7,150,9],[150,10,150,12],[151,0,152,0],[151,1,152,1],[151,2,152,2],[151,3,152,3],[151,4,152,4],[151,5,152,5],[151,6,152,6],[151,7,152,7],[151,8,151,11],[151,12,152,12],[155,0,155,6],[156,0,156,6],[156,7,156,9],[156,10,156,12],[157,0,157,12],[158,0,158,6],[158,7,158,9],[158,10,158,12],[159,0,160,0],[159,1,160,1],[159,2,160,2],[159,3,160,3],[159,4,160,4],[159,5,160,5],[159,6,160,6],[159,7,160,7],[159,8,159,11],[159,12,160,12],[165,0,165,6],[166,0,166,6],[166,7,166,9],[166,10,166,12],[167,0,167,12],[168,0,168,6],[168,7,168,9],[168,10,168,12],[169,0,170,0],[169,1,170,1],[169,2,170,2],[169,3,170,3],[169,4,170,4],[169,5,170,5],[169,6,170,6],[169,7,170,7],[169,8,169,11],[169,12,170,12],[174,0,174,6],[175,0,175,6],[175,7,175,9],[175,10,175,12],[176,0,176,12],[177,0,177,6],[177,7,177,9],[177,10,177,12],[178,0,179,0],[178,1,179,1],[178,2,179,2],[178,3,179,3],[178,4,179,4],[178,5,179,5],[178,6,179,6],[178,7,179,7],[178,8,178,11],[178,12,179,12],[185,0,185,6],[186,0,186,6],[187,0,187,6],[187,7,187,9],[187,10,187,12]]}
["分部分项工程量清单与计价表"]
["单位工程(专业)：安装工程-20层安装工程",{"$nulls":9},"第 1 页  共 20 页"]
["序号","项目编码","项目名称","项目特征","计量单位","工程量","综合单价(元)","合价(元)","其中(元)",{"$nulls":3},"备注"]
[{"$nulls":8},"定额人工费","人工费价差","定额机械费","机械费价差"]
[null,null,"电气工程",{"$nulls":4},75572,15526,2297,44]
[null,null,"户内电气",{"$nulls":4},72326,14542,2151,42]
[1,"030404019001","控制开关","1、名称：配电箱断路器\n2、规格：CH2L-C16A/1P+N\n3、其他：符合设计及规范要求","个",14,118.16,1654.24,107.8,15.96]
[2,"030411001001","配管","1、名称：薄壁镀锌钢管\n2、规格：JDG20\n3、配置形式：砖、混凝土结构明配","m",475.41,15.18,7216.72,2966.56,442.13]
[3,"030411001002","配管","1、名称：薄壁镀锌钢管 \n2、规格：JDG20\n3、配置形式：砖、混凝土结构暗配","m",310.54,11.22,3484.26,1170.74,170.79,15.53]
[4,"030411001003","配管","1、名称：金属软管敷设\n2、规格：DN20\n3、配置形式：砖、混凝土结构明配","m",29.4,20.14,592.12,213.44,31.76]
["本页小计",{"$nulls":6},12947,4459,661,16]
[{"$nulls":10},"表—07"]
["分部分项工程量清单与计价表"]
["单位工程(专业)：安装工程-20层安装工程",{"$nulls":9},"第 2 页  共 20 页"]
["序号","项目编码","项目名称","项目特征","计量单位","工程量","综合单价(元)","合价(元)","其中(元)",{"$nulls":3},"备注"]
[{"$nulls":8},"定额人工费","人工费价差","定额机械费","机械费价差"]
[5,"030411004001","配线","1、名称：铜芯塑料绝缘电线\n2、类型：照明\n3、规格、型号：WDZB1-BYJ-2.5\n4、配线形式：管内穿线","m",2010.33,3.29,6613.99,1226.3,180.93]
[6,"030411004002","配线","1、名称：铜芯塑料绝缘电线\n2、类型：照明\n3、规格、型号：WDZB1-BYJR-2.5\n4、配线形式：管内穿线","m",709.96,3.53,2506.16,433.08,63.89]
[7,"030502005001","双绞线缆","1、名称：双绞线缆 \n2、规格：4UTP(CAT6)\n3、线缆对数：4\n4、敷设方式：管内穿放","m",213.98,4.58,980.03,192.58,27.82,4.28]
["本页小计",{"$nulls":6},10100,1852,273,4]
[{"$nulls":10},"表—07"]
["分部分项工程量清单与计价表"]
["单位工程(专业)：安装工程-20层安装工程",{"$nulls":9},"第 3 页  共 20 页"]
["序号","项目编码","项目名称","项目特征","计量单位","工程量","综合单价(元)","合价(元)","其中(元)",{"$nulls":3},"备注"]
[{"$nulls":8},"定额人工费","人工费价差","定额机械费","机械费价差"]
[8,"030412004001","装饰灯","1、名称：磁吸轨道灯\n2、规格：φ30\n3、安装形式：吸顶式\n4、附件：含磁吸轨道、光源及安全变压器","套",3,1531.09,4593.27,422.7,62.73]
[9,"030412004002","装饰灯","1、名称：明装轨道灯\n2、规格：φ30\n3、安装形式：吸顶式\n4、附件：含磁吸轨道、光源及安全变压器","套",26,1104.03,28704.78,2981.42,443.04]
[10,"030412004003","装饰灯","1、名称：LED灯带\n2、规格：7W/m，3000K\n3、安装形式：内藏\n4、附件：分支接头、灯带驱动器等","m",88.47,28.11,2486.89,1201.42,177.83]
["本页小计",{"$nulls":6},35785,4606,684]
[{"$nulls":10},"表—07"]
["分部分项工程量清单与计价表"]
["单位工程(专业)：安装工程-20层安装工程",{"$nulls":9},"第 4 页  共 20 页"]
["序号","项目编码","项目名称","项目特征","计量单位","工程量","综合单价(元)","合价(元)","其中(元)",{"$nulls":3},"备注"]
[{"$nulls":8},"定额人工费","人工费价差","定额机械费","机械费价差"]
[11,"030412004004","装饰灯","1、名称：软膜灯\n2、规格：12W/m2，6000K\n3、安装方式：嵌入式\n4、其他：符合设计及规范要求","m2",12.1,189.16,2288.84,614.68,91.11]
[12,"030412004005","装饰灯","1、名称：伸缩射灯（含光源）\n2、规格：80mm，9W，4000K，LED\n3、安装方式：吸顶/嵌入式综合考虑\n4、其他：符合设计及规范要求","套",10,63.7,637,74.8,11.1]
["本页小计",{"$nulls":6},2926,689,102]
[{"$nulls":10},"表—07"]
["分部分项工程量清单与计价表"]
["单位工程(专业)：安装工程-20层安装工程",{"$nulls":9},"第 5 页  共 20 页"]
["序号","项目编码","项目名称","项目特征","计量单位","工程量","综合单价(元)","合价(元)","其中(元)",{"$nulls":3},"备注"]
[{"$nulls":8},"定额人工费","人工费价差","定额机械费","机械费价差"]
[13,"030412004006","装饰灯","1、名称：筒灯（含光源）\n2、规格：80mm，9W，4000K，LED\n3、安装方式：吸顶/嵌入式综合考虑\n4、其他：符合设计及规范要求","套",39,112,4368,670.41,99.06]
[14,"030412004007","装饰灯","1、名称：感应筒灯（含光源）\n2、规格：80mm，9W，4000K，LED\n3、安装方式：吸顶/嵌入式综合考虑\n4、其他：符合设计及规范要求","套",13,152.4,1981.2,223.47,33.02]
["本页小计",{"$nulls":6},6349,894,132]
[{"$nulls":10},"表—07"]
["分部分项工程量清单与计价表"]
["单位工程(专业)：安装工程-20层安装工程",{"$nulls":9},"第 6 页  共 20 页"]
["序号","项目编码","项目名称","项目特征","计量单位","工程量","综合单价(元)","合价(元)","其中(元)",{"$nulls":3},"备注"]
[{"$nulls":8},"定额人工费","人工费价差","定额机械费","机械费价差"]
[15,"030412004008","装饰灯","1、名称：线性灯\n2、规格：3000K\n3、安装形式：内藏\n4、附件：分支接头、灯带驱动器等","m",44.49,28.11,1250.61,604.17,89.43]
[16,"030404034001","照明开关","1、名称：单联单控开关\n2、类型：跷板暗开关\n3、规格：86型，10A\n4、安装方式：暗装","套",3,14.69,44.07,19.86,2.94]
[17,"030404034002","照明开关","1、名称：双联单控开关\n2、类型：跷板暗开关\n3、规格：86型，10A\n4、安装方式：暗装","套",7,16.8,117.6,46.34,6.86]
["本页小计",{"$nulls":6},1412,670,99]
[{"$nulls":10},"表—07"]
["分部分项工程量清单与计价表"]
["单位工程(专业)：安装工程-20层安装工程",{"$nulls":9},"第 7 页  共 20 页"]
["序号","项目编码","项目名称","项目特征","计量单位","工程量","综合单价(元)","合价(元)","其中(元)",{"$nulls":3},"备注"]
[{"$nulls":8},"定额人工费","人工费价差","定额机械费","机械费价差"]
[18,"030404034003","照明开关","1、名称：三联单控开关\n2、类型：跷板暗开关\n3、规格：86型，10A\n4、安装方式：暗装","套",7,22.45,157.15,46.34,6.86]
[19,"030404035001","插座","1、名称：单相五孔插座\n2、规格：86型，10A\n3、安装方式：暗装","套",16,18,288,124.8,18.56]
[20,"030404035002","插座","1、名称：单相防溅五孔插座\n2、规格：86型，10A\n3、安装方式：暗装","套",2,23.27,46.54,15.6,2.32]
[21,"030502012001","信息插座","1、名称：信息插座\n2、类别：2口\n3、安装方式：暗装\n4、附件：含终端盒面板","个",3,69.11,207.33,31.08,4.62]
["本页小计",{"$nulls":6},699,218,32]
[{"$nulls":10},"表—07"]
["分部分项工程量清单与计价表"]
["单位工程(专业)：安装工程-20层安装工程",{"$nulls":9},"第 8 页  共 20 页"]
["序号","项目编码","项目名称","项目特征","计量单位","工程量","综合单价(元)","合价(元)","其中(元)",{"$nulls":3},"备注"]
[{"$nulls":8},"定额人工费","人工费价差","定额机械费","机械费价差"]
[22,"030411006001","接线盒","1、名称：接线盒\n2、材质：钢质\n3、规格：86型\n4、安装形式：暗装","个",1,8.77,8.77,2.78,0.41]
[23,"030411006002","接线盒","1、名称：开关盒、插座盒\n2、材质：钢质\n3、规格：86型\n4、安装形式：暗装","个",1,8.52,8.52,2.93,0.43]
[24,"030413002001","凿（压）槽","1、名称：混凝土刨沟槽\n2、规格：DN20\n3、其他：含沟槽恢复","m",310.54,6.73,2089.93,1149,167.69,21.74]
[null,null,"电梯厅电气",{"$nulls":4},3246,984,145,3]
[25,"030404019002","控制开关","1、名称：配电箱断路器\n2、规格：CH2L-C16A/1P+N\n3、其他：符合设计及规范要求","个",2,118.16,236.32,15.4,2.28]
["本页小计",{"$nulls":6},2344,1170,171,22]
[{"$nulls":10},"表—07"]
["分部分项工程量清单与计价表"]
["单位工程(专业)：安装工程-20层安装工程",{"$nulls":9},"第 9 页  共 20 页"]
["序号","项目编码","项目名称","项目特征","计量单位","工程量","综合单价(元)","合价(元)","其中(元)",{"$nulls":3},"备注"]
[{"$nulls":8},"定额人工费","人工费价差","定额机械费","机械费价差"]
[26,"030411001004","配管","1、名称：薄壁镀锌钢管\n2、规格：JDG20\n3、配置形式：砖、混凝土结构明配","m",23.84,15.18,361.89,148.76,22.17]
[27,"030411001005","配管","1、名称：薄壁镀锌钢管 \n2、规格：JDG20\n3、配置形式：砖、混凝土结构暗配","m",23.49,11.22,263.56,88.56,12.92,1.17]
[28,"030411001006","配管","1、名称：金属软管敷设\n2、规格：DN20\n3、配置形式：砖、混凝土结构明配","m",8.7,20.14,175.22,63.16,9.4]
[29,"030411004003","配线","1、名称：铜芯塑料绝缘电线\n2、类型：照明\n3、规格、型号：WDZB1-BYJ-2.5\n4、配线形式：管内穿线","m",142.8,3.29,469.81,87.11,12.85]
["本页小计",{"$nulls":6},1270,388,57,1]
[{"$nulls":10},"表—07"]
["分部分项工程量清单与计价表"]
["单位工程(专业)：安装工程-20层安装工程",{"$nulls":9},"第 10 页  共 20 页"]
["序号","项目编码","项目名称","项目特征","计量单位","工程量","综合单价(元)","合价(元)","其中(元)",{"$nulls":3},"备注"]
[{"$nulls":8},"定额人工费","人工费价差","定额机械费","机械费价差"]
[30,"030411004004","配线","1、名称：铜芯塑料绝缘电线\n2、类型：照明\n3、规格、型号：WDZB1-BYJR-2.5\n4、配线形式：管内穿线","m",54.61,3.53,192.77,33.31,4.92]
[31,"030412004009","装饰灯","1、名称：LED灯带\n2、规格：7W/m，3000K\n3、安装形式：内藏\n4、附件：分支接头、灯带驱动器等","m",8.56,28.11,240.62,116.24,17.21]
["本页小计",{"$nulls":6},433,150,22]
[{"$nulls":10},"表—07"]
["分部分项工程量清单与计价表"]
["单位工程(专业)：安装工程-20层安装工程",{"$nulls":9},"第 11 页  共 20 页"]
["序号","项目编码","项目名称","项目特征","计量单位","工程量","综合单价(元)","合价(元)","其中(元)",{"$nulls":3},"备注"]
[{"$nulls":8},"定额人工费","人工费价差","定额机械费","机械费价差"]
[32,"030412004010","装饰灯","1、名称：筒灯（含光源）\n2、规格：80mm，9W，4000K，LED\n3、安装方式：吸顶/嵌入式综合考虑\n4、其他：符合设计及规范要求","套",5,112,560,85.95,12.7]
[33,"030412004011","装饰灯","1、名称：线性灯\n2、规格：3000K\n3、安装形式：内藏\n4、附件：分支接头、灯带驱动器等","m",13.8,28.11,387.92,187.4,27.74]
[34,"030404034004","照明开关","1、名称：双联单控开关\n2、类型：跷板暗开关\n3、规格：86型，10A\n4、安装方式：暗装","套",2,16.8,33.6,13.24,1.96]
["本页小计",{"$nulls":6},982,287,42]
[{"$nulls":10},"表—07"]
["分部分项工程量清单与计价表"]
["单位工程(专业)：安装工程-20层安装工程",{"$nulls":9},"第 12 页  共 20 页"]
["序号","项目编码","项目名称","项目特征","计量单位","工程量","综合单价(元)","合价(元)","其中(元)",{"$nulls":3},"备注"]
[{"$nulls":8},"定额人工费","人工费价差","定额机械费","机械费价差"]
[35,"030404035003","插座","1、名称：单相五孔插座\n2、规格：86型，10A\n3、安装方式：暗装","套",2,18,36,15.6,2.32]
[36,"030411006003","接线盒","1、名称：接线盒\n2、材质：钢质\n3、规格：86型\n4、安装形式：暗装","个",11,8.77,96.47,30.58,4.51]
[37,"030411006004","接线盒","1、名称：开关盒、插座盒\n2、材质：钢质\n3、规格：86型\n4、安装形式：暗装","个",4,8.52,34.08,11.72,1.72]
[38,"030413002002","凿（压）槽","1、名称：混凝土刨沟槽\n2、规格：DN20\n3、其他：含沟槽恢复","m",23.49,6.73,158.09,86.91,12.69,1.64]
[null,null,"给排水工程",{"$nulls":4},10098,1970,292,7]
[null,null,"给水工程",{"$nulls":4},2137,848,126,7]
["本页小计",{"$nulls":6},325,145,21,2]
[{"$nulls":10},"表—07"]
["分部分项工程量清单与计价表"]
["单位工程(专业)：安装工程-20层安装工程",{"$nulls":9},"第 13 页  共 20 页"]
["序号","项目编码","项目名称","项目特征","计量单位","工程量","综合单价(元)","合价(元)","其中(元)",{"$nulls":3},"备注"]
[{"$nulls":8},"定额人工费","人工费价差","定额机械费","机械费价差"]
[39,"031001006001","塑料管","1、安装部位：室内\n2、介质：水\n3、材质：PP-R给水管\n4、规格：DN15，PN=1.25\n5、连接形式：热熔\n6、压力试验及吹、洗 设计要求：按设计文件及相关规范要求","m",15.37,15.21,233.78,100.37,14.91,1.69]
[40,"031001006002","塑料管","1、安装部位：室内\n2、介质：水\n3、材质：PP-R给水管\n4、规格：DN20，PN=1.25\n5、连接形式：热熔\n6、压力试验及吹、洗 设计要求：按设计文件及相关规范要求","m",5.5,17.29,95.1,40.15,5.94,0.61]
["本页小计",{"$nulls":6},329,141,21,2]
[{"$nulls":10},"表—07"]
["分部分项工程量清单与计价表"]
["单位工程(专业)：安装工程-20层安装工程",{"$nulls":9},"第 14 页  共 20 页"]
["序号","项目编码","项目名称","项目特征","计量单位","工程量","综合单价(元)","合价(元)","其中(元)",{"$nulls":3},"备注"]
[{"$nulls":8},"定额人工费","人工费价差","定额机械费","机械费价差"]
[41,"031001006003","塑料管","1、安装部位：室内\n2、介质：水\n3、材质：PP-R给水管\n4、规格：DN25，PN=1.25\n5、连接形式：热熔\n6、压力试验及吹、洗 设计要求：按设计文件及相关规范要求","m",10.47,21.59,226.05,84.7,12.46,1.15]
[42,"031001006004","塑料管","1、安装部位：室内\n2、介质：水\n3、材质：PP-R给水管\n4、规格：DN40，PN=1.25\n5、连接形式：热熔\n6、压力试验及吹、洗 设计要求：按设计文件及相关规范要求","m",1.98,37.62,74.49,23.23,3.42,0.22]
["本页小计",{"$nulls":6},301,108,16,1]
[{"$nulls":10},"表—07"]
["分部分项工程量清单与计价表"]
["单位工程(专业)：安装工程-20层安装工程",{"$nulls":9},"第 15 页  共 20 页"]
["序号","项目编码","项目名称","项目特征","计量单位","工程量","综合单价(元)","合价(元)","其中(元)",{"$nulls":3},"备注"]
[{"$nulls":8},"定额人工费","人工费价差","定额机械费","机械费价差"]
[43,"031001006005","塑料管","1、安装部位：室内\n2、介质：水\n3、材质：PP-R给水管\n4、规格：DN50，PN=1.25\n5、连接形式：热熔\n6、压力试验及吹、洗 设计要求：按设计文件及相关规范要求","m",13.84,50.35,696.84,166.63,24.64,2.49]
[44,"031003001001","螺纹阀门","1、类型：闸阀\n2、材质：铜质\n3、规格、压力等级：DN50\n4、连接形式：螺纹","个",1,180.16,180.16,16.74,2.48,0.82,-0.04]
[45,"03B001","暗敷管道补贴","1、名称：暗敷管道补贴\n2、部位：卫生间\n3、规格：12m以上\n4、其他：符合设计及规范要求","间",2,297.54,595.08,405,60]
["本页小计",{"$nulls":6},1472,588,87,3]
[{"$nulls":10},"表—07"]
["分部分项工程量清单与计价表"]
["单位工程(专业)：安装工程-20层安装工程",{"$nulls":9},"第 16 页  共 20 页"]
["序号","项目编码","项目名称","项目特征","计量单位","工程量","综合单价(元)","合价(元)","其中(元)",{"$nulls":3},"备注"]
[{"$nulls":8},"定额人工费","人工费价差","定额机械费","机械费价差"]
[46,"030413003001","打洞（孔）","1、名称：砖墙及砌体墙开孔\n2、规格：DN50\n3、附件：含孔洞修复","个",3,11.8,35.4,11.19,1.65]
[null,null,"排水工程",{"$nulls":4},7961,1122,166]
[47,"031001006006","塑料管","1、安装部位：室内\n2、介质：污废水\n3、材质、规格：PVC-U 110\n4、连接形式：粘接\n5、压力试验及吹、洗 设计要求：按设计文件及相关规范要求","m",19.06,42.38,807.76,232.15,34.31]
["本页小计",{"$nulls":6},843,243,36]
[{"$nulls":10},"表—07"]
["分部分项工程量清单与计价表"]
["单位工程(专业)：安装工程-20层安装工程",{"$nulls":9},"第 17 页  共 20 页"]
["序号","项目编码","项目名称","项目特征","计量单位","工程量","综合单价(元)","合价(元)","其中(元)",{"$nulls":3},"备注"]
[{"$nulls":8},"定额人工费","人工费价差","定额机械费","机械费价差"]
[48,"031001006007","塑料管","1、安装部位：室内\n2、介质：污废水\n3、材质、规格：PVC-U 75\n4、连接形式：粘接\n5、压力试验及吹、洗 设计要求：按设计文件及相关规范要求","m",7.2,28.32,203.9,72.29,10.73]
[49,"031001006008","塑料管","1、安装部位：室内\n2、介质：污废水\n3、材质、规格：PVC-U 50\n4、连接形式：粘接\n5、压力试验及吹、洗 设计要求：按设计文件及相关规范要求","m",31.92,19.8,632.02,263.02,38.94]
["本页小计",{"$nulls":6},836,335,50]
[{"$nulls":10},"表—07"]
["分部分项工程量清单与计价表"]
["单位工程(专业)：安装工程-20层安装工程",{"$nulls":9},"第 18 页  共 20 页"]
["序号","项目编码","项目名称","项目特征","计量单位","工程量","综合单价(元)","合价(元)","其中(元)",{"$nulls":3},"备注"]
[{"$nulls":8},"定额人工费","人工费价差","定额机械费","机械费价差"]
[50,"030413003002","打洞（孔）","1、名称：砖墙及砌体墙开孔\n2、规格：DN50\n3、附件：含孔洞修复","个",1,11.8,11.8,3.73,0.55]
[51,"030413003003","打洞（孔）","1、名称：砖墙及砌体墙开孔\n2、规格：DN80\n3、附件：含孔洞修复","个",3,14.05,42.15,15.54,2.31]
[52,"030413003004","打洞（孔）","1、名称：砖墙及砌体墙开孔\n2、规格：DN100\n3、附件：含孔洞修复","个",2,16.91,33.82,13.6,2.02]
[53,"031004007001","小便器","1、材质：瓷质\n2、规格、类型：壁挂式\n3、组装形式：延时冲洗阀\n4、附件：延时冲洗阀、三角阀、金属软管、五金配件等","组",2,412.69,825.38,39.86,5.9]
["本页小计",{"$nulls":6},913,73,11]
[{"$nulls":10},"表—07"]
["分部分项工程量清单与计价表"]
["单位工程(专业)：安装工程-20层安装工程",{"$nulls":9},"第 19 页  共 20 页"]
["序号","项目编码","项目名称","项目特征","计量单位","工程量","综合单价(元)","合价(元)","其中(元)",{"$nulls":3},"备注"]
[{"$nulls":8},"定额人工费","人工费价差","定额机械费","机械费价差"]
[54,"031004014001","给、排水附（配）件","1、名称：地漏安装\n2、材质：不锈钢\n3、规格：DN50\n4、其他：详见设计及规范","个",3,24.93,74.79,28.47,4.23]
[55,"031004006001","大便器","1、材质：瓷质\n2、规格、类型：蹲式\n3、组装形式：脚踏延时冲洗\n4、附件：脚踏延时冲洗阀、下水、五金配件等","组",4,575.18,2300.72,136.64,20.24]
[56,"031004008001","其他成品卫生器具","1、材质：瓷质\n2、规格、类型：成品拖布池\n3、附件名称、数量：长颈水嘴、五金配件等","套",1,426.93,426.93,23.03,3.41]
["本页小计",{"$nulls":6},2802,188,28]
[{"$nulls":10},"表—07"]
["分部分项工程量清单与计价表"]
["单位工程(专业)：安装工程-20层安装工程",{"$nulls":9},"第 20 页  共 20 页"]
["序号","项目编码","项目名称","项目特征","计量单位","工程量","综合单价(元)","合价(元)","其中(元)",{"$nulls":3},"备注"]
[{"$nulls":8},"定额人工费","人工费价差","定额机械费","机械费价差"]
[57,"031004003001","洗脸盆","1、材质：瓷质\n2、规格、类型：冷热水\n3、组装形式：台下盆\n4、附件：洗脸盆龙头、下水、三角阀、金属软管、五金配件等","组",4,545.7,2182.8,110.92,16.44]
[58,"031002003001","套管","1、类型：止水节\n2、材质：塑料\n3、规格：DN50\n4、填料材质：符合设计及规范要求","个",10,26.65,266.5,128.4,19]
[59,"031002003002","套管","1、类型：止水节\n2、材质：塑料\n3、规格：DN100\n4、填料材质：符合设计及规范要求","个",4,38.08,152.32,54.76,8.12]
[]
[]
["本页小计",{"$nulls":6},2602,294,44]
["合   计",{"$nulls":6},85670,17497,2588,51]
[{"$nulls":10},"表—07"]

{"sheet":"表-08 施工技术措施项目清单与计价表【20层安装工程】","index":9,"n_rows":24,"n_cols":13,"rows_kept":24,"merged":[[0,0,0,12],[1,0,1,7],[1,8,1,9],[1,10,1,12],[2,0,3,0],[2,1,3,1],[2,2,3,2],[2,3,3,3],[2,4,3,4],[2,5,3,5],[2,6,3,6],[2,7,3,7],[2,8,2,11],[2,12,3,12],[21,0,21,6],[22,0,22,6],[23,0,23,7],[23,8,23,9],[23,10,23,12]]}
["施工技术措施项目清单与计价表"]
["单位工程(专业)：安装工程-20层安装工程",{"$nulls":9},"第 1 页  共 1 页"]
["序号","项目编码","项目名称","项目特征","计量单位","工程量","综合单价(元)","合价(元)","其中(元)",{"$nulls":3},"备注"]
[{"$nulls":8},"定额人工费","人工费价差","定额机械费","机械费价差"]
[null,null,"[请输入分部名称]",{"$nulls":4},826,178,26]
[1,"031301017001","脚手架搭拆","脚手架搭拆费第四、十层","项",1,825.96,825.96,178.39,26.42]
{"$rows_empty":15}
["本页小计",{"$nulls":6},826,178,26]
["合   计",{"$nulls":6},826,178,26]
[{"$nulls":10},"表—08"]

{"sheet":"表-09 工程量清单综合单价计算表【20层安装工程】","index":10,"n_rows":218,"n_cols":15,"rows_kept":218,"merged":[[0,0,0,10],[0,11,0,14],[1,0,1,14],[2,0,2,5],[2,6,2,10],[2,11,2,14],[3,0,4,0],[3,1,4,1],[3,2,4,2],[3,3,4,3],[3,4,4,4],[3,5,3,13],[3,14,4,14],[4,6,4,6],[4,7,4,7],[16,0,16,1],[16,3,16,5],[16,6,16,8],[16,9,16,10],[16,11,16,14],[17,0,17,10],[17,11,17,14],[18,0,18,14],[19,0,19,5],[19,6,19,10],[19,11,19,14],[20,0,21,0],[20,1,21,1],[20,2,21,2],[20,3,21,3],[20,4,21,4],[20,5,20,13],[20,14,21,14],[21,6,21,6],[21,7,21,7],[34,0,34,1],[34,3,34,5],[34,6,34,8],[34,9,34,10],[34,11,34,14],[35,0,35,10],[35,11,35,14],[36,0,36,14],[37,0,37,5],[37,6,37,10],[37,11,37,14],[38,0,39,0],[38,1,39,1],[38,2,39,2],[38,3,39,3],[38,4,39,4],[38,5,38,13],[38,14,39,14],[39,6,39,6],[39,7,39,7],[52,0,52,1],[52,3,52,5],[52,6,52,8],[52,9,52,10],[52,11,52,14],[53,0,53,10],[53,11,53,14],[54,0,54,14],[55,0,55,5],[55,6,55,10],[55,11,55,14],[56,0,57,0],[56,1,57,1],[56,2,57,2],[56,3,57,3],[56,4,57,4],[56,5,56,13],[56,14,57,14],[57,6,57,6],[57,7,57,7],[73,0,73,1],[73,3,73,5],[73,6,73,8],[73,9,73,10],[73,11,73,14],[74,0,74,10],[74,11,74,14],[75,0,75,14],[76,0,76,5],[76,6,76,10],[76,11,76,14],[77,0,78,0],[77,1,78,1],[77,2,78,2],[77,3,78,3],[77,4,78,4],[77,5,77,13],[77,14,78,14],[78,6,78,6],[78,7,78,7],[92,0,92,1],[92,3,92,5],[92,6,92,8],[92,9,92,10],[92,11,92,14],[93,0,93,10],[93,11,93,14],[94,0,94,14],[95,0,95,5],[95,6,95,10],[95,11,95,14],[96,0,97,0],[96,1,97,1],[96,2,97,2],[96,3,97,3],[96,4,97,4],[96,5,96,13],[96,14,97,14],[97,6,97,6],[97,7,97,7],[109,0,109,1],[109,3,109,5],[109,6,109,8],[109,9,109,10],[109,11,109,14],[110,0,110,10],[110,11,110,14],[111,0,111,14],[112,0,112,5],[112,6,112,10],[112,11,112,14],[113,0,114,0],[113,1,114,1],[113,2,114,2],[113,3,114,3],[113,4,114,4],[113,5,113,13],[113,14,114,14],[114,6,114,6],[114,7,114,7],[128,0,128,1],[128,3,128,5],[128,6,128,8],[128,9,128,10],[128,11,128,14],[129,0,129,10],[129,11,129,14],[130,0,130,14],[131,0,131,5],[131,6,131,10],[131,11,131,14],[132,0,133,0],[132,1,133,1],[132,2,133,2],[132,3,133,3],[132,4,133,4],[132,5,132,13],[132,14,133,14],[133,6,133,6],[133,7,133,7],[146,0,146,1],[146,3,146,5],[146,6,146,8],[146,9,146,10],[146,11,146,14],[147,0,147,10],[147,11,147,14],[148,0,148,14],[149,0,149,5],[149,6,149,10],[149,11,149,14],[150,0,151,0],[150,1,151,1],[150,2,151,2],[150,3,151,3],[150,4,151,4],[150,5,150,13],[150,14,151,14],[151,6,151,6],[151,7,151,7],[163,0,163,1],[163,3,163,5],[163,6,163,8],[163,9,163,10],[163,11,163,14],[164,0,164,10],[164,11,164,14],[165,0,165,14],[166,0,166,5],[166,6,166,10],[166,11,166,14],[167,0,168,0],[167,1,168,1],[167,2,168,2],[167,3,168,3],[167,4,168,4],[167,5,167,13],[167,14,168,14],[168,6,168,6],[168,7,168,7],[182,0,182,1],[182,3,182,5],[182,6,182,8],[182,9,182,10],[182,11,182,14],[183,0,183,10],[183,11,183,14],[184,0,184,14],[185,0,185,5],[185,6,185,10],[185,11,185,14],[186,0,187,0],[186,1,187,1],[186,2,187,2],[186,3,187,3],[186,4,187,4],[186,5,186,13],[186,14,187,14],[187,6,187,6],[187,7,187,7],[201,0,201,1],[201,3,201,5],[201,6,201,8],[201,9,201,10],[201,11,201,14],[202,0,202,10],[202,11,202,14],[203,0,203,14],[204,0,204,5],[204,6,204,10],[204,11,204,14],[205,0,206,0],[205,1,206,1],[205,2,206,2],[205,3,206,3],[205,4,206,4],[205,5,205,13],[205,14,206,14],[206,6,206,6],[206,7,206,7],[216,0,216,13],[217,0,217,1],[217,3,217,5],[217,6,217,8],[217,9,217,10],[217,11,217,14]]}
[]
["工程量清单综合单价计算表"]
["单位工程(专业)：安装工程-20层安装工程",{"$nulls":10},"第 1 页  共 12 页"]
["序号","项目编号","项目名称","计量单位","数量","综合单价（元）",{"$nulls":8},"合计(元)"]
[{"$nulls":5},"定额人工费","人工费价差","材料费","定额机械费","机械费价差","管理费","利润","风险费用","小计"]
[null,null,"电气工程"]
[null,null,"户内电气"]
[1,"030404019001","控制开关","个",14,7.7,1.14,106.85,null,null,1.67,0.8,null,118.16,1654]
[null,"4-4-83","微型空气开关(卡插式)","个",14,7.7,1.14,106.85,null,null,1.67,0.8,null,118.16,1654]
[2,"030411001001","配管","m",475.41,6.24,0.93,6,null,null,1.36,0.65,null,15.18,7217]
[null,"4-11-2 换","套接紧定式镀锌钢导管(JDG)敷设 砖、混凝土结构明配 公称直径(mm)20","m",475.41,6.24,0.93,6,null,null,1.36,0.65,null,15.18,7217]
[3,"030411001002","配管","m",310.54,3.77,0.55,5.62,0.05,null,0.83,0.4,null,11.22,3484]
[null,"4-11-8 换","套接紧定式镀锌钢导管(JDG)敷设 砖、混凝土结构暗配 公称直径(mm)20","m",310.54,3.77,0.55,5.62,0.05,null,0.83,0.4,null,11.22,3484]
[4,"030411001003","配管","m",29.4,7.26,1.08,9.46,null,null,1.58,0.76,null,20.14,592]
[null,"4-11-178","金属软管敷设 内径(mm)≤16每根长≤0.5m","m",29.4,7.26,1.08,9.46,null,null,1.58,0.76,null,20.14,592]
[5,"030411004001","配线","m",2010.33,0.61,0.09,2.4,null,null,0.13,0.06,null,3.29,6614]
[{"$nulls":11},"表-09"]
[]
["工程量清单综合单价计算表"]
["单位工程(专业)：安装工程-20层安装工程",{"$nulls":10},"第 2 页  共 12 页"]
["序号","项目编号","项目名称","计量单位","数量","综合单价（元）",{"$nulls":8},"合计(元)"]
[{"$nulls":5},"定额人工费","人工费价差","材料费","定额机械费","机械费价差","管理费","利润","风险费用","小计"]
[null,"4-12-5 换","穿照明线 铜芯导线截面(mm2以内)2.5","m",2010.33,0.61,0.09,2.4,null,null,0.13,0.06,null,3.29,6614]
[6,"030411004002","配线","m",709.96,0.61,0.09,2.64,null,null,0.13,0.06,null,3.53,2506]
[null,"4-12-5 换","穿照明线 铜芯导线截面(mm2以内)2.5","m",709.96,0.61,0.09,2.64,null,null,0.13,0.06,null,3.53,2506]
[7,"030502005001","双绞线缆","m",213.98,0.9,0.13,3.23,0.02,null,0.2,0.1,null,4.58,980]
[null,"5-2-13 换","双绞线缆 管内穿放≤4对 \u007f高于超五类的布线","m",213.98,0.9,0.13,3.23,0.02,null,0.2,0.1,null,4.58,980]
[8,"030412004001","装饰灯","套",3,140.9,20.91,1323.98,null,null,30.64,14.66,null,1531.09,4593]
[null,"4-13-171 换","点光源艺术装饰灯具安装 滑轨式射灯","套",3,5.68,0.85,176.75,null,null,1.23,0.59,null,185.1,555]
[null,"4-13-172 换","点光源艺术装饰灯具安装 滑轨","m",24.5,9.42,1.4,64.42,null,null,2.05,0.98,null,78.27,1918]
[null,"4-4-116","安全变压器容量≤500V·A","台",7,24.98,3.7,266.2,null,null,5.43,2.6,null,302.91,2120]
[9,"030412004002","装饰灯","套",26,114.67,17.04,935.45,null,null,24.94,11.93,null,1104.03,28705]
[null,"4-13-171 换","点光源艺术装饰灯具安装 滑轨式射灯","套",26,5.68,0.85,129.28,null,null,1.23,0.59,null,137.63,3578]
[null,"4-13-172 换","点光源艺术装饰灯具安装 滑轨","m",245.14,9.42,1.4,62.7,null,null,2.05,0.98,null,76.55,18765]
[{"$nulls":11},"表-09"]
[]
["工程量清单综合单价计算表"]
["单位工程(专业)：安装工程-20层安装工程",{"$nulls":10},"第 3 页  共 12 页"]
["序号","项目编号","项目名称","计量单位","数量","综合单价（元）",{"$nulls":8},"合计(元)"]
[{"$nulls":5},"定额人工费","人工费价差","材料费","定额机械费","机械费价差","管理费","利润","风险费用","小计"]
[null,"4-4-116","安全变压器容量≤500V·A","台",21,24.98,3.7,266.2,null,null,5.43,2.6,null,302.91,6361]
[10,"030412004003","装饰灯","m",88.47,13.58,2.01,8.16,null,null,2.95,1.41,null,28.11,2487]
[null,"4-13-137","天棚荧光灯带","m",88.47,13.58,2.01,8.16,null,null,2.95,1.41,null,28.11,2487]
[11,"030412004004","装饰灯","m2",12.1,50.8,7.53,114.52,null,null,11.03,5.28,null,189.16,2289]
[null,"4-13-135 换","发光棚荧光灯","m2",12.1,50.8,7.53,114.52,null,null,11.03,5.28,null,189.16,2289]
[12,"030412004005","装饰灯","套",10,7.48,1.11,52.71,null,null,1.62,0.78,null,63.7,637]
[null,"4-13-170 换","点光源艺术装饰灯具安装 吸顶式射灯","套",10,7.48,1.11,52.71,null,null,1.62,0.78,null,63.7,637]
[13,"030412004006","装饰灯","套",39,17.19,2.54,86.75,null,null,3.73,1.79,null,112,4368]
[null,"4-13-163 换","点光源艺术装饰灯具安装 嵌入式筒灯灯具直径φ75","套",39,17.19,2.54,86.75,null,null,3.73,1.79,null,112,4368]
[14,"030412004007","装饰灯","套",13,17.19,2.54,127.15,null,null,3.73,1.79,null,152.4,1981]
[null,"4-13-163 换","点光源艺术装饰灯具安装 嵌入式筒灯灯具直径φ75","套",13,17.19,2.54,127.15,null,null,3.73,1.79,null,152.4,1981]
[15,"030412004008","装饰灯","m",44.49,13.58,2.01,8.16,null,null,2.95,1.41,null,28.11,1251]
[{"$nulls":11},"表-09"]
[]
["工程量清单综合单价计算表"]
["单位工程(专业)：安装工程-20层安装工程",{"$nulls":10},"第 4 页  共 12 页"]
["序号","项目编号","项目名称","计量单位","数量","综合单价（元）",{"$nulls":8},"合计(元)"]
[{"$nulls":5},"定额人工费","人工费价差","材料费","定额机械费","机械费价差","管理费","利润","风险费用","小计"]
[null,"4-13-137","天棚荧光灯带","m",44.49,13.58,2.01,8.16,null,null,2.95,1.41,null,28.11,1251]
[16,"030404034001","照明开关","套",3,6.62,0.98,4.96,null,null,1.44,0.69,null,14.69,44]
[null,"4-13-301 换","跷板暗开关单控≤3联","套",3,6.62,0.98,4.96,null,null,1.44,0.69,null,14.69,44]
[17,"030404034002","照明开关","套",7,6.62,0.98,7.07,null,null,1.44,0.69,null,16.8,118]
[null,"4-13-301 换","跷板暗开关单控≤3联","套",7,6.62,0.98,7.07,null,null,1.44,0.69,null,16.8,118]
[18,"030404034003","照明开关","套",7,6.62,0.98,12.72,null,null,1.44,0.69,null,22.45,157]
[null,"4-13-301 换","跷板暗开关单控≤3联","套",7,6.62,0.98,12.72,null,null,1.44,0.69,null,22.45,157]
[19,"030404035001","插座","套",16,7.8,1.16,6.54,null,null,1.69,0.81,null,18,288]
[null,"4-13-323 换","单相暗插座电流(A)≤16","套",16,7.8,1.16,6.54,null,null,1.69,0.81,null,18,288]
[20,"030404035002","插座","套",2,7.8,1.16,11.81,null,null,1.69,0.81,null,23.27,47]
[null,"4-13-323 换","单相暗插座电流(A)≤16","套",2,7.8,1.16,11.81,null,null,1.69,0.81,null,23.27,47]
[21,"030502012001","信息插座","个",3,10.36,1.54,53.89,null,null,2.24,1.08,null,69.11,207]
[null,"5-2-35 换","信息插座 4对模块安装 \u007f高于超五类的布线","个",6,3.56,0.53,23.16,null,null,0.77,0.37,null,28.39,170]
[null,"5-2-39","信息插座 各类插座面板安装","个",3,3.24,0.48,7.57,null,null,0.7,0.34,null,12.33,37]
[22,"03041100600","接线盒","个",1,2.78,0.41,4.69,null,null,0.6,0.29,null,8.77,9]
[{"$nulls":11},"表-09"]
[]
["工程量清单综合单价计算表"]
["单位工程(专业)：安装工程-20层安装工程",{"$nulls":10},"第 5 页  共 12 页"]
["序号","项目编号","项目名称","计量单位","数量","综合单价（元）",{"$nulls":8},"合计(元)"]
[{"$nulls":5},"定额人工费","人工费价差","材料费","定额机械费","机械费价差","管理费","利润","风险费用","小计"]
[null,"1"]
[null,"4-11-212 换","暗装接线盒","个",1,2.78,0.41,4.69,null,null,0.6,0.29,null,8.77,9]
[23,"030411006002","接线盒","个",1,2.93,0.43,4.22,null,null,0.64,0.3,null,8.52,9]
[null,"4-11-211 换","开关盒、插座盒安装","个",1,2.93,0.43,4.22,null,null,0.64,0.3,null,8.52,9]
[24,"030413002001","凿（压）槽","m",310.54,3.7,0.54,1.22,0.07,null,0.81,0.39,null,6.73,2090]
[null,"13-1-142 换","混凝土刨沟槽 管径(mm以内)20 \u007f二次精装修工程，在原粉刷层上进行砖墙开槽","m",310.54,1.7,0.25,0.15,0.07,null,0.38,0.18,null,2.73,848]
[null,"4-11-217","沟槽恢复配管1-2根","m",310.54,2,0.29,1.07,null,null,0.43,0.21,null,4,1242]
[null,null,"电梯厅电气"]
[25,"030404019002","控制开关","个",2,7.7,1.14,106.85,null,null,1.67,0.8,null,118.16,236]
[null,"4-4-83","微型空气开关(卡插式)","个",2,7.7,1.14,106.85,null,null,1.67,0.8,null,118.16,236]
[26,"030411001004","配管","m",23.84,6.24,0.93,6,null,null,1.36,0.65,null,15.18,362]
[null,"4-11-2 换","套接紧定式镀锌钢导管(JDG)敷设 砖、混凝土结构明配 公称直径(mm)20","m",23.84,6.24,0.93,6,null,null,1.36,0.65,null,15.18,362]
[27,"03041100100","配管","m",23.49,3.77,0.55,5.62,0.05,null,0.83,0.4,null,11.22,264]
[{"$nulls":11},"表-09"]
[]
["工程量清单综合单价计算表"]
["单位工程(专业)：安装工程-20层安装工程",{"$nulls":10},"第 6 页  共 12 页"]
["序号","项目编号","项目名称","计量单位","数量","综合单价（元）",{"$nulls":8},"合计(元)"]
[{"$nulls":5},"定额人工费","人工费价差","材料费","定额机械费","机械费价差","管理费","利润","风险费用","小计"]
[null,"5"]
[null,"4-11-8 换","套接紧定式镀锌钢导管(JDG)敷设 砖、混凝土结构暗配 公称直径(mm)20","m",23.49,3.77,0.55,5.62,0.05,null,0.83,0.4,null,11.22,264]
[28,"030411001006","配管","m",8.7,7.26,1.08,9.46,null,null,1.58,0.76,null,20.14,175]
[null,"4-11-178","金属软管敷设 内径(mm)≤16每根长≤0.5m","m",8.7,7.26,1.08,9.46,null,null,1.58,0.76,null,20.14,175]
[29,"030411004003","配线","m",142.8,0.61,0.09,2.4,null,null,0.13,0.06,null,3.29,470]
[null,"4-12-5 换","穿照明线 铜芯导线截面(mm2以内)2.5","m",142.8,0.61,0.09,2.4,null,null,0.13,0.06,null,3.29,470]
[30,"030411004004","配线","m",54.61,0.61,0.09,2.64,null,null,0.13,0.06,null,3.53,193]
[null,"4-12-5 换","穿照明线 铜芯导线截面(mm2以内)2.5","m",54.61,0.61,0.09,2.64,null,null,0.13,0.06,null,3.53,193]
[31,"030412004009","装饰灯","m",8.56,13.58,2.01,8.16,null,null,2.95,1.41,null,28.11,241]
[null,"4-13-137","天棚荧光灯带","m",8.56,13.58,2.01,8.16,null,null,2.95,1.41,null,28.11,241]
[32,"030412004010","装饰灯","套",5,17.19,2.54,86.75,null,null,3.73,1.79,null,112,560]
[{"$nulls":11},"表-09"]
[]
["工程量清单综合单价计算表"]
["单位工程(专业)：安装工程-20层安装工程",{"$nulls":10},"第 7 页  共 12 页"]
["序号","项目编号","项目名称","计量单位","数量","综合单价（元）",{"$nulls":8},"合计(元)"]
[{"$nulls":5},"定额人工费","人工费价差","材料费","定额机械费","机械费价差","管理费","利润","风险费用","小计"]
[null,"4-13-163 换","点光源艺术装饰灯具安装 嵌入式筒灯灯具直径φ75","套",5,17.19,2.54,86.75,null,null,3.73,1.79,null,112,560]
[33,"030412004011","装饰灯","m",13.8,13.58,2.01,8.16,null,null,2.95,1.41,null,28.11,388]
[null,"4-13-137","天棚荧光灯带","m",13.8,13.58,2.01,8.16,null,null,2.95,1.41,null,28.11,388]
[34,"030404034004","照明开关","套",2,6.62,0.98,7.07,null,null,1.44,0.69,null,16.8,34]
[null,"4-13-301 换","跷板暗开关单控≤3联","套",2,6.62,0.98,7.07,null,null,1.44,0.69,null,16.8,34]
[35,"030404035003","插座","套",2,7.8,1.16,6.54,null,null,1.69,0.81,null,18,36]
[null,"4-13-323 换","单相暗插座电流(A)≤16","套",2,7.8,1.16,6.54,null,null,1.69,0.81,null,18,36]
[36,"030411006003","接线盒","个",11,2.78,0.41,4.69,null,null,0.6,0.29,null,8.77,96]
[null,"4-11-212 换","暗装接线盒","个",11,2.78,0.41,4.69,null,null,0.6,0.29,null,8.77,96]
[37,"030411006004","接线盒","个",4,2.93,0.43,4.22,null,null,0.64,0.3,null,8.52,34]
[null,"4-11-211 换","开关盒、插座盒安装","个",4,2.93,0.43,4.22,null,null,0.64,0.3,null,8.52,34]
[38,"030413002002","凿（压）槽","m",23.49,3.7,0.54,1.22,0.07,null,0.81,0.39,null,6.73,158]
[null,"13-1-142 换","混凝土刨沟槽 管径(mm以内)20 \u007f二次精装修工程，在原粉刷层上进行砖墙开槽","m",23.49,1.7,0.25,0.15,0.07,null,0.38,0.18,null,2.73,64]
[{"$nulls":11},"表-09"]
[]
["工程量清单综合单价计算表"]
["单位工程(专业)：安装工程-20层安装工程",{"$nulls":10},"第 8 页  共 12 页"]
["序号","项目编号","项目名称","计量单位","数量","综合单价（元）",{"$nulls":8},"合计(元)"]
[{"$nulls":5},"定额人工费","人工费价差","材料费","定额机械费","机械费价差","管理费","利润","风险费用","小计"]
[null,"4-11-217","沟槽恢复配管1-2根","m",23.49,2,0.29,1.07,null,null,0.43,0.21,null,4,94]
[null,null,"给排水工程"]
[null,null,"给水工程"]
[39,"031001006001","塑料管","m",15.37,6.53,0.97,5.47,0.11,null,1.44,0.69,null,15.21,234]
[null,"10-1-229 换","室内塑料给水管(热熔连接) 公称直径(mm以内)15","m",15.37,6.22,0.93,5.24,0.11,null,1.37,0.66,null,14.53,223]
[null,"10-8-31","管道消毒、冲洗 公称直径(mm以内)50","m",15.37,0.31,0.04,0.23,null,null,0.07,0.03,null,0.68,10]
[40,"031001006002","塑料管","m",5.5,7.3,1.08,6.42,0.11,null,1.61,0.77,null,17.29,95]
[null,"10-1-230 换","室内塑料给水管(热熔连接) 公称直径(mm以内)20","m",5.5,6.99,1.04,6.19,0.11,null,1.54,0.74,null,16.61,91]
[null,"10-8-31","管道消毒、冲洗 公称直径(mm以内)50","m",5.5,0.31,0.04,0.23,null,null,0.07,0.03,null,0.68,4]
[41,"031001006003","塑料管","m",10.47,8.09,1.19,9.57,0.11,null,1.78,0.85,null,21.59,226]
[null,"10-1-231 换","室内塑料给水管(热熔连接) 公称直径(mm以内)25","m",10.47,7.78,1.15,9.34,0.11,null,1.71,0.82,null,20.91,219]
[null,"10-8-31","管道消毒、冲洗 公称直径(mm以内)50","m",10.47,0.31,0.04,0.23,null,null,0.07,0.03,null,0.68,7]
[{"$nulls":11},"表-09"]
[]
["工程量清单综合单价计算表"]
["单位工程(专业)：安装工程-20层安装工程",{"$nulls":10},"第 9 页  共 12 页"]
["序号","项目编号","项目名称","计量单位","数量","综合单价（元）",{"$nulls":8},"合计(元)"]
[{"$nulls":5},"定额人工费","人工费价差","材料费","定额机械费","机械费价差","管理费","利润","风险费用","小计"]
[42,"031001006004","塑料管","m",1.98,11.73,1.73,20.25,0.11,null,2.57,1.23,null,37.62,74]
[null,"10-1-233 换","室内塑料给水管(热熔连接) 公称直径(mm以内)40","m",1.98,11.42,1.69,20.02,0.11,null,2.5,1.2,null,36.94,73]
[null,"10-8-31","管道消毒、冲洗 公称直径(mm以内)50","m",1.98,0.31,0.04,0.23,null,null,0.07,0.03,null,0.68,1]
[43,"031001006005","塑料管","m",13.84,12.04,1.78,32.42,0.18,null,2.66,1.27,null,50.35,697]
[null,"10-1-234 换","室内塑料给水管(热熔连接) 公称直径(mm以内)50","m",13.84,11.73,1.74,32.19,0.18,null,2.59,1.24,null,49.67,687]
[null,"10-8-31","管道消毒、冲洗 公称直径(mm以内)50","m",13.84,0.31,0.04,0.23,null,null,0.07,0.03,null,0.68,9]
[44,"031003001001","螺纹阀门","个",1,16.74,2.48,154.52,0.82,-0.04,3.81,1.83,null,180.16,180]
[null,"10-2-6","螺纹阀门安装 公称直径(mm以内)50","个",1,16.74,2.48,154.52,0.82,-0.04,3.81,1.83,null,180.16,180]
[45,"03B001","暗敷管道补贴","间",2,202.5,30,{"$nulls":3},43.98,21.06,null,297.54,595]
[null,"BC10-2","卫生间 内周长在12m以上 暗敷管道补贴","间",2,202.5,30,{"$nulls":3},43.98,21.06,null,297.54,595]
[46,"030413003001","打洞（孔）","个",3,3.73,0.55,6.32,null,null,0.81,0.39,null,11.8,35]
[{"$nulls":11},"表-09"]
[]
["工程量清单综合单价计算表"]
["单位工程(专业)：安装工程-20层安装工程",{"$nulls":10},"第 10 页  共 12 页"]
["序号","项目编号","项目名称","计量单位","数量","综合单价（元）",{"$nulls":8},"合计(元)"]
[{"$nulls":5},"定额人工费","人工费价差","材料费","定额机械费","机械费价差","管理费","利润","风险费用","小计"]
[null,"13-1-132 换","混凝土楼板钻孔 钻孔直径(mm以内)63 \u007f砖墙及砌体墙钻孔","个",3,3.73,0.55,1.32,null,null,0.81,0.39,null,6.8,20]
[null,"补","孔洞修复","个",3,null,null,5,{"$nulls":5},5,15]
[null,null,"排水工程"]
[47,"031001006006","塑料管","m",19.06,12.18,1.8,24.48,null,null,2.65,1.27,null,42.38,808]
[null,"10-1-278 换","室内塑料排水管(粘接) 公称直径(mm以内)100","m",19.06,12.18,1.8,24.48,null,null,2.65,1.27,null,42.38,808]
[48,"031001006007","塑料管","m",7.2,10.04,1.49,13.57,null,null,2.18,1.04,null,28.32,204]
[null,"10-1-277 换","室内塑料排水管(粘接) 公称直径(mm以内)75","m",7.2,10.04,1.49,13.57,null,null,2.18,1.04,null,28.32,204]
[49,"031001006008","塑料管","m",31.92,8.24,1.22,7.69,null,null,1.79,0.86,null,19.8,632]
[null,"10-1-276 换","室内塑料排水管(粘接) 公称直径(mm以内)50","m",31.92,8.24,1.22,7.69,null,null,1.79,0.86,null,19.8,632]
[50,"030413003002","打洞（孔）","个",1,3.73,0.55,6.32,null,null,0.81,0.39,null,11.8,12]
[null,"13-1-132 换","混凝土楼板钻孔 钻孔直径(mm以内)63 \u007f砖墙及砌体墙钻孔","个",1,3.73,0.55,1.32,null,null,0.81,0.39,null,6.8,7]
[null,"补","孔洞修复","个",1,null,null,5,{"$nulls":5},5,5]
[51,"03041300300","打洞（孔）","个",3,5.18,0.77,6.43,null,null,1.13,0.54,null,14.05,42]
[{"$nulls":11},"表-09"]
[]
["工程量清单综合单价计算表"]
["单位工程(专业)：安装工程-20层安装工程",{"$nulls":10},"第 11 页  共 12 页"]
["序号","项目编号","项目名称","计量单位","数量","综合单价（元）",{"$nulls":8},"合计(元)"]
[{"$nulls":5},"定额人工费","人工费价差","材料费","定额机械费","机械费价差","管理费","利润","风险费用","小计"]
[null,"3"]
[null,"13-1-133 换","混凝土楼板钻孔 钻孔直径(mm以内)83 \u007f砖墙及砌体墙钻孔","个",3,5.18,0.77,1.43,null,null,1.13,0.54,null,9.05,27]
[null,"补","孔洞修复","个",3,null,null,5,{"$nulls":5},5,15]
[52,"030413003004","打洞（孔）","个",2,6.8,1.01,6.91,null,null,1.48,0.71,null,16.91,34]
[null,"13-1-134 换","混凝土楼板钻孔 钻孔直径(mm以内)108 \u007f砖墙及砌体墙钻孔","个",2,6.8,1.01,1.91,null,null,1.48,0.71,null,11.91,24]
[null,"补","孔洞修复","个",2,null,null,5,{"$nulls":5},5,10]
[53,"031004007001","小便器","组",2,19.93,2.95,383.41,null,null,4.33,2.07,null,412.69,825]
[null,"10-3-37 换","壁挂式小便器安装 手动开关","套",2,19.93,2.95,383.41,null,null,4.33,2.07,null,412.69,825]
[54,"031004014001","给、排水附（配）件","个",3,9.49,1.41,10.98,null,null,2.06,0.99,null,24.93,75]
[null,"10-3-79 换","地漏安装 公称直径(mm以内)50","个",3,9.49,1.41,10.98,null,null,2.06,0.99,null,24.93,75]
[55,"031004006001","大便器","组",4,34.16,5.06,524.99,null,null,7.42,3.55,null,575.18,2301]
[null,"10-3-32 换","蹲式大便器安装 脚踏开关","组",4,34.16,5.06,524.99,null,null,7.42,3.55,null,575.18,2301]
[56,"03100400800","其他成品卫生器具","套",1,23.03,3.41,393.09,null,null,5,2.4,null,426.93,427]
[{"$nulls":11},"表-09"]
[]
["工程量清单综合单价计算表"]
["单位工程(专业)：安装工程-20层安装工程",{"$nulls":10},"第 12 页  共 12 页"]
["序号","项目编号","项目名称","计量单位","数量","综合单价（元）",{"$nulls":8},"合计(元)"]
[{"$nulls":5},"定额人工费","人工费价差","材料费","定额机械费","机械费价差","管理费","利润","风险费用","小计"]
[null,"1"]
[null,"10-3-41 换","拖布池安装","套",1,23.03,3.41,393.09,null,null,5,2.4,null,426.93,427]
[57,"031004003001","洗脸盆","组",4,27.73,4.11,504.96,null,null,6.02,2.88,null,545.7,2183]
[null,"10-3-17 换","洗脸盆 台下式冷热水 \u007f台式洗脸盆(冷水)安装","组",4,27.73,4.11,504.96,null,null,6.02,2.88,null,545.7,2183]
[58,"031002003001","套管","个",10,12.84,1.9,7.78,null,null,2.79,1.34,null,26.65,267]
[null,"13-1-95 换","刚性防水套管安装 公称直径(mm以内)50 \u007f给排水、采暖、燃气工程中穿楼板的管道要安装刚性防水套管，主材费另计","个",10,12.84,1.9,7.78,null,null,2.79,1.34,null,26.65,267]
[59,"031002003002","套管","个",4,13.69,2.03,17.97,null,null,2.97,1.42,null,38.08,152]
[null,"13-1-96 换","刚性防水套管安装 公称直径(mm以内)100 \u007f给排水、采暖、燃气工程中穿楼板的管道要安装刚性防水套管，主材费另计","个",4,13.69,2.03,17.97,null,null,2.97,1.42,null,38.08,152]
[]
["合   计：",{"$nulls":13},85670]
[{"$nulls":11},"表-09"]

{"sheet":"表-09 措施项目清单综合单价计算表【20层安装工程】","index":11,"n_rows":24,"n_cols":15,"rows_kept":24,"merged":[[0,0,0,9],[0,10,0,14],[1,0,1,14],[2,0,2,9],[2,10,2,14],[3,0,4,0],[3,1,4,1],[3,2,4,2],[3,3,4,3],[3,4,4,4],[3,5,3,13],[3,14,4,14],[4,6,4,6],[4,7,4,7],[22,0,22,13],[23,0,23,1],[23,3,23,5],[23,6,23,7],[23,8,23,9],[23,10,23,14]]}
[]
["措施项目清单综合单价计算表"]
["单位工程(专业)：安装工程-20层安装工程",{"$nulls":9},"第 1 页  共 1 页"]
["序号","项目编号","项目名称","计量单位","数量","综合单价（元）",{"$nulls":8},"合计(元)"]
[{"$nulls":5},"定额人工费","人工费价差","材料费","定额机械费","机械费价差","管理费","利润","风险费用","小计"]
[null,null,"[请输入分部名称]"]
[1,"031301017001","脚手架搭拆","项",1,178.39,26.42,564.16,null,null,38.42,18.57,null,825.96,826]
[null,"13-2-4","脚手架搭拆费第四册","工日",114.378115,1.35,0.2,4.27,null,null,0.29,0.14,null,6.25,715]
[null,"13-2-10","脚手架搭拆费第十册","工日",14.187659,1.69,0.25,5.34,null,null,0.37,0.18,null,7.83,111]
{"$rows_empty":13}
["合   计：",{"$nulls":13},826]
[{"$nulls":10},"表-09"]

{"sheet":"表-02 专业工程招标控制价计算程序表【21层安装工程】","index":12,"n_rows":45,"n_cols":4,"rows_kept":45,"merged":[[0,0,0,3],[1,0,1,3],[2,0,2,2],[2,3,2,3],[44,0,44,1]]}
[]
["专业工程招标控制价计算程序表"]
["单位工程（专业）：安装工程-21层安装工程"]
["序号","汇 总 内 容","费用计算表达式","金额（元）"]
["一","分部分项工程费","表-07",36467.35]
["1","其中：定额人工费","表-07",9229.08]
["2","其中：人工价差","表-07",1366.53]
["3","其中：定额机械费","表-07",18.08]
["4","其中：机械费价差","表-07",-0.04]
["二","措施项目费","5+6",1118.32]
["5","施工技术措施项目费","表-08",445.6]
["5.1","其中：定额人工费","表-08",96.23]
["5.2","其中：人工价差","表-08",14.25]
["5.3","其中：定额机械费","表-08"]
["5.4","其中：机械费价差","表-08"]
["6","施工组织措施项目费","6.1+6.2+6.3+6.4+6.5+6.6",672.72]
["6.1","安全文明施工基本费","（1+3+5.1+5.3）×费率6.81%",636.28]
["6.2","提前竣工增加费","（1+3+5.1+5.3）×费率"]
["6.3","二次搬运费","（1+3+5.1+5.3）×费率0.26%",24.29]
["6.4","冬雨季施工增加费","（1+3+5.1+5.3）×费率0.13%",12.15]
["6.5","行车、行人干扰增加费","（1+3+5.1+5.3）×费率"]
["6.6","其他施工组织措施费","计价时列岀具体费用名称"]
["三","其他项目","表-11"]
["四","规费","（1+3+5.1+5.3）×费率30.63%",2861.88]
["五","税前工程造价","一+二+三+四",40447.55]
["六","税金","五×税率9%",3640.28]
{"$rows_empty":18}
["专业工程招标控制价",null,"一+二+三+四+六","44,087.83"]

{"sheet":"表-07 分部分项工程量清单与计价表【21层安装工程】","index":13,"n_rows":187,"n_cols":13,"rows_kept":187,"merged":[[0,0,0,12],[1,0,1,6],[1,7,1,9],[1,10,1,12],[2,0,3,0],[2,1,3,1],[2,2,3,2],[2,3,3,3],[2,4,3,4],[2,5,3,5],[2,6,3,6],[2,7,3,7],[2,8,2,11],[2,12,3,12],[10,0,10,6],[11,0,11,6],[11,7,11,9],[11,10,11,12],[12,0,12,12],[13,0,13,6],[13,7,13,9],[13,10,13,12],[14,0,15,0],[14,1,15,1],[14,2,15,2],[14,3,15,3],[14,4,15,4],[14,5,15,5],[14,6,15,6],[14,7,15,7],[14,8,14,11],[14,12,15,12],[19,0,19,6],[20,0,20,6],[20,7,20,9],[20,10,20,12],[21,0,21,12],[22,0,22,6],[22,7,22,9],[22,10,22,12],[23,0,24,0],[23,1,24,1],[23,2,24,2],[23,3,24,3],[23,4,24,4],[23,5,24,5],[23,6,24,6],[23,7,24,7],[23,8,23,11],[23,12,24,12],[27,0,27,6],[28,0,28,6],[28,7,28,9],[28,10,28,12],[29,0,29,12],[30,0,30,6],[30,7,30,9],[30,10,30,12],[31,0,32,0],[31,1,32,1],[31,2,32,2],[31,3,32,3],[31,4,32,4],[31,5,32,5],[31,6,32,6],[31,7,32,7],[31,8,31,11],[31,12,32,12],[36,0,36,6],[37,0,37,6],[37,7,37,9],[37,10,37,12],[38,0,38,12],[39,0,39,6],[39,7,39,9],[39,10,39,12],[40,0,41,0],[40,1,41,1],[40,2,41,2],[40,3,41,3],[40,4,41,4],[40,5,41,5],[40,6,41,6],[40,7,41,7],[40,8,40,11],[40,12,41,12],[47,0,47,6],[48,0,48,6],[48,7,48,9],[48,10,48,12],[49,0,49,12],[50,0,50,6],[50,7,50,9],[50,10,50,12],[51,0,52,0],[51,1,52,1],[51,2,52,2],[51,3,52,3],[51,4,52,4],[51,5,52,5],[51,6,52,6],[51,7,52,7],[51,8,51,11],[51,12,52,12],[57,0,57,6],[58,0,58,6],[58,7,58,9],[58,10,58,12],[59,0,59,12],[60,0,60,6],[60,7,60,9],[60,10,60,12],[61,0,62,0],[61,1,62,1],[61,2,62,2],[61,3,62,3],[61,4,62,4],[61,5,62,5],[61,6,62,6],[61,7,62,7],[61,8,61,11],[61,12,62,12],[66,0,66,6],[67,0,67,6],[67,7,67,9],[67,10,67,12],[68,0,68,12],[69,0,69,6],[69,7,69,9],[69,10,69,12],[70,0,71,0],[70,1,71,1],[70,2,71,2],[70,3,71,3],[70,4,71,4],[70,5,71,5],[70,6,71,6],[70,7,71,7],[70,8,70,11],[70,12,71,12],[74,0,74,6],[75,0,75,6],[75,7,75,9],[75,10,75,12],[76,0,76,12],[77,0,77,6],[77,7,77,9],[77,10,77,12],[78,0,79,0],[78,1,79,1],[78,2,79,2],[78,3,79,3],[78,4,79,4],[78,5,79,5],[78,6,79,6],[78,7,79,7],[78,8,78,11],[78,12,79,12],[83,0,83,6],[84,0,84,6],[84,7,84,9],[84,10,84,12],[85,0,85,12],[86,0,86,6],[86,7,86,9],[86,10,86,12],[87,0,88,0],[87,1,88,1],[87,2,88,2],[87,3,88,3],[87,4,88,4],[87,5,88,5],[87,6,88,6],[87,7,88,7],[87,8,87,11],[87,12,88,12],[92,0,92,6],[93,0,93,6],[93,7,93,9],[93,10,93,12],[94,0,94,12],[95,0,95,6],[95,7,95,9],[95,10,95,12],[96,0,97,0],[96,1,97,1],[96,2,97,2],[96,3,97,3],[96,4,97,4],[96,5,97,5],[96,6,97,6],[96,7,97,7],[96,8,96,11],[96,12,97,12],[102,0,102,6],[103,0,103,6],[103,7,103,9],[103,10,103,12],[104,0,104,12],[105,0,105,6],[105,7,105,9],[105,10,105,12],[106,0,107,0],[106,1,107,1],[106,2,107,2],[106,3,107,3],[106,4,107,4],[106,5,107,5],[106,6,107,6],[106,7,107,7],[106,8,106,11],[106,12,107,12],[112,0,112,6],[113,0,113,6],[113,7,113,9],[113,10,113,12],[114,0,114,12],[115,0,115,6],[115,7,115,9],[115,10,115,12],[116,0,117,0],[116,1,117,1],[116,2,117,2],[116,3,117,3],[116,4,117,4],[116,5,117,5],[116,6,117,6],[116,7,117,7],[116,8,116,11],[116,12,117,12],[120,0,120,6],[121,0,121,6],[121,7,121,9],[121,10,121,12],[122,0,122,12],[123,0,123,6],[123,7,123,9],[123,10,123,12],[124,0,125,0],[124,1,125,1],[124,2,125,2],[124,3,125,3],[124,4,125,4],[124,5,125,5],[124,6,125,6],[124,7,125,7],[124,8,124,11],[124,12,125,12],[128,0,128,6],[129,0,129,6],[129,7,129,9],[129,10,129,12],[130,0,130,12],[131,0,131,6],[131,7,131,9],[131,10,131,12],[132,0,133,0],[132,1,133,1],[132,2,133,2],[132,3,133,3],[132,4,133,4],[132,5,133,5],[132,6,133,6],[132,7,133,7],[132,8,132,11],[132,12,133,12],[137,0,137,6],[138,0,138,6],[138,7,138,9],[138,10,138,12],[139,0,139,12],[140,0,140,6],[140,7,140,9],[140,10,140,12],[141,0,142,0],[141,1,142,1],[141,2,142,2],[141,3,142,3],[141,4,142,4],[141,5,142,5],[141,6,142,6],[141,7,142,7],[141,8,141,11],[141,12,142,12],[146,0,146,6],[147,0,147,6],[147,7,147,9],[147,10,147,12],[148,0,148,12],[149,0,149,6],[149,7,149,9],[149,10,149,12],[150,0,151,0],[150,1,151,1],[150,2,151,2],[150,3,151,3],[150,4,151,4],[150,5,151,5],[150,6,151,6],[150,7,151,7],[150,8,150,11],[150,12,151,12],[154,0,154,6],[155,0,155,6],[155,7,155,9],[155,10,155,12],[156,0,156,12],[157,0,157,6],[157,7,157,9],[157,10,157,12],[158,0,159,0],[158,1,159,1],[158,2,159,2],[158,3,159,3],[158,4,159,4],[158,5,159,5],[158,6,159,6],[158,7,159,7],[158,8,158,11],[158,12,159,12],[164,0,164,6],[165,0,165,6],[165,7,165,9],[165,10,165,12],[166,0,166,12],[167,0,167,6],[167,7,167,9],[167,10,167,12],[168,0,169,0],[168,1,169,1],[168,2,169,2],[168,3,169,3],[168,4,169,4],[168,5,169,5],[168,6,169,6],[168,7,169,7],[168,8,168,11],[168,12,169,12],[173,0,173,6],[174,0,174,6],[174,7,174,9],[174,10,174,12],[175,0,175,12],[176,0,176,6],[176,7,176,9],[176,10,176,12],[177,0,178,0],[177,1,178,1],[177,2,178,2],[177,3,178,3],[177,4,178,4],[177,5,178,5],[177,6,178,6],[177,7,178,7],[177,8,177,11],[177,12,178,12],[184,0,184,6],[185,0,185,6],[186,0,186,6],[186,7,186,9],[186,10,186,12]]}
["分部分项工程量清单与计价表"]
["单位工程(专业)：安装工程-21层安装工程",{"$nulls":9},"第 1 页  共 20 页"]
["序号","项目编码","项目名称","项目特征","计量单位","工程量","综合单价(元)","合价(元)","其中(元)",{"$nulls":3},"备注"]
[{"$nulls":8},"定额人工费","人工费价差","定额机械费","机械费价差"]
[null,null,"电气工程",{"$nulls":4},26370,7259,1075,11]
[null,null,"户内电气",{"$nulls":4},16312,4573,678,5]
[1,"030404019003","控制开关","1、名称：配电箱断路器\n2、规格：CH2L-C16A/1P+N\n3、其他：符合设计及规范要求","个",4,118.16,472.64,30.8,4.56]
[2,"030411001007","配管","1、名称：薄壁镀锌钢管\n2、规格：JDG20\n3、配置形式：砖、混凝土结构明配","m",253.35,15.18,3845.85,1580.9,235.62]
[3,"030411001008","配管","1、名称：薄壁镀锌钢管 \n2、规格：JDG20\n3、配置形式：砖、混凝土结构暗配","m",37.56,11.22,421.42,141.6,20.66,1.88]
[4,"030411001009","配管","1、名称：金属软管敷设\n2、规格：DN20\n3、配置形式：砖、混凝土结构明配","m",21.4,20.14,431,155.36,23.12]
["本页小计",{"$nulls":6},5171,1909,284,2]
[{"$nulls":10},"表—07"]
["分部分项工程量清单与计价表"]
["单位工程(专业)：安装工程-21层安装工程",{"$nulls":9},"第 2 页  共 20 页"]
["序号","项目编码","项目名称","项目特征","计量单位","工程量","综合单价(元)","合价(元)","其中(元)",{"$nulls":3},"备注"]
[{"$nulls":8},"定额人工费","人工费价差","定额机械费","机械费价差"]
[5,"030411004005","配线","1、名称：铜芯塑料绝缘电线\n2、类型：照明\n3、规格、型号：WDZB1-BYJ-2.5\n4、配线形式：管内穿线","m",740.62,3.29,2436.64,451.78,66.65]
[6,"030411004006","配线","1、名称：铜芯塑料绝缘电线\n2、类型：照明\n3、规格、型号：WDZB1-BYJR-2.5\n4、配线形式：管内穿线","m",274.54,3.53,969.13,167.47,24.71]
[7,"030412004012","装饰灯","1、名称：LED灯带\n2、规格：7W/m，3000K\n3、安装形式：内藏\n4、附件：分支接头、灯带驱动器等","m",31.76,28.11,892.77,431.3,63.84]
["本页小计",{"$nulls":6},4299,1051,155]
[{"$nulls":10},"表—07"]
["分部分项工程量清单与计价表"]
["单位工程(专业)：安装工程-21层安装工程",{"$nulls":9},"第 3 页  共 20 页"]
["序号","项目编码","项目名称","项目特征","计量单位","工程量","综合单价(元)","合价(元)","其中(元)",{"$nulls":3},"备注"]
[{"$nulls":8},"定额人工费","人工费价差","定额机械费","机械费价差"]
[8,"030412004013","装饰灯","1、名称：软膜灯\n2、规格：12W/m2，6000K\n3、安装方式：嵌入式\n4、其他：符合设计及规范要求","m2",1.2,189.16,226.99,60.96,9.04]
[9,"030412004014","装饰灯","1、名称：筒灯（含光源）\n2、规格：80mm，9W，4000K，LED\n3、安装方式：吸顶/嵌入式综合考虑\n4、其他：符合设计及规范要求","套",15,112,1680,257.85,38.1]
["本页小计",{"$nulls":6},1907,319,47]
[{"$nulls":10},"表—07"]
["分部分项工程量清单与计价表"]
["单位工程(专业)：安装工程-21层安装工程",{"$nulls":9},"第 4 页  共 20 页"]
["序号","项目编码","项目名称","项目特征","计量单位","工程量","综合单价(元)","合价(元)","其中(元)",{"$nulls":3},"备注"]
[{"$nulls":8},"定额人工费","人工费价差","定额机械费","机械费价差"]
[10,"030412004015","装饰灯","1、名称：感应筒灯（含光源）\n2、规格：80mm，9W，4000K，LED\n3、安装方式：吸顶/嵌入式综合考虑\n4、其他：符合设计及规范要求","套",18,152.4,2743.2,309.42,45.72]
[11,"030412004016","装饰灯","1、名称：线性灯\n2、规格：7w/m，4000K\n3、安装形式：内藏\n4、附件：分支接头、灯带驱动器等","m",48.39,28.11,1360.24,657.14,97.26]
[12,"030404034005","照明开关","1、名称：双联单控开关\n2、类型：跷板暗开关\n3、规格：86型，10A\n4、安装方式：暗装","套",4,16.8,67.2,26.48,3.92]
["本页小计",{"$nulls":6},4171,993,147]
[{"$nulls":10},"表—07"]
["分部分项工程量清单与计价表"]
["单位工程(专业)：安装工程-21层安装工程",{"$nulls":9},"第 5 页  共 20 页"]
["序号","项目编码","项目名称","项目特征","计量单位","工程量","综合单价(元)","合价(元)","其中(元)",{"$nulls":3},"备注"]
[{"$nulls":8},"定额人工费","人工费价差","定额机械费","机械费价差"]
[13,"030404034006","照明开关","1、名称：三联单控开关\n2、类型：跷板暗开关\n3、规格：86型，10A\n4、安装方式：暗装","套",1,22.45,22.45,6.62,0.98]
[14,"030411006005","接线盒","1、名称：接线盒\n2、材质：钢质\n3、规格：86型\n4、安装形式：暗装","个",49,8.77,429.73,136.22,20.09]
[15,"030411006006","接线盒","1、名称：开关盒、插座盒\n2、材质：钢质\n3、规格：86型\n4、安装形式：暗装","个",7,8.52,59.64,20.51,3.01]
[16,"030413002003","凿（压）槽","1、名称：混凝土刨沟槽\n2、规格：DN20\n3、其他：含沟槽恢复","m",37.56,6.73,252.78,138.97,20.28,2.63]
[null,null,"电梯厅及卫生间电气工程",{"$nulls":4},10058,2685,397,7]
["本页小计",{"$nulls":6},765,302,44,3]
[{"$nulls":10},"表—07"]
["分部分项工程量清单与计价表"]
["单位工程(专业)：安装工程-21层安装工程",{"$nulls":9},"第 6 页  共 20 页"]
["序号","项目编码","项目名称","项目特征","计量单位","工程量","综合单价(元)","合价(元)","其中(元)",{"$nulls":3},"备注"]
[{"$nulls":8},"定额人工费","人工费价差","定额机械费","机械费价差"]
[17,"030404019004","控制开关","1、名称：配电箱断路器\n2、规格：CH2L-C16A/1P+N\n3、其他：符合设计及规范要求","个",7,118.16,827.12,53.9,7.98]
[18,"030411001010","配管","1、名称：薄壁镀锌钢管\n2、规格：JDG20\n3、配置形式：砖、混凝土结构明配","m",98.03,15.18,1488.1,611.71,91.17]
[19,"030411001011","配管","1、名称：薄壁镀锌钢管\n2、规格：JDG25\n3、配置形式：砖、混凝土结构明配","m",20.86,16.7,348.36,137.88,20.45]
[20,"030411001012","配管","1、名称：薄壁镀锌钢管 \n2、规格：JDG20\n3、配置形式：砖、混凝土结构暗配","m",43.45,11.22,487.51,163.81,23.89,2.17]
["本页小计",{"$nulls":6},3151,967,143,2]
[{"$nulls":10},"表—07"]
["分部分项工程量清单与计价表"]
["单位工程(专业)：安装工程-21层安装工程",{"$nulls":9},"第 7 页  共 20 页"]
["序号","项目编码","项目名称","项目特征","计量单位","工程量","综合单价(元)","合价(元)","其中(元)",{"$nulls":3},"备注"]
[{"$nulls":8},"定额人工费","人工费价差","定额机械费","机械费价差"]
[21,"030411001013","配管","1、名称：薄壁镀锌钢管 \n2、规格：JDG20\n3、配置形式：砖、混凝土结构暗配","m",8.1,14.75,119.48,41.96,6.24,0.57]
[22,"030411001014","配管","1、名称：金属软管敷设\n2、规格：DN20\n3、配置形式：砖、混凝土结构明配","m",8.7,20.14,175.22,63.16,9.4]
[23,"030411004007","配线","1、名称：铜芯塑料绝缘电线\n2、类型：照明\n3、规格、型号：WDZB1-BYJ-2.5\n4、配线形式：管内穿线","m",440.76,3.29,1450.1,268.86,39.67]
["本页小计",{"$nulls":6},1745,374,55,1]
[{"$nulls":10},"表—07"]
["分部分项工程量清单与计价表"]
["单位工程(专业)：安装工程-21层安装工程",{"$nulls":9},"第 8 页  共 20 页"]
["序号","项目编码","项目名称","项目特征","计量单位","工程量","综合单价(元)","合价(元)","其中(元)",{"$nulls":3},"备注"]
[{"$nulls":8},"定额人工费","人工费价差","定额机械费","机械费价差"]
[24,"030411004008","配线","1、名称：铜芯塑料绝缘电线\n2、类型：照明\n3、规格、型号：WDZB1-BYJR-2.5\n4、配线形式：管内穿线","m",171.02,3.53,603.7,104.32,15.39]
[25,"030412004017","装饰灯","1、名称：筒灯（含光源）\n2、规格：80mm，9W，4000K，LED\n3、安装方式：吸顶/嵌入式综合考虑\n4、其他：符合设计及规范要求","套",22,112,2464,378.18,55.88]
["本页小计",{"$nulls":6},3068,483,71]
[{"$nulls":10},"表—07"]
["分部分项工程量清单与计价表"]
["单位工程(专业)：安装工程-21层安装工程",{"$nulls":9},"第 9 页  共 20 页"]
["序号","项目编码","项目名称","项目特征","计量单位","工程量","综合单价(元)","合价(元)","其中(元)",{"$nulls":3},"备注"]
[{"$nulls":8},"定额人工费","人工费价差","定额机械费","机械费价差"]
[26,"030412004018","装饰灯","1、名称：LED灯带\n2、规格：7W/m，3000K\n3、安装形式：内藏\n4、附件：分支接头、灯带驱动器等","m",19.48,28.11,547.58,264.54,39.15]
[27,"030412004019","装饰灯","1、名称：线性灯\n2、规格：7w/m，4000K\n3、安装形式：内藏\n4、附件：分支接头、灯带驱动器等","m",13.8,28.11,387.92,187.4,27.74]
[28,"030404031001","小电器","1、名称：换气扇\n2、安装方式：吸顶式\n3、其他：符合设计及规范要求","台",2,176.2,352.4,56.7,8.4]
["本页小计",{"$nulls":6},1288,509,75]
[{"$nulls":10},"表—07"]
["分部分项工程量清单与计价表"]
["单位工程(专业)：安装工程-21层安装工程",{"$nulls":9},"第 10 页  共 20 页"]
["序号","项目编码","项目名称","项目特征","计量单位","工程量","综合单价(元)","合价(元)","其中(元)",{"$nulls":3},"备注"]
[{"$nulls":8},"定额人工费","人工费价差","定额机械费","机械费价差"]
[29,"030404034007","照明开关","1、名称：单联单控开关\n2、类型：跷板暗开关\n3、规格：86型，10A\n4、安装方式：暗装","套",3,14.69,44.07,19.86,2.94]
[30,"030404034008","照明开关","1、名称：双联单控开关\n2、类型：跷板暗开关\n3、规格：86型，10A\n4、安装方式：暗装","套",2,16.8,33.6,13.24,1.96]
[31,"030404034009","照明开关","1、名称：三联单控开关\n2、类型：跷板暗开关\n3、规格：86型，10A\n4、安装方式：暗装","套",3,22.45,67.35,19.86,2.94]
["本页小计",{"$nulls":6},145,53,8]
[{"$nulls":10},"表—07"]
["分部分项工程量清单与计价表"]
["单位工程(专业)：安装工程-21层安装工程",{"$nulls":9},"第 11 页  共 20 页"]
["序号","项目编码","项目名称","项目特征","计量单位","工程量","综合单价(元)","合价(元)","其中(元)",{"$nulls":3},"备注"]
[{"$nulls":8},"定额人工费","人工费价差","定额机械费","机械费价差"]
[32,"030404035004","插座","1、名称：单相五孔插座\n2、规格：86型，10A\n3、安装方式：暗装","套",2,18,36,15.6,2.32]
[33,"030404035005","插座","1、名称：单相防溅五孔插座\n2、规格：86型，10A\n3、安装方式：暗装","套",6,23.27,139.62,46.8,6.96]
[34,"030411006007","接线盒","1、名称：接线盒\n2、材质：钢质\n3、规格：86型\n4、安装形式：暗装","个",11,8.77,96.47,30.58,4.51]
[35,"030411006008","接线盒","1、名称：开关盒、插座盒\n2、材质：钢质\n3、规格：86型\n4、安装形式：暗装","个",4,8.52,34.08,11.72,1.72]
["本页小计",{"$nulls":6},306,105,16]
[{"$nulls":10},"表—07"]
["分部分项工程量清单与计价表"]
["单位工程(专业)：安装工程-21层安装工程",{"$nulls":9},"第 12 页  共 20 页"]
["序号","项目编码","项目名称","项目特征","计量单位","工程量","综合单价(元)","合价(元)","其中(元)",{"$nulls":3},"备注"]
[{"$nulls":8},"定额人工费","人工费价差","定额机械费","机械费价差"]
[36,"030413002004","凿（压）槽","1、名称：混凝土刨沟槽\n2、规格：DN20以下\n3、其他：含沟槽恢复","m",43.45,6.73,292.42,160.77,23.46,3.04]
[37,"030413002005","凿（压）槽","1、名称：混凝土刨沟槽\n2、规格：DN32以下\n3、其他：含沟槽恢复","m",8.1,7.75,62.78,34.43,5.1,0.81]
[null,null,"给排水工程",{"$nulls":4},10098,1970,292,7]
[null,null,"给水工程",{"$nulls":4},2137,848,126,7]
["本页小计",{"$nulls":6},355,195,29,4]
[{"$nulls":10},"表—07"]
["分部分项工程量清单与计价表"]
["单位工程(专业)：安装工程-21层安装工程",{"$nulls":9},"第 13 页  共 20 页"]
["序号","项目编码","项目名称","项目特征","计量单位","工程量","综合单价(元)","合价(元)","其中(元)",{"$nulls":3},"备注"]
[{"$nulls":8},"定额人工费","人工费价差","定额机械费","机械费价差"]
[38,"031001006009","塑料管","1、安装部位：室内\n2、介质：水\n3、材质：PP-R给水管\n4、规格：DN15，PN=1.25\n5、连接形式：热熔\n6、压力试验及吹、洗 设计要求：按设计文件及相关规范要求","m",15.37,15.21,233.78,100.37,14.91,1.69]
[39,"031001006010","塑料管","1、安装部位：室内\n2、介质：水\n3、材质：PP-R给水管\n4、规格：DN20，PN=1.25\n5、连接形式：热熔\n6、压力试验及吹、洗 设计要求：按设计文件及相关规范要求","m",5.5,17.29,95.1,40.15,5.94,0.61]
["本页小计",{"$nulls":6},329,141,21,2]
[{"$nulls":10},"表—07"]
["分部分项工程量清单与计价表"]
["单位工程(专业)：安装工程-21层安装工程",{"$nulls":9},"第 14 页  共 20 页"]
["序号","项目编码","项目名称","项目特征","计量单位","工程量","综合单价(元)","合价(元)","其中(元)",{"$nulls":3},"备注"]
[{"$nulls":8},"定额人工费","人工费价差","定额机械费","机械费价差"]
[40,"031001006011","塑料管","1、安装部位：室内\n2、介质：水\n3、材质：PP-R给水管\n4、规格：DN25，PN=1.25\n5、连接形式：热熔\n6、压力试验及吹、洗 设计要求：按设计文件及相关规范要求","m",10.47,21.59,226.05,84.7,12.46,1.15]
[41,"031001006012","塑料管","1、安装部位：室内\n2、介质：水\n3、材质：PP-R给水管\n4、规格：DN40，PN=1.25\n5、连接形式：热熔\n6、压力试验及吹、洗 设计要求：按设计文件及相关规范要求","m",1.98,37.62,74.49,23.23,3.42,0.22]
["本页小计",{"$nulls":6},301,108,16,1]
[{"$nulls":10},"表—07"]
["分部分项工程量清单与计价表"]
["单位工程(专业)：安装工程-21层安装工程",{"$nulls":9},"第 15 页  共 20 页"]
["序号","项目编码","项目名称","项目特征","计量单位","工程量","综合单价(元)","合价(元)","其中(元)",{"$nulls":3},"备注"]
[{"$nulls":8},"定额人工费","人工费价差","定额机械费","机械费价差"]
[42,"031001006013","塑料管","1、安装部位：室内\n2、介质：水\n3、材质：PP-R给水管\n4、规格：DN50，PN=1.25\n5、连接形式：热熔\n6、压力试验及吹、洗 设计要求：按设计文件及相关规范要求","m",13.84,50.35,696.84,166.63,24.64,2.49]
[43,"031003001002","螺纹阀门","1、类型：闸阀\n2、材质：铜质\n3、规格、压力等级：DN50\n4、连接形式：螺纹","个",1,180.16,180.16,16.74,2.48,0.82,-0.04]
[44,"03B002","暗敷管道补贴","1、名称：暗敷管道补贴\n2、部位：卫生间\n3、规格：12m以上\n4、其他：符合设计及规范要求","间",2,297.54,595.08,405,60]
["本页小计",{"$nulls":6},1472,588,87,3]
[{"$nulls":10},"表—07"]
["分部分项工程量清单与计价表"]
["单位工程(专业)：安装工程-21层安装工程",{"$nulls":9},"第 16 页  共 20 页"]
["序号","项目编码","项目名称","项目特征","计量单位","工程量","综合单价(元)","合价(元)","其中(元)",{"$nulls":3},"备注"]
[{"$nulls":8},"定额人工费","人工费价差","定额机械费","机械费价差"]
[45,"030413003005","打洞（孔）","1、名称：砖墙及砌体墙开孔\n2、规格：DN50\n3、附件：含孔洞修复","个",3,11.8,35.4,11.19,1.65]
[null,null,"排水工程",{"$nulls":4},7961,1122,166]
[46,"031001006014","塑料管","1、安装部位：室内\n2、介质：污废水\n3、材质、规格：PVC-U 110\n4、连接形式：粘接\n5、压力试验及吹、洗 设计要求：按设计文件及相关规范要求","m",19.06,42.38,807.76,232.15,34.31]
["本页小计",{"$nulls":6},843,243,36]
[{"$nulls":10},"表—07"]
["分部分项工程量清单与计价表"]
["单位工程(专业)：安装工程-21层安装工程",{"$nulls":9},"第 17 页  共 20 页"]
["序号","项目编码","项目名称","项目特征","计量单位","工程量","综合单价(元)","合价(元)","其中(元)",{"$nulls":3},"备注"]
[{"$nulls":8},"定额人工费","人工费价差","定额机械费","机械费价差"]
[47,"031001006015","塑料管","1、安装部位：室内\n2、介质：污废水\n3、材质、规格：PVC-U 75\n4、连接形式：粘接\n5、压力试验及吹、洗 设计要求：按设计文件及相关规范要求","m",7.2,28.32,203.9,72.29,10.73]
[48,"031001006016","塑料管","1、安装部位：室内\n2、介质：污废水\n3、材质、规格：PVC-U 50\n4、连接形式：粘接\n5、压力试验及吹、洗 设计要求：按设计文件及相关规范要求","m",31.92,19.8,632.02,263.02,38.94]
["本页小计",{"$nulls":6},836,335,50]
[{"$nulls":10},"表—07"]
["分部分项工程量清单与计价表"]
["单位工程(专业)：安装工程-21层安装工程",{"$nulls":9},"第 18 页  共 20 页"]
["序号","项目编码","项目名称","项目特征","计量单位","工程量","综合单价(元)","合价(元)","其中(元)",{"$nulls":3},"备注"]
[{"$nulls":8},"定额人工费","人工费价差","定额机械费","机械费价差"]
[49,"030413003006","打洞（孔）","1、名称：砖墙及砌体墙开孔\n2、规格：DN50\n3、附件：含孔洞修复","个",1,11.8,11.8,3.73,0.55]
[50,"030413003007","打洞（孔）","1、名称：砖墙及砌体墙开孔\n2、规格：DN80\n3、附件：含孔洞修复","个",3,14.05,42.15,15.54,2.31]
[51,"030413003008","打洞（孔）","1、名称：砖墙及砌体墙开孔\n2、规格：DN100\n3、附件：含孔洞修复","个",2,16.91,33.82,13.6,2.02]
[52,"031004007002","小便器","1、材质：瓷质\n2、规格、类型：壁挂式\n3、组装形式：延时冲洗阀\n4、附件：延时冲洗阀、三角阀、金属软管、五金配件等","组",2,412.69,825.38,39.86,5.9]
["本页小计",{"$nulls":6},913,73,11]
[{"$nulls":10},"表—07"]
["分部分项工程量清单与计价表"]
["单位工程(专业)：安装工程-21层安装工程",{"$nulls":9},"第 19 页  共 20 页"]
["序号","项目编码","项目名称","项目特征","计量单位","工程量","综合单价(元)","合价(元)","其中(元)",{"$nulls":3},"备注"]
[{"$nulls":8},"定额人工费","人工费价差","定额机械费","机械费价差"]
[53,"031004014002","给、排水附（配）件","1、名称：地漏安装\n2、材质：不锈钢\n3、规格：DN50\n4、其他：详见设计及规范","个",3,24.93,74.79,28.47,4.23]
[54,"031004006002","大便器","1、材质：瓷质\n2、规格、类型：蹲式\n3、组装形式：脚踏延时冲洗\n4、附件：脚踏延时冲洗阀、下水、五金配件等","组",4,575.18,2300.72,136.64,20.24]
[55,"031004008002","其他成品卫生器具","1、材质：瓷质\n2、规格、类型：成品拖布池\n3、附件名称、数量：长颈水嘴、五金配件等","套",1,426.93,426.93,23.03,3.41]
["本页小计",{"$nulls":6},2802,188,28]
[{"$nulls":10},"表—07"]
["分部分项工程量清单与计价表"]
["单位工程(专业)：安装工程-21层安装工程",{"$nulls":9},"第 20 页  共 20 页"]
["序号","项目编码","项目名称","项目特征","计量单位","工程量","综合单价(元)","合价(元)","其中(元)",{"$nulls":3},"备注"]
[{"$nulls":8},"定额人工费","人工费价差","定额机械费","机械费价差"]
[56,"031004003002","洗脸盆","1、材质：瓷质\n2、规格、类型：冷热水\n3、组装形式：台下盆\n4、附件：洗脸盆龙头、下水、三角阀、金属软管、五金配件等","组",4,545.7,2182.8,110.92,16.44]
[57,"031002003003","套管","1、类型：止水节\n2、材质：塑料\n3、规格：DN50\n4、填料材质：符合设计及规范要求","个",10,26.65,266.5,128.4,19]
[58,"031002003004","套管","1、类型：止水节\n2、材质：塑料\n3、规格：DN100\n4、填料材质：符合设计及规范要求","个",4,38.08,152.32,54.76,8.12]
[]
[]
["本页小计",{"$nulls":6},2602,294,44]
["合   计",{"$nulls":6},36467,9229,1367,18]
[{"$nulls":10},"表—07"]

{"sheet":"表-08 施工技术措施项目清单与计价表【21层安装工程】","index":14,"n_rows":24,"n_cols":13,"rows_kept":24,"merged":[[0,0,0,12],[1,0,1,7],[1,8,1,9],[1,10,1,12],[2,0,3,0],[2,1,3,1],[2,2,3,2],[2,3,3,3],[2,4,3,4],[2,5,3,5],[2,6,3,6],[2,7,3,7],[2,8,2,11],[2,12,3,12],[21,0,21,6],[22,0,22,6],[23,0,23,7],[23,8,23,9],[23,10,23,12]]}
["施工技术措施项目清单与计价表"]
["单位工程(专业)：安装工程-21层安装工程",{"$nulls":9},"第 1 页  共 1 页"]
["序号","项目编码","项目名称","项目特征","计量单位","工程量","综合单价(元)","合价(元)","其中(元)",{"$nulls":3},"备注"]
[{"$nulls":8},"定额人工费","人工费价差","定额机械费","机械费价差"]
[null,null,"[请输入分部名称]",{"$nulls":4},446,96,14]
[1,"031301017002","脚手架搭拆","脚手架搭拆费第四、十层","项",1,445.6,445.6,96.23,14.25]
{"$rows_empty":15}
["本页小计",{"$nulls":6},446,96,14]
["合   计",{"$nulls":6},446,96,14]
[{"$nulls":10},"表—08"]

{"sheet":"表-09 工程量清单综合单价计算表【21层安装工程】","index":15,"n_rows":218,"n_cols":15,"rows_kept":218,"merged":[[0,0,0,10],[0,11,0,14],[1,0,1,14],[2,0,2,5],[2,6,2,10],[2,11,2,14],[3,0,4,0],[3,1,4,1],[3,2,4,2],[3,3,4,3],[3,4,4,4],[3,5,3,13],[3,14,4,14],[4,6,4,6],[4,7,4,7],[16,0,16,1],[16,3,16,5],[16,6,16,8],[16,9,16,10],[16,11,16,14],[17,0,17,10],[17,11,17,14],[18,0,18,14],[19,0,19,5],[19,6,19,10],[19,11,19,14],[20,0,21,0],[20,1,21,1],[20,2,21,2],[20,3,21,3],[20,4,21,4],[20,5,20,13],[20,14,21,14],[21,6,21,6],[21,7,21,7],[34,0,34,1],[34,3,34,5],[34,6,34,8],[34,9,34,10],[34,11,34,14],[35,0,35,10],[35,11,35,14],[36,0,36,14],[37,0,37,5],[37,6,37,10],[37,11,37,14],[38,0,39,0],[38,1,39,1],[38,2,39,2],[38,3,39,3],[38,4,39,4],[38,5,38,13],[38,14,39,14],[39,6,39,6],[39,7,39,7],[54,0,54,1],[54,3,54,5],[54,6,54,8],[54,9,54,10],[54,11,54,14],[55,0,55,10],[55,11,55,14],[56,0,56,14],[57,0,57,5],[57,6,57,10],[57,11,57,14],[58,0,59,0],[58,1,59,1],[58,2,59,2],[58,3,59,3],[58,4,59,4],[58,5,58,13],[58,14,59,14],[59,6,59,6],[59,7,59,7],[69,0,69,1],[69,3,69,5],[69,6,69,8],[69,9,69,10],[69,11,69,14],[70,0,70,10],[70,11,70,14],[71,0,71,14],[72,0,72,5],[72,6,72,10],[72,11,72,14],[73,0,74,0],[73,1,74,1],[73,2,74,2],[73,3,74,3],[73,4,74,4],[73,5,73,13],[73,14,74,14],[74,6,74,6],[74,7,74,7],[87,0,87,1],[87,3,87,5],[87,6,87,8],[87,9,87,10],[87,11,87,14],[88,0,88,10],[88,11,88,14],[89,0,89,14],[90,0,90,5],[90,6,90,10],[90,11,90,14],[91,0,92,0],[91,1,92,1],[91,2,92,2],[91,3,92,3],[91,4,92,4],[91,5,91,13],[91,14,92,14],[92,6,92,6],[92,7,92,7],[108,0,108,1],[108,3,108,5],[108,6,108,8],[108,9,108,10],[108,11,108,14],[109,0,109,10],[109,11,109,14],[110,0,110,14],[111,0,111,5],[111,6,111,10],[111,11,111,14],[112,0,113,0],[112,1,113,1],[112,2,113,2],[112,3,113,3],[112,4,113,4],[112,5,112,13],[112,14,113,14],[113,6,113,6],[113,7,113,7],[126,0,126,1],[126,3,126,5],[126,6,126,8],[126,9,126,10],[126,11,126,14],[127,0,127,10],[127,11,127,14],[128,0,128,14],[129,0,129,5],[129,6,129,10],[129,11,129,14],[130,0,131,0],[130,1,131,1],[130,2,131,2],[130,3,131,3],[130,4,131,4],[130,5,130,13],[130,14,131,14],[131,6,131,6],[131,7,131,7],[142,0,142,1],[142,3,142,5],[142,6,142,8],[142,9,142,10],[142,11,142,14],[143,0,143,10],[143,11,143,14],[144,0,144,14],[145,0,145,5],[145,6,145,10],[145,11,145,14],[146,0,147,0],[146,1,147,1],[146,2,147,2],[146,3,147,3],[146,4,147,4],[146,5,146,13],[146,14,147,14],[147,6,147,6],[147,7,147,7],[161,0,161,1],[161,3,161,5],[161,6,161,8],[161,9,161,10],[161,11,161,14],[162,0,162,10],[162,11,162,14],[163,0,163,14],[164,0,164,5],[164,6,164,10],[164,11,164,14],[165,0,166,0],[165,1,166,1],[165,2,166,2],[165,3,166,3],[165,4,166,4],[165,5,165,13],[165,14,166,14],[166,6,166,6],[166,7,166,7],[180,0,180,1],[180,3,180,5],[180,6,180,8],[180,9,180,10],[180,11,180,14],[181,0,181,10],[181,11,181,14],[182,0,182,14],[183,0,183,5],[183,6,183,10],[183,11,183,14],[184,0,185,0],[184,1,185,1],[184,2,185,2],[184,3,185,3],[184,4,185,4],[184,5,184,13],[184,14,185,14],[185,6,185,6],[185,7,185,7],[199,0,199,1],[199,3,199,5],[199,6,199,8],[199,9,199,10],[199,11,199,14],[200,0,200,10],[200,11,200,14],[201,0,201,14],[202,0,202,5],[202,6,202,10],[202,11,202,14],[203,0,204,0],[203,1,204,1],[203,2,204,2],[203,3,204,3],[203,4,204,4],[203,5,203,13],[203,14,204,14],[204,6,204,6],[204,7,204,7],[216,0,216,13],[217,0,217,1],[217,3,217,5],[217,6,217,8],[217,9,217,10],[217,11,217,14]]}
[]
["工程量清单综合单价计算表"]
["单位工程(专业)：安装工程-21层安装工程",{"$nulls":10},"第 1 页  共 12 页"]
["序号","项目编号","项目名称","计量单位","数量","综合单价（元）",{"$nulls":8},"合计(元)"]
[{"$nulls":5},"定额人工费","人工费价差","材料费","定额机械费","机械费价差","管理费","利润","风险费用","小计"]
[null,null,"电气工程"]
[null,null,"户内电气"]
[1,"030404019003","控制开关","个",4,7.7,1.14,106.85,null,null,1.67,0.8,null,118.16,473]
[null,"4-4-83","微型空气开关(卡插式)","个",4,7.7,1.14,106.85,null,null,1.67,0.8,null,118.16,473]
[2,"030411001007","配管","m",253.35,6.24,0.93,6,null,null,1.36,0.65,null,15.18,3846]
[null,"4-11-2 换","套接紧定式镀锌钢导管(JDG)敷设 砖、混凝土结构明配 公称直径(mm)20","m",253.35,6.24,0.93,6,null,null,1.36,0.65,null,15.18,3846]
[3,"030411001008","配管","m",37.56,3.77,0.55,5.62,0.05,null,0.83,0.4,null,11.22,421]
[null,"4-11-8 换","套接紧定式镀锌钢导管(JDG)敷设 砖、混凝土结构暗配 公称直径(mm)20","m",37.56,3.77,0.55,5.62,0.05,null,0.83,0.4,null,11.22,421]
[4,"030411001009","配管","m",21.4,7.26,1.08,9.46,null,null,1.58,0.76,null,20.14,431]
[null,"4-11-178","金属软管敷设 内径(mm)≤16每根长≤0.5m","m",21.4,7.26,1.08,9.46,null,null,1.58,0.76,null,20.14,431]
[5,"030411004005","配线","m",740.62,0.61,0.09,2.4,null,null,0.13,0.06,null,3.29,2437]
[{"$nulls":11},"表-09"]
[]
["工程量清单综合单价计算表"]
["单位工程(专业)：安装工程-21层安装工程",{"$nulls":10},"第 2 页  共 12 页"]
["序号","项目编号","项目名称","计量单位","数量","综合单价（元）",{"$nulls":8},"合计(元)"]
[{"$nulls":5},"定额人工费","人工费价差","材料费","定额机械费","机械费价差","管理费","利润","风险费用","小计"]
[null,"4-12-5 换","穿照明线 铜芯导线截面(mm2以内)2.5","m",740.62,0.61,0.09,2.4,null,null,0.13,0.06,null,3.29,2437]
[6,"030411004006","配线","m",274.54,0.61,0.09,2.64,null,null,0.13,0.06,null,3.53,969]
[null,"4-12-5 换","穿照明线 铜芯导线截面(mm2以内)2.5","m",274.54,0.61,0.09,2.64,null,null,0.13,0.06,null,3.53,969]
[7,"030412004012","装饰灯","m",31.76,13.58,2.01,8.16,null,null,2.95,1.41,null,28.11,893]
[null,"4-13-137","天棚荧光灯带","m",31.76,13.58,2.01,8.16,null,null,2.95,1.41,null,28.11,893]
[8,"030412004013","装饰灯","m2",1.2,50.8,7.53,114.52,null,null,11.03,5.28,null,189.16,227]
[null,"4-13-135 换","发光棚荧光灯","m2",1.2,50.8,7.53,114.52,null,null,11.03,5.28,null,189.16,227]
[9,"030412004014","装饰灯","套",15,17.19,2.54,86.75,null,null,3.73,1.79,null,112,1680]
[null,"4-13-163 换","点光源艺术装饰灯具安装 嵌入式筒灯灯具直径φ75","套",15,17.19,2.54,86.75,null,null,3.73,1.79,null,112,1680]
[10,"030412004015","装饰灯","套",18,17.19,2.54,127.15,null,null,3.73,1.79,null,152.4,2743]
[null,"4-13-163 换","点光源艺术装饰灯具安装 嵌入式筒灯灯具直径φ75","套",18,17.19,2.54,127.15,null,null,3.73,1.79,null,152.4,2743]
[11,"030412004016","装饰灯","m",48.39,13.58,2.01,8.16,null,null,2.95,1.41,null,28.11,1360]
[{"$nulls":11},"表-09"]
[]
["工程量清单综合单价计算表"]
["单位工程(专业)：安装工程-21层安装工程",{"$nulls":10},"第 3 页  共 12 页"]
["序号","项目编号","项目名称","计量单位","数量","综合单价（元）",{"$nulls":8},"合计(元)"]
[{"$nulls":5},"定额人工费","人工费价差","材料费","定额机械费","机械费价差","管理费","利润","风险费用","小计"]
[null,"4-13-137","天棚荧光灯带","m",48.39,13.58,2.01,8.16,null,null,2.95,1.41,null,28.11,1360]
[12,"030404034005","照明开关","套",4,6.62,0.98,7.07,null,null,1.44,0.69,null,16.8,67]
[null,"4-13-301 换","跷板暗开关单控≤3联","套",4,6.62,0.98,7.07,null,null,1.44,0.69,null,16.8,67]
[13,"030404034006","照明开关","套",1,6.62,0.98,12.72,null,null,1.44,0.69,null,22.45,22]
[null,"4-13-301 换","跷板暗开关单控≤3联","套",1,6.62,0.98,12.72,null,null,1.44,0.69,null,22.45,22]
[14,"030411006005","接线盒","个",49,2.78,0.41,4.69,null,null,0.6,0.29,null,8.77,430]
[null,"4-11-212 换","暗装接线盒","个",49,2.78,0.41,4.69,null,null,0.6,0.29,null,8.77,430]
[15,"030411006006","接线盒","个",7,2.93,0.43,4.22,null,null,0.64,0.3,null,8.52,60]
[null,"4-11-211 换","开关盒、插座盒安装","个",7,2.93,0.43,4.22,null,null,0.64,0.3,null,8.52,60]
[16,"030413002003","凿（压）槽","m",37.56,3.7,0.54,1.22,0.07,null,0.81,0.39,null,6.73,253]
[null,"13-1-142 换","混凝土刨沟槽 管径(mm以内)20 \u007f二次精装修工程，在原粉刷层上进行砖墙开槽","m",37.56,1.7,0.25,0.15,0.07,null,0.38,0.18,null,2.73,103]
[null,"4-11-217","沟槽恢复配管1-2根","m",37.56,2,0.29,1.07,null,null,0.43,0.21,null,4,150]
[null,null,"电梯厅及卫生间电气工程"]
[17,"03040401900","控制开关","个",7,7.7,1.14,106.85,null,null,1.67,0.8,null,118.16,827]
[{"$nulls":11},"表-09"]
[]
["工程量清单综合单价计算表"]
["单位工程(专业)：安装工程-21层安装工程",{"$nulls":10},"第 4 页  共 12 页"]
["序号","项目编号","项目名称","计量单位","数量","综合单价（元）",{"$nulls":8},"合计(元)"]
[{"$nulls":5},"定额人工费","人工费价差","材料费","定额机械费","机械费价差","管理费","利润","风险费用","小计"]
[null,"4"]
[null,"4-4-83","微型空气开关(卡插式)","个",7,7.7,1.14,106.85,null,null,1.67,0.8,null,118.16,827]
[18,"030411001010","配管","m",98.03,6.24,0.93,6,null,null,1.36,0.65,null,15.18,1488]
[null,"4-11-2 换","套接紧定式镀锌钢导管(JDG)敷设 砖、混凝土结构明配 公称直径(mm)20","m",98.03,6.24,0.93,6,null,null,1.36,0.65,null,15.18,1488]
[19,"030411001011","配管","m",20.86,6.61,0.98,6.98,null,null,1.44,0.69,null,16.7,348]
[null,"4-11-3 换","套接紧定式镀锌钢导管(JDG)敷设 砖、混凝土结构明配 公称直径(mm)25","m",20.86,6.61,0.98,6.98,null,null,1.44,0.69,null,16.7,348]
[20,"030411001012","配管","m",43.45,3.77,0.55,5.62,0.05,null,0.83,0.4,null,11.22,488]
[null,"4-11-8 换","套接紧定式镀锌钢导管(JDG)敷设 砖、混凝土结构暗配 公称直径(mm)20","m",43.45,3.77,0.55,5.62,0.05,null,0.83,0.4,null,11.22,488]
[21,"030411001013","配管","m",8.1,5.18,0.77,7.04,0.07,null,1.14,0.55,null,14.75,119]
[{"$nulls":11},"表-09"]
[]
["工程量清单综合单价计算表"]
["单位工程(专业)：安装工程-21层安装工程",{"$nulls":10},"第 5 页  共 12 页"]
["序号","项目编号","项目名称","计量单位","数量","综合单价（元）",{"$nulls":8},"合计(元)"]
[{"$nulls":5},"定额人工费","人工费价差","材料费","定额机械费","机械费价差","管理费","利润","风险费用","小计"]
[null,"4-11-9 换","套接紧定式镀锌钢导管(JDG)敷设 砖、混凝土结构暗配 公称直径(mm)25","m",8.1,5.18,0.77,7.04,0.07,null,1.14,0.55,null,14.75,119]
[22,"030411001014","配管","m",8.7,7.26,1.08,9.46,null,null,1.58,0.76,null,20.14,175]
[null,"4-11-178","金属软管敷设 内径(mm)≤16每根长≤0.5m","m",8.7,7.26,1.08,9.46,null,null,1.58,0.76,null,20.14,175]
[23,"030411004007","配线","m",440.76,0.61,0.09,2.4,null,null,0.13,0.06,null,3.29,1450]
[null,"4-12-5 换","穿照明线 铜芯导线截面(mm2以内)2.5","m",440.76,0.61,0.09,2.4,null,null,0.13,0.06,null,3.29,1450]
[24,"030411004008","配线","m",171.02,0.61,0.09,2.64,null,null,0.13,0.06,null,3.53,604]
[null,"4-12-5 换","穿照明线 铜芯导线截面(mm2以内)2.5","m",171.02,0.61,0.09,2.64,null,null,0.13,0.06,null,3.53,604]
[25,"030412004017","装饰灯","套",22,17.19,2.54,86.75,null,null,3.73,1.79,null,112,2464]
[null,"4-13-163 换","点光源艺术装饰灯具安装 嵌入式筒灯灯具直径φ75","套",22,17.19,2.54,86.75,null,null,3.73,1.79,null,112,2464]
[26,"030412004018","装饰灯","m",19.48,13.58,2.01,8.16,null,null,2.95,1.41,null,28.11,548]
[null,"4-13-137","天棚荧光灯带","m",19.48,13.58,2.01,8.16,null,null,2.95,1.41,null,28.11,548]
[27,"03041200401","装饰灯","m",13.8,13.58,2.01,8.16,null,null,2.95,1.41,null,28.11,388]
[{"$nulls":11},"表-09"]
[]
["工程量清单综合单价计算表"]
["单位工程(专业)：安装工程-21层安装工程",{"$nulls":10},"第 6 页  共 12 页"]
["序号","项目编号","项目名称","计量单位","数量","综合单价（元）",{"$nulls":8},"合计(元)"]
[{"$nulls":5},"定额人工费","人工费价差","材料费","定额机械费","机械费价差","管理费","利润","风险费用","小计"]
[null,"9"]
[null,"4-13-137","天棚荧光灯带","m",13.8,13.58,2.01,8.16,null,null,2.95,1.41,null,28.11,388]
[28,"030404031001","小电器","台",2,28.35,4.2,134.54,null,null,6.16,2.95,null,176.2,352]
[null,"4-4-138","风扇安装换气扇","台",2,28.35,4.2,134.54,null,null,6.16,2.95,null,176.2,352]
[29,"030404034007","照明开关","套",3,6.62,0.98,4.96,null,null,1.44,0.69,null,14.69,44]
[null,"4-13-301 换","跷板暗开关单控≤3联","套",3,6.62,0.98,4.96,null,null,1.44,0.69,null,14.69,44]
[30,"030404034008","照明开关","套",2,6.62,0.98,7.07,null,null,1.44,0.69,null,16.8,34]
[null,"4-13-301 换","跷板暗开关单控≤3联","套",2,6.62,0.98,7.07,null,null,1.44,0.69,null,16.8,34]
[31,"030404034009","照明开关","套",3,6.62,0.98,12.72,null,null,1.44,0.69,null,22.45,67]
[null,"4-13-301 换","跷板暗开关单控≤3联","套",3,6.62,0.98,12.72,null,null,1.44,0.69,null,22.45,67]
[32,"030404035004","插座","套",2,7.8,1.16,6.54,null,null,1.69,0.81,null,18,36]
[null,"4-13-323 换","单相暗插座电流(A)≤16","套",2,7.8,1.16,6.54,null,null,1.69,0.81,null,18,36]
[33,"030404035005","插座","套",6,7.8,1.16,11.81,null,null,1.69,0.81,null,23.27,140]
[null,"4-13-323 换","单相暗插座电流(A)≤16","套",6,7.8,1.16,11.81,null,null,1.69,0.81,null,23.27,140]
[34,"030411006007","接线盒","个",11,2.78,0.41,4.69,null,null,0.6,0.29,null,8.77,96]
[{"$nulls":11},"表-09"]
[]
["工程量清单综合单价计算表"]
["单位工程(专业)：安装工程-21层安装工程",{"$nulls":10},"第 7 页  共 12 页"]
["序号","项目编号","项目名称","计量单位","数量","综合单价（元）",{"$nulls":8},"合计(元)"]
[{"$nulls":5},"定额人工费","人工费价差","材料费","定额机械费","机械费价差","管理费","利润","风险费用","小计"]
[null,"4-11-212 换","暗装接线盒","个",11,2.78,0.41,4.69,null,null,0.6,0.29,null,8.77,96]
[35,"030411006008","接线盒","个",4,2.93,0.43,4.22,null,null,0.64,0.3,null,8.52,34]
[null,"4-11-211 换","开关盒、插座盒安装","个",4,2.93,0.43,4.22,null,null,0.64,0.3,null,8.52,34]
[36,"030413002004","凿（压）槽","m",43.45,3.7,0.54,1.22,0.07,null,0.81,0.39,null,6.73,292]
[null,"13-1-142 换","混凝土刨沟槽 管径(mm以内)20 \u007f二次精装修工程，在原粉刷层上进行砖墙开槽","m",43.45,1.7,0.25,0.15,0.07,null,0.38,0.18,null,2.73,119]
[null,"4-11-217","沟槽恢复配管1-2根","m",43.45,2,0.29,1.07,null,null,0.43,0.21,null,4,174]
[37,"030413002005","凿（压）槽","m",8.1,4.25,0.63,1.38,0.1,null,0.94,0.45,null,7.75,63]
[null,"13-1-143 换","混凝土刨沟槽 管径(mm以内)32 \u007f二次精装修工程，在原粉刷层上进行砖墙开槽","m",8.1,2.25,0.34,0.31,0.1,null,0.51,0.24,null,3.75,30]
[null,"4-11-217","沟槽恢复配管1-2根","m",8.1,2,0.29,1.07,null,null,0.43,0.21,null,4,32]
[null,null,"给排水工程"]
[null,null,"给水工程"]
[38,"031001006009","塑料管","m",15.37,6.53,0.97,5.47,0.11,null,1.44,0.69,null,15.21,234]
[{"$nulls":11},"表-09"]
[]
["工程量清单综合单价计算表"]
["单位工程(专业)：安装工程-21层安装工程",{"$nulls":10},"第 8 页  共 12 页"]
["序号","项目编号","项目名称","计量单位","数量","综合单价（元）",{"$nulls":8},"合计(元)"]
[{"$nulls":5},"定额人工费","人工费价差","材料费","定额机械费","机械费价差","管理费","利润","风险费用","小计"]
[null,"10-1-229 换","室内塑料给水管(热熔连接) 公称直径(mm以内)15","m",15.37,6.22,0.93,5.24,0.11,null,1.37,0.66,null,14.53,223]
[null,"10-8-31","管道消毒、冲洗 公称直径(mm以内)50","m",15.37,0.31,0.04,0.23,null,null,0.07,0.03,null,0.68,10]
[39,"031001006010","塑料管","m",5.5,7.3,1.08,6.42,0.11,null,1.61,0.77,null,17.29,95]
[null,"10-1-230 换","室内塑料给水管(热熔连接) 公称直径(mm以内)20","m",5.5,6.99,1.04,6.19,0.11,null,1.54,0.74,null,16.61,91]
[null,"10-8-31","管道消毒、冲洗 公称直径(mm以内)50","m",5.5,0.31,0.04,0.23,null,null,0.07,0.03,null,0.68,4]
[40,"031001006011","塑料管","m",10.47,8.09,1.19,9.57,0.11,null,1.78,0.85,null,21.59,226]
[null,"10-1-231 换","室内塑料给水管(热熔连接) 公称直径(mm以内)25","m",10.47,7.78,1.15,9.34,0.11,null,1.71,0.82,null,20.91,219]
[null,"10-8-31","管道消毒、冲洗 公称直径(mm以内)50","m",10.47,0.31,0.04,0.23,null,null,0.07,0.03,null,0.68,7]
[41,"031001006012","塑料管","m",1.98,11.73,1.73,20.25,0.11,null,2.57,1.23,null,37.62,74]
[null,"10-1-233 换","室内塑料给水管(热熔连接) 公称直径(mm以内)40","m",1.98,11.42,1.69,20.02,0.11,null,2.5,1.2,null,36.94,73]
[{"$nulls":11},"表-09"]
[]
["工程量清单综合单价计算表"]
["单位工程(专业)：安装工程-21层安装工程",{"$nulls":10},"第 9 页  共 12 页"]
["序号","项目编号","项目名称","计量单位","数量","综合单价（元）",{"$nulls":8},"合计(元)"]
[{"$nulls":5},"定额人工费","人工费价差","材料费","定额机械费","机械费价差","管理费","利润","风险费用","小计"]
[null,"10-8-31","管道消毒、冲洗 公称直径(mm以内)50","m",1.98,0.31,0.04,0.23,null,null,0.07,0.03,null,0.68,1]
[42,"031001006013","塑料管","m",13.84,12.04,1.78,32.42,0.18,null,2.66,1.27,null,50.35,697]
[null,"10-1-234 换","室内塑料给水管(热熔连接) 公称直径(mm以内)50","m",13.84,11.73,1.74,32.19,0.18,null,2.59,1.24,null,49.67,687]
[null,"10-8-31","管道消毒、冲洗 公称直径(mm以内)50","m",13.84,0.31,0.04,0.23,null,null,0.07,0.03,null,0.68,9]
[43,"031003001002","螺纹阀门","个",1,16.74,2.48,154.52,0.82,-0.04,3.81,1.83,null,180.16,180]
[null,"10-2-6","螺纹阀门安装 公称直径(mm以内)50","个",1,16.74,2.48,154.52,0.82,-0.04,3.81,1.83,null,180.16,180]
[44,"03B002","暗敷管道补贴","间",2,202.5,30,{"$nulls":3},43.98,21.06,null,297.54,595]
[null,"BC10-2","卫生间 内周长在12m以上 暗敷管道补贴","间",2,202.5,30,{"$nulls":3},43.98,21.06,null,297.54,595]
[45,"030413003005","打洞（孔）","个",3,3.73,0.55,6.32,null,null,0.81,0.39,null,11.8,35]
[null,"13-1-132 换","混凝土楼板钻孔 钻孔直径(mm以内)63 \u007f砖墙及砌体墙钻孔","个",3,3.73,0.55,1.32,null,null,0.81,0.39,null,6.8,20]
[null,"补","孔洞修复","个",3,null,null,5,{"$nulls":5},5,15]
[null,null,"排水工程"]
[46,"03100100601","塑料管","m",19.06,12.18,1.8,24.48,null,null,2.65,1.27,null,42.38,808]
[{"$nulls":11},"表-09"]
[]
["工程量清单综合单价计算表"]
["单位工程(专业)：安装工程-21层安装工程",{"$nulls":10},"第 10 页  共 12 页"]
["序号","项目编号","项目名称","计量单位","数量","综合单价（元）",{"$nulls":8},"合计(元)"]
[{"$nulls":5},"定额人工费","人工费价差","材料费","定额机械费","机械费价差","管理费","利润","风险费用","小计"]
[null,"4"]
[null,"10-1-278 换","室内塑料排水管(粘接) 公称直径(mm以内)100","m",19.06,12.18,1.8,24.48,null,null,2.65,1.27,null,42.38,808]
[47,"031001006015","塑料管","m",7.2,10.04,1.49,13.57,null,null,2.18,1.04,null,28.32,204]
[null,"10-1-277 换","室内塑料排水管(粘接) 公称直径(mm以内)75","m",7.2,10.04,1.49,13.57,null,null,2.18,1.04,null,28.32,204]
[48,"031001006016","塑料管","m",31.92,8.24,1.22,7.69,null,null,1.79,0.86,null,19.8,632]
[null,"10-1-276 换","室内塑料排水管(粘接) 公称直径(mm以内)50","m",31.92,8.24,1.22,7.69,null,null,1.79,0.86,null,19.8,632]
[49,"030413003006","打洞（孔）","个",1,3.73,0.55,6.32,null,null,0.81,0.39,null,11.8,12]
[null,"13-1-132 换","混凝土楼板钻孔 钻孔直径(mm以内)63 \u007f砖墙及砌体墙钻孔","个",1,3.73,0.55,1.32,null,null,0.81,0.39,null,6.8,7]
[null,"补","孔洞修复","个",1,null,null,5,{"$nulls":5},5,5]
[50,"030413003007","打洞（孔）","个",3,5.18,0.77,6.43,null,null,1.13,0.54,null,14.05,42]
[null,"13-1-133 换","混凝土楼板钻孔 钻孔直径(mm以内)83 \u007f砖墙及砌体墙钻孔","个",3,5.18,0.77,1.43,null,null,1.13,0.54,null,9.05,27]
[null,"补","孔洞修复","个",3,null,null,5,{"$nulls":5},5,15]
[51,"03041300300","打洞（孔）","个",2,6.8,1.01,6.91,null,null,1.48,0.71,null,16.91,34]
[{"$nulls":11},"表-09"]
[]
["工程量清单综合单价计算表"]
["单位工程(专业)：安装工程-21层安装工程",{"$nulls":10},"第 11 页  共 12 页"]
["序号","项目编号","项目名称","计量单位","数量","综合单价（元）",{"$nulls":8},"合计(元)"]
[{"$nulls":5},"定额人工费","人工费价差","材料费","定额机械费","机械费价差","管理费","利润","风险费用","小计"]
[null,"8"]
[null,"13-1-134 换","混凝土楼板钻孔 钻孔直径(mm以内)108 \u007f砖墙及砌体墙钻孔","个",2,6.8,1.01,1.91,null,null,1.48,0.71,null,11.91,24]
[null,"补","孔洞修复","个",2,null,null,5,{"$nulls":5},5,10]
[52,"031004007002","小便器","组",2,19.93,2.95,383.41,null,null,4.33,2.07,null,412.69,825]
[null,"10-3-37 换","壁挂式小便器安装 手动开关","套",2,19.93,2.95,383.41,null,null,4.33,2.07,null,412.69,825]
[53,"031004014002","给、排水附（配）件","个",3,9.49,1.41,10.98,null,null,2.06,0.99,null,24.93,75]
[null,"10-3-79 换","地漏安装 公称直径(mm以内)50","个",3,9.49,1.41,10.98,null,null,2.06,0.99,null,24.93,75]
[54,"031004006002","大便器","组",4,34.16,5.06,524.99,null,null,7.42,3.55,null,575.18,2301]
[null,"10-3-32 换","蹲式大便器安装 脚踏开关","组",4,34.16,5.06,524.99,null,null,7.42,3.55,null,575.18,2301]
[55,"031004008002","其他成品卫生器具","套",1,23.03,3.41,393.09,null,null,5,2.4,null,426.93,427]
[null,"10-3-41 换","拖布池安装","套",1,23.03,3.41,393.09,null,null,5,2.4,null,426.93,427]
[56,"031004003002","洗脸盆","组",4,27.73,4.11,504.96,null,null,6.02,2.88,null,545.7,2183]
[null,"10-3-17 换","洗脸盆 台下式冷热水 \u007f台式洗脸盆(冷水)安装","组",4,27.73,4.11,504.96,null,null,6.02,2.88,null,545.7,2183]
[{"$nulls":11},"表-09"]
[]
["工程量清单综合单价计算表"]
["单位工程(专业)：安装工程-21层安装工程",{"$nulls":10},"第 12 页  共 12 页"]
["序号","项目编号","项目名称","计量单位","数量","综合单价（元）",{"$nulls":8},"合计(元)"]
[{"$nulls":5},"定额人工费","人工费价差","材料费","定额机械费","机械费价差","管理费","利润","风险费用","小计"]
[57,"031002003003","套管","个",10,12.84,1.9,7.78,null,null,2.79,1.34,null,26.65,267]
[null,"13-1-95 换","刚性防水套管安装 公称直径(mm以内)50 \u007f给排水、采暖、燃气工程中穿楼板的管道要安装刚性防水套管，主材费另计","个",10,12.84,1.9,7.78,null,null,2.79,1.34,null,26.65,267]
[58,"031002003004","套管","个",4,13.69,2.03,17.97,null,null,2.97,1.42,null,38.08,152]
[null,"13-1-96 换","刚性防水套管安装 公称直径(mm以内)100 \u007f给排水、采暖、燃气工程中穿楼板的管道要安装刚性防水套管，主材费另计","个",4,13.69,2.03,17.97,null,null,2.97,1.42,null,38.08,152]
{"$rows_empty":7}
["合   计：",{"$nulls":13},36467]
[{"$nulls":11},"表-09"]

{"sheet":"表-09 措施项目清单综合单价计算表【21层安装工程】","index":16,"n_rows":25,"n_cols":15,"rows_kept":25,"merged":[[0,0,0,9],[0,10,0,14],[1,0,1,14],[2,0,2,9],[2,10,2,14],[3,0,4,0],[3,1,4,1],[3,2,4,2],[3,3,4,3],[3,4,4,4],[3,5,3,13],[3,14,4,14],[4,6,4,6],[4,7,4,7],[23,0,23,13],[24,0,24,1],[24,3,24,5],[24,6,24,7],[24,8,24,9],[24,10,24,14]]}
[]
["措施项目清单综合单价计算表"]
["单位工程(专业)：安装工程-21层安装工程",{"$nulls":9},"第 1 页  共 1 页"]
["序号","项目编号","项目名称","计量单位","数量","综合单价（元）",{"$nulls":8},"合计(元)"]
[{"$nulls":5},"定额人工费","人工费价差","材料费","定额机械费","机械费价差","管理费","利润","风险费用","小计"]
[null,null,"[请输入分部名称]"]
[1,"031301017002","脚手架搭拆","项",1,96.23,14.25,304.3,null,null,20.77,10.05,null,445.6,446]
[null,"13-2-10","脚手架搭拆费第十册","工日",14.187659,1.69,0.25,5.34,null,null,0.37,0.18,null,7.83,111]
[null,"13-2-4","脚手架搭拆费第四册","工日",53.522099,1.35,0.2,4.27,null,null,0.29,0.14,null,6.25,335]
{"$rows_empty":14}
["合   计：",{"$nulls":13},446]
[{"$nulls":10},"表-09"]

{"sheet":"表-02 专业工程招标控制价计算程序表【22层安装工程】","index":17,"n_rows":45,"n_cols":4,"rows_kept":45,"merged":[[0,0,0,3],[1,0,1,3],[2,0,2,2],[2,3,2,3],[44,0,44,1]]}
[]
["专业工程招标控制价计算程序表"]
["单位工程（专业）：安装工程-22层安装工程"]
["序号","汇 总 内 容","费用计算表达式","金额（元）"]
["一","分部分项工程费","表-07",39043.72]
["1","其中：定额人工费","表-07",9961.69]
["2","其中：人工价差","表-07",1474.98]
["3","其中：定额机械费","表-07",19.41]
["4","其中：机械费价差","表-07",-0.04]
["二","措施项目费","5+6",1205.63]
["5","施工技术措施项目费","表-08",479.53]
["5.1","其中：定额人工费","表-08",103.56]
["5.2","其中：人工价差","表-08",15.34]
["5.3","其中：定额机械费","表-08"]
["5.4","其中：机械费价差","表-08"]
["6","施工组织措施项目费","6.1+6.2+6.3+6.4+6.5+6.6",726.1]
["6.1","安全文明施工基本费","（1+3+5.1+5.3）×费率6.81%",686.77]
["6.2","提前竣工增加费","（1+3+5.1+5.3）×费率"]
["6.3","二次搬运费","（1+3+5.1+5.3）×费率0.26%",26.22]
["6.4","冬雨季施工增加费","（1+3+5.1+5.3）×费率0.13%",13.11]
["6.5","行车、行人干扰增加费","（1+3+5.1+5.3）×费率"]
["6.6","其他施工组织措施费","计价时列岀具体费用名称"]
["三","其他项目","表-11"]
["四","规费","（1+3+5.1+5.3）×费率30.63%",3088.93]
["五","税前工程造价","一+二+三+四",43338.28]
["六","税金","五×税率9%",3900.45]
{"$rows_empty":18}
["专业工程招标控制价",null,"一+二+三+四+六","47,238.73"]

{"sheet":"表-07 分部分项工程量清单与计价表【22层安装工程】","index":18,"n_rows":188,"n_cols":13,"rows_kept":188,"merged":[[0,0,0,12],[1,0,1,6],[1,7,1,9],[1,10,1,12],[2,0,3,0],[2,1,3,1],[2,2,3,2],[2,3,3,3],[2,4,3,4],[2,5,3,5],[2,6,3,6],[2,7,3,7],[2,8,2,11],[2,12,3,12],[10,0,10,6],[11,0,11,6],[11,7,11,9],[11,10,11,12],[12,0,12,12],[13,0,13,6],[13,7,13,9],[13,10,13,12],[14,0,15,0],[14,1,15,1],[14,2,15,2],[14,3,15,3],[14,4,15,4],[14,5,15,5],[14,6,15,6],[14,7,15,7],[14,8,14,11],[14,12,15,12],[19,0,19,6],[20,0,20,6],[20,7,20,9],[20,10,20,12],[21,0,21,12],[22,0,22,6],[22,7,22,9],[22,10,22,12],[23,0,24,0],[23,1,24,1],[23,2,24,2],[23,3,24,3],[23,4,24,4],[23,5,24,5],[23,6,24,6],[23,7,24,7],[23,8,23,11],[23,12,24,12],[27,0,27,6],[28,0,28,6],[28,7,28,9],[28,10,28,12],[29,0,29,12],[30,0,30,6],[30,7,30,9],[30,10,30,12],[31,0,32,0],[31,1,32,1],[31,2,32,2],[31,3,32,3],[31,4,32,4],[31,5,32,5],[31,6,32,6],[31,7,32,7],[31,8,31,11],[31,12,32,12],[36,0,36,6],[37,0,37,6],[37,7,37,9],[37,10,37,12],[38,0,38,12],[39,0,39,6],[39,7,39,9],[39,10,39,12],[40,0,41,0],[40,1,41,1],[40,2,41,2],[40,3,41,3],[40,4,41,4],[40,5,41,5],[40,6,41,6],[40,7,41,7],[40,8,40,11],[40,12,41,12],[46,0,46,6],[47,0,47,6],[47,7,47,9],[47,10,47,12],[48,0,48,12],[49,0,49,6],[49,7,49,9],[49,10,49,12],[50,0,51,0],[50,1,51,1],[50,2,51,2],[50,3,51,3],[50,4,51,4],[50,5,51,5],[50,6,51,6],[50,7,51,7],[50,8,50,11],[50,12,51,12],[57,0,57,6],[58,0,58,6],[58,7,58,9],[58,10,58,12],[59,0,59,12],[60,0,60,6],[60,7,60,9],[60,10,60,12],[61,0,62,0],[61,1,62,1],[61,2,62,2],[61,3,62,3],[61,4,62,4],[61,5,62,5],[61,6,62,6],[61,7,62,7],[61,8,61,11],[61,12,62,12],[67,0,67,6],[68,0,68,6],[68,7,68,9],[68,10,68,12],[69,0,69,12],[70,0,70,6],[70,7,70,9],[70,10,70,12],[71,0,72,0],[71,1,72,1],[71,2,72,2],[71,3,72,3],[71,4,72,4],[71,5,72,5],[71,6,72,6],[71,7,72,7],[71,8,71,11],[71,12,72,12],[75,0,75,6],[76,0,76,6],[76,7,76,9],[76,10,76,12],[77,0,77,12],[78,0,78,6],[78,7,78,9],[78,10,78,12],[79,0,80,0],[79,1,80,1],[79,2,80,2],[79,3,80,3],[79,4,80,4],[79,5,80,5],[79,6,80,6],[79,7,80,7],[79,8,79,11],[79,12,80,12],[84,0,84,6],[85,0,85,6],[85,7,85,9],[85,10,85,12],[86,0,86,12],[87,0,87,6],[87,7,87,9],[87,10,87,12],[88,0,89,0],[88,1,89,1],[88,2,89,2],[88,3,89,3],[88,4,89,4],[88,5,89,5],[88,6,89,6],[88,7,89,7],[88,8,88,11],[88,12,89,12],[93,0,93,6],[94,0,94,6],[94,7,94,9],[94,10,94,12],[95,0,95,12],[96,0,96,6],[96,7,96,9],[96,10,96,12],[97,0,98,0],[97,1,98,1],[97,2,98,2],[97,3,98,3],[97,4,98,4],[97,5,98,5],[97,6,98,6],[97,7,98,7],[97,8,97,11],[97,12,98,12],[103,0,103,6],[104,0,104,6],[104,7,104,9],[104,10,104,12],[105,0,105,12],[106,0,106,6],[106,7,106,9],[106,10,106,12],[107,0,108,0],[107,1,108,1],[107,2,108,2],[107,3,108,3],[107,4,108,4],[107,5,108,5],[107,6,108,6],[107,7,108,7],[107,8,107,11],[107,12,108,12],[113,0,113,6],[114,0,114,6],[114,7,114,9],[114,10,114,12],[115,0,115,12],[116,0,116,6],[116,7,116,9],[116,10,116,12],[117,0,118,0],[117,1,118,1],[117,2,118,2],[117,3,118,3],[117,4,118,4],[117,5,118,5],[117,6,118,6],[117,7,118,7],[117,8,117,11],[117,12,118,12],[121,0,121,6],[122,0,122,6],[122,7,122,9],[122,10,122,12],[123,0,123,12],[124,0,124,6],[124,7,124,9],[124,10,124,12],[125,0,126,0],[125,1,126,1],[125,2,126,2],[125,3,126,3],[125,4,126,4],[125,5,126,5],[125,6,126,6],[125,7,126,7],[125,8,125,11],[125,12,126,12],[129,0,129,6],[130,0,130,6],[130,7,130,9],[130,10,130,12],[131,0,131,12],[132,0,132,6],[132,7,132,9],[132,10,132,12],[133,0,134,0],[133,1,134,1],[133,2,134,2],[133,3,134,3],[133,4,134,4],[133,5,134,5],[133,6,134,6],[133,7,134,7],[133,8,133,11],[133,12,134,12],[138,0,138,6],[139,0,139,6],[139,7,139,9],[139,10,139,12],[140,0,140,12],[141,0,141,6],[141,7,141,9],[141,10,141,12],[142,0,143,0],[142,1,143,1],[142,2,143,2],[142,3,143,3],[142,4,143,4],[142,5,143,5],[142,6,143,6],[142,7,143,7],[142,8,142,11],[142,12,143,12],[147,0,147,6],[148,0,148,6],[148,7,148,9],[148,10,148,12],[149,0,149,12],[150,0,150,6],[150,7,150,9],[150,10,150,12],[151,0,152,0],[151,1,152,1],[151,2,152,2],[151,3,152,3],[151,4,152,4],[151,5,152,5],[151,6,152,6],[151,7,152,7],[151,8,151,11],[151,12,152,12],[155,0,155,6],[156,0,156,6],[156,7,156,9],[156,10,156,12],[157,0,157,12],[158,0,158,6],[158,7,158,9],[158,10,158,12],[159,0,160,0],[159,1,160,1],[159,2,160,2],[159,3,160,3],[159,4,160,4],[159,5,160,5],[159,6,160,6],[159,7,160,7],[159,8,159,11],[159,12,160,12],[165,0,165,6],[166,0,166,6],[166,7,166,9],[166,10,166,12],[167,0,167,12],[168,0,168,6],[168,7,168,9],[168,10,168,12],[169,0,170,0],[169,1,170,1],[169,2,170,2],[169,3,170,3],[169,4,170,4],[169,5,170,5],[169,6,170,6],[169,7,170,7],[169,8,169,11],[169,12,170,12],[174,0,174,6],[175,0,175,6],[175,7,175,9],[175,10,175,12],[176,0,176,12],[177,0,177,6],[177,7,177,9],[177,10,177,12],[178,0,179,0],[178,1,179,1],[178,2,179,2],[178,3,179,3],[178,4,179,4],[178,5,179,5],[178,6,179,6],[178,7,179,7],[178,8,178,11],[178,12,179,12],[185,0,185,6],[186,0,186,6],[187,0,187,6],[187,7,187,9],[187,10,187,12]]}
["分部分项工程量清单与计价表"]
["单位工程(专业)：安装工程-22层安装工程",{"$nulls":9},"第 1 页  共 20 页"]
["序号","项目编码","项目名称","项目特征","计量单位","工程量","综合单价(元)","合价(元)","其中(元)",{"$nulls":3},"备注"]
[{"$nulls":8},"定额人工费","人工费价差","定额机械费","机械费价差"]
[null,null,"电气工程",{"$nulls":4},28946,7991,1183,12]
[null,null,"户内电气",{"$nulls":4},18888,5306,786,6]
[1,"030404019005","控制开关","1、名称：配电箱断路器\n2、规格：CH2L-C16A/1P+N\n3、其他：符合设计及规范要求","个",4,118.16,472.64,30.8,4.56]
[2,"030411001015","配管","1、名称：薄壁镀锌钢管\n2、规格：JDG20\n3、配置形式：砖、混凝土结构明配","m",275.07,15.18,4175.56,1716.44,255.81]
[3,"030411001016","配管","1、名称：薄壁镀锌钢管 \n2、规格：JDG20\n3、配置形式：砖、混凝土结构暗配","m",48.69,11.22,546.3,183.56,26.78,2.43]
[4,"030411001017","配管","1、名称：金属软管敷设\n2、规格：DN20\n3、配置形式：砖、混凝土结构明配","m",28,20.14,563.92,203.28,30.24]
["本页小计",{"$nulls":6},5758,2134,317,2]
[{"$nulls":10},"表—07"]
["分部分项工程量清单与计价表"]
["单位工程(专业)：安装工程-22层安装工程",{"$nulls":9},"第 2 页  共 20 页"]
["序号","项目编码","项目名称","项目特征","计量单位","工程量","综合单价(元)","合价(元)","其中(元)",{"$nulls":3},"备注"]
[{"$nulls":8},"定额人工费","人工费价差","定额机械费","机械费价差"]
[5,"030411004009","配线","1、名称：铜芯塑料绝缘电线\n2、类型：照明\n3、规格、型号：WDZB1-BYJ-2.5\n4、配线形式：管内穿线","m",842.72,3.29,2772.55,514.06,75.84]
[6,"030411004010","配线","1、名称：铜芯塑料绝缘电线\n2、类型：照明\n3、规格、型号：WDZB1-BYJR-2.5\n4、配线形式：管内穿线","m",313.34,3.53,1106.09,191.14,28.2]
[7,"030412004020","装饰灯","1、名称：LED灯带\n2、规格：7W/m，3000K\n3、安装形式：内藏\n4、附件：分支接头、灯带驱动器等","m",31.76,28.11,892.77,431.3,63.84]
["本页小计",{"$nulls":6},4771,1137,168]
[{"$nulls":10},"表—07"]
["分部分项工程量清单与计价表"]
["单位工程(专业)：安装工程-22层安装工程",{"$nulls":9},"第 3 页  共 20 页"]
["序号","项目编码","项目名称","项目特征","计量单位","工程量","综合单价(元)","合价(元)","其中(元)",{"$nulls":3},"备注"]
[{"$nulls":8},"定额人工费","人工费价差","定额机械费","机械费价差"]
[8,"030412004021","装饰灯","1、名称：软膜灯\n2、规格：12W/m2，6000K\n3、安装方式：嵌入式\n4、其他：符合设计及规范要求","m2",6.88,189.16,1301.42,349.5,51.81]
[9,"030412004022","装饰灯","1、名称：筒灯（含光源）\n2、规格：80mm，9W，4000K，LED\n3、安装方式：吸顶/嵌入式综合考虑\n4、其他：符合设计及规范要求","套",20,112,2240,343.8,50.8]
["本页小计",{"$nulls":6},3541,693,103]
[{"$nulls":10},"表—07"]
["分部分项工程量清单与计价表"]
["单位工程(专业)：安装工程-22层安装工程",{"$nulls":9},"第 4 页  共 20 页"]
["序号","项目编码","项目名称","项目特征","计量单位","工程量","综合单价(元)","合价(元)","其中(元)",{"$nulls":3},"备注"]
[{"$nulls":8},"定额人工费","人工费价差","定额机械费","机械费价差"]
[10,"030412004023","装饰灯","1、名称：感应筒灯（含光源）\n2、规格：80mm，9W，4000K，LED\n3、安装方式：吸顶/嵌入式综合考虑\n4、其他：符合设计及规范要求","套",16,152.4,2438.4,275.04,40.64]
[11,"030412004024","装饰灯","1、名称：线性灯\n2、规格：7w/m，4000K\n3、安装形式：内藏\n4、附件：分支接头、灯带驱动器等","m",48.37,28.11,1359.68,656.86,97.23]
[12,"030404034010","照明开关","1、名称：双联单控开关\n2、类型：跷板暗开关\n3、规格：86型，10A\n4、安装方式：暗装","套",3,16.8,50.4,19.86,2.94]
["本页小计",{"$nulls":6},3848,952,141]
[{"$nulls":10},"表—07"]
["分部分项工程量清单与计价表"]
["单位工程(专业)：安装工程-22层安装工程",{"$nulls":9},"第 5 页  共 20 页"]
["序号","项目编码","项目名称","项目特征","计量单位","工程量","综合单价(元)","合价(元)","其中(元)",{"$nulls":3},"备注"]
[{"$nulls":8},"定额人工费","人工费价差","定额机械费","机械费价差"]
[13,"030404034011","照明开关","1、名称：三联单控开关\n2、类型：跷板暗开关\n3、规格：86型，10A\n4、安装方式：暗装","套",2,22.45,44.9,13.24,1.96]
[14,"030404035006","插座","1、名称：单相五孔插座\n2、规格：86型，10A\n3、安装方式：暗装","套",3,18,54,23.4,3.48]
[15,"030411006009","接线盒","1、名称：接线盒\n2、材质：钢质\n3、规格：86型\n4、安装形式：暗装","个",54,8.77,473.58,150.12,22.14]
[16,"030411006010","接线盒","1、名称：开关盒、插座盒\n2、材质：钢质\n3、规格：86型\n4、安装形式：暗装","个",8,8.52,68.16,23.44,3.44]
["本页小计",{"$nulls":6},641,210,31]
[{"$nulls":10},"表—07"]
["分部分项工程量清单与计价表"]
["单位工程(专业)：安装工程-22层安装工程",{"$nulls":9},"第 6 页  共 20 页"]
["序号","项目编码","项目名称","项目特征","计量单位","工程量","综合单价(元)","合价(元)","其中(元)",{"$nulls":3},"备注"]
[{"$nulls":8},"定额人工费","人工费价差","定额机械费","机械费价差"]
[17,"030413002006","凿（压）槽","1、名称：混凝土刨沟槽\n2、规格：DN20\n3、其他：含沟槽恢复","m",48.69,6.73,327.68,180.15,26.3,3.41]
[null,null,"电梯厅及卫生间电气工程",{"$nulls":4},10058,2685,397,7]
[18,"030404019006","控制开关","1、名称：配电箱断路器\n2、规格：CH2L-C16A/1P+N\n3、其他：符合设计及规范要求","个",7,118.16,827.12,53.9,7.98]
[19,"030411001018","配管","1、名称：薄壁镀锌钢管\n2、规格：JDG20\n3、配置形式：砖、混凝土结构明配","m",98.03,15.18,1488.1,611.71,91.17]
[20,"030411001019","配管","1、名称：薄壁镀锌钢管\n2、规格：JDG25\n3、配置形式：砖、混凝土结构明配","m",20.86,16.7,348.36,137.88,20.45]
["本页小计",{"$nulls":6},2991,984,146,3]
[{"$nulls":10},"表—07"]
["分部分项工程量清单与计价表"]
["单位工程(专业)：安装工程-22层安装工程",{"$nulls":9},"第 7 页  共 20 页"]
["序号","项目编码","项目名称","项目特征","计量单位","工程量","综合单价(元)","合价(元)","其中(元)",{"$nulls":3},"备注"]
[{"$nulls":8},"定额人工费","人工费价差","定额机械费","机械费价差"]
[21,"030411001020","配管","1、名称：薄壁镀锌钢管 \n2、规格：JDG20\n3、配置形式：砖、混凝土结构暗配","m",43.45,11.22,487.51,163.81,23.89,2.17]
[22,"030411001021","配管","1、名称：薄壁镀锌钢管 \n2、规格：JDG20\n3、配置形式：砖、混凝土结构暗配","m",8.1,14.75,119.48,41.96,6.24,0.57]
[23,"030411001022","配管","1、名称：金属软管敷设\n2、规格：DN20\n3、配置形式：砖、混凝土结构明配","m",8.7,20.14,175.22,63.16,9.4]
[24,"030411004011","配线","1、名称：铜芯塑料绝缘电线\n2、类型：照明\n3、规格、型号：WDZB1-BYJ-2.5\n4、配线形式：管内穿线","m",440.76,3.29,1450.1,268.86,39.67]
["本页小计",{"$nulls":6},2232,538,79,3]
[{"$nulls":10},"表—07"]
["分部分项工程量清单与计价表"]
["单位工程(专业)：安装工程-22层安装工程",{"$nulls":9},"第 8 页  共 20 页"]
["序号","项目编码","项目名称","项目特征","计量单位","工程量","综合单价(元)","合价(元)","其中(元)",{"$nulls":3},"备注"]
[{"$nulls":8},"定额人工费","人工费价差","定额机械费","机械费价差"]
[25,"030411004012","配线","1、名称：铜芯塑料绝缘电线\n2、类型：照明\n3、规格、型号：WDZB1-BYJR-2.5\n4、配线形式：管内穿线","m",171.02,3.53,603.7,104.32,15.39]
[26,"030412004025","装饰灯","1、名称：筒灯（含光源）\n2、规格：80mm，9W，4000K，LED\n3、安装方式：吸顶/嵌入式综合考虑\n4、其他：符合设计及规范要求","套",22,112,2464,378.18,55.88]
["本页小计",{"$nulls":6},3068,483,71]
[{"$nulls":10},"表—07"]
["分部分项工程量清单与计价表"]
["单位工程(专业)：安装工程-22层安装工程",{"$nulls":9},"第 9 页  共 20 页"]
["序号","项目编码","项目名称","项目特征","计量单位","工程量","综合单价(元)","合价(元)","其中(元)",{"$nulls":3},"备注"]
[{"$nulls":8},"定额人工费","人工费价差","定额机械费","机械费价差"]
[27,"030412004026","装饰灯","1、名称：LED灯带\n2、规格：7W/m，3000K\n3、安装形式：内藏\n4、附件：分支接头、灯带驱动器等","m",19.48,28.11,547.58,264.54,39.15]
[28,"030412004027","装饰灯","1、名称：线性灯\n2、规格：7w/m，4000K\n3、安装形式：内藏\n4、附件：分支接头、灯带驱动器等","m",13.8,28.11,387.92,187.4,27.74]
[29,"030404031002","小电器","1、名称：换气扇\n2、安装方式：吸顶式\n3、其他：符合设计及规范要求","台",2,176.2,352.4,56.7,8.4]
["本页小计",{"$nulls":6},1288,509,75]
[{"$nulls":10},"表—07"]
["分部分项工程量清单与计价表"]
["单位工程(专业)：安装工程-22层安装工程",{"$nulls":9},"第 10 页  共 20 页"]
["序号","项目编码","项目名称","项目特征","计量单位","工程量","综合单价(元)","合价(元)","其中(元)",{"$nulls":3},"备注"]
[{"$nulls":8},"定额人工费","人工费价差","定额机械费","机械费价差"]
[30,"030404034012","照明开关","1、名称：单联单控开关\n2、类型：跷板暗开关\n3、规格：86型，10A\n4、安装方式：暗装","套",3,14.69,44.07,19.86,2.94]
[31,"030404034013","照明开关","1、名称：双联单控开关\n2、类型：跷板暗开关\n3、规格：86型，10A\n4、安装方式：暗装","套",2,16.8,33.6,13.24,1.96]
[32,"030404034014","照明开关","1、名称：三联单控开关\n2、类型：跷板暗开关\n3、规格：86型，10A\n4、安装方式：暗装","套",3,22.45,67.35,19.86,2.94]
["本页小计",{"$nulls":6},145,53,8]
[{"$nulls":10},"表—07"]
["分部分项工程量清单与计价表"]
["单位工程(专业)：安装工程-22层安装工程",{"$nulls":9},"第 11 页  共 20 页"]
["序号","项目编码","项目名称","项目特征","计量单位","工程量","综合单价(元)","合价(元)","其中(元)",{"$nulls":3},"备注"]
[{"$nulls":8},"定额人工费","人工费价差","定额机械费","机械费价差"]
[33,"030404035007","插座","1、名称：单相五孔插座\n2、规格：86型，10A\n3、安装方式：暗装","套",2,18,36,15.6,2.32]
[34,"030404035008","插座","1、名称：单相防溅五孔插座\n2、规格：86型，10A\n3、安装方式：暗装","套",6,23.27,139.62,46.8,6.96]
[35,"030411006011","接线盒","1、名称：接线盒\n2、材质：钢质\n3、规格：86型\n4、安装形式：暗装","个",11,8.77,96.47,30.58,4.51]
[36,"030411006012","接线盒","1、名称：开关盒、插座盒\n2、材质：钢质\n3、规格：86型\n4、安装形式：暗装","个",4,8.52,34.08,11.72,1.72]
["本页小计",{"$nulls":6},306,105,16]
[{"$nulls":10},"表—07"]
["分部分项工程量清单与计价表"]
["单位工程(专业)：安装工程-22层安装工程",{"$nulls":9},"第 12 页  共 20 页"]
["序号","项目编码","项目名称","项目特征","计量单位","工程量","综合单价(元)","合价(元)","其中(元)",{"$nulls":3},"备注"]
[{"$nulls":8},"定额人工费","人工费价差","定额机械费","机械费价差"]
[37,"030413002007","凿（压）槽","1、名称：混凝土刨沟槽\n2、规格：DN20以下\n3、其他：含沟槽恢复","m",43.45,6.73,292.42,160.77,23.46,3.04]
[38,"030413002008","凿（压）槽","1、名称：混凝土刨沟槽\n2、规格：DN32以下\n3、其他：含沟槽恢复","m",8.1,7.75,62.78,34.43,5.1,0.81]
[null,null,"给排水工程",{"$nulls":4},10098,1970,292,7]
[null,null,"给水工程",{"$nulls":4},2137,848,126,7]
["本页小计",{"$nulls":6},355,195,29,4]
[{"$nulls":10},"表—07"]
["分部分项工程量清单与计价表"]
["单位工程(专业)：安装工程-22层安装工程",{"$nulls":9},"第 13 页  共 20 页"]
["序号","项目编码","项目名称","项目特征","计量单位","工程量","综合单价(元)","合价(元)","其中(元)",{"$nulls":3},"备注"]
[{"$nulls":8},"定额人工费","人工费价差","定额机械费","机械费价差"]
[39,"031001006017","塑料管","1、安装部位：室内\n2、介质：水\n3、材质：PP-R给水管\n4、规格：DN15，PN=1.25\n5、连接形式：热熔\n6、压力试验及吹、洗 设计要求：按设计文件及相关规范要求","m",15.37,15.21,233.78,100.37,14.91,1.69]
[40,"031001006018","塑料管","1、安装部位：室内\n2、介质：水\n3、材质：PP-R给水管\n4、规格：DN20，PN=1.25\n5、连接形式：热熔\n6、压力试验及吹、洗 设计要求：按设计文件及相关规范要求","m",5.5,17.29,95.1,40.15,5.94,0.61]
["本页小计",{"$nulls":6},329,141,21,2]
[{"$nulls":10},"表—07"]
["分部分项工程量清单与计价表"]
["单位工程(专业)：安装工程-22层安装工程",{"$nulls":9},"第 14 页  共 20 页"]
["序号","项目编码","项目名称","项目特征","计量单位","工程量","综合单价(元)","合价(元)","其中(元)",{"$nulls":3},"备注"]
[{"$nulls":8},"定额人工费","人工费价差","定额机械费","机械费价差"]
[41,"031001006019","塑料管","1、安装部位：室内\n2、介质：水\n3、材质：PP-R给水管\n4、规格：DN25，PN=1.25\n5、连接形式：热熔\n6、压力试验及吹、洗 设计要求：按设计文件及相关规范要求","m",10.47,21.59,226.05,84.7,12.46,1.15]
[42,"031001006020","塑料管","1、安装部位：室内\n2、介质：水\n3、材质：PP-R给水管\n4、规格：DN40，PN=1.25\n5、连接形式：热熔\n6、压力试验及吹、洗 设计要求：按设计文件及相关规范要求","m",1.98,37.62,74.49,23.23,3.42,0.22]
["本页小计",{"$nulls":6},301,108,16,1]
[{"$nulls":10},"表—07"]
["分部分项工程量清单与计价表"]
["单位工程(专业)：安装工程-22层安装工程",{"$nulls":9},"第 15 页  共 20 页"]
["序号","项目编码","项目名称","项目特征","计量单位","工程量","综合单价(元)","合价(元)","其中(元)",{"$nulls":3},"备注"]
[{"$nulls":8},"定额人工费","人工费价差","定额机械费","机械费价差"]
[43,"031001006021","塑料管","1、安装部位：室内\n2、介质：水\n3、材质：PP-R给水管\n4、规格：DN50，PN=1.25\n5、连接形式：热熔\n6、压力试验及吹、洗 设计要求：按设计文件及相关规范要求","m",13.84,50.35,696.84,166.63,24.64,2.49]
[44,"031003001003","螺纹阀门","1、类型：闸阀\n2、材质：铜质\n3、规格、压力等级：DN50\n4、连接形式：螺纹","个",1,180.16,180.16,16.74,2.48,0.82,-0.04]
[45,"03B003","暗敷管道补贴","1、名称：暗敷管道补贴\n2、部位：卫生间\n3、规格：12m以上\n4、其他：符合设计及规范要求","间",2,297.54,595.08,405,60]
["本页小计",{"$nulls":6},1472,588,87,3]
[{"$nulls":10},"表—07"]
["分部分项工程量清单与计价表"]
["单位工程(专业)：安装工程-22层安装工程",{"$nulls":9},"第 16 页  共 20 页"]
["序号","项目编码","项目名称","项目特征","计量单位","工程量","综合单价(元)","合价(元)","其中(元)",{"$nulls":3},"备注"]
[{"$nulls":8},"定额人工费","人工费价差","定额机械费","机械费价差"]
[46,"030413003009","打洞（孔）","1、名称：砖墙及砌体墙开孔\n2、规格：DN50\n3、附件：含孔洞修复","个",3,11.8,35.4,11.19,1.65]
[null,null,"排水工程",{"$nulls":4},7961,1122,166]
[47,"031001006022","塑料管","1、安装部位：室内\n2、介质：污废水\n3、材质、规格：PVC-U 110\n4、连接形式：粘接\n5、压力试验及吹、洗 设计要求：按设计文件及相关规范要求","m",19.06,42.38,807.76,232.15,34.31]
["本页小计",{"$nulls":6},843,243,36]
[{"$nulls":10},"表—07"]
["分部分项工程量清单与计价表"]
["单位工程(专业)：安装工程-22层安装工程",{"$nulls":9},"第 17 页  共 20 页"]
["序号","项目编码","项目名称","项目特征","计量单位","工程量","综合单价(元)","合价(元)","其中(元)",{"$nulls":3},"备注"]
[{"$nulls":8},"定额人工费","人工费价差","定额机械费","机械费价差"]
[48,"031001006023","塑料管","1、安装部位：室内\n2、介质：污废水\n3、材质、规格：PVC-U 75\n4、连接形式：粘接\n5、压力试验及吹、洗 设计要求：按设计文件及相关规范要求","m",7.2,28.32,203.9,72.29,10.73]
[49,"031001006024","塑料管","1、安装部位：室内\n2、介质：污废水\n3、材质、规格：PVC-U 50\n4、连接形式：粘接\n5、压力试验及吹、洗 设计要求：按设计文件及相关规范要求","m",31.92,19.8,632.02,263.02,38.94]
["本页小计",{"$nulls":6},836,335,50]
[{"$nulls":10},"表—07"]
["分部分项工程量清单与计价表"]
["单位工程(专业)：安装工程-22层安装工程",{"$nulls":9},"第 18 页  共 20 页"]
["序号","项目编码","项目名称","项目特征","计量单位","工程量","综合单价(元)","合价(元)","其中(元)",{"$nulls":3},"备注"]
[{"$nulls":8},"定额人工费","人工费价差","定额机械费","机械费价差"]
[50,"030413003010","打洞（孔）","1、名称：砖墙及砌体墙开孔\n2、规格：DN50\n3、附件：含孔洞修复","个",1,11.8,11.8,3.73,0.55]
[51,"030413003011","打洞（孔）","1、名称：砖墙及砌体墙开孔\n2、规格：DN80\n3、附件：含孔洞修复","个",3,14.05,42.15,15.54,2.31]
[52,"030413003012","打洞（孔）","1、名称：砖墙及砌体墙开孔\n2、规格：DN100\n3、附件：含孔洞修复","个",2,16.91,33.82,13.6,2.02]
[53,"031004007003","小便器","1、材质：瓷质\n2、规格、类型：壁挂式\n3、组装形式：延时冲洗阀\n4、附件：延时冲洗阀、三角阀、金属软管、五金配件等","组",2,412.69,825.38,39.86,5.9]
["本页小计",{"$nulls":6},913,73,11]
[{"$nulls":10},"表—07"]
["分部分项工程量清单与计价表"]
["单位工程(专业)：安装工程-22层安装工程",{"$nulls":9},"第 19 页  共 20 页"]
["序号","项目编码","项目名称","项目特征","计量单位","工程量","综合单价(元)","合价(元)","其中(元)",{"$nulls":3},"备注"]
[{"$nulls":8},"定额人工费","人工费价差","定额机械费","机械费价差"]
[54,"031004014003","给、排水附（配）件","1、名称：地漏安装\n2、材质：不锈钢\n3、规格：DN50\n4、其他：详见设计及规范","个",3,24.93,74.79,28.47,4.23]
[55,"031004006003","大便器","1、材质：瓷质\n2、规格、类型：蹲式\n3、组装形式：脚踏延时冲洗\n4、附件：脚踏延时冲洗阀、下水、五金配件等","组",4,575.18,2300.72,136.64,20.24]
[56,"031004008003","其他成品卫生器具","1、材质：瓷质\n2、规格、类型：成品拖布池\n3、附件名称、数量：长颈水嘴、五金配件等","套",1,426.93,426.93,23.03,3.41]
["本页小计",{"$nulls":6},2802,188,28]
[{"$nulls":10},"表—07"]
["分部分项工程量清单与计价表"]
["单位工程(专业)：安装工程-22层安装工程",{"$nulls":9},"第 20 页  共 20 页"]
["序号","项目编码","项目名称","项目特征","计量单位","工程量","综合单价(元)","合价(元)","其中(元)",{"$nulls":3},"备注"]
[{"$nulls":8},"定额人工费","人工费价差","定额机械费","机械费价差"]
[57,"031004003003","洗脸盆","1、材质：瓷质\n2、规格、类型：冷热水\n3、组装形式：台下盆\n4、附件：洗脸盆龙头、下水、三角阀、金属软管、五金配件等","组",4,545.7,2182.8,110.92,16.44]
[58,"031002003005","套管","1、类型：止水节\n2、材质：塑料\n3、规格：DN50\n4、填料材质：符合设计及规范要求","个",10,26.65,266.5,128.4,19]
[59,"031002003006","套管","1、类型：止水节\n2、材质：塑料\n3、规格：DN100\n4、填料材质：符合设计及规范要求","个",4,38.08,152.32,54.76,8.12]
[]
[]
["本页小计",{"$nulls":6},2602,294,44]
["合   计",{"$nulls":6},39044,9962,1475,19]
[{"$nulls":10},"表—07"]

{"sheet":"表-08 施工技术措施项目清单与计价表【22层安装工程】","index":19,"n_rows":24,"n_cols":13,"rows_kept":24,"merged":[[0,0,0,12],[1,0,1,7],[1,8,1,9],[1,10,1,12],[2,0,3,0],[2,1,3,1],[2,2,3,2],[2,3,3,3],[2,4,3,4],[2,5,3,5],[2,6,3,6],[2,7,3,7],[2,8,2,11],[2,12,3,12],[21,0,21,6],[22,0,22,6],[23,0,23,7],[23,8,23,9],[23,10,23,12]]}
["施工技术措施项目清单与计价表"]
["单位工程(专业)：安装工程-22层安装工程",{"$nulls":9},"第 1 页  共 1 页"]
["序号","项目编码","项目名称","项目特征","计量单位","工程量","综合单价(元)","合价(元)","其中(元)",{"$nulls":3},"备注"]
[{"$nulls":8},"定额人工费","人工费价差","定额机械费","机械费价差"]
[null,null,"[请输入分部名称]",{"$nulls":4},480,104,15]
[1,"031301017003","脚手架搭拆","脚手架搭拆费第四、十层","项",1,479.53,479.53,103.56,15.34]
{"$rows_empty":15}
["本页小计",{"$nulls":6},480,104,15]
["合   计",{"$nulls":6},480,104,15]
[{"$nulls":10},"表—08"]

{"sheet":"表-09 工程量清单综合单价计算表【22层安装工程】","index":20,"n_rows":219,"n_cols":15,"rows_kept":219,"merged":[[0,0,0,10],[0,11,0,14],[1,0,1,14],[2,0,2,5],[2,6,2,10],[2,11,2,14],[3,0,4,0],[3,1,4,1],[3,2,4,2],[3,3,4,3],[3,4,4,4],[3,5,3,13],[3,14,4,14],[4,6,4,6],[4,7,4,7],[16,0,16,1],[16,3,16,5],[16,6,16,8],[16,9,16,10],[16,11,16,14],[17,0,17,10],[17,11,17,14],[18,0,18,14],[19,0,19,5],[19,6,19,10],[19,11,19,14],[20,0,21,0],[20,1,21,1],[20,2,21,2],[20,3,21,3],[20,4,21,4],[20,5,20,13],[20,14,21,14],[21,6,21,6],[21,7,21,7],[34,0,34,1],[34,3,34,5],[34,6,34,8],[34,9,34,10],[34,11,34,14],[35,0,35,10],[35,11,35,14],[36,0,36,14],[37,0,37,5],[37,6,37,10],[37,11,37,14],[38,0,39,0],[38,1,39,1],[38,2,39,2],[38,3,39,3],[38,4,39,4],[38,5,38,13],[38,14,39,14],[39,6,39,6],[39,7,39,7],[54,0,54,1],[54,3,54,5],[54,6,54,8],[54,9,54,10],[54,11,54,14],[55,0,55,10],[55,11,55,14],[56,0,56,14],[57,0,57,5],[57,6,57,10],[57,11,57,14],[58,0,59,0],[58,1,59,1],[58,2,59,2],[58,3,59,3],[58,4,59,4],[58,5,58,13],[58,14,59,14],[59,6,59,6],[59,7,59,7],[70,0,70,1],[70,3,70,5],[70,6,70,8],[70,9,70,10],[70,11,70,14],[71,0,71,10],[71,11,71,14],[72,0,72,14],[73,0,73,5],[73,6,73,10],[73,11,73,14],[74,0,75,0],[74,1,75,1],[74,2,75,2],[74,3,75,3],[74,4,75,4],[74,5,74,13],[74,14,75,14],[75,6,75,6],[75,7,75,7],[88,0,88,1],[88,3,88,5],[88,6,88,8],[88,9,88,10],[88,11,88,14],[89,0,89,10],[89,11,89,14],[90,0,90,14],[91,0,91,5],[91,6,91,10],[91,11,91,14],[92,0,93,0],[92,1,93,1],[92,2,93,2],[92,3,93,3],[92,4,93,4],[92,5,92,13],[92,14,93,14],[93,6,93,6],[93,7,93,7],[109,0,109,1],[109,3,109,5],[109,6,109,8],[109,9,109,10],[109,11,109,14],[110,0,110,10],[110,11,110,14],[111,0,111,14],[112,0,112,5],[112,6,112,10],[112,11,112,14],[113,0,114,0],[113,1,114,1],[113,2,114,2],[113,3,114,3],[113,4,114,4],[113,5,113,13],[113,14,114,14],[114,6,114,6],[114,7,114,7],[127,0,127,1],[127,3,127,5],[127,6,127,8],[127,9,127,10],[127,11,127,14],[128,0,128,10],[128,11,128,14],[129,0,129,14],[130,0,130,5],[130,6,130,10],[130,11,130,14],[131,0,132,0],[131,1,132,1],[131,2,132,2],[131,3,132,3],[131,4,132,4],[131,5,131,13],[131,14,132,14],[132,6,132,6],[132,7,132,7],[143,0,143,1],[143,3,143,5],[143,6,143,8],[143,9,143,10],[143,11,143,14],[144,0,144,10],[144,11,144,14],[145,0,145,14],[146,0,146,5],[146,6,146,10],[146,11,146,14],[147,0,148,0],[147,1,148,1],[147,2,148,2],[147,3,148,3],[147,4,148,4],[147,5,147,13],[147,14,148,14],[148,6,148,6],[148,7,148,7],[162,0,162,1],[162,3,162,5],[162,6,162,8],[162,9,162,10],[162,11,162,14],[163,0,163,10],[163,11,163,14],[164,0,164,14],[165,0,165,5],[165,6,165,10],[165,11,165,14],[166,0,167,0],[166,1,167,1],[166,2,167,2],[166,3,167,3],[166,4,167,4],[166,5,166,13],[166,14,167,14],[167,6,167,6],[167,7,167,7],[181,0,181,1],[181,3,181,5],[181,6,181,8],[181,9,181,10],[181,11,181,14],[182,0,182,10],[182,11,182,14],[183,0,183,14],[184,0,184,5],[184,6,184,10],[184,11,184,14],[185,0,186,0],[185,1,186,1],[185,2,186,2],[185,3,186,3],[185,4,186,4],[185,5,185,13],[185,14,186,14],[186,6,186,6],[186,7,186,7],[200,0,200,1],[200,3,200,5],[200,6,200,8],[200,9,200,10],[200,11,200,14],[201,0,201,10],[201,11,201,14],[202,0,202,14],[203,0,203,5],[203,6,203,10],[203,11,203,14],[204,0,205,0],[204,1,205,1],[204,2,205,2],[204,3,205,3],[204,4,205,4],[204,5,204,13],[204,14,205,14],[205,6,205,6],[205,7,205,7],[217,0,217,13],[218,0,218,1],[218,3,218,5],[218,6,218,8],[218,9,218,10],[218,11,218,14]]}
[]
["工程量清单综合单价计算表"]
["单位工程(专业)：安装工程-22层安装工程",{"$nulls":10},"第 1 页  共 12 页"]
["序号","项目编号","项目名称","计量单位","数量","综合单价（元）",{"$nulls":8},"合计(元)"]
[{"$nulls":5},"定额人工费","人工费价差","材料费","定额机械费","机械费价差","管理费","利润","风险费用","小计"]
[null,null,"电气工程"]
[null,null,"户内电气"]
[1,"030404019005","控制开关","个",4,7.7,1.14,106.85,null,null,1.67,0.8,null,118.16,473]
[null,"4-4-83","微型空气开关(卡插式)","个",4,7.7,1.14,106.85,null,null,1.67,0.8,null,118.16,473]
[2,"030411001015","配管","m",275.07,6.24,0.93,6,null,null,1.36,0.65,null,15.18,4176]
[null,"4-11-2 换","套接紧定式镀锌钢导管(JDG)敷设 砖、混凝土结构明配 公称直径(mm)20","m",275.07,6.24,0.93,6,null,null,1.36,0.65,null,15.18,4176]
[3,"030411001016","配管","m",48.69,3.77,0.55,5.62,0.05,null,0.83,0.4,null,11.22,546]
[null,"4-11-8 换","套接紧定式镀锌钢导管(JDG)敷设 砖、混凝土结构暗配 公称直径(mm)20","m",48.69,3.77,0.55,5.62,0.05,null,0.83,0.4,null,11.22,546]
[4,"030411001017","配管","m",28,7.26,1.08,9.46,null,null,1.58,0.76,null,20.14,564]
[null,"4-11-178","金属软管敷设 内径(mm)≤16每根长≤0.5m","m",28,7.26,1.08,9.46,null,null,1.58,0.76,null,20.14,564]
[5,"030411004009","配线","m",842.72,0.61,0.09,2.4,null,null,0.13,0.06,null,3.29,2773]
[{"$nulls":11},"表-09"]
[]
["工程量清单综合单价计算表"]
["单位工程(专业)：安装工程-22层安装工程",{"$nulls":10},"第 2 页  共 12 页"]
["序号","项目编号","项目名称","计量单位","数量","综合单价（元）",{"$nulls":8},"合计(元)"]
[{"$nulls":5},"定额人工费","人工费价差","材料费","定额机械费","机械费价差","管理费","利润","风险费用","小计"]
[null,"4-12-5 换","穿照明线 铜芯导线截面(mm2以内)2.5","m",842.72,0.61,0.09,2.4,null,null,0.13,0.06,null,3.29,2773]
[6,"030411004010","配线","m",313.34,0.61,0.09,2.64,null,null,0.13,0.06,null,3.53,1106]
[null,"4-12-5 换","穿照明线 铜芯导线截面(mm2以内)2.5","m",313.34,0.61,0.09,2.64,null,null,0.13,0.06,null,3.53,1106]
[7,"030412004020","装饰灯","m",31.76,13.58,2.01,8.16,null,null,2.95,1.41,null,28.11,893]
[null,"4-13-137","天棚荧光灯带","m",31.76,13.58,2.01,8.16,null,null,2.95,1.41,null,28.11,893]
[8,"030412004021","装饰灯","m2",6.88,50.8,7.53,114.52,null,null,11.03,5.28,null,189.16,1301]
[null,"4-13-135 换","发光棚荧光灯","m2",6.88,50.8,7.53,114.52,null,null,11.03,5.28,null,189.16,1301]
[9,"030412004022","装饰灯","套",20,17.19,2.54,86.75,null,null,3.73,1.79,null,112,2240]
[null,"4-13-163 换","点光源艺术装饰灯具安装 嵌入式筒灯灯具直径φ75","套",20,17.19,2.54,86.75,null,null,3.73,1.79,null,112,2240]
[10,"030412004023","装饰灯","套",16,17.19,2.54,127.15,null,null,3.73,1.79,null,152.4,2438]
[null,"4-13-163 换","点光源艺术装饰灯具安装 嵌入式筒灯灯具直径φ75","套",16,17.19,2.54,127.15,null,null,3.73,1.79,null,152.4,2438]
[11,"030412004024","装饰灯","m",48.37,13.58,2.01,8.16,null,null,2.95,1.41,null,28.11,1360]
[{"$nulls":11},"表-09"]
[]
["工程量清单综合单价计算表"]
["单位工程(专业)：安装工程-22层安装工程",{"$nulls":10},"第 3 页  共 12 页"]
["序号","项目编号","项目名称","计量单位","数量","综合单价（元）",{"$nulls":8},"合计(元)"]
[{"$nulls":5},"定额人工费","人工费价差","材料费","定额机械费","机械费价差","管理费","利润","风险费用","小计"]
[null,"4-13-137","天棚荧光灯带","m",48.37,13.58,2.01,8.16,null,null,2.95,1.41,null,28.11,1360]
[12,"030404034010","照明开关","套",3,6.62,0.98,7.07,null,null,1.44,0.69,null,16.8,50]
[null,"4-13-301 换","跷板暗开关单控≤3联","套",3,6.62,0.98,7.07,null,null,1.44,0.69,null,16.8,50]
[13,"030404034011","照明开关","套",2,6.62,0.98,12.72,null,null,1.44,0.69,null,22.45,45]
[null,"4-13-301 换","跷板暗开关单控≤3联","套",2,6.62,0.98,12.72,null,null,1.44,0.69,null,22.45,45]
[14,"030404035006","插座","套",3,7.8,1.16,6.54,null,null,1.69,0.81,null,18,54]
[null,"4-13-323 换","单相暗插座电流(A)≤16","套",3,7.8,1.16,6.54,null,null,1.69,0.81,null,18,54]
[15,"030411006009","接线盒","个",54,2.78,0.41,4.69,null,null,0.6,0.29,null,8.77,474]
[null,"4-11-212 换","暗装接线盒","个",54,2.78,0.41,4.69,null,null,0.6,0.29,null,8.77,474]
[16,"030411006010","接线盒","个",8,2.93,0.43,4.22,null,null,0.64,0.3,null,8.52,68]
[null,"4-11-211 换","开关盒、插座盒安装","个",8,2.93,0.43,4.22,null,null,0.64,0.3,null,8.52,68]
[17,"030413002006","凿（压）槽","m",48.69,3.7,0.54,1.22,0.07,null,0.81,0.39,null,6.73,328]
[null,"13-1-142 换","混凝土刨沟槽 管径(mm以内)20 \u007f二次精装修工程，在原粉刷层上进行砖墙开槽","m",48.69,1.7,0.25,0.15,0.07,null,0.38,0.18,null,2.73,133]
[null,"4-11-217","沟槽恢复配管1-2根","m",48.69,2,0.29,1.07,null,null,0.43,0.21,null,4,195]
[{"$nulls":11},"表-09"]
[]
["工程量清单综合单价计算表"]
["单位工程(专业)：安装工程-22层安装工程",{"$nulls":10},"第 4 页  共 12 页"]
["序号","项目编号","项目名称","计量单位","数量","综合单价（元）",{"$nulls":8},"合计(元)"]
[{"$nulls":5},"定额人工费","人工费价差","材料费","定额机械费","机械费价差","管理费","利润","风险费用","小计"]
[null,null,"电梯厅及卫生间电气工程"]
[18,"030404019006","控制开关","个",7,7.7,1.14,106.85,null,null,1.67,0.8,null,118.16,827]
[null,"4-4-83","微型空气开关(卡插式)","个",7,7.7,1.14,106.85,null,null,1.67,0.8,null,118.16,827]
[19,"030411001018","配管","m",98.03,6.24,0.93,6,null,null,1.36,0.65,null,15.18,1488]
[null,"4-11-2 换","套接紧定式镀锌钢导管(JDG)敷设 砖、混凝土结构明配 公称直径(mm)20","m",98.03,6.24,0.93,6,null,null,1.36,0.65,null,15.18,1488]
[20,"030411001019","配管","m",20.86,6.61,0.98,6.98,null,null,1.44,0.69,null,16.7,348]
[null,"4-11-3 换","套接紧定式镀锌钢导管(JDG)敷设 砖、混凝土结构明配 公称直径(mm)25","m",20.86,6.61,0.98,6.98,null,null,1.44,0.69,null,16.7,348]
[21,"030411001020","配管","m",43.45,3.77,0.55,5.62,0.05,null,0.83,0.4,null,11.22,488]
[null,"4-11-8 换","套接紧定式镀锌钢导管(JDG)敷设 砖、混凝土结构暗配 公称直径(mm)20","m",43.45,3.77,0.55,5.62,0.05,null,0.83,0.4,null,11.22,488]
[22,"030411001021","配管","m",8.1,5.18,0.77,7.04,0.07,null,1.14,0.55,null,14.75,119]
[{"$nulls":11},"表-09"]
[]
["工程量清单综合单价计算表"]
["单位工程(专业)：安装工程-22层安装工程",{"$nulls":10},"第 5 页  共 12 页"]
["序号","项目编号","项目名称","计量单位","数量","综合单价（元）",{"$nulls":8},"合计(元)"]
[{"$nulls":5},"定额人工费","人工费价差","材料费","定额机械费","机械费价差","管理费","利润","风险费用","小计"]
[null,"4-11-9 换","套接紧定式镀锌钢导管(JDG)敷设 砖、混凝土结构暗配 公称直径(mm)25","m",8.1,5.18,0.77,7.04,0.07,null,1.14,0.55,null,14.75,119]
[23,"030411001022","配管","m",8.7,7.26,1.08,9.46,null,null,1.58,0.76,null,20.14,175]
[null,"4-11-178","金属软管敷设 内径(mm)≤16每根长≤0.5m","m",8.7,7.26,1.08,9.46,null,null,1.58,0.76,null,20.14,175]
[24,"030411004011","配线","m",440.76,0.61,0.09,2.4,null,null,0.13,0.06,null,3.29,1450]
[null,"4-12-5 换","穿照明线 铜芯导线截面(mm2以内)2.5","m",440.76,0.61,0.09,2.4,null,null,0.13,0.06,null,3.29,1450]
[25,"030411004012","配线","m",171.02,0.61,0.09,2.64,null,null,0.13,0.06,null,3.53,604]
[null,"4-12-5 换","穿照明线 铜芯导线截面(mm2以内)2.5","m",171.02,0.61,0.09,2.64,null,null,0.13,0.06,null,3.53,604]
[26,"030412004025","装饰灯","套",22,17.19,2.54,86.75,null,null,3.73,1.79,null,112,2464]
[null,"4-13-163 换","点光源艺术装饰灯具安装 嵌入式筒灯灯具直径φ75","套",22,17.19,2.54,86.75,null,null,3.73,1.79,null,112,2464]
[27,"030412004026","装饰灯","m",19.48,13.58,2.01,8.16,null,null,2.95,1.41,null,28.11,548]
[null,"4-13-137","天棚荧光灯带","m",19.48,13.58,2.01,8.16,null,null,2.95,1.41,null,28.11,548]
[28,"03041200402","装饰灯","m",13.8,13.58,2.01,8.16,null,null,2.95,1.41,null,28.11,388]
[{"$nulls":11},"表-09"]
[]
["工程量清单综合单价计算表"]
["单位工程(专业)：安装工程-22层安装工程",{"$nulls":10},"第 6 页  共 12 页"]
["序号","项目编号","项目名称","计量单位","数量","综合单价（元）",{"$nulls":8},"合计(元)"]
[{"$nulls":5},"定额人工费","人工费价差","材料费","定额机械费","机械费价差","管理费","利润","风险费用","小计"]
[null,"7"]
[null,"4-13-137","天棚荧光灯带","m",13.8,13.58,2.01,8.16,null,null,2.95,1.41,null,28.11,388]
[29,"030404031002","小电器","台",2,28.35,4.2,134.54,null,null,6.16,2.95,null,176.2,352]
[null,"4-4-138","风扇安装换气扇","台",2,28.35,4.2,134.54,null,null,6.16,2.95,null,176.2,352]
[30,"030404034012","照明开关","套",3,6.62,0.98,4.96,null,null,1.44,0.69,null,14.69,44]
[null,"4-13-301 换","跷板暗开关单控≤3联","套",3,6.62,0.98,4.96,null,null,1.44,0.69,null,14.69,44]
[31,"030404034013","照明开关","套",2,6.62,0.98,7.07,null,null,1.44,0.69,null,16.8,34]
[null,"4-13-301 换","跷板暗开关单控≤3联","套",2,6.62,0.98,7.07,null,null,1.44,0.69,null,16.8,34]
[32,"030404034014","照明开关","套",3,6.62,0.98,12.72,null,null,1.44,0.69,null,22.45,67]
[null,"4-13-301 换","跷板暗开关单控≤3联","套",3,6.62,0.98,12.72,null,null,1.44,0.69,null,22.45,67]
[33,"030404035007","插座","套",2,7.8,1.16,6.54,null,null,1.69,0.81,null,18,36]
[null,"4-13-323 换","单相暗插座电流(A)≤16","套",2,7.8,1.16,6.54,null,null,1.69,0.81,null,18,36]
[34,"030404035008","插座","套",6,7.8,1.16,11.81,null,null,1.69,0.81,null,23.27,140]
[null,"4-13-323 换","单相暗插座电流(A)≤16","套",6,7.8,1.16,11.81,null,null,1.69,0.81,null,23.27,140]
[35,"030411006011","接线盒","个",11,2.78,0.41,4.69,null,null,0.6,0.29,null,8.77,96]
[{"$nulls":11},"表-09"]
[]
["工程量清单综合单价计算表"]
["单位工程(专业)：安装工程-22层安装工程",{"$nulls":10},"第 7 页  共 12 页"]
["序号","项目编号","项目名称","计量单位","数量","综合单价（元）",{"$nulls":8},"合计(元)"]
[{"$nulls":5},"定额人工费","人工费价差","材料费","定额机械费","机械费价差","管理费","利润","风险费用","小计"]
[null,"4-11-212 换","暗装接线盒","个",11,2.78,0.41,4.69,null,null,0.6,0.29,null,8.77,96]
[36,"030411006012","接线盒","个",4,2.93,0.43,4.22,null,null,0.64,0.3,null,8.52,34]
[null,"4-11-211 换","开关盒、插座盒安装","个",4,2.93,0.43,4.22,null,null,0.64,0.3,null,8.52,34]
[37,"030413002007","凿（压）槽","m",43.45,3.7,0.54,1.22,0.07,null,0.81,0.39,null,6.73,292]
[null,"13-1-142 换","混凝土刨沟槽 管径(mm以内)20 \u007f二次精装修工程，在原粉刷层上进行砖墙开槽","m",43.45,1.7,0.25,0.15,0.07,null,0.38,0.18,null,2.73,119]
[null,"4-11-217","沟槽恢复配管1-2根","m",43.45,2,0.29,1.07,null,null,0.43,0.21,null,4,174]
[38,"030413002008","凿（压）槽","m",8.1,4.25,0.63,1.38,0.1,null,0.94,0.45,null,7.75,63]
[null,"13-1-143 换","混凝土刨沟槽 管径(mm以内)32 \u007f二次精装修工程，在原粉刷层上进行砖墙开槽","m",8.1,2.25,0.34,0.31,0.1,null,0.51,0.24,null,3.75,30]
[null,"4-11-217","沟槽恢复配管1-2根","m",8.1,2,0.29,1.07,null,null,0.43,0.21,null,4,32]
[null,null,"给排水工程"]
[null,null,"给水工程"]
[39,"031001006017","塑料管","m",15.37,6.53,0.97,5.47,0.11,null,1.44,0.69,null,15.21,234]
[{"$nulls":11},"表-09"]
[]
["工程量清单综合单价计算表"]
["单位工程(专业)：安装工程-22层安装工程",{"$nulls":10},"第 8 页  共 12 页"]
["序号","项目编号","项目名称","计量单位","数量","综合单价（元）",{"$nulls":8},"合计(元)"]
[{"$nulls":5},"定额人工费","人工费价差","材料费","定额机械费","机械费价差","管理费","利润","风险费用","小计"]
[null,"10-1-229 换","室内塑料给水管(热熔连接) 公称直径(mm以内)15","m",15.37,6.22,0.93,5.24,0.11,null,1.37,0.66,null,14.53,223]
[null,"10-8-31","管道消毒、冲洗 公称直径(mm以内)50","m",15.37,0.31,0.04,0.23,null,null,0.07,0.03,null,0.68,10]
[40,"031001006018","塑料管","m",5.5,7.3,1.08,6.42,0.11,null,1.61,0.77,null,17.29,95]
[null,"10-1-230 换","室内塑料给水管(热熔连接) 公称直径(mm以内)20","m",5.5,6.99,1.04,6.19,0.11,null,1.54,0.74,null,16.61,91]
[null,"10-8-31","管道消毒、冲洗 公称直径(mm以内)50","m",5.5,0.31,0.04,0.23,null,null,0.07,0.03,null,0.68,4]
[41,"031001006019","塑料管","m",10.47,8.09,1.19,9.57,0.11,null,1.78,0.85,null,21.59,226]
[null,"10-1-231 换","室内塑料给水管(热熔连接) 公称直径(mm以内)25","m",10.47,7.78,1.15,9.34,0.11,null,1.71,0.82,null,20.91,219]
[null,"10-8-31","管道消毒、冲洗 公称直径(mm以内)50","m",10.47,0.31,0.04,0.23,null,null,0.07,0.03,null,0.68,7]
[42,"031001006020","塑料管","m",1.98,11.73,1.73,20.25,0.11,null,2.57,1.23,null,37.62,74]
[null,"10-1-233 换","室内塑料给水管(热熔连接) 公称直径(mm以内)40","m",1.98,11.42,1.69,20.02,0.11,null,2.5,1.2,null,36.94,73]
[{"$nulls":11},"表-09"]
[]
["工程量清单综合单价计算表"]
["单位工程(专业)：安装工程-22层安装工程",{"$nulls":10},"第 9 页  共 12 页"]
["序号","项目编号","项目名称","计量单位","数量","综合单价（元）",{"$nulls":8},"合计(元)"]
[{"$nulls":5},"定额人工费","人工费价差","材料费","定额机械费","机械费价差","管理费","利润","风险费用","小计"]
[null,"10-8-31","管道消毒、冲洗 公称直径(mm以内)50","m",1.98,0.31,0.04,0.23,null,null,0.07,0.03,null,0.68,1]
[43,"031001006021","塑料管","m",13.84,12.04,1.78,32.42,0.18,null,2.66,1.27,null,50.35,697]
[null,"10-1-234 换","室内塑料给水管(热熔连接) 公称直径(mm以内)50","m",13.84,11.73,1.74,32.19,0.18,null,2.59,1.24,null,49.67,687]
[null,"10-8-31","管道消毒、冲洗 公称直径(mm以内)50","m",13.84,0.31,0.04,0.23,null,null,0.07,0.03,null,0.68,9]
[44,"031003001003","螺纹阀门","个",1,16.74,2.48,154.52,0.82,-0.04,3.81,1.83,null,180.16,180]
[null,"10-2-6","螺纹阀门安装 公称直径(mm以内)50","个",1,16.74,2.48,154.52,0.82,-0.04,3.81,1.83,null,180.16,180]
[45,"03B003","暗敷管道补贴","间",2,202.5,30,{"$nulls":3},43.98,21.06,null,297.54,595]
[null,"BC10-2","卫生间 内周长在12m以上 暗敷管道补贴","间",2,202.5,30,{"$nulls":3},43.98,21.06,null,297.54,595]
[46,"030413003009","打洞（孔）","个",3,3.73,0.55,6.32,null,null,0.81,0.39,null,11.8,35]
[null,"13-1-132 换","混凝土楼板钻孔 钻孔直径(mm以内)63 \u007f砖墙及砌体墙钻孔","个",3,3.73,0.55,1.32,null,null,0.81,0.39,null,6.8,20]
[null,"补","孔洞修复","个",3,null,null,5,{"$nulls":5},5,15]
[null,null,"排水工程"]
[47,"03100100602","塑料管","m",19.06,12.18,1.8,24.48,null,null,2.65,1.27,null,42.38,808]
[{"$nulls":11},"表-09"]
[]
["工程量清单综合单价计算表"]
["单位工程(专业)：安装工程-22层安装工程",{"$nulls":10},"第 10 页  共 12 页"]
["序号","项目编号","项目名称","计量单位","数量","综合单价（元）",{"$nulls":8},"合计(元)"]
[{"$nulls":5},"定额人工费","人工费价差","材料费","定额机械费","机械费价差","管理费","利润","风险费用","小计"]
[null,"2"]
[null,"10-1-278 换","室内塑料排水管(粘接) 公称直径(mm以内)100","m",19.06,12.18,1.8,24.48,null,null,2.65,1.27,null,42.38,808]
[48,"031001006023","塑料管","m",7.2,10.04,1.49,13.57,null,null,2.18,1.04,null,28.32,204]
[null,"10-1-277 换","室内塑料排水管(粘接) 公称直径(mm以内)75","m",7.2,10.04,1.49,13.57,null,null,2.18,1.04,null,28.32,204]
[49,"031001006024","塑料管","m",31.92,8.24,1.22,7.69,null,null,1.79,0.86,null,19.8,632]
[null,"10-1-276 换","室内塑料排水管(粘接) 公称直径(mm以内)50","m",31.92,8.24,1.22,7.69,null,null,1.79,0.86,null,19.8,632]
[50,"030413003010","打洞（孔）","个",1,3.73,0.55,6.32,null,null,0.81,0.39,null,11.8,12]
[null,"13-1-132 换","混凝土楼板钻孔 钻孔直径(mm以内)63 \u007f砖墙及砌体墙钻孔","个",1,3.73,0.55,1.32,null,null,0.81,0.39,null,6.8,7]
[null,"补","孔洞修复","个",1,null,null,5,{"$nulls":5},5,5]
[51,"030413003011","打洞（孔）","个",3,5.18,0.77,6.43,null,null,1.13,0.54,null,14.05,42]
[null,"13-1-133 换","混凝土楼板钻孔 钻孔直径(mm以内)83 \u007f砖墙及砌体墙钻孔","个",3,5.18,0.77,1.43,null,null,1.13,0.54,null,9.05,27]
[null,"补","孔洞修复","个",3,null,null,5,{"$nulls":5},5,15]
[52,"03041300301","打洞（孔）","个",2,6.8,1.01,6.91,null,null,1.48,0.71,null,16.91,34]
[{"$nulls":11},"表-09"]
[]
["工程量清单综合单价计算表"]
["单位工程(专业)：安装工程-22层安装工程",{"$nulls":10},"第 11 页  共 12 页"]
["序号","项目编号","项目名称","计量单位","数量","综合单价（元）",{"$nulls":8},"合计(元)"]
[{"$nulls":5},"定额人工费","人工费价差","材料费","定额机械费","机械费价差","管理费","利润","风险费用","小计"]
[null,"2"]
[null,"13-1-134 换","混凝土楼板钻孔 钻孔直径(mm以内)108 \u007f砖墙及砌体墙钻孔","个",2,6.8,1.01,1.91,null,null,1.48,0.71,null,11.91,24]
[null,"补","孔洞修复","个",2,null,null,5,{"$nulls":5},5,10]
[53,"031004007003","小便器","组",2,19.93,2.95,383.41,null,null,4.33,2.07,null,412.69,825]
[null,"10-3-37 换","壁挂式小便器安装 手动开关","套",2,19.93,2.95,383.41,null,null,4.33,2.07,null,412.69,825]
[54,"031004014003","给、排水附（配）件","个",3,9.49,1.41,10.98,null,null,2.06,0.99,null,24.93,75]
[null,"10-3-79 换","地漏安装 公称直径(mm以内)50","个",3,9.49,1.41,10.98,null,null,2.06,0.99,null,24.93,75]
[55,"031004006003","大便器","组",4,34.16,5.06,524.99,null,null,7.42,3.55,null,575.18,2301]
[null,"10-3-32 换","蹲式大便器安装 脚踏开关","组",4,34.16,5.06,524.99,null,null,7.42,3.55,null,575.18,2301]
[56,"031004008003","其他成品卫生器具","套",1,23.03,3.41,393.09,null,null,5,2.4,null,426.93,427]
[null,"10-3-41 换","拖布池安装","套",1,23.03,3.41,393.09,null,null,5,2.4,null,426.93,427]
[57,"031004003003","洗脸盆","组",4,27.73,4.11,504.96,null,null,6.02,2.88,null,545.7,2183]
[null,"10-3-17 换","洗脸盆 台下式冷热水 \u007f台式洗脸盆(冷水)安装","组",4,27.73,4.11,504.96,null,null,6.02,2.88,null,545.7,2183]
[{"$nulls":11},"表-09"]
[]
["工程量清单综合单价计算表"]
["单位工程(专业)：安装工程-22层安装工程",{"$nulls":10},"第 12 页  共 12 页"]
["序号","项目编号","项目名称","计量单位","数量","综合单价（元）",{"$nulls":8},"合计(元)"]
[{"$nulls":5},"定额人工费","人工费价差","材料费","定额机械费","机械费价差","管理费","利润","风险费用","小计"]
[58,"031002003005","套管","个",10,12.84,1.9,7.78,null,null,2.79,1.34,null,26.65,267]
[null,"13-1-95 换","刚性防水套管安装 公称直径(mm以内)50 \u007f给排水、采暖、燃气工程中穿楼板的管道要安装刚性防水套管，主材费另计","个",10,12.84,1.9,7.78,null,null,2.79,1.34,null,26.65,267]
[59,"031002003006","套管","个",4,13.69,2.03,17.97,null,null,2.97,1.42,null,38.08,152]
[null,"13-1-96 换","刚性防水套管安装 公称直径(mm以内)100 \u007f给排水、采暖、燃气工程中穿楼板的管道要安装刚性防水套管，主材费另计","个",4,13.69,2.03,17.97,null,null,2.97,1.42,null,38.08,152]
{"$rows_empty":7}
["合   计：",{"$nulls":13},39044]
[{"$nulls":11},"表-09"]

{"sheet":"表-09 措施项目清单综合单价计算表【22层安装工程】","index":21,"n_rows":25,"n_cols":15,"rows_kept":25,"merged":[[0,0,0,9],[0,10,0,14],[1,0,1,14],[2,0,2,9],[2,10,2,14],[3,0,4,0],[3,1,4,1],[3,2,4,2],[3,3,4,3],[3,4,4,4],[3,5,3,13],[3,14,4,14],[4,6,4,6],[4,7,4,7],[23,0,23,13],[24,0,24,1],[24,3,24,5],[24,6,24,7],[24,8,24,9],[24,10,24,14]]}
[]
["措施项目清单综合单价计算表"]
["单位工程(专业)：安装工程-22层安装工程",{"$nulls":9},"第 1 页  共 1 页"]
["序号","项目编号","项目名称","计量单位","数量","综合单价（元）",{"$nulls":8},"合计(元)"]
[{"$nulls":5},"定额人工费","人工费价差","材料费","定额机械费","机械费价差","管理费","利润","风险费用","小计"]
[null,null,"[请输入分部名称]"]
[1,"031301017003","脚手架搭拆","项",1,103.56,15.34,327.48,null,null,22.34,10.81,null,479.53,480]
[null,"13-2-10","脚手架搭拆费第十册","工日",14.187659,1.69,0.25,5.34,null,null,0.37,0.18,null,7.83,111]
[null,"13-2-4","脚手架搭拆费第四册","工日",58.949458,1.35,0.2,4.27,null,null,0.29,0.14,null,6.25,368]
{"$rows_empty":14}
["合   计：",{"$nulls":13},480]
[{"$nulls":10},"表-09"]

{"sheet":"表-02 专业工程招标控制价计算程序表【23层安装工程】","index":22,"n_rows":45,"n_cols":4,"rows_kept":45,"merged":[[0,0,0,3],[1,0,1,3],[2,0,2,2],[2,3,2,3],[44,0,44,1]]}
[]
["专业工程招标控制价计算程序表"]
["单位工程（专业）：安装工程-23层安装工程"]
["序号","汇 总 内 容","费用计算表达式","金额（元）"]
["一","分部分项工程费","表-07",38974.71]
["1","其中：定额人工费","表-07",9993.94]
["2","其中：人工价差","表-07",1479.14]
["3","其中：定额机械费","表-07",21.93]
["4","其中：机械费价差","表-07",-0.04]
["二","措施项目费","5+6",1202.69]
["5","施工技术措施项目费","表-08",474.18]
["5.1","其中：定额人工费","表-08",102.41]
["5.2","其中：人工价差","表-08",15.17]
["5.3","其中：定额机械费","表-08"]
["5.4","其中：机械费价差","表-08"]
["6","施工组织措施项目费","6.1+6.2+6.3+6.4+6.5+6.6",728.51]
["6.1","安全文明施工基本费","（1+3+5.1+5.3）×费率6.81%",689.05]
["6.2","提前竣工增加费","（1+3+5.1+5.3）×费率"]
["6.3","二次搬运费","（1+3+5.1+5.3）×费率0.26%",26.31]
["6.4","冬雨季施工增加费","（1+3+5.1+5.3）×费率0.13%",13.15]
["6.5","行车、行人干扰增加费","（1+3+5.1+5.3）×费率"]
["6.6","其他施工组织措施费","计价时列岀具体费用名称"]
["三","其他项目","表-11"]
["四","规费","（1+3+5.1+5.3）×费率30.63%",3099.23]
["五","税前工程造价","一+二+三+四",43276.63]
["六","税金","五×税率9%",3894.9]
{"$rows_empty":18}
["专业工程招标控制价",null,"一+二+三+四+六","47,171.53"]

{"sheet":"表-07 分部分项工程量清单与计价表【23层安装工程】","index":23,"n_rows":191,"n_cols":13,"rows_kept":191,"merged":[[0,0,0,12],[1,0,1,6],[1,7,1,9],[1,10,1,12],[2,0,3,0],[2,1,3,1],[2,2,3,2],[2,3,3,3],[2,4,3,4],[2,5,3,5],[2,6,3,6],[2,7,3,7],[2,8,2,11],[2,12,3,12],[10,0,10,6],[11,0,11,6],[11,7,11,9],[11,10,11,12],[12,0,12,12],[13,0,13,6],[13,7,13,9],[13,10,13,12],[14,0,15,0],[14,1,15,1],[14,2,15,2],[14,3,15,3],[14,4,15,4],[14,5,15,5],[14,6,15,6],[14,7,15,7],[14,8,14,11],[14,12,15,12],[19,0,19,6],[20,0,20,6],[20,7,20,9],[20,10,20,12],[21,0,21,12],[22,0,22,6],[22,7,22,9],[22,10,22,12],[23,0,24,0],[23,1,24,1],[23,2,24,2],[23,3,24,3],[23,4,24,4],[23,5,24,5],[23,6,24,6],[23,7,24,7],[23,8,23,11],[23,12,24,12],[27,0,27,6],[28,0,28,6],[28,7,28,9],[28,10,28,12],[29,0,29,12],[30,0,30,6],[30,7,30,9],[30,10,30,12],[31,0,32,0],[31,1,32,1],[31,2,32,2],[31,3,32,3],[31,4,32,4],[31,5,32,5],[31,6,32,6],[31,7,32,7],[31,8,31,11],[31,12,32,12],[36,0,36,6],[37,0,37,6],[37,7,37,9],[37,10,37,12],[38,0,38,12],[39,0,39,6],[39,7,39,9],[39,10,39,12],[40,0,41,0],[40,1,41,1],[40,2,41,2],[40,3,41,3],[40,4,41,4],[40,5,41,5],[40,6,41,6],[40,7,41,7],[40,8,40,11],[40,12,41,12],[45,0,45,6],[46,0,46,6],[46,7,46,9],[46,10,46,12],[47,0,47,12],[48,0,48,6],[48,7,48,9],[48,10,48,12],[49,0,50,0],[49,1,50,1],[49,2,50,2],[49,3,50,3],[49,4,50,4],[49,5,50,5],[49,6,50,6],[49,7,50,7],[49,8,49,11],[49,12,50,12],[56,0,56,6],[57,0,57,6],[57,7,57,9],[57,10,57,12],[58,0,58,12],[59,0,59,6],[59,7,59,9],[59,10,59,12],[60,0,61,0],[60,1,61,1],[60,2,61,2],[60,3,61,3],[60,4,61,4],[60,5,61,5],[60,6,61,6],[60,7,61,7],[60,8,60,11],[60,12,61,12],[66,0,66,6],[67,0,67,6],[67,7,67,9],[67,10,67,12],[68,0,68,12],[69,0,69,6],[69,7,69,9],[69,10,69,12],[70,0,71,0],[70,1,71,1],[70,2,71,2],[70,3,71,3],[70,4,71,4],[70,5,71,5],[70,6,71,6],[70,7,71,7],[70,8,70,11],[70,12,71,12],[75,0,75,6],[76,0,76,6],[76,7,76,9],[76,10,76,12],[77,0,77,12],[78,0,78,6],[78,7,78,9],[78,10,78,12],[79,0,80,0],[79,1,80,1],[79,2,80,2],[79,3,80,3],[79,4,80,4],[79,5,80,5],[79,6,80,6],[79,7,80,7],[79,8,79,11],[79,12,80,12],[83,0,83,6],[84,0,84,6],[84,7,84,9],[84,10,84,12],[85,0,85,12],[86,0,86,6],[86,7,86,9],[86,10,86,12],[87,0,88,0],[87,1,88,1],[87,2,88,2],[87,3,88,3],[87,4,88,4],[87,5,88,5],[87,6,88,6],[87,7,88,7],[87,8,87,11],[87,12,88,12],[92,0,92,6],[93,0,93,6],[93,7,93,9],[93,10,93,12],[94,0,94,12],[95,0,95,6],[95,7,95,9],[95,10,95,12],[96,0,97,0],[96,1,97,1],[96,2,97,2],[96,3,97,3],[96,4,97,4],[96,5,97,5],[96,6,97,6],[96,7,97,7],[96,8,96,11],[96,12,97,12],[101,0,101,6],[102,0,102,6],[102,7,102,9],[102,10,102,12],[103,0,103,12],[104,0,104,6],[104,7,104,9],[104,10,104,12],[105,0,106,0],[105,1,106,1],[105,2,106,2],[105,3,106,3],[105,4,106,4],[105,5,106,5],[105,6,106,6],[105,7,106,7],[105,8,105,11],[105,12,106,12],[111,0,111,6],[112,0,112,6],[112,7,112,9],[112,10,112,12],[113,0,113,12],[114,0,114,6],[114,7,114,9],[114,10,114,12],[115,0,116,0],[115,1,116,1],[115,2,116,2],[115,3,116,3],[115,4,116,4],[115,5,116,5],[115,6,116,6],[115,7,116,7],[115,8,115,11],[115,12,116,12],[121,0,121,6],[122,0,122,6],[122,7,122,9],[122,10,122,12],[123,0,123,12],[124,0,124,6],[124,7,124,9],[124,10,124,12],[125,0,126,0],[125,1,126,1],[125,2,126,2],[125,3,126,3],[125,4,126,4],[125,5,126,5],[125,6,126,6],[125,7,126,7],[125,8,125,11],[125,12,126,12],[129,0,129,6],[130,0,130,6],[130,7,130,9],[130,10,130,12],[131,0,131,12],[132,0,132,6],[132,7,132,9],[132,10,132,12],[133,0,134,0],[133,1,134,1],[133,2,134,2],[133,3,134,3],[133,4,134,4],[133,5,134,5],[133,6,134,6],[133,7,134,7],[133,8,133,11],[133,12,134,12],[137,0,137,6],[138,0,138,6],[138,7,138,9],[138,10,138,12],[139,0,139,12],[140,0,140,6],[140,7,140,9],[140,10,140,12],[141,0,142,0],[141,1,142,1],[141,2,142,2],[141,3,142,3],[141,4,142,4],[141,5,142,5],[141,6,142,6],[141,7,142,7],[141,8,141,11],[141,12,142,12],[147,0,147,6],[148,0,148,6],[148,7,148,9],[148,10,148,12],[149,0,149,12],[150,0,150,6],[150,7,150,9],[150,10,150,12],[151,0,152,0],[151,1,152,1],[151,2,152,2],[151,3,152,3],[151,4,152,4],[151,5,152,5],[151,6,152,6],[151,7,152,7],[151,8,151,11],[151,12,152,12],[155,0,155,6],[156,0,156,6],[156,7,156,9],[156,10,156,12],[157,0,157,12],[158,0,158,6],[158,7,158,9],[158,10,158,12],[159,0,160,0],[159,1,160,1],[159,2,160,2],[159,3,160,3],[159,4,160,4],[159,5,160,5],[159,6,160,6],[159,7,160,7],[159,8,159,11],[159,12,160,12],[164,0,164,6],[165,0,165,6],[165,7,165,9],[165,10,165,12],[166,0,166,12],[167,0,167,6],[167,7,167,9],[167,10,167,12],[168,0,169,0],[168,1,169,1],[168,2,169,2],[168,3,169,3],[168,4,169,4],[168,5,169,5],[168,6,169,6],[168,7,169,7],[168,8,168,11],[168,12,169,12],[173,0,173,6],[174,0,174,6],[174,7,174,9],[174,10,174,12],[175,0,175,12],[176,0,176,6],[176,7,176,9],[176,10,176,12],[177,0,178,0],[177,1,178,1],[177,2,178,2],[177,3,178,3],[177,4,178,4],[177,5,178,5],[177,6,178,6],[177,7,178,7],[177,8,177,11],[177,12,178,12],[188,0,188,6],[189,0,189,6],[190,0,190,6],[190,7,190,9],[190,10,190,12]]}
["分部分项工程量清单与计价表"]
["单位工程(专业)：安装工程-23层安装工程",{"$nulls":9},"第 1 页  共 20 页"]
["序号","项目编码","项目名称","项目特征","计量单位","工程量","综合单价(元)","合价(元)","其中(元)",{"$nulls":3},"备注"]
[{"$nulls":8},"定额人工费","人工费价差","定额机械费","机械费价差"]
[null,null,"电气工程",{"$nulls":4},31206,8606,1274,15]
[null,null,"户内电气",{"$nulls":4},21148,5920,876,9]
[1,"030404019007","控制开关","1、名称：配电箱断路器\n2、规格：CH2L-C16A/1P+N\n3、其他：符合设计及规范要求","个",5,118.16,590.8,38.5,5.7]
[2,"030411001023","配管","1、名称：薄壁镀锌钢管\n2、规格：JDG20\n3、配置形式：砖、混凝土结构明配","m",296.24,15.18,4496.92,1848.54,275.5]
[3,"030411001024","配管","1、名称：薄壁镀锌钢管 \n2、规格：JDG20\n3、配置形式：砖、混凝土结构暗配","m",73.11,11.22,820.29,275.62,40.22,3.66]
[4,"030411001025","配管","1、名称：金属软管敷设\n2、规格：DN20\n3、配置形式：砖、混凝土结构明配","m",15.1,20.14,304.11,109.63,16.3]
["本页小计",{"$nulls":6},6212,2272,338,4]
[{"$nulls":10},"表—07"]
["分部分项工程量清单与计价表"]
["单位工程(专业)：安装工程-23层安装工程",{"$nulls":9},"第 2 页  共 20 页"]
["序号","项目编码","项目名称","项目特征","计量单位","工程量","综合单价(元)","合价(元)","其中(元)",{"$nulls":3},"备注"]
[{"$nulls":8},"定额人工费","人工费价差","定额机械费","机械费价差"]
[5,"030411004013","配线","1、名称：铜芯塑料绝缘电线\n2、类型：照明\n3、规格、型号：WDZB1-BYJ-2.5\n4、配线形式：管内穿线","m",1008.72,3.29,3318.69,615.32,90.78]
[6,"030411004014","配线","1、名称：铜芯塑料绝缘电线\n2、类型：照明\n3、规格、型号：WDZB1-BYJR-2.5\n4、配线形式：管内穿线","m",340.26,3.53,1201.12,207.56,30.62]
[7,"030412004028","装饰灯","1、名称：LED灯带\n2、规格：7W/m，3000K\n3、安装形式：内藏\n4、附件：分支接头、灯带驱动器等","m",34.35,28.11,965.58,466.47,69.05]
["本页小计",{"$nulls":6},5485,1289,190]
[{"$nulls":10},"表—07"]
["分部分项工程量清单与计价表"]
["单位工程(专业)：安装工程-23层安装工程",{"$nulls":9},"第 3 页  共 20 页"]
["序号","项目编码","项目名称","项目特征","计量单位","工程量","综合单价(元)","合价(元)","其中(元)",{"$nulls":3},"备注"]
[{"$nulls":8},"定额人工费","人工费价差","定额机械费","机械费价差"]
[8,"030412004029","装饰灯","1、名称：软膜灯\n2、规格：12W/m2，6000K\n3、安装方式：嵌入式\n4、其他：符合设计及规范要求","m2",0.73,189.16,138.09,37.08,5.5]
[9,"030412004030","装饰灯","1、名称：筒灯（含光源）\n2、规格：80mm，9W，4000K，LED\n3、安装方式：吸顶/嵌入式综合考虑\n4、其他：符合设计及规范要求","套",39,112,4368,670.41,99.06]
["本页小计",{"$nulls":6},4506,707,105]
[{"$nulls":10},"表—07"]
["分部分项工程量清单与计价表"]
["单位工程(专业)：安装工程-23层安装工程",{"$nulls":9},"第 4 页  共 20 页"]
["序号","项目编码","项目名称","项目特征","计量单位","工程量","综合单价(元)","合价(元)","其中(元)",{"$nulls":3},"备注"]
[{"$nulls":8},"定额人工费","人工费价差","定额机械费","机械费价差"]
[10,"030412004031","装饰灯","1、名称：感应筒灯（含光源）\n2、规格：80mm，9W，4000K，LED\n3、安装方式：吸顶/嵌入式综合考虑\n4、其他：符合设计及规范要求","套",11,152.4,1676.4,189.09,27.94]
[11,"030412004032","装饰灯","1、名称：线性灯\n2、规格：7w/m，4000K\n3、安装形式：内藏\n4、附件：分支接头、灯带驱动器等","m",63.16,28.11,1775.43,857.71,126.95]
[12,"030404034015","照明开关","1、名称：单联单控开关\n2、类型：跷板暗开关\n3、规格：86型，10A\n4、安装方式：暗装","套",2,14.69,29.38,13.24,1.96]
["本页小计",{"$nulls":6},3481,1060,157]
[{"$nulls":10},"表—07"]
["分部分项工程量清单与计价表"]
["单位工程(专业)：安装工程-23层安装工程",{"$nulls":9},"第 5 页  共 20 页"]
["序号","项目编码","项目名称","项目特征","计量单位","工程量","综合单价(元)","合价(元)","其中(元)",{"$nulls":3},"备注"]
[{"$nulls":8},"定额人工费","人工费价差","定额机械费","机械费价差"]
[13,"030404034016","照明开关","1、名称：双联单控开关\n2、类型：跷板暗开关\n3、规格：86型，10A\n4、安装方式：暗装","套",2,16.8,33.6,13.24,1.96]
[14,"030404034017","照明开关","1、名称：三联单控开关\n2、类型：跷板暗开关\n3、规格：86型，10A\n4、安装方式：暗装","套",5,22.45,112.25,33.1,4.9]
[15,"030404035009","插座","1、名称：单相五孔插座\n2、规格：86型，10A\n3、安装方式：暗装","套",4,18,72,31.2,4.64]
["本页小计",{"$nulls":6},218,78,12]
[{"$nulls":10},"表—07"]
["分部分项工程量清单与计价表"]
["单位工程(专业)：安装工程-23层安装工程",{"$nulls":9},"第 6 页  共 20 页"]
["序号","项目编码","项目名称","项目特征","计量单位","工程量","综合单价(元)","合价(元)","其中(元)",{"$nulls":3},"备注"]
[{"$nulls":8},"定额人工费","人工费价差","定额机械费","机械费价差"]
[16,"030404035010","插座","1、名称：单相防溅五孔插座\n2、规格：86型，10A\n3、安装方式：暗装","套",2,23.27,46.54,15.6,2.32]
[17,"030411006013","接线盒","1、名称：接线盒\n2、材质：钢质\n3、规格：86型\n4、安装形式：暗装","个",66,8.77,578.82,183.48,27.06]
[18,"030411006014","接线盒","1、名称：开关盒、插座盒\n2、材质：钢质\n3、规格：86型\n4、安装形式：暗装","个",15,8.52,127.8,43.95,6.45]
[19,"030413002009","凿（压）槽","1、名称：混凝土刨沟槽\n2、规格：DN20\n3、其他：含沟槽恢复","m",73.11,6.73,492.03,270.51,39.48,5.12]
[null,null,"电梯厅及卫生间电气工程",{"$nulls":4},10058,2685,397,7]
["本页小计",{"$nulls":6},1245,514,75,5]
[{"$nulls":10},"表—07"]
["分部分项工程量清单与计价表"]
["单位工程(专业)：安装工程-23层安装工程",{"$nulls":9},"第 7 页  共 20 页"]
["序号","项目编码","项目名称","项目特征","计量单位","工程量","综合单价(元)","合价(元)","其中(元)",{"$nulls":3},"备注"]
[{"$nulls":8},"定额人工费","人工费价差","定额机械费","机械费价差"]
[20,"030404019008","控制开关","1、名称：配电箱断路器\n2、规格：CH2L-C16A/1P+N\n3、其他：符合设计及规范要求","个",7,118.16,827.12,53.9,7.98]
[21,"030411001026","配管","1、名称：薄壁镀锌钢管\n2、规格：JDG20\n3、配置形式：砖、混凝土结构明配","m",98.03,15.18,1488.1,611.71,91.17]
[22,"030411001027","配管","1、名称：薄壁镀锌钢管\n2、规格：JDG25\n3、配置形式：砖、混凝土结构明配","m",20.86,16.7,348.36,137.88,20.45]
[23,"030411001028","配管","1、名称：薄壁镀锌钢管 \n2、规格：JDG20\n3、配置形式：砖、混凝土结构暗配","m",43.45,11.22,487.51,163.81,23.89,2.17]
["本页小计",{"$nulls":6},3151,967,143,2]
[{"$nulls":10},"表—07"]
["分部分项工程量清单与计价表"]
["单位工程(专业)：安装工程-23层安装工程",{"$nulls":9},"第 8 页  共 20 页"]
["序号","项目编码","项目名称","项目特征","计量单位","工程量","综合单价(元)","合价(元)","其中(元)",{"$nulls":3},"备注"]
[{"$nulls":8},"定额人工费","人工费价差","定额机械费","机械费价差"]
[24,"030411001029","配管","1、名称：薄壁镀锌钢管 \n2、规格：JDG20\n3、配置形式：砖、混凝土结构暗配","m",8.1,14.75,119.48,41.96,6.24,0.57]
[25,"030411001030","配管","1、名称：金属软管敷设\n2、规格：DN20\n3、配置形式：砖、混凝土结构明配","m",8.7,20.14,175.22,63.16,9.4]
[26,"030411004015","配线","1、名称：铜芯塑料绝缘电线\n2、类型：照明\n3、规格、型号：WDZB1-BYJ-2.5\n4、配线形式：管内穿线","m",440.76,3.29,1450.1,268.86,39.67]
["本页小计",{"$nulls":6},1745,374,55,1]
[{"$nulls":10},"表—07"]
["分部分项工程量清单与计价表"]
["单位工程(专业)：安装工程-23层安装工程",{"$nulls":9},"第 9 页  共 20 页"]
["序号","项目编码","项目名称","项目特征","计量单位","工程量","综合单价(元)","合价(元)","其中(元)",{"$nulls":3},"备注"]
[{"$nulls":8},"定额人工费","人工费价差","定额机械费","机械费价差"]
[27,"030411004016","配线","1、名称：铜芯塑料绝缘电线\n2、类型：照明\n3、规格、型号：WDZB1-BYJR-2.5\n4、配线形式：管内穿线","m",171.02,3.53,603.7,104.32,15.39]
[28,"030412004033","装饰灯","1、名称：筒灯（含光源）\n2、规格：80mm，9W，4000K，LED\n3、安装方式：吸顶/嵌入式综合考虑\n4、其他：符合设计及规范要求","套",22,112,2464,378.18,55.88]
["本页小计",{"$nulls":6},3068,483,71]
[{"$nulls":10},"表—07"]
["分部分项工程量清单与计价表"]
["单位工程(专业)：安装工程-23层安装工程",{"$nulls":9},"第 10 页  共 20 页"]
["序号","项目编码","项目名称","项目特征","计量单位","工程量","综合单价(元)","合价(元)","其中(元)",{"$nulls":3},"备注"]
[{"$nulls":8},"定额人工费","人工费价差","定额机械费","机械费价差"]
[29,"030412004034","装饰灯","1、名称：LED灯带\n2、规格：7W/m，3000K\n3、安装形式：内藏\n4、附件：分支接头、灯带驱动器等","m",19.48,28.11,547.58,264.54,39.15]
[30,"030412004035","装饰灯","1、名称：线性灯\n2、规格：7w/m，4000K\n3、安装形式：内藏\n4、附件：分支接头、灯带驱动器等","m",13.8,28.11,387.92,187.4,27.74]
[31,"030404031003","小电器","1、名称：换气扇\n2、安装方式：吸顶式\n3、其他：符合设计及规范要求","台",2,176.2,352.4,56.7,8.4]
["本页小计",{"$nulls":6},1288,509,75]
[{"$nulls":10},"表—07"]
["分部分项工程量清单与计价表"]
["单位工程(专业)：安装工程-23层安装工程",{"$nulls":9},"第 11 页  共 20 页"]
["序号","项目编码","项目名称","项目特征","计量单位","工程量","综合单价(元)","合价(元)","其中(元)",{"$nulls":3},"备注"]
[{"$nulls":8},"定额人工费","人工费价差","定额机械费","机械费价差"]
[32,"030404034018","照明开关","1、名称：单联单控开关\n2、类型：跷板暗开关\n3、规格：86型，10A\n4、安装方式：暗装","套",3,14.69,44.07,19.86,2.94]
[33,"030404034019","照明开关","1、名称：双联单控开关\n2、类型：跷板暗开关\n3、规格：86型，10A\n4、安装方式：暗装","套",2,16.8,33.6,13.24,1.96]
[34,"030404034020","照明开关","1、名称：三联单控开关\n2、类型：跷板暗开关\n3、规格：86型，10A\n4、安装方式：暗装","套",3,22.45,67.35,19.86,2.94]
["本页小计",{"$nulls":6},145,53,8]
[{"$nulls":10},"表—07"]
["分部分项工程量清单与计价表"]
["单位工程(专业)：安装工程-23层安装工程",{"$nulls":9},"第 12 页  共 20 页"]
["序号","项目编码","项目名称","项目特征","计量单位","工程量","综合单价(元)","合价(元)","其中(元)",{"$nulls":3},"备注"]
[{"$nulls":8},"定额人工费","人工费价差","定额机械费","机械费价差"]
[35,"030404035011","插座","1、名称：单相五孔插座\n2、规格：86型，10A\n3、安装方式：暗装","套",2,18,36,15.6,2.32]
[36,"030404035012","插座","1、名称：单相防溅五孔插座\n2、规格：86型，10A\n3、安装方式：暗装","套",6,23.27,139.62,46.8,6.96]
[37,"030411006015","接线盒","1、名称：接线盒\n2、材质：钢质\n3、规格：86型\n4、安装形式：暗装","个",11,8.77,96.47,30.58,4.51]
[38,"030411006016","接线盒","1、名称：开关盒、插座盒\n2、材质：钢质\n3、规格：86型\n4、安装形式：暗装","个",4,8.52,34.08,11.72,1.72]
["本页小计",{"$nulls":6},306,105,16]
[{"$nulls":10},"表—07"]
["分部分项工程量清单与计价表"]
["单位工程(专业)：安装工程-23层安装工程",{"$nulls":9},"第 13 页  共 20 页"]
["序号","项目编码","项目名称","项目特征","计量单位","工程量","综合单价(元)","合价(元)","其中(元)",{"$nulls":3},"备注"]
[{"$nulls":8},"定额人工费","人工费价差","定额机械费","机械费价差"]
[39,"030413002010","凿（压）槽","1、名称：混凝土刨沟槽\n2、规格：DN20以下\n3、其他：含沟槽恢复","m",43.45,6.73,292.42,160.77,23.46,3.04]
[40,"030413002011","凿（压）槽","1、名称：混凝土刨沟槽\n2、规格：DN32以下\n3、其他：含沟槽恢复","m",8.1,7.75,62.78,34.43,5.1,0.81]
[null,null,"给排水工程",{"$nulls":4},7769,1388,205,7]
[null,null,"给水工程",{"$nulls":4},2166,819,121,7]
["本页小计",{"$nulls":6},355,195,29,4]
[{"$nulls":10},"表—07"]
["分部分项工程量清单与计价表"]
["单位工程(专业)：安装工程-23层安装工程",{"$nulls":9},"第 14 页  共 20 页"]
["序号","项目编码","项目名称","项目特征","计量单位","工程量","综合单价(元)","合价(元)","其中(元)",{"$nulls":3},"备注"]
[{"$nulls":8},"定额人工费","人工费价差","定额机械费","机械费价差"]
[41,"031001006025","塑料管","1、安装部位：室内\n2、介质：水\n3、材质：PP-R给水管\n4、规格：DN15，PN=1.25\n5、连接形式：热熔\n6、压力试验及吹、洗 设计要求：按设计文件及相关规范要求","m",9.36,15.21,142.37,61.12,9.08,1.03]
[42,"031001006026","塑料管","1、安装部位：室内\n2、介质：水\n3、材质：PP-R给水管\n4、规格：DN25，PN=1.25\n5、连接形式：热熔\n6、压力试验及吹、洗 设计要求：按设计文件及相关规范要求","m",10.87,21.59,234.68,87.94,12.93,1.2]
["本页小计",{"$nulls":6},377,149,22,2]
[{"$nulls":10},"表—07"]
["分部分项工程量清单与计价表"]
["单位工程(专业)：安装工程-23层安装工程",{"$nulls":9},"第 15 页  共 20 页"]
["序号","项目编码","项目名称","项目特征","计量单位","工程量","综合单价(元)","合价(元)","其中(元)",{"$nulls":3},"备注"]
[{"$nulls":8},"定额人工费","人工费价差","定额机械费","机械费价差"]
[43,"031001006027","塑料管","1、安装部位：室内\n2、介质：水\n3、材质：PP-R给水管\n4、规格：DN40，PN=1.25\n5、连接形式：热熔\n6、压力试验及吹、洗 设计要求：按设计文件及相关规范要求","m",1.29,37.62,48.53,15.13,2.23,0.14]
[44,"031001006028","塑料管","1、安装部位：室内\n2、介质：水\n3、材质：PP-R给水管\n4、规格：DN50，PN=1.25\n5、连接形式：热熔\n6、压力试验及吹、洗 设计要求：按设计文件及相关规范要求","m",18.7,50.35,941.55,225.15,33.28,3.37]
["本页小计",{"$nulls":6},990,240,36,4]
[{"$nulls":10},"表—07"]
["分部分项工程量清单与计价表"]
["单位工程(专业)：安装工程-23层安装工程",{"$nulls":9},"第 16 页  共 20 页"]
["序号","项目编码","项目名称","项目特征","计量单位","工程量","综合单价(元)","合价(元)","其中(元)",{"$nulls":3},"备注"]
[{"$nulls":8},"定额人工费","人工费价差","定额机械费","机械费价差"]
[45,"031003001004","螺纹阀门","1、类型：闸阀\n2、材质：铜质\n3、规格、压力等级：DN50\n4、连接形式：螺纹","个",1,180.16,180.16,16.74,2.48,0.82,-0.04]
[46,"03B004","暗敷管道补贴","1、名称：暗敷管道补贴\n2、部位：卫生间\n3、规格：12m以上\n4、其他：符合设计及规范要求","间",2,297.54,595.08,405,60]
[47,"030413003013","打洞（孔）","1、名称：砖墙及砌体墙开孔\n2、规格：DN50\n3、附件：含孔洞修复","个",2,11.8,23.6,7.46,1.1]
[null,null,"排水工程",{"$nulls":4},5603,570,84]
["本页小计",{"$nulls":6},799,429,64,1]
[{"$nulls":10},"表—07"]
["分部分项工程量清单与计价表"]
["单位工程(专业)：安装工程-23层安装工程",{"$nulls":9},"第 17 页  共 20 页"]
["序号","项目编码","项目名称","项目特征","计量单位","工程量","综合单价(元)","合价(元)","其中(元)",{"$nulls":3},"备注"]
[{"$nulls":8},"定额人工费","人工费价差","定额机械费","机械费价差"]
[48,"031001006029","塑料管","1、安装部位：室内\n2、介质：污废水\n3、材质、规格：PVC-U 110\n4、连接形式：粘接\n5、压力试验及吹、洗 设计要求：按设计文件及相关规范要求","m",13.38,42.38,567.04,162.97,24.08]
[49,"031001006030","塑料管","1、安装部位：室内\n2、介质：污废水\n3、材质、规格：PVC-U 75\n4、连接形式：粘接\n5、压力试验及吹、洗 设计要求：按设计文件及相关规范要求","m",4,28.32,113.28,40.16,5.96]
["本页小计",{"$nulls":6},680,203,30]
[{"$nulls":10},"表—07"]
["分部分项工程量清单与计价表"]
["单位工程(专业)：安装工程-23层安装工程",{"$nulls":9},"第 18 页  共 20 页"]
["序号","项目编码","项目名称","项目特征","计量单位","工程量","综合单价(元)","合价(元)","其中(元)",{"$nulls":3},"备注"]
[{"$nulls":8},"定额人工费","人工费价差","定额机械费","机械费价差"]
[50,"031001006031","塑料管","1、安装部位：室内\n2、介质：污废水\n3、材质、规格：PVC-U 50\n4、连接形式：粘接\n5、压力试验及吹、洗 设计要求：按设计文件及相关规范要求","m",6.7,19.8,132.66,55.21,8.17]
[51,"030413003014","打洞（孔）","1、名称：砖墙及砌体墙开孔\n2、规格：DN80\n3、附件：含孔洞修复","个",2,14.05,28.1,10.36,1.54]
[52,"030413003015","打洞（孔）","1、名称：砖墙及砌体墙开孔\n2、规格：DN100\n3、附件：含孔洞修复","个",4,16.91,67.64,27.2,4.04]
["本页小计",{"$nulls":6},228,93,14]
[{"$nulls":10},"表—07"]
["分部分项工程量清单与计价表"]
["单位工程(专业)：安装工程-23层安装工程",{"$nulls":9},"第 19 页  共 20 页"]
["序号","项目编码","项目名称","项目特征","计量单位","工程量","综合单价(元)","合价(元)","其中(元)",{"$nulls":3},"备注"]
[{"$nulls":8},"定额人工费","人工费价差","定额机械费","机械费价差"]
[53,"031004007004","小便器","1、材质：瓷质\n2、规格、类型：壁挂式\n3、组装形式：延时冲洗阀\n4、附件：延时冲洗阀、三角阀、金属软管、五金配件等.","组",2,412.69,825.38,39.86,5.9]
[54,"031004014004","给、排水附（配）件","1、名称：地漏安装\n2、材质：不锈钢\n3、规格：DN50\n4、其他：详见设计及规范","个",2,24.93,49.86,18.98,2.82]
[55,"031004006004","大便器","1、材质：瓷质\n2、规格、类型：蹲式\n3、组装形式：脚踏延时冲洗\n4、附件：脚踏延时冲洗阀、下水、五金配件等","组",4,575.18,2300.72,136.64,20.24]
["本页小计",{"$nulls":6},3176,195,29]
[{"$nulls":10},"表—07"]
["分部分项工程量清单与计价表"]
["单位工程(专业)：安装工程-23层安装工程",{"$nulls":9},"第 20 页  共 20 页"]
["序号","项目编码","项目名称","项目特征","计量单位","工程量","综合单价(元)","合价(元)","其中(元)",{"$nulls":3},"备注"]
[{"$nulls":8},"定额人工费","人工费价差","定额机械费","机械费价差"]
[56,"031004008004","其他成品卫生器具","1、材质：瓷质\n2、规格、类型：成品拖布池\n3、附件名称、数量：长颈水嘴、五金配件等","套",1,426.93,426.93,23.03,3.41]
[57,"031004003004","洗脸盆","1、材质：瓷质\n2、规格、类型：冷热水\n3、组装形式：台下盆\n4、附件：洗脸盆龙头、下水、三角阀、金属软管、五金配件等","组",2,545.7,1091.4,55.46,8.22]
{"$rows_empty":7}
["本页小计",{"$nulls":6},1518,78,12]
["合   计",{"$nulls":6},38975,9994,1479,22]
[{"$nulls":10},"表—07"]

{"sheet":"表-08 施工技术措施项目清单与计价表【23层安装工程】","index":24,"n_rows":24,"n_cols":13,"rows_kept":24,"merged":[[0,0,0,12],[1,0,1,7],[1,8,1,9],[1,10,1,12],[2,0,3,0],[2,1,3,1],[2,2,3,2],[2,3,3,3],[2,4,3,4],[2,5,3,5],[2,6,3,6],[2,7,3,7],[2,8,2,11],[2,12,3,12],[21,0,21,6],[22,0,22,6],[23,0,23,7],[23,8,23,9],[23,10,23,12]]}
["施工技术措施项目清单与计价表"]
["单位工程(专业)：安装工程-23层安装工程",{"$nulls":9},"第 1 页  共 1 页"]
["序号","项目编码","项目名称","项目特征","计量单位","工程量","综合单价(元)","合价(元)","其中(元)",{"$nulls":3},"备注"]
[{"$nulls":8},"定额人工费","人工费价差","定额机械费","机械费价差"]
[null,null,"[请输入分部名称]",{"$nulls":4},474,102,15]
[1,"031301017004","脚手架搭拆","脚手架搭拆费第四、十层","项",1,474.18,474.18,102.41,15.17]
{"$rows_empty":15}
["本页小计",{"$nulls":6},474,102,15]
["合   计",{"$nulls":6},474,102,15]
[{"$nulls":10},"表—08"]

{"sheet":"表-09 工程量清单综合单价计算表【23层安装工程】","index":25,"n_rows":207,"n_cols":15,"rows_kept":207,"merged":[[0,0,0,10],[0,11,0,14],[1,0,1,14],[2,0,2,5],[2,6,2,10],[2,11,2,14],[3,0,4,0],[3,1,4,1],[3,2,4,2],[3,3,4,3],[3,4,4,4],[3,5,3,13],[3,14,4,14],[4,6,4,6],[4,7,4,7],[16,0,16,1],[16,3,16,5],[16,6,16,8],[16,9,16,10],[16,11,16,14],[17,0,17,10],[17,11,17,14],[18,0,18,14],[19,0,19,5],[19,6,19,10],[19,11,19,14],[20,0,21,0],[20,1,21,1],[20,2,21,2],[20,3,21,3],[20,4,21,4],[20,5,20,13],[20,14,21,14],[21,6,21,6],[21,7,21,7],[34,0,34,1],[34,3,34,5],[34,6,34,8],[34,9,34,10],[34,11,34,14],[35,0,35,10],[35,11,35,14],[36,0,36,14],[37,0,37,5],[37,6,37,10],[37,11,37,14],[38,0,39,0],[38,1,39,1],[38,2,39,2],[38,3,39,3],[38,4,39,4],[38,5,38,13],[38,14,39,14],[39,6,39,6],[39,7,39,7],[55,0,55,1],[55,3,55,5],[55,6,55,8],[55,9,55,10],[55,11,55,14],[56,0,56,10],[56,11,56,14],[57,0,57,14],[58,0,58,5],[58,6,58,10],[58,11,58,14],[59,0,60,0],[59,1,60,1],[59,2,60,2],[59,3,60,3],[59,4,60,4],[59,5,59,13],[59,14,60,14],[60,6,60,6],[60,7,60,7],[72,0,72,1],[72,3,72,5],[72,6,72,8],[72,9,72,10],[72,11,72,14],[73,0,73,10],[73,11,73,14],[74,0,74,14],[75,0,75,5],[75,6,75,10],[75,11,75,14],[76,0,77,0],[76,1,77,1],[76,2,77,2],[76,3,77,3],[76,4,77,4],[76,5,76,13],[76,14,77,14],[77,6,77,6],[77,7,77,7],[89,0,89,1],[89,3,89,5],[89,6,89,8],[89,9,89,10],[89,11,89,14],[90,0,90,10],[90,11,90,14],[91,0,91,14],[92,0,92,5],[92,6,92,10],[92,11,92,14],[93,0,94,0],[93,1,94,1],[93,2,94,2],[93,3,94,3],[93,4,94,4],[93,5,93,13],[93,14,94,14],[94,6,94,6],[94,7,94,7],[109,0,109,1],[109,3,109,5],[109,6,109,8],[109,9,109,10],[109,11,109,14],[110,0,110,10],[110,11,110,14],[111,0,111,14],[112,0,112,5],[112,6,112,10],[112,11,112,14],[113,0,114,0],[113,1,114,1],[113,2,114,2],[113,3,114,3],[113,4,114,4],[113,5,113,13],[113,14,114,14],[114,6,114,6],[114,7,114,7],[128,0,128,1],[128,3,128,5],[128,6,128,8],[128,9,128,10],[128,11,128,14],[129,0,129,10],[129,11,129,14],[130,0,130,14],[131,0,131,5],[131,6,131,10],[131,11,131,14],[132,0,133,0],[132,1,133,1],[132,2,133,2],[132,3,133,3],[132,4,133,4],[132,5,132,13],[132,14,133,14],[133,6,133,6],[133,7,133,7],[146,0,146,1],[146,3,146,5],[146,6,146,8],[146,9,146,10],[146,11,146,14],[147,0,147,10],[147,11,147,14],[148,0,148,14],[149,0,149,5],[149,6,149,10],[149,11,149,14],[150,0,151,0],[150,1,151,1],[150,2,151,2],[150,3,151,3],[150,4,151,4],[150,5,150,13],[150,14,151,14],[151,6,151,6],[151,7,151,7],[165,0,165,1],[165,3,165,5],[165,6,165,8],[165,9,165,10],[165,11,165,14],[166,0,166,10],[166,11,166,14],[167,0,167,14],[168,0,168,5],[168,6,168,10],[168,11,168,14],[169,0,170,0],[169,1,170,1],[169,2,170,2],[169,3,170,3],[169,4,170,4],[169,5,169,13],[169,14,170,14],[170,6,170,6],[170,7,170,7],[184,0,184,1],[184,3,184,5],[184,6,184,8],[184,9,184,10],[184,11,184,14],[185,0,185,10],[185,11,185,14],[186,0,186,14],[187,0,187,5],[187,6,187,10],[187,11,187,14],[188,0,189,0],[188,1,189,1],[188,2,189,2],[188,3,189,3],[188,4,189,4],[188,5,188,13],[188,14,189,14],[189,6,189,6],[189,7,189,7],[205,0,205,13],[206,0,206,1],[206,3,206,5],[206,6,206,8],[206,9,206,10],[206,11,206,14]]}
[]
["工程量清单综合单价计算表"]
["单位工程(专业)：安装工程-23层安装工程",{"$nulls":10},"第 1 页  共 11 页"]
["序号","项目编号","项目名称","计量单位","数量","综合单价（元）",{"$nulls":8},"合计(元)"]
[{"$nulls":5},"定额人工费","人工费价差","材料费","定额机械费","机械费价差","管理费","利润","风险费用","小计"]
[null,null,"电气工程"]
[null,null,"户内电气"]
[1,"030404019007","控制开关","个",5,7.7,1.14,106.85,null,null,1.67,0.8,null,118.16,591]
[null,"4-4-83","微型空气开关(卡插式)","个",5,7.7,1.14,106.85,null,null,1.67,0.8,null,118.16,591]
[2,"030411001023","配管","m",296.24,6.24,0.93,6,null,null,1.36,0.65,null,15.18,4497]
[null,"4-11-2 换","套接紧定式镀锌钢导管(JDG)敷设 砖、混凝土结构明配 公称直径(mm)20","m",296.24,6.24,0.93,6,null,null,1.36,0.65,null,15.18,4497]
[3,"030411001024","配管","m",73.11,3.77,0.55,5.62,0.05,null,0.83,0.4,null,11.22,820]
[null,"4-11-8 换","套接紧定式镀锌钢导管(JDG)敷设 砖、混凝土结构暗配 公称直径(mm)20","m",73.11,3.77,0.55,5.62,0.05,null,0.83,0.4,null,11.22,820]
[4,"030411001025","配管","m",15.1,7.26,1.08,9.46,null,null,1.58,0.76,null,20.14,304]
[null,"4-11-178","金属软管敷设 内径(mm)≤16每根长≤0.5m","m",15.1,7.26,1.08,9.46,null,null,1.58,0.76,null,20.14,304]
[5,"030411004013","配线","m",1008.72,0.61,0.09,2.4,null,null,0.13,0.06,null,3.29,3319]
[{"$nulls":11},"表-09"]
[]
["工程量清单综合单价计算表"]
["单位工程(专业)：安装工程-23层安装工程",{"$nulls":10},"第 2 页  共 11 页"]
["序号","项目编号","项目名称","计量单位","数量","综合单价（元）",{"$nulls":8},"合计(元)"]
[{"$nulls":5},"定额人工费","人工费价差","材料费","定额机械费","机械费价差","管理费","利润","风险费用","小计"]
[null,"4-12-5 换","穿照明线 铜芯导线截面(mm2以内)2.5","m",1008.72,0.61,0.09,2.4,null,null,0.13,0.06,null,3.29,3319]
[6,"030411004014","配线","m",340.26,0.61,0.09,2.64,null,null,0.13,0.06,null,3.53,1201]
[null,"4-12-5 换","穿照明线 铜芯导线截面(mm2以内)2.5","m",340.26,0.61,0.09,2.64,null,null,0.13,0.06,null,3.53,1201]
[7,"030412004028","装饰灯","m",34.35,13.58,2.01,8.16,null,null,2.95,1.41,null,28.11,966]
[null,"4-13-137","天棚荧光灯带","m",34.35,13.58,2.01,8.16,null,null,2.95,1.41,null,28.11,966]
[8,"030412004029","装饰灯","m2",0.73,50.8,7.53,114.52,null,null,11.03,5.28,null,189.16,138]
[null,"4-13-135 换","发光棚荧光灯","m2",0.73,50.8,7.53,114.52,null,null,11.03,5.28,null,189.16,138]
[9,"030412004030","装饰灯","套",39,17.19,2.54,86.75,null,null,3.73,1.79,null,112,4368]
[null,"4-13-163 换","点光源艺术装饰灯具安装 嵌入式筒灯灯具直径φ75","套",39,17.19,2.54,86.75,null,null,3.73,1.79,null,112,4368]
[10,"030412004031","装饰灯","套",11,17.19,2.54,127.15,null,null,3.73,1.79,null,152.4,1676]
[null,"4-13-163 换","点光源艺术装饰灯具安装 嵌入式筒灯灯具直径φ75","套",11,17.19,2.54,127.15,null,null,3.73,1.79,null,152.4,1676]
[11,"030412004032","装饰灯","m",63.16,13.58,2.01,8.16,null,null,2.95,1.41,null,28.11,1775]
[{"$nulls":11},"表-09"]
[]
["工程量清单综合单价计算表"]
["单位工程(专业)：安装工程-23层安装工程",{"$nulls":10},"第 3 页  共 11 页"]
["序号","项目编号","项目名称","计量单位","数量","综合单价（元）",{"$nulls":8},"合计(元)"]
[{"$nulls":5},"定额人工费","人工费价差","材料费","定额机械费","机械费价差","管理费","利润","风险费用","小计"]
[null,"4-13-137","天棚荧光灯带","m",63.16,13.58,2.01,8.16,null,null,2.95,1.41,null,28.11,1775]
[12,"030404034015","照明开关","套",2,6.62,0.98,4.96,null,null,1.44,0.69,null,14.69,29]
[null,"4-13-301 换","跷板暗开关单控≤3联","套",2,6.62,0.98,4.96,null,null,1.44,0.69,null,14.69,29]
[13,"030404034016","照明开关","套",2,6.62,0.98,7.07,null,null,1.44,0.69,null,16.8,34]
[null,"4-13-301 换","跷板暗开关单控≤3联","套",2,6.62,0.98,7.07,null,null,1.44,0.69,null,16.8,34]
[14,"030404034017","照明开关","套",5,6.62,0.98,12.72,null,null,1.44,0.69,null,22.45,112]
[null,"4-13-301 换","跷板暗开关单控≤3联","套",5,6.62,0.98,12.72,null,null,1.44,0.69,null,22.45,112]
[15,"030404035009","插座","套",4,7.8,1.16,6.54,null,null,1.69,0.81,null,18,72]
[null,"4-13-323 换","单相暗插座电流(A)≤16","套",4,7.8,1.16,6.54,null,null,1.69,0.81,null,18,72]
[16,"030404035010","插座","套",2,7.8,1.16,11.81,null,null,1.69,0.81,null,23.27,47]
[null,"4-13-323 换","单相暗插座电流(A)≤16","套",2,7.8,1.16,11.81,null,null,1.69,0.81,null,23.27,47]
[17,"030411006013","接线盒","个",66,2.78,0.41,4.69,null,null,0.6,0.29,null,8.77,579]
[null,"4-11-212 换","暗装接线盒","个",66,2.78,0.41,4.69,null,null,0.6,0.29,null,8.77,579]
[18,"030411006014","接线盒","个",15,2.93,0.43,4.22,null,null,0.64,0.3,null,8.52,128]
[null,"4-11-211 换","开关盒、插座盒安装","个",15,2.93,0.43,4.22,null,null,0.64,0.3,null,8.52,128]
[{"$nulls":11},"表-09"]
[]
["工程量清单综合单价计算表"]
["单位工程(专业)：安装工程-23层安装工程",{"$nulls":10},"第 4 页  共 11 页"]
["序号","项目编号","项目名称","计量单位","数量","综合单价（元）",{"$nulls":8},"合计(元)"]
[{"$nulls":5},"定额人工费","人工费价差","材料费","定额机械费","机械费价差","管理费","利润","风险费用","小计"]
[19,"030413002009","凿（压）槽","m",73.11,3.7,0.54,1.22,0.07,null,0.81,0.39,null,6.73,492]
[null,"13-1-142 换","混凝土刨沟槽 管径(mm以内)20 \u007f二次精装修工程，在原粉刷层上进行砖墙开槽","m",73.11,1.7,0.25,0.15,0.07,null,0.38,0.18,null,2.73,200]
[null,"4-11-217","沟槽恢复配管1-2根","m",73.11,2,0.29,1.07,null,null,0.43,0.21,null,4,292]
[null,null,"电梯厅及卫生间电气工程"]
[20,"030404019008","控制开关","个",7,7.7,1.14,106.85,null,null,1.67,0.8,null,118.16,827]
[null,"4-4-83","微型空气开关(卡插式)","个",7,7.7,1.14,106.85,null,null,1.67,0.8,null,118.16,827]
[21,"030411001026","配管","m",98.03,6.24,0.93,6,null,null,1.36,0.65,null,15.18,1488]
[null,"4-11-2 换","套接紧定式镀锌钢导管(JDG)敷设 砖、混凝土结构明配 公称直径(mm)20","m",98.03,6.24,0.93,6,null,null,1.36,0.65,null,15.18,1488]
[22,"030411001027","配管","m",20.86,6.61,0.98,6.98,null,null,1.44,0.69,null,16.7,348]
[null,"4-11-3 换","套接紧定式镀锌钢导管(JDG)敷设 砖、混凝土结构明配 公称直径(mm)25","m",20.86,6.61,0.98,6.98,null,null,1.44,0.69,null,16.7,348]
[23,"03041100102","配管","m",43.45,3.77,0.55,5.62,0.05,null,0.83,0.4,null,11.22,488]
[{"$nulls":11},"表-09"]
[]
["工程量清单综合单价计算表"]
["单位工程(专业)：安装工程-23层安装工程",{"$nulls":10},"第 5 页  共 11 页"]
["序号","项目编号","项目名称","计量单位","数量","综合单价（元）",{"$nulls":8},"合计(元)"]
[{"$nulls":5},"定额人工费","人工费价差","材料费","定额机械费","机械费价差","管理费","利润","风险费用","小计"]
[null,"8"]
[null,"4-11-8 换","套接紧定式镀锌钢导管(JDG)敷设 砖、混凝土结构暗配 公称直径(mm)20","m",43.45,3.77,0.55,5.62,0.05,null,0.83,0.4,null,11.22,488]
[24,"030411001029","配管","m",8.1,5.18,0.77,7.04,0.07,null,1.14,0.55,null,14.75,119]
[null,"4-11-9 换","套接紧定式镀锌钢导管(JDG)敷设 砖、混凝土结构暗配 公称直径(mm)25","m",8.1,5.18,0.77,7.04,0.07,null,1.14,0.55,null,14.75,119]
[25,"030411001030","配管","m",8.7,7.26,1.08,9.46,null,null,1.58,0.76,null,20.14,175]
[null,"4-11-178","金属软管敷设 内径(mm)≤16每根长≤0.5m","m",8.7,7.26,1.08,9.46,null,null,1.58,0.76,null,20.14,175]
[26,"030411004015","配线","m",440.76,0.61,0.09,2.4,null,null,0.13,0.06,null,3.29,1450]
[null,"4-12-5 换","穿照明线 铜芯导线截面(mm2以内)2.5","m",440.76,0.61,0.09,2.4,null,null,0.13,0.06,null,3.29,1450]
[27,"030411004016","配线","m",171.02,0.61,0.09,2.64,null,null,0.13,0.06,null,3.53,604]
[null,"4-12-5 换","穿照明线 铜芯导线截面(mm2以内)2.5","m",171.02,0.61,0.09,2.64,null,null,0.13,0.06,null,3.53,604]
[28,"030412004033","装饰灯","套",22,17.19,2.54,86.75,null,null,3.73,1.79,null,112,2464]
[{"$nulls":11},"表-09"]
[]
["工程量清单综合单价计算表"]
["单位工程(专业)：安装工程-23层安装工程",{"$nulls":10},"第 6 页  共 11 页"]
["序号","项目编号","项目名称","计量单位","数量","综合单价（元）",{"$nulls":8},"合计(元)"]
[{"$nulls":5},"定额人工费","人工费价差","材料费","定额机械费","机械费价差","管理费","利润","风险费用","小计"]
[null,"4-13-163 换","点光源艺术装饰灯具安装 嵌入式筒灯灯具直径φ75","套",22,17.19,2.54,86.75,null,null,3.73,1.79,null,112,2464]
[29,"030412004034","装饰灯","m",19.48,13.58,2.01,8.16,null,null,2.95,1.41,null,28.11,548]
[null,"4-13-137","天棚荧光灯带","m",19.48,13.58,2.01,8.16,null,null,2.95,1.41,null,28.11,548]
[30,"030412004035","装饰灯","m",13.8,13.58,2.01,8.16,null,null,2.95,1.41,null,28.11,388]
[null,"4-13-137","天棚荧光灯带","m",13.8,13.58,2.01,8.16,null,null,2.95,1.41,null,28.11,388]
[31,"030404031003","小电器","台",2,28.35,4.2,134.54,null,null,6.16,2.95,null,176.2,352]
[null,"4-4-138","风扇安装换气扇","台",2,28.35,4.2,134.54,null,null,6.16,2.95,null,176.2,352]
[32,"030404034018","照明开关","套",3,6.62,0.98,4.96,null,null,1.44,0.69,null,14.69,44]
[null,"4-13-301 换","跷板暗开关单控≤3联","套",3,6.62,0.98,4.96,null,null,1.44,0.69,null,14.69,44]
[33,"030404034019","照明开关","套",2,6.62,0.98,7.07,null,null,1.44,0.69,null,16.8,34]
[null,"4-13-301 换","跷板暗开关单控≤3联","套",2,6.62,0.98,7.07,null,null,1.44,0.69,null,16.8,34]
[34,"030404034020","照明开关","套",3,6.62,0.98,12.72,null,null,1.44,0.69,null,22.45,67]
[null,"4-13-301 换","跷板暗开关单控≤3联","套",3,6.62,0.98,12.72,null,null,1.44,0.69,null,22.45,67]
[35,"030404035011","插座","套",2,7.8,1.16,6.54,null,null,1.69,0.81,null,18,36]
[{"$nulls":11},"表-09"]
[]
["工程量清单综合单价计算表"]
["单位工程(专业)：安装工程-23层安装工程",{"$nulls":10},"第 7 页  共 11 页"]
["序号","项目编号","项目名称","计量单位","数量","综合单价（元）",{"$nulls":8},"合计(元)"]
[{"$nulls":5},"定额人工费","人工费价差","材料费","定额机械费","机械费价差","管理费","利润","风险费用","小计"]
[null,"4-13-323 换","单相暗插座电流(A)≤16","套",2,7.8,1.16,6.54,null,null,1.69,0.81,null,18,36]
[36,"030404035012","插座","套",6,7.8,1.16,11.81,null,null,1.69,0.81,null,23.27,140]
[null,"4-13-323 换","单相暗插座电流(A)≤16","套",6,7.8,1.16,11.81,null,null,1.69,0.81,null,23.27,140]
[37,"030411006015","接线盒","个",11,2.78,0.41,4.69,null,null,0.6,0.29,null,8.77,96]
[null,"4-11-212 换","暗装接线盒","个",11,2.78,0.41,4.69,null,null,0.6,0.29,null,8.77,96]
[38,"030411006016","接线盒","个",4,2.93,0.43,4.22,null,null,0.64,0.3,null,8.52,34]
[null,"4-11-211 换","开关盒、插座盒安装","个",4,2.93,0.43,4.22,null,null,0.64,0.3,null,8.52,34]
[39,"030413002010","凿（压）槽","m",43.45,3.7,0.54,1.22,0.07,null,0.81,0.39,null,6.73,292]
[null,"13-1-142 换","混凝土刨沟槽 管径(mm以内)20 \u007f二次精装修工程，在原粉刷层上进行砖墙开槽","m",43.45,1.7,0.25,0.15,0.07,null,0.38,0.18,null,2.73,119]
[null,"4-11-217","沟槽恢复配管1-2根","m",43.45,2,0.29,1.07,null,null,0.43,0.21,null,4,174]
[40,"030413002011","凿（压）槽","m",8.1,4.25,0.63,1.38,0.1,null,0.94,0.45,null,7.75,63]
[null,"13-1-143 换","混凝土刨沟槽 管径(mm以内)32 \u007f二次精装修工程，在原粉刷层上进行砖墙开槽","m",8.1,2.25,0.34,0.31,0.1,null,0.51,0.24,null,3.75,30]
[null,"4-11-217","沟槽恢复配管1-2根","m",8.1,2,0.29,1.07,null,null,0.43,0.21,null,4,32]
[{"$nulls":11},"表-09"]
[]
["工程量清单综合单价计算表"]
["单位工程(专业)：安装工程-23层安装工程",{"$nulls":10},"第 8 页  共 11 页"]
["序号","项目编号","项目名称","计量单位","数量","综合单价（元）",{"$nulls":8},"合计(元)"]
[{"$nulls":5},"定额人工费","人工费价差","材料费","定额机械费","机械费价差","管理费","利润","风险费用","小计"]
[null,null,"给排水工程"]
[null,null,"给水工程"]
[41,"031001006025","塑料管","m",9.36,6.53,0.97,5.47,0.11,null,1.44,0.69,null,15.21,142]
[null,"10-1-229 换","室内塑料给水管(热熔连接) 公称直径(mm以内)15","m",9.36,6.22,0.93,5.24,0.11,null,1.37,0.66,null,14.53,136]
[null,"10-8-31","管道消毒、冲洗 公称直径(mm以内)50","m",9.36,0.31,0.04,0.23,null,null,0.07,0.03,null,0.68,6]
[42,"031001006026","塑料管","m",10.87,8.09,1.19,9.57,0.11,null,1.78,0.85,null,21.59,235]
[null,"10-1-231 换","室内塑料给水管(热熔连接) 公称直径(mm以内)25","m",10.87,7.78,1.15,9.34,0.11,null,1.71,0.82,null,20.91,227]
[null,"10-8-31","管道消毒、冲洗 公称直径(mm以内)50","m",10.87,0.31,0.04,0.23,null,null,0.07,0.03,null,0.68,7]
[43,"031001006027","塑料管","m",1.29,11.73,1.73,20.25,0.11,null,2.57,1.23,null,37.62,49]
[null,"10-1-233 换","室内塑料给水管(热熔连接) 公称直径(mm以内)40","m",1.29,11.42,1.69,20.02,0.11,null,2.5,1.2,null,36.94,48]
[null,"10-8-31","管道消毒、冲洗 公称直径(mm以内)50","m",1.29,0.31,0.04,0.23,null,null,0.07,0.03,null,0.68,1]
[44,"031001006028","塑料管","m",18.7,12.04,1.78,32.42,0.18,null,2.66,1.27,null,50.35,942]
[{"$nulls":11},"表-09"]
[]
["工程量清单综合单价计算表"]
["单位工程(专业)：安装工程-23层安装工程",{"$nulls":10},"第 9 页  共 11 页"]
["序号","项目编号","项目名称","计量单位","数量","综合单价（元）",{"$nulls":8},"合计(元)"]
[{"$nulls":5},"定额人工费","人工费价差","材料费","定额机械费","机械费价差","管理费","利润","风险费用","小计"]
[null,"10-1-234 换","室内塑料给水管(热熔连接) 公称直径(mm以内)50","m",18.7,11.73,1.74,32.19,0.18,null,2.59,1.24,null,49.67,929]
[null,"10-8-31","管道消毒、冲洗 公称直径(mm以内)50","m",18.7,0.31,0.04,0.23,null,null,0.07,0.03,null,0.68,13]
[45,"031003001004","螺纹阀门","个",1,16.74,2.48,154.52,0.82,-0.04,3.81,1.83,null,180.16,180]
[null,"10-2-6","螺纹阀门安装 公称直径(mm以内)50","个",1,16.74,2.48,154.52,0.82,-0.04,3.81,1.83,null,180.16,180]
[46,"03B004","暗敷管道补贴","间",2,202.5,30,{"$nulls":3},43.98,21.06,null,297.54,595]
[null,"BC10-2","卫生间 内周长在12m以上 暗敷管道补贴","间",2,202.5,30,{"$nulls":3},43.98,21.06,null,297.54,595]
[47,"030413003013","打洞（孔）","个",2,3.73,0.55,6.32,null,null,0.81,0.39,null,11.8,24]
[null,"13-1-132 换","混凝土楼板钻孔 钻孔直径(mm以内)63 \u007f砖墙及砌体墙钻孔","个",2,3.73,0.55,1.32,null,null,0.81,0.39,null,6.8,14]
[null,"补","孔洞修复","个",2,null,null,5,{"$nulls":5},5,10]
[null,null,"排水工程"]
[48,"031001006029","塑料管","m",13.38,12.18,1.8,24.48,null,null,2.65,1.27,null,42.38,567]
[null,"10-1-278 换","室内塑料排水管(粘接) 公称直径(mm以内)100","m",13.38,12.18,1.8,24.48,null,null,2.65,1.27,null,42.38,567]
[49,"03100100603","塑料管","m",4,10.04,1.49,13.57,null,null,2.18,1.04,null,28.32,113]
[{"$nulls":11},"表-09"]
[]
["工程量清单综合单价计算表"]
["单位工程(专业)：安装工程-23层安装工程",{"$nulls":10},"第 10 页  共 11 页"]
["序号","项目编号","项目名称","计量单位","数量","综合单价（元）",{"$nulls":8},"合计(元)"]
[{"$nulls":5},"定额人工费","人工费价差","材料费","定额机械费","机械费价差","管理费","利润","风险费用","小计"]
[null,"0"]
[null,"10-1-277 换","室内塑料排水管(粘接) 公称直径(mm以内)75","m",4,10.04,1.49,13.57,null,null,2.18,1.04,null,28.32,113]
[50,"031001006031","塑料管","m",6.7,8.24,1.22,7.69,null,null,1.79,0.86,null,19.8,133]
[null,"10-1-276 换","室内塑料排水管(粘接) 公称直径(mm以内)50","m",6.7,8.24,1.22,7.69,null,null,1.79,0.86,null,19.8,133]
[51,"030413003014","打洞（孔）","个",2,5.18,0.77,6.43,null,null,1.13,0.54,null,14.05,28]
[null,"13-1-133 换","混凝土楼板钻孔 钻孔直径(mm以内)83 \u007f砖墙及砌体墙钻孔","个",2,5.18,0.77,1.43,null,null,1.13,0.54,null,9.05,18]
[null,"补","孔洞修复","个",2,null,null,5,{"$nulls":5},5,10]
[52,"030413003015","打洞（孔）","个",4,6.8,1.01,6.91,null,null,1.48,0.71,null,16.91,68]
[null,"13-1-134 换","混凝土楼板钻孔 钻孔直径(mm以内)108 \u007f砖墙及砌体墙钻孔","个",4,6.8,1.01,1.91,null,null,1.48,0.71,null,11.91,48]
[null,"补","孔洞修复","个",4,null,null,5,{"$nulls":5},5,20]
[53,"031004007004","小便器","组",2,19.93,2.95,383.41,null,null,4.33,2.07,null,412.69,825]
[null,"10-3-37 换","壁挂式小便器安装 手动开关","套",2,19.93,2.95,383.41,null,null,4.33,2.07,null,412.69,825]
[54,"03100401400","给、排水附（配）件","个",2,9.49,1.41,10.98,null,null,2.06,0.99,null,24.93,50]
[{"$nulls":11},"表-09"]
[]
["工程量清单综合单价计算表"]
["单位工程(专业)：安装工程-23层安装工程",{"$nulls":10},"第 11 页  共 11 页"]
["序号","项目编号","项目名称","计量单位","数量","综合单价（元）",{"$nulls":8},"合计(元)"]
[{"$nulls":5},"定额人工费","人工费价差","材料费","定额机械费","机械费价差","管理费","利润","风险费用","小计"]
[null,"4"]
[null,"10-3-79 换","地漏安装 公称直径(mm以内)50","个",2,9.49,1.41,10.98,null,null,2.06,0.99,null,24.93,50]
[55,"031004006004","大便器","组",4,34.16,5.06,524.99,null,null,7.42,3.55,null,575.18,2301]
[null,"10-3-32 换","蹲式大便器安装 脚踏开关","组",4,34.16,5.06,524.99,null,null,7.42,3.55,null,575.18,2301]
[56,"031004008004","其他成品卫生器具","套",1,23.03,3.41,393.09,null,null,5,2.4,null,426.93,427]
[null,"10-3-41 换","拖布池安装","套",1,23.03,3.41,393.09,null,null,5,2.4,null,426.93,427]
[57,"031004003004","洗脸盆","组",2,27.73,4.11,504.96,null,null,6.02,2.88,null,545.7,1091]
[null,"10-3-17 换","洗脸盆 台下式冷热水 \u007f台式洗脸盆(冷水)安装","组",2,27.73,4.11,504.96,null,null,6.02,2.88,null,545.7,1091]
{"$rows_empty":7}
["合   计：",{"$nulls":13},38975]
[{"$nulls":11},"表-09"]

{"sheet":"表-09 措施项目清单综合单价计算表【23层安装工程】","index":26,"n_rows":25,"n_cols":15,"rows_kept":25,"merged":[[0,0,0,9],[0,10,0,14],[1,0,1,14],[2,0,2,9],[2,10,2,14],[3,0,4,0],[3,1,4,1],[3,2,4,2],[3,3,4,3],[3,4,4,4],[3,5,3,13],[3,14,4,14],[4,6,4,6],[4,7,4,7],[23,0,23,13],[24,0,24,1],[24,3,24,5],[24,6,24,7],[24,8,24,9],[24,10,24,14]]}
[]
["措施项目清单综合单价计算表"]
["单位工程(专业)：安装工程-23层安装工程",{"$nulls":9},"第 1 页  共 1 页"]
["序号","项目编号","项目名称","计量单位","数量","综合单价（元）",{"$nulls":8},"合计(元)"]
[{"$nulls":5},"定额人工费","人工费价差","材料费","定额机械费","机械费价差","管理费","利润","风险费用","小计"]
[null,null,"[请输入分部名称]"]
[1,"031301017004","脚手架搭拆","项",1,102.41,15.17,323.86,null,null,22.07,10.67,null,474.18,474]
[null,"13-2-4","脚手架搭拆费第四册","工日",63.498857,1.35,0.2,4.27,null,null,0.29,0.14,null,6.25,397]
[null,"13-2-10","脚手架搭拆费第十册","工日",9.872247,1.69,0.25,5.34,null,null,0.37,0.18,null,7.83,77]
{"$rows_empty":14}
["合   计：",{"$nulls":13},474]
[{"$nulls":10},"表-09"]

{"sheet":"表-02 专业工程招标控制价计算程序表【24层安装工程】","index":27,"n_rows":45,"n_cols":4,"rows_kept":45,"merged":[[0,0,0,3],[1,0,1,3],[2,0,2,2],[2,3,2,3],[44,0,44,1]]}
[]
["专业工程招标控制价计算程序表"]
["单位工程（专业）：安装工程-24层安装工程"]
["序号","汇 总 内 容","费用计算表达式","金额（元）"]
["一","分部分项工程费","表-07",34147.5]
["1","其中：定额人工费","表-07",8665.52]
["2","其中：人工价差","表-07",1283.22]
["3","其中：定额机械费","表-07",17.54]
["4","其中：机械费价差","表-07",-0.04]
["二","措施项目费","5+6",1044.26]
["5","施工技术措施项目费","表-08",412.66]
["5.1","其中：定额人工费","表-08",89.12]
["5.2","其中：人工价差","表-08",13.2]
["5.3","其中：定额机械费","表-08"]
["5.4","其中：机械费价差","表-08"]
["6","施工组织措施项目费","6.1+6.2+6.3+6.4+6.5+6.6",631.6]
["6.1","安全文明施工基本费","（1+3+5.1+5.3）×费率6.81%",597.39]
["6.2","提前竣工增加费","（1+3+5.1+5.3）×费率"]
["6.3","二次搬运费","（1+3+5.1+5.3）×费率0.26%",22.81]
["6.4","冬雨季施工增加费","（1+3+5.1+5.3）×费率0.13%",11.4]
["6.5","行车、行人干扰增加费","（1+3+5.1+5.3）×费率"]
["6.6","其他施工组织措施费","计价时列岀具体费用名称"]
["三","其他项目","表-11"]
["四","规费","（1+3+5.1+5.3）×费率30.63%",2686.92]
["五","税前工程造价","一+二+三+四",37878.68]
["六","税金","五×税率9%",3409.08]
{"$rows_empty":18}
["专业工程招标控制价",null,"一+二+三+四+六","41,287.76"]

{"sheet":"表-07 分部分项工程量清单与计价表【24层安装工程】","index":28,"n_rows":182,"n_cols":13,"rows_kept":182,"merged":[[0,0,0,12],[1,0,1,6],[1,7,1,9],[1,10,1,12],[2,0,3,0],[2,1,3,1],[2,2,3,2],[2,3,3,3],[2,4,3,4],[2,5,3,5],[2,6,3,6],[2,7,3,7],[2,8,2,11],[2,12,3,12],[10,0,10,6],[11,0,11,6],[11,7,11,9],[11,10,11,12],[12,0,12,12],[13,0,13,6],[13,7,13,9],[13,10,13,12],[14,0,15,0],[14,1,15,1],[14,2,15,2],[14,3,15,3],[14,4,15,4],[14,5,15,5],[14,6,15,6],[14,7,15,7],[14,8,14,11],[14,12,15,12],[19,0,19,6],[20,0,20,6],[20,7,20,9],[20,10,20,12],[21,0,21,12],[22,0,22,6],[22,7,22,9],[22,10,22,12],[23,0,24,0],[23,1,24,1],[23,2,24,2],[23,3,24,3],[23,4,24,4],[23,5,24,5],[23,6,24,6],[23,7,24,7],[23,8,23,11],[23,12,24,12],[27,0,27,6],[28,0,28,6],[28,7,28,9],[28,10,28,12],[29,0,29,12],[30,0,30,6],[30,7,30,9],[30,10,30,12],[31,0,32,0],[31,1,32,1],[31,2,32,2],[31,3,32,3],[31,4,32,4],[31,5,32,5],[31,6,32,6],[31,7,32,7],[31,8,31,11],[31,12,32,12],[36,0,36,6],[37,0,37,6],[37,7,37,9],[37,10,37,12],[38,0,38,12],[39,0,39,6],[39,7,39,9],[39,10,39,12],[40,0,41,0],[40,1,41,1],[40,2,41,2],[40,3,41,3],[40,4,41,4],[40,5,41,5],[40,6,41,6],[40,7,41,7],[40,8,40,11],[40,12,41,12],[47,0,47,6],[48,0,48,6],[48,7,48,9],[48,10,48,12],[49,0,49,12],[50,0,50,6],[50,7,50,9],[50,10,50,12],[51,0,52,0],[51,1,52,1],[51,2,52,2],[51,3,52,3],[51,4,52,4],[51,5,52,5],[51,6,52,6],[51,7,52,7],[51,8,51,11],[51,12,52,12],[57,0,57,6],[58,0,58,6],[58,7,58,9],[58,10,58,12],[59,0,59,12],[60,0,60,6],[60,7,60,9],[60,10,60,12],[61,0,62,0],[61,1,62,1],[61,2,62,2],[61,3,62,3],[61,4,62,4],[61,5,62,5],[61,6,62,6],[61,7,62,7],[61,8,61,11],[61,12,62,12],[66,0,66,6],[67,0,67,6],[67,7,67,9],[67,10,67,12],[68,0,68,12],[69,0,69,6],[69,7,69,9],[69,10,69,12],[70,0,71,0],[70,1,71,1],[70,2,71,2],[70,3,71,3],[70,4,71,4],[70,5,71,5],[70,6,71,6],[70,7,71,7],[70,8,70,11],[70,12,71,12],[74,0,74,6],[75,0,75,6],[75,7,75,9],[75,10,75,12],[76,0,76,12],[77,0,77,6],[77,7,77,9],[77,10,77,12],[78,0,79,0],[78,1,79,1],[78,2,79,2],[78,3,79,3],[78,4,79,4],[78,5,79,5],[78,6,79,6],[78,7,79,7],[78,8,78,11],[78,12,79,12],[83,0,83,6],[84,0,84,6],[84,7,84,9],[84,10,84,12],[85,0,85,12],[86,0,86,6],[86,7,86,9],[86,10,86,12],[87,0,88,0],[87,1,88,1],[87,2,88,2],[87,3,88,3],[87,4,88,4],[87,5,88,5],[87,6,88,6],[87,7,88,7],[87,8,87,11],[87,12,88,12],[92,0,92,6],[93,0,93,6],[93,7,93,9],[93,10,93,12],[94,0,94,12],[95,0,95,6],[95,7,95,9],[95,10,95,12],[96,0,97,0],[96,1,97,1],[96,2,97,2],[96,3,97,3],[96,4,97,4],[96,5,97,5],[96,6,97,6],[96,7,97,7],[96,8,96,11],[96,12,97,12],[102,0,102,6],[103,0,103,6],[103,7,103,9],[103,10,103,12],[104,0,104,12],[105,0,105,6],[105,7,105,9],[105,10,105,12],[106,0,107,0],[106,1,107,1],[106,2,107,2],[106,3,107,3],[106,4,107,4],[106,5,107,5],[106,6,107,6],[106,7,107,7],[106,8,106,11],[106,12,107,12],[112,0,112,6],[113,0,113,6],[113,7,113,9],[113,10,113,12],[114,0,114,12],[115,0,115,6],[115,7,115,9],[115,10,115,12],[116,0,117,0],[116,1,117,1],[116,2,117,2],[116,3,117,3],[116,4,117,4],[116,5,117,5],[116,6,117,6],[116,7,117,7],[116,8,116,11],[116,12,117,12],[120,0,120,6],[121,0,121,6],[121,7,121,9],[121,10,121,12],[122,0,122,12],[123,0,123,6],[123,7,123,9],[123,10,123,12],[124,0,125,0],[124,1,125,1],[124,2,125,2],[124,3,125,3],[124,4,125,4],[124,5,125,5],[124,6,125,6],[124,7,125,7],[124,8,124,11],[124,12,125,12],[128,0,128,6],[129,0,129,6],[129,7,129,9],[129,10,129,12],[130,0,130,12],[131,0,131,6],[131,7,131,9],[131,10,131,12],[132,0,133,0],[132,1,133,1],[132,2,133,2],[132,3,133,3],[132,4,133,4],[132,5,133,5],[132,6,133,6],[132,7,133,7],[132,8,132,11],[132,12,133,12],[138,0,138,6],[139,0,139,6],[139,7,139,9],[139,10,139,12],[140,0,140,12],[141,0,141,6],[141,7,141,9],[141,10,141,12],[142,0,143,0],[142,1,143,1],[142,2,143,2],[142,3,143,3],[142,4,143,4],[142,5,143,5],[142,6,143,6],[142,7,143,7],[142,8,142,11],[142,12,143,12],[146,0,146,6],[147,0,147,6],[147,7,147,9],[147,10,147,12],[148,0,148,12],[149,0,149,6],[149,7,149,9],[149,10,149,12],[150,0,151,0],[150,1,151,1],[150,2,151,2],[150,3,151,3],[150,4,151,4],[150,5,151,5],[150,6,151,6],[150,7,151,7],[150,8,150,11],[150,12,151,12],[155,0,155,6],[156,0,156,6],[156,7,156,9],[156,10,156,12],[157,0,157,12],[158,0,158,6],[158,7,158,9],[158,10,158,12],[159,0,160,0],[159,1,160,1],[159,2,160,2],[159,3,160,3],[159,4,160,4],[159,5,160,5],[159,6,160,6],[159,7,160,7],[159,8,159,11],[159,12,160,12],[164,0,164,6],[165,0,165,6],[165,7,165,9],[165,10,165,12],[166,0,166,12],[167,0,167,6],[167,7,167,9],[167,10,167,12],[168,0,169,0],[168,1,169,1],[168,2,169,2],[168,3,169,3],[168,4,169,4],[168,5,169,5],[168,6,169,6],[168,7,169,7],[168,8,168,11],[168,12,169,12],[179,0,179,6],[180,0,180,6],[181,0,181,6],[181,7,181,9],[181,10,181,12]]}
["分部分项工程量清单与计价表"]
["单位工程(专业)：安装工程-24层安装工程",{"$nulls":9},"第 1 页  共 19 页"]
["序号","项目编码","项目名称","项目特征","计量单位","工程量","综合单价(元)","合价(元)","其中(元)",{"$nulls":3},"备注"]
[{"$nulls":8},"定额人工费","人工费价差","定额机械费","机械费价差"]
[null,null,"电气工程",{"$nulls":4},26379,7277,1078,11]
[null,null,"户内电气",{"$nulls":4},16321,4592,680,4]
[1,"030404019009","控制开关","1、名称：配电箱断路器\n2、规格：CH2L-C16A/1P+N\n3、其他：符合设计及规范要求","个",3,118.16,354.48,23.1,3.42]
[2,"030411001031","配管","1、名称：薄壁镀锌钢管\n2、规格：JDG20\n3、配置形式：砖、混凝土结构明配","m",266.26,15.18,4041.83,1661.46,247.62]
[3,"030411001032","配管","1、名称：薄壁镀锌钢管 \n2、规格：JDG20\n3、配置形式：砖、混凝土结构暗配","m",36.62,11.22,410.88,138.06,20.14,1.83]
[4,"030411001033","配管","1、名称：金属软管敷设\n2、规格：DN20\n3、配置形式：砖、混凝土结构明配","m",26.8,20.14,539.75,194.57,28.94]
["本页小计",{"$nulls":6},5347,2017,300,2]
[{"$nulls":10},"表—07"]
["分部分项工程量清单与计价表"]
["单位工程(专业)：安装工程-24层安装工程",{"$nulls":9},"第 2 页  共 19 页"]
["序号","项目编码","项目名称","项目特征","计量单位","工程量","综合单价(元)","合价(元)","其中(元)",{"$nulls":3},"备注"]
[{"$nulls":8},"定额人工费","人工费价差","定额机械费","机械费价差"]
[5,"030411004017","配线","1、名称：铜芯塑料绝缘电线\n2、类型：照明\n3、规格、型号：WDZB1-BYJ-2.5\n4、配线形式：管内穿线","m",835.13,3.29,2747.58,509.43,75.16]
[6,"030411004018","配线","1、名称：铜芯塑料绝缘电线\n2、类型：照明\n3、规格、型号：WDZB1-BYJR-2.5\n4、配线形式：管内穿线","m",280.12,3.53,988.82,170.87,25.21]
[7,"030412004036","装饰灯","1、名称：LED灯带\n2、规格：7W/m，3000K\n3、安装形式：内藏\n4、附件：分支接头、灯带驱动器等","m",31.87,28.11,895.87,432.79,64.06]
["本页小计",{"$nulls":6},4632,1113,164]
[{"$nulls":10},"表—07"]
["分部分项工程量清单与计价表"]
["单位工程(专业)：安装工程-24层安装工程",{"$nulls":9},"第 3 页  共 19 页"]
["序号","项目编码","项目名称","项目特征","计量单位","工程量","综合单价(元)","合价(元)","其中(元)",{"$nulls":3},"备注"]
[{"$nulls":8},"定额人工费","人工费价差","定额机械费","机械费价差"]
[8,"030412004037","装饰灯","1、名称：软膜灯\n2、规格：12W/m2，6000K\n3、安装方式：嵌入式\n4、其他：符合设计及规范要求","m2",0.73,189.16,138.09,37.08,5.5]
[9,"030412004038","装饰灯","1、名称：筒灯（含光源）\n2、规格：80mm，9W，4000K，LED\n3、安装方式：吸顶/嵌入式综合考虑\n4、其他：符合设计及规范要求","套",18,112,2016,309.42,45.72]
["本页小计",{"$nulls":6},2154,347,51]
[{"$nulls":10},"表—07"]
["分部分项工程量清单与计价表"]
["单位工程(专业)：安装工程-24层安装工程",{"$nulls":9},"第 4 页  共 19 页"]
["序号","项目编码","项目名称","项目特征","计量单位","工程量","综合单价(元)","合价(元)","其中(元)",{"$nulls":3},"备注"]
[{"$nulls":8},"定额人工费","人工费价差","定额机械费","机械费价差"]
[10,"030412004039","装饰灯","1、名称：感应筒灯（含光源）\n2、规格：80mm，9W，4000K，LED\n3、安装方式：吸顶/嵌入式综合考虑\n4、其他：符合设计及规范要求","套",16,152.4,2438.4,275.04,40.64]
[11,"030412004040","装饰灯","1、名称：线性灯\n2、规格：7w/m，4000K\n3、安装形式：内藏\n4、附件：分支接头、灯带驱动器等","m",48.36,28.11,1359.4,656.73,97.2]
[12,"030404034021","照明开关","1、名称：三联单控开关\n2、类型：跷板暗开关\n3、规格：86型，10A\n4、安装方式：暗装","套",4,22.45,89.8,26.48,3.92]
["本页小计",{"$nulls":6},3888,958,142]
[{"$nulls":10},"表—07"]
["分部分项工程量清单与计价表"]
["单位工程(专业)：安装工程-24层安装工程",{"$nulls":9},"第 5 页  共 19 页"]
["序号","项目编码","项目名称","项目特征","计量单位","工程量","综合单价(元)","合价(元)","其中(元)",{"$nulls":3},"备注"]
[{"$nulls":8},"定额人工费","人工费价差","定额机械费","机械费价差"]
[13,"030404035013","插座","1、名称：单相五孔插座\n2、规格：86型，10A\n3、安装方式：暗装","套",2,18,36,15.6,2.32]
[14,"030411006017","接线盒","1、名称：接线盒\n2、材质：钢质\n3、规格：86型\n4、安装形式：暗装","个",1,8.77,8.77,2.78,0.41]
[15,"030411006018","接线盒","1、名称：开关盒、插座盒\n2、材质：钢质\n3、规格：86型\n4、安装形式：暗装","个",1,8.52,8.52,2.93,0.43]
[16,"030413002012","凿（压）槽","1、名称：混凝土刨沟槽\n2、规格：DN20\n3、其他：含沟槽恢复","m",36.62,6.73,246.45,135.49,19.78,2.56]
[null,null,"电梯厅及卫生间电气工程",{"$nulls":4},10058,2685,397,7]
["本页小计",{"$nulls":6},300,157,23,3]
[{"$nulls":10},"表—07"]
["分部分项工程量清单与计价表"]
["单位工程(专业)：安装工程-24层安装工程",{"$nulls":9},"第 6 页  共 19 页"]
["序号","项目编码","项目名称","项目特征","计量单位","工程量","综合单价(元)","合价(元)","其中(元)",{"$nulls":3},"备注"]
[{"$nulls":8},"定额人工费","人工费价差","定额机械费","机械费价差"]
[17,"030404019010","控制开关","1、名称：配电箱断路器\n2、规格：CH2L-C16A/1P+N\n3、其他：符合设计及规范要求","个",7,118.16,827.12,53.9,7.98]
[18,"030411001034","配管","1、名称：薄壁镀锌钢管\n2、规格：JDG20\n3、配置形式：砖、混凝土结构明配","m",98.03,15.18,1488.1,611.71,91.17]
[19,"030411001035","配管","1、名称：薄壁镀锌钢管\n2、规格：JDG25\n3、配置形式：砖、混凝土结构明配","m",20.86,16.7,348.36,137.88,20.45]
[20,"030411001036","配管","1、名称：薄壁镀锌钢管 \n2、规格：JDG20\n3、配置形式：砖、混凝土结构暗配","m",43.45,11.22,487.51,163.81,23.89,2.17]
["本页小计",{"$nulls":6},3151,967,143,2]
[{"$nulls":10},"表—07"]
["分部分项工程量清单与计价表"]
["单位工程(专业)：安装工程-24层安装工程",{"$nulls":9},"第 7 页  共 19 页"]
["序号","项目编码","项目名称","项目特征","计量单位","工程量","综合单价(元)","合价(元)","其中(元)",{"$nulls":3},"备注"]
[{"$nulls":8},"定额人工费","人工费价差","定额机械费","机械费价差"]
[21,"030411001037","配管","1、名称：薄壁镀锌钢管 \n2、规格：JDG20\n3、配置形式：砖、混凝土结构暗配","m",8.1,14.75,119.48,41.96,6.24,0.57]
[22,"030411001038","配管","1、名称：金属软管敷设\n2、规格：DN20\n3、配置形式：砖、混凝土结构明配","m",8.7,20.14,175.22,63.16,9.4]
[23,"030411004019","配线","1、名称：铜芯塑料绝缘电线\n2、类型：照明\n3、规格、型号：WDZB1-BYJ-2.5\n4、配线形式：管内穿线","m",440.76,3.29,1450.1,268.86,39.67]
["本页小计",{"$nulls":6},1745,374,55,1]
[{"$nulls":10},"表—07"]
["分部分项工程量清单与计价表"]
["单位工程(专业)：安装工程-24层安装工程",{"$nulls":9},"第 8 页  共 19 页"]
["序号","项目编码","项目名称","项目特征","计量单位","工程量","综合单价(元)","合价(元)","其中(元)",{"$nulls":3},"备注"]
[{"$nulls":8},"定额人工费","人工费价差","定额机械费","机械费价差"]
[24,"030411004020","配线","1、名称：铜芯塑料绝缘电线\n2、类型：照明\n3、规格、型号：WDZB1-BYJR-2.5\n4、配线形式：管内穿线","m",171.02,3.53,603.7,104.32,15.39]
[25,"030412004041","装饰灯","1、名称：筒灯（含光源）\n2、规格：80mm，9W，4000K，LED\n3、安装方式：吸顶/嵌入式综合考虑\n4、其他：符合设计及规范要求","套",22,112,2464,378.18,55.88]
["本页小计",{"$nulls":6},3068,483,71]
[{"$nulls":10},"表—07"]
["分部分项工程量清单与计价表"]
["单位工程(专业)：安装工程-24层安装工程",{"$nulls":9},"第 9 页  共 19 页"]
["序号","项目编码","项目名称","项目特征","计量单位","工程量","综合单价(元)","合价(元)","其中(元)",{"$nulls":3},"备注"]
[{"$nulls":8},"定额人工费","人工费价差","定额机械费","机械费价差"]
[26,"030412004042","装饰灯","1、名称：LED灯带\n2、规格：7W/m，3000K\n3、安装形式：内藏\n4、附件：分支接头、灯带驱动器等","m",19.48,28.11,547.58,264.54,39.15]
[27,"030412004043","装饰灯","1、名称：线性灯\n2、规格：7w/m，4000K\n3、安装形式：内藏\n4、附件：分支接头、灯带驱动器等","m",13.8,28.11,387.92,187.4,27.74]
[28,"030404031004","小电器","1、名称：换气扇\n2、安装方式：吸顶式\n3、其他：符合设计及规范要求","台",2,176.2,352.4,56.7,8.4]
["本页小计",{"$nulls":6},1288,509,75]
[{"$nulls":10},"表—07"]
["分部分项工程量清单与计价表"]
["单位工程(专业)：安装工程-24层安装工程",{"$nulls":9},"第 10 页  共 19 页"]
["序号","项目编码","项目名称","项目特征","计量单位","工程量","综合单价(元)","合价(元)","其中(元)",{"$nulls":3},"备注"]
[{"$nulls":8},"定额人工费","人工费价差","定额机械费","机械费价差"]
[29,"030404034022","照明开关","1、名称：单联单控开关\n2、类型：跷板暗开关\n3、规格：86型，10A\n4、安装方式：暗装","套",3,14.69,44.07,19.86,2.94]
[30,"030404034023","照明开关","1、名称：双联单控开关\n2、类型：跷板暗开关\n3、规格：86型，10A\n4、安装方式：暗装","套",2,16.8,33.6,13.24,1.96]
[31,"030404034024","照明开关","1、名称：三联单控开关\n2、类型：跷板暗开关\n3、规格：86型，10A\n4、安装方式：暗装","套",3,22.45,67.35,19.86,2.94]
["本页小计",{"$nulls":6},145,53,8]
[{"$nulls":10},"表—07"]
["分部分项工程量清单与计价表"]
["单位工程(专业)：安装工程-24层安装工程",{"$nulls":9},"第 11 页  共 19 页"]
["序号","项目编码","项目名称","项目特征","计量单位","工程量","综合单价(元)","合价(元)","其中(元)",{"$nulls":3},"备注"]
[{"$nulls":8},"定额人工费","人工费价差","定额机械费","机械费价差"]
[32,"030404035014","插座","1、名称：单相五孔插座\n2、规格：86型，10A\n3、安装方式：暗装","套",2,18,36,15.6,2.32]
[33,"030404035015","插座","1、名称：单相防溅五孔插座\n2、规格：86型，10A\n3、安装方式：暗装","套",6,23.27,139.62,46.8,6.96]
[34,"030411006019","接线盒","1、名称：接线盒\n2、材质：钢质\n3、规格：86型\n4、安装形式：暗装","个",11,8.77,96.47,30.58,4.51]
[35,"030411006020","接线盒","1、名称：开关盒、插座盒\n2、材质：钢质\n3、规格：86型\n4、安装形式：暗装","个",4,8.52,34.08,11.72,1.72]
["本页小计",{"$nulls":6},306,105,16]
[{"$nulls":10},"表—07"]
["分部分项工程量清单与计价表"]
["单位工程(专业)：安装工程-24层安装工程",{"$nulls":9},"第 12 页  共 19 页"]
["序号","项目编码","项目名称","项目特征","计量单位","工程量","综合单价(元)","合价(元)","其中(元)",{"$nulls":3},"备注"]
[{"$nulls":8},"定额人工费","人工费价差","定额机械费","机械费价差"]
[36,"030413002013","凿（压）槽","1、名称：混凝土刨沟槽\n2、规格：DN20以下\n3、其他：含沟槽恢复","m",43.45,6.73,292.42,160.77,23.46,3.04]
[37,"030413002014","凿（压）槽","1、名称：混凝土刨沟槽\n2、规格：DN32以下\n3、其他：含沟槽恢复","m",8.1,7.75,62.78,34.43,5.1,0.81]
[null,null,"给排水工程",{"$nulls":4},7769,1388,205,7]
[null,null,"给水工程",{"$nulls":4},2166,819,121,7]
["本页小计",{"$nulls":6},355,195,29,4]
[{"$nulls":10},"表—07"]
["分部分项工程量清单与计价表"]
["单位工程(专业)：安装工程-24层安装工程",{"$nulls":9},"第 13 页  共 19 页"]
["序号","项目编码","项目名称","项目特征","计量单位","工程量","综合单价(元)","合价(元)","其中(元)",{"$nulls":3},"备注"]
[{"$nulls":8},"定额人工费","人工费价差","定额机械费","机械费价差"]
[38,"031001006032","塑料管","1、安装部位：室内\n2、介质：水\n3、材质：PP-R给水管\n4、规格：DN15，PN=1.25\n5、连接形式：热熔\n6、压力试验及吹、洗 设计要求：按设计文件及相关规范要求","m",9.36,15.21,142.37,61.12,9.08,1.03]
[39,"031001006033","塑料管","1、安装部位：室内\n2、介质：水\n3、材质：PP-R给水管\n4、规格：DN25，PN=1.25\n5、连接形式：热熔\n6、压力试验及吹、洗 设计要求：按设计文件及相关规范要求","m",10.87,21.59,234.68,87.94,12.93,1.2]
["本页小计",{"$nulls":6},377,149,22,2]
[{"$nulls":10},"表—07"]
["分部分项工程量清单与计价表"]
["单位工程(专业)：安装工程-24层安装工程",{"$nulls":9},"第 14 页  共 19 页"]
["序号","项目编码","项目名称","项目特征","计量单位","工程量","综合单价(元)","合价(元)","其中(元)",{"$nulls":3},"备注"]
[{"$nulls":8},"定额人工费","人工费价差","定额机械费","机械费价差"]
[40,"031001006034","塑料管","1、安装部位：室内\n2、介质：水\n3、材质：PP-R给水管\n4、规格：DN40，PN=1.25\n5、连接形式：热熔\n6、压力试验及吹、洗 设计要求：按设计文件及相关规范要求","m",1.29,37.62,48.53,15.13,2.23,0.14]
[41,"031001006035","塑料管","1、安装部位：室内\n2、介质：水\n3、材质：PP-R给水管\n4、规格：DN50，PN=1.25\n5、连接形式：热熔\n6、压力试验及吹、洗 设计要求：按设计文件及相关规范要求","m",18.7,50.35,941.55,225.15,33.28,3.37]
["本页小计",{"$nulls":6},990,240,36,4]
[{"$nulls":10},"表—07"]
["分部分项工程量清单与计价表"]
["单位工程(专业)：安装工程-24层安装工程",{"$nulls":9},"第 15 页  共 19 页"]
["序号","项目编码","项目名称","项目特征","计量单位","工程量","综合单价(元)","合价(元)","其中(元)",{"$nulls":3},"备注"]
[{"$nulls":8},"定额人工费","人工费价差","定额机械费","机械费价差"]
[42,"031003001005","螺纹阀门","1、类型：闸阀\n2、材质：铜质\n3、规格、压力等级：DN50\n4、连接形式：螺纹","个",1,180.16,180.16,16.74,2.48,0.82,-0.04]
[43,"03B005","暗敷管道补贴","1、名称：暗敷管道补贴\n2、部位：卫生间\n3、规格：12m以上\n4、其他：符合设计及规范要求","间",2,297.54,595.08,405,60]
[44,"030413003016","打洞（孔）","1、名称：砖墙及砌体墙开孔\n2、规格：DN50\n3、附件：含孔洞修复","个",2,11.8,23.6,7.46,1.1]
[null,null,"排水工程",{"$nulls":4},5603,570,84]
["本页小计",{"$nulls":6},799,429,64,1]
[{"$nulls":10},"表—07"]
["分部分项工程量清单与计价表"]
["单位工程(专业)：安装工程-24层安装工程",{"$nulls":9},"第 16 页  共 19 页"]
["序号","项目编码","项目名称","项目特征","计量单位","工程量","综合单价(元)","合价(元)","其中(元)",{"$nulls":3},"备注"]
[{"$nulls":8},"定额人工费","人工费价差","定额机械费","机械费价差"]
[45,"031001006036","塑料管","1、安装部位：室内\n2、介质：污废水\n3、材质、规格：PVC-U 110\n4、连接形式：粘接\n5、压力试验及吹、洗 设计要求：按设计文件及相关规范要求","m",13.38,42.38,567.04,162.97,24.08]
[46,"031001006037","塑料管","1、安装部位：室内\n2、介质：污废水\n3、材质、规格：PVC-U 75\n4、连接形式：粘接\n5、压力试验及吹、洗 设计要求：按设计文件及相关规范要求","m",4,28.32,113.28,40.16,5.96]
["本页小计",{"$nulls":6},680,203,30]
[{"$nulls":10},"表—07"]
["分部分项工程量清单与计价表"]
["单位工程(专业)：安装工程-24层安装工程",{"$nulls":9},"第 17 页  共 19 页"]
["序号","项目编码","项目名称","项目特征","计量单位","工程量","综合单价(元)","合价(元)","其中(元)",{"$nulls":3},"备注"]
[{"$nulls":8},"定额人工费","人工费价差","定额机械费","机械费价差"]
[47,"031001006038","塑料管","1、安装部位：室内\n2、介质：污废水\n3、材质、规格：PVC-U 50\n4、连接形式：粘接\n5、压力试验及吹、洗 设计要求：按设计文件及相关规范要求","m",6.7,19.8,132.66,55.21,8.17]
[48,"030413003017","打洞（孔）","1、名称：砖墙及砌体墙开孔\n2、规格：DN80\n3、附件：含孔洞修复","个",2,14.05,28.1,10.36,1.54]
[49,"030413003018","打洞（孔）","1、名称：砖墙及砌体墙开孔\n2、规格：DN100\n3、附件：含孔洞修复","个",4,16.91,67.64,27.2,4.04]
["本页小计",{"$nulls":6},228,93,14]
[{"$nulls":10},"表—07"]
["分部分项工程量清单与计价表"]
["单位工程(专业)：安装工程-24层安装工程",{"$nulls":9},"第 18 页  共 19 页"]
["序号","项目编码","项目名称","项目特征","计量单位","工程量","综合单价(元)","合价(元)","其中(元)",{"$nulls":3},"备注"]
[{"$nulls":8},"定额人工费","人工费价差","定额机械费","机械费价差"]
[50,"031004007005","小便器","1、材质：瓷质\n2、规格、类型：壁挂式\n3、组装形式：延时冲洗阀\n4、附件：延时冲洗阀、三角阀、金属软管、五金配件等.","组",2,412.69,825.38,39.86,5.9]
[51,"031004014005","给、排水附（配）件","1、名称：地漏安装\n2、材质：不锈钢\n3、规格：DN50\n4、其他：详见设计及规范","个",2,24.93,49.86,18.98,2.82]
[52,"031004006005","大便器","1、材质：瓷质\n2、规格、类型：蹲式\n3、组装形式：脚踏延时冲洗\n4、附件：脚踏延时冲洗阀、下水、五金配件等","组",4,575.18,2300.72,136.64,20.24]
["本页小计",{"$nulls":6},3176,195,29]
[{"$nulls":10},"表—07"]
["分部分项工程量清单与计价表"]
["单位工程(专业)：安装工程-24层安装工程",{"$nulls":9},"第 19 页  共 19 页"]
["序号","项目编码","项目名称","项目特征","计量单位","工程量","综合单价(元)","合价(元)","其中(元)",{"$nulls":3},"备注"]
[{"$nulls":8},"定额人工费","人工费价差","定额机械费","机械费价差"]
[53,"031004008005","其他成品卫生器具","1、材质：瓷质\n2、规格、类型：成品拖布池\n3、附件名称、数量：长颈水嘴、五金配件等","套",1,426.93,426.93,23.03,3.41]
[54,"031004003005","洗脸盆","1、材质：瓷质\n2、规格、类型：冷热水\n3、组装形式：台下盆\n4、附件：洗脸盆龙头、下水、三角阀、金属软管、五金配件等","组",2,545.7,1091.4,55.46,8.22]
{"$rows_empty":7}
["本页小计",{"$nulls":6},1518,78,12]
["合   计",{"$nulls":6},34148,8666,1283,18]
[{"$nulls":10},"表—07"]

{"sheet":"表-08 施工技术措施项目清单与计价表【24层安装工程】","index":29,"n_rows":24,"n_cols":13,"rows_kept":24,"merged":[[0,0,0,12],[1,0,1,7],[1,8,1,9],[1,10,1,12],[2,0,3,0],[2,1,3,1],[2,2,3,2],[2,3,3,3],[2,4,3,4],[2,5,3,5],[2,6,3,6],[2,7,3,7],[2,8,2,11],[2,12,3,12],[21,0,21,6],[22,0,22,6],[23,0,23,7],[23,8,23,9],[23,10,23,12]]}
["施工技术措施项目清单与计价表"]
["单位工程(专业)：安装工程-24层安装工程",{"$nulls":9},"第 1 页  共 1 页"]
["序号","项目编码","项目名称","项目特征","计量单位","工程量","综合单价(元)","合价(元)","其中(元)",{"$nulls":3},"备注"]
[{"$nulls":8},"定额人工费","人工费价差","定额机械费","机械费价差"]
[null,null,"[请输入分部名称]",{"$nulls":4},413,89,13]
[1,"031301017005","脚手架搭拆","脚手架搭拆费第四、十层","项",1,412.66,412.66,89.12,13.2]
{"$rows_empty":15}
["本页小计",{"$nulls":6},413,89,13]
["合   计",{"$nulls":6},413,89,13]
[{"$nulls":10},"表—08"]

{"sheet":"表-09 工程量清单综合单价计算表【24层安装工程】","index":30,"n_rows":202,"n_cols":15,"rows_kept":202,"merged":[[0,0,0,10],[0,11,0,14],[1,0,1,14],[2,0,2,5],[2,6,2,10],[2,11,2,14],[3,0,4,0],[3,1,4,1],[3,2,4,2],[3,3,4,3],[3,4,4,4],[3,5,3,13],[3,14,4,14],[4,6,4,6],[4,7,4,7],[16,0,16,1],[16,3,16,5],[16,6,16,8],[16,9,16,10],[16,11,16,14],[17,0,17,10],[17,11,17,14],[18,0,18,14],[19,0,19,5],[19,6,19,10],[19,11,19,14],[20,0,21,0],[20,1,21,1],[20,2,21,2],[20,3,21,3],[20,4,21,4],[20,5,20,13],[20,14,21,14],[21,6,21,6],[21,7,21,7],[34,0,34,1],[34,3,34,5],[34,6,34,8],[34,9,34,10],[34,11,34,14],[35,0,35,10],[35,11,35,14],[36,0,36,14],[37,0,37,5],[37,6,37,10],[37,11,37,14],[38,0,39,0],[38,1,39,1],[38,2,39,2],[38,3,39,3],[38,4,39,4],[38,5,38,13],[38,14,39,14],[39,6,39,6],[39,7,39,7],[54,0,54,1],[54,3,54,5],[54,6,54,8],[54,9,54,10],[54,11,54,14],[55,0,55,10],[55,11,55,14],[56,0,56,14],[57,0,57,5],[57,6,57,10],[57,11,57,14],[58,0,59,0],[58,1,59,1],[58,2,59,2],[58,3,59,3],[58,4,59,4],[58,5,58,13],[58,14,59,14],[59,6,59,6],[59,7,59,7],[69,0,69,1],[69,3,69,5],[69,6,69,8],[69,9,69,10],[69,11,69,14],[70,0,70,10],[70,11,70,14],[71,0,71,14],[72,0,72,5],[72,6,72,10],[72,11,72,14],[73,0,74,0],[73,1,74,1],[73,2,74,2],[73,3,74,3],[73,4,74,4],[73,5,73,13],[73,14,74,14],[74,6,74,6],[74,7,74,7],[87,0,87,1],[87,3,87,5],[87,6,87,8],[87,9,87,10],[87,11,87,14],[88,0,88,10],[88,11,88,14],[89,0,89,14],[90,0,90,5],[90,6,90,10],[90,11,90,14],[91,0,92,0],[91,1,92,1],[91,2,92,2],[91,3,92,3],[91,4,92,4],[91,5,91,13],[91,14,92,14],[92,6,92,6],[92,7,92,7],[108,0,108,1],[108,3,108,5],[108,6,108,8],[108,9,108,10],[108,11,108,14],[109,0,109,10],[109,11,109,14],[110,0,110,14],[111,0,111,5],[111,6,111,10],[111,11,111,14],[112,0,113,0],[112,1,113,1],[112,2,113,2],[112,3,113,3],[112,4,113,4],[112,5,112,13],[112,14,113,14],[113,6,113,6],[113,7,113,7],[126,0,126,1],[126,3,126,5],[126,6,126,8],[126,9,126,10],[126,11,126,14],[127,0,127,10],[127,11,127,14],[128,0,128,14],[129,0,129,5],[129,6,129,10],[129,11,129,14],[130,0,131,0],[130,1,131,1],[130,2,131,2],[130,3,131,3],[130,4,131,4],[130,5,130,13],[130,14,131,14],[131,6,131,6],[131,7,131,7],[142,0,142,1],[142,3,142,5],[142,6,142,8],[142,9,142,10],[142,11,142,14],[143,0,143,10],[143,11,143,14],[144,0,144,14],[145,0,145,5],[145,6,145,10],[145,11,145,14],[146,0,147,0],[146,1,147,1],[146,2,147,2],[146,3,147,3],[146,4,147,4],[146,5,146,13],[146,14,147,14],[147,6,147,6],[147,7,147,7],[161,0,161,1],[161,3,161,5],[161,6,161,8],[161,9,161,10],[161,11,161,14],[162,0,162,10],[162,11,162,14],[163,0,163,14],[164,0,164,5],[164,6,164,10],[164,11,164,14],[165,0,166,0],[165,1,166,1],[165,2,166,2],[165,3,166,3],[165,4,166,4],[165,5,165,13],[165,14,166,14],[166,6,166,6],[166,7,166,7],[179,0,179,1],[179,3,179,5],[179,6,179,8],[179,9,179,10],[179,11,179,14],[180,0,180,10],[180,11,180,14],[181,0,181,14],[182,0,182,5],[182,6,182,10],[182,11,182,14],[183,0,184,0],[183,1,184,1],[183,2,184,2],[183,3,184,3],[183,4,184,4],[183,5,183,13],[183,14,184,14],[184,6,184,6],[184,7,184,7],[200,0,200,13],[201,0,201,1],[201,3,201,5],[201,6,201,8],[201,9,201,10],[201,11,201,14]]}
[]
["工程量清单综合单价计算表"]
["单位工程(专业)：安装工程-24层安装工程",{"$nulls":10},"第 1 页  共 11 页"]
["序号","项目编号","项目名称","计量单位","数量","综合单价（元）",{"$nulls":8},"合计(元)"]
[{"$nulls":5},"定额人工费","人工费价差","材料费","定额机械费","机械费价差","管理费","利润","风险费用","小计"]
[null,null,"电气工程"]
[null,null,"户内电气"]
[1,"030404019009","控制开关","个",3,7.7,1.14,106.85,null,null,1.67,0.8,null,118.16,354]
[null,"4-4-83","微型空气开关(卡插式)","个",3,7.7,1.14,106.85,null,null,1.67,0.8,null,118.16,354]
[2,"030411001031","配管","m",266.26,6.24,0.93,6,null,null,1.36,0.65,null,15.18,4042]
[null,"4-11-2 换","套接紧定式镀锌钢导管(JDG)敷设 砖、混凝土结构明配 公称直径(mm)20","m",266.26,6.24,0.93,6,null,null,1.36,0.65,null,15.18,4042]
[3,"030411001032","配管","m",36.62,3.77,0.55,5.62,0.05,null,0.83,0.4,null,11.22,411]
[null,"4-11-8 换","套接紧定式镀锌钢导管(JDG)敷设 砖、混凝土结构暗配 公称直径(mm)20","m",36.62,3.77,0.55,5.62,0.05,null,0.83,0.4,null,11.22,411]
[4,"030411001033","配管","m",26.8,7.26,1.08,9.46,null,null,1.58,0.76,null,20.14,540]
[null,"4-11-178","金属软管敷设 内径(mm)≤16每根长≤0.5m","m",26.8,7.26,1.08,9.46,null,null,1.58,0.76,null,20.14,540]
[5,"030411004017","配线","m",835.13,0.61,0.09,2.4,null,null,0.13,0.06,null,3.29,2748]
[{"$nulls":11},"表-09"]
[]
["工程量清单综合单价计算表"]
["单位工程(专业)：安装工程-24层安装工程",{"$nulls":10},"第 2 页  共 11 页"]
["序号","项目编号","项目名称","计量单位","数量","综合单价（元）",{"$nulls":8},"合计(元)"]
[{"$nulls":5},"定额人工费","人工费价差","材料费","定额机械费","机械费价差","管理费","利润","风险费用","小计"]
[null,"4-12-5 换","穿照明线 铜芯导线截面(mm2以内)2.5","m",835.13,0.61,0.09,2.4,null,null,0.13,0.06,null,3.29,2748]
[6,"030411004018","配线","m",280.12,0.61,0.09,2.64,null,null,0.13,0.06,null,3.53,989]
[null,"4-12-5 换","穿照明线 铜芯导线截面(mm2以内)2.5","m",280.12,0.61,0.09,2.64,null,null,0.13,0.06,null,3.53,989]
[7,"030412004036","装饰灯","m",31.87,13.58,2.01,8.16,null,null,2.95,1.41,null,28.11,896]
[null,"4-13-137","天棚荧光灯带","m",31.87,13.58,2.01,8.16,null,null,2.95,1.41,null,28.11,896]
[8,"030412004037","装饰灯","m2",0.73,50.8,7.53,114.52,null,null,11.03,5.28,null,189.16,138]
[null,"4-13-135 换","发光棚荧光灯","m2",0.73,50.8,7.53,114.52,null,null,11.03,5.28,null,189.16,138]
[9,"030412004038","装饰灯","套",18,17.19,2.54,86.75,null,null,3.73,1.79,null,112,2016]
[null,"4-13-163 换","点光源艺术装饰灯具安装 嵌入式筒灯灯具直径φ75","套",18,17.19,2.54,86.75,null,null,3.73,1.79,null,112,2016]
[10,"030412004039","装饰灯","套",16,17.19,2.54,127.15,null,null,3.73,1.79,null,152.4,2438]
[null,"4-13-163 换","点光源艺术装饰灯具安装 嵌入式筒灯灯具直径φ75","套",16,17.19,2.54,127.15,null,null,3.73,1.79,null,152.4,2438]
[11,"030412004040","装饰灯","m",48.36,13.58,2.01,8.16,null,null,2.95,1.41,null,28.11,1359]
[{"$nulls":11},"表-09"]
[]
["工程量清单综合单价计算表"]
["单位工程(专业)：安装工程-24层安装工程",{"$nulls":10},"第 3 页  共 11 页"]
["序号","项目编号","项目名称","计量单位","数量","综合单价（元）",{"$nulls":8},"合计(元)"]
[{"$nulls":5},"定额人工费","人工费价差","材料费","定额机械费","机械费价差","管理费","利润","风险费用","小计"]
[null,"4-13-137","天棚荧光灯带","m",48.36,13.58,2.01,8.16,null,null,2.95,1.41,null,28.11,1359]
[12,"030404034021","照明开关","套",4,6.62,0.98,12.72,null,null,1.44,0.69,null,22.45,90]
[null,"4-13-301 换","跷板暗开关单控≤3联","套",4,6.62,0.98,12.72,null,null,1.44,0.69,null,22.45,90]
[13,"030404035013","插座","套",2,7.8,1.16,6.54,null,null,1.69,0.81,null,18,36]
[null,"4-13-323 换","单相暗插座电流(A)≤16","套",2,7.8,1.16,6.54,null,null,1.69,0.81,null,18,36]
[14,"030411006017","接线盒","个",1,2.78,0.41,4.69,null,null,0.6,0.29,null,8.77,9]
[null,"4-11-212 换","暗装接线盒","个",1,2.78,0.41,4.69,null,null,0.6,0.29,null,8.77,9]
[15,"030411006018","接线盒","个",1,2.93,0.43,4.22,null,null,0.64,0.3,null,8.52,9]
[null,"4-11-211 换","开关盒、插座盒安装","个",1,2.93,0.43,4.22,null,null,0.64,0.3,null,8.52,9]
[16,"030413002012","凿（压）槽","m",36.62,3.7,0.54,1.22,0.07,null,0.81,0.39,null,6.73,246]
[null,"13-1-142 换","混凝土刨沟槽 管径(mm以内)20 \u007f二次精装修工程，在原粉刷层上进行砖墙开槽","m",36.62,1.7,0.25,0.15,0.07,null,0.38,0.18,null,2.73,100]
[null,"4-11-217","沟槽恢复配管1-2根","m",36.62,2,0.29,1.07,null,null,0.43,0.21,null,4,146]
[null,null,"电梯厅及卫生间电气工程"]
[17,"03040401901","控制开关","个",7,7.7,1.14,106.85,null,null,1.67,0.8,null,118.16,827]
[{"$nulls":11},"表-09"]
[]
["工程量清单综合单价计算表"]
["单位工程(专业)：安装工程-24层安装工程",{"$nulls":10},"第 4 页  共 11 页"]
["序号","项目编号","项目名称","计量单位","数量","综合单价（元）",{"$nulls":8},"合计(元)"]
[{"$nulls":5},"定额人工费","人工费价差","材料费","定额机械费","机械费价差","管理费","利润","风险费用","小计"]
[null,"0"]
[null,"4-4-83","微型空气开关(卡插式)","个",7,7.7,1.14,106.85,null,null,1.67,0.8,null,118.16,827]
[18,"030411001034","配管","m",98.03,6.24,0.93,6,null,null,1.36,0.65,null,15.18,1488]
[null,"4-11-2 换","套接紧定式镀锌钢导管(JDG)敷设 砖、混凝土结构明配 公称直径(mm)20","m",98.03,6.24,0.93,6,null,null,1.36,0.65,null,15.18,1488]
[19,"030411001035","配管","m",20.86,6.61,0.98,6.98,null,null,1.44,0.69,null,16.7,348]
[null,"4-11-3 换","套接紧定式镀锌钢导管(JDG)敷设 砖、混凝土结构明配 公称直径(mm)25","m",20.86,6.61,0.98,6.98,null,null,1.44,0.69,null,16.7,348]
[20,"030411001036","配管","m",43.45,3.77,0.55,5.62,0.05,null,0.83,0.4,null,11.22,488]
[null,"4-11-8 换","套接紧定式镀锌钢导管(JDG)敷设 砖、混凝土结构暗配 公称直径(mm)20","m",43.45,3.77,0.55,5.62,0.05,null,0.83,0.4,null,11.22,488]
[21,"030411001037","配管","m",8.1,5.18,0.77,7.04,0.07,null,1.14,0.55,null,14.75,119]
[{"$nulls":11},"表-09"]
[]
["工程量清单综合单价计算表"]
["单位工程(专业)：安装工程-24层安装工程",{"$nulls":10},"第 5 页  共 11 页"]
["序号","项目编号","项目名称","计量单位","数量","综合单价（元）",{"$nulls":8},"合计(元)"]
[{"$nulls":5},"定额人工费","人工费价差","材料费","定额机械费","机械费价差","管理费","利润","风险费用","小计"]
[null,"4-11-9 换","套接紧定式镀锌钢导管(JDG)敷设 砖、混凝土结构暗配 公称直径(mm)25","m",8.1,5.18,0.77,7.04,0.07,null,1.14,0.55,null,14.75,119]
[22,"030411001038","配管","m",8.7,7.26,1.08,9.46,null,null,1.58,0.76,null,20.14,175]
[null,"4-11-178","金属软管敷设 内径(mm)≤16每根长≤0.5m","m",8.7,7.26,1.08,9.46,null,null,1.58,0.76,null,20.14,175]
[23,"030411004019","配线","m",440.76,0.61,0.09,2.4,null,null,0.13,0.06,null,3.29,1450]
[null,"4-12-5 换","穿照明线 铜芯导线截面(mm2以内)2.5","m",440.76,0.61,0.09,2.4,null,null,0.13,0.06,null,3.29,1450]
[24,"030411004020","配线","m",171.02,0.61,0.09,2.64,null,null,0.13,0.06,null,3.53,604]
[null,"4-12-5 换","穿照明线 铜芯导线截面(mm2以内)2.5","m",171.02,0.61,0.09,2.64,null,null,0.13,0.06,null,3.53,604]
[25,"030412004041","装饰灯","套",22,17.19,2.54,86.75,null,null,3.73,1.79,null,112,2464]
[null,"4-13-163 换","点光源艺术装饰灯具安装 嵌入式筒灯灯具直径φ75","套",22,17.19,2.54,86.75,null,null,3.73,1.79,null,112,2464]
[26,"030412004042","装饰灯","m",19.48,13.58,2.01,8.16,null,null,2.95,1.41,null,28.11,548]
[null,"4-13-137","天棚荧光灯带","m",19.48,13.58,2.01,8.16,null,null,2.95,1.41,null,28.11,548]
[27,"03041200404","装饰灯","m",13.8,13.58,2.01,8.16,null,null,2.95,1.41,null,28.11,388]
[{"$nulls":11},"表-09"]
[]
["工程量清单综合单价计算表"]
["单位工程(专业)：安装工程-24层安装工程",{"$nulls":10},"第 6 页  共 11 页"]
["序号","项目编号","项目名称","计量单位","数量","综合单价（元）",{"$nulls":8},"合计(元)"]
[{"$nulls":5},"定额人工费","人工费价差","材料费","定额机械费","机械费价差","管理费","利润","风险费用","小计"]
[null,"3"]
[null,"4-13-137","天棚荧光灯带","m",13.8,13.58,2.01,8.16,null,null,2.95,1.41,null,28.11,388]
[28,"030404031004","小电器","台",2,28.35,4.2,134.54,null,null,6.16,2.95,null,176.2,352]
[null,"4-4-138","风扇安装换气扇","台",2,28.35,4.2,134.54,null,null,6.16,2.95,null,176.2,352]
[29,"030404034022","照明开关","套",3,6.62,0.98,4.96,null,null,1.44,0.69,null,14.69,44]
[null,"4-13-301 换","跷板暗开关单控≤3联","套",3,6.62,0.98,4.96,null,null,1.44,0.69,null,14.69,44]
[30,"030404034023","照明开关","套",2,6.62,0.98,7.07,null,null,1.44,0.69,null,16.8,34]
[null,"4-13-301 换","跷板暗开关单控≤3联","套",2,6.62,0.98,7.07,null,null,1.44,0.69,null,16.8,34]
[31,"030404034024","照明开关","套",3,6.62,0.98,12.72,null,null,1.44,0.69,null,22.45,67]
[null,"4-13-301 换","跷板暗开关单控≤3联","套",3,6.62,0.98,12.72,null,null,1.44,0.69,null,22.45,67]
[32,"030404035014","插座","套",2,7.8,1.16,6.54,null,null,1.69,0.81,null,18,36]
[null,"4-13-323 换","单相暗插座电流(A)≤16","套",2,7.8,1.16,6.54,null,null,1.69,0.81,null,18,36]
[33,"030404035015","插座","套",6,7.8,1.16,11.81,null,null,1.69,0.81,null,23.27,140]
[null,"4-13-323 换","单相暗插座电流(A)≤16","套",6,7.8,1.16,11.81,null,null,1.69,0.81,null,23.27,140]
[34,"030411006019","接线盒","个",11,2.78,0.41,4.69,null,null,0.6,0.29,null,8.77,96]
[{"$nulls":11},"表-09"]
[]
["工程量清单综合单价计算表"]
["单位工程(专业)：安装工程-24层安装工程",{"$nulls":10},"第 7 页  共 11 页"]
["序号","项目编号","项目名称","计量单位","数量","综合单价（元）",{"$nulls":8},"合计(元)"]
[{"$nulls":5},"定额人工费","人工费价差","材料费","定额机械费","机械费价差","管理费","利润","风险费用","小计"]
[null,"4-11-212 换","暗装接线盒","个",11,2.78,0.41,4.69,null,null,0.6,0.29,null,8.77,96]
[35,"030411006020","接线盒","个",4,2.93,0.43,4.22,null,null,0.64,0.3,null,8.52,34]
[null,"4-11-211 换","开关盒、插座盒安装","个",4,2.93,0.43,4.22,null,null,0.64,0.3,null,8.52,34]
[36,"030413002013","凿（压）槽","m",43.45,3.7,0.54,1.22,0.07,null,0.81,0.39,null,6.73,292]
[null,"13-1-142 换","混凝土刨沟槽 管径(mm以内)20 \u007f二次精装修工程，在原粉刷层上进行砖墙开槽","m",43.45,1.7,0.25,0.15,0.07,null,0.38,0.18,null,2.73,119]
[null,"4-11-217","沟槽恢复配管1-2根","m",43.45,2,0.29,1.07,null,null,0.43,0.21,null,4,174]
[37,"030413002014","凿（压）槽","m",8.1,4.25,0.63,1.38,0.1,null,0.94,0.45,null,7.75,63]
[null,"13-1-143 换","混凝土刨沟槽 管径(mm以内)32 \u007f二次精装修工程，在原粉刷层上进行砖墙开槽","m",8.1,2.25,0.34,0.31,0.1,null,0.51,0.24,null,3.75,30]
[null,"4-11-217","沟槽恢复配管1-2根","m",8.1,2,0.29,1.07,null,null,0.43,0.21,null,4,32]
[null,null,"给排水工程"]
[null,null,"给水工程"]
[38,"031001006032","塑料管","m",9.36,6.53,0.97,5.47,0.11,null,1.44,0.69,null,15.21,142]
[{"$nulls":11},"表-09"]
[]
["工程量清单综合单价计算表"]
["单位工程(专业)：安装工程-24层安装工程",{"$nulls":10},"第 8 页  共 11 页"]
["序号","项目编号","项目名称","计量单位","数量","综合单价（元）",{"$nulls":8},"合计(元)"]
[{"$nulls":5},"定额人工费","人工费价差","材料费","定额机械费","机械费价差","管理费","利润","风险费用","小计"]
[null,"10-1-229 换","室内塑料给水管(热熔连接) 公称直径(mm以内)15","m",9.36,6.22,0.93,5.24,0.11,null,1.37,0.66,null,14.53,136]
[null,"10-8-31","管道消毒、冲洗 公称直径(mm以内)50","m",9.36,0.31,0.04,0.23,null,null,0.07,0.03,null,0.68,6]
[39,"031001006033","塑料管","m",10.87,8.09,1.19,9.57,0.11,null,1.78,0.85,null,21.59,235]
[null,"10-1-231 换","室内塑料给水管(热熔连接) 公称直径(mm以内)25","m",10.87,7.78,1.15,9.34,0.11,null,1.71,0.82,null,20.91,227]
[null,"10-8-31","管道消毒、冲洗 公称直径(mm以内)50","m",10.87,0.31,0.04,0.23,null,null,0.07,0.03,null,0.68,7]
[40,"031001006034","塑料管","m",1.29,11.73,1.73,20.25,0.11,null,2.57,1.23,null,37.62,49]
[null,"10-1-233 换","室内塑料给水管(热熔连接) 公称直径(mm以内)40","m",1.29,11.42,1.69,20.02,0.11,null,2.5,1.2,null,36.94,48]
[null,"10-8-31","管道消毒、冲洗 公称直径(mm以内)50","m",1.29,0.31,0.04,0.23,null,null,0.07,0.03,null,0.68,1]
[41,"031001006035","塑料管","m",18.7,12.04,1.78,32.42,0.18,null,2.66,1.27,null,50.35,942]
[null,"10-1-234 换","室内塑料给水管(热熔连接) 公称直径(mm以内)50","m",18.7,11.73,1.74,32.19,0.18,null,2.59,1.24,null,49.67,929]
[{"$nulls":11},"表-09"]
[]
["工程量清单综合单价计算表"]
["单位工程(专业)：安装工程-24层安装工程",{"$nulls":10},"第 9 页  共 11 页"]
["序号","项目编号","项目名称","计量单位","数量","综合单价（元）",{"$nulls":8},"合计(元)"]
[{"$nulls":5},"定额人工费","人工费价差","材料费","定额机械费","机械费价差","管理费","利润","风险费用","小计"]
[null,"10-8-31","管道消毒、冲洗 公称直径(mm以内)50","m",18.7,0.31,0.04,0.23,null,null,0.07,0.03,null,0.68,13]
[42,"031003001005","螺纹阀门","个",1,16.74,2.48,154.52,0.82,-0.04,3.81,1.83,null,180.16,180]
[null,"10-2-6","螺纹阀门安装 公称直径(mm以内)50","个",1,16.74,2.48,154.52,0.82,-0.04,3.81,1.83,null,180.16,180]
[43,"03B005","暗敷管道补贴","间",2,202.5,30,{"$nulls":3},43.98,21.06,null,297.54,595]
[null,"BC10-2","卫生间 内周长在12m以上 暗敷管道补贴","间",2,202.5,30,{"$nulls":3},43.98,21.06,null,297.54,595]
[44,"030413003016","打洞（孔）","个",2,3.73,0.55,6.32,null,null,0.81,0.39,null,11.8,24]
[null,"13-1-132 换","混凝土楼板钻孔 钻孔直径(mm以内)63 \u007f砖墙及砌体墙钻孔","个",2,3.73,0.55,1.32,null,null,0.81,0.39,null,6.8,14]
[null,"补","孔洞修复","个",2,null,null,5,{"$nulls":5},5,10]
[null,null,"排水工程"]
[45,"031001006036","塑料管","m",13.38,12.18,1.8,24.48,null,null,2.65,1.27,null,42.38,567]
[null,"10-1-278 换","室内塑料排水管(粘接) 公称直径(mm以内)100","m",13.38,12.18,1.8,24.48,null,null,2.65,1.27,null,42.38,567]
[46,"031001006037","塑料管","m",4,10.04,1.49,13.57,null,null,2.18,1.04,null,28.32,113]
[null,"10-1-277 换","室内塑料排水管(粘接) 公称直径(mm以内)75","m",4,10.04,1.49,13.57,null,null,2.18,1.04,null,28.32,113]
[{"$nulls":11},"表-09"]
[]
["工程量清单综合单价计算表"]
["单位工程(专业)：安装工程-24层安装工程",{"$nulls":10},"第 10 页  共 11 页"]
["序号","项目编号","项目名称","计量单位","数量","综合单价（元）",{"$nulls":8},"合计(元)"]
[{"$nulls":5},"定额人工费","人工费价差","材料费","定额机械费","机械费价差","管理费","利润","风险费用","小计"]
[47,"031001006038","塑料管","m",6.7,8.24,1.22,7.69,null,null,1.79,0.86,null,19.8,133]
[null,"10-1-276 换","室内塑料排水管(粘接) 公称直径(mm以内)50","m",6.7,8.24,1.22,7.69,null,null,1.79,0.86,null,19.8,133]
[48,"030413003017","打洞（孔）","个",2,5.18,0.77,6.43,null,null,1.13,0.54,null,14.05,28]
[null,"13-1-133 换","混凝土楼板钻孔 钻孔直径(mm以内)83 \u007f砖墙及砌体墙钻孔","个",2,5.18,0.77,1.43,null,null,1.13,0.54,null,9.05,18]
[null,"补","孔洞修复","个",2,null,null,5,{"$nulls":5},5,10]
[49,"030413003018","打洞（孔）","个",4,6.8,1.01,6.91,null,null,1.48,0.71,null,16.91,68]
[null,"13-1-134 换","混凝土楼板钻孔 钻孔直径(mm以内)108 \u007f砖墙及砌体墙钻孔","个",4,6.8,1.01,1.91,null,null,1.48,0.71,null,11.91,48]
[null,"补","孔洞修复","个",4,null,null,5,{"$nulls":5},5,20]
[50,"031004007005","小便器","组",2,19.93,2.95,383.41,null,null,4.33,2.07,null,412.69,825]
[null,"10-3-37 换","壁挂式小便器安装 手动开关","套",2,19.93,2.95,383.41,null,null,4.33,2.07,null,412.69,825]
[51,"031004014005","给、排水附（配）件","个",2,9.49,1.41,10.98,null,null,2.06,0.99,null,24.93,50]
[null,"10-3-79 换","地漏安装 公称直径(mm以内)50","个",2,9.49,1.41,10.98,null,null,2.06,0.99,null,24.93,50]
[{"$nulls":11},"表-09"]
[]
["工程量清单综合单价计算表"]
["单位工程(专业)：安装工程-24层安装工程",{"$nulls":10},"第 11 页  共 11 页"]
["序号","项目编号","项目名称","计量单位","数量","综合单价（元）",{"$nulls":8},"合计(元)"]
[{"$nulls":5},"定额人工费","人工费价差","材料费","定额机械费","机械费价差","管理费","利润","风险费用","小计"]
[52,"031004006005","大便器","组",4,34.16,5.06,524.99,null,null,7.42,3.55,null,575.18,2301]
[null,"10-3-32 换","蹲式大便器安装 脚踏开关","组",4,34.16,5.06,524.99,null,null,7.42,3.55,null,575.18,2301]
[53,"031004008005","其他成品卫生器具","套",1,23.03,3.41,393.09,null,null,5,2.4,null,426.93,427]
[null,"10-3-41 换","拖布池安装","套",1,23.03,3.41,393.09,null,null,5,2.4,null,426.93,427]
[54,"031004003005","洗脸盆","组",2,27.73,4.11,504.96,null,null,6.02,2.88,null,545.7,1091]
[null,"10-3-17 换","洗脸盆 台下式冷热水 \u007f台式洗脸盆(冷水)安装","组",2,27.73,4.11,504.96,null,null,6.02,2.88,null,545.7,1091]
{"$rows_empty":9}
["合   计：",{"$nulls":13},34148]
[{"$nulls":11},"表-09"]

{"sheet":"表-09 措施项目清单综合单价计算表【24层安装工程】","index":31,"n_rows":25,"n_cols":15,"rows_kept":25,"merged":[[0,0,0,9],[0,10,0,14],[1,0,1,14],[2,0,2,9],[2,10,2,14],[3,0,4,0],[3,1,4,1],[3,2,4,2],[3,3,4,3],[3,4,4,4],[3,5,3,13],[3,14,4,14],[4,6,4,6],[4,7,4,7],[23,0,23,13],[24,0,24,1],[24,3,24,5],[24,6,24,7],[24,8,24,9],[24,10,24,14]]}
[]
["措施项目清单综合单价计算表"]
["单位工程(专业)：安装工程-24层安装工程",{"$nulls":9},"第 1 页  共 1 页"]
["序号","项目编号","项目名称","计量单位","数量","综合单价（元）",{"$nulls":8},"合计(元)"]
[{"$nulls":5},"定额人工费","人工费价差","材料费","定额机械费","机械费价差","管理费","利润","风险费用","小计"]
[null,null,"[请输入分部名称]"]
[1,"031301017005","脚手架搭拆","项",1,89.12,13.2,281.84,null,null,19.21,9.29,null,412.66,413]
[null,"13-2-10","脚手架搭拆费第十册","工日",9.872247,1.69,0.25,5.34,null,null,0.37,0.18,null,7.83,77]
[null,"13-2-4","脚手架搭拆费第四册","工日",53.659218,1.35,0.2,4.27,null,null,0.29,0.14,null,6.25,335]
{"$rows_empty":14}
["合   计：",{"$nulls":13},413]
[{"$nulls":10},"表-09"]

{"sheet":"表-02 专业工程招标控制价计算程序表【25层安装工程】","index":32,"n_rows":45,"n_cols":4,"rows_kept":45,"merged":[[0,0,0,3],[1,0,1,3],[2,0,2,2],[2,3,2,3],[44,0,44,1]]}
[]
["专业工程招标控制价计算程序表"]
["单位工程（专业）：安装工程-25层安装工程"]
["序号","汇 总 内 容","费用计算表达式","金额（元）"]
["一","分部分项工程费","表-07",64619.88]
["1","其中：定额人工费","表-07",17012.77]
["2","其中：人工价差","表-07",2517.89]
["3","其中：定额机械费","表-07",40.03]
["4","其中：机械费价差","表-07",-0.12]
["二","措施项目费","5+6",2054.3]
["5","施工技术措施项目费","表-08",813.85]
["5.1","其中：定额人工费","表-08",175.76]
["5.2","其中：人工价差","表-08",26.04]
["5.3","其中：定额机械费","表-08"]
["5.4","其中：机械费价差","表-08"]
["6","施工组织措施项目费","6.1+6.2+6.3+6.4+6.5+6.6",1240.45]
["6.1","安全文明施工基本费","（1+3+5.1+5.3）×费率6.81%",1173.26]
["6.2","提前竣工增加费","（1+3+5.1+5.3）×费率"]
["6.3","二次搬运费","（1+3+5.1+5.3）×费率0.26%",44.79]
["6.4","冬雨季施工增加费","（1+3+5.1+5.3）×费率0.13%",22.4]
["6.5","行车、行人干扰增加费","（1+3+5.1+5.3）×费率"]
["6.6","其他施工组织措施费","计价时列岀具体费用名称"]
["三","其他项目","表-11"]
["四","规费","（1+3+5.1+5.3）×费率30.63%",5277.11]
["五","税前工程造价","一+二+三+四",71951.29]
["六","税金","五×税率9%",6475.62]
{"$rows_empty":18}
["专业工程招标控制价",null,"一+二+三+四+六","78,426.91"]

{"sheet":"表-07 分部分项工程量清单与计价表【25层安装工程】","index":33,"n_rows":242,"n_cols":13,"rows_kept":242,"merged":[[0,0,0,12],[1,0,1,6],[1,7,1,9],[1,10,1,12],[2,0,3,0],[2,1,3,1],[2,2,3,2],[2,3,3,3],[2,4,3,4],[2,5,3,5],[2,6,3,6],[2,7,3,7],[2,8,2,11],[2,12,3,12],[10,0,10,6],[11,0,11,6],[11,7,11,9],[11,10,11,12],[12,0,12,12],[13,0,13,6],[13,7,13,9],[13,10,13,12],[14,0,15,0],[14,1,15,1],[14,2,15,2],[14,3,15,3],[14,4,15,4],[14,5,15,5],[14,6,15,6],[14,7,15,7],[14,8,14,11],[14,12,15,12],[19,0,19,6],[20,0,20,6],[20,7,20,9],[20,10,20,12],[21,0,21,12],[22,0,22,6],[22,7,22,9],[22,10,22,12],[23,0,24,0],[23,1,24,1],[23,2,24,2],[23,3,24,3],[23,4,24,4],[23,5,24,5],[23,6,24,6],[23,7,24,7],[23,8,23,11],[23,12,24,12],[27,0,27,6],[28,0,28,6],[28,7,28,9],[28,10,28,12],[29,0,29,12],[30,0,30,6],[30,7,30,9],[30,10,30,12],[31,0,32,0],[31,1,32,1],[31,2,32,2],[31,3,32,3],[31,4,32,4],[31,5,32,5],[31,6,32,6],[31,7,32,7],[31,8,31,11],[31,12,32,12],[35,0,35,6],[36,0,36,6],[36,7,36,9],[36,10,36,12],[37,0,37,12],[38,0,38,6],[38,7,38,9],[38,10,38,12],[39,0,40,0],[39,1,40,1],[39,2,40,2],[39,3,40,3],[39,4,40,4],[39,5,40,5],[39,6,40,6],[39,7,40,7],[39,8,39,11],[39,12,40,12],[44,0,44,6],[45,0,45,6],[45,7,45,9],[45,10,45,12],[46,0,46,12],[47,0,47,6],[47,7,47,9],[47,10,47,12],[48,0,49,0],[48,1,49,1],[48,2,49,2],[48,3,49,3],[48,4,49,4],[48,5,49,5],[48,6,49,6],[48,7,49,7],[48,8,48,11],[48,12,49,12],[53,0,53,6],[54,0,54,6],[54,7,54,9],[54,10,54,12],[55,0,55,12],[56,0,56,6],[56,7,56,9],[56,10,56,12],[57,0,58,0],[57,1,58,1],[57,2,58,2],[57,3,58,3],[57,4,58,4],[57,5,58,5],[57,6,58,6],[57,7,58,7],[57,8,57,11],[57,12,58,12],[63,0,63,6],[64,0,64,6],[64,7,64,9],[64,10,64,12],[65,0,65,12],[66,0,66,6],[66,7,66,9],[66,10,66,12],[67,0,68,0],[67,1,68,1],[67,2,68,2],[67,3,68,3],[67,4,68,4],[67,5,68,5],[67,6,68,6],[67,7,68,7],[67,8,67,11],[67,12,68,12],[74,0,74,6],[75,0,75,6],[75,7,75,9],[75,10,75,12],[76,0,76,12],[77,0,77,6],[77,7,77,9],[77,10,77,12],[78,0,79,0],[78,1,79,1],[78,2,79,2],[78,3,79,3],[78,4,79,4],[78,5,79,5],[78,6,79,6],[78,7,79,7],[78,8,78,11],[78,12,79,12],[84,0,84,6],[85,0,85,6],[85,7,85,9],[85,10,85,12],[86,0,86,12],[87,0,87,6],[87,7,87,9],[87,10,87,12],[88,0,89,0],[88,1,89,1],[88,2,89,2],[88,3,89,3],[88,4,89,4],[88,5,89,5],[88,6,89,6],[88,7,89,7],[88,8,88,11],[88,12,89,12],[93,0,93,6],[94,0,94,6],[94,7,94,9],[94,10,94,12],[95,0,95,12],[96,0,96,6],[96,7,96,9],[96,10,96,12],[97,0,98,0],[97,1,98,1],[97,2,98,2],[97,3,98,3],[97,4,98,4],[97,5,98,5],[97,6,98,6],[97,7,98,7],[97,8,97,11],[97,12,98,12],[102,0,102,6],[103,0,103,6],[103,7,103,9],[103,10,103,12],[104,0,104,12],[105,0,105,6],[105,7,105,9],[105,10,105,12],[106,0,107,0],[106,1,107,1],[106,2,107,2],[106,3,107,3],[106,4,107,4],[106,5,107,5],[106,6,107,6],[106,7,107,7],[106,8,106,11],[106,12,107,12],[111,0,111,6],[112,0,112,6],[112,7,112,9],[112,10,112,12],[113,0,113,12],[114,0,114,6],[114,7,114,9],[114,10,114,12],[115,0,116,0],[115,1,116,1],[115,2,116,2],[115,3,116,3],[115,4,116,4],[115,5,116,5],[115,6,116,6],[115,7,116,7],[115,8,115,11],[115,12,116,12],[121,0,121,6],[122,0,122,6],[122,7,122,9],[122,10,122,12],[123,0,123,12],[124,0,124,6],[124,7,124,9],[124,10,124,12],[125,0,126,0],[125,1,126,1],[125,2,126,2],[125,3,126,3],[125,4,126,4],[125,5,126,5],[125,6,126,6],[125,7,126,7],[125,8,125,11],[125,12,126,12],[131,0,131,6],[132,0,132,6],[132,7,132,9],[132,10,132,12],[133,0,133,12],[134,0,134,6],[134,7,134,9],[134,10,134,12],[135,0,136,0],[135,1,136,1],[135,2,136,2],[135,3,136,3],[135,4,136,4],[135,5,136,5],[135,6,136,6],[135,7,136,7],[135,8,135,11],[135,12,136,12],[139,0,139,6],[140,0,140,6],[140,7,140,9],[140,10,140,12],[141,0,141,12],[142,0,142,6],[142,7,142,9],[142,10,142,12],[143,0,144,0],[143,1,144,1],[143,2,144,2],[143,3,144,3],[143,4,144,4],[143,5,144,5],[143,6,144,6],[143,7,144,7],[143,8,143,11],[143,12,144,12],[147,0,147,6],[148,0,148,6],[148,7,148,9],[148,10,148,12],[149,0,149,12],[150,0,150,6],[150,7,150,9],[150,10,150,12],[151,0,152,0],[151,1,152,1],[151,2,152,2],[151,3,152,3],[151,4,152,4],[151,5,152,5],[151,6,152,6],[151,7,152,7],[151,8,151,11],[151,12,152,12],[156,0,156,6],[157,0,157,6],[157,7,157,9],[157,10,157,12],[158,0,158,12],[159,0,159,6],[159,7,159,9],[159,10,159,12],[160,0,161,0],[160,1,161,1],[160,2,161,2],[160,3,161,3],[160,4,161,4],[160,5,161,5],[160,6,161,6],[160,7,161,7],[160,8,160,11],[160,12,161,12],[166,0,166,6],[167,0,167,6],[167,7,167,9],[167,10,167,12],[168,0,168,12],[169,0,169,6],[169,7,169,9],[169,10,169,12],[170,0,171,0],[170,1,171,1],[170,2,171,2],[170,3,171,3],[170,4,171,4],[170,5,171,5],[170,6,171,6],[170,7,171,7],[170,8,170,11],[170,12,171,12],[175,0,175,6],[176,0,176,6],[176,7,176,9],[176,10,176,12],[177,0,177,12],[178,0,178,6],[178,7,178,9],[178,10,178,12],[179,0,180,0],[179,1,180,1],[179,2,180,2],[179,3,180,3],[179,4,180,4],[179,5,180,5],[179,6,180,6],[179,7,180,7],[179,8,179,11],[179,12,180,12],[184,0,184,6],[185,0,185,6],[185,7,185,9],[185,10,185,12],[186,0,186,12],[187,0,187,6],[187,7,187,9],[187,10,187,12],[188,0,189,0],[188,1,189,1],[188,2,189,2],[188,3,189,3],[188,4,189,4],[188,5,189,5],[188,6,189,6],[188,7,189,7],[188,8,188,11],[188,12,189,12],[192,0,192,6],[193,0,193,6],[193,7,193,9],[193,10,193,12],[194,0,194,12],[195,0,195,6],[195,7,195,9],[195,10,195,12],[196,0,197,0],[196,1,197,1],[196,2,197,2],[196,3,197,3],[196,4,197,4],[196,5,197,5],[196,6,197,6],[196,7,197,7],[196,8,196,11],[196,12,197,12],[202,0,202,6],[203,0,203,6],[203,7,203,9],[203,10,203,12],[204,0,204,12],[205,0,205,6],[205,7,205,9],[205,10,205,12],[206,0,207,0],[206,1,207,1],[206,2,207,2],[206,3,207,3],[206,4,207,4],[206,5,207,5],[206,6,207,6],[206,7,207,7],[206,8,206,11],[206,12,207,12],[211,0,211,6],[212,0,212,6],[212,7,212,9],[212,10,212,12],[213,0,213,12],[214,0,214,6],[214,7,214,9],[214,10,214,12],[215,0,216,0],[215,1,216,1],[215,2,216,2],[215,3,216,3],[215,4,216,4],[215,5,216,5],[215,6,216,6],[215,7,216,7],[215,8,215,11],[215,12,216,12],[220,0,220,6],[221,0,221,6],[221,7,221,9],[221,10,221,12],[222,0,222,12],[223,0,223,6],[223,7,223,9],[223,10,223,12],[224,0,225,0],[224,1,225,1],[224,2,225,2],[224,3,225,3],[224,4,225,4],[224,5,225,5],[224,6,225,6],[224,7,225,7],[224,8,224,11],[224,12,225,12],[239,0,239,6],[240,0,240,6],[241,0,241,6],[241,7,241,9],[241,10,241,12]]}
["分部分项工程量清单与计价表"]
["单位工程(专业)：安装工程-25层安装工程",{"$nulls":9},"第 1 页  共 25 页"]
["序号","项目编码","项目名称","项目特征","计量单位","工程量","综合单价(元)","合价(元)","其中(元)",{"$nulls":3},"备注"]
[{"$nulls":8},"定额人工费","人工费价差","定额机械费","机械费价差"]
[null,null,"电气工程",{"$nulls":4},50484,14166,2096,28]
[null,null,"户内电气",{"$nulls":4},40426,11481,1699,22]
[1,"030404019011","控制开关","1、名称：配电箱断路器\n2、规格：CH2L-C16A/1P+N\n3、其他：符合设计及规范要求","个",11,118.16,1299.76,84.7,12.54]
[2,"030411001039","配管","1、名称：薄壁镀锌钢管\n2、规格：JDG20\n3、配置形式：砖、混凝土结构明配","m",412.88,15.18,6267.52,2576.37,383.98]
[3,"030411001040","配管","1、名称：薄壁镀锌钢管 \n2、规格：JDG20\n3、配置形式：砖、混凝土结构暗配","m",173.66,11.22,1948.47,654.7,95.51,8.68]
[4,"030411001041","配管","1、名称：金属软管敷设\n2、规格：DN20\n3、配置形式：砖、混凝土结构明配","m",35.2,20.14,708.93,255.55,38.02]
["本页小计",{"$nulls":6},10225,3571,530,9]
[{"$nulls":10},"表—07"]
["分部分项工程量清单与计价表"]
["单位工程(专业)：安装工程-25层安装工程",{"$nulls":9},"第 2 页  共 25 页"]
["序号","项目编码","项目名称","项目特征","计量单位","工程量","综合单价(元)","合价(元)","其中(元)",{"$nulls":3},"备注"]
[{"$nulls":8},"定额人工费","人工费价差","定额机械费","机械费价差"]
[5,"030411004021","配线","1、名称：铜芯塑料绝缘电线\n2、类型：照明\n3、规格、型号：WDZB1-BYJ-2.5\n4、配线形式：管内穿线","m",1530.78,3.29,5036.27,933.78,137.77]
[6,"030411004022","配线","1、名称：铜芯塑料绝缘电线\n2、类型：照明\n3、规格、型号：WDZB1-BYJR-2.5\n4、配线形式：管内穿线","m",463.54,3.53,1636.3,282.76,41.72]
[7,"030502005002","双绞线缆","1、名称：双绞线缆 \n2、规格：4UTP(CAT6)\n3、线缆对数：4\n4、敷设方式：管内穿放","m",39.16,4.58,179.35,35.24,5.09,0.78]
["本页小计",{"$nulls":6},6852,1252,185,1]
[{"$nulls":10},"表—07"]
["分部分项工程量清单与计价表"]
["单位工程(专业)：安装工程-25层安装工程",{"$nulls":9},"第 3 页  共 25 页"]
["序号","项目编码","项目名称","项目特征","计量单位","工程量","综合单价(元)","合价(元)","其中(元)",{"$nulls":3},"备注"]
[{"$nulls":8},"定额人工费","人工费价差","定额机械费","机械费价差"]
[8,"030412004044","装饰灯","1、名称：磁吸轨道灯\n2、规格：12w，4000K，开孔尺寸：W30*H40-60mm\n3、安装形式：吸顶式\n4、附件：含磁吸轨道、光源及安全变压器","套",6,314.25,1885.5,115.86,17.22]
[9,"030412004045","装饰灯","1、名称：LED灯带\n2、规格：7W/m，3000K\n3、安装形式：内藏\n4、附件：分支接头、灯带驱动器等","m",101.65,28.11,2857.38,1380.41,204.31]
["本页小计",{"$nulls":6},4743,1496,222]
[{"$nulls":10},"表—07"]
["分部分项工程量清单与计价表"]
["单位工程(专业)：安装工程-25层安装工程",{"$nulls":9},"第 4 页  共 25 页"]
["序号","项目编码","项目名称","项目特征","计量单位","工程量","综合单价(元)","合价(元)","其中(元)",{"$nulls":3},"备注"]
[{"$nulls":8},"定额人工费","人工费价差","定额机械费","机械费价差"]
[10,"030412004046","装饰灯","1、名称：软膜灯\n2、规格：12W/m2，6000K\n3、安装方式：嵌入式\n4、其他：符合设计及规范要求","m2",47.5,189.16,8985.1,2413,357.68]
[11,"030412004047","装饰灯","1、名称：筒灯（含光源）\n2、规格：80mm，9W，4000K，LED\n3、安装方式：吸顶/嵌入式综合考虑\n4、其他：符合设计及规范要求","套",25,112,2800,429.75,63.5]
["本页小计",{"$nulls":6},11785,2843,421]
[{"$nulls":10},"表—07"]
["分部分项工程量清单与计价表"]
["单位工程(专业)：安装工程-25层安装工程",{"$nulls":9},"第 5 页  共 25 页"]
["序号","项目编码","项目名称","项目特征","计量单位","工程量","综合单价(元)","合价(元)","其中(元)",{"$nulls":3},"备注"]
[{"$nulls":8},"定额人工费","人工费价差","定额机械费","机械费价差"]
[12,"030412004048","装饰灯","1、名称：感应筒灯（含光源）\n2、规格：80mm，9W，4000K，LED\n3、安装方式：吸顶/嵌入式综合考虑\n4、其他：符合设计及规范要求","套",13,152.4,1981.2,223.47,33.02]
[13,"030412004049","装饰灯","1、名称：线性灯\n2、规格：7w/m，4000K\n3、安装形式：内藏\n4、附件：分支接头、灯带驱动器等","m",65.82,28.11,1850.2,893.84,132.29]
[14,"030404031005","小电器","1、名称：浴霸\n2、规格：300*600mm，2832W\n3、安装方式：吸顶式\n4、其他：符合设计及规范要求","套",1,327.69,327.69,34.7,5.14]
["本页小计",{"$nulls":6},4159,1152,170]
[{"$nulls":10},"表—07"]
["分部分项工程量清单与计价表"]
["单位工程(专业)：安装工程-25层安装工程",{"$nulls":9},"第 6 页  共 25 页"]
["序号","项目编码","项目名称","项目特征","计量单位","工程量","综合单价(元)","合价(元)","其中(元)",{"$nulls":3},"备注"]
[{"$nulls":8},"定额人工费","人工费价差","定额机械费","机械费价差"]
[15,"030404034025","照明开关","1、名称：双联单控开关\n2、类型：跷板暗开关\n3、规格：86型，10A\n4、安装方式：暗装","套",7,16.8,117.6,46.34,6.86]
[16,"030404034026","照明开关","1、名称：三联单控开关\n2、类型：跷板暗开关\n3、规格：86型，10A\n4、安装方式：暗装","套",3,22.45,67.35,19.86,2.94]
[17,"030404034027","照明开关","1、名称：空调面板（仅计安装费）\n2、类型：跷板暗开关\n3、规格：86型，10A\n4、安装方式：暗装","套",5,10.63,53.15,33.1,4.9]
["本页小计",{"$nulls":6},238,99,15]
[{"$nulls":10},"表—07"]
["分部分项工程量清单与计价表"]
["单位工程(专业)：安装工程-25层安装工程",{"$nulls":9},"第 7 页  共 25 页"]
["序号","项目编码","项目名称","项目特征","计量单位","工程量","综合单价(元)","合价(元)","其中(元)",{"$nulls":3},"备注"]
[{"$nulls":8},"定额人工费","人工费价差","定额机械费","机械费价差"]
[18,"030404035016","插座","1、名称：单相五孔插座\n2、规格：86型，10A\n3、安装方式：暗装","套",15,18,270,117,17.4]
[19,"030404035017","插座","1、名称：单相防溅五孔插座\n2、规格：86型，10A\n3、安装方式：暗装","套",2,23.27,46.54,15.6,2.32]
[20,"030502012002","信息插座","1、名称：信息插座\n2、类别：2口\n3、安装方式：暗装\n4、附件：含终端盒面板","个",1,69.11,69.11,10.36,1.54]
[21,"030411006021","接线盒","1、名称：接线盒\n2、材质：钢质\n3、规格：86型\n4、安装形式：暗装","个",73,8.77,640.21,202.94,29.93]
["本页小计",{"$nulls":6},1026,346,51]
[{"$nulls":10},"表—07"]
["分部分项工程量清单与计价表"]
["单位工程(专业)：安装工程-25层安装工程",{"$nulls":9},"第 8 页  共 25 页"]
["序号","项目编码","项目名称","项目特征","计量单位","工程量","综合单价(元)","合价(元)","其中(元)",{"$nulls":3},"备注"]
[{"$nulls":8},"定额人工费","人工费价差","定额机械费","机械费价差"]
[22,"030411006022","接线盒","1、名称：开关盒、插座盒\n2、材质：钢质\n3、规格：86型\n4、安装形式：暗装","个",27,8.52,230.04,79.11,11.61]
[23,"030413002015","凿（压）槽","1、名称：混凝土刨沟槽\n2、规格：DN20\n3、其他：含沟槽恢复","m",173.66,6.73,1168.73,642.54,93.78,12.16]
[null,null,"电梯厅及卫生间电气工程",{"$nulls":4},10058,2685,397,7]
[24,"030404019012","控制开关","1、名称：配电箱断路器\n2、规格：CH2L-C16A/1P+N\n3、其他：符合设计及规范要求","个",7,118.16,827.12,53.9,7.98]
[25,"030411001042","配管","1、名称：薄壁镀锌钢管\n2、规格：JDG20\n3、配置形式：砖、混凝土结构明配","m",98.03,15.18,1488.1,611.71,91.17]
["本页小计",{"$nulls":6},3714,1387,205,12]
[{"$nulls":10},"表—07"]
["分部分项工程量清单与计价表"]
["单位工程(专业)：安装工程-25层安装工程",{"$nulls":9},"第 9 页  共 25 页"]
["序号","项目编码","项目名称","项目特征","计量单位","工程量","综合单价(元)","合价(元)","其中(元)",{"$nulls":3},"备注"]
[{"$nulls":8},"定额人工费","人工费价差","定额机械费","机械费价差"]
[26,"030411001043","配管","1、名称：薄壁镀锌钢管\n2、规格：JDG25\n3、配置形式：砖、混凝土结构明配","m",20.86,16.7,348.36,137.88,20.45]
[27,"030411001044","配管","1、名称：薄壁镀锌钢管 \n2、规格：JDG20\n3、配置形式：砖、混凝土结构暗配","m",43.45,11.22,487.51,163.81,23.89,2.17]
[28,"030411001045","配管","1、名称：薄壁镀锌钢管 \n2、规格：JDG25\n3、配置形式：砖、混凝土结构暗配","m",8.1,14.75,119.48,41.96,6.24,0.57]
[29,"030411001046","配管","1、名称：金属软管敷设\n2、规格：DN20\n3、配置形式：砖、混凝土结构明配","m",8.7,20.14,175.22,63.16,9.4]
["本页小计",{"$nulls":6},1131,407,60,3]
[{"$nulls":10},"表—07"]
["分部分项工程量清单与计价表"]
["单位工程(专业)：安装工程-25层安装工程",{"$nulls":9},"第 10 页  共 25 页"]
["序号","项目编码","项目名称","项目特征","计量单位","工程量","综合单价(元)","合价(元)","其中(元)",{"$nulls":3},"备注"]
[{"$nulls":8},"定额人工费","人工费价差","定额机械费","机械费价差"]
[30,"030411004023","配线","1、名称：铜芯塑料绝缘电线\n2、类型：照明\n3、规格、型号：WDZB1-BYJ-2.5\n4、配线形式：管内穿线","m",440.76,3.29,1450.1,268.86,39.67]
[31,"030411004024","配线","1、名称：铜芯塑料绝缘电线\n2、类型：照明\n3、规格、型号：WDZB1-BYJR-2.5\n4、配线形式：管内穿线","m",171.02,3.53,603.7,104.32,15.39]
[32,"030412004050","装饰灯","1、名称：筒灯（含光源）\n2、规格：80mm，9W，4000K，LED\n3、安装方式：吸顶/嵌入式综合考虑\n4、其他：符合设计及规范要求","套",22,112,2464,378.18,55.88]
["本页小计",{"$nulls":6},4518,751,111]
[{"$nulls":10},"表—07"]
["分部分项工程量清单与计价表"]
["单位工程(专业)：安装工程-25层安装工程",{"$nulls":9},"第 11 页  共 25 页"]
["序号","项目编码","项目名称","项目特征","计量单位","工程量","综合单价(元)","合价(元)","其中(元)",{"$nulls":3},"备注"]
[{"$nulls":8},"定额人工费","人工费价差","定额机械费","机械费价差"]
[33,"030412004051","装饰灯","1、名称：LED灯带\n2、规格：7W/m，3000K\n3、安装形式：内藏\n4、附件：分支接头、灯带驱动器等","m",19.48,28.11,547.58,264.54,39.15]
[34,"030412004052","装饰灯","1、名称：线性灯\n2、规格：7w/m，4000K\n3、安装形式：内藏\n4、附件：分支接头、灯带驱动器等","m",13.8,28.11,387.92,187.4,27.74]
[35,"030404031006","小电器","1、名称：换气扇\n2、安装方式：吸顶式\n3、其他：符合设计及规范要求","台",2,176.2,352.4,56.7,8.4]
["本页小计",{"$nulls":6},1288,509,75]
[{"$nulls":10},"表—07"]
["分部分项工程量清单与计价表"]
["单位工程(专业)：安装工程-25层安装工程",{"$nulls":9},"第 12 页  共 25 页"]
["序号","项目编码","项目名称","项目特征","计量单位","工程量","综合单价(元)","合价(元)","其中(元)",{"$nulls":3},"备注"]
[{"$nulls":8},"定额人工费","人工费价差","定额机械费","机械费价差"]
[36,"030404034028","照明开关","1、名称：单联单控开关\n2、类型：跷板暗开关\n3、规格：86型，10A\n4、安装方式：暗装","套",3,14.69,44.07,19.86,2.94]
[37,"030404034029","照明开关","1、名称：双联单控开关\n2、类型：跷板暗开关\n3、规格：86型，10A\n4、安装方式：暗装","套",2,16.8,33.6,13.24,1.96]
[38,"030404034030","照明开关","1、名称：三联单控开关\n2、类型：跷板暗开关\n3、规格：86型，10A\n4、安装方式：暗装","套",3,22.45,67.35,19.86,2.94]
["本页小计",{"$nulls":6},145,53,8]
[{"$nulls":10},"表—07"]
["分部分项工程量清单与计价表"]
["单位工程(专业)：安装工程-25层安装工程",{"$nulls":9},"第 13 页  共 25 页"]
["序号","项目编码","项目名称","项目特征","计量单位","工程量","综合单价(元)","合价(元)","其中(元)",{"$nulls":3},"备注"]
[{"$nulls":8},"定额人工费","人工费价差","定额机械费","机械费价差"]
[39,"030404035018","插座","1、名称：单相五孔插座\n2、规格：86型，10A\n3、安装方式：暗装","套",2,18,36,15.6,2.32]
[40,"030404035019","插座","1、名称：单相防溅五孔插座\n2、规格：86型，10A\n3、安装方式：暗装","套",6,23.27,139.62,46.8,6.96]
[41,"030411006023","接线盒","1、名称：接线盒\n2、材质：钢质\n3、规格：86型\n4、安装形式：暗装","个",11,8.77,96.47,30.58,4.51]
[42,"030411006024","接线盒","1、名称：开关盒、插座盒\n2、材质：钢质\n3、规格：86型\n4、安装形式：暗装","个",4,8.52,34.08,11.72,1.72]
["本页小计",{"$nulls":6},306,105,16]
[{"$nulls":10},"表—07"]
["分部分项工程量清单与计价表"]
["单位工程(专业)：安装工程-25层安装工程",{"$nulls":9},"第 14 页  共 25 页"]
["序号","项目编码","项目名称","项目特征","计量单位","工程量","综合单价(元)","合价(元)","其中(元)",{"$nulls":3},"备注"]
[{"$nulls":8},"定额人工费","人工费价差","定额机械费","机械费价差"]
[43,"030413002016","凿（压）槽","1、名称：混凝土刨沟槽\n2、规格：DN20以下\n3、其他：含沟槽恢复","m",43.45,6.73,292.42,160.77,23.46,3.04]
[44,"030413002017","凿（压）槽","1、名称：混凝土刨沟槽\n2、规格：DN32以下\n3、其他：含沟槽恢复","m",8.1,7.75,62.78,34.43,5.1,0.81]
[null,null,"给排水工程",{"$nulls":4},14136,2847,422,12]
[null,null,"给水工程",{"$nulls":4},3312,1443,214,10]
["本页小计",{"$nulls":6},355,195,29,4]
[{"$nulls":10},"表—07"]
["分部分项工程量清单与计价表"]
["单位工程(专业)：安装工程-25层安装工程",{"$nulls":9},"第 15 页  共 25 页"]
["序号","项目编码","项目名称","项目特征","计量单位","工程量","综合单价(元)","合价(元)","其中(元)",{"$nulls":3},"备注"]
[{"$nulls":8},"定额人工费","人工费价差","定额机械费","机械费价差"]
[45,"031001006039","塑料管","1、安装部位：室内\n2、介质：水\n3、材质：PP-R给水管\n4、规格：DN15，PN=1.25\n5、连接形式：热熔\n6、压力试验及吹、洗 设计要求：按设计文件及相关规范要求","m",31.14,15.21,473.64,203.34,30.21,3.43]
[46,"031001006040","塑料管","1、安装部位：室内\n2、介质：水\n3、材质：PP-R给水管\n4、规格：DN20，PN=1.25\n5、连接形式：热熔\n6、压力试验及吹、洗 设计要求：按设计文件及相关规范要求","m",6.9,17.29,119.3,50.37,7.45,0.76]
["本页小计",{"$nulls":6},593,254,38,4]
[{"$nulls":10},"表—07"]
["分部分项工程量清单与计价表"]
["单位工程(专业)：安装工程-25层安装工程",{"$nulls":9},"第 16 页  共 25 页"]
["序号","项目编码","项目名称","项目特征","计量单位","工程量","综合单价(元)","合价(元)","其中(元)",{"$nulls":3},"备注"]
[{"$nulls":8},"定额人工费","人工费价差","定额机械费","机械费价差"]
[47,"031001006041","塑料管","1、安装部位：室内\n2、介质：水\n3、材质：PP-R给水管\n4、规格：DN25，PN=1.25\n5、连接形式：热熔\n6、压力试验及吹、洗 设计要求：按设计文件及相关规范要求","m",14.28,21.59,308.31,115.53,16.99,1.57]
[48,"031001006042","塑料管","1、安装部位：室内\n2、介质：水\n3、材质：PP-R给水管\n4、规格：DN40，PN=1.25\n5、连接形式：热熔\n6、压力试验及吹、洗 设计要求：按设计文件及相关规范要求","m",1.98,37.62,74.49,23.23,3.42,0.22]
["本页小计",{"$nulls":6},383,139,20,2]
[{"$nulls":10},"表—07"]
["分部分项工程量清单与计价表"]
["单位工程(专业)：安装工程-25层安装工程",{"$nulls":9},"第 17 页  共 25 页"]
["序号","项目编码","项目名称","项目特征","计量单位","工程量","综合单价(元)","合价(元)","其中(元)",{"$nulls":3},"备注"]
[{"$nulls":8},"定额人工费","人工费价差","定额机械费","机械费价差"]
[49,"031001006043","塑料管","1、安装部位：室内\n2、介质：水\n3、材质：PP-R给水管\n4、规格：DN50，PN=1.25\n5、连接形式：热熔\n6、压力试验及吹、洗 设计要求：按设计文件及相关规范要求","m",13.84,50.35,696.84,166.63,24.64,2.49]
[50,"031003001006","螺纹阀门","1、类型：闸阀\n2、材质：铜质\n3、规格、压力等级：DN50\n4、连接形式：螺纹","个",1,180.16,180.16,16.74,2.48,0.82,-0.04]
[51,"031003001007","螺纹阀门","1、类型：截止阀\n2、材质：铜质\n3、规格、压力等级：DN15\n4、连接形式：螺纹","个",2,31.79,63.58,13.5,2,0.26,-0.02]
["本页小计",{"$nulls":6},941,197,29,4]
[{"$nulls":10},"表—07"]
["分部分项工程量清单与计价表"]
["单位工程(专业)：安装工程-25层安装工程",{"$nulls":9},"第 18 页  共 25 页"]
["序号","项目编码","项目名称","项目特征","计量单位","工程量","综合单价(元)","合价(元)","其中(元)",{"$nulls":3},"备注"]
[{"$nulls":8},"定额人工费","人工费价差","定额机械费","机械费价差"]
[52,"031003001008","螺纹阀门","1、类型：截止阀\n2、材质：铜质\n3、规格、压力等级：DN25\n4、连接形式：螺纹","个",1,50.81,50.81,7.97,1.18,0.35,-0.02]
[53,"031003001009","螺纹阀门","1、类型：止回阀\n2、材质：铜质\n3、规格、压力等级：DN15\n4、连接形式：螺纹","个",2,41.76,83.52,13.5,2,0.26,-0.02]
[54,"03B006","暗敷管道补贴","1、名称：暗敷管道补贴\n2、部位：卫生间\n3、规格：12m以上\n4、其他：符合设计及规范要求","间",4,297.54,1190.16,810,120]
[55,"030413003019","打洞（孔）","1、名称：砖墙及砌体墙开孔\n2、规格：DN50\n3、附件：含孔洞修复","个",6,11.8,70.8,22.38,3.3]
["本页小计",{"$nulls":6},1395,854,126,1]
[{"$nulls":10},"表—07"]
["分部分项工程量清单与计价表"]
["单位工程(专业)：安装工程-25层安装工程",{"$nulls":9},"第 19 页  共 25 页"]
["序号","项目编码","项目名称","项目特征","计量单位","工程量","综合单价(元)","合价(元)","其中(元)",{"$nulls":3},"备注"]
[{"$nulls":8},"定额人工费","人工费价差","定额机械费","机械费价差"]
[null,null,"热水工程",{"$nulls":4},462,124,18,2]
[56,"031001006044","塑料管","1、安装部位：室内\n2、介质：水\n3、材质：PP-R给水管\n4、规格：DN15，PN=2.0\n5、连接形式：热熔\n6、压力试验及吹、洗 设计要求：按设计文件及相关规范要求","m",12.7,16.59,210.69,82.93,12.32,1.4]
[57,"031003001010","螺纹阀门","1、类型：截止阀\n2、材质：铜质\n3、规格、压力等级：DN15\n4、连接形式：螺纹","个",2,31.79,63.58,13.5,2,0.26,-0.02]
["本页小计",{"$nulls":6},274,96,14,2]
[{"$nulls":10},"表—07"]
["分部分项工程量清单与计价表"]
["单位工程(专业)：安装工程-25层安装工程",{"$nulls":9},"第 20 页  共 25 页"]
["序号","项目编码","项目名称","项目特征","计量单位","工程量","综合单价(元)","合价(元)","其中(元)",{"$nulls":3},"备注"]
[{"$nulls":8},"定额人工费","人工费价差","定额机械费","机械费价差"]
[58,"031208002001","管道绝热","1、名称：管道保温\n2、材质：橡塑管壳\n3、规格：DN50mm以下\n4、保温厚度：30mm","m3",0.07,2682.55,187.78,27.77,4.12]
[null,null,"排水工程",{"$nulls":4},10362,1279,189]
[59,"031001006045","塑料管","1、安装部位：室内\n2、介质：污废水\n3、材质、规格：PVC-U 110\n4、连接形式：粘接\n5、压力试验及吹、洗 设计要求：按设计文件及相关规范要求","m",21.82,42.38,924.73,265.77,39.27]
["本页小计",{"$nulls":6},1113,294,43]
[{"$nulls":10},"表—07"]
["分部分项工程量清单与计价表"]
["单位工程(专业)：安装工程-25层安装工程",{"$nulls":9},"第 21 页  共 25 页"]
["序号","项目编码","项目名称","项目特征","计量单位","工程量","综合单价(元)","合价(元)","其中(元)",{"$nulls":3},"备注"]
[{"$nulls":8},"定额人工费","人工费价差","定额机械费","机械费价差"]
[60,"031001006046","塑料管","1、安装部位：室内\n2、介质：污废水\n3、材质、规格：PVC-U 75\n4、连接形式：粘接\n5、压力试验及吹、洗 设计要求：按设计文件及相关规范要求","m",11.25,28.32,318.6,112.95,16.76]
[61,"031001006047","塑料管","1、安装部位：室内\n2、介质：污废水\n3、材质、规格：PVC-U 50\n4、连接形式：粘接\n5、压力试验及吹、洗 设计要求：按设计文件及相关规范要求","m",38.12,19.8,754.78,314.11,46.51]
["本页小计",{"$nulls":6},1073,427,63]
[{"$nulls":10},"表—07"]
["分部分项工程量清单与计价表"]
["单位工程(专业)：安装工程-25层安装工程",{"$nulls":9},"第 22 页  共 25 页"]
["序号","项目编码","项目名称","项目特征","计量单位","工程量","综合单价(元)","合价(元)","其中(元)",{"$nulls":3},"备注"]
[{"$nulls":8},"定额人工费","人工费价差","定额机械费","机械费价差"]
[62,"030413003020","打洞（孔）","1、名称：砖墙及砌体墙开孔\n2、规格：DN50\n3、附件：含孔洞修复","个",1,11.8,11.8,3.73,0.55]
[63,"030413003021","打洞（孔）","1、名称：砖墙及砌体墙开孔\n2、规格：DN80\n3、附件：含孔洞修复","个",4,14.05,56.2,20.72,3.08]
[64,"030413003022","打洞（孔）","1、名称：砖墙及砌体墙开孔\n2、规格：DN100\n3、附件：含孔洞修复","个",3,16.91,50.73,20.4,3.03]
[65,"031004007006","小便器","1、材质：瓷质\n2、规格、类型：壁挂式\n3、组装形式：延时冲洗阀\n4、附件：延时冲洗阀、三角阀、金属软管、五金配件等","组",2,412.69,825.38,39.86,5.9]
["本页小计",{"$nulls":6},944,85,13]
[{"$nulls":10},"表—07"]
["分部分项工程量清单与计价表"]
["单位工程(专业)：安装工程-25层安装工程",{"$nulls":9},"第 23 页  共 25 页"]
["序号","项目编码","项目名称","项目特征","计量单位","工程量","综合单价(元)","合价(元)","其中(元)",{"$nulls":3},"备注"]
[{"$nulls":8},"定额人工费","人工费价差","定额机械费","机械费价差"]
[66,"031004014006","给、排水附（配）件","1、名称：地漏安装\n2、材质：不锈钢\n3、规格：DN50\n4、其他：详见设计及规范","个",5,24.93,124.65,47.45,7.05]
[67,"031004014007","给、排水附（配）件","1、名称：带网框地漏安装\n2、材质：不锈钢\n3、规格：DN50\n4、其他：详见设计及规范","个",2,29.98,59.96,18.98,2.82]
[68,"031004006006","大便器","1、材质：瓷质\n2、规格、类型：蹲式\n3、组装形式：脚踏延时冲洗\n4、附件：脚踏延时冲洗阀、下水、五金配件等","组",4,575.18,2300.72,136.64,20.24]
["本页小计",{"$nulls":6},2485,203,30]
[{"$nulls":10},"表—07"]
["分部分项工程量清单与计价表"]
["单位工程(专业)：安装工程-25层安装工程",{"$nulls":9},"第 24 页  共 25 页"]
["序号","项目编码","项目名称","项目特征","计量单位","工程量","综合单价(元)","合价(元)","其中(元)",{"$nulls":3},"备注"]
[{"$nulls":8},"定额人工费","人工费价差","定额机械费","机械费价差"]
[69,"031004006007","大便器","1、材质：瓷质\n2、规格、类型：坐式\n3、组装形式：分体水箱\n4、附件：下水、三角阀、金属软管、五金配件等","组",2,585.81,1171.62,95.22,14.12]
[70,"031004008006","其他成品卫生器具","1、材质：瓷质\n2、规格、类型：成品拖布池\n3、附件名称、数量：长颈水嘴、五金配件等","套",1,426.93,426.93,23.03,3.41]
[71,"031004003006","洗脸盆","1、材质：瓷质\n2、规格、类型：冷水\n3、组装形式：台下盆\n4、附件：洗脸盆龙头、下水、三角阀、金属软管、五金配件等","组",4,545.7,2182.8,110.92,16.44]
["本页小计",{"$nulls":6},3781,229,34]
[{"$nulls":10},"表—07"]
["分部分项工程量清单与计价表"]
["单位工程(专业)：安装工程-25层安装工程",{"$nulls":9},"第 25 页  共 25 页"]
["序号","项目编码","项目名称","项目特征","计量单位","工程量","综合单价(元)","合价(元)","其中(元)",{"$nulls":3},"备注"]
[{"$nulls":8},"定额人工费","人工费价差","定额机械费","机械费价差"]
[72,"031004003007","洗脸盆","1、材质：瓷质\n2、规格、类型：冷热水\n3、组装形式：台下盆\n4、附件：洗脸盆龙头、下水、三角阀、金属软管、五金配件等","组",2,576.52,1153.04,69.34,10.26]
{"$rows_empty":12}
["本页小计",{"$nulls":6},1153,69,10]
["合   计",{"$nulls":6},64620,17013,2518,40]
[{"$nulls":10},"表—07"]

{"sheet":"表-08 施工技术措施项目清单与计价表【25层安装工程】","index":34,"n_rows":24,"n_cols":13,"rows_kept":24,"merged":[[0,0,0,12],[1,0,1,7],[1,8,1,9],[1,10,1,12],[2,0,3,0],[2,1,3,1],[2,2,3,2],[2,3,3,3],[2,4,3,4],[2,5,3,5],[2,6,3,6],[2,7,3,7],[2,8,2,11],[2,12,3,12],[21,0,21,6],[22,0,22,6],[23,0,23,7],[23,8,23,9],[23,10,23,12]]}
["施工技术措施项目清单与计价表"]
["单位工程(专业)：安装工程-25层安装工程",{"$nulls":9},"第 1 页  共 1 页"]
["序号","项目编码","项目名称","项目特征","计量单位","工程量","综合单价(元)","合价(元)","其中(元)",{"$nulls":3},"备注"]
[{"$nulls":8},"定额人工费","人工费价差","定额机械费","机械费价差"]
[null,null,"[请输入分部名称]",{"$nulls":4},814,176,26]
[1,"031301017006","脚手架搭拆","脚手架搭拆费第四、十层","项",1,813.85,813.85,175.76,26.04]
{"$rows_empty":15}
["本页小计",{"$nulls":6},814,176,26]
["合   计",{"$nulls":6},814,176,26]
[{"$nulls":10},"表—08"]

{"sheet":"表-09 工程量清单综合单价计算表【25层安装工程】","index":35,"n_rows":259,"n_cols":15,"rows_kept":259,"merged":[[0,0,0,10],[0,11,0,14],[1,0,1,14],[2,0,2,5],[2,6,2,10],[2,11,2,14],[3,0,4,0],[3,1,4,1],[3,2,4,2],[3,3,4,3],[3,4,4,4],[3,5,3,13],[3,14,4,14],[4,6,4,6],[4,7,4,7],[16,0,16,1],[16,3,16,5],[16,6,16,8],[16,9,16,10],[16,11,16,14],[17,0,17,10],[17,11,17,14],[18,0,18,14],[19,0,19,5],[19,6,19,10],[19,11,19,14],[20,0,21,0],[20,1,21,1],[20,2,21,2],[20,3,21,3],[20,4,21,4],[20,5,20,13],[20,14,21,14],[21,6,21,6],[21,7,21,7],[35,0,35,1],[35,3,35,5],[35,6,35,8],[35,9,35,10],[35,11,35,14],[36,0,36,10],[36,11,36,14],[37,0,37,14],[38,0,38,5],[38,6,38,10],[38,11,38,14],[39,0,40,0],[39,1,40,1],[39,2,40,2],[39,3,40,3],[39,4,40,4],[39,5,39,13],[39,14,40,14],[40,6,40,6],[40,7,40,7],[54,0,54,1],[54,3,54,5],[54,6,54,8],[54,9,54,10],[54,11,54,14],[55,0,55,10],[55,11,55,14],[56,0,56,14],[57,0,57,5],[57,6,57,10],[57,11,57,14],[58,0,59,0],[58,1,59,1],[58,2,59,2],[58,3,59,3],[58,4,59,4],[58,5,58,13],[58,14,59,14],[59,6,59,6],[59,7,59,7],[73,0,73,1],[73,3,73,5],[73,6,73,8],[73,9,73,10],[73,11,73,14],[74,0,74,10],[74,11,74,14],[75,0,75,14],[76,0,76,5],[76,6,76,10],[76,11,76,14],[77,0,78,0],[77,1,78,1],[77,2,78,2],[77,3,78,3],[77,4,78,4],[77,5,77,13],[77,14,78,14],[78,6,78,6],[78,7,78,7],[89,0,89,1],[89,3,89,5],[89,6,89,8],[89,9,89,10],[89,11,89,14],[90,0,90,10],[90,11,90,14],[91,0,91,14],[92,0,92,5],[92,6,92,10],[92,11,92,14],[93,0,94,0],[93,1,94,1],[93,2,94,2],[93,3,94,3],[93,4,94,4],[93,5,93,13],[93,14,94,14],[94,6,94,6],[94,7,94,7],[105,0,105,1],[105,3,105,5],[105,6,105,8],[105,9,105,10],[105,11,105,14],[106,0,106,10],[106,11,106,14],[107,0,107,14],[108,0,108,5],[108,6,108,10],[108,11,108,14],[109,0,110,0],[109,1,110,1],[109,2,110,2],[109,3,110,3],[109,4,110,4],[109,5,109,13],[109,14,110,14],[110,6,110,6],[110,7,110,7],[125,0,125,1],[125,3,125,5],[125,6,125,8],[125,9,125,10],[125,11,125,14],[126,0,126,10],[126,11,126,14],[127,0,127,14],[128,0,128,5],[128,6,128,10],[128,11,128,14],[129,0,130,0],[129,1,130,1],[129,2,130,2],[129,3,130,3],[129,4,130,4],[129,5,129,13],[129,14,130,14],[130,6,130,6],[130,7,130,7],[144,0,144,1],[144,3,144,5],[144,6,144,8],[144,9,144,10],[144,11,144,14],[145,0,145,10],[145,11,145,14],[146,0,146,14],[147,0,147,5],[147,6,147,10],[147,11,147,14],[148,0,149,0],[148,1,149,1],[148,2,149,2],[148,3,149,3],[148,4,149,4],[148,5,148,13],[148,14,149,14],[149,6,149,6],[149,7,149,7],[162,0,162,1],[162,3,162,5],[162,6,162,8],[162,9,162,10],[162,11,162,14],[163,0,163,10],[163,11,163,14],[164,0,164,14],[165,0,165,5],[165,6,165,10],[165,11,165,14],[166,0,167,0],[166,1,167,1],[166,2,167,2],[166,3,167,3],[166,4,167,4],[166,5,166,13],[166,14,167,14],[167,6,167,6],[167,7,167,7],[180,0,180,1],[180,3,180,5],[180,6,180,8],[180,9,180,10],[180,11,180,14],[181,0,181,10],[181,11,181,14],[182,0,182,14],[183,0,183,5],[183,6,183,10],[183,11,183,14],[184,0,185,0],[184,1,185,1],[184,2,185,2],[184,3,185,3],[184,4,185,4],[184,5,184,13],[184,14,185,14],[185,6,185,6],[185,7,185,7],[199,0,199,1],[199,3,199,5],[199,6,199,8],[199,9,199,10],[199,11,199,14],[200,0,200,10],[200,11,200,14],[201,0,201,14],[202,0,202,5],[202,6,202,10],[202,11,202,14],[203,0,204,0],[203,1,204,1],[203,2,204,2],[203,3,204,3],[203,4,204,4],[203,5,203,13],[203,14,204,14],[204,6,204,6],[204,7,204,7],[218,0,218,1],[218,3,218,5],[218,6,218,8],[218,9,218,10],[218,11,218,14],[219,0,219,10],[219,11,219,14],[220,0,220,14],[221,0,221,5],[221,6,221,10],[221,11,221,14],[222,0,223,0],[222,1,223,1],[222,2,223,2],[222,3,223,3],[222,4,223,4],[222,5,222,13],[222,14,223,14],[223,6,223,6],[223,7,223,7],[237,0,237,1],[237,3,237,5],[237,6,237,8],[237,9,237,10],[237,11,237,14],[238,0,238,10],[238,11,238,14],[239,0,239,14],[240,0,240,5],[240,6,240,10],[240,11,240,14],[241,0,242,0],[241,1,242,1],[241,2,242,2],[241,3,242,3],[241,4,242,4],[241,5,241,13],[241,14,242,14],[242,6,242,6],[242,7,242,7],[257,0,257,13],[258,0,258,1],[258,3,258,5],[258,6,258,8],[258,9,258,10],[258,11,258,14]]}
[]
["工程量清单综合单价计算表"]
["单位工程(专业)：安装工程-25层安装工程",{"$nulls":10},"第 1 页  共 14 页"]
["序号","项目编号","项目名称","计量单位","数量","综合单价（元）",{"$nulls":8},"合计(元)"]
[{"$nulls":5},"定额人工费","人工费价差","材料费","定额机械费","机械费价差","管理费","利润","风险费用","小计"]
[null,null,"电气工程"]
[null,null,"户内电气"]
[1,"030404019011","控制开关","个",11,7.7,1.14,106.85,null,null,1.67,0.8,null,118.16,1300]
[null,"4-4-83","微型空气开关(卡插式)","个",11,7.7,1.14,106.85,null,null,1.67,0.8,null,118.16,1300]
[2,"030411001039","配管","m",412.88,6.24,0.93,6,null,null,1.36,0.65,null,15.18,6268]
[null,"4-11-2 换","套接紧定式镀锌钢导管(JDG)敷设 砖、混凝土结构明配 公称直径(mm)20","m",412.88,6.24,0.93,6,null,null,1.36,0.65,null,15.18,6268]
[3,"030411001040","配管","m",173.66,3.77,0.55,5.62,0.05,null,0.83,0.4,null,11.22,1948]
[null,"4-11-8 换","套接紧定式镀锌钢导管(JDG)敷设 砖、混凝土结构暗配 公称直径(mm)20","m",173.66,3.77,0.55,5.62,0.05,null,0.83,0.4,null,11.22,1948]
[4,"030411001041","配管","m",35.2,7.26,1.08,9.46,null,null,1.58,0.76,null,20.14,709]
[null,"4-11-178","金属软管敷设 内径(mm)≤16每根长≤0.5m","m",35.2,7.26,1.08,9.46,null,null,1.58,0.76,null,20.14,709]
[5,"030411004021","配线","m",1530.78,0.61,0.09,2.4,null,null,0.13,0.06,null,3.29,5036]
[{"$nulls":11},"表-09"]
[]
["工程量清单综合单价计算表"]
["单位工程(专业)：安装工程-25层安装工程",{"$nulls":10},"第 2 页  共 14 页"]
["序号","项目编号","项目名称","计量单位","数量","综合单价（元）",{"$nulls":8},"合计(元)"]
[{"$nulls":5},"定额人工费","人工费价差","材料费","定额机械费","机械费价差","管理费","利润","风险费用","小计"]
[null,"4-12-5 换","穿照明线 铜芯导线截面(mm2以内)2.5","m",1530.78,0.61,0.09,2.4,null,null,0.13,0.06,null,3.29,5036]
[6,"030411004022","配线","m",463.54,0.61,0.09,2.64,null,null,0.13,0.06,null,3.53,1636]
[null,"4-12-5 换","穿照明线 铜芯导线截面(mm2以内)2.5","m",463.54,0.61,0.09,2.64,null,null,0.13,0.06,null,3.53,1636]
[7,"030502005002","双绞线缆","m",39.16,0.9,0.13,3.23,0.02,null,0.2,0.1,null,4.58,179]
[null,"5-2-13 换","双绞线缆 管内穿放≤4对 \u007f高于超五类的布线","m",39.16,0.9,0.13,3.23,0.02,null,0.2,0.1,null,4.58,179]
[8,"030412004044","装饰灯","套",6,19.31,2.87,285.86,null,null,4.2,2.01,null,314.25,1886]
[null,"4-13-171 换","点光源艺术装饰灯具安装 滑轨式射灯","套",6,5.68,0.85,176.75,null,null,1.23,0.59,null,185.1,1111]
[null,"4-13-172 换","点光源艺术装饰灯具安装 滑轨","m",6.03,9.42,1.4,64.42,null,null,2.05,0.98,null,78.27,472]
[null,"4-4-116","安全变压器容量≤500V·A","台",1,24.98,3.7,266.2,null,null,5.43,2.6,null,302.91,303]
[9,"030412004045","装饰灯","m",101.65,13.58,2.01,8.16,null,null,2.95,1.41,null,28.11,2857]
[null,"4-13-137","天棚荧光灯带","m",101.65,13.58,2.01,8.16,null,null,2.95,1.41,null,28.11,2857]
[10,"030412004046","装饰灯","m2",47.5,50.8,7.53,114.52,null,null,11.03,5.28,null,189.16,8985]
[null,"4-13-135 换","发光棚荧光灯","m2",47.5,50.8,7.53,114.52,null,null,11.03,5.28,null,189.16,8985]
[{"$nulls":11},"表-09"]
[]
["工程量清单综合单价计算表"]
["单位工程(专业)：安装工程-25层安装工程",{"$nulls":10},"第 3 页  共 14 页"]
["序号","项目编号","项目名称","计量单位","数量","综合单价（元）",{"$nulls":8},"合计(元)"]
[{"$nulls":5},"定额人工费","人工费价差","材料费","定额机械费","机械费价差","管理费","利润","风险费用","小计"]
[11,"030412004047","装饰灯","套",25,17.19,2.54,86.75,null,null,3.73,1.79,null,112,2800]
[null,"4-13-163 换","点光源艺术装饰灯具安装 嵌入式筒灯灯具直径φ75","套",25,17.19,2.54,86.75,null,null,3.73,1.79,null,112,2800]
[12,"030412004048","装饰灯","套",13,17.19,2.54,127.15,null,null,3.73,1.79,null,152.4,1981]
[null,"4-13-163 换","点光源艺术装饰灯具安装 嵌入式筒灯灯具直径φ75","套",13,17.19,2.54,127.15,null,null,3.73,1.79,null,152.4,1981]
[13,"030412004049","装饰灯","m",65.82,13.58,2.01,8.16,null,null,2.95,1.41,null,28.11,1850]
[null,"4-13-137","天棚荧光灯带","m",65.82,13.58,2.01,8.16,null,null,2.95,1.41,null,28.11,1850]
[14,"030404031005","小电器","套",1,34.7,5.14,276.7,null,null,7.54,3.61,null,327.69,328]
[null,"4-4-140","浴霸安装≤3灯","套",1,34.7,5.14,276.7,null,null,7.54,3.61,null,327.69,328]
[15,"030404034025","照明开关","套",7,6.62,0.98,7.07,null,null,1.44,0.69,null,16.8,118]
[null,"4-13-301 换","跷板暗开关单控≤3联","套",7,6.62,0.98,7.07,null,null,1.44,0.69,null,16.8,118]
[16,"030404034026","照明开关","套",3,6.62,0.98,12.72,null,null,1.44,0.69,null,22.45,67]
[null,"4-13-301 换","跷板暗开关单控≤3联","套",3,6.62,0.98,12.72,null,null,1.44,0.69,null,22.45,67]
[17,"030404034027","照明开关","套",5,6.62,0.98,0.9,null,null,1.44,0.69,null,10.63,53]
[{"$nulls":11},"表-09"]
[]
["工程量清单综合单价计算表"]
["单位工程(专业)：安装工程-25层安装工程",{"$nulls":10},"第 4 页  共 14 页"]
["序号","项目编号","项目名称","计量单位","数量","综合单价（元）",{"$nulls":8},"合计(元)"]
[{"$nulls":5},"定额人工费","人工费价差","材料费","定额机械费","机械费价差","管理费","利润","风险费用","小计"]
[null,"4-13-301 换","跷板暗开关单控≤3联","套",5,6.62,0.98,0.9,null,null,1.44,0.69,null,10.63,53]
[18,"030404035016","插座","套",15,7.8,1.16,6.54,null,null,1.69,0.81,null,18,270]
[null,"4-13-323 换","单相暗插座电流(A)≤16","套",15,7.8,1.16,6.54,null,null,1.69,0.81,null,18,270]
[19,"030404035017","插座","套",2,7.8,1.16,11.81,null,null,1.69,0.81,null,23.27,47]
[null,"4-13-323 换","单相暗插座电流(A)≤16","套",2,7.8,1.16,11.81,null,null,1.69,0.81,null,23.27,47]
[20,"030502012002","信息插座","个",1,10.36,1.54,53.89,null,null,2.24,1.08,null,69.11,69]
[null,"5-2-35 换","信息插座 4对模块安装 \u007f高于超五类的布线","个",2,3.56,0.53,23.16,null,null,0.77,0.37,null,28.39,57]
[null,"5-2-39","信息插座 各类插座面板安装","个",1,3.24,0.48,7.57,null,null,0.7,0.34,null,12.33,12]
[21,"030411006021","接线盒","个",73,2.78,0.41,4.69,null,null,0.6,0.29,null,8.77,640]
[null,"4-11-212 换","暗装接线盒","个",73,2.78,0.41,4.69,null,null,0.6,0.29,null,8.77,640]
[22,"030411006022","接线盒","个",27,2.93,0.43,4.22,null,null,0.64,0.3,null,8.52,230]
[null,"4-11-211 换","开关盒、插座盒安装","个",27,2.93,0.43,4.22,null,null,0.64,0.3,null,8.52,230]
[23,"030413002015","凿（压）槽","m",173.66,3.7,0.54,1.22,0.07,null,0.81,0.39,null,6.73,1169]
[{"$nulls":11},"表-09"]
[]
["工程量清单综合单价计算表"]
["单位工程(专业)：安装工程-25层安装工程",{"$nulls":10},"第 5 页  共 14 页"]
["序号","项目编号","项目名称","计量单位","数量","综合单价（元）",{"$nulls":8},"合计(元)"]
[{"$nulls":5},"定额人工费","人工费价差","材料费","定额机械费","机械费价差","管理费","利润","风险费用","小计"]
[null,"13-1-142 换","混凝土刨沟槽 管径(mm以内)20 \u007f二次精装修工程，在原粉刷层上进行砖墙开槽","m",173.66,1.7,0.25,0.15,0.07,null,0.38,0.18,null,2.73,474]
[null,"4-11-217","沟槽恢复配管1-2根","m",173.66,2,0.29,1.07,null,null,0.43,0.21,null,4,695]
[null,null,"电梯厅及卫生间电气工程"]
[24,"030404019012","控制开关","个",7,7.7,1.14,106.85,null,null,1.67,0.8,null,118.16,827]
[null,"4-4-83","微型空气开关(卡插式)","个",7,7.7,1.14,106.85,null,null,1.67,0.8,null,118.16,827]
[25,"030411001042","配管","m",98.03,6.24,0.93,6,null,null,1.36,0.65,null,15.18,1488]
[null,"4-11-2 换","套接紧定式镀锌钢导管(JDG)敷设 砖、混凝土结构明配 公称直径(mm)20","m",98.03,6.24,0.93,6,null,null,1.36,0.65,null,15.18,1488]
[26,"030411001043","配管","m",20.86,6.61,0.98,6.98,null,null,1.44,0.69,null,16.7,348]
[null,"4-11-3 换","套接紧定式镀锌钢导管(JDG)敷设 砖、混凝土结构明配 公称直径(mm)25","m",20.86,6.61,0.98,6.98,null,null,1.44,0.69,null,16.7,348]
[27,"030411001044","配管","m",43.45,3.77,0.55,5.62,0.05,null,0.83,0.4,null,11.22,488]
[{"$nulls":11},"表-09"]
[]
["工程量清单综合单价计算表"]
["单位工程(专业)：安装工程-25层安装工程",{"$nulls":10},"第 6 页  共 14 页"]
["序号","项目编号","项目名称","计量单位","数量","综合单价（元）",{"$nulls":8},"合计(元)"]
[{"$nulls":5},"定额人工费","人工费价差","材料费","定额机械费","机械费价差","管理费","利润","风险费用","小计"]
[null,"4-11-8 换","套接紧定式镀锌钢导管(JDG)敷设 砖、混凝土结构暗配 公称直径(mm)20","m",43.45,3.77,0.55,5.62,0.05,null,0.83,0.4,null,11.22,488]
[28,"030411001045","配管","m",8.1,5.18,0.77,7.04,0.07,null,1.14,0.55,null,14.75,119]
[null,"4-11-9 换","套接紧定式镀锌钢导管(JDG)敷设 砖、混凝土结构暗配 公称直径(mm)25","m",8.1,5.18,0.77,7.04,0.07,null,1.14,0.55,null,14.75,119]
[29,"030411001046","配管","m",8.7,7.26,1.08,9.46,null,null,1.58,0.76,null,20.14,175]
[null,"4-11-178","金属软管敷设 内径(mm)≤16每根长≤0.5m","m",8.7,7.26,1.08,9.46,null,null,1.58,0.76,null,20.14,175]
[30,"030411004023","配线","m",440.76,0.61,0.09,2.4,null,null,0.13,0.06,null,3.29,1450]
[null,"4-12-5 换","穿照明线 铜芯导线截面(mm2以内)2.5","m",440.76,0.61,0.09,2.4,null,null,0.13,0.06,null,3.29,1450]
[31,"030411004024","配线","m",171.02,0.61,0.09,2.64,null,null,0.13,0.06,null,3.53,604]
[null,"4-12-5 换","穿照明线 铜芯导线截面(mm2以内)2.5","m",171.02,0.61,0.09,2.64,null,null,0.13,0.06,null,3.53,604]
[32,"030412004050","装饰灯","套",22,17.19,2.54,86.75,null,null,3.73,1.79,null,112,2464]
[{"$nulls":11},"表-09"]
[]
["工程量清单综合单价计算表"]
["单位工程(专业)：安装工程-25层安装工程",{"$nulls":10},"第 7 页  共 14 页"]
["序号","项目编号","项目名称","计量单位","数量","综合单价（元）",{"$nulls":8},"合计(元)"]
[{"$nulls":5},"定额人工费","人工费价差","材料费","定额机械费","机械费价差","管理费","利润","风险费用","小计"]
[null,"4-13-163 换","点光源艺术装饰灯具安装 嵌入式筒灯灯具直径φ75","套",22,17.19,2.54,86.75,null,null,3.73,1.79,null,112,2464]
[33,"030412004051","装饰灯","m",19.48,13.58,2.01,8.16,null,null,2.95,1.41,null,28.11,548]
[null,"4-13-137","天棚荧光灯带","m",19.48,13.58,2.01,8.16,null,null,2.95,1.41,null,28.11,548]
[34,"030412004052","装饰灯","m",13.8,13.58,2.01,8.16,null,null,2.95,1.41,null,28.11,388]
[null,"4-13-137","天棚荧光灯带","m",13.8,13.58,2.01,8.16,null,null,2.95,1.41,null,28.11,388]
[35,"030404031006","小电器","台",2,28.35,4.2,134.54,null,null,6.16,2.95,null,176.2,352]
[null,"4-4-138","风扇安装换气扇","台",2,28.35,4.2,134.54,null,null,6.16,2.95,null,176.2,352]
[36,"030404034028","照明开关","套",3,6.62,0.98,4.96,null,null,1.44,0.69,null,14.69,44]
[null,"4-13-301 换","跷板暗开关单控≤3联","套",3,6.62,0.98,4.96,null,null,1.44,0.69,null,14.69,44]
[37,"030404034029","照明开关","套",2,6.62,0.98,7.07,null,null,1.44,0.69,null,16.8,34]
[null,"4-13-301 换","跷板暗开关单控≤3联","套",2,6.62,0.98,7.07,null,null,1.44,0.69,null,16.8,34]
[38,"030404034030","照明开关","套",3,6.62,0.98,12.72,null,null,1.44,0.69,null,22.45,67]
[null,"4-13-301 换","跷板暗开关单控≤3联","套",3,6.62,0.98,12.72,null,null,1.44,0.69,null,22.45,67]
[39,"030404035018","插座","套",2,7.8,1.16,6.54,null,null,1.69,0.81,null,18,36]
[{"$nulls":11},"表-09"]
[]
["工程量清单综合单价计算表"]
["单位工程(专业)：安装工程-25层安装工程",{"$nulls":10},"第 8 页  共 14 页"]
["序号","项目编号","项目名称","计量单位","数量","综合单价（元）",{"$nulls":8},"合计(元)"]
[{"$nulls":5},"定额人工费","人工费价差","材料费","定额机械费","机械费价差","管理费","利润","风险费用","小计"]
[null,"4-13-323 换","单相暗插座电流(A)≤16","套",2,7.8,1.16,6.54,null,null,1.69,0.81,null,18,36]
[40,"030404035019","插座","套",6,7.8,1.16,11.81,null,null,1.69,0.81,null,23.27,140]
[null,"4-13-323 换","单相暗插座电流(A)≤16","套",6,7.8,1.16,11.81,null,null,1.69,0.81,null,23.27,140]
[41,"030411006023","接线盒","个",11,2.78,0.41,4.69,null,null,0.6,0.29,null,8.77,96]
[null,"4-11-212 换","暗装接线盒","个",11,2.78,0.41,4.69,null,null,0.6,0.29,null,8.77,96]
[42,"030411006024","接线盒","个",4,2.93,0.43,4.22,null,null,0.64,0.3,null,8.52,34]
[null,"4-11-211 换","开关盒、插座盒安装","个",4,2.93,0.43,4.22,null,null,0.64,0.3,null,8.52,34]
[43,"030413002016","凿（压）槽","m",43.45,3.7,0.54,1.22,0.07,null,0.81,0.39,null,6.73,292]
[null,"13-1-142 换","混凝土刨沟槽 管径(mm以内)20 \u007f二次精装修工程，在原粉刷层上进行砖墙开槽","m",43.45,1.7,0.25,0.15,0.07,null,0.38,0.18,null,2.73,119]
[null,"4-11-217","沟槽恢复配管1-2根","m",43.45,2,0.29,1.07,null,null,0.43,0.21,null,4,174]
[44,"030413002017","凿（压）槽","m",8.1,4.25,0.63,1.38,0.1,null,0.94,0.45,null,7.75,63]
[null,"13-1-143 换","混凝土刨沟槽 管径(mm以内)32 \u007f二次精装修工程，在原粉刷层上进行砖墙开槽","m",8.1,2.25,0.34,0.31,0.1,null,0.51,0.24,null,3.75,30]
[null,"4-11-217","沟槽恢复配管1-2根","m",8.1,2,0.29,1.07,null,null,0.43,0.21,null,4,32]
[{"$nulls":11},"表-09"]
[]
["工程量清单综合单价计算表"]
["单位工程(专业)：安装工程-25层安装工程",{"$nulls":10},"第 9 页  共 14 页"]
["序号","项目编号","项目名称","计量单位","数量","综合单价（元）",{"$nulls":8},"合计(元)"]
[{"$nulls":5},"定额人工费","人工费价差","材料费","定额机械费","机械费价差","管理费","利润","风险费用","小计"]
[null,null,"给排水工程"]
[null,null,"给水工程"]
[45,"031001006039","塑料管","m",31.14,6.53,0.97,5.47,0.11,null,1.44,0.69,null,15.21,474]
[null,"10-1-229 换","室内塑料给水管(热熔连接) 公称直径(mm以内)15","m",31.14,6.22,0.93,5.24,0.11,null,1.37,0.66,null,14.53,452]
[null,"10-8-31","管道消毒、冲洗 公称直径(mm以内)50","m",31.14,0.31,0.04,0.23,null,null,0.07,0.03,null,0.68,21]
[46,"031001006040","塑料管","m",6.9,7.3,1.08,6.42,0.11,null,1.61,0.77,null,17.29,119]
[null,"10-1-230 换","室内塑料给水管(热熔连接) 公称直径(mm以内)20","m",6.9,6.99,1.04,6.19,0.11,null,1.54,0.74,null,16.61,115]
[null,"10-8-31","管道消毒、冲洗 公称直径(mm以内)50","m",6.9,0.31,0.04,0.23,null,null,0.07,0.03,null,0.68,5]
[47,"031001006041","塑料管","m",14.28,8.09,1.19,9.57,0.11,null,1.78,0.85,null,21.59,308]
[null,"10-1-231 换","室内塑料给水管(热熔连接) 公称直径(mm以内)25","m",14.28,7.78,1.15,9.34,0.11,null,1.71,0.82,null,20.91,299]
[null,"10-8-31","管道消毒、冲洗 公称直径(mm以内)50","m",14.28,0.31,0.04,0.23,null,null,0.07,0.03,null,0.68,10]
[48,"031001006042","塑料管","m",1.98,11.73,1.73,20.25,0.11,null,2.57,1.23,null,37.62,74]
[{"$nulls":11},"表-09"]
[]
["工程量清单综合单价计算表"]
["单位工程(专业)：安装工程-25层安装工程",{"$nulls":10},"第 10 页  共 14 页"]
["序号","项目编号","项目名称","计量单位","数量","综合单价（元）",{"$nulls":8},"合计(元)"]
[{"$nulls":5},"定额人工费","人工费价差","材料费","定额机械费","机械费价差","管理费","利润","风险费用","小计"]
[null,"10-1-233 换","室内塑料给水管(热熔连接) 公称直径(mm以内)40","m",1.98,11.42,1.69,20.02,0.11,null,2.5,1.2,null,36.94,73]
[null,"10-8-31","管道消毒、冲洗 公称直径(mm以内)50","m",1.98,0.31,0.04,0.23,null,null,0.07,0.03,null,0.68,1]
[49,"031001006043","塑料管","m",13.84,12.04,1.78,32.42,0.18,null,2.66,1.27,null,50.35,697]
[null,"10-1-234 换","室内塑料给水管(热熔连接) 公称直径(mm以内)50","m",13.84,11.73,1.74,32.19,0.18,null,2.59,1.24,null,49.67,687]
[null,"10-8-31","管道消毒、冲洗 公称直径(mm以内)50","m",13.84,0.31,0.04,0.23,null,null,0.07,0.03,null,0.68,9]
[50,"031003001006","螺纹阀门","个",1,16.74,2.48,154.52,0.82,-0.04,3.81,1.83,null,180.16,180]
[null,"10-2-6","螺纹阀门安装 公称直径(mm以内)50","个",1,16.74,2.48,154.52,0.82,-0.04,3.81,1.83,null,180.16,180]
[51,"031003001007","螺纹阀门","个",2,6.75,1,21.71,0.13,-0.01,1.49,0.72,null,31.79,64]
[null,"10-2-1","螺纹阀门安装 公称直径(mm以内)15","个",2,6.75,1,21.71,0.13,-0.01,1.49,0.72,null,31.79,64]
[52,"031003001008","螺纹阀门","个",1,7.97,1.18,38.65,0.35,-0.02,1.81,0.87,null,50.81,51]
[null,"10-2-3","螺纹阀门安装 公称直径(mm以内)25","个",1,7.97,1.18,38.65,0.35,-0.02,1.81,0.87,null,50.81,51]
[53,"03100300100","螺纹阀门","个",2,6.75,1,31.68,0.13,-0.01,1.49,0.72,null,41.76,84]
[{"$nulls":11},"表-09"]
[]
["工程量清单综合单价计算表"]
["单位工程(专业)：安装工程-25层安装工程",{"$nulls":10},"第 11 页  共 14 页"]
["序号","项目编号","项目名称","计量单位","数量","综合单价（元）",{"$nulls":8},"合计(元)"]
[{"$nulls":5},"定额人工费","人工费价差","材料费","定额机械费","机械费价差","管理费","利润","风险费用","小计"]
[null,"9"]
[null,"10-2-1","螺纹阀门安装 公称直径(mm以内)15","个",2,6.75,1,31.68,0.13,-0.01,1.49,0.72,null,41.76,84]
[54,"03B006","暗敷管道补贴","间",4,202.5,30,{"$nulls":3},43.98,21.06,null,297.54,1190]
[null,"BC10-2","卫生间 内周长在12m以上 暗敷管道补贴","间",4,202.5,30,{"$nulls":3},43.98,21.06,null,297.54,1190]
[55,"030413003019","打洞（孔）","个",6,3.73,0.55,6.32,null,null,0.81,0.39,null,11.8,71]
[null,"13-1-132 换","混凝土楼板钻孔 钻孔直径(mm以内)63 \u007f砖墙及砌体墙钻孔","个",6,3.73,0.55,1.32,null,null,0.81,0.39,null,6.8,41]
[null,"补","孔洞修复","个",6,null,null,5,{"$nulls":5},5,30]
[null,null,"热水工程"]
[56,"031001006044","塑料管","m",12.7,6.53,0.97,6.85,0.11,null,1.44,0.69,null,16.59,211]
[null,"10-1-229 换","室内塑料给水管(热熔连接) 公称直径(mm以内)15","m",12.7,6.22,0.93,6.62,0.11,null,1.37,0.66,null,15.91,202]
[null,"10-8-31","管道消毒、冲洗 公称直径(mm以内)50","m",12.7,0.31,0.04,0.23,null,null,0.07,0.03,null,0.68,9]
[57,"031003001010","螺纹阀门","个",2,6.75,1,21.71,0.13,-0.01,1.49,0.72,null,31.79,64]
[null,"10-2-1","螺纹阀门安装 公称直径(mm以内)15","个",2,6.75,1,21.71,0.13,-0.01,1.49,0.72,null,31.79,64]
[{"$nulls":11},"表-09"]
[]
["工程量清单综合单价计算表"]
["单位工程(专业)：安装工程-25层安装工程",{"$nulls":10},"第 12 页  共 14 页"]
["序号","项目编号","项目名称","计量单位","数量","综合单价（元）",{"$nulls":8},"合计(元)"]
[{"$nulls":5},"定额人工费","人工费价差","材料费","定额机械费","机械费价差","管理费","利润","风险费用","小计"]
[58,"031208002001","管道绝热","m3",0.07,396.77,58.78,2099.56,null,null,86.18,41.26,null,2682.55,188]
[null,"12-4-355","橡塑管壳安装(管道) 管道DN50mm以下","m3",0.07,396.77,58.78,2099.56,null,null,86.18,41.26,null,2682.55,188]
[null,null,"排水工程"]
[59,"031001006045","塑料管","m",21.82,12.18,1.8,24.48,null,null,2.65,1.27,null,42.38,925]
[null,"10-1-278 换","室内塑料排水管(粘接) 公称直径(mm以内)100","m",21.82,12.18,1.8,24.48,null,null,2.65,1.27,null,42.38,925]
[60,"031001006046","塑料管","m",11.25,10.04,1.49,13.57,null,null,2.18,1.04,null,28.32,319]
[null,"10-1-277 换","室内塑料排水管(粘接) 公称直径(mm以内)75","m",11.25,10.04,1.49,13.57,null,null,2.18,1.04,null,28.32,319]
[61,"031001006047","塑料管","m",38.12,8.24,1.22,7.69,null,null,1.79,0.86,null,19.8,755]
[null,"10-1-276 换","室内塑料排水管(粘接) 公称直径(mm以内)50","m",38.12,8.24,1.22,7.69,null,null,1.79,0.86,null,19.8,755]
[62,"030413003020","打洞（孔）","个",1,3.73,0.55,6.32,null,null,0.81,0.39,null,11.8,12]
[null,"13-1-132 换","混凝土楼板钻孔 钻孔直径(mm以内)63 \u007f砖墙及砌体墙钻孔","个",1,3.73,0.55,1.32,null,null,0.81,0.39,null,6.8,7]
[null,"补","孔洞修复","个",1,null,null,5,{"$nulls":5},5,5]
[63,"03041300302","打洞（孔）","个",4,5.18,0.77,6.43,null,null,1.13,0.54,null,14.05,56]
[{"$nulls":11},"表-09"]
[]
["工程量清单综合单价计算表"]
["单位工程(专业)：安装工程-25层安装工程",{"$nulls":10},"第 13 页  共 14 页"]
["序号","项目编号","项目名称","计量单位","数量","综合单价（元）",{"$nulls":8},"合计(元)"]
[{"$nulls":5},"定额人工费","人工费价差","材料费","定额机械费","机械费价差","管理费","利润","风险费用","小计"]
[null,"1"]
[null,"13-1-133 换","混凝土楼板钻孔 钻孔直径(mm以内)83 \u007f砖墙及砌体墙钻孔","个",4,5.18,0.77,1.43,null,null,1.13,0.54,null,9.05,36]
[null,"补","孔洞修复","个",4,null,null,5,{"$nulls":5},5,20]
[64,"030413003022","打洞（孔）","个",3,6.8,1.01,6.91,null,null,1.48,0.71,null,16.91,51]
[null,"13-1-134 换","混凝土楼板钻孔 钻孔直径(mm以内)108 \u007f砖墙及砌体墙钻孔","个",3,6.8,1.01,1.91,null,null,1.48,0.71,null,11.91,36]
[null,"补","孔洞修复","个",3,null,null,5,{"$nulls":5},5,15]
[65,"031004007006","小便器","组",2,19.93,2.95,383.41,null,null,4.33,2.07,null,412.69,825]
[null,"10-3-37 换","壁挂式小便器安装 手动开关","套",2,19.93,2.95,383.41,null,null,4.33,2.07,null,412.69,825]
[66,"031004014006","给、排水附（配）件","个",5,9.49,1.41,10.98,null,null,2.06,0.99,null,24.93,125]
[null,"10-3-79 换","地漏安装 公称直径(mm以内)50","个",5,9.49,1.41,10.98,null,null,2.06,0.99,null,24.93,125]
[67,"031004014007","给、排水附（配）件","个",2,9.49,1.41,16.03,null,null,2.06,0.99,null,29.98,60]
[null,"10-3-79 换","地漏安装 公称直径(mm以内)50","个",2,9.49,1.41,16.03,null,null,2.06,0.99,null,29.98,60]
[68,"03100400600","大便器","组",4,34.16,5.06,524.99,null,null,7.42,3.55,null,575.18,2301]
[{"$nulls":11},"表-09"]
[]
["工程量清单综合单价计算表"]
["单位工程(专业)：安装工程-25层安装工程",{"$nulls":10},"第 14 页  共 14 页"]
["序号","项目编号","项目名称","计量单位","数量","综合单价（元）",{"$nulls":8},"合计(元)"]
[{"$nulls":5},"定额人工费","人工费价差","材料费","定额机械费","机械费价差","管理费","利润","风险费用","小计"]
[null,"6"]
[null,"10-3-32 换","蹲式大便器安装 脚踏开关","组",4,34.16,5.06,524.99,null,null,7.42,3.55,null,575.18,2301]
[69,"031004006007","大便器","组",2,47.61,7.06,515.85,null,null,10.34,4.95,null,585.81,1172]
[null,"10-3-34 换","坐式大便器安装 分体水箱","套",2,47.61,7.06,515.85,null,null,10.34,4.95,null,585.81,1172]
[70,"031004008006","其他成品卫生器具","套",1,23.03,3.41,393.09,null,null,5,2.4,null,426.93,427]
[null,"10-3-41 换","拖布池安装","套",1,23.03,3.41,393.09,null,null,5,2.4,null,426.93,427]
[71,"031004003006","洗脸盆","组",4,27.73,4.11,504.96,null,null,6.02,2.88,null,545.7,2183]
[null,"10-3-17 换","洗脸盆 台下式冷热水 \u007f台式洗脸盆(冷水)安装","组",4,27.73,4.11,504.96,null,null,6.02,2.88,null,545.7,2183]
[72,"031004003007","洗脸盆","组",2,34.67,5.13,525.58,null,null,7.53,3.61,null,576.52,1153]
[null,"10-3-17 换","洗脸盆 台下式冷热水","组",2,34.67,5.13,525.58,null,null,7.53,3.61,null,576.52,1153]
[]
[]
[]
[]
["合   计：",{"$nulls":13},64620]
[{"$nulls":11},"表-09"]

{"sheet":"表-09 措施项目清单综合单价计算表【25层安装工程】","index":36,"n_rows":24,"n_cols":15,"rows_kept":24,"merged":[[0,0,0,9],[0,10,0,14],[1,0,1,14],[2,0,2,9],[2,10,2,14],[3,0,4,0],[3,1,4,1],[3,2,4,2],[3,3,4,3],[3,4,4,4],[3,5,3,13],[3,14,4,14],[4,6,4,6],[4,7,4,7],[22,0,22,13],[23,0,23,1],[23,3,23,5],[23,6,23,7],[23,8,23,9],[23,10,23,14]]}
[]
["措施项目清单综合单价计算表"]
["单位工程(专业)：安装工程-25层安装工程",{"$nulls":9},"第 1 页  共 1 页"]
["序号","项目编号","项目名称","计量单位","数量","综合单价（元）",{"$nulls":8},"合计(元)"]
[{"$nulls":5},"定额人工费","人工费价差","材料费","定额机械费","机械费价差","管理费","利润","风险费用","小计"]
[null,null,"[请输入分部名称]"]
[1,"031301017006","脚手架搭拆","项",1,175.76,26.04,555.83,null,null,37.9,18.32,null,813.85,814]
[null,"13-2-10","脚手架搭拆费第十册","工日",20.568958,1.69,0.25,5.34,null,null,0.37,0.18,null,7.83,161]
[null,"13-2-4","脚手架搭拆费第四册","工日",104.446852,1.35,0.2,4.27,null,null,0.29,0.14,null,6.25,653]
{"$rows_empty":13}
["合   计：",{"$nulls":13},814]
[{"$nulls":10},"表-09"]

{"sheet":"表-02 专业工程招标控制价计算程序表【26层安装工程】","index":37,"n_rows":45,"n_cols":4,"rows_kept":45,"merged":[[0,0,0,3],[1,0,1,3],[2,0,2,2],[2,3,2,3],[44,0,44,1]]}
[]
["专业工程招标控制价计算程序表"]
["单位工程（专业）：安装工程-26层安装工程"]
["序号","汇 总 内 容","费用计算表达式","金额（元）"]
["一","分部分项工程费","表-07",54980.79]
["1","其中：定额人工费","表-07",14348.01]
["2","其中：人工价差","表-07",2119.71]
["3","其中：定额机械费","表-07",49.84]
["4","其中：机械费价差","表-07",-0.04]
["二","措施项目费","5+6",1724.54]
["5","施工技术措施项目费","表-08",677.36]
["5.1","其中：定额人工费","表-08",146.29]
["5.2","其中：人工价差","表-08",21.67]
["5.3","其中：定额机械费","表-08"]
["5.4","其中：机械费价差","表-08"]
["6","施工组织措施项目费","6.1+6.2+6.3+6.4+6.5+6.6",1047.18]
["6.1","安全文明施工基本费","（1+3+5.1+5.3）×费率6.81%",990.46]
["6.2","提前竣工增加费","（1+3+5.1+5.3）×费率"]
["6.3","二次搬运费","（1+3+5.1+5.3）×费率0.26%",37.81]
["6.4","冬雨季施工增加费","（1+3+5.1+5.3）×费率0.13%",18.91]
["6.5","行车、行人干扰增加费","（1+3+5.1+5.3）×费率"]
["6.6","其他施工组织措施费","计价时列岀具体费用名称"]
["三","其他项目","表-11"]
["四","规费","（1+3+5.1+5.3）×费率30.63%",4454.87]
["五","税前工程造价","一+二+三+四",61160.2]
["六","税金","五×税率9%",5504.42]
{"$rows_empty":18}
["专业工程招标控制价",null,"一+二+三+四+六","66,664.62"]

{"sheet":"表-07 分部分项工程量清单与计价表【26层安装工程】","index":38,"n_rows":189,"n_cols":13,"rows_kept":189,"merged":[[0,0,0,12],[1,0,1,6],[1,7,1,9],[1,10,1,12],[2,0,3,0],[2,1,3,1],[2,2,3,2],[2,3,3,3],[2,4,3,4],[2,5,3,5],[2,6,3,6],[2,7,3,7],[2,8,2,11],[2,12,3,12],[10,0,10,6],[11,0,11,6],[11,7,11,9],[11,10,11,12],[12,0,12,12],[13,0,13,6],[13,7,13,9],[13,10,13,12],[14,0,15,0],[14,1,15,1],[14,2,15,2],[14,3,15,3],[14,4,15,4],[14,5,15,5],[14,6,15,6],[14,7,15,7],[14,8,14,11],[14,12,15,12],[19,0,19,6],[20,0,20,6],[20,7,20,9],[20,10,20,12],[21,0,21,12],[22,0,22,6],[22,7,22,9],[22,10,22,12],[23,0,24,0],[23,1,24,1],[23,2,24,2],[23,3,24,3],[23,4,24,4],[23,5,24,5],[23,6,24,6],[23,7,24,7],[23,8,23,11],[23,12,24,12],[27,0,27,6],[28,0,28,6],[28,7,28,9],[28,10,28,12],[29,0,29,12],[30,0,30,6],[30,7,30,9],[30,10,30,12],[31,0,32,0],[31,1,32,1],[31,2,32,2],[31,3,32,3],[31,4,32,4],[31,5,32,5],[31,6,32,6],[31,7,32,7],[31,8,31,11],[31,12,32,12],[36,0,36,6],[37,0,37,6],[37,7,37,9],[37,10,37,12],[38,0,38,12],[39,0,39,6],[39,7,39,9],[39,10,39,12],[40,0,41,0],[40,1,41,1],[40,2,41,2],[40,3,41,3],[40,4,41,4],[40,5,41,5],[40,6,41,6],[40,7,41,7],[40,8,40,11],[40,12,41,12],[45,0,45,6],[46,0,46,6],[46,7,46,9],[46,10,46,12],[47,0,47,12],[48,0,48,6],[48,7,48,9],[48,10,48,12],[49,0,50,0],[49,1,50,1],[49,2,50,2],[49,3,50,3],[49,4,50,4],[49,5,50,5],[49,6,50,6],[49,7,50,7],[49,8,49,11],[49,12,50,12],[56,0,56,6],[57,0,57,6],[57,7,57,9],[57,10,57,12],[58,0,58,12],[59,0,59,6],[59,7,59,9],[59,10,59,12],[60,0,61,0],[60,1,61,1],[60,2,61,2],[60,3,61,3],[60,4,61,4],[60,5,61,5],[60,6,61,6],[60,7,61,7],[60,8,60,11],[60,12,61,12],[66,0,66,6],[67,0,67,6],[67,7,67,9],[67,10,67,12],[68,0,68,12],[69,0,69,6],[69,7,69,9],[69,10,69,12],[70,0,71,0],[70,1,71,1],[70,2,71,2],[70,3,71,3],[70,4,71,4],[70,5,71,5],[70,6,71,6],[70,7,71,7],[70,8,70,11],[70,12,71,12],[75,0,75,6],[76,0,76,6],[76,7,76,9],[76,10,76,12],[77,0,77,12],[78,0,78,6],[78,7,78,9],[78,10,78,12],[79,0,80,0],[79,1,80,1],[79,2,80,2],[79,3,80,3],[79,4,80,4],[79,5,80,5],[79,6,80,6],[79,7,80,7],[79,8,79,11],[79,12,80,12],[84,0,84,6],[85,0,85,6],[85,7,85,9],[85,10,85,12],[86,0,86,12],[87,0,87,6],[87,7,87,9],[87,10,87,12],[88,0,89,0],[88,1,89,1],[88,2,89,2],[88,3,89,3],[88,4,89,4],[88,5,89,5],[88,6,89,6],[88,7,89,7],[88,8,88,11],[88,12,89,12],[94,0,94,6],[95,0,95,6],[95,7,95,9],[95,10,95,12],[96,0,96,12],[97,0,97,6],[97,7,97,9],[97,10,97,12],[98,0,99,0],[98,1,99,1],[98,2,99,2],[98,3,99,3],[98,4,99,4],[98,5,99,5],[98,6,99,6],[98,7,99,7],[98,8,98,11],[98,12,99,12],[104,0,104,6],[105,0,105,6],[105,7,105,9],[105,10,105,12],[106,0,106,12],[107,0,107,6],[107,7,107,9],[107,10,107,12],[108,0,109,0],[108,1,109,1],[108,2,109,2],[108,3,109,3],[108,4,109,4],[108,5,109,5],[108,6,109,6],[108,7,109,7],[108,8,108,11],[108,12,109,12],[112,0,112,6],[113,0,113,6],[113,7,113,9],[113,10,113,12],[114,0,114,12],[115,0,115,6],[115,7,115,9],[115,10,115,12],[116,0,117,0],[116,1,117,1],[116,2,117,2],[116,3,117,3],[116,4,117,4],[116,5,117,5],[116,6,117,6],[116,7,117,7],[116,8,116,11],[116,12,117,12],[120,0,120,6],[121,0,121,6],[121,7,121,9],[121,10,121,12],[122,0,122,12],[123,0,123,6],[123,7,123,9],[123,10,123,12],[124,0,125,0],[124,1,125,1],[124,2,125,2],[124,3,125,3],[124,4,125,4],[124,5,125,5],[124,6,125,6],[124,7,125,7],[124,8,124,11],[124,12,125,12],[130,0,130,6],[131,0,131,6],[131,7,131,9],[131,10,131,12],[132,0,132,12],[133,0,133,6],[133,7,133,9],[133,10,133,12],[134,0,135,0],[134,1,135,1],[134,2,135,2],[134,3,135,3],[134,4,135,4],[134,5,135,5],[134,6,135,6],[134,7,135,7],[134,8,134,11],[134,12,135,12],[138,0,138,6],[139,0,139,6],[139,7,139,9],[139,10,139,12],[140,0,140,12],[141,0,141,6],[141,7,141,9],[141,10,141,12],[142,0,143,0],[142,1,143,1],[142,2,143,2],[142,3,143,3],[142,4,143,4],[142,5,143,5],[142,6,143,6],[142,7,143,7],[142,8,142,11],[142,12,143,12],[148,0,148,6],[149,0,149,6],[149,7,149,9],[149,10,149,12],[150,0,150,12],[151,0,151,6],[151,7,151,9],[151,10,151,12],[152,0,153,0],[152,1,153,1],[152,2,153,2],[152,3,153,3],[152,4,153,4],[152,5,153,5],[152,6,153,6],[152,7,153,7],[152,8,152,11],[152,12,153,12],[157,0,157,6],[158,0,158,6],[158,7,158,9],[158,10,158,12],[159,0,159,12],[160,0,160,6],[160,7,160,9],[160,10,160,12],[161,0,162,0],[161,1,162,1],[161,2,162,2],[161,3,162,3],[161,4,162,4],[161,5,162,5],[161,6,162,6],[161,7,162,7],[161,8,161,11],[161,12,162,12],[166,0,166,6],[167,0,167,6],[167,7,167,9],[167,10,167,12],[168,0,168,12],[169,0,169,6],[169,7,169,9],[169,10,169,12],[170,0,171,0],[170,1,171,1],[170,2,171,2],[170,3,171,3],[170,4,171,4],[170,5,171,5],[170,6,171,6],[170,7,171,7],[170,8,170,11],[170,12,171,12],[186,0,186,6],[187,0,187,6],[188,0,188,6],[188,7,188,9],[188,10,188,12]]}
["分部分项工程量清单与计价表"]
["单位工程(专业)：安装工程-26层安装工程",{"$nulls":9},"第 1 页  共 19 页"]
["序号","项目编码","项目名称","项目特征","计量单位","工程量","综合单价(元)","合价(元)","其中(元)",{"$nulls":3},"备注"]
[{"$nulls":8},"定额人工费","人工费价差","定额机械费","机械费价差"]
[null,null,"电气工程",{"$nulls":4},44883,12378,1828,43]
[null,null,"户内电气",{"$nulls":4},41626,11387,1682,40]
[1,"030404019013","控制开关","1、名称：配电箱断路器\n2、规格：CH2L-C16A/1P+N\n3、其他：符合设计及规范要求","个",11,118.16,1299.76,84.7,12.54]
[2,"030411001047","配管","1、名称：薄壁镀锌钢管\n2、规格：JDG20\n3、配置形式：砖、混凝土结构明配","m",321.27,15.18,4876.88,2004.72,298.79]
[3,"030411001048","配管","1、名称：薄壁镀锌钢管 \n2、规格：JDG20\n3、配置形式：砖、混凝土结构暗配","m",299.73,11.22,3362.97,1129.98,164.85,14.99]
[4,"030411001049","配管","1、名称：金属软管敷设\n2、规格：DN20\n3、配置形式：砖、混凝土结构明配","m",32.4,20.14,652.54,235.22,35]
["本页小计",{"$nulls":6},10192,3455,511,15]
[{"$nulls":10},"表—07"]
["分部分项工程量清单与计价表"]
["单位工程(专业)：安装工程-26层安装工程",{"$nulls":9},"第 2 页  共 19 页"]
["序号","项目编码","项目名称","项目特征","计量单位","工程量","综合单价(元)","合价(元)","其中(元)",{"$nulls":3},"备注"]
[{"$nulls":8},"定额人工费","人工费价差","定额机械费","机械费价差"]
[5,"030411004025","配线","1、名称：铜芯塑料绝缘电线\n2、类型：照明\n3、规格、型号：WDZB1-BYJ-2.5\n4、配线形式：管内穿线","m",1224.41,3.29,4028.31,746.89,110.2]
[6,"030411004026","配线","1、名称：铜芯塑料绝缘电线\n2、类型：照明\n3、规格、型号：WDZB1-BYJR-2.5\n4、配线形式：管内穿线","m",470.49,3.53,1660.83,287,42.34]
[7,"030502005003","双绞线缆","1、名称：双绞线缆 \n2、规格：4UTP(CAT6)\n3、线缆对数：4\n4、敷设方式：管内穿放","m",203.82,4.58,933.5,183.44,26.49,4.08]
["本页小计",{"$nulls":6},6623,1217,179,4]
[{"$nulls":10},"表—07"]
["分部分项工程量清单与计价表"]
["单位工程(专业)：安装工程-26层安装工程",{"$nulls":9},"第 3 页  共 19 页"]
["序号","项目编码","项目名称","项目特征","计量单位","工程量","综合单价(元)","合价(元)","其中(元)",{"$nulls":3},"备注"]
[{"$nulls":8},"定额人工费","人工费价差","定额机械费","机械费价差"]
[8,"030412004053","装饰灯","1、名称：磁吸轨道灯\n2、规格：12w，4000K，开孔尺寸：W30*H40-60mm\n3、安装形式：吸顶式\n4、附件：含磁吸轨道、光源及安全变压器","套",13,362.52,4712.76,339.95,50.57]
[9,"030412004054","装饰灯","1、名称：LED灯带\n2、规格：7W/m，3000K\n3、安装形式：内藏\n4、附件：分支接头、灯带驱动器等","m",189.47,28.11,5326,2573,380.84]
["本页小计",{"$nulls":6},10039,2913,431]
[{"$nulls":10},"表—07"]
["分部分项工程量清单与计价表"]
["单位工程(专业)：安装工程-26层安装工程",{"$nulls":9},"第 4 页  共 19 页"]
["序号","项目编码","项目名称","项目特征","计量单位","工程量","综合单价(元)","合价(元)","其中(元)",{"$nulls":3},"备注"]
[{"$nulls":8},"定额人工费","人工费价差","定额机械费","机械费价差"]
[10,"030412004055","装饰灯","1、名称：筒灯（含光源）\n2、规格：80mm，9W，4000K，LED\n3、安装方式：吸顶/嵌入式综合考虑\n4、其他：符合设计及规范要求","套",84,112,9408,1443.96,213.36]
[11,"030412004056","装饰灯","1、名称：线性灯\n2、规格：7w/m，4000K\n3、安装形式：内藏\n4、附件：分支接头、灯带驱动器等","m",27.48,28.11,772.46,373.18,55.23]
[12,"030404034031","照明开关","1、名称：双联单控开关\n2、类型：跷板暗开关\n3、规格：86型，10A\n4、安装方式：暗装","套",4,16.8,67.2,26.48,3.92]
["本页小计",{"$nulls":6},10248,1844,273]
[{"$nulls":10},"表—07"]
["分部分项工程量清单与计价表"]
["单位工程(专业)：安装工程-26层安装工程",{"$nulls":9},"第 5 页  共 19 页"]
["序号","项目编码","项目名称","项目特征","计量单位","工程量","综合单价(元)","合价(元)","其中(元)",{"$nulls":3},"备注"]
[{"$nulls":8},"定额人工费","人工费价差","定额机械费","机械费价差"]
[13,"030404034032","照明开关","1、名称：三联单控开关\n2、类型：跷板暗开关\n3、规格：86型，10A\n4、安装方式：暗装","套",2,22.45,44.9,13.24,1.96]
[14,"030404034033","照明开关","1、名称：空调面板（仅计安装费）\n2、类型：跷板暗开关\n3、规格：86型，10A\n4、安装方式：暗装","套",8,10.63,85.04,52.96,7.84]
[15,"030404035020","插座","1、名称：单相五孔插座\n2、规格：86型，10A\n3、安装方式：暗装","套",37,18,666,288.6,42.92]
["本页小计",{"$nulls":6},796,355,53]
[{"$nulls":10},"表—07"]
["分部分项工程量清单与计价表"]
["单位工程(专业)：安装工程-26层安装工程",{"$nulls":9},"第 6 页  共 19 页"]
["序号","项目编码","项目名称","项目特征","计量单位","工程量","综合单价(元)","合价(元)","其中(元)",{"$nulls":3},"备注"]
[{"$nulls":8},"定额人工费","人工费价差","定额机械费","机械费价差"]
[16,"030502012003","信息插座","1、名称：信息插座\n2、类别：2口\n3、安装方式：暗装\n4、附件：含终端盒面板","个",5,69.11,345.55,51.8,7.7]
[17,"030411006025","接线盒","1、名称：接线盒\n2、材质：钢质\n3、规格：86型\n4、安装形式：暗装","个",114,8.77,999.78,316.92,46.74]
[18,"030411006026","接线盒","1、名称：开关盒、插座盒\n2、材质：钢质\n3、规格：86型\n4、安装形式：暗装","个",43,8.52,366.36,125.99,18.49]
[19,"030413002018","凿（压）槽","1、名称：混凝土刨沟槽\n2、规格：DN20\n3、其他：含沟槽恢复","m",299.73,6.73,2017.18,1109,161.86,20.98]
[null,null,"电梯厅及卫生间电气工程",{"$nulls":4},3257,991,146,3]
["本页小计",{"$nulls":6},3729,1604,235,21]
[{"$nulls":10},"表—07"]
["分部分项工程量清单与计价表"]
["单位工程(专业)：安装工程-26层安装工程",{"$nulls":9},"第 7 页  共 19 页"]
["序号","项目编码","项目名称","项目特征","计量单位","工程量","综合单价(元)","合价(元)","其中(元)",{"$nulls":3},"备注"]
[{"$nulls":8},"定额人工费","人工费价差","定额机械费","机械费价差"]
[20,"030404019014","控制开关","1、名称：配电箱断路器\n2、规格：CH2L-C16A/1P+N\n3、其他：符合设计及规范要求","个",2,118.16,236.32,15.4,2.28]
[21,"030411001050","配管","1、名称：薄壁镀锌钢管\n2、规格：JDG20\n3、配置形式：砖、混凝土结构明配","m",23.84,15.18,361.89,148.76,22.17]
[22,"030411001051","配管","1、名称：薄壁镀锌钢管 \n2、规格：JDG20\n3、配置形式：砖、混凝土结构暗配","m",23.49,11.22,263.56,88.56,12.92,1.17]
[23,"030411001052","配管","1、名称：金属软管敷设\n2、规格：DN20\n3、配置形式：砖、混凝土结构明配","m",8.7,20.14,175.22,63.16,9.4]
["本页小计",{"$nulls":6},1037,316,47,1]
[{"$nulls":10},"表—07"]
["分部分项工程量清单与计价表"]
["单位工程(专业)：安装工程-26层安装工程",{"$nulls":9},"第 8 页  共 19 页"]
["序号","项目编码","项目名称","项目特征","计量单位","工程量","综合单价(元)","合价(元)","其中(元)",{"$nulls":3},"备注"]
[{"$nulls":8},"定额人工费","人工费价差","定额机械费","机械费价差"]
[24,"030411004027","配线","1、名称：铜芯塑料绝缘电线\n2、类型：照明\n3、规格、型号：WDZB1-BYJ-2.5\n4、配线形式：管内穿线","m",142.8,3.29,469.81,87.11,12.85]
[25,"030411004028","配线","1、名称：铜芯塑料绝缘电线\n2、类型：照明\n3、规格、型号：WDZB1-BYJR-2.5\n4、配线形式：管内穿线","m",54.61,3.53,192.77,33.31,4.92]
[26,"030412004057","装饰灯","1、名称：LED灯带\n2、规格：7W/m，3000K\n3、安装形式：内藏\n4、附件：分支接头、灯带驱动器等","m",8.56,28.11,240.62,116.24,17.21]
["本页小计",{"$nulls":6},903,237,35]
[{"$nulls":10},"表—07"]
["分部分项工程量清单与计价表"]
["单位工程(专业)：安装工程-26层安装工程",{"$nulls":9},"第 9 页  共 19 页"]
["序号","项目编码","项目名称","项目特征","计量单位","工程量","综合单价(元)","合价(元)","其中(元)",{"$nulls":3},"备注"]
[{"$nulls":8},"定额人工费","人工费价差","定额机械费","机械费价差"]
[27,"030412004058","装饰灯","1、名称：筒灯（含光源）\n2、规格：80mm，9W，4000K，LED\n3、安装方式：吸顶/嵌入式综合考虑\n4、其他：符合设计及规范要求","套",5,112,560,85.95,12.7]
[28,"030412004059","装饰灯","1、名称：线性灯\n2、规格：3000K\n3、安装形式：内藏\n4、附件：分支接头、灯带驱动器等","m",13.8,28.11,387.92,187.4,27.74]
[29,"030404034034","照明开关","1、名称：双联单控开关\n2、类型：跷板暗开关\n3、规格：86型，10A\n4、安装方式：暗装","套",2,16.8,33.6,13.24,1.96]
["本页小计",{"$nulls":6},982,287,42]
[{"$nulls":10},"表—07"]
["分部分项工程量清单与计价表"]
["单位工程(专业)：安装工程-26层安装工程",{"$nulls":9},"第 10 页  共 19 页"]
["序号","项目编码","项目名称","项目特征","计量单位","工程量","综合单价(元)","合价(元)","其中(元)",{"$nulls":3},"备注"]
[{"$nulls":8},"定额人工费","人工费价差","定额机械费","机械费价差"]
[30,"030404034035","照明开关","1、名称：空调面板（仅计安装费）\n2、类型：跷板暗开关\n3、规格：86型，10A\n4、安装方式：暗装","套",1,10.63,10.63,6.62,0.98]
[31,"030404035021","插座","1、名称：单相五孔插座\n2、规格：86型，10A\n3、安装方式：暗装","套",2,18,36,15.6,2.32]
[32,"030411006027","接线盒","1、名称：接线盒\n2、材质：钢质\n3、规格：86型\n4、安装形式：暗装","个",11,8.77,96.47,30.58,4.51]
[33,"030411006028","接线盒","1、名称：开关盒、插座盒\n2、材质：钢质\n3、规格：86型\n4、安装形式：暗装","个",4,8.52,34.08,11.72,1.72]
["本页小计",{"$nulls":6},177,65,10]
[{"$nulls":10},"表—07"]
["分部分项工程量清单与计价表"]
["单位工程(专业)：安装工程-26层安装工程",{"$nulls":9},"第 11 页  共 19 页"]
["序号","项目编码","项目名称","项目特征","计量单位","工程量","综合单价(元)","合价(元)","其中(元)",{"$nulls":3},"备注"]
[{"$nulls":8},"定额人工费","人工费价差","定额机械费","机械费价差"]
[34,"030413002019","凿（压）槽","1、名称：混凝土刨沟槽\n2、规格：DN20\n3、其他：含沟槽恢复","m",23.49,6.73,158.09,86.91,12.69,1.64]
[null,null,"给排水工程",{"$nulls":4},10098,1970,292,7]
[null,null,"给水工程",{"$nulls":4},2137,848,126,7]
[35,"031001006048","塑料管","1、安装部位：室内\n2、介质：水\n3、材质：PP-R给水管\n4、规格：DN15，PN=1.25\n5、连接形式：热熔\n6、压力试验及吹、洗 设计要求：按设计文件及相关规范要求","m",15.37,15.21,233.78,100.37,14.91,1.69]
["本页小计",{"$nulls":6},392,187,28,3]
[{"$nulls":10},"表—07"]
["分部分项工程量清单与计价表"]
["单位工程(专业)：安装工程-26层安装工程",{"$nulls":9},"第 12 页  共 19 页"]
["序号","项目编码","项目名称","项目特征","计量单位","工程量","综合单价(元)","合价(元)","其中(元)",{"$nulls":3},"备注"]
[{"$nulls":8},"定额人工费","人工费价差","定额机械费","机械费价差"]
[36,"031001006049","塑料管","1、安装部位：室内\n2、介质：水\n3、材质：PP-R给水管\n4、规格：DN20，PN=1.25\n5、连接形式：热熔\n6、压力试验及吹、洗 设计要求：按设计文件及相关规范要求","m",5.5,17.29,95.1,40.15,5.94,0.61]
[37,"031001006050","塑料管","1、安装部位：室内\n2、介质：水\n3、材质：PP-R给水管\n4、规格：DN25，PN=1.25\n5、连接形式：热熔\n6、压力试验及吹、洗 设计要求：按设计文件及相关规范要求","m",10.47,21.59,226.05,84.7,12.46,1.15]
["本页小计",{"$nulls":6},321,125,18,2]
[{"$nulls":10},"表—07"]
["分部分项工程量清单与计价表"]
["单位工程(专业)：安装工程-26层安装工程",{"$nulls":9},"第 13 页  共 19 页"]
["序号","项目编码","项目名称","项目特征","计量单位","工程量","综合单价(元)","合价(元)","其中(元)",{"$nulls":3},"备注"]
[{"$nulls":8},"定额人工费","人工费价差","定额机械费","机械费价差"]
[38,"031001006051","塑料管","1、安装部位：室内\n2、介质：水\n3、材质：PP-R给水管\n4、规格：DN40，PN=1.25\n5、连接形式：热熔\n6、压力试验及吹、洗 设计要求：按设计文件及相关规范要求","m",1.98,37.62,74.49,23.23,3.42,0.22]
[39,"031001006052","塑料管","1、安装部位：室内\n2、介质：水\n3、材质：PP-R给水管\n4、规格：DN50，PN=1.25\n5、连接形式：热熔\n6、压力试验及吹、洗 设计要求：按设计文件及相关规范要求","m",13.84,50.35,696.84,166.63,24.64,2.49]
["本页小计",{"$nulls":6},771,190,28,3]
[{"$nulls":10},"表—07"]
["分部分项工程量清单与计价表"]
["单位工程(专业)：安装工程-26层安装工程",{"$nulls":9},"第 14 页  共 19 页"]
["序号","项目编码","项目名称","项目特征","计量单位","工程量","综合单价(元)","合价(元)","其中(元)",{"$nulls":3},"备注"]
[{"$nulls":8},"定额人工费","人工费价差","定额机械费","机械费价差"]
[40,"031003001011","螺纹阀门","1、类型：闸阀\n2、材质：铜质\n3、规格、压力等级：DN50\n4、连接形式：螺纹","个",1,180.16,180.16,16.74,2.48,0.82,-0.04]
[41,"03B007","暗敷管道补贴","1、名称：暗敷管道补贴\n2、部位：卫生间\n3、规格：12m以上\n4、其他：符合设计及规范要求","间",2,297.54,595.08,405,60]
[42,"030413003023","打洞（孔）","1、名称：砖墙及砌体墙开孔\n2、规格：DN50\n3、附件：含孔洞修复","个",3,11.8,35.4,11.19,1.65]
[null,null,"排水工程",{"$nulls":4},7961,1122,166]
["本页小计",{"$nulls":6},811,433,64,1]
[{"$nulls":10},"表—07"]
["分部分项工程量清单与计价表"]
["单位工程(专业)：安装工程-26层安装工程",{"$nulls":9},"第 15 页  共 19 页"]
["序号","项目编码","项目名称","项目特征","计量单位","工程量","综合单价(元)","合价(元)","其中(元)",{"$nulls":3},"备注"]
[{"$nulls":8},"定额人工费","人工费价差","定额机械费","机械费价差"]
[43,"031001006053","塑料管","1、安装部位：室内\n2、介质：污废水\n3、材质、规格：PVC-U 110\n4、连接形式：粘接\n5、压力试验及吹、洗 设计要求：按设计文件及相关规范要求","m",19.06,42.38,807.76,232.15,34.31]
[44,"031001006054","塑料管","1、安装部位：室内\n2、介质：污废水\n3、材质、规格：PVC-U 75\n4、连接形式：粘接\n5、压力试验及吹、洗 设计要求：按设计文件及相关规范要求","m",7.2,28.32,203.9,72.29,10.73]
["本页小计",{"$nulls":6},1012,304,45]
[{"$nulls":10},"表—07"]
["分部分项工程量清单与计价表"]
["单位工程(专业)：安装工程-26层安装工程",{"$nulls":9},"第 16 页  共 19 页"]
["序号","项目编码","项目名称","项目特征","计量单位","工程量","综合单价(元)","合价(元)","其中(元)",{"$nulls":3},"备注"]
[{"$nulls":8},"定额人工费","人工费价差","定额机械费","机械费价差"]
[45,"031001006055","塑料管","1、安装部位：室内\n2、介质：污废水\n3、材质、规格：PVC-U 50\n4、连接形式：粘接\n5、压力试验及吹、洗 设计要求：按设计文件及相关规范要求","m",31.92,19.8,632.02,263.02,38.94]
[46,"030413003024","打洞（孔）","1、名称：砖墙及砌体墙开孔\n2、规格：DN50\n3、附件：含孔洞修复","个",1,11.8,11.8,3.73,0.55]
[47,"030413003025","打洞（孔）","1、名称：砖墙及砌体墙开孔\n2、规格：DN80\n3、附件：含孔洞修复","个",3,14.05,42.15,15.54,2.31]
[48,"030413003026","打洞（孔）","1、名称：砖墙及砌体墙开孔\n2、规格：DN100\n3、附件：含孔洞修复","个",2,16.91,33.82,13.6,2.02]
["本页小计",{"$nulls":6},720,296,44]
[{"$nulls":10},"表—07"]
["分部分项工程量清单与计价表"]
["单位工程(专业)：安装工程-26层安装工程",{"$nulls":9},"第 17 页  共 19 页"]
["序号","项目编码","项目名称","项目特征","计量单位","工程量","综合单价(元)","合价(元)","其中(元)",{"$nulls":3},"备注"]
[{"$nulls":8},"定额人工费","人工费价差","定额机械费","机械费价差"]
[49,"031004007007","小便器","1、材质：瓷质\n2、规格、类型：壁挂式\n3、组装形式：延时冲洗阀\n4、附件：延时冲洗阀、三角阀、金属软管、五金配件等","组",2,412.69,825.38,39.86,5.9]
[50,"031004014008","给、排水附（配）件","1、名称：地漏安装\n2、材质：不锈钢\n3、规格：DN50\n4、其他：详见设计及规范","个",3,24.93,74.79,28.47,4.23]
[51,"031004006008","大便器","1、材质：瓷质\n2、规格、类型：蹲式\n3、组装形式：脚踏延时冲洗\n4、附件：脚踏延时冲洗阀、下水、五金配件等","组",4,575.18,2300.72,136.64,20.24]
["本页小计",{"$nulls":6},3201,205,30]
[{"$nulls":10},"表—07"]
["分部分项工程量清单与计价表"]
["单位工程(专业)：安装工程-26层安装工程",{"$nulls":9},"第 18 页  共 19 页"]
["序号","项目编码","项目名称","项目特征","计量单位","工程量","综合单价(元)","合价(元)","其中(元)",{"$nulls":3},"备注"]
[{"$nulls":8},"定额人工费","人工费价差","定额机械费","机械费价差"]
[52,"031004008007","其他成品卫生器具","1、材质：瓷质\n2、规格、类型：成品拖布池\n3、附件名称、数量：长颈水嘴、五金配件等","套",1,426.93,426.93,23.03,3.41]
[53,"031004003008","洗脸盆","1、材质：瓷质\n2、规格、类型：冷热水\n3、组装形式：台下盆\n4、附件：洗脸盆龙头、下水、三角阀、金属软管、五金配件等","组",4,545.7,2182.8,110.92,16.44]
[54,"031002003007","套管","1、类型：止水节\n2、材质：塑料\n3、规格：DN50\n4、填料材质：符合设计及规范要求","个",10,26.65,266.5,128.4,19]
["本页小计",{"$nulls":6},2876,262,39]
[{"$nulls":10},"表—07"]
["分部分项工程量清单与计价表"]
["单位工程(专业)：安装工程-26层安装工程",{"$nulls":9},"第 19 页  共 19 页"]
["序号","项目编码","项目名称","项目特征","计量单位","工程量","综合单价(元)","合价(元)","其中(元)",{"$nulls":3},"备注"]
[{"$nulls":8},"定额人工费","人工费价差","定额机械费","机械费价差"]
[55,"031002003008","套管","1、类型：止水节\n2、材质：塑料\n3、规格：DN100\n4、填料材质：符合设计及规范要求","个",4,38.08,152.32,54.76,8.12]
{"$rows_empty":13}
["本页小计",{"$nulls":6},152,55,8]
["合   计",{"$nulls":6},54981,14348,2120,50]
[{"$nulls":10},"表—07"]

{"sheet":"表-08 施工技术措施项目清单与计价表【26层安装工程】","index":39,"n_rows":24,"n_cols":13,"rows_kept":24,"merged":[[0,0,0,12],[1,0,1,7],[1,8,1,9],[1,10,1,12],[2,0,3,0],[2,1,3,1],[2,2,3,2],[2,3,3,3],[2,4,3,4],[2,5,3,5],[2,6,3,6],[2,7,3,7],[2,8,2,11],[2,12,3,12],[21,0,21,6],[22,0,22,6],[23,0,23,7],[23,8,23,9],[23,10,23,12]]}
["施工技术措施项目清单与计价表"]
["单位工程(专业)：安装工程-26层安装工程",{"$nulls":9},"第 1 页  共 1 页"]
["序号","项目编码","项目名称","项目特征","计量单位","工程量","综合单价(元)","合价(元)","其中(元)",{"$nulls":3},"备注"]
[{"$nulls":8},"定额人工费","人工费价差","定额机械费","机械费价差"]
[null,null,"[请输入分部名称]",{"$nulls":4},677,146,22]
[1,"031301017007","脚手架搭拆","脚手架搭拆费第四、十层","项",1,677.36,677.36,146.29,21.67]
{"$rows_empty":15}
["本页小计",{"$nulls":6},677,146,22]
["合   计",{"$nulls":6},677,146,22]
[{"$nulls":10},"表—08"]

{"sheet":"表-09 工程量清单综合单价计算表【26层安装工程】","index":40,"n_rows":218,"n_cols":15,"rows_kept":218,"merged":[[0,0,0,10],[0,11,0,14],[1,0,1,14],[2,0,2,5],[2,6,2,10],[2,11,2,14],[3,0,4,0],[3,1,4,1],[3,2,4,2],[3,3,4,3],[3,4,4,4],[3,5,3,13],[3,14,4,14],[4,6,4,6],[4,7,4,7],[16,0,16,1],[16,3,16,5],[16,6,16,8],[16,9,16,10],[16,11,16,14],[17,0,17,10],[17,11,17,14],[18,0,18,14],[19,0,19,5],[19,6,19,10],[19,11,19,14],[20,0,21,0],[20,1,21,1],[20,2,21,2],[20,3,21,3],[20,4,21,4],[20,5,20,13],[20,14,21,14],[21,6,21,6],[21,7,21,7],[34,0,34,1],[34,3,34,5],[34,6,34,8],[34,9,34,10],[34,11,34,14],[35,0,35,10],[35,11,35,14],[36,0,36,14],[37,0,37,5],[37,6,37,10],[37,11,37,14],[38,0,39,0],[38,1,39,1],[38,2,39,2],[38,3,39,3],[38,4,39,4],[38,5,38,13],[38,14,39,14],[39,6,39,6],[39,7,39,7],[53,0,53,1],[53,3,53,5],[53,6,53,8],[53,9,53,10],[53,11,53,14],[54,0,54,10],[54,11,54,14],[55,0,55,14],[56,0,56,5],[56,6,56,10],[56,11,56,14],[57,0,58,0],[57,1,58,1],[57,2,58,2],[57,3,58,3],[57,4,58,4],[57,5,57,13],[57,14,58,14],[58,6,58,6],[58,7,58,7],[71,0,71,1],[71,3,71,5],[71,6,71,8],[71,9,71,10],[71,11,71,14],[72,0,72,10],[72,11,72,14],[73,0,73,14],[74,0,74,5],[74,6,74,10],[74,11,74,14],[75,0,76,0],[75,1,76,1],[75,2,76,2],[75,3,76,3],[75,4,76,4],[75,5,75,13],[75,14,76,14],[76,6,76,6],[76,7,76,7],[88,0,88,1],[88,3,88,5],[88,6,88,8],[88,9,88,10],[88,11,88,14],[89,0,89,10],[89,11,89,14],[90,0,90,14],[91,0,91,5],[91,6,91,10],[91,11,91,14],[92,0,93,0],[92,1,93,1],[92,2,93,2],[92,3,93,3],[92,4,93,4],[92,5,92,13],[92,14,93,14],[93,6,93,6],[93,7,93,7],[108,0,108,1],[108,3,108,5],[108,6,108,8],[108,9,108,10],[108,11,108,14],[109,0,109,10],[109,11,109,14],[110,0,110,14],[111,0,111,5],[111,6,111,10],[111,11,111,14],[112,0,113,0],[112,1,113,1],[112,2,113,2],[112,3,113,3],[112,4,113,4],[112,5,112,13],[112,14,113,14],[113,6,113,6],[113,7,113,7],[126,0,126,1],[126,3,126,5],[126,6,126,8],[126,9,126,10],[126,11,126,14],[127,0,127,10],[127,11,127,14],[128,0,128,14],[129,0,129,5],[129,6,129,10],[129,11,129,14],[130,0,131,0],[130,1,131,1],[130,2,131,2],[130,3,131,3],[130,4,131,4],[130,5,130,13],[130,14,131,14],[131,6,131,6],[131,7,131,7],[144,0,144,1],[144,3,144,5],[144,6,144,8],[144,9,144,10],[144,11,144,14],[145,0,145,10],[145,11,145,14],[146,0,146,14],[147,0,147,5],[147,6,147,10],[147,11,147,14],[148,0,149,0],[148,1,149,1],[148,2,149,2],[148,3,149,3],[148,4,149,4],[148,5,148,13],[148,14,149,14],[149,6,149,6],[149,7,149,7],[162,0,162,1],[162,3,162,5],[162,6,162,8],[162,9,162,10],[162,11,162,14],[163,0,163,10],[163,11,163,14],[164,0,164,14],[165,0,165,5],[165,6,165,10],[165,11,165,14],[166,0,167,0],[166,1,167,1],[166,2,167,2],[166,3,167,3],[166,4,167,4],[166,5,166,13],[166,14,167,14],[167,6,167,6],[167,7,167,7],[180,0,180,1],[180,3,180,5],[180,6,180,8],[180,9,180,10],[180,11,180,14],[181,0,181,10],[181,11,181,14],[182,0,182,14],[183,0,183,5],[183,6,183,10],[183,11,183,14],[184,0,185,0],[184,1,185,1],[184,2,185,2],[184,3,185,3],[184,4,185,4],[184,5,184,13],[184,14,185,14],[185,6,185,6],[185,7,185,7],[195,0,195,1],[195,3,195,5],[195,6,195,8],[195,9,195,10],[195,11,195,14],[196,0,196,10],[196,11,196,14],[197,0,197,14],[198,0,198,5],[198,6,198,10],[198,11,198,14],[199,0,200,0],[199,1,200,1],[199,2,200,2],[199,3,200,3],[199,4,200,4],[199,5,199,13],[199,14,200,14],[200,6,200,6],[200,7,200,7],[216,0,216,13],[217,0,217,1],[217,3,217,5],[217,6,217,8],[217,9,217,10],[217,11,217,14]]}
[]
["工程量清单综合单价计算表"]
["单位工程(专业)：安装工程-26层安装工程",{"$nulls":10},"第 1 页  共 12 页"]
["序号","项目编号","项目名称","计量单位","数量","综合单价（元）",{"$nulls":8},"合计(元)"]
[{"$nulls":5},"定额人工费","人工费价差","材料费","定额机械费","机械费价差","管理费","利润","风险费用","小计"]
[null,null,"电气工程"]
[null,null,"户内电气"]
[1,"030404019013","控制开关","个",11,7.7,1.14,106.85,null,null,1.67,0.8,null,118.16,1300]
[null,"4-4-83","微型空气开关(卡插式)","个",11,7.7,1.14,106.85,null,null,1.67,0.8,null,118.16,1300]
[2,"030411001047","配管","m",321.27,6.24,0.93,6,null,null,1.36,0.65,null,15.18,4877]
[null,"4-11-2 换","套接紧定式镀锌钢导管(JDG)敷设 砖、混凝土结构明配 公称直径(mm)20","m",321.27,6.24,0.93,6,null,null,1.36,0.65,null,15.18,4877]
[3,"030411001048","配管","m",299.73,3.77,0.55,5.62,0.05,null,0.83,0.4,null,11.22,3363]
[null,"4-11-8 换","套接紧定式镀锌钢导管(JDG)敷设 砖、混凝土结构暗配 公称直径(mm)20","m",299.73,3.77,0.55,5.62,0.05,null,0.83,0.4,null,11.22,3363]
[4,"030411001049","配管","m",32.4,7.26,1.08,9.46,null,null,1.58,0.76,null,20.14,653]
[null,"4-11-178","金属软管敷设 内径(mm)≤16每根长≤0.5m","m",32.4,7.26,1.08,9.46,null,null,1.58,0.76,null,20.14,653]
[5,"030411004025","配线","m",1224.41,0.61,0.09,2.4,null,null,0.13,0.06,null,3.29,4028]
[{"$nulls":11},"表-09"]
[]
["工程量清单综合单价计算表"]
["单位工程(专业)：安装工程-26层安装工程",{"$nulls":10},"第 2 页  共 12 页"]
["序号","项目编号","项目名称","计量单位","数量","综合单价（元）",{"$nulls":8},"合计(元)"]
[{"$nulls":5},"定额人工费","人工费价差","材料费","定额机械费","机械费价差","管理费","利润","风险费用","小计"]
[null,"4-12-5 换","穿照明线 铜芯导线截面(mm2以内)2.5","m",1224.41,0.61,0.09,2.4,null,null,0.13,0.06,null,3.29,4028]
[6,"030411004026","配线","m",470.49,0.61,0.09,2.64,null,null,0.13,0.06,null,3.53,1661]
[null,"4-12-5 换","穿照明线 铜芯导线截面(mm2以内)2.5","m",470.49,0.61,0.09,2.64,null,null,0.13,0.06,null,3.53,1661]
[7,"030502005003","双绞线缆","m",203.82,0.9,0.13,3.23,0.02,null,0.2,0.1,null,4.58,934]
[null,"5-2-13 换","双绞线缆 管内穿放≤4对 \u007f高于超五类的布线","m",203.82,0.9,0.13,3.23,0.02,null,0.2,0.1,null,4.58,934]
[8,"030412004053","装饰灯","套",13,26.15,3.89,324.09,null,null,5.68,2.72,null,362.52,4713]
[null,"4-13-171 换","点光源艺术装饰灯具安装 滑轨式射灯","套",13,5.68,0.85,176.75,null,null,1.23,0.59,null,185.1,2406]
[null,"4-13-172 换","点光源艺术装饰灯具安装 滑轨","m",25.6,9.42,1.4,64.42,null,null,2.05,0.98,null,78.27,2004]
[null,"4-4-116","安全变压器容量≤500V·A","台",1,24.98,3.7,266.2,null,null,5.43,2.6,null,302.91,303]
[9,"030412004054","装饰灯","m",189.47,13.58,2.01,8.16,null,null,2.95,1.41,null,28.11,5326]
[null,"4-13-137","天棚荧光灯带","m",189.47,13.58,2.01,8.16,null,null,2.95,1.41,null,28.11,5326]
[10,"030412004055","装饰灯","套",84,17.19,2.54,86.75,null,null,3.73,1.79,null,112,9408]
[{"$nulls":11},"表-09"]
[]
["工程量清单综合单价计算表"]
["单位工程(专业)：安装工程-26层安装工程",{"$nulls":10},"第 3 页  共 12 页"]
["序号","项目编号","项目名称","计量单位","数量","综合单价（元）",{"$nulls":8},"合计(元)"]
[{"$nulls":5},"定额人工费","人工费价差","材料费","定额机械费","机械费价差","管理费","利润","风险费用","小计"]
[null,"4-13-163 换","点光源艺术装饰灯具安装 嵌入式筒灯灯具直径φ75","套",84,17.19,2.54,86.75,null,null,3.73,1.79,null,112,9408]
[11,"030412004056","装饰灯","m",27.48,13.58,2.01,8.16,null,null,2.95,1.41,null,28.11,772]
[null,"4-13-137","天棚荧光灯带","m",27.48,13.58,2.01,8.16,null,null,2.95,1.41,null,28.11,772]
[12,"030404034031","照明开关","套",4,6.62,0.98,7.07,null,null,1.44,0.69,null,16.8,67]
[null,"4-13-301 换","跷板暗开关单控≤3联","套",4,6.62,0.98,7.07,null,null,1.44,0.69,null,16.8,67]
[13,"030404034032","照明开关","套",2,6.62,0.98,12.72,null,null,1.44,0.69,null,22.45,45]
[null,"4-13-301 换","跷板暗开关单控≤3联","套",2,6.62,0.98,12.72,null,null,1.44,0.69,null,22.45,45]
[14,"030404034033","照明开关","套",8,6.62,0.98,0.9,null,null,1.44,0.69,null,10.63,85]
[null,"4-13-301 换","跷板暗开关单控≤3联","套",8,6.62,0.98,0.9,null,null,1.44,0.69,null,10.63,85]
[15,"030404035020","插座","套",37,7.8,1.16,6.54,null,null,1.69,0.81,null,18,666]
[null,"4-13-323 换","单相暗插座电流(A)≤16","套",37,7.8,1.16,6.54,null,null,1.69,0.81,null,18,666]
[16,"030502012003","信息插座","个",5,10.36,1.54,53.89,null,null,2.24,1.08,null,69.11,346]
[null,"5-2-35 换","信息插座 4对模块安装 \u007f高于超五类的布线","个",10,3.56,0.53,23.16,null,null,0.77,0.37,null,28.39,284]
[{"$nulls":11},"表-09"]
[]
["工程量清单综合单价计算表"]
["单位工程(专业)：安装工程-26层安装工程",{"$nulls":10},"第 4 页  共 12 页"]
["序号","项目编号","项目名称","计量单位","数量","综合单价（元）",{"$nulls":8},"合计(元)"]
[{"$nulls":5},"定额人工费","人工费价差","材料费","定额机械费","机械费价差","管理费","利润","风险费用","小计"]
[null,"5-2-39","信息插座 各类插座面板安装","个",5,3.24,0.48,7.57,null,null,0.7,0.34,null,12.33,62]
[17,"030411006025","接线盒","个",114,2.78,0.41,4.69,null,null,0.6,0.29,null,8.77,1000]
[null,"4-11-212 换","暗装接线盒","个",114,2.78,0.41,4.69,null,null,0.6,0.29,null,8.77,1000]
[18,"030411006026","接线盒","个",43,2.93,0.43,4.22,null,null,0.64,0.3,null,8.52,366]
[null,"4-11-211 换","开关盒、插座盒安装","个",43,2.93,0.43,4.22,null,null,0.64,0.3,null,8.52,366]
[19,"030413002018","凿（压）槽","m",299.73,3.7,0.54,1.22,0.07,null,0.81,0.39,null,6.73,2017]
[null,"13-1-142 换","混凝土刨沟槽 管径(mm以内)20 \u007f二次精装修工程，在原粉刷层上进行砖墙开槽","m",299.73,1.7,0.25,0.15,0.07,null,0.38,0.18,null,2.73,818]
[null,"4-11-217","沟槽恢复配管1-2根","m",299.73,2,0.29,1.07,null,null,0.43,0.21,null,4,1199]
[null,null,"电梯厅及卫生间电气工程"]
[20,"030404019014","控制开关","个",2,7.7,1.14,106.85,null,null,1.67,0.8,null,118.16,236]
[null,"4-4-83","微型空气开关(卡插式)","个",2,7.7,1.14,106.85,null,null,1.67,0.8,null,118.16,236]
[21,"030411001050","配管","m",23.84,6.24,0.93,6,null,null,1.36,0.65,null,15.18,362]
[{"$nulls":11},"表-09"]
[]
["工程量清单综合单价计算表"]
["单位工程(专业)：安装工程-26层安装工程",{"$nulls":10},"第 5 页  共 12 页"]
["序号","项目编号","项目名称","计量单位","数量","综合单价（元）",{"$nulls":8},"合计(元)"]
[{"$nulls":5},"定额人工费","人工费价差","材料费","定额机械费","机械费价差","管理费","利润","风险费用","小计"]
[null,"4-11-2 换","套接紧定式镀锌钢导管(JDG)敷设 砖、混凝土结构明配 公称直径(mm)20","m",23.84,6.24,0.93,6,null,null,1.36,0.65,null,15.18,362]
[22,"030411001051","配管","m",23.49,3.77,0.55,5.62,0.05,null,0.83,0.4,null,11.22,264]
[null,"4-11-8 换","套接紧定式镀锌钢导管(JDG)敷设 砖、混凝土结构暗配 公称直径(mm)20","m",23.49,3.77,0.55,5.62,0.05,null,0.83,0.4,null,11.22,264]
[23,"030411001052","配管","m",8.7,7.26,1.08,9.46,null,null,1.58,0.76,null,20.14,175]
[null,"4-11-178","金属软管敷设 内径(mm)≤16每根长≤0.5m","m",8.7,7.26,1.08,9.46,null,null,1.58,0.76,null,20.14,175]
[24,"030411004027","配线","m",142.8,0.61,0.09,2.4,null,null,0.13,0.06,null,3.29,470]
[null,"4-12-5 换","穿照明线 铜芯导线截面(mm2以内)2.5","m",142.8,0.61,0.09,2.4,null,null,0.13,0.06,null,3.29,470]
[25,"030411004028","配线","m",54.61,0.61,0.09,2.64,null,null,0.13,0.06,null,3.53,193]
[null,"4-12-5 换","穿照明线 铜芯导线截面(mm2以内)2.5","m",54.61,0.61,0.09,2.64,null,null,0.13,0.06,null,3.53,193]
[26,"030412004057","装饰灯","m",8.56,13.58,2.01,8.16,null,null,2.95,1.41,null,28.11,241]
[null,"4-13-137","天棚荧光灯带","m",8.56,13.58,2.01,8.16,null,null,2.95,1.41,null,28.11,241]
[{"$nulls":11},"表-09"]
[]
["工程量清单综合单价计算表"]
["单位工程(专业)：安装工程-26层安装工程",{"$nulls":10},"第 6 页  共 12 页"]
["序号","项目编号","项目名称","计量单位","数量","综合单价（元）",{"$nulls":8},"合计(元)"]
[{"$nulls":5},"定额人工费","人工费价差","材料费","定额机械费","机械费价差","管理费","利润","风险费用","小计"]
[27,"030412004058","装饰灯","套",5,17.19,2.54,86.75,null,null,3.73,1.79,null,112,560]
[null,"4-13-163 换","点光源艺术装饰灯具安装 嵌入式筒灯灯具直径φ75","套",5,17.19,2.54,86.75,null,null,3.73,1.79,null,112,560]
[28,"030412004059","装饰灯","m",13.8,13.58,2.01,8.16,null,null,2.95,1.41,null,28.11,388]
[null,"4-13-137","天棚荧光灯带","m",13.8,13.58,2.01,8.16,null,null,2.95,1.41,null,28.11,388]
[29,"030404034034","照明开关","套",2,6.62,0.98,7.07,null,null,1.44,0.69,null,16.8,34]
[null,"4-13-301 换","跷板暗开关单控≤3联","套",2,6.62,0.98,7.07,null,null,1.44,0.69,null,16.8,34]
[30,"030404034035","照明开关","套",1,6.62,0.98,0.9,null,null,1.44,0.69,null,10.63,11]
[null,"4-13-301 换","跷板暗开关单控≤3联","套",1,6.62,0.98,0.9,null,null,1.44,0.69,null,10.63,11]
[31,"030404035021","插座","套",2,7.8,1.16,6.54,null,null,1.69,0.81,null,18,36]
[null,"4-13-323 换","单相暗插座电流(A)≤16","套",2,7.8,1.16,6.54,null,null,1.69,0.81,null,18,36]
[32,"030411006027","接线盒","个",11,2.78,0.41,4.69,null,null,0.6,0.29,null,8.77,96]
[null,"4-11-212 换","暗装接线盒","个",11,2.78,0.41,4.69,null,null,0.6,0.29,null,8.77,96]
[33,"030411006028","接线盒","个",4,2.93,0.43,4.22,null,null,0.64,0.3,null,8.52,34]
[null,"4-11-211 换","开关盒、插座盒安装","个",4,2.93,0.43,4.22,null,null,0.64,0.3,null,8.52,34]
[{"$nulls":11},"表-09"]
[]
["工程量清单综合单价计算表"]
["单位工程(专业)：安装工程-26层安装工程",{"$nulls":10},"第 7 页  共 12 页"]
["序号","项目编号","项目名称","计量单位","数量","综合单价（元）",{"$nulls":8},"合计(元)"]
[{"$nulls":5},"定额人工费","人工费价差","材料费","定额机械费","机械费价差","管理费","利润","风险费用","小计"]
[34,"030413002019","凿（压）槽","m",23.49,3.7,0.54,1.22,0.07,null,0.81,0.39,null,6.73,158]
[null,"13-1-142 换","混凝土刨沟槽 管径(mm以内)20 \u007f二次精装修工程，在原粉刷层上进行砖墙开槽","m",23.49,1.7,0.25,0.15,0.07,null,0.38,0.18,null,2.73,64]
[null,"4-11-217","沟槽恢复配管1-2根","m",23.49,2,0.29,1.07,null,null,0.43,0.21,null,4,94]
[null,null,"给排水工程"]
[null,null,"给水工程"]
[35,"031001006048","塑料管","m",15.37,6.53,0.97,5.47,0.11,null,1.44,0.69,null,15.21,234]
[null,"10-1-229 换","室内塑料给水管(热熔连接) 公称直径(mm以内)15","m",15.37,6.22,0.93,5.24,0.11,null,1.37,0.66,null,14.53,223]
[null,"10-8-31","管道消毒、冲洗 公称直径(mm以内)50","m",15.37,0.31,0.04,0.23,null,null,0.07,0.03,null,0.68,10]
[36,"031001006049","塑料管","m",5.5,7.3,1.08,6.42,0.11,null,1.61,0.77,null,17.29,95]
[null,"10-1-230 换","室内塑料给水管(热熔连接) 公称直径(mm以内)20","m",5.5,6.99,1.04,6.19,0.11,null,1.54,0.74,null,16.61,91]
[null,"10-8-31","管道消毒、冲洗 公称直径(mm以内)50","m",5.5,0.31,0.04,0.23,null,null,0.07,0.03,null,0.68,4]
[37,"03100100605","塑料管","m",10.47,8.09,1.19,9.57,0.11,null,1.78,0.85,null,21.59,226]
[{"$nulls":11},"表-09"]
[]
["工程量清单综合单价计算表"]
["单位工程(专业)：安装工程-26层安装工程",{"$nulls":10},"第 8 页  共 12 页"]
["序号","项目编号","项目名称","计量单位","数量","综合单价（元）",{"$nulls":8},"合计(元)"]
[{"$nulls":5},"定额人工费","人工费价差","材料费","定额机械费","机械费价差","管理费","利润","风险费用","小计"]
[null,"0"]
[null,"10-1-231 换","室内塑料给水管(热熔连接) 公称直径(mm以内)25","m",10.47,7.78,1.15,9.34,0.11,null,1.71,0.82,null,20.91,219]
[null,"10-8-31","管道消毒、冲洗 公称直径(mm以内)50","m",10.47,0.31,0.04,0.23,null,null,0.07,0.03,null,0.68,7]
[38,"031001006051","塑料管","m",1.98,11.73,1.73,20.25,0.11,null,2.57,1.23,null,37.62,74]
[null,"10-1-233 换","室内塑料给水管(热熔连接) 公称直径(mm以内)40","m",1.98,11.42,1.69,20.02,0.11,null,2.5,1.2,null,36.94,73]
[null,"10-8-31","管道消毒、冲洗 公称直径(mm以内)50","m",1.98,0.31,0.04,0.23,null,null,0.07,0.03,null,0.68,1]
[39,"031001006052","塑料管","m",13.84,12.04,1.78,32.42,0.18,null,2.66,1.27,null,50.35,697]
[null,"10-1-234 换","室内塑料给水管(热熔连接) 公称直径(mm以内)50","m",13.84,11.73,1.74,32.19,0.18,null,2.59,1.24,null,49.67,687]
[null,"10-8-31","管道消毒、冲洗 公称直径(mm以内)50","m",13.84,0.31,0.04,0.23,null,null,0.07,0.03,null,0.68,9]
[40,"031003001011","螺纹阀门","个",1,16.74,2.48,154.52,0.82,-0.04,3.81,1.83,null,180.16,180]
[null,"10-2-6","螺纹阀门安装 公称直径(mm以内)50","个",1,16.74,2.48,154.52,0.82,-0.04,3.81,1.83,null,180.16,180]
[41,"03B007","暗敷管道补贴","间",2,202.5,30,{"$nulls":3},43.98,21.06,null,297.54,595]
[{"$nulls":11},"表-09"]
[]
["工程量清单综合单价计算表"]
["单位工程(专业)：安装工程-26层安装工程",{"$nulls":10},"第 9 页  共 12 页"]
["序号","项目编号","项目名称","计量单位","数量","综合单价（元）",{"$nulls":8},"合计(元)"]
[{"$nulls":5},"定额人工费","人工费价差","材料费","定额机械费","机械费价差","管理费","利润","风险费用","小计"]
[null,"BC10-2","卫生间 内周长在12m以上 暗敷管道补贴","间",2,202.5,30,{"$nulls":3},43.98,21.06,null,297.54,595]
[42,"030413003023","打洞（孔）","个",3,3.73,0.55,6.32,null,null,0.81,0.39,null,11.8,35]
[null,"13-1-132 换","混凝土楼板钻孔 钻孔直径(mm以内)63 \u007f砖墙及砌体墙钻孔","个",3,3.73,0.55,1.32,null,null,0.81,0.39,null,6.8,20]
[null,"补","孔洞修复","个",3,null,null,5,{"$nulls":5},5,15]
[null,null,"排水工程"]
[43,"031001006053","塑料管","m",19.06,12.18,1.8,24.48,null,null,2.65,1.27,null,42.38,808]
[null,"10-1-278 换","室内塑料排水管(粘接) 公称直径(mm以内)100","m",19.06,12.18,1.8,24.48,null,null,2.65,1.27,null,42.38,808]
[44,"031001006054","塑料管","m",7.2,10.04,1.49,13.57,null,null,2.18,1.04,null,28.32,204]
[null,"10-1-277 换","室内塑料排水管(粘接) 公称直径(mm以内)75","m",7.2,10.04,1.49,13.57,null,null,2.18,1.04,null,28.32,204]
[45,"031001006055","塑料管","m",31.92,8.24,1.22,7.69,null,null,1.79,0.86,null,19.8,632]
[null,"10-1-276 换","室内塑料排水管(粘接) 公称直径(mm以内)50","m",31.92,8.24,1.22,7.69,null,null,1.79,0.86,null,19.8,632]
[46,"030413003024","打洞（孔）","个",1,3.73,0.55,6.32,null,null,0.81,0.39,null,11.8,12]
[{"$nulls":11},"表-09"]
[]
["工程量清单综合单价计算表"]
["单位工程(专业)：安装工程-26层安装工程",{"$nulls":10},"第 10 页  共 12 页"]
["序号","项目编号","项目名称","计量单位","数量","综合单价（元）",{"$nulls":8},"合计(元)"]
[{"$nulls":5},"定额人工费","人工费价差","材料费","定额机械费","机械费价差","管理费","利润","风险费用","小计"]
[null,"13-1-132 换","混凝土楼板钻孔 钻孔直径(mm以内)63 \u007f砖墙及砌体墙钻孔","个",1,3.73,0.55,1.32,null,null,0.81,0.39,null,6.8,7]
[null,"补","孔洞修复","个",1,null,null,5,{"$nulls":5},5,5]
[47,"030413003025","打洞（孔）","个",3,5.18,0.77,6.43,null,null,1.13,0.54,null,14.05,42]
[null,"13-1-133 换","混凝土楼板钻孔 钻孔直径(mm以内)83 \u007f砖墙及砌体墙钻孔","个",3,5.18,0.77,1.43,null,null,1.13,0.54,null,9.05,27]
[null,"补","孔洞修复","个",3,null,null,5,{"$nulls":5},5,15]
[48,"030413003026","打洞（孔）","个",2,6.8,1.01,6.91,null,null,1.48,0.71,null,16.91,34]
[null,"13-1-134 换","混凝土楼板钻孔 钻孔直径(mm以内)108 \u007f砖墙及砌体墙钻孔","个",2,6.8,1.01,1.91,null,null,1.48,0.71,null,11.91,24]
[null,"补","孔洞修复","个",2,null,null,5,{"$nulls":5},5,10]
[49,"031004007007","小便器","组",2,19.93,2.95,383.41,null,null,4.33,2.07,null,412.69,825]
[null,"10-3-37 换","壁挂式小便器安装 手动开关","套",2,19.93,2.95,383.41,null,null,4.33,2.07,null,412.69,825]
[50,"031004014008","给、排水附（配）件","个",3,9.49,1.41,10.98,null,null,2.06,0.99,null,24.93,75]
[null,"10-3-79 换","地漏安装 公称直径(mm以内)50","个",3,9.49,1.41,10.98,null,null,2.06,0.99,null,24.93,75]
[{"$nulls":11},"表-09"]
[]
["工程量清单综合单价计算表"]
["单位工程(专业)：安装工程-26层安装工程",{"$nulls":10},"第 11 页  共 12 页"]
["序号","项目编号","项目名称","计量单位","数量","综合单价（元）",{"$nulls":8},"合计(元)"]
[{"$nulls":5},"定额人工费","人工费价差","材料费","定额机械费","机械费价差","管理费","利润","风险费用","小计"]
[51,"031004006008","大便器","组",4,34.16,5.06,524.99,null,null,7.42,3.55,null,575.18,2301]
[null,"10-3-32 换","蹲式大便器安装 脚踏开关","组",4,34.16,5.06,524.99,null,null,7.42,3.55,null,575.18,2301]
[52,"031004008007","其他成品卫生器具","套",1,23.03,3.41,393.09,null,null,5,2.4,null,426.93,427]
[null,"10-3-41 换","拖布池安装","套",1,23.03,3.41,393.09,null,null,5,2.4,null,426.93,427]
[53,"031004003008","洗脸盆","组",4,27.73,4.11,504.96,null,null,6.02,2.88,null,545.7,2183]
[null,"10-3-17 换","洗脸盆 台下式冷热水 \u007f台式洗脸盆(冷水)安装","组",4,27.73,4.11,504.96,null,null,6.02,2.88,null,545.7,2183]
[54,"031002003007","套管","个",10,12.84,1.9,7.78,null,null,2.79,1.34,null,26.65,267]
[null,"13-1-95 换","刚性防水套管安装 公称直径(mm以内)50 \u007f给排水、采暖、燃气工程中穿楼板的管道要安装刚性防水套管，主材费另计","个",10,12.84,1.9,7.78,null,null,2.79,1.34,null,26.65,267]
[55,"031002003008","套管","个",4,13.69,2.03,17.97,null,null,2.97,1.42,null,38.08,152]
[{"$nulls":11},"表-09"]
[]
["工程量清单综合单价计算表"]
["单位工程(专业)：安装工程-26层安装工程",{"$nulls":10},"第 12 页  共 12 页"]
["序号","项目编号","项目名称","计量单位","数量","综合单价（元）",{"$nulls":8},"合计(元)"]
[{"$nulls":5},"定额人工费","人工费价差","材料费","定额机械费","机械费价差","管理费","利润","风险费用","小计"]
[null,"13-1-96 换","刚性防水套管安装 公称直径(mm以内)100 \u007f给排水、采暖、燃气工程中穿楼板的管道要安装刚性防水套管，主材费另计","个",4,13.69,2.03,17.97,null,null,2.97,1.42,null,38.08,152]
{"$rows_empty":14}
["合   计：",{"$nulls":13},54981]
[{"$nulls":11},"表-09"]

{"sheet":"表-09 措施项目清单综合单价计算表【26层安装工程】","index":41,"n_rows":25,"n_cols":15,"rows_kept":25,"merged":[[0,0,0,9],[0,10,0,14],[1,0,1,14],[2,0,2,9],[2,10,2,14],[3,0,4,0],[3,1,4,1],[3,2,4,2],[3,3,4,3],[3,4,4,4],[3,5,3,13],[3,14,4,14],[4,6,4,6],[4,7,4,7],[23,0,23,13],[24,0,24,1],[24,3,24,5],[24,6,24,7],[24,8,24,9],[24,10,24,14]]}
[]
["措施项目清单综合单价计算表"]
["单位工程(专业)：安装工程-26层安装工程",{"$nulls":9},"第 1 页  共 1 页"]
["序号","项目编号","项目名称","计量单位","数量","综合单价（元）",{"$nulls":8},"合计(元)"]
[{"$nulls":5},"定额人工费","人工费价差","材料费","定额机械费","机械费价差","管理费","利润","风险费用","小计"]
[null,null,"[请输入分部名称]"]
[1,"031301017007","脚手架搭拆","项",1,146.29,21.67,462.64,null,null,31.52,15.24,null,677.36,677]
[null,"13-2-10","脚手架搭拆费第十册","工日",14.187659,1.69,0.25,5.34,null,null,0.37,0.18,null,7.83,111]
[null,"13-2-4","脚手架搭拆费第四册","工日",90.604429,1.35,0.2,4.27,null,null,0.29,0.14,null,6.25,566]
{"$rows_empty":14}
["合   计：",{"$nulls":13},677]
[{"$nulls":10},"表-09"]